{"text_format":"2","workbook":"xlsx","n_sheets":36,"sheets":["Resumo","BDI","Item 58- GOTEJAMENTO 1,0 HA","Item 59- MICROASPERSÃO 1,0 HA","Item 60- MICROASPERSÃO 2,0 HA","CPU1","ORIENTAÇÕES E ADVERTÊNCIAS","OUTROS BANCOS","INSUMO SINAPI","COT01","COT02","COT03","COT04","COT05","COT06","COT07","COT08","COT09","COT10","COT11","COT12","COT13","COT14","COT15","COT16","COT17","COT18","COT19","COT20","COT21","COT22","COT23","COT24","COT25","COT26","COT27"],"not_rendered":{"charts":0,"images":114,"macros":0,"external_links":3,"defined_names":374,"comments":0,"pivot_tables":0},"unopened":[],"bounds":{"document_bytes":16777216,"sheet_cells":100000,"run_cost":"one","rows_first":2000,"rows_last":500,"rows_between":2000,"halvings":0,"cell_chars":16384,"cell_head_chars":4096},"cells_cut":0,"cells_raw":0,"read":"whole","date_system":"1900"}

{"sheet":"Resumo","index":0,"n_rows":16,"n_cols":6,"rows_kept":16,"cut":false,"hidden":false,"merged":[[8,1,9,5],[6,2,6,3],[0,0,0,4],[1,0,1,4],[3,0,3,4],[4,2,4,3],[5,2,5,3],[7,2,7,3],[8,0,9,0]]}
["Ministério da Integração e do Desenvolvimento Regional"]
["Companhia de Desenvolvimento dos Vales do São Francisco e do Parnaíba"]
[]
["PLANILHA RESUMO"]
["OBRA:","Contratação de empresa para Serviços de fornecimento, transporte, carga, descarga, montagem e adequado funcionamento de Sistemas de Irrigação para os Estados de Minas Gerais (1ª/SR e 16ª/SR), Bahia (2ª e 6ª/SR), Alagoas (5ª/SR), Maranhão (8ª/SR), Mato Grosso (Sede) e Distrito Federal (Sede).","BDI (serv.):",null,{"$f":"'[2]GOTEJAMENTO 1,0 HA'!L5","v":0.24959999999999999}]
["LOCAL:","ALAGOAS_AL","BDI (forn.):",null,{"$f":"'[2]GOTEJAMENTO 1,0 HA'!L6","v":0.125}]
["DATA BASE:","2026-03-01"]
["PRAZO:","270 dias"]
["GRUPO 12","SISTEMAS DE IRRIGAÇÃO PARA IMPLANTAÇÃO NA ÁREA DE ATUAÇÃO DA 5ª SR – ALAGOAS (COTA ME/EPP)"]
[]
["ITENS","DESCRIÇÃO","UNID.","QUANT.","PREÇO UNITÁRIO","PREÇO TOTAL"]
[58,"GOTEJAMENTO 1,0 HA- 220V","unid.",10,{"$f":"TRUNC('Item 58- GOTEJAMENTO 1,0 HA'!L4,2)","v":32106.39},{"$f":"E12*D12","v":321063.90000000002}]
[59,"MICROASPERSÃO 1,0 HA- 220V","unid.",10,{"$f":"TRUNC('Item 59- MICROASPERSÃO 1,0 HA'!L3,2)","v":29275.11},{"$f":"E13*D13","v":292751.09999999998}]
[60,"MICROASPERSÃO 2,0 HA- 220V","unid.",10,{"$f":"TRUNC('Item 60- MICROASPERSÃO 2,0 HA'!L3,2)","v":41299.99},412999.9]
[]
[null," PREÇO TOTAL:",null,null,null,{"$f":"SUM(F12:F14)","v":1026814.9}]

{"sheet":"BDI","index":1,"n_rows":17,"n_cols":12,"rows_kept":17,"cut":false,"hidden":false,"merged":[[14,0,14,2],[0,0,0,3],[15,0,15,1],[16,0,16,1],[0,7,0,10],[14,7,14,9],[15,7,15,8],[16,7,16,8]]}
["DETALHAMENTO DO BDI- SERVIÇOS",{"$nulls":6},"DETALHAMENTO DO BDI- FORNECIMENTO DE MATERIAIS"]
["Item","Descrição","Preço de Venda (%)","Custo Direto (%)",null,null,null,"Item","Descrição","Preço de Venda (%)","Custo Direto (%)"]
["1. ","Administração Central (AC)",null,4,{"$f":"D3/100","v":0.04},null,null,"1. ","Administração Central (AC)",null,1.59,{"$f":"K3/100","v":1.5900000000000001E-2}]
["2. ","Imposto e Taxas (I)",null,8.6999999999999993,{"$f":"D4/100","v":8.6999999999999994E-2},null,null,"2. ","Imposto e Taxas (I)",null,4.5,{"$f":"K4/100","v":4.4999999999999998E-2}]
["2.1 ","ISS",3.5,null,0,null,null,"2.1 ","ISS",0,null,0]
["2.2 ","PIS",0.65,null,0,null,null,"2.2 ","PIS",0.65,null,0]
["2.3 ","COFINS",3,null,0,null,null,"2.3 ","COFINS",3,null,0]
["2.4","CPRB (INSS)",0,null,0,null,null,"2.4","CPRB (INSS)",0,null,0]
["3. ","Riscos, seguro e garantia (R) ",null,1.62,1.6199999999999999E-2,null,null,"3. ","Riscos, seguro e garantia (R) ",null,1.7,1.7000000000000001E-2]
["3.1"," Riscos",1.2,null,0,null,null,"3.1"," Riscos",1.1499999999999999,null,0]
["3.2 ","Seguro + garantia",0.42,null,0,null,null,"3.2 ","Seguro + garantia",0.5,null,0]
["4. ","Despesas Financeiras (DF)",null,0.95,9.4999999999999998E-3,null,null,"4. ","Despesas Financeiras (DF)",null,0.99,9.9000000000000008E-3]
["5. ","Lucro (L)",null,7,{"$f":"D13/100","v":7.0000000000000007E-2},null,null,"5. ","Lucro (L)",null,3,0.03]
[]
["BDI* (%)",null,null,{"$f":"(((1+(E3+E9))*(1+E12)*(1+E13))/(1-E4)-1)","v":0.24959999999999999},null,null,null,"BDI* (%)",null,null,{"$f":"(((1+(L3+L9))*(1+L12)*(1+L13))/(1-L4)-1)","v":0.125}]
["Considerações: Acórdão nº 2622/2013 - TCU/ Plenário",{"$nulls":6},"Considerações: Acórdão nº 2622/2013 - TCU/ Plenário"]
["(*) BDI (%) = (((1+(AC+S+R+G))*(1+DF)*(1+L)/(1-l)-1)*100",{"$nulls":6},"(*) BDI (%) = (((1+(AC+S+R+G))*(1+DF)*(1+L)/(1-l)-1)*100"]

{"sheet":"Item 58- GOTEJAMENTO 1,0 HA","index":2,"n_rows":133,"n_cols":14,"rows_kept":133,"cut":false,"hidden":false,"merged":[[12,2,12,7],[1,2,1,10],[8,1,8,10],[11,2,11,7],[7,1,7,9],[130,1,130,7],[19,2,19,7],[22,2,22,7],[38,2,38,7],[43,2,43,7],[56,2,56,7],[64,2,64,7]]}
[]
[{"$nulls":12},"BANCO","DATA"]
[{"$nulls":10},"BASE","2026-02-01","ORSE","2025-12-01"]
[{"$nulls":10},"VALOR TOTAL",{"$f":"K131","v":32106.39},"SEINFRA","27/28"]
[{"$nulls":10},"BDI SERVIÇO",{"$f":"BDI!D15","v":0.24959999999999999},"EMBASA","2025-06-01"]
[{"$nulls":10},"BDI MATERIAL",{"$f":"BDI!K15","v":0.125},"SCO","2026-01-01"]
[{"$nulls":10},"DESCONTO",0.08,"SBC","2026-01-01"]
[null,"PLANILHA ORÇAMENTÁRIA - 5ª SUPERINTENDÊNCIA REGIONAL ",{"$nulls":10},"AGETOP CIVIL","2025-10-01"]
[null,"SERVIÇO DE FORNECIMENTO, TRANSPORTE, CARGA, DESCARGA, MONTAGEM E ADEQUADO FUNCIONAMENTO DE SISTEMA DE IRRIGAÇÃO - GOTEJAMENTO - 1 ha - 220 V",{"$nulls":10},"AGESUL","2026-01-01"]
[{"$nulls":12},"IOPES","2025-12-01"]
[null,"ITEM","DESCRIÇÃO","UNID.","QUANT. (A)","PESQUISA DE PREÇOS\n(SIST. REF. / COT)","CÓDIGO","Custo Unitário (R$) - (B)","Custo Total (Com Desconto)","Preço Unitário (R$) com BDI (%)","Preço Total (R$) C = (AxB)",null,"SETOP","2025-10-01"]
[null,1,"Sistema Hidráulico",{"$nulls":7},{"$f":"SUM(K13,K20,K23,K39,K44,K57,K62,K65,K68)","v":24111.1},null,"CPOS","2026-01-01"]
[null,"1.1","Linha Lateral - Emissores",{"$nulls":7},{"$f":"SUM(K14:K19)","v":9224.5},null,"SEDOP","2025-10-01"]
[null,"1.1.1","TUBO PEBD DI 16 mm PN30","m",100,"COT","COT01",{"$f":"TRUNC((1-$L$7)*('COT01'!L37),2)","v":1.3},{"$f":"H14*E14","v":130},{"$f":"H14*(1+$L$6)","v":1.46},{"$f":"TRUNC(E14*J14,2)","v":146},null,"SINAPI","2026-01-01"]
[null,"1.1.2","TUBO GOTEJADOR DI 16 mm PAREDE 15MIL 1,85 LPH X 0,20 M","m",4000,"COT","COT02",{"$f":"TRUNC((1-$L$7)*('COT02'!L37),2)","v":1.94},{"$f":"H15*E15","v":7760},{"$f":"H15*(1+$L$6)","v":2.1800000000000002},{"$f":"TRUNC(E15*J15,2)","v":8720},null,"EMOP","2026-01-04"]
[null,"1.1.3","CONECTOR INICIAL 16 mm","und",90,"ORSE",9550,{"$f":"TRUNC((1-$L$7)*(VLOOKUP(G16,'OUTROS BANCOS'!$E$2:$G$65,3,FALSE)),2)","v":0.88},79.2,0.99,89.1]
[null,"1.1.4","ANEL DE VEDAÇÃO/ CHULA 13/17","und",90,"SEINFRA","I9557",{"$f":"TRUNC((1-$L$7)*(VLOOKUP(G17,'OUTROS BANCOS'!$E$2:$G$65,3,FALSE)),2)","v":0.8},72,0.9,81]
[null,"1.1.5","CONECTOR UNIÃO C/ ANEL 16 mm","und",120,"EMBASA","M019000003",{"$f":"TRUNC((1-$L$7)*(VLOOKUP(G18,'OUTROS BANCOS'!$E$2:$G$65,3,FALSE)),2)","v":0.7},84,0.79,94.8]
[null,"1.1.6","CONECTOR FINAL DE LINHA 16 mm","und",90,"SEINFRA","I9775",{"$f":"TRUNC((1-$L$7)*(VLOOKUP(G19,'OUTROS BANCOS'!$E$2:$G$65,3,FALSE)),2)","v":0.92},82.8,1.04,93.6]
[null,"1.2","Tubulação - PVC",{"$nulls":7},{"$f":"SUM(K21:K22)","v":4408.8}]
[null,"1.2.1","TUBO IRRIG. PB DN50 PN40","m",156,"ORSE",8369,{"$f":"TRUNC((1-$L$7)*(VLOOKUP(G21,'OUTROS BANCOS'!$E$2:$G$65,3,FALSE)),2)","v":12.76},1990.56,{"$f":"H21*(1+$L$6)","v":14.36},{"$f":"TRUNC(E21*J21,2)","v":2240.16}]
[null,"1.2.2","TUBO IRRIG. PB DN75 PN40","m",144,"COT","COT17",{"$f":"TRUNC((1-$L$7)*(('COT17'!L37)/6),2)","v":13.39},1928.16,15.06,2168.64]
[null,"1.3","Controle de Proteção e Comando ",{"$nulls":7},{"$f":"SUM(K24:K38)","v":1691.07}]
[null,"1.3.1","REGISTRO ESFERA SOLD. 50 mm","und",3,"SINAPI",11677,{"$f":"TRUNC((1-$L$7)*(VLOOKUP(G24,'INSUMO SINAPI'!$A$4:$E$4854,5,FALSE)),2)","v":38.869999999999997},116.61,{"$f":"H24*(1+$L$6)","v":43.73},{"$f":"TRUNC(E24*J24,2)","v":131.19}]
[null,"1.3.2","VÁLVULA ANTIVÁCUO 1/2\"","und",3,"COT","COT03",{"$f":"TRUNC((1-$L$7)*('COT03'!L37),2)","v":8.75},26.25,9.84,29.52]
[null,"1.3.3","VÁLVULA VENTOSA TRÍPLICE FUNÇÃO 2\"","und",1,"COT","COT04",{"$f":"TRUNC((1-$L$7)*('COT04'!L37),2)","v":616.15},616.15,693.17,693.17]
[null,"1.3.4","TUBO IRRIG. PB DN50 PN80","m",12,"ORSE",14068,{"$f":"TRUNC((1-$L$7)*(VLOOKUP(G27,'OUTROS BANCOS'!$E$2:$G$65,3,FALSE)),2)","v":8.9600000000000009},107.52,10.08,120.96]
[null,"1.3.5","REDUÇÃO PVC PB 75 mm X 50 mm","und",1,"SCO","MAT118400",{"$f":"TRUNC((1-$L$7)*(VLOOKUP(G28,'OUTROS BANCOS'!$E$2:$G$65,3,FALSE)),2)","v":10.210000000000001},10.210000000000001,11.49,11.49]
[null,"1.3.6","CURVA PVC 90° PB 50 mm","und",4,"SBC",5385,{"$f":"TRUNC((1-$L$7)*(VLOOKUP(G29,'OUTROS BANCOS'!$E$2:$G$65,3,FALSE)),2)","v":13.12},52.48,14.76,59.04]
[null,"1.3.7","TÊ PVC 50 mm","und",3,"ORSE",2113,{"$f":"TRUNC((1-$L$7)*(VLOOKUP(G30,'OUTROS BANCOS'!$E$2:$G$65,3,FALSE)),2)","v":8.9},26.7,10.01,30.03]
[null,"1.3.8","ADAPTADOR BS X RM 50 X 2\"","und",1,"ORSE",14060,{"$f":"TRUNC((1-$L$7)*(VLOOKUP(G31,'OUTROS BANCOS'!$E$2:$G$65,3,FALSE)),2)","v":3.89},3.89,4.38,4.38]
[null,"1.3.9","LUVA PVC BR 2\"","und",1,"ORSE",1434,{"$f":"TRUNC((1-$L$7)*(VLOOKUP(G32,'OUTROS BANCOS'!$E$2:$G$66,3,FALSE)),2)","v":26.29},26.29,29.58,29.58]
[null,"1.3.10","COLAR DE TOMADA 50 X 1/2\"","und",3,"COT","COT05",{"$f":"TRUNC((1-$L$7)*('COT05'!L37),2)","v":16.59},49.77,18.66,55.98]
[null,"1.3.11","REGISTRO DE GAVETA 2\"","und",1,"COT","COT23",{"$f":"TRUNC((1-$L$7)*('COT23'!L37),2)","v":124.95},124.95,140.57,140.57]
[null,"1.3.12","MANÔMETRO DE GLICERINA DE ATÉ 6kgf/cm² ROSCA DE 1/4 \"","und",2,"COT","COT24",{"$f":"TRUNC((1-$L$7)*('COT24'!$L$37),2)","v":112.98},225.96,127.1,254.2]
[null,"1.3.13","BUCHA DE REDUÇÃO DE 3/4\" PARA 1/4\" ","und",2,"COT","COT25",{"$f":"TRUNC((1-$L$7)*('COT25'!$L$37),2)","v":30.7},61.4,34.54,69.08]
[null,"1.3.14","ADAPTADOR DE REDUÇÃO Bsa SOLD. 50 mm X 1 1/2\"","und",2,"COT","COT26",{"$f":"TRUNC((1-$L$7)*('COT26'!$L$37),2)","v":14.16},28.32,15.93,31.86]
[null,"1.3.15","TE DE REDUÇÃO ROSCA 50 mm X 3/4\"","und",2,"COT","COT27",{"$f":"TRUNC((1-$L$7)*('COT27'!$L$37),2)","v":13.34},26.68,15.01,30.02]
[null,"1.4","Conexões de Campo",{"$nulls":7},{"$f":"SUM(K40:K43)","v":370.19}]
[null,"1.4.1","REGISTRO ESFERA PVC 50 mm","und",4,"SINAPI",11677,{"$f":"TRUNC((1-$L$7)*(VLOOKUP(G40,'INSUMO SINAPI'!$A$4:$E$4854,5,FALSE)),2)","v":38.869999999999997},155.47999999999999,{"$f":"H40*(1+$L$6)","v":43.73},{"$f":"TRUNC(E40*J40,2)","v":174.92}]
[null,"1.4.2","CURVA PVC 45° PB 50 mm","und",4,"EMOP",7153,{"$f":"TRUNC((1-$L$7)*(VLOOKUP(G41,'OUTROS BANCOS'!$E$2:$G$66,3,FALSE)),2)","v":23.57},94.28,26.52,106.08]
[null,"1.4.3","CURVA PVC 90° PB 50 mm","und",2,"SBC",5385,{"$f":"TRUNC((1-$L$7)*(VLOOKUP(G42,'OUTROS BANCOS'!$E$2:$G$66,3,FALSE)),2)","v":13.12},26.24,14.76,29.52]
[null,"1.4.4","TÊ PVC 75 mm ","und",1,"ORSE",2115,{"$f":"TRUNC((1-$L$7)*(VLOOKUP(G43,'OUTROS BANCOS'!$E$2:$G$66,3,FALSE)),2)","v":53.04},53.04,59.67,59.67]
[null,"1.5","Filtragem e Ligação de Pressão",{"$nulls":7},{"$f":"SUM(K45:K56)","v":5200.63}]
[null,"1.5.1","MOTOBOMBA SUBMERSA 3HP 12m³/h + 43mca","und",1,"COT","COT06",{"$f":"TRUNC((1-$L$7)*('COT06'!L37),2)","v":1606.92},1606.92,{"$f":"H45*(1+$L$6)","v":1807.79},{"$f":"TRUNC(E45*J45,2)","v":1807.79}]
[null,"1.5.2","NIPLE PVC BR 2\"","und",1,"SBC",5719,{"$f":"TRUNC((1-$L$7)*(VLOOKUP(G46,'OUTROS BANCOS'!$E$2:$G$66,3,FALSE)),2)","v":29.65},29.65,33.36,33.36]
[null,"1.5.3","UNIÃO PVC BR 2\"","und",1,"SEINFRA","I2241",{"$f":"TRUNC((1-$L$7)*(VLOOKUP(G47,'OUTROS BANCOS'!$E$2:$G$67,3,FALSE)),2)","v":80.97},80.97,91.09,91.09]
[null,"1.5.4","ADAPTADOR COMPRESSÃO X ROSCA MACHO 2\"","und",2,"EMBASA","M080800108",{"$f":"TRUNC((1-$L$7)*(VLOOKUP(G48,'OUTROS BANCOS'!$E$2:$G$67,3,FALSE)),2)","v":45.39},90.78,51.06,102.12]
[null,"1.5.5","TUBO PEMD 2\" PN6","m",15,"COT","COT07",{"$f":"TRUNC((1-$L$7)*('COT07'!L37),2)","v":17.36},260.39999999999998,19.53,292.95]
[null,"1.5.6","BUCHA DE REDUÇÃO 3X2\"","und",1,"SBC",8784,{"$f":"TRUNC((1-$L$7)*(VLOOKUP(G50,'OUTROS BANCOS'!$E$2:$G$67,3,FALSE)),2)","v":86.48},86.48,97.29,97.29]
[null,"1.5.7","UNIÃO PVC BR 3\"","und",2,"SEINFRA","I2242",{"$f":"TRUNC((1-$L$7)*(VLOOKUP(G51,'OUTROS BANCOS'!$E$2:$G$68,3,FALSE)),2)","v":210.87},421.74,237.23,474.46]
[null,"1.5.8","ADAPTADOR BSXRM 75X3\"","und",3,"ORSE",14059,{"$f":"TRUNC((1-$L$7)*(VLOOKUP(G52,'OUTROS BANCOS'!$E$2:$G$68,3,FALSE)),2)","v":7.82},23.46,8.8000000000000007,26.4]
[null,"1.5.9","TUBO IRRIG. PB DN75 PN80","m",12,"ORSE",9502,{"$f":"TRUNC((1-$L$7)*(VLOOKUP(G53,'OUTROS BANCOS'!$E$2:$G$68,3,FALSE)),2)","v":37.270000000000003},447.24,41.93,503.16]
[null,"1.5.10","CURVA PVC 90° PB 75 MM","und",6,"SBC",5387,{"$f":"TRUNC((1-$L$7)*(VLOOKUP(G54,'OUTROS BANCOS'!$E$2:$G$68,3,FALSE)),2)","v":92.49},554.94000000000005,104.05,624.29999999999995]
[null,"1.5.11","REGISTRO ESFERA 3\"","und",2,"ORSE",2604,{"$f":"TRUNC((1-$L$7)*(VLOOKUP(G55,'OUTROS BANCOS'!$E$2:$G$68,3,FALSE)),2)","v":100.69},201.38,113.28,226.56]
[null,"1.5.12","FILTRO DE DISCO 3\" - 25M³/H","und",1,"COT","COT08",{"$f":"TRUNC((1-$L$7)*('COT08'!L37),2)","v":818.8},818.8,921.15,921.15]
[null,"1.6","Materias de Consumo ",{"$nulls":7},{"$f":"SUM(K58:K61)","v":195.28}]
[null,"1.6.1","ADESIVO PLÁSTICO 850G","und",2,"ORSE",14079,{"$f":"TRUNC((1-$L$7)*(VLOOKUP(G58,'OUTROS BANCOS'!$E$2:$G$69,3,FALSE)),2)","v":54.28},108.56,{"$f":"H58*(1+$L$6)","v":61.07},{"$f":"TRUNC(E58*J58,2)","v":122.14}]
[null,"1.6.2","FITA VEDA ROSCA 18MM X 50 M","und",1,"SINAPI",3148,{"$f":"TRUNC((1-$L$7)*(VLOOKUP(G59,'INSUMO SINAPI'!$A$4:$E$4854,5,FALSE)),2)","v":8.98},8.98,10.1,10.1]
[null,"1.6.3","FITA ISOLANTE 18MM X 20M","und",1,"SBC",36795,{"$f":"TRUNC((1-$L$7)*(VLOOKUP(G60,'OUTROS BANCOS'!$E$2:$G$69,3,FALSE)),2)","v":0.92},0.92,1.04,1.04]
[null,"1.6.4","FOLHA DE LIXA N100","und",50,"AGETOP CIVIL",1674,{"$f":"TRUNC((1-$L$7)*(VLOOKUP(G61,'OUTROS BANCOS'!$E$2:$G$69,3,FALSE)),2)","v":1.1000000000000001},55,{"$f":"H61*(1+$L$6)","v":1.24},62]
[null,"1.7","Elaboração do Layout do Sistema Hidráulico",{"$nulls":7},{"$f":"SUM(K63:K64)","v":1187.32}]
[null,"1.7.1","Mão-de-obra de Projetista Cadista Pleno - Projeto e Consultoria, inclusive Encargos Sociais","h",4,"EMOP",10984,{"$f":"TRUNC((1-$L$7)*(VLOOKUP(G63,'OUTROS BANCOS'!$E$2:$G$69,3,FALSE)),2)","v":69.27},277.08,{"$f":"H63*(1+$L$5)","v":86.56},{"$f":"TRUNC(E63*J63,2)","v":346.24}]
[null,"1.7.2","Mão-de-obra de Engenheiro Pleno, inclusive com encargos sociais","h",4,"EMOP",14610,{"$f":"TRUNC((1-$L$7)*(VLOOKUP(G64,'OUTROS BANCOS'!$E$2:$G$69,3,FALSE)),2)","v":168.27},673.08,{"$f":"H64*(1+$L$5)","v":210.27},{"$f":"TRUNC(E64*J64,2)","v":841.08}]
[null,"1.8","Montagem do Sistema Hidráulico",{"$nulls":7},{"$f":"SUM(K66:K67)","v":1402.32}]
[null,"1.8.1","Encanador ou bombeiro hidráulico com encargos complementares (01 encanador ou bombeiro hidráulico em jornada de trabalho de 8 h por dia)","h",24,"AGESUL",4005,{"$f":"TRUNC((1-$L$7)*(VLOOKUP(G66,'OUTROS BANCOS'!$E$2:$G$69,3,FALSE)),2)","v":25.61},614.64,{"$f":"H66*(1+$L$5)","v":32},{"$f":"TRUNC(E66*J66,2)","v":768}]
[null,"1.8.2","Auxiliar de encanador ou bombeiro hidráulico com encargos complementares (02 auxiliares de encanador ou bombeiro hidráulico em jornada de trabalho de 8 h por dia)","h",24,"AGESUL",4052,{"$f":"TRUNC((1-$L$7)*(VLOOKUP(G67,'OUTROS BANCOS'!$E$2:$G$69,3,FALSE)),2)","v":21.15},507.6,{"$f":"H67*(1+$L$5)","v":26.43},634.32000000000005]
[null,"1.9","Preparo mecanizado do solo",{"$nulls":7},{"$f":"K69","v":430.99}]
[null,"1.9.1","ARACÃO DO SOLO A 20CM DE PROFUNDIDADE COM TRATOR DE PNEUS E ARADO DE DISCO ","ha",1,"EMOP","22.016.0025-A",{"$f":"TRUNC((1-$L$7)*(VLOOKUP(G69,'OUTROS BANCOS'!$E$2:$G$70,3,FALSE)),2)","v":344.9},344.9,{"$f":"H69*(1+$L$5)","v":430.99},{"$f":"TRUNC(E69*J69,2)","v":430.99}]
[null,2,"Sistema Elétrico",{"$nulls":7},{"$f":"SUM(K71,K82,K125,K110,K118,K129)","v":7995.29}]
[null,"2.1","Rede de Distribuição - Fonte até o Quadro de Comando",{"$nulls":7},{"$f":"SUM(K72:K81)","v":3172.99}]
[null,"2.1.1","Poste de madeira eucalipto preservado, diâmetro de 20cm, 7 metros","Unidade",5,"SBC",46336,{"$f":"TRUNC((1-$L$7)*(VLOOKUP(G72,'OUTROS BANCOS'!$E$2:$G$70,3,FALSE)),2)","v":87.46},{"$f":"H72*E72","v":437.3},{"$f":"H72*(1+$L$6)","v":98.39},{"$f":"TRUNC(E72*J72,2)","v":491.95}]
[null,"2.1.2","Isolador Porcelana Tipo Roldana 80x80 mm p/ 2 cabos, marrom","Unidade",5,"IOPES",48342,{"$f":"TRUNC((1-$L$7)*(VLOOKUP(G73,'OUTROS BANCOS'!$E$2:$G$70,3,FALSE)),2)","v":10.07},50.35,{"$f":"H73*(1+$L$6)","v":11.33},56.65]
[null,"2.1.3","Suporte Isolador c/ Roldana p/ aparafusar c/ chapa","Unidade",5,"SETOP"," MATED-12988",{"$f":"TRUNC((1-$L$7)*(VLOOKUP(G74,'OUTROS BANCOS'!$E$2:$G$70,3,FALSE)),2)","v":16.72},83.6,18.809999999999999,94.05]
[null,"2.1.4","Cinta aço galvanizado, de 240mm","Unidade",5,"SCO","MAT033900",{"$f":"TRUNC((1-$L$7)*(VLOOKUP(G75,'OUTROS BANCOS'!$E$2:$G$72,3,FALSE)),2)","v":50.13},250.65,56.4,282]
[null,"2.1.5","Alça preformada para islador roldana, seção conforme condutores instalados","Unidade",5,"COT","COT13",{"$f":"TRUNC((1-$L$7)*('COT13'!L37),2)","v":8.9},44.5,10.01,50.05]
[null,"2.1.6","Cabo de cobre isolado HEPR (XLPE), 10mm², 1kv / 90º C (cor conforme a aplicação) apropriado para redes aéreas","Metro",200,"COT","COT14",{"$f":"TRUNC((1-$L$7)*('COT14'!L37),2)","v":9.0500000000000007},1810,10.18,2036]
[null,"2.1.7","Cabeçote p/ Eletroduto de 1.1/4\"","Unidade",1,"SINAPI",1099,{"$f":"TRUNC((1-$L$7)*(VLOOKUP(G78,'INSUMO SINAPI'!$A$4:$E$4854,5,FALSE)),2)","v":6.39},6.39,7.19,7.19]
[null,"2.1.8","Eletroduto em aço galvanizado 1.1/4\"","Unidade",1,"SCO","MAT050850",{"$f":"TRUNC((1-$L$7)*(VLOOKUP(G79,'OUTROS BANCOS'!$E$2:$G$70,3,FALSE)),2)","v":121.28},121.28,136.44,136.44]
[null,"2.1.9","Conector reto com arruela para eletroduto  1.1/4\"","Unidade",1,"SINAPI",2526,{"$f":"TRUNC((1-$L$7)*(VLOOKUP(G80,'INSUMO SINAPI'!$A$4:$E$4854,5,FALSE)),2)","v":5.05},5.05,5.68,5.68]
[null,"2.1.10","Curva 90º aço galvanizado 1.1/4\"","Unidade",1,"SINAPI",2618,{"$f":"TRUNC((1-$L$7)*(VLOOKUP(G81,'INSUMO SINAPI'!$A$4:$E$4854,5,FALSE)),2)","v":11.54},11.54,12.98,12.98]
[null,"2.2","Quadro de Comando",{"$nulls":7},{"$f":"SUM(K83:K109)","v":2007.65}]
[null,"2.2.1","Quadro elétrico metálico com placa de montagem, grau de proteção mínimo IP54, dimensões mínimas 400x300x200 mm","Unidade",1,"SBC",53375,{"$f":"TRUNC((1-$L$7)*(VLOOKUP(G83,'OUTROS BANCOS'!$E$2:$G$70,3,FALSE)),2)","v":326.83},326.83,367.68,{"$f":"TRUNC(E83*J83,2)","v":367.68}]
[null,"2.2.2","Canaleta para quadro 30 x 50 mm, fabricada em PVC, tipo semi-aberta.","Metro",0.4,"SETOP","MATED-17646",{"$f":"TRUNC((1-$L$7)*(VLOOKUP(G84,'OUTROS BANCOS'!$E$2:$G$70,3,FALSE)),2)","v":14.14},5.66,15.91,6.36]
[null,"2.2.3","Canaleta para quadro 50 x 50 mm, fabricada em PVC, tipo semi-aberta.","Metro",0.3,"SETOP","MATED-17647",{"$f":"TRUNC((1-$L$7)*(VLOOKUP(G85,'OUTROS BANCOS'!$E$2:$G$70,3,FALSE)),2)","v":18.93},5.68,21.3,6.39]
[null,"2.2.4","Trilho DIN 35 mm","Metro",0.4,"SEINFRA","I7410",{"$f":"TRUNC((1-$L$7)*(VLOOKUP(G86,'OUTROS BANCOS'!$E$2:$G$70,3,FALSE)),2)","v":10.63},4.25,11.96,4.78]
[null,"2.2.5","Conector (terminal isolado) para barramento isolado, conexão reta ou lateral, até 25 mm²","Unidade",2,"COT","COT19",{"$f":"TRUNC((1-$L$7)*('COT19'!L37),2)","v":7.57},15.14,8.52,17.04]
[null,"2.2.6","Barramento monofásico isolado (barramento pente), horizontal, fabricado em cobre, até 63 A, acompanhado de tampas finais, 8 polos","Unidade",1,"SBC",10562,{"$f":"TRUNC((1-$L$7)*(VLOOKUP(G88,'OUTROS BANCOS'!$E$2:$G$70,3,FALSE)),2)","v":20.29},20.29,22.83,22.83]
[null,"2.2.7","Interruptor diferencial residual bipolar de 25A, corrente residual de 30 mA, tensão de operação conforme aplicação, corrente de curto circuito de 3 kA","Unidade",1,"SINAPI",39445,{"$f":"TRUNC((1-$L$7)*(VLOOKUP(G89,'INSUMO SINAPI'!$A$4:$E$4854,5,FALSE)),2)","v":153.12},153.12,172.26,172.26]
[null,"2.2.8","Dispositivo de Proteção Contra Surtos Classe II, 20 kA (Imáx), tensão de operação compatível com a aplicação, nível de proeção (Up) 1,4 kV ","Unidade",2,"SINAPI",39469,{"$f":"TRUNC((1-$L$7)*(VLOOKUP(G90,'INSUMO SINAPI'!$A$4:$E$4854,5,FALSE)),2)","v":77.53},155.06,87.22,174.44]
[null,"2.2.9","Disjuntor monopolar para trilho DIN (mini disjuntor) para correntes de 25A, curva C, 60 Hz, capacidade de interrupção em curto-circuito 3 kA ou superior","Unidade",1,"SINAPI",34653,{"$f":"TRUNC((1-$L$7)*(VLOOKUP(G91,'INSUMO SINAPI'!$A$4:$E$4854,5,FALSE)),2)","v":9.94},9.94,11.18,11.18]
[null,"2.2.10","Disjuntor monopolar para trilho DIN (mini disjuntor) para correntes de 20A, curva C, 60 Hz, capacidade de interrupção em curto-circuito 3 kA ou superior","Unidade",1,"SINAPI",34653,{"$f":"TRUNC((1-$L$7)*(VLOOKUP(G92,'INSUMO SINAPI'!$A$4:$E$4854,5,FALSE)),2)","v":9.94},9.94,11.18,11.18]
[null,"2.2.11","Disjuntor monopolar para trilho DIN (mini disjuntor) para correntes de 2A, curva C, 60 Hz, capacidade de interrupção em curto-circuito 3 kA ou superior","Unidade",1,"IOPES",44951,{"$f":"TRUNC((1-$L$7)*(VLOOKUP(G93,'OUTROS BANCOS'!$E$2:$G$70,3,FALSE)),2)","v":28.81},28.81,32.409999999999997,32.409999999999997]
[null,"2.2.12","Minicontator, com capacidade de corrente até 25A (em regime AC-3), contato auxiliar integrado e bobina em corrente alternada (tensão conforme a aplicação)","Unidade",1,"SINAPI",1619,{"$f":"TRUNC((1-$L$7)*(VLOOKUP(G94,'INSUMO SINAPI'!$A$4:$E$4854,5,FALSE)),2)","v":225.63},225.63,253.83,253.83]
[null,"2.2.13","Relé de sobrecarga para minicontator ajustável até 25A, conforme aplicação, com montagem direta nos contatores","Unidade",1,"EMBASA","M103900330",{"$f":"TRUNC((1-$L$7)*(VLOOKUP(G95,'OUTROS BANCOS'!$E$2:$G$70,3,FALSE)),2)","v":199.16},199.16,224.06,224.06]
[null,"2.2.14","Relé eletrônico/digital monitor de tensão monofásico, com funcionalidade de subtensão e sobretensão, ajustes através de trimpot no relé, LED indicativo de funcionamento, tensão conforme aplicação, 60 Hz, com 1 contato reversível","Unidade",1,"COT","COT15",{"$f":"TRUNC((1-$L$7)*('COT15'!L37),2)","v":178.02},178.02,200.27,200.27]
[null,"2.2.15","Relé temporizador, alimentação 220V, 1 saída a relé, com função de pulso na energização, ajustável de 1 segundo a 100 horas, ajuste por trimpots no relé","Unidade",1,"COT","COT20",{"$f":"TRUNC((1-$L$7)*('COT20'!L37),2)","v":176.75},176.75,198.84,198.84]
[null,"2.2.16","Barramento de neutro, na cor azul, para fixação em trilho DIN, fabricado em cobre, com furos e parafusos para fixação, ao menos um furo para o alimentador (até 25 mm²), pré isolado, 10 furos.","Unidade",1,"COT","COT21",{"$f":"TRUNC((1-$L$7)*('COT21'!L37),2)","v":41.21},41.21,46.36,46.36]
[null,"2.2.17","Barramento de terra, na cor verde, para fixação em trilho DIN, fabricado em cobre, com furos e parafusos para fixação, ao menos um furo para o alimentador (até 25 mm²), pré isolado, 10 furos.","Unidade",1,"COT","COT22",{"$f":"TRUNC((1-$L$7)*('COT22'!L37),2)","v":39.93},39.93,44.92,44.92]
[null,"2.2.18","Botão de emergência tipo cogumelo, com trava e retorno com mola, para furos 22mm, 1 NF, tensão conforme aplicação, vermelho","Unidade",1,"CPOS","P.13.000.042461",{"$f":"TRUNC((1-$L$7)*(VLOOKUP(G100,'OUTROS BANCOS'!$E$2:$G$70,3,FALSE)),2)","v":34.700000000000003},34.700000000000003,39.04,39.04]
[null,"2.2.19","Chave seletora de 3 posições para furos 22mm, 2 NA, completa, tensão conforme aplicação","Unidade",1,"SETOP","MATED-19494",{"$f":"TRUNC((1-$L$7)*(VLOOKUP(G101,'OUTROS BANCOS'!$E$2:$G$70,3,FALSE)),2)","v":16.920000000000002},16.920000000000002,19.04,19.04]
[null,"2.2.20","Sinalizador luminoso para furos de 22 mm, iluminação LED, vermelho, tensão conforme aplicação","Unidade",1,"ORSE",12379,{"$f":"TRUNC((1-$L$7)*(VLOOKUP(G102,'OUTROS BANCOS'!$E$2:$G$70,3,FALSE)),2)","v":16.7},16.7,18.79,18.79]
[null,"2.2.21","Policarbonato compacto, incolor (transparente/cristal), livre de rebarbas, espessura mínima de 3 mm","Metro²",0.24,"SBC",28100,{"$f":"TRUNC((1-$L$7)*(VLOOKUP(G103,'OUTROS BANCOS'!$E$2:$G$70,3,FALSE)),2)","v":146.28},35.11,164.57,39.49]
[null,"2.2.22","Barra roscada 1/4\", acabamento zincado","Metro",1,"ORSE",7551,{"$f":"TRUNC((1-$L$7)*(VLOOKUP(G104,'OUTROS BANCOS'!$E$2:$G$70,3,FALSE)),2)","v":4.37},4.37,4.92,4.92]
[null,"2.2.23","Porca sextavada zincada, 1/4\"","Unidade",8,"SINAPI",39997,{"$f":"TRUNC((1-$L$7)*(VLOOKUP(G105,'INSUMO SINAPI'!$A$4:$E$4854,5,FALSE)),2)","v":0.28999999999999998},2.3199999999999998,0.33,2.64]
[null,"2.2.24","Arruela zincada, 1/4\"","Unidade",8,"ORSE",8347,{"$f":"TRUNC((1-$L$7)*(VLOOKUP(G106,'OUTROS BANCOS'!$E$2:$G$70,3,FALSE)),2)","v":0.04},0.32,0.05,0.4]
[null,"2.2.25","Placa de identificação (plaqueta de identificação) fabricada em ABS ou acrílico para painéis elétricos  (30 X 15 mm), fixação por adesivo, resistente ao tempo (Escrita Personalizada)","Unidade",10,"COT","COT16",{"$f":"TRUNC((1-$L$7)*('COT16'!$L$37),2)","v":7.47},74.7,8.4,84]
[null,"2.2.26","Terminal a compressão, tipo pino ou garfo, 2,5 mm³","Unidade",30,"SEINFRA","I10080",{"$f":"TRUNC((1-$L$7)*(VLOOKUP(G108,'OUTROS BANCOS'!$E$2:$G$70,3,FALSE)),2)","v":0.12},3.6,0.14000000000000001,4.2]
[null,"2.2.27","Abraçadeira de nylon 2,5x100 mm, para organização cabos elétricos","Unidade",10,"SINAPI",414,{"$f":"TRUNC((1-$L$7)*(VLOOKUP(G109,'INSUMO SINAPI'!$A$4:$E$4854,5,FALSE)),2)","v":0.03},0.3,0.03,0.3]
[null,"2.3","Sistema de Aterramento",{"$nulls":7},{"$f":"SUM(K111:K117)","v":1293.74}]
[null,"2.3.1","Cordoalha em cobre nu, 50 mm²","Metro",16,"SINAPI",867,{"$f":"TRUNC((1-$L$7)*(VLOOKUP(G111,'INSUMO SINAPI'!$A$4:$E$4854,5,FALSE)),2)","v":60.92},974.72,68.540000000000006,{"$f":"TRUNC(E111*J111,2)","v":1096.6400000000001}]
[null,"2.3.2","Conector à compressão para aterramento (CABO-CABO)","Unidade",2,"SEDOP","E00189",{"$f":"TRUNC((1-$L$7)*(VLOOKUP(G112,'OUTROS BANCOS'!$E$2:$G$70,3,FALSE)),2)","v":57.61},115.22,64.81,129.62]
[null,"2.3.3","Curva longa 90º Galvanizada a fogo, 1\"","Unidade",1,"SINAPI",2617,{"$f":"TRUNC((1-$L$7)*(VLOOKUP(G113,'INSUMO SINAPI'!$A$4:$E$4854,5,FALSE)),2)","v":5.0599999999999996},5.0599999999999996,5.69,5.69]
[null,"2.3.4","Eletroduto Galvanizado a Fogo, 1\"","Metro",1.5,"SETOP","MATED-12288",{"$f":"TRUNC((1-$L$7)*(VLOOKUP(G114,'OUTROS BANCOS'!$E$2:$G$70,3,FALSE)),2)","v":6.9},10.35,7.76,11.64]
[null,"2.3.5","Abraçadeira tipo D, 1\" e cunha de fixação","Unidade",1,"SINAPI",393,{"$f":"TRUNC((1-$L$7)*(VLOOKUP(G115,'INSUMO SINAPI'!$A$4:$E$4854,5,FALSE)),2)","v":1.95},1.95,2.19,2.19]
[null,"2.3.6","Conector reto com arruela para eletroduto 1\"","Unidade",1,"SINAPI",2483,{"$f":"TRUNC((1-$L$7)*(VLOOKUP(G116,'INSUMO SINAPI'!$A$4:$E$4854,5,FALSE)),2)","v":3.59},3.59,4.04,4.04]
[null,"2.3.7","Caixa de inspeção para ateramento","Unidade",1,"SINAPI",41480,{"$f":"TRUNC((1-$L$7)*(VLOOKUP(G117,'INSUMO SINAPI'!$A$4:$E$4854,5,FALSE)),2)","v":39.04},39.04,43.92,43.92]
[null,"2.4","Alimentação do Motor",{"$nulls":7},{"$f":"SUM(K119:K124)","v":273.51}]
[null,"2.4.1","Cabo de cobre flexível, classe 4 ou 5, isolação em PVC/A, antichama BWF-B, 1 condutor, 450/750V seção de 4 mm² (cor preta, azul ou verde)","Metro",30,"SINAPI",981,{"$f":"TRUNC((1-$L$7)*(VLOOKUP(G119,'INSUMO SINAPI'!$A$4:$E$4854,5,FALSE)),2)","v":4.28},128.4,4.82,{"$f":"TRUNC(E119*J119,2)","v":144.6}]
[null,"2.4.2","Terminal a compressão, tipo pino, 4 mm²","Unidade",3,"SINAPI",1571,{"$f":"TRUNC((1-$L$7)*(VLOOKUP(G120,'INSUMO SINAPI'!$A$4:$E$4854,5,FALSE)),2)","v":1.31},3.93,1.47,4.41]
[null,"2.4.3","Eletroduto corrugado tipo PEAD, 3/4","Metro",10,"SINAPI",39244,{"$f":"TRUNC((1-$L$7)*(VLOOKUP(G121,'INSUMO SINAPI'!$A$4:$E$4854,5,FALSE)),2)","v":4.59},45.9,5.16,51.6]
[null,"2.4.4","Caixa de passagem em concreto 30X30X40 cm","Unidade",1,"SINAPI",43429,{"$f":"TRUNC((1-$L$7)*(VLOOKUP(G122,'INSUMO SINAPI'!$A$4:$E$4854,5,FALSE)),2)","v":61.05},61.05,68.680000000000007,68.680000000000007]
[null,"2.4.5","Conector reto com arruela para eletroduto 3/4\"","Unidade",1,"SINAPI",2488,{"$f":"TRUNC((1-$L$7)*(VLOOKUP(G123,'INSUMO SINAPI'!$A$4:$E$4854,5,FALSE)),2)","v":2.0099999999999998},2.0099999999999998,2.2599999999999998,2.2599999999999998]
[null,"2.4.6","Abraçadeira tipo D, 3/4\" e cunha de fixação","Unidade",1,"SINAPI",39128,{"$f":"TRUNC((1-$L$7)*(VLOOKUP(G124,'INSUMO SINAPI'!$A$4:$E$4854,5,FALSE)),2)","v":1.74},1.74,1.96,1.96]
[null,"2.5","Montagem do Sistema Elétrico",{"$nulls":7},{"$f":"SUM(K126:K128)","v":919.08}]
[null,"2.5.1","Eletrotécnico (horista), INCLUSIDE ENCARGOS SOCIAIS","h",8,"EMOP",1916,{"$f":"TRUNC((1-$L$7)*(VLOOKUP(G126,'OUTROS BANCOS'!$E$2:$G$70,3,FALSE)),2)","v":32.07},256.56,{"$f":"H126*(1+$L$5)","v":40.07},{"$f":"TRUNC(E126*J126,2)","v":320.56}]
[null,"2.5.2","Auxiliar de Eletricista com encargos complementares","h",16,"AGESUL",88247,{"$f":"TRUNC((1-$L$7)*(VLOOKUP(G127,'OUTROS BANCOS'!$E$2:$G$70,3,FALSE)),2)","v":21.92},350.72,{"$f":"H127*(1+$L$5)","v":27.39},438.24]
[null,"2.5.3","Comissionamento - Eletrotécnico, INCLUSIVE ENCARGOS SOCIAIS","h",4,"EMOP",1916,{"$f":"TRUNC((1-$L$7)*(VLOOKUP(G128,'OUTROS BANCOS'!$E$2:$G$70,3,FALSE)),2)","v":32.07},128.28,40.07,160.28]
[null,"2.6","Emissão de ART",{"$nulls":7},{"$f":"K130","v":328.32}]
[null,"2.6.1","Emissão de ART","um",1,"PRÓPRIA","CPU1",{"$f":"TRUNC((1-$L$7)*('CPU1'!J7),2)","v":262.74},262.74,{"$f":"H130*(1+$L$5)","v":328.32},{"$f":"TRUNC(E130*J130,2)","v":328.32}]
[null,"TOTAL",{"$nulls":8},{"$f":"SUM(K70,K12)","v":32106.39}]
[]
[{"$nulls":10},31106.35]

{"sheet":"Item 59- MICROASPERSÃO 1,0 HA","index":3,"n_rows":134,"n_cols":14,"rows_kept":134,"cut":false,"hidden":false,"merged":[[12,2,12,7],[0,2,0,9],[6,1,6,9],[7,1,7,9],[8,1,8,9],[11,2,11,7],[71,2,71,7],[132,1,132,7],[21,2,21,7],[24,2,24,7],[40,2,40,7],[45,2,45,7],[58,2,58,7],[66,2,66,7]]}
[]
[{"$nulls":10},"BASE","2026-02-01","BANCO","DATA"]
[{"$nulls":10},"VALOR TOTAL",{"$f":"K133","v":29275.11},"ORSE","2025-12-01"]
[{"$nulls":10},"BDI SERVIÇO",{"$f":"BDI!D15","v":0.24959999999999999},"SEINFRA","27/28"]
[{"$nulls":10},"BDI MATERIAL",{"$f":"BDI!K15","v":0.125},"EMBASA","2025-06-01"]
[{"$nulls":12},"SCO","2026-01-01"]
[null,"PLANILHA ORÇAMENTÁRIA - 5ª SUPERINTENDÊNCIA REGIONAL ",{"$nulls":8},"DESCONTO",0.08,"SBC","2026-01-01"]
[null,"SERVIÇO DE FORNECIMENTO, TRANSPORTE, CARGA, DESCARGA, MONTAGEM E ADEQUADO FUNCIONAMENTO DE SISTEMA DE IRRIGAÇÃO - MICROASPERSÃO - 1 ha - 220 V",{"$nulls":10},"AGETOP CIVIL","2025-10-01"]
[{"$nulls":12},"AGESUL","2026-01-01"]
[{"$nulls":12},"IOPES","2025-12-01"]
[null,"ITEM","DESCRIÇÃO","UNID.","QUANT. - (A)","PESQUISA DE PREÇOS\n(SIST. REF. / COT)","CÓDIGO","Custo Unitário (R$) - (B)","Custo Total (Com Desconto)","Preço Unitário (R$) com BDI (%)","Preço Total (R$) C = (AxB)",null,"SETOP","2025-10-01"]
[null,"1.","Sistema Hidráulico",{"$nulls":7},{"$f":"SUM(K13,K22,K25,K41,K46,K59,K64,K67,K71)","v":21312.560000000001},null,"CPOS","2026-01-01"]
[null,"1.1.","Linha Lateral - Emissores",{"$nulls":7},{"$f":"SUM(K14:K21)","v":6985.5},null,"SEDOP","2025-10-01"]
[null,"1.1.1.","TUBO PEBD DI 16 mm PN30","m",2500,"COT","COT01",{"$f":"TRUNC((1-$L$7)*('COT01'!L37),2)","v":1.3},{"$f":"H14*E14","v":3250},{"$f":"H14*(1+$L$5)","v":1.46},{"$f":"TRUNC(E14*J14,2)","v":3650},null,"SINAPI","2026-01-01"]
[null,"1.1.2.","MICROASPERSOR 75 LPH","und",500,"COT","COT09",{"$f":"TRUNC((1-$L$7)*('COT09'!L37),2)","v":3.02},{"$f":"H15*E15","v":1510},{"$f":"H15*(1+$L$5)","v":3.4},1700,null,"EMOP","2026-01-04"]
[null,"1.1.3.","MICROTUBO COM CONECTOR 4/6 X 80 cm","und",500,"COT","COT10",{"$f":"TRUNC((1-$L$7)*('COT10'!L37),2)","v":1.01},505,1.1399999999999999,570]
[null,"1.1.4.","HASTE PLÁSTICA PARA MICROASPERSÃO - 60 cm ","und",500,"COT","COT11",{"$f":"TRUNC((1-$L$7)*('COT11'!L37),2)","v":1.49},745,1.68,840]
[null,"1.1.5.","CONECTOR INICIAL 16 mm","und",50,"ORSE",9550,{"$f":"TRUNC((1-$L$7)*(VLOOKUP(G18,'OUTROS BANCOS'!$E$2:$G$70,3,FALSE)),2)","v":0.88},44,0.99,49.5]
[null,"1.1.6.","ANEL DE VEDAÇÃO COM CHULA 13/17","und",50,"SEINFRA","I9557",{"$f":"TRUNC((1-$L$7)*(VLOOKUP(G19,'OUTROS BANCOS'!$E$2:$G$70,3,FALSE)),2)","v":0.8},40,0.9,45]
[null,"1.1.5.","CONECTOR UNIÃO COM ANEL 16 mm","und",100,"EMBASA","M019000003",{"$f":"TRUNC((1-$L$7)*(VLOOKUP(G20,'OUTROS BANCOS'!$E$2:$G$70,3,FALSE)),2)","v":0.7},70,0.79,79]
[null,"1.1.6.","CONECTOR FINAL DE LINHA TIPO 8 16 mm","und",50,"SEINFRA","I9775",{"$f":"TRUNC((1-$L$7)*(VLOOKUP(G21,'OUTROS BANCOS'!$E$2:$G$70,3,FALSE)),2)","v":0.92},46,1.04,52]
[null,"1.2.","Tubulação - PVC",{"$nulls":7},{"$f":"SUM(K23:K24)","v":4408.8}]
[null,"1.2.1","TUBO IRRIG. PB DN50 PN40","m",156,"ORSE",8369,{"$f":"TRUNC((1-$L$7)*(VLOOKUP(G23,'OUTROS BANCOS'!$E$2:$G$70,3,FALSE)),2)","v":12.76},1990.56,{"$f":"H23*(1+$L$5)","v":14.36},{"$f":"TRUNC(E23*J23,2)","v":2240.16}]
[null,"1.2.2","TUBO IRRIG. PB DN75 PN40","m",144,"COT","COT17",{"$f":"TRUNC((1-$L$7)*(('COT17'!$L$37/6)),2)","v":13.39},1928.16,{"$f":"H24*(1+$L$5)","v":15.06},{"$f":"TRUNC(E24*J24,2)","v":2168.64}]
[null,"1.3.","Controle de Proteção e Comando ",{"$nulls":7},{"$f":"SUM(K26:K34)","v":1131.53}]
[null,"1.3.1.","REGISTRO ESFERA SOLD. 50 mm","und",3,"SINAPI",11677,{"$f":"TRUNC((1-$L$7)*(VLOOKUP(G26,'INSUMO SINAPI'!$A$4:$E$4854,5,FALSE)),2)","v":38.869999999999997},116.61,{"$f":"H26*(1+$L$5)","v":43.73},{"$f":"TRUNC(E26*J26,2)","v":131.19}]
[null,"1.3.2.","VÁLVULA ANTIVÁCUO 1/2\"","und",3,"COT","COT03",{"$f":"TRUNC((1-$L$7)*('COT03'!L37),2)","v":8.75},26.25,{"$f":"H27*(1+$L$5)","v":9.84},29.52]
[null,"1.3.3.","VÁLVULA VENTOSA TRÍPLICE FUNÇÃO 2\"","und",1,"COT","COT04",{"$f":"TRUNC((1-$L$7)*('COT04'!L37),2)","v":616.15},616.15,693.17,693.17]
[null,"1.3.4.","TUBO IRRIG. PB DN50 PN80","m",12,"ORSE",14068,{"$f":"TRUNC((1-$L$7)*(VLOOKUP(G29,'OUTROS BANCOS'!$E$2:$G$70,3,FALSE)),2)","v":8.9600000000000009},107.52,10.08,120.96]
[null,"1.3.5.","REDUÇÃO PVC PB 75 mm X 50 mm","und",1,"SCO","MAT118400",{"$f":"TRUNC((1-$L$7)*(VLOOKUP(G30,'OUTROS BANCOS'!$E$2:$G$70,3,FALSE)),2)","v":10.210000000000001},10.210000000000001,11.49,11.49]
[null,"1.3.6.","CURVA PVC 90° PB 50 mm","und",4,"SBC",5385,{"$f":"TRUNC((1-$L$7)*(VLOOKUP(G31,'OUTROS BANCOS'!$E$2:$G$70,3,FALSE)),2)","v":13.12},52.48,14.76,59.04]
[null,"1.3.7.","TÊ PVC 50 mm","und",3,"ORSE",9504,{"$f":"TRUNC((1-$L$7)*(VLOOKUP(G32,'OUTROS BANCOS'!$E$2:$G$71,3,FALSE)),2)","v":15.47},46.41,17.399999999999999,52.2]
[null,"1.3.8.","ADAPTADOR BS X RM 50 X 2\"","und",1,"ORSE",14060,{"$f":"TRUNC((1-$L$7)*(VLOOKUP(G33,'OUTROS BANCOS'!$E$2:$G$70,3,FALSE)),2)","v":3.89},3.89,4.38,4.38]
[null,"1.3.9.","LUVA PVC BR 2\"","und",1,"ORSE",1434,{"$f":"TRUNC((1-$L$7)*(VLOOKUP(G34,'OUTROS BANCOS'!$E$2:$G$70,3,FALSE)),2)","v":26.29},26.29,29.58,29.58]
[null,"1.3.10.","COLAR DE TOMADA 50 X 1/2\"","und",3,"COT","COT05",{"$f":"TRUNC((1-$L$7)*('COT05'!L37),2)","v":16.59},49.77,18.66,55.98]
[null,"1.3.11","REGISTRO DE GAVETA 2\"","und",1,"COT","COT23",{"$f":"TRUNC((1-$L$7)*('COT23'!L37),2)","v":124.95},124.95,140.57,140.57]
[null,"1.3.12","MANÔMETRO DE GLICERINA DE ATÉ 6kgf/cm² ROSCA DE 1/4 \"","und",2,"COT","COT24",{"$f":"TRUNC((1-$L$7)*('COT24'!$L$37),2)","v":112.98},225.96,127.1,254.2]
[null,"1.3.13","BUCHA DE REDUÇÃO DE 3/4\" PARA 1/4\" ","und",2,"COT","COT25",{"$f":"TRUNC((1-$L$7)*('COT25'!$L$37),2)","v":30.7},61.4,34.54,69.08]
[null,"1.3.14","ADAPTADOR DE REDUÇÃO Bsa SOLD. 50 mm X 1 1/2\"","und",2,"COT","COT26",{"$f":"TRUNC((1-$L$7)*('COT26'!$L$37),2)","v":14.16},28.32,15.93,31.86]
[null,"1.3.15","TE DE REDUÇÃO ROSCA 50 mm X 3/4\"","und",2,"COT","COT27",{"$f":"TRUNC((1-$L$7)*('COT27'!$L$37),2)","v":13.34},26.68,15.01,30.02]
[null,"1.4.","Conexões de Campo",{"$nulls":7},{"$f":"SUM(K42:K45)","v":370.19}]
[null,"1.4.1.","REGISTRO ESFERA PVC 50 mm","und",4,"SINAPI",11677,{"$f":"TRUNC((1-$L$7)*(VLOOKUP(G42,'INSUMO SINAPI'!$A$4:$E$4854,5,FALSE)),2)","v":38.869999999999997},155.47999999999999,{"$f":"H42*(1+$L$5)","v":43.73},{"$f":"TRUNC(E42*J42,2)","v":174.92}]
[null,"1.4.2.","CURVA PVC 45° PB 50 mm","und",4,"EMOP",7153,{"$f":"TRUNC((1-$L$7)*(VLOOKUP(G43,'OUTROS BANCOS'!$E$2:$G$70,3,FALSE)),2)","v":23.57},94.28,{"$f":"H43*(1+$L$5)","v":26.52},{"$f":"TRUNC(E43*J43,2)","v":106.08}]
[null,"1.4.3.","CURVA PVC 90° PB 50 mm","und",2,"SBC",5385,{"$f":"TRUNC((1-$L$7)*(VLOOKUP(G44,'OUTROS BANCOS'!$E$2:$G$70,3,FALSE)),2)","v":13.12},26.24,14.76,{"$f":"TRUNC(E44*J44,2)","v":29.52}]
[null,"1.4.4.","TÊ PVC 75 mm ","und",1,"ORSE",2115,{"$f":"TRUNC((1-$L$7)*(VLOOKUP(G45,'OUTROS BANCOS'!$E$2:$G$70,3,FALSE)),2)","v":53.04},53.04,59.67,{"$f":"TRUNC(E45*J45,2)","v":59.67}]
[null,"1.5.","Filtragem e Ligação de Pressão",{"$nulls":7},{"$f":"SUM(K47:K58)","v":5200.63}]
[null,"1.5.1.","MOTOBOMBA SUBMERSA 3HP 12m³/h + 43mca","und",1,"COT","COT06",{"$f":"TRUNC((1-$L$7)*('COT06'!L37),2)","v":1606.92},1606.92,{"$f":"H47*(1+$L$5)","v":1807.79},{"$f":"TRUNC(E47*J47,2)","v":1807.79}]
[null,"1.5.2.","NIPLE PVC BR 2\"","und",1,"SBC",5719,{"$f":"TRUNC((1-$L$7)*(VLOOKUP(G48,'OUTROS BANCOS'!$E$2:$G$70,3,FALSE)),2)","v":29.65},29.65,{"$f":"H48*(1+$L$5)","v":33.36},33.36]
[null,"1.5.3.","UNIÃO PVC BR 2\"","und",1,"SEINFRA","I2241",{"$f":"TRUNC((1-$L$7)*(VLOOKUP(G49,'OUTROS BANCOS'!$E$2:$G$70,3,FALSE)),2)","v":80.97},80.97,91.09,91.09]
[null,"1.5.4.","ADAPTADOR COMPRESSÃO X ROSCA MACHO 2\"","und",2,"EMBASA","M080800108",{"$f":"TRUNC((1-$L$7)*(VLOOKUP(G50,'OUTROS BANCOS'!$E$2:$G$70,3,FALSE)),2)","v":45.39},90.78,51.06,102.12]
[null,"1.5.5.","TUBO PEMD 2\" PN6","m",15,"COT","COT07",{"$f":"TRUNC((1-$L$7)*('COT07'!L37),2)","v":17.36},260.39999999999998,19.53,292.95]
[null,"1.5.6.","BUCHA DE REDUÇÃO 3X2\"","und",1,"SBC",8784,{"$f":"TRUNC((1-$L$7)*(VLOOKUP(G52,'OUTROS BANCOS'!$E$2:$G$70,3,FALSE)),2)","v":86.48},86.48,97.29,97.29]
[null,"1.5.7.","UNIÃO PVC BR 3\"","und",2,"SEINFRA","I2242",{"$f":"TRUNC((1-$L$7)*(VLOOKUP(G53,'OUTROS BANCOS'!$E$2:$G$70,3,FALSE)),2)","v":210.87},421.74,237.23,474.46]
[null,"1.5.8.","ADAPTADOR BSXRM 75X3\"","und",3,"ORSE",14059,{"$f":"TRUNC((1-$L$7)*(VLOOKUP(G54,'OUTROS BANCOS'!$E$2:$G$70,3,FALSE)),2)","v":7.82},23.46,8.8000000000000007,26.4]
[null,"1.5.9.","TUBO IRRIG. PB DN75 PN80","m",12,"ORSE",9502,{"$f":"TRUNC((1-$L$7)*(VLOOKUP(G55,'OUTROS BANCOS'!$E$2:$G$70,3,FALSE)),2)","v":37.270000000000003},447.24,41.93,503.16]
[null,"1.5.10.","CURVA PVC 90° PB 75 MM","und",6,"SBC",5387,{"$f":"TRUNC((1-$L$7)*(VLOOKUP(G56,'OUTROS BANCOS'!$E$2:$G$70,3,FALSE)),2)","v":92.49},554.94000000000005,104.05,624.29999999999995]
[null,"1.5.11.","REGISTRO ESFERA 3\"","und",2,"ORSE",2604,{"$f":"TRUNC((1-$L$7)*(VLOOKUP(G57,'OUTROS BANCOS'!$E$2:$G$70,3,FALSE)),2)","v":100.69},201.38,113.28,226.56]
[null,"1.5.12.","FILTRO DE DISCO 3\" - 25M³/H","und",1,"COT","COT08",{"$f":"TRUNC((1-$L$7)*('COT08'!L37),2)","v":818.8},818.8,921.15,921.15]
[null,"1.6.","Materias de Consumo ",{"$nulls":7},{"$f":"SUM(K60:K63)","v":195.28}]
[null,"1.6.1.","ADESIVO PLÁSTICO 850G","und",2,"ORSE",14079,{"$f":"TRUNC((1-$L$7)*(VLOOKUP(G60,'OUTROS BANCOS'!$E$2:$G$70,3,FALSE)),2)","v":54.28},108.56,61.07,{"$f":"TRUNC(E60*J60,2)","v":122.14}]
[null,"1.6.2.","FITA VEDA ROSCA 18MM X 50 M","und",1,"SINAPI",3148,{"$f":"TRUNC((1-$L$7)*(VLOOKUP(G61,'INSUMO SINAPI'!$A$4:$E$4854,5,FALSE)),2)","v":8.98},8.98,10.1,{"$f":"TRUNC(E61*J61,2)","v":10.1}]
[null,"1.6.3.","FITA ISOLANTE 18MM X 20M","und",1,"SBC",36795,{"$f":"TRUNC((1-$L$7)*(VLOOKUP(G62,'OUTROS BANCOS'!$E$2:$G$70,3,FALSE)),2)","v":0.92},0.92,1.04,{"$f":"TRUNC(E62*J62,2)","v":1.04}]
[null,"1.6.4.","FOLHA DE LIXA N100 ","und",50,"AGETOP CIVIL",1674,{"$f":"TRUNC((1-$L$7)*(VLOOKUP(G63,'OUTROS BANCOS'!$E$2:$G$70,3,FALSE)),2)","v":1.1000000000000001},55,1.24,{"$f":"TRUNC(E63*J63,2)","v":62}]
[null,"1.7.","Elaboração do Layout do Sistema Hidráulico",{"$nulls":7},{"$f":"SUM(K65:K66)","v":1187.32}]
[null,"1.7.1.","Mão-de-obra de Projetista Cadista Pleno - Projeto e Consultoria, inclusive Encargos Sociais","h",4,"EMOP",10984,{"$f":"TRUNC((1-$L$7)*(VLOOKUP(G65,'OUTROS BANCOS'!$E$2:$G$70,3,FALSE)),2)","v":69.27},277.08,{"$f":"H65*(1+$L$4)","v":86.56},{"$f":"TRUNC(E65*J65,2)","v":346.24}]
[null,"1.7.2.","Mão-de-obra de Engenheiro Pleno, inclusive com encargos sociais","h",4,"EMOP",14610,{"$f":"TRUNC((1-$L$7)*(VLOOKUP(G66,'OUTROS BANCOS'!$E$2:$G$70,3,FALSE)),2)","v":168.27},673.08,210.27,{"$f":"TRUNC(E66*J66,2)","v":841.08}]
[null,"1.8.","Montagem do Sistema Hidráulico",{"$nulls":7},{"$f":"SUM(K68:K69)","v":1402.32}]
[null,"1.8.1.","Encanador ou bombeiro hidráulico com encargos complementares (01 encanador ou bombeiro hidráulico em jornada de trabalho de 8 h por dia)","h",24,"AGESUL",4005,{"$f":"TRUNC((1-$L$7)*(VLOOKUP(G68,'OUTROS BANCOS'!$E$2:$G$70,3,FALSE)),2)","v":25.61},614.64,{"$f":"H68*(1+$L$4)","v":32},{"$f":"TRUNC(E68*J68,2)","v":768}]
[null,"1.8.2.","Auxiliar de encanador ou bombeiro hidráulico com encargos complementares (02 auxiliares de encanador ou bombeiro hidráulico em jornada de trabalho de 8 h por dia)","h",24,"AGESUL",4052,{"$f":"TRUNC((1-$L$7)*(VLOOKUP(G69,'OUTROS BANCOS'!$E$2:$G$70,3,FALSE)),2)","v":21.15},507.6,26.43,{"$f":"TRUNC(E69*J69,2)","v":634.32000000000005}]
[null,"1.9","Preparo mecanizado do solo",{"$nulls":7},{"$f":"K71","v":430.99}]
[null,"1.9.1","ARACÃO DO SOLO A 20CM DE PROFUNDIDADE COM TRATOR DE PNEUS E ARADO DE DISCO ","ha",1,"EMOP","22.016.0025-A",{"$f":"TRUNC((1-$L$7)*(VLOOKUP(G71,'OUTROS BANCOS'!$E$2:$G$70,3,FALSE)),2)","v":344.9},344.9,430.99,{"$f":"TRUNC(E71*J71,2)","v":430.99}]
[null,2,"Sistema Elétrico",{"$nulls":7},{"$f":"SUM(K73,K84,K127,K112,K120,K131)","v":7962.55}]
[null,"2.1","Rede de Distribuição - Fonte até o Quadro de Comando",{"$nulls":7},{"$f":"SUM(K74:K83)","v":3172.99}]
[null,"2.1.1","Poste de madeira eucalipto preservado, diâmetro de 20cm, 7 metros","Unidade",5,"SBC",46336,{"$f":"TRUNC((1-$L$7)*(VLOOKUP(G74,'OUTROS BANCOS'!$E$2:$G$70,3,FALSE)),2)","v":87.46},{"$f":"H74*E74","v":437.3},{"$f":"H74*(1+$L$5)","v":98.39},{"$f":"TRUNC(E74*J74,2)","v":491.95}]
[null,"2.1.2","Isolador Porcelana Tipo Roldana 80x80 mm p/ 2 cabos, marrom","Unidade",5,"IOPES",48342,{"$f":"TRUNC((1-$L$7)*(VLOOKUP(G75,'OUTROS BANCOS'!$E$2:$G$70,3,FALSE)),2)","v":10.07},50.35,11.33,56.65]
[null,"2.1.3","Suporte Isolador c/ Roldana p/ aparafusar c/ chapa","Unidade",5,"SETOP"," MATED-12988",{"$f":"TRUNC((1-$L$7)*(VLOOKUP(G76,'OUTROS BANCOS'!$E$2:$G$70,3,FALSE)),2)","v":16.72},83.6,18.809999999999999,94.05]
[null,"2.1.4","Cinta aço galvanizado, de 240mm","Unidade",5,"SCO","MAT033900",{"$f":"TRUNC((1-$L$7)*(VLOOKUP(G77,'OUTROS BANCOS'!$E$2:$G$72,3,FALSE)),2)","v":50.13},250.65,56.4,282]
[null,"2.1.5","Alça preformada para islador roldana, seção conforme condutores instalados","Unidade",5,"COT","COT13",{"$f":"TRUNC((1-$L$7)*('COT13'!L37),2)","v":8.9},44.5,10.01,50.05]
[null,"2.1.6","Cabo de cobre isolado HEPR (XLPE), 10mm², 1kv / 90º C (cor conforme a aplicação) apropriado para redes aéreas","Metro",200,"COT","COT14",{"$f":"TRUNC((1-$L$7)*('COT14'!L37),2)","v":9.0500000000000007},1810,10.18,2036]
[null,"2.1.7","Cabeçote p/ Eletroduto de 1.1/4\"","Unidade",1,"SINAPI",1099,{"$f":"TRUNC((1-$L$7)*(VLOOKUP(G80,'INSUMO SINAPI'!$A$4:$E$4854,5,FALSE)),2)","v":6.39},6.39,7.19,7.19]
[null,"2.1.8","Eletroduto em aço galvanizado 1.1/4\"","Unidade",1,"SCO","MAT050850",{"$f":"TRUNC((1-$L$7)*(VLOOKUP(G81,'OUTROS BANCOS'!$E$2:$G$70,3,FALSE)),2)","v":121.28},121.28,136.44,136.44]
[null,"2.1.9","Conector reto com arruela para eletroduto  1.1/4\"","Unidade",1,"SINAPI",2526,{"$f":"TRUNC((1-$L$7)*(VLOOKUP(G82,'INSUMO SINAPI'!$A$4:$E$4854,5,FALSE)),2)","v":5.05},5.05,5.68,5.68]
[null,"2.1.10","Curva 90º aço galvanizado 1.1/4\"","Unidade",1,"SINAPI",2618,{"$f":"TRUNC((1-$L$7)*(VLOOKUP(G83,'INSUMO SINAPI'!$A$4:$E$4854,5,FALSE)),2)","v":11.54},11.54,12.98,12.98]
[null,"2.2","Quadro de Comando",{"$nulls":7},{"$f":"SUM(K85:K111)","v":2007.65}]
[null,"2.2.1","Quadro elétrico metálico com placa de montagem, grau de proteção mínimo IP54, dimensões mínimas 400x300x200 mm","Unidade",1,"SBC",53375,{"$f":"TRUNC((1-$L$7)*(VLOOKUP(G85,'OUTROS BANCOS'!$E$2:$G$70,3,FALSE)),2)","v":326.83},326.83,367.68,{"$f":"TRUNC(E85*J85,2)","v":367.68}]
[null,"2.2.2","Canaleta para quadro 30 x 50 mm, fabricada em PVC, tipo semi-aberta.","Metro",0.4,"SETOP","MATED-17646",{"$f":"TRUNC((1-$L$7)*(VLOOKUP(G86,'OUTROS BANCOS'!$E$2:$G$70,3,FALSE)),2)","v":14.14},5.66,15.91,6.36]
[null,"2.2.3","Canaleta para quadro 50 x 50 mm, fabricada em PVC, tipo semi-aberta.","Metro",0.3,"SETOP","MATED-17647",{"$f":"TRUNC((1-$L$7)*(VLOOKUP(G87,'OUTROS BANCOS'!$E$2:$G$70,3,FALSE)),2)","v":18.93},5.68,21.3,6.39]
[null,"2.2.4","Trilho DIN 35 mm","Metro",0.4,"SEINFRA","I7410",{"$f":"TRUNC((1-$L$7)*(VLOOKUP(G88,'OUTROS BANCOS'!$E$2:$G$70,3,FALSE)),2)","v":10.63},4.25,11.96,4.78]
[null,"2.2.5","Conector (terminal isolado) para barramento isolado, conexão reta ou lateral, até 25 mm²","Unidade",2,"COT","COT19",{"$f":"TRUNC((1-$L$7)*('COT19'!L37),2)","v":7.57},15.14,8.52,17.04]
[null,"2.2.6","Barramento monofásico isolado (barramento pente), horizontal, fabricado em cobre, até 63 A, acompanhado de tampas finais, 8 polos","Unidade",1,"SBC",10562,{"$f":"TRUNC((1-$L$7)*(VLOOKUP(G90,'OUTROS BANCOS'!$E$2:$G$70,3,FALSE)),2)","v":20.29},20.29,22.83,22.83]
[null,"2.2.7","Interruptor diferencial residual bipolar de 25A, corrente residual de 30 mA, tensão de operação conforme aplicação, corrente de curto circuito de 3 kA","Unidade",1,"SINAPI",39445,{"$f":"TRUNC((1-$L$7)*(VLOOKUP(G91,'INSUMO SINAPI'!$A$4:$E$4854,5,FALSE)),2)","v":153.12},153.12,172.26,172.26]
[null,"2.2.8","Dispositivo de Proteção Contra Surtos Classe II, 20 kA (Imáx), tensão de operação compatível com a aplicação, nível de proeção (Up) 1,4 kV ","Unidade",2,"SINAPI",39469,{"$f":"TRUNC((1-$L$7)*(VLOOKUP(G92,'INSUMO SINAPI'!$A$4:$E$4854,5,FALSE)),2)","v":77.53},155.06,87.22,174.44]
[null,"2.2.9","Disjuntor monopolar para trilho DIN (mini disjuntor) para correntes de 25A, curva C, 60 Hz, capacidade de interrupção em curto-circuito 3 kA ou superior","Unidade",1,"SINAPI",34653,{"$f":"TRUNC((1-$L$7)*(VLOOKUP(G93,'INSUMO SINAPI'!$A$4:$E$4854,5,FALSE)),2)","v":9.94},9.94,11.18,11.18]
[null,"2.2.10","Disjuntor monopolar para trilho DIN (mini disjuntor) para correntes de 20A, curva C, 60 Hz, capacidade de interrupção em curto-circuito 3 kA ou superior","Unidade",1,"SINAPI",34653,{"$f":"TRUNC((1-$L$7)*(VLOOKUP(G94,'INSUMO SINAPI'!$A$4:$E$4854,5,FALSE)),2)","v":9.94},9.94,11.18,11.18]
[null,"2.2.11","Disjuntor monopolar para trilho DIN (mini disjuntor) para correntes de 2A, curva C, 60 Hz, capacidade de interrupção em curto-circuito 3 kA ou superior","Unidade",1,"IOPES",44951,{"$f":"TRUNC((1-$L$7)*(VLOOKUP(G95,'OUTROS BANCOS'!$E$2:$G$70,3,FALSE)),2)","v":28.81},28.81,32.409999999999997,32.409999999999997]
[null,"2.2.12","Minicontator, com capacidade de corrente até 25A (em regime AC-3), contato auxiliar integrado e bobina em corrente alternada (tensão conforme a aplicação)","Unidade",1,"SINAPI",1619,{"$f":"TRUNC((1-$L$7)*(VLOOKUP(G96,'INSUMO SINAPI'!$A$4:$E$4854,5,FALSE)),2)","v":225.63},225.63,253.83,253.83]
[null,"2.2.13","Relé de sobrecarga para minicontator ajustável até 25A, conforme aplicação, com montagem direta nos contatores","Unidade",1,"EMBASA","M103900330",{"$f":"TRUNC((1-$L$7)*(VLOOKUP(G97,'OUTROS BANCOS'!$E$2:$G$70,3,FALSE)),2)","v":199.16},199.16,224.06,224.06]
[null,"2.2.14","Relé eletrônico/digital monitor de tensão monofásico, com funcionalidade de subtensão e sobretensão, ajustes através de trimpot no relé, LED indicativo de funcionamento, tensão conforme aplicação, 60 Hz, com 1 contato reversível","Unidade",1,"COT","COT15",{"$f":"TRUNC((1-$L$7)*('COT15'!L37),2)","v":178.02},178.02,200.27,200.27]
[null,"2.2.15","Relé temporizador, alimentação 220V, 1 saída a relé, com função de pulso na energização, ajustável de 1 segundo a 100 horas, ajuste por trimpots no relé","Unidade",1,"COT","COT20",{"$f":"TRUNC((1-$L$7)*('COT20'!L37),2)","v":176.75},176.75,198.84,198.84]
[null,"2.2.16","Barramento de neutro, na cor azul, para fixação em trilho DIN, fabricado em cobre, com furos e parafusos para fixação, ao menos um furo para o alimentador (até 25 mm²), pré isolado, 10 furos.","Unidade",1,"COT","COT21",{"$f":"TRUNC((1-$L$7)*('COT21'!L37),2)","v":41.21},41.21,46.36,46.36]
[null,"2.2.17","Barramento de terra, na cor verde, para fixação em trilho DIN, fabricado em cobre, com furos e parafusos para fixação, ao menos um furo para o alimentador (até 25 mm²), pré isolado, 10 furos.","Unidade",1,"COT","COT22",{"$f":"TRUNC((1-$L$7)*('COT22'!L37),2)","v":39.93},39.93,44.92,44.92]
[null,"2.2.18","Botão de emergência tipo cogumelo, com trava e retorno com mola, para furos 22mm, 1 NF, tensão conforme aplicação, vermelho","Unidade",1,"CPOS","P.13.000.042461",{"$f":"TRUNC((1-$L$7)*(VLOOKUP(G102,'OUTROS BANCOS'!$E$2:$G$70,3,FALSE)),2)","v":34.700000000000003},34.700000000000003,39.04,39.04]
[null,"2.2.19","Chave seletora de 3 posições para furos 22mm, 2 NA, completa, tensão conforme aplicação","Unidade",1,"SETOP","MATED-19494",{"$f":"TRUNC((1-$L$7)*(VLOOKUP(G103,'OUTROS BANCOS'!$E$2:$G$70,3,FALSE)),2)","v":16.920000000000002},16.920000000000002,19.04,19.04]
[null,"2.2.20","Sinalizador luminoso para furos de 22 mm, iluminação LED, vermelho, tensão conforme aplicação","Unidade",1,"ORSE",12379,{"$f":"TRUNC((1-$L$7)*(VLOOKUP(G104,'OUTROS BANCOS'!$E$2:$G$70,3,FALSE)),2)","v":16.7},16.7,18.79,18.79]
[null,"2.2.21","Policarbonato compacto, incolor (transparente/cristal), livre de rebarbas, espessura mínima de 3 mm","Metro²",0.24,"SBC",28100,{"$f":"TRUNC((1-$L$7)*(VLOOKUP(G105,'OUTROS BANCOS'!$E$2:$G$70,3,FALSE)),2)","v":146.28},35.11,164.57,39.49]
[null,"2.2.22","Barra roscada 1/4\", acabamento zincado","Metro",1,"ORSE",7551,{"$f":"TRUNC((1-$L$7)*(VLOOKUP(G106,'OUTROS BANCOS'!$E$2:$G$70,3,FALSE)),2)","v":4.37},4.37,4.92,4.92]
[null,"2.2.23","Porca sextavada zincada, 1/4\"","Unidade",8,"SINAPI",39997,{"$f":"TRUNC((1-$L$7)*(VLOOKUP(G107,'INSUMO SINAPI'!$A$4:$E$4854,5,FALSE)),2)","v":0.28999999999999998},2.3199999999999998,0.33,2.64]
[null,"2.2.24","Arruela zincada, 1/4\"","Unidade",8,"ORSE",8347,{"$f":"TRUNC((1-$L$7)*(VLOOKUP(G108,'OUTROS BANCOS'!$E$2:$G$70,3,FALSE)),2)","v":0.04},0.32,0.05,0.4]
[null,"2.2.25","Placa de identificação (plaqueta de identificação) fabricada em ABS ou acrílico para painéis elétricos  (30 X 15 mm), fixação por adesivo, resistente ao tempo (Escrita Personalizada)","Unidade",10,"COT","COT16",{"$f":"TRUNC((1-$L$7)*('COT16'!$L$37),2)","v":7.47},74.7,8.4,84]
[null,"2.2.26","Terminal a compressão, tipo pino ou garfo, 2,5 mm³","Unidade",30,"SEINFRA","I10080",{"$f":"TRUNC((1-$L$7)*(VLOOKUP(G110,'OUTROS BANCOS'!$E$2:$G$70,3,FALSE)),2)","v":0.12},3.6,0.14000000000000001,4.2]
[null,"2.2.27","Abraçadeira de nylon 2,5x100 mm, para organização cabos elétricos","Unidade",10,"SINAPI",414,{"$f":"TRUNC((1-$L$7)*(VLOOKUP(G111,'INSUMO SINAPI'!$A$4:$E$4854,5,FALSE)),2)","v":0.03},0.3,0.03,0.3]
[null,"2.3","Sistema de Aterramento",{"$nulls":7},{"$f":"SUM(K113:K119)","v":1293.74}]
[null,"2.3.1","Cordoalha em cobre nu, 50 mm²","Metro",16,"SINAPI",867,{"$f":"TRUNC((1-$L$7)*(VLOOKUP(G113,'INSUMO SINAPI'!$A$4:$E$4854,5,FALSE)),2)","v":60.92},974.72,68.540000000000006,{"$f":"TRUNC(E113*J113,2)","v":1096.6400000000001}]
[null,"2.3.2","Conector à compressão para aterramento (CABO-CABO)","Unidade",2,"SEDOP","E00189",{"$f":"TRUNC((1-$L$7)*(VLOOKUP(G114,'OUTROS BANCOS'!$E$2:$G$70,3,FALSE)),2)","v":57.61},115.22,64.81,129.62]
[null,"2.3.3","Curva longa 90º Galvanizada a fogo, 1\"","Unidade",1,"SINAPI",2617,{"$f":"TRUNC((1-$L$7)*(VLOOKUP(G115,'INSUMO SINAPI'!$A$4:$E$4854,5,FALSE)),2)","v":5.0599999999999996},5.0599999999999996,5.69,5.69]
[null,"2.3.4","Eletroduto Galvanizado a Fogo, 1\"","Metro",1.5,"SETOP","MATED-12288",{"$f":"TRUNC((1-$L$7)*(VLOOKUP(G116,'OUTROS BANCOS'!$E$2:$G$70,3,FALSE)),2)","v":6.9},10.35,7.76,11.64]
[null,"2.3.5","Abraçadeira tipo D, 1\" e cunha de fixação","Unidade",1,"SINAPI",393,{"$f":"TRUNC((1-$L$7)*(VLOOKUP(G117,'INSUMO SINAPI'!$A$4:$E$4854,5,FALSE)),2)","v":1.95},1.95,2.19,2.19]
[null,"2.3.6","Conector reto com arruela para eletroduto 1\"","Unidade",1,"SINAPI",2483,{"$f":"TRUNC((1-$L$7)*(VLOOKUP(G118,'INSUMO SINAPI'!$A$4:$E$4854,5,FALSE)),2)","v":3.59},3.59,4.04,4.04]
[null,"2.3.7","Caixa de inspeção para ateramento","Unidade",1,"SINAPI",41480,{"$f":"TRUNC((1-$L$7)*(VLOOKUP(G119,'INSUMO SINAPI'!$A$4:$E$4854,5,FALSE)),2)","v":39.04},39.04,43.92,43.92]
[null,"2.4","Alimentação do Motor",{"$nulls":7},{"$f":"SUM(K121:K126)","v":273.51}]
[null,"2.4.1","Cabo de cobre flexível, classe 4 ou 5, isolação em PVC/A, antichama BWF-B, 1 condutor, 450/750V seção de 4 mm² (cor preta, azul ou verde)","Metro",30,"SINAPI",981,{"$f":"TRUNC((1-$L$7)*(VLOOKUP(G121,'INSUMO SINAPI'!$A$4:$E$4854,5,FALSE)),2)","v":4.28},128.4,4.82,{"$f":"TRUNC(E121*J121,2)","v":144.6}]
[null,"2.4.2","Terminal a compressão, tipo pino, 4 mm²","Unidade",3,"SINAPI",1571,{"$f":"TRUNC((1-$L$7)*(VLOOKUP(G122,'INSUMO SINAPI'!$A$4:$E$4854,5,FALSE)),2)","v":1.31},3.93,1.47,4.41]
[null,"2.4.3","Eletroduto corrugado tipo PEAD, 3/4","Metro",10,"SINAPI",39244,{"$f":"TRUNC((1-$L$7)*(VLOOKUP(G123,'INSUMO SINAPI'!$A$4:$E$4854,5,FALSE)),2)","v":4.59},45.9,5.16,51.6]
[null,"2.4.4","Caixa de passagem em concreto 30X30X40 cm","Unidade",1,"SINAPI",43429,{"$f":"TRUNC((1-$L$7)*(VLOOKUP(G124,'INSUMO SINAPI'!$A$4:$E$4854,5,FALSE)),2)","v":61.05},61.05,68.680000000000007,68.680000000000007]
[null,"2.4.5","Conector reto com arruela para eletroduto 3/4\"","Unidade",1,"SINAPI",2488,{"$f":"TRUNC((1-$L$7)*(VLOOKUP(G125,'INSUMO SINAPI'!$A$4:$E$4854,5,FALSE)),2)","v":2.0099999999999998},2.0099999999999998,2.2599999999999998,2.2599999999999998]
[null,"2.4.6","Abraçadeira tipo D, 3/4\" e cunha de fixação","Unidade",1,"SINAPI",39128,{"$f":"TRUNC((1-$L$7)*(VLOOKUP(G126,'INSUMO SINAPI'!$A$4:$E$4854,5,FALSE)),2)","v":1.74},1.74,1.96,1.96]
[null,"2.5","Montagem do Sistema Elétrico",{"$nulls":7},{"$f":"SUM(K128:K130)","v":919.08}]
[null,"2.5.1","Eletrotécnico (horista), INCLUSIDE ENCARGOS SOCIAIS","h",8,"EMOP",1916,{"$f":"TRUNC((1-$L$7)*(VLOOKUP(G128,'OUTROS BANCOS'!$E$2:$G$70,3,FALSE)),2)","v":32.07},256.56,{"$f":"H128*(1+$L$4)","v":40.07},{"$f":"TRUNC(E128*J128,2)","v":320.56}]
[null,"2.5.2","Auxiliar de Eletricista com encargos complementares","h",16,"AGESUL",88247,{"$f":"TRUNC((1-$L$7)*(VLOOKUP(G129,'OUTROS BANCOS'!$E$2:$G$70,3,FALSE)),2)","v":21.92},350.72,27.39,{"$f":"TRUNC(E129*J129,2)","v":438.24}]
[null,"2.5.3","Comissionamento - Eletrotécnico, INCLUSIVE ENCARGOS SOCIAIS","h",4,"EMOP",1916,{"$f":"TRUNC((1-$L$7)*(VLOOKUP(G130,'OUTROS BANCOS'!$E$2:$G$70,3,FALSE)),2)","v":32.07},128.28,40.07,{"$f":"TRUNC(E130*J130,2)","v":160.28}]
[null,"2.6","Emissão de ART",{"$nulls":7},{"$f":"K132","v":295.58}]
[null,"2.6.1","Emissão de ART","um",1,"PRÓPRIA","CPU1",{"$f":"TRUNC((1-$L$7)*('CPU1'!J7),2)","v":262.74},262.74,{"$f":"H132*(1+$L$5)","v":295.58},{"$f":"TRUNC(E132*J132,2)","v":295.58}]
[null,"TOTAL",{"$nulls":8},{"$f":"SUM(K72,K12)","v":29275.11}]
[{"$nulls":10},28679.69]

{"sheet":"Item 60- MICROASPERSÃO 2,0 HA","index":4,"n_rows":142,"n_cols":14,"rows_kept":142,"cut":false,"hidden":false,"merged":[[12,2,12,7],[0,2,0,9],[6,1,6,9],[7,1,7,9],[8,1,8,9],[11,2,11,7],[79,2,79,7],[140,1,140,7],[21,2,21,7],[24,2,24,7],[40,2,40,7],[45,2,45,7],[66,2,66,7],[74,2,74,7]]}
[]
[{"$nulls":10},"BASE","2026-02-01","BANCO","DATA"]
[{"$nulls":10},"VALOR TOTAL",{"$f":"K141","v":41299.99},"ORSE","2025-12-01"]
[{"$nulls":10},"BDI SERVIÇO",{"$f":"BDI!D15","v":0.24959999999999999},"SEINFRA","27/28"]
[{"$nulls":10},"BDI MATERIAL",{"$f":"BDI!K15","v":0.125},"EMBASA","2025-06-01"]
[{"$nulls":12},"SCO","2026-01-01"]
[null,"PLANILHA ORÇAMENTÁRIA - 5ª SUPERINTENDÊNCIA REGIONAL ",{"$nulls":8},"DESCONTO",0.08,"SBC","2026-01-01"]
[null,"SERVIÇO DE FORNECIMENTO, TRANSPORTE, CARGA, DESCARGA, MONTAGEM E ADEQUADO FUNCIONAMENTO DE SISTEMA DE IRRIGAÇÃO - MICROASPERSÃO - 2 ha - 220 V",{"$nulls":10},"AGETOP CIVIL","2025-10-01"]
[{"$nulls":12},"AGESUL","2026-01-01"]
[{"$nulls":12},"IOPES","2025-12-01"]
[null,"ITEM","DESCRIÇÃO","UNID.","QUANT. - (A)","PESQUISA DE PREÇOS\n(SIST. REF. / COT)","CÓDIGO","Custo Unitário (R$) - (B)","Custo Total (Com Desconto)","Preço Unitário (R$) com BDI (%)","Preço Total (R$) C = (AxB)",null,"SETOP","2025-10-01"]
[null,"1.","Sistema Hidráulico",{"$nulls":7},{"$f":"SUM(K13,K22,K25,K41,K46,K67,K72,K75,K79)","v":33337.440000000002},null,"CPOS","2026-01-01"]
[null,"1.1.","Linha Lateral - Emissores",{"$nulls":7},{"$f":"SUM(K14:K21)","v":11159},null,"SEDOP","2025-10-01"]
[null,"1.1.1.","TUBO PEBD DI 16 mm PN30","m",3500,"COT","COT01",{"$f":"TRUNC((1-$L$7)*('COT01'!L37),2)","v":1.3},{"$f":"H14*E14","v":4550},{"$f":"H14*(1+$L$5)","v":1.46},{"$f":"TRUNC(E14*J14,2)","v":5110},null,"SINAPI","2026-01-01"]
[null,"1.1.2.","MICROASPERSOR 75 LPH","und",900,"COT","COT09",{"$f":"TRUNC((1-$L$7)*('COT09'!L37),2)","v":3.02},{"$f":"H15*E15","v":2718},{"$f":"H15*(1+$L$5)","v":3.4},3060,null,"EMOP","2026-01-04"]
[null,"1.1.3.","MICROTUBO COM CONECTOR 4/6 X 80 cm","und",900,"COT","COT10",{"$f":"TRUNC((1-$L$7)*('COT10'!L37),2)","v":1.01},909,1.1399999999999999,1026]
[null,"1.1.4.","HASTE PLÁSTICA PARA MICROASPERSÃO - 60 cm ","und",900,"COT","COT11",{"$f":"TRUNC((1-$L$7)*('COT11'!L37),2)","v":1.49},1341,1.68,1512]
[null,"1.1.5.","CONECTOR INICIAL 16 mm","und",100,"ORSE",9550,{"$f":"TRUNC((1-$L$7)*(VLOOKUP(G18,'OUTROS BANCOS'!$E$2:$G$71,3,FALSE)),2)","v":0.88},88,0.99,99]
[null,"1.1.6.","ANEL DE VEDAÇÃO COM CHULA 13/17","und",100,"SEINFRA","I9557",{"$f":"TRUNC((1-$L$7)*(VLOOKUP(G19,'OUTROS BANCOS'!$E$2:$G$71,3,FALSE)),2)","v":0.8},80,0.9,90]
[null,"1.1.5.","CONECTOR UNIÃO COM ANEL 16 mm","und",200,"EMBASA","M019000003",{"$f":"TRUNC((1-$L$7)*(VLOOKUP(G20,'OUTROS BANCOS'!$E$2:$G$71,3,FALSE)),2)","v":0.7},140,0.79,158]
[null,"1.1.6.","CONECTOR FINAL DE LINHA TIPO 8 16 mm","und",100,"SEINFRA","I9775",{"$f":"TRUNC((1-$L$7)*(VLOOKUP(G21,'OUTROS BANCOS'!$E$2:$G$71,3,FALSE)),2)","v":0.92},92,1.04,104]
[null,"1.2.","Tubulação - PVC",{"$nulls":7},{"$f":"SUM(K23:K24)","v":7766.88}]
[null,"1.2.1","TUBO IRRIG. PB DN50 PN40","m",264,"ORSE",8369,{"$f":"TRUNC((1-$L$7)*(VLOOKUP(G23,'OUTROS BANCOS'!$E$2:$G$71,3,FALSE)),2)","v":12.76},3368.64,{"$f":"H23*(1+$L$5)","v":14.36},{"$f":"TRUNC(E23*J23,2)","v":3791.04}]
[null,"1.2.2","TUBO IRRIG. PB DN75 PN40","m",{"$f":"44*6","v":264},"COT","COT17",{"$f":"TRUNC((1-$L$7)*(('COT17'!$L$37/6)),2)","v":13.39},3534.96,{"$f":"H24*(1+$L$5)","v":15.06},{"$f":"TRUNC(E24*J24,2)","v":3975.84}]
[null,"1.3.","Controle de Proteção e Comando ",{"$nulls":7},{"$f":"SUM(K26:K35)","v":2330.6799999999998}]
[null,"1.3.1.","REGISTRO ESFERA SOLD. 50 mm","und",6,"SINAPI",11677,{"$f":"TRUNC((1-$L$7)*(VLOOKUP(G26,'INSUMO SINAPI'!$A$4:$E$4854,5,FALSE)),2)","v":38.869999999999997},233.22,{"$f":"H26*(1+$L$5)","v":43.73},{"$f":"TRUNC(E26*J26,2)","v":262.38}]
[null,"1.3.2.","VÁLVULA ANTIVÁCUO 1/2\"","und",6,"COT","COT03",{"$f":"TRUNC((1-$L$7)*('COT03'!L37),2)","v":8.75},52.5,{"$f":"H27*(1+$L$5)","v":9.84},59.04]
[null,"1.3.3.","VÁLVULA VENTOSA TRÍPLICE FUNÇÃO 2\"","und",2,"COT","COT04",{"$f":"TRUNC((1-$L$7)*('COT04'!L37),2)","v":616.15},1232.3,693.17,1386.34]
[null,"1.3.4.","TUBO IRRIG. PB DN50 PN80","m",24,"ORSE",14068,{"$f":"TRUNC((1-$L$7)*(VLOOKUP(G29,'OUTROS BANCOS'!$E$2:$G$71,3,FALSE)),2)","v":8.9600000000000009},215.04,10.08,241.92]
[null,"1.3.5.","REDUÇÃO PVC PB 75 mm X 50 mm","und",2,"SCO","MAT118400",{"$f":"TRUNC((1-$L$7)*(VLOOKUP(G30,'OUTROS BANCOS'!$E$2:$G$71,3,FALSE)),2)","v":10.210000000000001},20.420000000000002,11.49,22.98]
[null,"1.3.6.","CURVA PVC 90° PB 50 mm","und",8,"SBC",5385,{"$f":"TRUNC((1-$L$7)*(VLOOKUP(G31,'OUTROS BANCOS'!$E$2:$G$71,3,FALSE)),2)","v":13.12},104.96,14.76,118.08]
[null,"1.3.7.","TÊ PVC 50 mm","und",6,"ORSE",2113,{"$f":"TRUNC((1-$L$7)*(VLOOKUP(G32,'OUTROS BANCOS'!$E$2:$G$71,3,FALSE)),2)","v":8.9},53.4,10.01,60.06]
[null,"1.3.8.","ADAPTADOR BS X RM 50 X 2\"","und",2,"ORSE",14060,{"$f":"TRUNC((1-$L$7)*(VLOOKUP(G33,'OUTROS BANCOS'!$E$2:$G$71,3,FALSE)),2)","v":3.89},7.78,4.38,8.76]
[null,"1.3.9.","LUVA PVC BR 2\"","und",2,"ORSE",1434,{"$f":"TRUNC((1-$L$7)*(VLOOKUP(G34,'OUTROS BANCOS'!$E$2:$G$71,3,FALSE)),2)","v":26.29},52.58,29.58,59.16]
[null,"1.3.10.","COLAR DE TOMADA 50 X 1/2\"","und",6,"COT","COT05",{"$f":"TRUNC((1-$L$7)*('COT05'!L37),2)","v":16.59},99.54,18.66,111.96]
[null,"1.3.11","REGISTRO DE GAVETA 2\"","und",1,"COT","COT23",{"$f":"TRUNC((1-$L$7)*('COT23'!L37),2)","v":124.95},124.95,140.57,140.57]
[null,"1.3.12","MANÔMETRO DE GLICERINA DE ATÉ 6kgf/cm² ROSCA DE 1/4 \"","und",2,"COT","COT24",{"$f":"TRUNC((1-$L$7)*('COT24'!$L$37),2)","v":112.98},225.96,127.1,254.2]
[null,"1.3.13","BUCHA DE REDUÇÃO DE 3/4\" PARA 1/4\" ","und",2,"COT","COT25",{"$f":"TRUNC((1-$L$7)*('COT25'!$L$37),2)","v":30.7},61.4,34.54,69.08]
[null,"1.3.14","ADAPTADOR DE REDUÇÃO Bsa SOLD. 50 mm X 1 1/2\"","und",2,"COT","COT26",{"$f":"TRUNC((1-$L$7)*('COT26'!$L$37),2)","v":14.16},28.32,15.93,31.86]
[null,"1.3.15","TE DE REDUÇÃO ROSCA 50 mm X 3/4\"","und",2,"COT","COT27",{"$f":"TRUNC((1-$L$7)*('COT27'!$L$37),2)","v":13.34},26.68,15.01,30.02]
[null,"1.4.","Conexões de Campo",{"$nulls":7},{"$f":"SUM(K42:K45)","v":680.71}]
[null,"1.4.1.","REGISTRO ESFERA PVC 50 mm","und",8,"SINAPI",11677,{"$f":"TRUNC((1-$L$7)*(VLOOKUP(G42,'INSUMO SINAPI'!$A$4:$E$4854,5,FALSE)),2)","v":38.869999999999997},310.95999999999998,{"$f":"H42*(1+$L$5)","v":43.73},{"$f":"TRUNC(E42*J42,2)","v":349.84}]
[null,"1.4.2.","CURVA PVC 45° PB 50 mm","und",8,"SBC",7153,{"$f":"TRUNC((1-$L$7)*(VLOOKUP(G43,'OUTROS BANCOS'!$E$2:$G$71,3,FALSE)),2)","v":23.57},188.56,{"$f":"H43*(1+$L$5)","v":26.52},{"$f":"TRUNC(E43*J43,2)","v":212.16}]
[null,"1.4.3.","CURVA PVC 90° PB 50 mm","und",4,"SBC",5385,{"$f":"TRUNC((1-$L$7)*(VLOOKUP(G44,'OUTROS BANCOS'!$E$2:$G$71,3,FALSE)),2)","v":13.12},52.48,14.76,{"$f":"TRUNC(E44*J44,2)","v":59.04}]
[null,"1.4.4.","TÊ PVC 7 mm  (7 ou 75 mm?)","und",1,"ORSE",2115,{"$f":"TRUNC((1-$L$7)*(VLOOKUP(G45,'OUTROS BANCOS'!$E$2:$G$71,3,FALSE)),2)","v":53.04},53.04,59.67,{"$f":"TRUNC(E45*J45,2)","v":59.67}]
[null,"1.5.","Filtragem e Ligação de Pressão",{"$nulls":7},{"$f":"SUM(K47:K66)","v":6856.83}]
[null,"1.5.1.","MOTOBOMBA SUBMERSA 3HP 12m³/h + 43mca","und",1,"COT","COT06",{"$f":"TRUNC((1-$L$7)*('COT06'!L37),2)","v":1606.92},1606.92,{"$f":"H47*(1+$L$5)","v":1807.79},{"$f":"TRUNC(E47*J47,2)","v":1807.79}]
[null,"1.5.2.","NIPLE PVC BR 2\"","und",1,"SBC",5719,{"$f":"TRUNC((1-$L$7)*(VLOOKUP(G48,'OUTROS BANCOS'!$E$2:$G$71,3,FALSE)),2)","v":29.65},29.65,{"$f":"H48*(1+$L$5)","v":33.36},33.36]
[null,"1.5.3.","UNIÃO PVC BR 2\"","und",5,"SEINFRA","I2241",{"$f":"TRUNC((1-$L$7)*(VLOOKUP(G49,'OUTROS BANCOS'!$E$2:$G$71,3,FALSE)),2)","v":80.97},404.85,91.09,455.45]
[null,"1.5.4.","ADAPTADOR COMPRESSÃO X ROSCA MACHO 2\"","und",2,"EMBASA","M080800108",{"$f":"TRUNC((1-$L$7)*(VLOOKUP(G50,'OUTROS BANCOS'!$E$2:$G$71,3,FALSE)),2)","v":45.39},90.78,51.06,102.12]
[null,"1.5.5.","TUBO PEMD 2\" PN6","m",15,"COT","COT07",{"$f":"TRUNC((1-$L$7)*('COT07'!L37),2)","v":17.36},260.39999999999998,19.53,292.95]
[null,"1.5.6.","BUCHA DE REDUÇÃO 3X2\"","und",1,"SBC",8784,{"$f":"TRUNC((1-$L$7)*(VLOOKUP(G52,'OUTROS BANCOS'!$E$2:$G$71,3,FALSE)),2)","v":86.48},86.48,97.29,97.29]
[null,"1.5.7.","UNIÃO PVC BR 3\"","und",1,"SEINFRA","I2242",{"$f":"TRUNC((1-$L$7)*(VLOOKUP(G53,'OUTROS BANCOS'!$E$2:$G$71,3,FALSE)),2)","v":210.87},210.87,237.23,237.23]
[null,"1.5.8.","ADAPTADOR BSXRM 75 mm x 3\"","und",5,"ORSE",14059,{"$f":"TRUNC((1-$L$7)*(VLOOKUP(G54,'OUTROS BANCOS'!$E$2:$G$71,3,FALSE)),2)","v":7.82},39.1,8.8000000000000007,44]
[null,"1.5.9.","TUBO IRRIG. PB DN75 PN80","m",12,"ORSE",9502,{"$f":"TRUNC((1-$L$7)*(VLOOKUP(G55,'OUTROS BANCOS'!$E$2:$G$71,3,FALSE)),2)","v":37.270000000000003},447.24,41.93,503.16]
[null,"1.5.10.","TÊ 75 mm","und",2,"ORSE",2115,{"$f":"TRUNC((1-$L$7)*(VLOOKUP(G56,'OUTROS BANCOS'!$E$2:$G$71,3,FALSE)),2)","v":53.04},106.08,59.67,119.34]
[null,"1.5.11.","REDUÇÃO 75 mm x 50 mm","und",4,"SEINFRA","I3138",{"$f":"TRUNC((1-$L$7)*(VLOOKUP(G57,'OUTROS BANCOS'!$E$2:$G$73,3,FALSE)),2)","v":41.67},166.68,46.88,187.52]
[null,"1.5.12.","CURVA PVC 90º PB 50 mm","und",4,"SBC",5385,{"$f":"TRUNC((1-$L$7)*(VLOOKUP(G58,'OUTROS BANCOS'!$E$2:$G$71,3,FALSE)),2)","v":13.12},52.48,14.76,59.04]
[null,"1.5.13.","CURVA PVC 90° PB 75 MM","und",6,"SBC",5387,{"$f":"TRUNC((1-$L$7)*(VLOOKUP(G59,'OUTROS BANCOS'!$E$2:$G$71,3,FALSE)),2)","v":92.49},554.94000000000005,104.05,624.29999999999995]
[null,"1.5.14.","ADAPTADOR BSXRM 50 mm x 2\"","und",4,"ORSE",14060,{"$f":"TRUNC((1-$L$7)*(VLOOKUP(G60,'OUTROS BANCOS'!$E$2:$G$71,3,FALSE)),2)","v":3.89},15.56,4.38,17.52]
[null,"1.5.15.","FILTRO DE DISCO 3\" - 25M³/H","und",1,"COT","COT08",{"$f":"TRUNC((1-$L$7)*('COT08'!L37),2)","v":818.8},818.8,921.15,921.15]
[null,"1.5.16.","VÁLVULA DE RETENÇÃO 3\"","und",1,"COT","COT18",{"$f":"TRUNC((1-$L$7)*('COT18'!$L$37),2)","v":484.84},484.84,545.45000000000005,545.45000000000005]
[null,"1.5.17.","TÊ 75 x 50 mm","und",4,"SEINFRA","I3145",{"$f":"TRUNC((1-$L$7)*(VLOOKUP(G63,'OUTROS BANCOS'!$E$2:$G$71,3,FALSE)),2)","v":71.11},284.44,80,320]
[null,"1.5.18.","REGISTRO DE ESFERA 50 mm","und",4,"SINAPI",11677,{"$f":"TRUNC((1-$L$7)*(VLOOKUP(G64,'INSUMO SINAPI'!$A$4:$E$4854,5,FALSE)),2)","v":38.869999999999997},155.47999999999999,43.73,174.92]
[null,"1.5.19.","LUVA PVC BR 2\"","und",1,"EMOP",2352,{"$f":"TRUNC((1-$L$7)*(VLOOKUP(G65,'OUTROS BANCOS'!$E$2:$G$74,3,FALSE)),2)","v":23.35},23.35,26.27,26.27]
[null,"1.5.20.","VÁLVULA VENTOSA BR 2\"","und",1,"COT","COT12",{"$f":"TRUNC((1-$L$7)*('COT12'!L37),2)","v":255.97},255.97,287.97000000000003,287.97000000000003]
[null,"1.6.","Materias de Consumo ",{"$nulls":7},{"$f":"SUM(K68:K71)","v":390.56}]
[null,"1.6.1.","ADESIVO PLÁSTICO 850G","und",4,"ORSE",14079,{"$f":"TRUNC((1-$L$7)*(VLOOKUP(G68,'OUTROS BANCOS'!$E$2:$G$71,3,FALSE)),2)","v":54.28},217.12,{"$f":"H68*(1+$L$5)","v":61.07},{"$f":"TRUNC(E68*J68,2)","v":244.28}]
[null,"1.6.2.","FITA VEDA ROSCA 18MM X 50 M","und",2,"SINAPI",3148,{"$f":"TRUNC((1-$L$7)*(VLOOKUP(G69,'INSUMO SINAPI'!$A$4:$E$4854,5,FALSE)),2)","v":8.98},17.96,{"$f":"H69*(1+$L$5)","v":10.1},{"$f":"TRUNC(E69*J69,2)","v":20.2}]
[null,"1.6.3.","FITA ISOLANTE 18MM X 20M","und",2,"SBC",36795,{"$f":"TRUNC((1-$L$7)*(VLOOKUP(G70,'OUTROS BANCOS'!$E$2:$G$71,3,FALSE)),2)","v":0.92},1.84,1.04,{"$f":"TRUNC(E70*J70,2)","v":2.08}]
[null,"1.6.4.","FOLHA DE LIXA N100 ","und",100,"AGETOP CIVIL",1674,{"$f":"TRUNC((1-$L$7)*(VLOOKUP(G71,'OUTROS BANCOS'!$E$2:$G$71,3,FALSE)),2)","v":1.1000000000000001},110,1.24,{"$f":"TRUNC(E71*J71,2)","v":124}]
[null,"1.7.","Elaboração do Layout do Sistema Hidráulico",{"$nulls":7},{"$f":"SUM(K73:K74)","v":1187.32}]
[null,"1.7.1.","Mão-de-obra de Projetista Cadista Pleno - Projeto e Consultoria, inclusive Encargos Sociais","h",4,"EMOP",10984,{"$f":"TRUNC((1-$L$7)*(VLOOKUP(G73,'OUTROS BANCOS'!$E$2:$G$71,3,FALSE)),2)","v":69.27},277.08,{"$f":"H73*(1+$L$4)","v":86.56},{"$f":"TRUNC(E73*J73,2)","v":346.24}]
[null,"1.7.2.","Mão-de-obra de Engenheiro Pleno, inclusive com encargos sociais","h",4,"EMOP",14610,{"$f":"TRUNC((1-$L$7)*(VLOOKUP(G74,'OUTROS BANCOS'!$E$2:$G$71,3,FALSE)),2)","v":168.27},673.08,{"$f":"H74*(1+$L$4)","v":210.27},{"$f":"TRUNC(E74*J74,2)","v":841.08}]
[null,"1.8.","Montagem do Sistema Hidráulico",{"$nulls":7},{"$f":"SUM(K76:K77)","v":2103.48}]
[null,"1.8.1.","Encanador ou bombeiro hidráulico com encargos complementares (01 encanador ou bombeiro hidráulico em jornada de trabalho de 8 h por dia)","h",36,"AGESUL",4005,{"$f":"TRUNC((1-$L$7)*(VLOOKUP(G76,'OUTROS BANCOS'!$E$2:$G$71,3,FALSE)),2)","v":25.61},921.96,{"$f":"H76*(1+$L$4)","v":32},{"$f":"TRUNC(E76*J76,2)","v":1152}]
[null,"1.8.2.","Auxiliar de encanador ou bombeiro hidráulico com encargos complementares (02 auxiliares de encanador ou bombeiro hidráulico em jornada de trabalho de 8 h por dia)","h",36,"AGESUL",4052,{"$f":"TRUNC((1-$L$7)*(VLOOKUP(G77,'OUTROS BANCOS'!$E$2:$G$71,3,FALSE)),2)","v":21.15},761.4,{"$f":"H77*(1+$L$4)","v":26.43},{"$f":"TRUNC(E77*J77,2)","v":951.48}]
[null,"1.9","Preparo mecanizado do solo",{"$nulls":7},{"$f":"K79","v":861.98}]
[null,"1.9.1","ARACÃO DO SOLO A 20CM DE PROFUNDIDADE COM TRATOR DE PNEUS E ARADO DE DISCO ","ha",2,"EMOP","22.016.0025-A",{"$f":"TRUNC((1-$L$7)*(VLOOKUP(G79,'OUTROS BANCOS'!$E$2:$G$71,3,FALSE)),2)","v":344.9},689.8,{"$f":"H79*(1+$L$4)","v":430.99},{"$f":"TRUNC(E79*J79,2)","v":861.98}]
[null,2,"Sistema Elétrico",{"$nulls":7},{"$f":"SUM(K81,K92,K135,K120,K128,K139)","v":7962.55}]
[null,"2.1","Rede de Distribuição - Fonte até o Quadro de Comando",{"$nulls":7},{"$f":"SUM(K82:K91)","v":3172.99}]
[null,"2.1.1","Poste de madeira eucalipto preservado, diâmetro de 20cm, 7 metros","Unidade",5,"SBC",46336,{"$f":"TRUNC((1-$L$7)*(VLOOKUP(G82,'OUTROS BANCOS'!$E$2:$G$71,3,FALSE)),2)","v":87.46},{"$f":"H82*E82","v":437.3},{"$f":"H82*(1+$L$5)","v":98.39},{"$f":"TRUNC(E82*J82,2)","v":491.95}]
[null,"2.1.2","Isolador Porcelana Tipo Roldana 80x80 mm p/ 2 cabos, marrom","Unidade",5,"IOPES",48342,{"$f":"TRUNC((1-$L$7)*(VLOOKUP(G83,'OUTROS BANCOS'!$E$2:$G$71,3,FALSE)),2)","v":10.07},50.35,{"$f":"H83*(1+$L$5)","v":11.33},56.65]
[null,"2.1.3","Suporte Isolador c/ Roldana p/ aparafusar c/ chapa","Unidade",5,"SETOP"," MATED-12988",{"$f":"TRUNC((1-$L$7)*(VLOOKUP(G84,'OUTROS BANCOS'!$E$2:$G$71,3,FALSE)),2)","v":16.72},83.6,18.809999999999999,94.05]
[null,"2.1.4","Cinta aço galvanizado, de 240mm","Unidade",5,"SCO","MAT033900",{"$f":"TRUNC((1-$L$7)*(VLOOKUP(G85,'OUTROS BANCOS'!$E$2:$G$72,3,FALSE)),2)","v":50.13},250.65,56.4,282]
[null,"2.1.5","Alça preformada para islador roldana, seção conforme condutores instalados","Unidade",5,"COT","COT13",{"$f":"TRUNC((1-$L$7)*('COT13'!L37),2)","v":8.9},44.5,10.01,50.05]
[null,"2.1.6","Cabo de cobre isolado HEPR (XLPE), 10mm², 1kv / 90º C (cor conforme a aplicação) apropriado para redes aéreas","Metro",200,"COT","COT14",{"$f":"TRUNC((1-$L$7)*('COT14'!L37),2)","v":9.0500000000000007},1810,10.18,2036]
[null,"2.1.7","Cabeçote p/ Eletroduto de 1.1/4\"","Unidade",1,"SINAPI",1099,{"$f":"TRUNC((1-$L$7)*(VLOOKUP(G88,'INSUMO SINAPI'!$A$4:$E$4854,5,FALSE)),2)","v":6.39},6.39,7.19,7.19]
[null,"2.1.8","Eletroduto em aço galvanizado 1.1/4\"","Unidade",1,"SCO","MAT050850",{"$f":"TRUNC((1-$L$7)*(VLOOKUP(G89,'OUTROS BANCOS'!$E$2:$G$71,3,FALSE)),2)","v":121.28},121.28,136.44,136.44]
[null,"2.1.9","Conector reto com arruela para eletroduto  1.1/4\"","Unidade",1,"SINAPI",2526,{"$f":"TRUNC((1-$L$7)*(VLOOKUP(G90,'INSUMO SINAPI'!$A$4:$E$4854,5,FALSE)),2)","v":5.05},5.05,5.68,5.68]
[null,"2.1.10","Curva 90º aço galvanizado 1.1/4\"","Unidade",1,"SINAPI",2618,{"$f":"TRUNC((1-$L$7)*(VLOOKUP(G91,'INSUMO SINAPI'!$A$4:$E$4854,5,FALSE)),2)","v":11.54},11.54,12.98,12.98]
[null,"2.2","Quadro de Comando",{"$nulls":7},{"$f":"SUM(K93:K119)","v":2007.65}]
[null,"2.2.1","Quadro elétrico metálico com placa de montagem, grau de proteção mínimo IP54, dimensões mínimas 400x300x200 mm","Unidade",1,"SBC",53375,{"$f":"TRUNC((1-$L$7)*(VLOOKUP(G93,'OUTROS BANCOS'!$E$2:$G$71,3,FALSE)),2)","v":326.83},326.83,367.68,{"$f":"TRUNC(E93*J93,2)","v":367.68}]
[null,"2.2.2","Canaleta para quadro 30 x 50 mm, fabricada em PVC, tipo semi-aberta.","Metro",0.4,"SETOP","MATED-17646",{"$f":"TRUNC((1-$L$7)*(VLOOKUP(G94,'OUTROS BANCOS'!$E$2:$G$71,3,FALSE)),2)","v":14.14},5.66,15.91,6.36]
[null,"2.2.3","Canaleta para quadro 50 x 50 mm, fabricada em PVC, tipo semi-aberta.","Metro",0.3,"SETOP","MATED-17647",{"$f":"TRUNC((1-$L$7)*(VLOOKUP(G95,'OUTROS BANCOS'!$E$2:$G$71,3,FALSE)),2)","v":18.93},5.68,21.3,6.39]
[null,"2.2.4","Trilho DIN 35 mm","Metro",0.4,"SEINFRA","I7410",{"$f":"TRUNC((1-$L$7)*(VLOOKUP(G96,'OUTROS BANCOS'!$E$2:$G$71,3,FALSE)),2)","v":10.63},4.25,11.96,4.78]
[null,"2.2.5","Conector (terminal isolado) para barramento isolado, conexão reta ou lateral, até 25 mm²","Unidade",2,"COT","COT19",{"$f":"TRUNC((1-$L$7)*('COT19'!L37),2)","v":7.57},15.14,8.52,17.04]
[null,"2.2.6","Barramento monofásico isolado (barramento pente), horizontal, fabricado em cobre, até 63 A, acompanhado de tampas finais, 8 polos","Unidade",1,"SBC",10562,{"$f":"TRUNC((1-$L$7)*(VLOOKUP(G98,'OUTROS BANCOS'!$E$2:$G$71,3,FALSE)),2)","v":20.29},20.29,22.83,22.83]
[null,"2.2.7","Interruptor diferencial residual bipolar de 25A, corrente residual de 30 mA, tensão de operação conforme aplicação, corrente de curto circuito de 3 kA","Unidade",1,"SINAPI",39445,{"$f":"TRUNC((1-$L$7)*(VLOOKUP(G99,'INSUMO SINAPI'!$A$4:$E$4854,5,FALSE)),2)","v":153.12},153.12,172.26,172.26]
[null,"2.2.8","Dispositivo de Proteção Contra Surtos Classe II, 20 kA (Imáx), tensão de operação compatível com a aplicação, nível de proeção (Up) 1,4 kV ","Unidade",2,"SINAPI",39469,{"$f":"TRUNC((1-$L$7)*(VLOOKUP(G100,'INSUMO SINAPI'!$A$4:$E$4854,5,FALSE)),2)","v":77.53},155.06,87.22,174.44]
[null,"2.2.9","Disjuntor monopolar para trilho DIN (mini disjuntor) para correntes de 25A, curva C, 60 Hz, capacidade de interrupção em curto-circuito 3 kA ou superior","Unidade",1,"SINAPI",34653,{"$f":"TRUNC((1-$L$7)*(VLOOKUP(G101,'INSUMO SINAPI'!$A$4:$E$4854,5,FALSE)),2)","v":9.94},9.94,11.18,11.18]
[null,"2.2.10","Disjuntor monopolar para trilho DIN (mini disjuntor) para correntes de 20A, curva C, 60 Hz, capacidade de interrupção em curto-circuito 3 kA ou superior","Unidade",1,"SINAPI",34653,{"$f":"TRUNC((1-$L$7)*(VLOOKUP(G102,'INSUMO SINAPI'!$A$4:$E$4854,5,FALSE)),2)","v":9.94},9.94,11.18,11.18]
[null,"2.2.11","Disjuntor monopolar para trilho DIN (mini disjuntor) para correntes de 2A, curva C, 60 Hz, capacidade de interrupção em curto-circuito 3 kA ou superior","Unidade",1,"IOPES",44951,{"$f":"TRUNC((1-$L$7)*(VLOOKUP(G103,'OUTROS BANCOS'!$E$2:$G$71,3,FALSE)),2)","v":28.81},28.81,32.409999999999997,32.409999999999997]
[null,"2.2.12","Minicontator, com capacidade de corrente até 25A (em regime AC-3), contato auxiliar integrado e bobina em corrente alternada (tensão conforme a aplicação)","Unidade",1,"SINAPI",1619,{"$f":"TRUNC((1-$L$7)*(VLOOKUP(G104,'INSUMO SINAPI'!$A$4:$E$4854,5,FALSE)),2)","v":225.63},225.63,253.83,253.83]
[null,"2.2.13","Relé de sobrecarga para minicontator ajustável até 25A, conforme aplicação, com montagem direta nos contatores","Unidade",1,"EMBASA","M103900330",{"$f":"TRUNC((1-$L$7)*(VLOOKUP(G105,'OUTROS BANCOS'!$E$2:$G$71,3,FALSE)),2)","v":199.16},199.16,224.06,224.06]
[null,"2.2.14","Relé eletrônico/digital monitor de tensão monofásico, com funcionalidade de subtensão e sobretensão, ajustes através de trimpot no relé, LED indicativo de funcionamento, tensão conforme aplicação, 60 Hz, com 1 contato reversível","Unidade",1,"COT","COT15",{"$f":"TRUNC((1-$L$7)*('COT15'!L37),2)","v":178.02},178.02,200.27,200.27]
[null,"2.2.15","Relé temporizador, alimentação 220V, 1 saída a relé, com função de pulso na energização, ajustável de 1 segundo a 100 horas, ajuste por trimpots no relé","Unidade",1,"COT","COT20",{"$f":"TRUNC((1-$L$7)*('COT20'!L37),2)","v":176.75},176.75,198.84,198.84]
[null,"2.2.16","Barramento de neutro, na cor azul, para fixação em trilho DIN, fabricado em cobre, com furos e parafusos para fixação, ao menos um furo para o alimentador (até 25 mm²), pré isolado, 10 furos.","Unidade",1,"COT","COT21",{"$f":"TRUNC((1-$L$7)*('COT21'!L37),2)","v":41.21},41.21,46.36,46.36]
[null,"2.2.17","Barramento de terra, na cor verde, para fixação em trilho DIN, fabricado em cobre, com furos e parafusos para fixação, ao menos um furo para o alimentador (até 25 mm²), pré isolado, 10 furos.","Unidade",1,"COT","COT22",{"$f":"TRUNC((1-$L$7)*('COT22'!L37),2)","v":39.93},39.93,44.92,44.92]
[null,"2.2.18","Botão de emergência tipo cogumelo, com trava e retorno com mola, para furos 22mm, 1 NF, tensão conforme aplicação, vermelho","Unidade",1,"CPOS","P.13.000.042461",{"$f":"TRUNC((1-$L$7)*(VLOOKUP(G110,'OUTROS BANCOS'!$E$2:$G$71,3,FALSE)),2)","v":34.700000000000003},34.700000000000003,39.04,39.04]
[null,"2.2.19","Chave seletora de 3 posições para furos 22mm, 2 NA, completa, tensão conforme aplicação","Unidade",1,"SETOP","MATED-19494",{"$f":"TRUNC((1-$L$7)*(VLOOKUP(G111,'OUTROS BANCOS'!$E$2:$G$71,3,FALSE)),2)","v":16.920000000000002},16.920000000000002,19.04,19.04]
[null,"2.2.20","Sinalizador luminoso para furos de 22 mm, iluminação LED, vermelho, tensão conforme aplicação","Unidade",1,"ORSE",12379,{"$f":"TRUNC((1-$L$7)*(VLOOKUP(G112,'OUTROS BANCOS'!$E$2:$G$71,3,FALSE)),2)","v":16.7},16.7,18.79,18.79]
[null,"2.2.21","Policarbonato compacto, incolor (transparente/cristal), livre de rebarbas, espessura mínima de 3 mm","Metro²",0.24,"SBC",28100,{"$f":"TRUNC((1-$L$7)*(VLOOKUP(G113,'OUTROS BANCOS'!$E$2:$G$71,3,FALSE)),2)","v":146.28},35.11,164.57,39.49]
[null,"2.2.22","Barra roscada 1/4\", acabamento zincado","Metro",1,"ORSE",7551,{"$f":"TRUNC((1-$L$7)*(VLOOKUP(G114,'OUTROS BANCOS'!$E$2:$G$71,3,FALSE)),2)","v":4.37},4.37,4.92,4.92]
[null,"2.2.23","Porca sextavada zincada, 1/4\"","Unidade",8,"SINAPI",39997,{"$f":"TRUNC((1-$L$7)*(VLOOKUP(G115,'INSUMO SINAPI'!$A$4:$E$4854,5,FALSE)),2)","v":0.28999999999999998},2.3199999999999998,0.33,2.64]
[null,"2.2.24","Arruela zincada, 1/4\"","Unidade",8,"ORSE",8347,{"$f":"TRUNC((1-$L$7)*(VLOOKUP(G116,'OUTROS BANCOS'!$E$2:$G$71,3,FALSE)),2)","v":0.04},0.32,0.05,0.4]
[null,"2.2.25","Placa de identificação (plaqueta de identificação) fabricada em ABS ou acrílico para painéis elétricos  (30 X 15 mm), fixação por adesivo, resistente ao tempo (Escrita Personalizada)","Unidade",10,"COT","COT16",{"$f":"TRUNC((1-$L$7)*('COT16'!$L$37),2)","v":7.47},74.7,8.4,84]
[null,"2.2.26","Terminal a compressão, tipo pino ou garfo, 2,5 mm³","Unidade",30,"SEINFRA","I10080",{"$f":"TRUNC((1-$L$7)*(VLOOKUP(G118,'OUTROS BANCOS'!$E$2:$G$71,3,FALSE)),2)","v":0.12},3.6,0.14000000000000001,4.2]
[null,"2.2.27","Abraçadeira de nylon 2,5x100 mm, para organização cabos elétricos","Unidade",10,"SINAPI",414,{"$f":"TRUNC((1-$L$7)*(VLOOKUP(G119,'INSUMO SINAPI'!$A$4:$E$4854,5,FALSE)),2)","v":0.03},0.3,0.03,0.3]
[null,"2.3","Sistema de Aterramento",{"$nulls":7},{"$f":"SUM(K121:K127)","v":1293.74}]
[null,"2.3.1","Cordoalha em cobre nu, 50 mm²","Metro",16,"SINAPI",867,{"$f":"TRUNC((1-$L$7)*(VLOOKUP(G121,'INSUMO SINAPI'!$A$4:$E$4854,5,FALSE)),2)","v":60.92},974.72,68.540000000000006,{"$f":"TRUNC(E121*J121,2)","v":1096.6400000000001}]
[null,"2.3.2","Conector à compressão para aterramento (CABO-CABO)","Unidade",2,"SEDOP","E00189",{"$f":"TRUNC((1-$L$7)*(VLOOKUP(G122,'OUTROS BANCOS'!$E$2:$G$71,3,FALSE)),2)","v":57.61},115.22,64.81,129.62]
[null,"2.3.3","Curva longa 90º Galvanizada a fogo, 1\"","Unidade",1,"SINAPI",2617,{"$f":"TRUNC((1-$L$7)*(VLOOKUP(G123,'INSUMO SINAPI'!$A$4:$E$4854,5,FALSE)),2)","v":5.0599999999999996},5.0599999999999996,5.69,5.69]
[null,"2.3.4","Eletroduto Galvanizado a Fogo, 1\"","Metro",1.5,"SETOP","MATED-12288",{"$f":"TRUNC((1-$L$7)*(VLOOKUP(G124,'OUTROS BANCOS'!$E$2:$G$71,3,FALSE)),2)","v":6.9},10.35,7.76,11.64]
[null,"2.3.5","Abraçadeira tipo D, 1\" e cunha de fixação","Unidade",1,"SINAPI",393,{"$f":"TRUNC((1-$L$7)*(VLOOKUP(G125,'INSUMO SINAPI'!$A$4:$E$4854,5,FALSE)),2)","v":1.95},1.95,2.19,2.19]
[null,"2.3.6","Conector reto com arruela para eletroduto 1\"","Unidade",1,"SINAPI",2483,{"$f":"TRUNC((1-$L$7)*(VLOOKUP(G126,'INSUMO SINAPI'!$A$4:$E$4854,5,FALSE)),2)","v":3.59},3.59,4.04,4.04]
[null,"2.3.7","Caixa de inspeção para ateramento","Unidade",1,"SINAPI",41480,{"$f":"TRUNC((1-$L$7)*(VLOOKUP(G127,'INSUMO SINAPI'!$A$4:$E$4854,5,FALSE)),2)","v":39.04},39.04,43.92,43.92]
[null,"2.4","Alimentação do Motor",{"$nulls":7},{"$f":"SUM(K129:K134)","v":273.51}]
[null,"2.4.1","Cabo de cobre flexível, classe 4 ou 5, isolação em PVC/A, antichama BWF-B, 1 condutor, 450/750V seção de 4 mm² (cor preta, azul ou verde)","Metro",30,"SINAPI",981,{"$f":"TRUNC((1-$L$7)*(VLOOKUP(G129,'INSUMO SINAPI'!$A$4:$E$4854,5,FALSE)),2)","v":4.28},128.4,{"$f":"H129*(1+$L$5)","v":4.82},{"$f":"TRUNC(E129*J129,2)","v":144.6}]
[null,"2.4.2","Terminal a compressão, tipo pino, 4 mm²","Unidade",3,"SINAPI",1571,{"$f":"TRUNC((1-$L$7)*(VLOOKUP(G130,'INSUMO SINAPI'!$A$4:$E$4854,5,FALSE)),2)","v":1.31},3.93,1.47,4.41]
[null,"2.4.3","Eletroduto corrugado tipo PEAD, 3/4","Metro",10,"SINAPI",39244,{"$f":"TRUNC((1-$L$7)*(VLOOKUP(G131,'INSUMO SINAPI'!$A$4:$E$4854,5,FALSE)),2)","v":4.59},45.9,5.16,51.6]
[null,"2.4.4","Caixa de passagem em concreto 30X30X40 cm","Unidade",1,"SINAPI",43429,{"$f":"TRUNC((1-$L$7)*(VLOOKUP(G132,'INSUMO SINAPI'!$A$4:$E$4854,5,FALSE)),2)","v":61.05},61.05,68.680000000000007,68.680000000000007]
[null,"2.4.5","Conector reto com arruela para eletroduto 3/4\"","Unidade",1,"SINAPI",2488,{"$f":"TRUNC((1-$L$7)*(VLOOKUP(G133,'INSUMO SINAPI'!$A$4:$E$4854,5,FALSE)),2)","v":2.0099999999999998},2.0099999999999998,2.2599999999999998,2.2599999999999998]
[null,"2.4.6","Abraçadeira tipo D, 3/4\" e cunha de fixação","Unidade",1,"SINAPI",39128,{"$f":"TRUNC((1-$L$7)*(VLOOKUP(G134,'INSUMO SINAPI'!$A$4:$E$4854,5,FALSE)),2)","v":1.74},1.74,1.96,1.96]
[null,"2.5","Montagem do Sistema Elétrico",{"$nulls":7},{"$f":"SUM(K136:K138)","v":919.08}]
[null,"2.5.1","Eletrotécnico (horista), INCLUSIDE ENCARGOS SOCIAIS","h",8,"EMOP",1916,{"$f":"TRUNC((1-$L$7)*(VLOOKUP(G136,'OUTROS BANCOS'!$E$2:$G$71,3,FALSE)),2)","v":32.07},256.56,{"$f":"H136*(1+$L$4)","v":40.07},{"$f":"TRUNC(E136*J136,2)","v":320.56}]
[null,"2.5.2","Auxiliar de Eletricista com encargos complementares","h",16,"AGESUL",88247,{"$f":"TRUNC((1-$L$7)*(VLOOKUP(G137,'OUTROS BANCOS'!$E$2:$G$71,3,FALSE)),2)","v":21.92},350.72,{"$f":"H137*(1+$L$4)","v":27.39},{"$f":"TRUNC(E137*J137,2)","v":438.24}]
[null,"2.5.3","Comissionamento - Eletrotécnico, INCLUSIVE ENCARGOS SOCIAIS","h",4,"EMOP",1916,{"$f":"TRUNC((1-$L$7)*(VLOOKUP(G138,'OUTROS BANCOS'!$E$2:$G$71,3,FALSE)),2)","v":32.07},128.28,40.07,{"$f":"TRUNC(E138*J138,2)","v":160.28}]
[null,"2.6","Emissão de ART",{"$nulls":7},{"$f":"K140","v":295.58}]
[null,"2.6.1","Emissão de ART","um",1,"PRÓPRIA","CPU1",{"$f":"TRUNC((1-$L$7)*('CPU1'!J7),2)","v":262.74},262.74,{"$f":"H140*(1+$L$5)","v":295.58},{"$f":"TRUNC(E140*J140,2)","v":295.58}]
[null,"TOTAL",{"$nulls":8},{"$f":"SUM(K80,K12)","v":41299.99}]
[{"$nulls":10},41597.120000000003]

{"sheet":"CPU1","index":5,"n_rows":8,"n_cols":11,"rows_kept":8,"cut":false,"hidden":false,"merged":[[6,0,6,7],[7,0,7,10],[0,0,0,10],[1,2,1,10],[2,0,2,10],[3,1,3,6],[4,0,4,10],[5,0,5,7]]}
[]
["Processo","59500.003753/2025-45"]
[]
["ITEM:","EMISSÃO ART",{"$nulls":5},"UNIDADE DE MEDIDA:","UM","QUANTIDADE:",1]
["LICITAÇÕES ANTERIORES"]
["Empresa",{"$nulls":7},"Data","Preço Unitário","Utilizar? (Sim/Não)"]
["EMISSÃO DE ART",{"$nulls":7},"2025-03-02",285.58999999999997,"SIM"]
[{"$f":"IF(ISBLANK(D8),\"\",IF(ISNUMBER(G8),(H8-G8)/G8,0))","v":""}]

{"sheet":"ORIENTAÇÕES E ADVERTÊNCIAS","index":6,"n_rows":27,"n_cols":4,"rows_kept":27,"cut":false,"hidden":true,"merged":[]}
["A Norma N-440 estabelece critérios objetivos para pesquisa e análise crítica de preços de referência para aquisição de bens e contratação de serviços em geral."]
[]
["Esta planilha possui caráter unicamente sugestivo e foi elaborada visando melhorar a transparência dos processos de pesquisa de preços efetivados no âmbito da Codevasf, em suporte à aplicação da Norma N-440."]
[]
["O uso desta planilha é responsabilidade exclusiva do(a) analista que efetuar a pesquisa de preços, que deve conferir os dados inseridos e cálculos realizados para a obtenção do preço estimado."]
[]
["A N-440 apresenta os parâmetros para a aplicação de metodologia(s) de exclusão de preços inexequíveis, inconsistentes ou excessivamente elevados."]
[]
["Etapas de preenchimento da planilha e orientações:"]
["Etapa","Células Referenciadas","Descrição","Coluna1"]
[1,"C2 a C5","Insira as informações de processo, responsável e data referentes à pesquisa de preços."]
[2,"C7","Insira a descrição do item submetido à pesquisa de preços."]
[3,"J7","Insira a unidade de medida do item (unidade, comprimento, volume, etc)."]
[4,"L7","Insira a quantidade pesquisada para contratação."]
[5,"B10 a F16","Insira as informações pertinentes às licitações e contratações realizadas pela Administração Pública, se houver."]
[6,"G10 a I16","Informe o índice de atualização de preços, se for o caso, e a variação acumulada."]
[7,"B19 a K29","Insira as informações obtidas em pesquisa direta de mercado (cotações), se houver."]
[8,"O35","O(a) analista deve avaliar se aplicará a metodologia e o preço estimado sugeridos automaticamente (Outliers) ou se modificará a metodologia manualmente na lista suspensa existente na célula O35."]
[9,"P10 a P29","Caso o(a) analista selecione a opção de metodologia de exclusão de preços \"Por critério do(a) analista\", deverá selecionar no botão lateral ou preencher manualmente com \"Sim\" ou \"Não\", nas células P10 a P29, quais preços serão utilizados no cálculo do preço estimado."]
[10,"L32","Automaticamente, a célula L32 informa qual foi a metodologia de exclusão de preços adotada pelo(a) analista."]
[11,"L37","Automaticamente, a célula L37 informa o preço estimado calculado com base nas informações e seleções efetivadas pelo(a) analista."]
[12,"N7 a P35","Contém a Tabela Auxiliar pertinente às metodologias de exclusão de preços inexequíveis, inconsistentes ou excessivamente elevados. Apenas as células P10 a P29 são passíveis de preenchimento e se aplicam caso seja selecionada a metodologia de exclusão de preços \"Por critério do(a) analista\"."]
[13,"L35","Cabe ao analista selecionar no botão escolhendo a média ou mediana conforme melhor cenário para sua composição de preços de referência."]
[14,null,"Caso haja a necessidade de inserção de mais linhas nos campos de informações de licitações/contratações realizadas pela Administração Pública e pesquisa direta de mercado (cotações), deve-se observar que as células: J10:J16 (Variação acumulada do índice (%)); K10:K16 (Preço unitário atualizado); L10:L16, L19:L29 (Utilizar?  (Sim/Não)); O10:O16, O19:O29 (Outliers), estão automatizas com fórmulas e portanto o (a) analista deve copiar as mesmas fórmulas para as novas linhas inseridas."]
[15,null,"Replique as etapas acima em planilhas/abas individuais para cada item pesquisado. Para isso, crie cópia(s) das planilhas/abas pré-existentes."]
[]
["Existem células bloqueadas na planilha, caso apresentem divergências contate a AG/GCT."]

{"sheet":"OUTROS BANCOS","index":7,"n_rows":74,"n_cols":11,"rows_kept":74,"cut":false,"hidden":true,"merged":[[42,7,42,9],[49,7,49,12],[55,7,55,9]]}
[null,null,"ITEM","PESQUISA DE PREÇOS\n(SIST. REF. / COT)","CÓDIGO","DATA","PREÇO",null,null,"BANCO","DATA"]
[null,null,1,"ORSE",9550,"2025-11-01",0.96,null,null,"ORSE","2025-11-01"]
[null,null,2,"SEINFRA","I9557","2025-09-01",0.87,null,null,"SEINFRA","27/28"]
[null,null,3,"EMBASA","M019000003","2025-06-01",0.77,null,null,"EMBASA","2025-06-01"]
[null,null,4,"SEINFRA","I9775","2025-09-01",1.01,null,null,"SCO","2025-12-01"]
[null,null,5,"ORSE",8369,"2025-11-01",13.88,null,null,"SBC","2026-01-01"]
[null,null,7,"ORSE",14068,"2025-11-01",9.74,null,null,"EMOP","2025-12-01"]
[null,null,8,"SCO","MAT118400","2025-12-01",11.1,null,null,"AGETOP CIVIL","2025-10-01"]
[null,null,9,"SBC",5385,"2026-01-01",14.27,null,null,"AGESUL","2025-06-01"]
[null,null,10,"ORSE",2113,"2025-11-01",9.68,null,null,"IOPES","2025-08-01"]
[null,null,11,"ORSE",14060,"2025-11-01",4.2300000000000004,null,null,"SETOP","2025-10-01"]
[null,null,12,"SBC",5708,"2026-01-01",32.9,null,null,"CAEMA"]
[null,null,13,"EMOP",7153,"2025-12-01",25.63,null,null,"CPOS","2026-01-01"]
[null,null,14,"ORSE",2115,"2025-11-01",57.66,null,null,"SEDOP","2025-10-01"]
[null,null,15,"SBC",5719,"2026-01-01",32.229999999999997]
[null,null,16,"EMBASA","M080800108","2025-06-01",49.34]
[null,null,17,"SBC",8784,"2026-01-01",94]
[null,null,18,"EMBASA","M021519005","2025-06-01",6.75]
[null,null,19,"ORSE",14059,"2025-11-01",8.5]
[null,null,20,"ORSE",9502,"2025-11-01",40.520000000000003]
[null,null,21,"SBC",5387,"2026-01-01",100.54]
[null,null,22,"ORSE",2604,"2025-11-01",109.45]
[null,null,23,"EMOP",5102,"2025-12-01",54.85]
[null,null,25,"SBC",36795,"2026-01-01",1]
[null,null,26,"AGETOP CIVIL",1674,"2025-10-01",1.2]
[null,null,27,"EMOP",10984,"2025-12-01",75.3]
[null,null,28,"EMOP",14610,"2025-12-01",182.91]
[null,null,29,"AGESUL",4005,"2026-01-01",27.84]
[null,null,30,"AGESUL",4052,"2026-01-01",22.99]
[null,null,31,"SBC",46336,"2026-01-01",95.07]
[null,null,32,"IOPES",48342,"2025-12-01",10.95]
[null,null,33,"SETOP"," MATED-12988","2025-10-01",18.18]
[null,null,34,"ORSE",4628,"2025-11-01",55]
[null,null,35,"ORSE",3814,"2025-11-01",26.73]
[null,null,37,"SCO","MAT050850","2025-12-01",131.83000000000001]
[null,null,40,"SBC",53375,"2026-01-01",355.25]
[null,null,41,"SETOP","MATED-17646","2025-01-01",15.38]
[null,null,42,"SETOP","MATED-17647","2025-01-01",20.58]
[null,null,43,"SEINFRA","I7410","2025-09-01",11.56]
[null,null,44,"SBC",10562,"2026-01-01",22.06]
[null,null,48,"IOPES",44951,"2025-12-01",31.32]
[null,null,49,"AGETOP CIVIL",3756,"2025-10-01",262.72000000000003]
[null,null,50,"CAEMA","M101705141",null,308.45999999999998,"ANO 2019 (ITEM REPETIDO 73)"]
[null,null,51,"CPOS","P.13.000.042461","2026-01-01",37.72]
[null,null,52,"SETOP","MATED-19494","2025-10-01",18.399999999999999]
[null,null,53,"ORSE",12379,"2025-12-01",18.16]
[null,null,54,"SBC",28100,"2026-01-01",159]
[null,null,55,"ORSE",7551,"2025-12-01",4.76]
[null,null,57,"ORSE",8347,"2025-12-01",0.05]
[null,null,58,"SEINFRA","I1008","2025-09-01",60.13]
[null,null,61,"SEDOP","E00189","2025-10-01",62.63]
[null,null,62,"SINAPI",2617,"2025-09-01",{"$f":"VLOOKUP(E52,[3]INSUMO!A60:E5043,5,FALSE)","v":4.9400000000000004}]
[null,null,63,"SETOP","MATED-12288","2025-10-01",7.5]
[null,null,71,"EMOP",1916,"2025-12-01",34.86]
[null,null,72,"AGESUL",88247,"2026-01-01",23.83]
[null,null,73,"CAEMA","M101705141",null,308.45999999999998,"ANO 2019 (ITEM REPETIDO 50)"]
[null,null,74,"SEINFRA","I3145","2025-09-01",77.3]
[null,null,75,"SBC","046336","2026-01-01",95.07]
[null,null,76,"IOPES","48342","2025-12-01",10.95]
[null,null,77,"ORSE",4628,"2025-08-01",55]
[null,null,78,"SBC","53375","2026-01-01",355.25]
[null,null,79,"EMBASA","M103900330","2025-06-01",216.48]
[null,null,80,"ORSE",7551,"2025-12-01",4.7300000000000004]
[null,null,81,"ORSE",8347,"2025-12-01",0.05]
[null,null,82,"SEINFRA","I10080","2025-09-01",0.14000000000000001]
[null,null,83,"ORSE",1434,"2025-12-01",28.58]
[null,null,84,"SEINFRA","I2241","2025-09-01",88.02]
[null,null,85,"SEINFRA","I2242","2025-09-01",229.21]
[null,null,86,"ORSE",14079,"2025-12-01",59]
[null,null,87,"EMOP","22.016.0025-A","2025-12-01",374.9]
[null,null,88,"ORSE",9504,"2025-12-01",16.82]
[null,null,89,"SCO","MAT033900","2026-01-01",54.49]
[null,null,90,"SEINFRA","I3138","2025-09-01",45.3]
[null,null,91,"EMOP",2352,"2025-12-01",25.39]

{"sheet":"INSUMO SINAPI","index":8,"n_rows":4854,"n_cols":9,"rows_kept":4854,"cut":false,"hidden":true,"merged":[]}
[]
[{"$nulls":8},"AL"]
["Código do\nInsumo","Descrição do Insumo","Unidade","Origem de\nPreço","AL",null,null,"Localidade","MACEIO"]
[45333,"ABERTURA PARA ENCAIXE DE CUBA OU LAVATORIO EM BANCADA DE MARMORE/ GRANITO OU OUTRO TIPO DE PEDRA NATURAL","UN","CR",182.31,null,null,"Horista",1.1612]
[11270,"ABRACADEIRA DE LATAO PARA FIXACAO DE CABO PARA-RAIO, DIMENSOES 32 X 24 X 24 MM","UN","CR",2.73,null,null,"Mensalista",0.71250000000000002]
[412,"ABRACADEIRA DE NYLON PARA AMARRACAO DE CABOS, COMPRIMENTO DE *230* X *7,6* MM","UN","CR",0.77]
[414,"ABRACADEIRA DE NYLON PARA AMARRACAO DE CABOS, COMPRIMENTO DE 100 X 2,5 MM","UN","CR",0.04]
[410,"ABRACADEIRA DE NYLON PARA AMARRACAO DE CABOS, COMPRIMENTO DE 150 X *3,6* MM","UN","CR",0.11]
[411,"ABRACADEIRA DE NYLON PARA AMARRACAO DE CABOS, COMPRIMENTO DE 200 X *4,6* MM","UN","C",0.15]
[408,"ABRACADEIRA DE NYLON PARA AMARRACAO DE CABOS, COMPRIMENTO DE 390 X *4,6* MM","UN","CR",0.74]
[39131,"ABRACADEIRA EM ACO PARA AMARRACAO DE ELETRODUTOS, TIPO D, COM 1 1/2\" E CUNHA DE FIXACAO","UN","CR",3.62]
[394,"ABRACADEIRA EM ACO PARA AMARRACAO DE ELETRODUTOS, TIPO D, COM 1 1/2\" E PARAFUSO DE FIXACAO","UN","CR",3.67]
[39130,"ABRACADEIRA EM ACO PARA AMARRACAO DE ELETRODUTOS, TIPO D, COM 1 1/4\" E CUNHA DE FIXACAO","UN","CR",3.3]
[395,"ABRACADEIRA EM ACO PARA AMARRACAO DE ELETRODUTOS, TIPO D, COM 1 1/4\" E PARAFUSO DE FIXACAO","UN","CR",3.53]
[39129,"ABRACADEIRA EM ACO PARA AMARRACAO DE ELETRODUTOS, TIPO D, COM 1\" E CUNHA DE FIXACAO","UN","CR",2.0299999999999998]
[393,"ABRACADEIRA EM ACO PARA AMARRACAO DE ELETRODUTOS, TIPO D, COM 1\" E PARAFUSO DE FIXACAO","UN","C",2.13]
[39127,"ABRACADEIRA EM ACO PARA AMARRACAO DE ELETRODUTOS, TIPO D, COM 1/2\" E CUNHA DE FIXACAO","UN","CR",1.74]
[392,"ABRACADEIRA EM ACO PARA AMARRACAO DE ELETRODUTOS, TIPO D, COM 1/2\" E PARAFUSO DE FIXACAO","UN","CR",1.79]
[39133,"ABRACADEIRA EM ACO PARA AMARRACAO DE ELETRODUTOS, TIPO D, COM 2 1/2\" E CUNHA DE FIXACAO","UN","CR",4.75]
[397,"ABRACADEIRA EM ACO PARA AMARRACAO DE ELETRODUTOS, TIPO D, COM 2 1/2\" E PARAFUSO DE FIXACAO","UN","CR",5.25]
[39132,"ABRACADEIRA EM ACO PARA AMARRACAO DE ELETRODUTOS, TIPO D, COM 2\" E CUNHA DE FIXACAO","UN","CR",3.8]
[396,"ABRACADEIRA EM ACO PARA AMARRACAO DE ELETRODUTOS, TIPO D, COM 2\" E PARAFUSO DE FIXACAO","UN","CR",4.07]
[39135,"ABRACADEIRA EM ACO PARA AMARRACAO DE ELETRODUTOS, TIPO D, COM 3 1/2\" E CUNHA DE FIXACAO","UN","CR",7.61]
[39134,"ABRACADEIRA EM ACO PARA AMARRACAO DE ELETRODUTOS, TIPO D, COM 3\" E CUNHA DE FIXACAO","UN","CR",6.34]
[398,"ABRACADEIRA EM ACO PARA AMARRACAO DE ELETRODUTOS, TIPO D, COM 3\" E PARAFUSO DE FIXACAO","UN","CR",5.84]
[39128,"ABRACADEIRA EM ACO PARA AMARRACAO DE ELETRODUTOS, TIPO D, COM 3/4\" E CUNHA DE FIXACAO","UN","CR",1.9]
[400,"ABRACADEIRA EM ACO PARA AMARRACAO DE ELETRODUTOS, TIPO D, COM 3/4\" E PARAFUSO DE FIXACAO","UN","CR",1.85]
[39125,"ABRACADEIRA EM ACO PARA AMARRACAO DE ELETRODUTOS, TIPO D, COM 3/8\" E PARAFUSO DE FIXACAO","UN","CR",1.9]
[39126,"ABRACADEIRA EM ACO PARA AMARRACAO DE ELETRODUTOS, TIPO D, COM 4\" E CUNHA DE FIXACAO","UN","CR",8.56]
[399,"ABRACADEIRA EM ACO PARA AMARRACAO DE ELETRODUTOS, TIPO D, COM 4\" E PARAFUSO DE FIXACAO","UN","CR",7.54]
[39158,"ABRACADEIRA EM ACO PARA AMARRACAO DE ELETRODUTOS, TIPO ECONOMICA (GOTA), COM 8\"","UN","CR",20.25]
[39141,"ABRACADEIRA EM ACO PARA AMARRACAO DE ELETRODUTOS, TIPO U SIMPLES, COM 1 1/2\"","UN","CR",1.47]
[39140,"ABRACADEIRA EM ACO PARA AMARRACAO DE ELETRODUTOS, TIPO U SIMPLES, COM 1 1/4\"","UN","CR",1.33]
[39139,"ABRACADEIRA EM ACO PARA AMARRACAO DE ELETRODUTOS, TIPO U SIMPLES, COM 1\"","UN","CR",1.1100000000000001]
[39137,"ABRACADEIRA EM ACO PARA AMARRACAO DE ELETRODUTOS, TIPO U SIMPLES, COM 1/2\"","UN","CR",0.77]
[39143,"ABRACADEIRA EM ACO PARA AMARRACAO DE ELETRODUTOS, TIPO U SIMPLES, COM 2 1/2\"","UN","CR",3.03]
[39142,"ABRACADEIRA EM ACO PARA AMARRACAO DE ELETRODUTOS, TIPO U SIMPLES, COM 2\"","UN","CR",2.17]
[39144,"ABRACADEIRA EM ACO PARA AMARRACAO DE ELETRODUTOS, TIPO U SIMPLES, COM 3\"","UN","CR",3.53]
[39138,"ABRACADEIRA EM ACO PARA AMARRACAO DE ELETRODUTOS, TIPO U SIMPLES, COM 3/4\"","UN","CR",0.81]
[39136,"ABRACADEIRA EM ACO PARA AMARRACAO DE ELETRODUTOS, TIPO U SIMPLES, COM 3/8\"","UN","CR",0.54]
[39145,"ABRACADEIRA EM ACO PARA AMARRACAO DE ELETRODUTOS, TIPO U SIMPLES, COM 4\"","UN","CR",5.82]
[12615,"ABRACADEIRA PVC, PARA CALHA PLUVIAL, DIAMETRO ENTRE *80 E 100* MM, PARA DRENAGEM PLUVIAL PREDIAL","UN","CR",12.27]
[11927,"ABRACADEIRA, GALVANIZADA/ZINCADA, ROSCA SEM FIM, PARAFUSO INOX, LARGURA FITA *12,6 A *14 MM, D = 2\" A 2 1/2\"","UN","CR",8.16]
[11928,"ABRACADEIRA, GALVANIZADA/ZINCADA, ROSCA SEM FIM, PARAFUSO INOX, LARGURA FITA *12,6 A *14 MM, D = 3\" A 3 3/4\"","UN","CR",9.35]
[11929,"ABRACADEIRA, GALVANIZADA/ZINCADA, ROSCA SEM FIM, PARAFUSO INOX, LARGURA FITA *12,6 A *14 MM, D = 4\" A 4 3/4\"","UN","CR",14.47]
[36801,"ACABAMENTO DE METAL CROMADO PARA REGISTRO PEQUENO, DE PAREDE, 1/2\" OU 3/4\"","UN","CR",35.25]
[36246,"ACABAMENTO SIMPLES/CONVENCIONAL PARA FORRO PVC, TIPO \"U\" OU \"C\", COR BRANCA, COMPRIMENTO 6 M","M","CR",5.24]
[37600,"ACESSORIO DE LIGACAO NAO ELETRICO PARA CARGAS EXPLOSIVAS, TUBO DE 6 M","UN","CR"]
[37599,"ACESSORIO INICIADOR NAO ELETRICO, TUBO DE 6 M, TEMPO DE RETARDO DE *160* MS","UN","CR"]
[1,"ACETILENO - RECARGA DE GAS PARA CILINDRO (NAO INCLUI TROCA/MANUTENCAO DO CILINDRO)","KG","C",133.33000000000001]
[3,"ACIDO CLORIDRICO / ACIDO MURIATICO, DILUICAO 10% A 12% PARA USO EM LIMPEZA","L","CR",18.149999999999999]
[43054,"ACO CA-25, 10,0 MM, OU 12,5 MM, OU 16,0 MM, OU 20,0 MM, OU 25,0 MM, VERGALHAO","KG","CR",9.81]
[42402,"ACO CA-25, 16,0 MM, BARRA DE TRANSFERENCIA","KG","CR",9.3800000000000008]
[42403,"ACO CA-25, 20,0 MM, BARRA DE TRANSFERENCIA","KG","CR",12.03]
[42404,"ACO CA-25, 25,0 MM, BARRA DE TRANSFERENCIA","KG","CR",11.96]
[42405,"ACO CA-25, 32,0 MM, BARRA DE TRANSFERENCIA","KG","CR",12.74]
[34341,"ACO CA-25, 32,0 MM, VERGALHAO","KG","CR",11.06]
[43053,"ACO CA-25, 6,3 MM OU 8,0 MM, VERGALHAO","KG","CR",8.76]
[43058,"ACO CA-50, 10,0 MM, OU 12,5 MM, OU 16,0 MM, OU 20,0 MM, DOBRADO E CORTADO","KG","CR",9.09]
[34,"ACO CA-50, 10,0 MM, VERGALHAO","KG","CR",9.1300000000000008]
[43055,"ACO CA-50, 12,5 MM OU 16,0 MM, VERGALHAO","KG","C",7.91]
[43056,"ACO CA-50, 20,0 MM OU 25,0 MM, VERGALHAO","KG","CR",9.1199999999999992]
[43057,"ACO CA-50, 32,0 MM, VERGALHAO","KG","CR",10.02]
[34449,"ACO CA-50, 6,3 MM, DOBRADO E CORTADO","KG","CR",10.71]
[32,"ACO CA-50, 6,3 MM, VERGALHAO","KG","CR",9.6300000000000008]
[33,"ACO CA-50, 8,0 MM, VERGALHAO","KG","CR",9.69]
[43061,"ACO CA-60, 4,2 MM OU 5,0 MM, DOBRADO E CORTADO","KG","CR",9.0500000000000007]
[43059,"ACO CA-60, 4,2 MM, OU 5,0 MM, OU 6,0 MM, OU 7,0 MM, VERGALHAO","KG","CR",8.64]
[43062,"ACO CA-60, 6,0 MM OU 7,0 MM, DOBRADO E CORTADO","KG","CR",9.58]
[43060,"ACO CA-60, 8,0 MM OU 9,5 MM, VERGALHAO","KG","CR",7.53]
[40410,"ACOPLAMENTO RIGIDO EM FERRO FUNDIDO PARA SISTEMA DE TUBULACAO RANHURADA, DN 50 MM (2\")","UN","C"]
[40411,"ACOPLAMENTO RIGIDO EM FERRO FUNDIDO PARA SISTEMA DE TUBULACAO RANHURADA, DN 65 MM (2 1/2\")","UN","CR"]
[40412,"ACOPLAMENTO RIGIDO EM FERRO FUNDIDO PARA SISTEMA DE TUBULACAO RANHURADA, DN 80 MM (3\")","UN","CR"]
[44254,"ADAPTADOR CPVC, ROSCAVEL, COM FLANGES E ANEL DE VEDACAO, 15 MM, CAIXA D'AGUA PARA AGUA QUENTE","UN","CR"]
[44255,"ADAPTADOR CPVC, ROSCAVEL, COM FLANGES E ANEL DE VEDACAO, 22 MM, CAIXA D'AGUA PARA AGUA QUENTE","UN","CR"]
[44256,"ADAPTADOR CPVC, ROSCAVEL, COM FLANGES E ANEL DE VEDACAO, 28 MM, CAIXA D'AGUA PARA AGUA QUENTE","UN","CR"]
[44257,"ADAPTADOR CPVC, ROSCAVEL, COM FLANGES E ANEL DE VEDACAO, 35 MM, CAIXA D'AGUA PARA AGUA QUENTE","UN","CR"]
[44258,"ADAPTADOR CPVC, ROSCAVEL, COM FLANGES E ANEL DE VEDACAO, 42 MM, CAIXA D'AGUA PARA AGUA QUENTE","UN","CR"]
[44259,"ADAPTADOR CPVC, ROSCAVEL, COM FLANGES E ANEL DE VEDACAO, 54 MM, CAIXA D'AGUA PARA AGUA QUENTE","UN","CR"]
[37997,"ADAPTADOR CPVC, SOLDAVEL, 15 MM, PARA AGUA QUENTE","UN","CR"]
[37998,"ADAPTADOR CPVC, SOLDAVEL, 22 MM, PARA AGUA QUENTE","UN","CR"]
[55,"ADAPTADOR DE COMPRESSAO EM POLIPROPILENO (PP), PARA TUBO EM PEAD, 20 MM X 1/2\", PARA LIGACAO PREDIAL DE AGUA (NTS 179)","UN","C"]
[61,"ADAPTADOR DE COMPRESSAO EM POLIPROPILENO (PP), PARA TUBO EM PEAD, 20 MM X 3/4\", PARA LIGACAO PREDIAL DE AGUA (NTS 179)","UN","CR"]
[62,"ADAPTADOR DE COMPRESSAO EM POLIPROPILENO (PP), PARA TUBO EM PEAD, 32 MM X 1\", PARA LIGACAO PREDIAL DE AGUA (NTS 179)","UN","CR"]
[10899,"ADAPTADOR EM LATAO, ENGATE RAPIDO 2 1/2\" X ROSCA INTERNA 5 FIOS 2 1/2\", PARA INSTALACAO PREDIAL DE COMBATE A INCENDIO","UN","CR",105.14]
[10900,"ADAPTADOR EM LATAO, ENGATE RAPIDO1 1/2\" X ROSCA INTERNA 5 FIOS 2 1/2\", PARA INSTALACAO PREDIAL DE COMBATE A INCENDIO","UN","CR",82.28]
[47,"ADAPTADOR PVC PBA, BOLSA/ROSCA, JE, DN 100 / DE 110 MM","UN","CR",77.53]
[48,"ADAPTADOR PVC PBA, BOLSA/ROSCA, JE, DN 50 / DE 60 MM","UN","CR",20.22]
[46,"ADAPTADOR PVC PBA, BOLSA/ROSCA, JE, DN 75 / DE 85 MM","UN","CR",45.34]
[52,"ADAPTADOR PVC PBA, PONTA/ROSCA, JE, DN 50 / DE 60 MM","UN","CR",15.36]
[43,"ADAPTADOR PVC PBA, PONTA/ROSCA, JE, DN 75 / DE 85 MM","UN","CR",51.85]
[103,"ADAPTADOR PVC SOLDAVEL CURTO COM BOLSA E ROSCA, 110 MM X 4\", PARA AGUA FRIA","UN","CR",43.43]
[107,"ADAPTADOR PVC SOLDAVEL CURTO COM BOLSA E ROSCA, 20 MM X 1/2\", PARA AGUA FRIA","UN","CR",0.81]
[65,"ADAPTADOR PVC SOLDAVEL CURTO COM BOLSA E ROSCA, 25 MM X 3/4\", PARA AGUA FRIA","UN","CR",0.89]
[108,"ADAPTADOR PVC SOLDAVEL CURTO COM BOLSA E ROSCA, 32 MM X 1\", PARA AGUA FRIA","UN","CR",1.8]
[110,"ADAPTADOR PVC SOLDAVEL CURTO COM BOLSA E ROSCA, 40 MM X 1 1/2\", PARA AGUA FRIA","UN","CR",6.25]
[109,"ADAPTADOR PVC SOLDAVEL CURTO COM BOLSA E ROSCA, 40 MM X 1 1/4\", PARA AGUA FRIA","UN","CR",3.72]
[111,"ADAPTADOR PVC SOLDAVEL CURTO COM BOLSA E ROSCA, 50 MM X 1 1/4\", PARA AGUA FRIA","UN","CR",8.4499999999999993]
[112,"ADAPTADOR PVC SOLDAVEL CURTO COM BOLSA E ROSCA, 50 MM X1 1/2\", PARA AGUA FRIA","UN","CR",4.4800000000000004]
[113,"ADAPTADOR PVC SOLDAVEL CURTO COM BOLSA E ROSCA, 60 MM X 2\", PARA AGUA FRIA","UN","CR",11.21]
[104,"ADAPTADOR PVC SOLDAVEL CURTO COM BOLSA E ROSCA, 75 MM X 2 1/2\", PARA AGUA FRIA","UN","CR",19.52]
[102,"ADAPTADOR PVC SOLDAVEL CURTO COM BOLSA E ROSCA, 85 MM X 3\", PARA AGUA FRIA","UN","CR",26.91]
[95,"ADAPTADOR PVC SOLDAVEL, COM FLANGE E ANEL DE VEDACAO, 20 MM X 1/2\", PARA CAIXA D'AGUA","UN","CR",11.37]
[96,"ADAPTADOR PVC SOLDAVEL, COM FLANGE E ANEL DE VEDACAO, 25 MM X 3/4\", PARA CAIXA D'AGUA","UN","CR",12.37]
[97,"ADAPTADOR PVC SOLDAVEL, COM FLANGE E ANEL DE VEDACAO, 32 MM X 1\", PARA CAIXA D'AGUA","UN","CR",18.61]
[98,"ADAPTADOR PVC SOLDAVEL, COM FLANGE E ANEL DE VEDACAO, 40 MM X 1 1/4\", PARA CAIXA D'AGUA","UN","CR",27.86]
[99,"ADAPTADOR PVC SOLDAVEL, COM FLANGE E ANEL DE VEDACAO, 50 MM X 1 1/2\", PARA CAIXA D'AGUA","UN","CR",26.33]
[60,"ADAPTADOR PVC, COM REGISTRO, PARA PEAD, 20 MM X 3/4\", PARA LIGACAO PREDIAL DE AGUA","UN","CR"]
[72,"ADAPTADOR PVC, ROSCAVEL, COM FLANGES E ANEL DE VEDACAO, 1 1/2\", PARA CAIXA D'AGUA","UN","CR",50.5]
[71,"ADAPTADOR PVC, ROSCAVEL, COM FLANGES E ANEL DE VEDACAO, 1\", PARA CAIXA D'AGUA","UN","CR",31.19]
[67,"ADAPTADOR PVC, ROSCAVEL, COM FLANGES E ANEL DE VEDACAO, 1/2\", PARA CAIXA D'AGUA","UN","CR",16.329999999999998]
[73,"ADAPTADOR PVC, ROSCAVEL, COM FLANGES E ANEL DE VEDACAO, 3/4\", PARA CAIXA D'AGUA","UN","CR",15.62]
[100,"ADAPTADOR PVC, SOLDAVEL, COM FLANGES E ANEL DE VEDACAO, 60 MM X 2\", PARA CAIXA D'AGUA","UN","CR",46]
[75,"ADAPTADOR PVC, SOLDAVEL, COM FLANGES LIVRES, 110 MM X 4\", PARA CAIXA D'AGUA","UN","CR",268.22000000000003]
[83,"ADAPTADOR PVC, SOLDAVEL, COM FLANGES LIVRES, 75 MM X 2 1/2\", PARA CAIXA D'AGUA","UN","CR",214.43]
[74,"ADAPTADOR PVC, SOLDAVEL, COM FLANGES LIVRES, 85 MM X 3\", PARA CAIXA D'AGUA","UN","CR",306.58]
[106,"ADAPTADOR PVC, SOLDAVEL, LONGO, COM FLANGE LIVRE, 110 MM X 4\", PARA CAIXA D'AGUA","UN","CR",387.68]
[88,"ADAPTADOR PVC, SOLDAVEL, LONGO, COM FLANGE LIVRE, 32 MM X 1\", PARA CAIXA D'AGUA","UN","CR",10.89]
[82,"ADAPTADOR PVC, SOLDAVEL, LONGO, COM FLANGE LIVRE, 75 MM X 2 1/2\", PARA CAIXA D'AGUA","UN","CR",204.01]
[105,"ADAPTADOR PVC, SOLDAVEL, LONGO, COM FLANGE LIVRE, 85 MM X 3\", PARA CAIXA D'AGUA","UN","CR",289.08]
[39719,"ADESIVO / COLA DE CONTATO LIQUIDO, A BASE DE RESINAS, PARA COLAGEM DE ESPUMA PARA ISOLAMENTO TERMICO FLEXIVEL","L","CR",140.11000000000001]
[3410,"ADESIVO / COLA PARA EPS (ISOPOR) E OUTROS MATERIAIS","KG","CR",31.51]
[4791,"ADESIVO ACRILICO DE BASE AQUOSA / COLA DE CONTATO","KG","CR",43.38]
[157,"ADESIVO ESTRUTURAL A BASE DE RESINA EPOXI PARA INJECAO EM TRINCAS, BICOMPONENTE, BAIXA VISCOSIDADE","KG","CR",200.25]
[156,"ADESIVO ESTRUTURAL A BASE DE RESINA EPOXI, BICOMPONENTE, FLUIDO","KG","CR",71.3]
[131,"ADESIVO ESTRUTURAL A BASE DE RESINA EPOXI, BICOMPONENTE, PASTOSO (TIXOTROPICO)","KG","CR",60.97]
[21114,"ADESIVO PARA TUBOS CPVC, *75* G","UN","CR",27.62]
[119,"ADESIVO PLASTICO PARA PVC, BISNAGA COM 75 GR","UN","C",7]
[122,"ADESIVO PLASTICO PARA PVC, FRASCO COM *850* GR","UN","CR",53.86]
[20080,"ADESIVO PLASTICO PARA PVC, FRASCO COM 175 GR","UN","CR",17.579999999999998]
[124,"ADITIVO ACELERADOR DE PEGA E ENDURECIMENTO PARA ARGAMASSAS E CONCRETOS, LIQUIDO E ISENTO DE CLORETOS","L","CR",23.51]
[7334,"ADITIVO ADESIVO LIQUIDO PARA ARGAMASSAS DE REVESTIMENTOS CIMENTICIOS","L","CR",18.899999999999999]
[45146,"ADITIVO IMPERMEABILIZANTE CRISTALIZANTE PARA CONCRETO","KG","CR",45.09]
[123,"ADITIVO IMPERMEABILIZANTE DE PEGA NORMAL PARA ARGAMASSAS E CONCRETOS SEM ARMACAO, LIQUIDO E ISENTO DE CLORETOS","L","C",9.6199999999999992]
[127,"ADITIVO IMPERMEABILIZANTE DE PEGA ULTRARRAPIDA, LIQUIDO E ISENTO DE CLORETOS","L","CR",22.97]
[133,"ADITIVO LIQUIDO INCORPORADOR DE AR PARA CONCRETO E ARGAMASSA, LIQUIDO E ISENTO DE CLORETOS","L","CR",9.5399999999999991]
[43617,"ADITIVO PLASTIFICANTE E ESTABILIZADOR PARA ARGAMASSAS DE ASSENTAMENTO E REBOCO, LIQUIDO E ISENTO DE CLORETOS","L","CR",10.66]
[132,"ADITIVO PLASTIFICANTE RETARDADOR DE PEGA E REDUTOR DE AGUA PARA CONCRETO, LIQUIDO E ISENTO DE CLORETOS","L","CR",9.89]
[43618,"ADITIVO SUPERPLASTIFICANTE DE PEGA NORMAL PARA CONCRETO, LIQUIDO E ISENTO DE CLORETOS","KG","CR",24.89]
[37476,"ADUELA/ GALERIA PRE-MOLDADA DE CONCRETO ARMADO, SECAO QUADRADA INTERNA DE 1,50 X 1,50 M (L X A), MISULA DE 20 X 20 CM, C = 1,00 M, ESPESSURA MIN = 15 CM, TB-45 E FCK DO CONCRETO = 30 MPA","UN","CR",2745.37]
[37478,"ADUELA/ GALERIA PRE-MOLDADA DE CONCRETO ARMADO, SECAO RETANGULAR INTERNA DE 2,00 X 2,00 M (L X A), MISULA DE 20 X 20 CM, C = 1,00 M, ESPESSURA MIN = 15 CM, TB-45 E FCK DO CONCRETO = 30 MPA","UN","CR",3438.65]
[37477,"ADUELA/ GALERIA PRE-MOLDADA DE CONCRETO ARMADO, SECAO RETANGULAR INTERNA DE 2,50 X 2,50 M (L X A), MISULA DE 20 X 20 CM, C = 1,00 M, ESPESSURA MIN = 15 CM, TB-45 E FCK DO CONCRETO = 30 MPA","UN","CR",4658.82]
[37479,"ADUELA/ GALERIA PRE-MOLDADA DE CONCRETO ARMADO, SECAO RETANGULAR INTERNA DE 3,00 X 3,00 M (L X A), MISULA DE 20 X 20 CM, C = 1.00 M, ESPESSURA MIN = 20 CM, TB-45 E FCK DO CONCRETO = 30 MPA","UN","CR",5525.42]
[4319,"AFASTADOR PARA TELHA DE FIBROCIMENTO CANALETE 90 OU KALHETAO","UN","CR",1.77]
[42409,"AGENTE DE CURA, PROTETOR DA EVAPORACAO DA AGUA DE HIDRATACAO DO CONCRETO","KG","CR",15.68]
[40553,"AGREGADO RECICLADO, TIPO RACHAO RECICLADO CINZA, CLASSE A","M3","C"]
[6114,"AJUDANTE DE ARMADOR (HORISTA)","H","CR",17.05]
[40912,"AJUDANTE DE ARMADOR (MENSALISTA)","MES","CR",2975.99]
[247,"AJUDANTE DE ELETRICISTA (HORISTA)","H","CR",17.05]
[40919,"AJUDANTE DE ELETRICISTA (MENSALISTA)","MES","CR",2975.99]
[44499,"AJUDANTE DE ESTRUTURAS METALICAS (HORISTA)","H","CR",17.05]
[40984,"AJUDANTE DE ESTRUTURAS METALICAS (MENSALISTA)","MES","CR",2975.99]
[248,"AJUDANTE DE OPERACAO EM GERAL (HORISTA)","H","CR",17.05]
[41086,"AJUDANTE DE OPERACAO EM GERAL (MENSALISTA)","MES","CR",2972.95]
[34466,"AJUDANTE DE PINTOR (HORISTA)","H","CR",22.32]
[41083,"AJUDANTE DE PINTOR (MENSALISTA)","MES","CR",3892.78]
[252,"AJUDANTE DE SERRALHEIRO (HORISTA)","H","CR",17.05]
[40909,"AJUDANTE DE SERRALHEIRO (MENSALISTA)","MES","CR",2975.99]
[242,"AJUDANTE ESPECIALIZADO (HORISTA)","H","CR",17.05]
[41085,"AJUDANTE ESPECIALIZADO (MENSALISTA)","MES","CR",2972.95]
[427,"ALCA PREFORMADA DE CONTRA POSTE, EM ACO GALVANIZADO, PARA CABO 3/16\", COMPRIMENTO *860* MM","UN","CR",12.1]
[417,"ALCA PREFORMADA DE DISTRIBUICAO, EM ACO GALVANIZADO, PARA CABO DE ALUMINIO DIAMETRO 16 A 25 MM","UN","CR",5.7]
[11273,"ALCA PREFORMADA DE DISTRIBUICAO, EM ACO GALVANIZADO, PARA CONDUTORES DE ALUMINIO AWG 1/0 (CAA 6/1 OU CA 7 FIOS)","UN","CR",17.7]
[11272,"ALCA PREFORMADA DE DISTRIBUICAO, EM ACO GALVANIZADO, PARA CONDUTORES DE ALUMINIO AWG 2 (CAA 6/1 OU CA 7 FIOS)","UN","CR",10.68]
[11275,"ALCA PREFORMADA DE SERVICO, EM ACO GALVANIZADO, PARA CONDUTORES DE ALUMINIO AWG 4 (CAA 6/1)","UN","CR",4.28]
[11274,"ALCA PREFORMADA DE SERVICO, EM ACO GALVANIZADO, PARA CONDUTORES DE ALUMINIO AWG 6 (CAA 6/1)","UN","CR",3.27]
[45208,"ALICATE AMPERIMETRO, TENSAO AC/DC, CAPACIDADE MAXIMA 1000 A","UN","CR"]
[45250,"ALICATE BICO LONGO (MEIA CANA) 6\", COM ISOLAMENTO ATE 1000 V","UN","CR",31.19]
[38470,"ALICATE DE CORTE DIAGONAL 6\" COM ISOLAMENTO","UN","CR",31.93]
[38547,"ALICATE DE CRIMPAR RJ11, RJ12 E RJ45, COM CATRACA","UN","CR",211.99]
[38467,"ALICATE DE PRESSAO 11\" PARA SOLDA, TIPO C","UN","CR",158.29]
[38468,"ALICATE DE PRESSAO 11\" PARA SOLDA, TIPO U","UN","CR",197.59]
[38469,"ALICATE DE PRESSAO PARA SOLDA DE CHAPA 18\"","UN","CR",202.42]
[45197,"ALICATE DESENCAPADOR AUTOMATICO 8\"","UN","CR",161.43]
[38471,"ALICATE PARA ANEIS DE PISTAO, CAPACIDADE *50* A 100 MM","UN","CR",216.49]
[45206,"ALICATE PROFISSIONAL 8\", UNIVERSAL, COM ISOLAMENTO ATE 1000 V","UN","CR",42.77]
[37370,"ALIMENTACAO - HORISTA (COLETADO CAIXA - ENCARGOS COMPLEMENTARES)","H","C",2.68]
[40862,"ALIMENTACAO - MENSALISTA (COLETADO CAIXA - ENCARGOS COMPLEMENTARES)","MES","C",443.32]
[10658,"ALISADORA DE CONCRETO COM MOTOR A GASOLINA DE 5,5 HP, PESO COM MOTOR DE 78 KG, 4 PAS","UN","C"]
[253,"ALMOXARIFE (HORISTA)","H","C",24.01]
[40809,"ALMOXARIFE (MENSALISTA)","MES","CR",4185.6899999999996]
[42428,"ALONGADOR COM TRES ALTURAS, EM TUBO DE ACO CARBONO, PINTURA NO PROCESSO ELETROSTATICO - EQUIPAMENTO DE GINASTICA PARA ACADEMIA AO AR LIVRE / ACADEMIA DA TERCEIRA IDADE - ATI","UN","C"]
[301,"ANEL BORRACHA PARA TUBO ESGOTO PREDIAL, DN 100 MM (NBR 5688)","UN","C",3.55]
[296,"ANEL BORRACHA PARA TUBO ESGOTO PREDIAL, DN 50 MM (NBR 5688)","UN","CR",2]
[297,"ANEL BORRACHA PARA TUBO ESGOTO PREDIAL, DN 75 MM (NBR 5688)","UN","CR",2.95]
[299,"ANEL BORRACHA, DN 100 MM, PARA TUBO SERIE REFORCADA ESGOTO PREDIAL","UN","CR",4.16]
[300,"ANEL BORRACHA, DN 150 MM, PARA TUBO SERIE REFORCADA ESGOTO PREDIAL","UN","CR",14.41]
[20085,"ANEL BORRACHA, DN 50 MM, PARA TUBO SERIE REFORCADA ESGOTO PREDIAL","UN","CR",2.63]
[298,"ANEL BORRACHA, DN 75 MM, PARA TUBO SERIE REFORCADA ESGOTO PREDIAL","UN","CR",3.2]
[311,"ANEL BORRACHA, PARA TUBO PVC DEFOFO, DN 100 MM (NBR 7665)","UN","CR",11.88]
[318,"ANEL BORRACHA, PARA TUBO PVC DEFOFO, DN 150 MM (NBR 7665)","UN","CR",23.93]
[319,"ANEL BORRACHA, PARA TUBO PVC DEFOFO, DN 200 MM (NBR 7665)","UN","CR",37.520000000000003]
[303,"ANEL BORRACHA, PARA TUBO PVC, REDE COLETOR ESGOTO, DN 100 MM (NBR 7362)","UN","CR",3.93]
[305,"ANEL BORRACHA, PARA TUBO PVC, REDE COLETOR ESGOTO, DN 150 MM (NBR 7362)","UN","CR",12.37]
[306,"ANEL BORRACHA, PARA TUBO PVC, REDE COLETOR ESGOTO, DN 200 MM (NBR 7362)","UN","CR",18.760000000000002]
[307,"ANEL BORRACHA, PARA TUBO PVC, REDE COLETOR ESGOTO, DN 250 MM (NBR 7362)","UN","CR",47.4]
[309,"ANEL BORRACHA, PARA TUBO PVC, REDE COLETOR ESGOTO, DN 350 MM (NBR 7362)","UN","CR",77.650000000000006]
[310,"ANEL BORRACHA, PARA TUBO PVC, REDE COLETOR ESGOTO, DN 400 MM (NBR 7362)","UN","CR",107.62]
[308,"ANEL BORRACHA, PARA TUBO, PVC REDE COLETOR ESGOTO, DN 300 MM (NBR 7362)","UN","CR",105.8]
[328,"ANEL BORRACHA, PARA TUBO/CONEXAO PVC PBA, DN 100 MM, PARA REDE AGUA","UN","CR",9.41]
[325,"ANEL BORRACHA, PARA TUBO/CONEXAO PVC PBA, DN 50 MM, PARA REDE AGUA","UN","CR",2.77]
[20326,"ANEL BORRACHA, PARA TUBO/CONEXAO PVC PBA, DN 60 MM, PARA REDE AGUA","UN","CR",5.08]
[329,"ANEL BORRACHA, PARA TUBO/CONEXAO PVC PBA, DN 75 MM, PARA REDE AGUA","UN","CR",7.87]
[39642,"ANEL DE BORRACHA PARA VEDACAO DE DUTO PEAD CORRUGADO PARA ELETRICA, DN 1 1/2\" (NBR 15715)","UN","CR",3.48]
[39641,"ANEL DE BORRACHA PARA VEDACAO DE DUTO PEAD CORRUGADO PARA ELETRICA, DN 1 1/4\" (NBR 15715)","UN","CR",3.06]
[39643,"ANEL DE BORRACHA PARA VEDACAO DE DUTO PEAD CORRUGADO PARA ELETRICA, DN 2\" (NBR 15715)","UN","CR",4.09]
[39644,"ANEL DE BORRACHA PARA VEDACAO DE DUTO PEAD CORRUGADO PARA ELETRICA, DN 3\" (NBR 15715)","UN","CR",6.34]
[39645,"ANEL DE BORRACHA PARA VEDACAO DE DUTO PEAD CORRUGADO PARA ELETRICA, DN 4\" (NBR 15715)","UN","CR",6.95]
[41610,"ANEL DE CONCRETO ARMADO COM FUNDO, PARA FOSSA E POCO 1,50 X *0,50* M","UN","CR",509.33]
[41611,"ANEL DE CONCRETO ARMADO COM FUNDO, PARA FOSSA E POCO 2,00 X *0,50* M","UN","CR",802.81]
[41612,"ANEL DE CONCRETO ARMADO COM FUNDO, PARA FOSSA E POCO 2,50 X *0,50* M","UN","CR",1127.26]
[41637,"ANEL DE CONCRETO ARMADO, COM FUROS/DRENO PARA SUMIDOURO, D = 0,80 M, H = 0,50 M","UN","CR",105.37]
[41638,"ANEL DE CONCRETO ARMADO, COM FUROS/DRENO PARA SUMIDOURO, D = 1,00 M, H = 0,50M","UN","CR",137.26]
[41639,"ANEL DE CONCRETO ARMADO, COM FUROS/DRENO PARA SUMIDOURO, D = 1,50 M, H = 0,50 M","UN","CR",332.07]
[11789,"ANEL DE DISTRIBUICAO EM ACO GALVANIZADO PARA FIO FE-160","UN","CR",1.61]
[20975,"ANEL DE EXPANSAO EM COBRE, ENGATE RAPIDO 1 1/2\", PARA EMPATACAO MANGUEIRA DE COMBATE A INCENDIO PREDIAL","UN","CR",16.489999999999998]
[20976,"ANEL DE EXPANSAO EM COBRE, ENGATE RAPIDO 2 1/2\", PARA EMPATACAO MANGUEIRA DE COMBATE A INCENDIO PREDIAL","UN","CR",24.91]
[6138,"ANEL DE VEDACAO, PVC FLEXIVEL, 100 MM, PARA SAIDA DE BACIA / VASO SANITARIO","UN","CR",9.68]
[40340,"ANEL DE VEDACAO/JUNTA ELASTICA, H = *16* MM, PARA TUBO DE CONCRETO, DN 300 MM","UN","CR",26.11]
[40341,"ANEL DE VEDACAO/JUNTA ELASTICA, H = *16* MM, PARA TUBO DE CONCRETO, DN 400 MM","UN","CR",31.16]
[40342,"ANEL DE VEDACAO/JUNTA ELASTICA, H = *16* MM, PARA TUBO DE CONCRETO, DN 500 MM","UN","CR",37.17]
[40343,"ANEL DE VEDACAO/JUNTA ELASTICA, H = *16* MM, PARA TUBO DE CONCRETO, DN 600 MM","UN","CR",44.09]
[40344,"ANEL DE VEDACAO/JUNTA ELASTICA, H = *18* MM, PARA TUBO DE CONCRETO, DN 700 MM","UN","CR",60.1]
[40345,"ANEL DE VEDACAO/JUNTA ELASTICA, H = *19* MM, PARA TUBO DE CONCRETO, DN 800 MM","UN","CR",74.06]
[40346,"ANEL DE VEDACAO/JUNTA ELASTICA, H = *19* MM, PARA TUBO DE CONCRETO, DN 900 MM","UN","CR",85.91]
[40347,"ANEL DE VEDACAO/JUNTA ELASTICA, H = *21* MM, PARA TUBO DE CONCRETO, DN 1000 MM","UN","CR",107.94]
[43424,"ANEL EM CONCRETO ARMADO, LISO, PARA FOSSAS SEPTICAS E SUMIDOUROS, COM FUNDO, DIAMETRO INTERNO DE 1,20 M E ALTURA DE 0,50 M","UN","CR",426.73]
[43426,"ANEL EM CONCRETO ARMADO, LISO, PARA FOSSAS SEPTICAS E SUMIDOUROS, COM FUNDO, DIAMETRO INTERNO DE 3,00 M E ALTURA DE 0,50 M","UN","CR",1471.82]
[12565,"ANEL EM CONCRETO ARMADO, LISO, PARA FOSSAS SEPTICAS E SUMIDOUROS, SEM FUNDO, DIAMETRO INTERNO DE 2,00 M E ALTURA DE 0,50 M","UN","CR",516.15]
[12567,"ANEL EM CONCRETO ARMADO, LISO, PARA FOSSAS SEPTICAS E SUMIDOUROS, SEM FUNDO, DIAMETRO INTERNO DE 2,50 M E ALTURA DE 0,50 M","UN","CR",693.27]
[12568,"ANEL EM CONCRETO ARMADO, LISO, PARA FOSSAS SEPTICAS E SUMIDOUROS, SEM FUNDO, DIAMETRO INTERNO DE 3,00 M E ALTURA DE 0,50 M","UN","CR",970.58]
[43441,"ANEL EM CONCRETO ARMADO, LISO, PARA POCOS DE INSPECAO, COM FUNDO, DIAMETRO INTERNO DE 0,60 M E ALTURA DE 0,50 M","UN","CR",124.78]
[43423,"ANEL EM CONCRETO ARMADO, LISO, PARA POCOS DE INSPECAO, SEM FUNDO, DIAMETRO INTERNO DE 0,60 M E ALTURA DE 0,20 M","UN","CR",58.23]
[12532,"ANEL EM CONCRETO ARMADO, LISO, PARA POCOS DE INSPECAO, SEM FUNDO, DIAMETRO INTERNO DE 0,60 M E ALTURA DE 0,50 M","UN","CR",89.81]
[43444,"ANEL EM CONCRETO ARMADO, LISO, PARA POCOS DE VISITA, POCOS DE INSPECAO, FOSSAS SEPTICAS E SUMIDOUROS, COM FUNDO, DIAMETRO INTERNO DE 1,20 M E ALTURA DE 0,75 M","UN","CR",301.57]
[12551,"ANEL EM CONCRETO ARMADO, LISO, PARA POCOS DE VISITA, POCOS DE INSPECAO, FOSSAS SEPTICAS E SUMIDOUROS, SEM FUNDO, DIAMETRO INTERNO DE 1,20 M E ALTURA DE 0,50 M","UN","CR",215.16]
[43442,"ANEL EM CONCRETO ARMADO, LISO, PARA POCOS DE VISITAS, POCOS DE INSPECAO, FOSSAS SEPTICAS E SUMIDOUROS, COM FUNDO, DIAMETRO INTERNO DE 0,80 M E ALTURA DE 0,50 M","UN","CR",166.38]
[43443,"ANEL EM CONCRETO ARMADO, LISO, PARA POCOS DE VISITAS, POCOS DE INSPECAO, FOSSAS SEPTICAS E SUMIDOUROS, COM FUNDO, DIAMETRO INTERNO DE 1,00 M E ALTURA DE 0,50 M","UN","CR",218.38]
[12544,"ANEL EM CONCRETO ARMADO, LISO, PARA POCOS DE VISITAS, POCOS DE INSPECAO, FOSSAS SEPTICAS E SUMIDOUROS, SEM FUNDO, DIAMETRO INTERNO DE 0,80 M E ALTURA DE 0,50 M","UN","CR",117.85]
[12547,"ANEL EM CONCRETO ARMADO, LISO, PARA POCOS DE VISITAS, POCOS DE INSPECAO, FOSSAS SEPTICAS E SUMIDOUROS, SEM FUNDO, DIAMETRO INTERNO DE 1,00 M E ALTURA DE 0,50 M","UN","CR",158.51]
[43445,"ANEL EM CONCRETO ARMADO, LISO, PARA, POCOS DE VISITA, POCOS DE INSPECAO, FOSSAS SEPTICAS E SUMIDOUROS, COM FUNDO, DIAMETRO INTERNO DE 1,50 M E ALTURA DE 1,00 M","UN","CR",415.96]
[12563,"ANEL EM CONCRETO ARMADO, LISO, PARA, POCOS DE VISITA, POCOS DE INSPECAO, FOSSAS SEPTICAS E SUMIDOUROS, SEM FUNDO, DIAMETRO INTERNO DE 1,50 M E ALTURA DE 0,50 M","UN","CR",297.61]
[43425,"ANEL EM CONCRETO ARMADO, PERFURADO, PARA FOSSAS SEPTICAS E SUMIDOUROS, SEM FUNDO, DIAMETRO INTERNO DE 1,20 M E ALTURA DE 0,50 M","UN","CR",187.18]
[43446,"ANEL EM CONCRETO ARMADO, PERFURADO, PARA FOSSAS SEPTICAS E SUMIDOUROS, SEM FUNDO, DIAMETRO INTERNO DE 2,00 M E ALTURA DE 0,50 M","UN","CR",395.16]
[43447,"ANEL EM CONCRETO ARMADO, PERFURADO, PARA FOSSAS SEPTICAS E SUMIDOUROS, SEM FUNDO, DIAMETRO INTERNO DE 2,50 M E ALTURA DE 0,50 M","UN","CR",485.29]
[43448,"ANEL EM CONCRETO ARMADO, PERFURADO, PARA FOSSAS SEPTICAS E SUMIDOUROS, SEM FUNDO, DIAMETRO INTERNO DE 3,00 M E ALTURA DE 0,50 M","UN","CR",679.41]
[13761,"APARELHO CORTE OXI-ACETILENO PARA SOLDA E CORTE CONTENDO MACARICO SOLDA, BICO DE CORTE, CILINDROS, REGULADORES, MANGUEIRAS E CARRINHO","UN","CR",3989.29]
[4814,"APARELHO SINALIZADOR LUMINOSO COM LED, PARA SAIDA GARAGEM, COM 2 LENTES EM POLICARBONATO, BIVOLT (INCLUI SUPORTE DE FIXACAO)","UN","CR",66.22]
[44473,"APOIO DO PORTA DENTE PARA FRESADORA DE ASFALTO","UN","CR"]
[6122,"APONTADOR OU APROPRIADOR DE MAO DE OBRA (HORISTA)","H","CR",24.61]
[40810,"APONTADOR OU APROPRIADOR DE MAO DE OBRA (MENSALISTA)","MES","CR",4291.3100000000004]
[34469,"AQUECEDOR SOLAR COM RESERVATORIO TERMICO DE 1000 L E *5* PLACAS COLETORAS DE *2,0* M2 (NAO INCLUI ACESSORIOS) (SEM INSTALACAO)","UN","CR"]
[34476,"AQUECEDOR SOLAR COM RESERVATORIO TERMICO DE 400 L E *2* PLACAS COLETORAS DE *2,0* M2 (NAO INCLUI ACESSORIOS) (SEM INSTALACAO)","UN","CR"]
[34477,"AQUECEDOR SOLAR COM RESERVATORIO TERMICO DE 600 L E *3* PLACAS COLETORAS DE *2,0* M2 (NAO INCLUI ACESSORIOS) (SEM INSTALACAO)","UN","CR"]
[34482,"AQUECEDOR SOLAR COM RESERVATORIO TERMICO DE 800 L E *4* PLACAS COLETORAS DE *2,0* M2 (NAO INCLUI ACESSORIOS) (SEM INSTALACAO)","UN","CR"]
[34472,"AQUECEDOR SOLAR DE INSTALACAO EXTERNA, KIT COMPACTO, CONJUNTO COM RESERVATORIO TERMICO DE 200 L, PLACA COLETORA DE *2,0* M2 E INCLUSO ACESSORIOS (RESIDENCIAS ATE 120,00 M2 E DE 4 A 5 BANHOS POR DIA) (SEM INSTALACAO)","UN","C"]
[42425,"AR CONDICIONADO SPLIT INVERTER, HI-WALL (PAREDE), 12000 BTU/H, CICLO FRIO, 60HZ, CLASSIFICACAO A (SELO PROCEL), GAS HFC, CONTROLE S/FIO","UN","CR"]
[42422,"AR CONDICIONADO SPLIT INVERTER, HI-WALL (PAREDE), 18000 BTU/H, CICLO FRIO, 60HZ, CLASSIFICACAO A (SELO PROCEL), GAS HFC, CONTROLE S/FIO","UN","C"]
[43184,"AR CONDICIONADO SPLIT INVERTER, HI-WALL (PAREDE), 24000 BTU/H, CICLO FRIO, 60HZ, CLASSIFICACAO A (SELO PROCEL), GAS HFC, CONTROLE S/FIO","UN","CR"]
[42424,"AR CONDICIONADO SPLIT INVERTER, HI-WALL (PAREDE), 9000 BTU/H, CICLO FRIO, 60HZ, CLASSIFICACAO A (SELO PROCEL), GAS HFC, CONTROLE S/FIO","UN","CR"]
[42416,"AR CONDICIONADO SPLIT INVERTER, PISO TETO, 18000 BTU/H, CICLO FRIO, 60HZ, CLASSIFICACAO ENERGETICA A OU B (SELO PROCEL), GAS HFC, CONTROLE S/FIO","UN","CR"]
[42417,"AR CONDICIONADO SPLIT INVERTER, PISO TETO, 24000 BTU/H, CICLO FRIO, 60HZ, CLASSIFICACAO ENERGETICA A OU B (SELO PROCEL), GAS HFC, CONTROLE S/FIO","UN","CR"]
[42419,"AR CONDICIONADO SPLIT INVERTER, PISO TETO, 36000 BTU/H, CICLO FRIO, 60HZ, CLASSIFICACAO ENERGETICA A OU B (SELO PROCEL), GAS HFC, CONTROLE S/FIO","UN","CR"]
[42420,"AR CONDICIONADO SPLIT INVERTER, PISO TETO, 48000 BTU/H, CICLO FRIO, 60HZ, CLASSIFICACAO ENERGETICA A OU B (SELO PROCEL), GAS HFC, CONTROLE S/FIO","UN","CR"]
[42421,"AR CONDICIONADO SPLIT INVERTER, PISO TETO, APRESENTANDO ENTRE 54000 E 58000 BTU/H, CICLO FRIO, 60HZ, CLASSIFICACAO ENERGETICA A OU B (SELO PROCEL), GAS HFC, CONTROLE S/FIO","UN","CR"]
[39556,"AR CONDICIONADO SPLIT ON/OFF, CASSETE (TETO), 18000 BTUS/H, CICLO QUENTE/FRIO, 60 HZ, CLASSIFICACAO ENERGETICA C - SELO PROCEL, GAS HFC, CONTROLE S/ FIO","UN","CR"]
[39557,"AR CONDICIONADO SPLIT ON/OFF, CASSETE (TETO), 24000 BTUS/H, CICLO QUENTE/FRIO, 60 HZ, CLASSIFICACAO ENERGETICA C - SELO PROCEL, GAS HFC, CONTROLE S/ FIO","UN","CR"]
[39559,"AR CONDICIONADO SPLIT ON/OFF, CASSETE (TETO), 36000 BTUS/H, CICLO QUENTE/FRIO, 60 HZ, CLASSIFICACAO ENERGETICA A - SELO PROCEL, GAS HFC, CONTROLE S/ FIO","UN","CR"]
[39560,"AR CONDICIONADO SPLIT ON/OFF, CASSETE (TETO), 48000 BTUS/H, CICLO QUENTE/FRIO, 60 HZ, CLASSIFICACAO ENERGETICA A - SELO PROCEL, GAS HFC, CONTROLE S/ FIO","UN","CR"]
[39561,"AR CONDICIONADO SPLIT ON/OFF, CASSETE (TETO), 60000 BTUS/H, CICLO QUENTE/FRIO, 60 HZ, CLASSIFICACAO ENERGETICA A - SELO PROCEL, GAS HFC, CONTROLE S/ FIO","UN","CR"]
[43195,"AR CONDICIONADO SPLIT ON/OFF, CASSETE (TETO), FRIO 4 VIAS 18000 BTUS/H, CLASSIFICACAO ENERGETICA C - SELO PROCEL, GAS HFC, CONTROLE S/ FIO","UN","CR"]
[43196,"AR CONDICIONADO SPLIT ON/OFF, CASSETE (TETO), FRIO 4 VIAS 24000 BTUS/H, CLASSIFICACAO ENERGETICA C - SELO PROCEL, GAS HFC, CONTROLE S/ FIO","UN","CR"]
[43198,"AR CONDICIONADO SPLIT ON/OFF, CASSETE (TETO), FRIO 4 VIAS 36000 BTUS/H, CLASSIFICACAO ENERGETICA C - SELO PROCEL, GAS HFC, CONTROLE S/ FIO","UN","CR"]
[43199,"AR CONDICIONADO SPLIT ON/OFF, CASSETE (TETO), FRIO 4 VIAS 48000 BTUS/H, CLASSIFICACAO ENERGETICA C - SELO PROCEL, GAS HFC, CONTROLE S/ FIO","UN","CR"]
[43200,"AR CONDICIONADO SPLIT ON/OFF, CASSETE (TETO), FRIO 4 VIAS 60000 BTUS/H, CLASSIFICACAO ENERGETICA C - SELO PROCEL, GAS HFC, CONTROLE S/ FIO","UN","CR"]
[43190,"AR CONDICIONADO SPLIT ON/OFF, HI-WALL (PAREDE), 12000 BTUS/H, CICLO FRIO, 60 HZ, CLASSIFICACAO ENERGETICA A - SELO PROCEL, GAS HFC, CONTROLE S/ FIO","UN","CR"]
[39555,"AR CONDICIONADO SPLIT ON/OFF, HI-WALL (PAREDE), 12000 BTUS/H, CICLO QUENTE/FRIO, 60 HZ, CLASSIFICACAO ENERGETICA A - SELO PROCEL, GAS HFC, CONTROLE S/ FIO","UN","CR"]
[43191,"AR CONDICIONADO SPLIT ON/OFF, HI-WALL (PAREDE), 18000 BTUS/H, CICLO FRIO, 60 HZ, CLASSIFICACAO ENERGETICA A - SELO PROCEL, GAS HFC, CONTROLE S/ FIO","UN","CR"]
[39548,"AR CONDICIONADO SPLIT ON/OFF, HI-WALL (PAREDE), 18000 BTUS/H, CICLO QUENTE/FRIO, 60 HZ, CLASSIFICACAO ENERGETICA A - SELO PROCEL, GAS HFC, CONTROLE S/ FIO","UN","CR"]
[43192,"AR CONDICIONADO SPLIT ON/OFF, HI-WALL (PAREDE), 24000 BTUS/H, CICLO FRIO, 60 HZ, CLASSIFICACAO ENERGETICA A - SELO PROCEL, GAS HFC, CONTROLE S/ FIO","UN","CR"]
[39554,"AR CONDICIONADO SPLIT ON/OFF, HI-WALL (PAREDE), 24000 BTUS/H, CICLO QUENTE/FRIO, 60 HZ, CLASSIFICACAO ENERGETICA A - SELO PROCEL, GAS HFC, CONTROLE S/ FIO","UN","CR"]
[43194,"AR CONDICIONADO SPLIT ON/OFF, HI-WALL (PAREDE), 9000 BTUS/H, CICLO FRIO, 60 HZ, CLASSIFICACAO ENERGETICA A - SELO PROCEL, GAS HFC, CONTROLE S/ FIO","UN","CR"]
[39551,"AR CONDICIONADO SPLIT ON/OFF, HI-WALL (PAREDE), 9000 BTUS/H, CICLO QUENTE/FRIO, 60 HZ, CLASSIFICACAO ENERGETICA A - SELO PROCEL, GAS HFC, CONTROLE S/ FIO","UN","CR"]
[43185,"AR CONDICIONADO SPLIT ON/OFF, PISO TETO, 18.000 BTU/H, CICLO FRIO, 60HZ, CLASSIFICACAO ENERGETICA C - SELO PROCEL, GAS HFC, CONTROLE S/FIO","UN","CR"]
[43186,"AR CONDICIONADO SPLIT ON/OFF, PISO TETO, 24.000 BTU/H, CICLO FRIO, 60HZ, CLASSIFICACAO ENERGETICA C - SELO PROCEL, GAS HFC, CONTROLE S/FIO","UN","CR"]
[43187,"AR CONDICIONADO SPLIT ON/OFF, PISO TETO, 36.000 BTU/H, CICLO FRIO, 60HZ, CLASSIFICACAO ENERGETICA C - SELO PROCEL, GAS HFC, CONTROLE S/FIO","UN","CR"]
[43188,"AR CONDICIONADO SPLIT ON/OFF, PISO TETO, 48.000 BTU/H, CICLO FRIO, 60HZ, CLASSIFICACAO ENERGETICA C - SELO PROCEL, GAS HFC, CONTROLE S/FIO","UN","CR"]
[43189,"AR CONDICIONADO SPLIT ON/OFF, PISO TETO, 60.000 BTU/H, CICLO FRIO, 60HZ, CLASSIFICACAO ENERGETICA C - SELO PROCEL, GAS HFC, CONTROLE S/FIO","UN","CR"]
[39577,"AR-CONDICIONADO FRIO SPLITAO MODULAR 10 TR","UN","CR"]
[39578,"AR-CONDICIONADO FRIO SPLITAO MODULAR 15 TR","UN","CR"]
[39579,"AR-CONDICIONADO FRIO SPLITAO MODULAR 20 TR","UN","CR"]
[39826,"AR-CONDICIONADO SPLIT INVERTER, PISO TETO, 24000 BTU/H, QUENTE/FRIO, 60HZ, CLASSIFICACAO ENERGETICA A - SELO PROCEL, GAS HFC, CONTROLE S/FIO","UN","CR"]
[346,"ARAME DE ACO OVALADO 15 X 17 (45,7 KG, 700 KGF), ROLO 1000 M","KG","CR",29.61]
[3312,"ARAME DE AMARRACAO PARA GABIAO GALVANIZADO, DIAMETRO 2,2 MM","KG","CR",26.22]
[339,"ARAME FARPADO GALVANIZADO, 14 BWG (2,11 MM), CLASSE 250","M","CR",1.52]
[340,"ARAME FARPADO GALVANIZADO, 16 BWG (1,65 MM), CLASSE 250","M","CR",1.38]
[43130,"ARAME GALVANIZADO 12 BWG, D = 2,76 MM (0,048 KG/M) OU 14 BWG, D = 2,11 MM (0,026 KG/M)","KG","C",25]
[344,"ARAME GALVANIZADO 16 BWG, D = 1,65MM (0,0166 KG/M)","KG","CR",32.86]
[345,"ARAME GALVANIZADO 18 BWG, D = 1,24MM (0,009 KG/M)","KG","CR",35.659999999999997]
[43131,"ARAME GALVANIZADO 6 BWG, D = 5,16 MM (0,157 KG/M), OU 8 BWG, D = 4,19 MM (0,101 KG/M), OU 10 BWG, D = 3,40 MM (0,0713 KG/M)","KG","CR",29.04]
[3313,"ARAME PROTEGIDO COM POLIMERO PARA GABIAO, DIAMETRO 2,2 MM","KG","CR",33.75]
[43132,"ARAME RECOZIDO 16 BWG, D = 1,65 MM (0,016 KG/M) OU 18 BWG, D = 1,25 MM (0,01 KG/M)","KG","CR",25]
[45245,"ARCO DE SERRA REGULAVEL PARA LAMINAS DE 8\" A 12\"","UN","CR",34.299999999999997]
[366,"AREIA FINA - POSTO JAZIDA/FORNECEDOR (RETIRADO NA JAZIDA, SEM TRANSPORTE)","M3","C",120]
[367,"AREIA GROSSA - POSTO JAZIDA/FORNECEDOR (RETIRADO NA JAZIDA, SEM TRANSPORTE)","M3","CR",121.56]
[370,"AREIA MEDIA - POSTO JAZIDA/FORNECEDOR (RETIRADO NA JAZIDA, SEM TRANSPORTE)","M3","CR",120]
[368,"AREIA PARA ATERRO - POSTO JAZIDA/FORNECEDOR (RETIRADO NA JAZIDA, SEM TRANSPORTE)","M3","CR",60]
[11075,"AREIA PARA LEITO FILTRANTE (0,42 A 1,68 MM) - POSTO JAZIDA/FORNECEDOR (RETIRADO NA JAZIDA, SEM TRANSPORTE)","M3","CR",1377.23]
[1381,"ARGAMASSA COLANTE AC I PARA CERAMICAS","KG","C",1]
[34353,"ARGAMASSA COLANTE AC II","KG","CR",1.86]
[37595,"ARGAMASSA COLANTE TIPO AC III","KG","CR",3.07]
[37596,"ARGAMASSA COLANTE TIPO AC III E","KG","CR",3.52]
[371,"ARGAMASSA INDUSTRIALIZADA MULTIUSO, PARA REVESTIMENTO INTERNO E EXTERNO E ASSENTAMENTO DE BLOCOS DIVERSOS","KG","CR",1.0900000000000001]
[37553,"ARGAMASSA INDUSTRIALIZADA PARA CHAPISCO COLANTE","KG","CR",2.04]
[37552,"ARGAMASSA INDUSTRIALIZADA PARA CHAPISCO ROLADO","KG","CR",3.28]
[36880,"ARGAMASSA PARA REVESTIMENTO DECORATIVO MONOCAMADA","KG","CR",3.33]
[34355,"ARGAMASSA PISO SOBRE PISO","KG","CR",2.87]
[130,"ARGAMASSA POLIMERICA DE REPARO ESTRUTURAL, BICOMPONENTE","KG","CR",5.48]
[135,"ARGAMASSA POLIMERICA IMPERMEABILIZANTE SEMIFLEXIVEL, BICOMPONENTE, A BASE DE CIMENTO E ADITIVOS","KG","CR",4.41]
[36886,"ARGAMASSA PRONTA PARA CONTRAPISO","KG","CR",1.03]
[38546,"ARGAMASSA USINADA AUTOADENSAVEL E AUTONIVELANTE PARA CONTRAPISO, COM BOMBEAMENTO (DISPONIBILIZACAO DE BOMBA), SEM O LANCAMENTO","M3","CR",589.22]
[34549,"ARGILA EXPANDIDA, GRANULOMETRIA 2215","M3","CR"]
[6081,"ARGILA OU BARRO PARA ATERRO/REATERRO (COM TRANSPORTE ATE 10 KM)","M3","CR"]
[6077,"ARGILA OU BARRO PARA ATERRO/REATERRO (RETIRADO NA JAZIDA, SEM TRANSPORTE)","M3","CR"]
[6079,"ARGILA, ARGILA VERMELHA OU ARGILA ARENOSA (RETIRADA NA JAZIDA, SEM TRANSPORTE)","M3","CR"]
[1091,"ARMACAO VERTICAL COM HASTE E CONTRA-PINO, EM CHAPA DE ACO GALVANIZADO 3/16\", COM 1 ESTRIBO E 1 ISOLADOR","UN","CR",48.2]
[1094,"ARMACAO VERTICAL COM HASTE E CONTRA-PINO, EM CHAPA DE ACO GALVANIZADO 3/16\", COM 1 ESTRIBO, SEM ISOLADOR","UN","CR",33.71]
[1095,"ARMACAO VERTICAL COM HASTE E CONTRA-PINO, EM CHAPA DE ACO GALVANIZADO 3/16\", COM 2 ESTRIBOS, E 2 ISOLADORES","UN","CR",71.650000000000006]
[1092,"ARMACAO VERTICAL COM HASTE E CONTRA-PINO, EM CHAPA DE ACO GALVANIZADO 3/16\", COM 2 ESTRIBOS, SEM ISOLADOR","UN","C",55.44]
[1093,"ARMACAO VERTICAL COM HASTE E CONTRA-PINO, EM CHAPA DE ACO GALVANIZADO 3/16\", COM 3 ESTRIBOS E 3 ISOLADORES","UN","CR",129.47]
[1090,"ARMACAO VERTICAL COM HASTE E CONTRA-PINO, EM CHAPA DE ACO GALVANIZADO 3/16\", COM 3 ESTRIBOS, SEM ISOLADOR","UN","CR",92.7]
[1096,"ARMACAO VERTICAL COM HASTE E CONTRA-PINO, EM CHAPA DE ACO GALVANIZADO 3/16\", COM 4 ESTRIBOS E 4 ISOLADORES","UN","CR",166.82]
[1097,"ARMACAO VERTICAL COM HASTE E CONTRA-PINO, EM CHAPA DE ACO GALVANIZADO 3/16\", COM 4 ESTRIBOS, SEM ISOLADOR","UN","CR",141.61000000000001]
[378,"ARMADOR (HORISTA)","H","CR",20.27]
[40911,"ARMADOR (MENSALISTA)","MES","CR",3533.91]
[33939,"ARQUITETO JUNIOR (HORISTA)","H","CR",132.84]
[40815,"ARQUITETO JUNIOR (MENSALISTA)","MES","CR",23159.74]
[33952,"ARQUITETO PLENO (HORISTA)","H","CR",140.72999999999999]
[40816,"ARQUITETO PLENO (MENSALISTA)","MES","CR",24535.51]
[33953,"ARQUITETO SENIOR (HORISTA)","H","CR",147.5]
[40817,"ARQUITETO SENIOR (MENSALISTA)","MES","CR",25714.02]
[13348,"ARRUELA EM ACO GALVANIZADO, DIAMETRO EXTERNO = 35MM, ESPESSURA = 3MM, DIAMETRO DO FURO= 18MM","UN","CR"]
[39212,"ARRUELA EM ALUMINIO, COM ROSCA, DE 1 1/2\", PARA ELETRODUTO","UN","CR",1.86]
[39211,"ARRUELA EM ALUMINIO, COM ROSCA, DE 1 1/4\", PARA ELETRODUTO","UN","CR",1.67]
[39210,"ARRUELA EM ALUMINIO, COM ROSCA, DE 1\", PARA ELETRODUTO","UN","CR",0.93]
[39208,"ARRUELA EM ALUMINIO, COM ROSCA, DE 1/2\", PARA ELETRODUTO","UN","CR",0.51]
[39214,"ARRUELA EM ALUMINIO, COM ROSCA, DE 2 1/2\", PARA ELETRODUTO","UN","CR",3.45]
[39213,"ARRUELA EM ALUMINIO, COM ROSCA, DE 2\", PARA ELETRODUTO","UN","CR",2.44]
[39215,"ARRUELA EM ALUMINIO, COM ROSCA, DE 3\", PARA ELETRODUTO","UN","CR",6.29]
[39209,"ARRUELA EM ALUMINIO, COM ROSCA, DE 3/4\", PARA ELETRODUTO","UN","CR",0.6]
[39207,"ARRUELA EM ALUMINIO, COM ROSCA, DE 3/8\", PARA ELETRODUTO","UN","CR",0.93]
[39216,"ARRUELA EM ALUMINIO, COM ROSCA, DE 4\", PARA ELETRODUTO","UN","CR",8.77]
[11267,"ARRUELA LISA, REDONDA, DE LATAO POLIDO, DIAMETRO NOMINAL 5/8\", DIAMETRO EXTERNO = 34 MM, DIAMETRO DO FURO = 17 MM, ESPESSURA = *2,5* MM","UN","CR"]
[379,"ARRUELA QUADRADA EM ACO GALVANIZADO, DIMENSAO = 38 MM, ESPESSURA = 3MM, DIAMETRO DO FURO= 18 MM","UN","CR"]
[510,"ASFALTO MODIFICADO TIPO I - NBR 9910 (ASFALTO OXIDADO PARA IMPERMEABILIZACAO, COEFICIENTE DE PENETRACAO 25-40)","KG","CR"]
[516,"ASFALTO MODIFICADO TIPO II - NBR 9910 (ASFALTO OXIDADO PARA IMPERMEABILIZACAO, COEFICIENTE DE PENETRACAO 20-35)","KG","CR"]
[509,"ASFALTO MODIFICADO TIPO III - NBR 9910 (ASFALTO OXIDADO PARA IMPERMEABILIZACAO, COEFICIENTE DE PENETRACAO 15-25)","KG","CR"]
[40331,"ASSENTADOR DE MANILHAS (HORISTA)","H","CR",11.56]
[40930,"ASSENTADOR DE MANILHAS (MENSALISTA)","MES","CR",2017.54]
[377,"ASSENTO SANITARIO DE PLASTICO, TIPO CONVENCIONAL","UN","C",37]
[11761,"ASSENTO VASO SANITARIO INFANTIL EM PLASTICO BRANCO","UN","CR",78.739999999999995]
[7588,"AUTOMATICO DE BOIA SUPERIOR / INFERIOR, *15* A / 250 V","UN","C",51.9]
[34551,"AUXILIAR DE AZULEJISTA (HORISTA)","H","CR",14.45]
[41078,"AUXILIAR DE AZULEJISTA (MENSALISTA)","MES","CR",2521.84]
[246,"AUXILIAR DE ENCANADOR OU BOMBEIRO HIDRAULICO (HORISTA)","H","CR",17.05]
[40927,"AUXILIAR DE ENCANADOR OU BOMBEIRO HIDRAULICO (MENSALISTA)","MES","CR",2975.99]
[2350,"AUXILIAR DE ESCRITORIO (HORISTA)","H","CR",16.64]
[40812,"AUXILIAR DE ESCRITORIO (MENSALISTA)","MES","CR",2903.49]
[245,"AUXILIAR DE LABORATORISTA DE SOLOS E DE CONCRETO (HORISTA)","H","CR",27.42]
[41090,"AUXILIAR DE LABORATORISTA DE SOLOS E DE CONCRETO (MENSALISTA)","MES","CR",4781.84]
[251,"AUXILIAR DE MECANICO (HORISTA)","H","CR",17.05]
[40975,"AUXILIAR DE MECANICO (MENSALISTA)","MES","CR",2975.99]
[6127,"AUXILIAR DE PEDREIRO (HORISTA)","H","CR",17.05]
[41072,"AUXILIAR DE PEDREIRO (MENSALISTA)","MES","CR",2975.99]
[6121,"AUXILIAR DE SERVICOS GERAIS (HORISTA)","H","CR",15.92]
[41071,"AUXILIAR DE SERVICOS GERAIS (MENSALISTA)","MES","CR",2776.64]
[244,"AUXILIAR DE TOPOGRAFO (HORISTA)","H","CR",19.04]
[41093,"AUXILIAR DE TOPOGRAFO (MENSALISTA)","MES","CR",3319.76]
[532,"AUXILIAR TECNICO / ASSISTENTE DE ENGENHARIA (HORISTA)","H","CR",32.93]
[40931,"AUXILIAR TECNICO / ASSISTENTE DE ENGENHARIA (MENSALISTA)","MES","CR",5741.9]
[36150,"AVENTAL DE SEGURANCA DE RASPA DE COURO 1,00 X 0,60 M","UN","CR",43.56]
[45262,"AVENTAL EM PVC, FORRADO, *0,3* MM DE ESPESSURA, *1,15 X 0,70* M (COMPRIMENTO X LARGURA), 100% IMPERMEAVEL","UN","CR",12.97]
[4760,"AZULEJISTA OU LADRILHEIRO (HORISTA)","H","CR",20.27]
[41069,"AZULEJISTA OU LADRILHEIRO (MENSALISTA)","MES","CR",3533.91]
[10422,"BACIA SANITARIA (VASO) COM CAIXA ACOPLADA, SIFAO APARENTE, DE LOUCA BRANCA (SEM ASSENTO)","UN","CR",407.39]
[44019,"BACIA SANITARIA (VASO) COM CAIXA ACOPLADA, SIFAO OCULTO / CARENADO, DE LOUCA BRANCA (SEM ASSENTO) - PADRAO ALTO","UN","CR",563.92999999999995]
[36520,"BACIA SANITARIA (VASO) CONVENCIONAL PARA PCD, SEM FURO FRONTAL, DE LOUCA BRANCA (SEM ASSENTO)","UN","CR",685.68]
[42319,"BACIA SANITARIA (VASO) CONVENCIONAL PARA USO ESPECIFICO (HOSPITAIS, CLINICAS), COM FURO FRONTAL, DE LOUCA BRANCA, SEM ASSENTO","UN","CR",614.4]
[10420,"BACIA SANITARIA (VASO) CONVENCIONAL, DE LOUCA BRANCA, SIFAO APARENTE, SAIDA VERTICAL (SEM ASSENTO)","UN","C",217.95]
[10421,"BACIA SANITARIA (VASO) CONVENCIONAL, DE LOUCA COLORIDA, SIFAO APARENTE, SAIDA VERTICAL (SEM ASSENTO)","UN","CR",239.5]
[11786,"BACIA SANITARIA (VASO) INFANTIL, SIFONADO, DE LOUCA BRANCA, (SEM ASSENTO)","UN","CR",482.92]
[45195,"BALANCIM INDIVIDUAL, TIPO CADEIRA SUSPENSA SOBE E DESCE","UN","CR",4069.23]
[45226,"BALDE DE PLASTICO CAPACIDADE 12 L","UN","CR",12.9]
[4815,"BALDE VERMELHO PARA SINALIZACAO DE VIAS","UN","CR",10.67]
[541,"BANCADA DE MARMORE SINTETICO COM UMA CUBA, 120 X *60* CM","UN","C",157.94999999999999]
[542,"BANCADA DE MARMORE SINTETICO COM UMA CUBA, 150 X *60* CM","UN","CR",197.99]
[540,"BANCADA DE MARMORE SINTETICO COM UMA CUBA, 200 X *60* CM","UN","CR",446.17]
[38364,"BANCADA/ BANCA EM GRANITO, POLIDO, TIPO ANDORINHA/ QUARTZ/ CASTELO/ CORUMBA OU OUTROS EQUIVALENTES DA REGIAO, COM CUBA INOX, FORMATO *120 X 60* CM, E= *2* CM","UN","CR",922.43]
[11692,"BANCADA/ BANCA/ BALCAO/ TAMPO EM MARMORE BRANCO COMUM, POLIDO, LISO, ACABAMENTO RETO, E= *3* CM (SEM FUROS)","M2","CR",617.04999999999995]
[1746,"BANCADA/BANCA/PIA DE ACO INOXIDAVEL (AISI 430) COM 1 CUBA CENTRAL, COM VALVULA, ESCORREDOR DUPLO, DE *0,55 X 1,20* M","UN","C",254.7]
[1748,"BANCADA/BANCA/PIA DE ACO INOXIDAVEL (AISI 430) COM 1 CUBA CENTRAL, COM VALVULA, ESCORREDOR DUPLO, DE *0,55 X 1,40* M","UN","CR",338.69]
[1749,"BANCADA/BANCA/PIA DE ACO INOXIDAVEL (AISI 430) COM 1 CUBA CENTRAL, COM VALVULA, ESCORREDOR DUPLO, DE *0,55 X 1,80* M","UN","CR",490.7]
[37412,"BANCADA/BANCA/PIA DE ACO INOXIDAVEL (AISI 430) COM 1 CUBA CENTRAL, COM VALVULA, LISA (SEM ESCORREDOR), DE *0,55 X 1,20* M","UN","CR",248.97]
[1745,"BANCADA/BANCA/PIA DE ACO INOXIDAVEL (AISI 430) COM 1 CUBA CENTRAL, SEM VALVULA, ESCORREDOR DUPLO, DE *0,55 X 1,60* M","UN","CR",296.05]
[1750,"BANCADA/BANCA/PIA DE ACO INOXIDAVEL (AISI 430) COM 2 CUBAS, COM VALVULAS, ESCORREDOR DUPLO, DE *0,55 X 2,00* M","UN","CR",691.84]
[11687,"BANCADA/TAMPO ACO INOX (AISI 304), LARGURA 60 CM, COM RODABANCA (NAO INCLUI PES DE APOIO)","M","CR",1102.31]
[11689,"BANCADA/TAMPO ACO INOX (AISI 304), LARGURA 70 CM, COM RODABANCA (NAO INCLUI PES DE APOIO)","M","CR",1381.13]
[11693,"BANCADA/TAMPO LISO (SEM CUBA) EM MARMORE SINTETICO","M2","CR",175.13]
[36215,"BANCO ARTICULADO PARA BANHO, EM ACO INOX POLIDO, 70* CM X 45* CM","UN","CR"]
[42439,"BANCO COM ENCOSTO, 1,60M* DE COMPRIMENTO, EM TUBO DE ACO CARBONO E PINTURA NO PROCESSO ELETROSTATICO - PARA ACADEMIA AO AR LIVRE / ACADEMIA DA TERCEIRA IDADE - ATI","UN","CR"]
[38381,"BANDEJA DE PINTURA PARA ROLO 23 CM","UN","CR",10.32]
[39621,"BARRA ANTIPANICO DUPLA, CEGA EM LADO OPOSTO, COR CINZA","PAR","CR",1218.27]
[39624,"BARRA ANTIPANICO DUPLA, PARA PORTA DE VIDRO, COR CINZA","PAR","CR",1343.88]
[39615,"BARRA ANTIPANICO SIMPLES, CEGA EM LADO OPOSTO, COR CINZA","UN","CR",543.04999999999995]
[39620,"BARRA ANTIPANICO SIMPLES, COM FECHADURA LADO OPOSTO, COR CINZA","UN","CR",829.39]
[39623,"BARRA ANTIPANICO SIMPLES, PARA PORTA DE VIDRO, COR CINZA","UN","CR",888.34]
[546,"BARRA DE ACO CHATA, RETANGULAR (QUALQUER BITOLA)","KG","C",11.9]
[566,"BARRA DE ACO CHATO, RETANGULAR, 19,05 MM X 3,17 MM (L X E), 0,47 KG/M","M","CR",5.65]
[565,"BARRA DE ACO CHATO, RETANGULAR, 25,4 MM X 4,76 MM (L X E), 0,94 KG/M","M","CR",11.19]
[555,"BARRA DE ACO CHATO, RETANGULAR, 25,4 MM X 6,35 MM (L X E), 1,2265 KG/M","M","CR",14.59]
[557,"BARRA DE ACO CHATO, RETANGULAR, 38,1 MM X 12,7 MM (L X E), 3,79 KG/M","M","CR",45.79]
[552,"BARRA DE ACO CHATO, RETANGULAR, 38,1 MM X 6,35 MM (L X E), 1,89 KG/M","M","CR",22.72]
[563,"BARRA DE ACO CHATO, RETANGULAR, 38,1 MM X 9,53 MM (L X E), 2,84 KG/M","M","CR",34.14]
[549,"BARRA DE ACO CHATO, RETANGULAR, 50,8 MM X 12,7 MM (L X E), 5,06 KG/M","M","CR",61.44]
[551,"BARRA DE ACO CHATO, RETANGULAR, 50,8 MM X 25,4 MM (L X E), 10,12 KG/M","M","CR",121.65]
[559,"BARRA DE ACO CHATO, RETANGULAR, 50,8 MM X 6,35 MM (L X E), 2,53 KG/M","M","CR",30.41]
[560,"BARRA DE ACO CHATO, RETANGULAR, 50,8 MM X 7,94 MM (L X E), 3,162 KG/M","M","CR",38.049999999999997]
[547,"BARRA DE ACO CHATO, RETANGULAR, 50,8 MM X 9,53 MM (L X E), 3,79KG/M","M","CR",45.56]
[36207,"BARRA DE APOIO EM \"L\", EM ACO INOX POLIDO 70 X 70 CM, DIAMETRO MINIMO 3 CM","UN","CR"]
[36209,"BARRA DE APOIO EM \"L\", EM ACO INOX POLIDO 80 X 80 CM, DIAMETRO MINIMO 3 CM","UN","CR"]
[36210,"BARRA DE APOIO LATERAL ARTICULADA, COM TRAVA, EM ACO INOX POLIDO, 70 CM, DIAMETRO MINIMO 3 CM","UN","CR"]
[36204,"BARRA DE APOIO RETA, EM ACO INOX POLIDO, COMPRIMENTO 60CM, DIAMETRO MINIMO 3 CM","UN","CR"]
[36205,"BARRA DE APOIO RETA, EM ACO INOX POLIDO, COMPRIMENTO 70CM, DIAMETRO MINIMO 3 CM","UN","CR"]
[36081,"BARRA DE APOIO RETA, EM ACO INOX POLIDO, COMPRIMENTO 80CM, DIAMETRO MINIMO 3 CM","UN","C"]
[36206,"BARRA DE APOIO RETA, EM ACO INOX POLIDO, COMPRIMENTO 90 CM, DIAMETRO MINIMO 3 CM","UN","CR"]
[36218,"BARRA DE APOIO RETA, EM ALUMINIO, COMPRIMENTO 60CM, DIAMETRO MINIMO 3 CM","UN","CR"]
[36220,"BARRA DE APOIO RETA, EM ALUMINIO, COMPRIMENTO 70CM, DIAMETRO MINIMO 3 CM","UN","CR"]
[36080,"BARRA DE APOIO RETA, EM ALUMINIO, COMPRIMENTO 80 CM, DIAMETRO MINIMO 3 CM","UN","C"]
[36223,"BARRA DE APOIO RETA, EM ALUMINIO, COMPRIMENTO 90 CM, DIAMETRO MINIMO 3 CM","UN","CR"]
[38127,"BASE DE MISTURADOR MONOCOMANDO PARA CHUVEIRO, DE PAREDE (NAO INCLUI ACABAMENTOS)","UN","CR",448.81]
[38060,"BASE PARA MASTRO DE PARA-RAIOS DIAMETRO NOMINAL 1 1/2\"","UN","CR"]
[10956,"BASE PARA MASTRO DE PARA-RAIOS DIAMETRO NOMINAL 2\"","UN","CR"]
[39380,"BASE PARA RELE COM SUPORTE METALICO","UN","CR"]
[44172,"BASTIDOR PARA BLOCO M10","UN","CR",7.72]
[37597,"BATE-ESTACAS POR GRAVIDADE, POTENCIA160 HP, PESO DO MARTELO ATE 3 TONELADAS","UN","CR"]
[183,"BATENTE / PORTAL / ADUELA / MARCO EM MADEIRA MACICA COM REBAIXO, E = *3* CM, L = *14* CM, PARA PORTAS DE GIRO DE *60 CM A 120* CM X *210* CM, CEDRINHO / ANGELIM COMERCIAL / TAURI / CURUPIXA / PEROBA / CUMARU OU EQUIVALENTE DA REGIAO (NAO INCLUI ALIZARES)","JG","C",209]
[184,"BATENTE / PORTAL / ADUELA / MARCO EM MADEIRA MACICA COM REBAIXO, E = *3* CM, L = *14* CM, PARA PORTAS DE GIRO DE *60 CM A 120* CM X *210* CM, PINUS / EUCALIPTO / VIROLA OU EQUIVALENTE DA REGIAO (NAO INCLUI ALIZARES)","JG","CR",129.44]
[181,"BATENTE / PORTAL / ADUELA / MARCO EM MADEIRA MACICA COM REBAIXO, E = *3* CM, L = *16* CM, PARA PORTAS DE GIRO DE *60 CM A 120* CM X *210* CM, CEDRINHO / ANGELIM COMERCIAL / TAURI / CURUPIXA / PEROBA / CUMARU OU EQUIVALENTE DA REGIAO (NAO INCLUI ALIZARES)","JG","CR",279.11]
[20001,"BATENTE / PORTAL / ADUELA / MARCO EM MADEIRA MACICA COM REBAIXO, E = *3* CM, L = *16* CM, PARA PORTAS DE GIRO DE *60 CM A 120* CM X *210* CM, PINUS / EUCALIPTO / VIROLA OU EQUIVALENTE DA REGIAO (NAO INCLUI ALIZARES)","JG","CR",161.80000000000001]
[39837,"BATENTE/PORTAL/ADUELA/MARCO, EM MDF/PVC WOOD/POLIESTIRENO OU MADEIRA LAMINADA, L = *9,0* CM COM GUARNICAO REGULAVEL 2 FACES = *35* MM, PRIMER","JG","CR"]
[43366,"BENTONITA, ARGILA CONSTITUIDA POR MONTMORILONITA","KG","CR"]
[10535,"BETONEIRA, CAPACIDADE NOMINAL 400 L, CAPACIDADE DE MISTURA 280 L, MOTOR ELETRICO TRIFASICO 220/380 V, POTENCIA 2 CV, SEM CARREGADOR","UN","C",4999]
[10537,"BETONEIRA, CAPACIDADE NOMINAL 400 L, CAPACIDADE DE MISTURA 310 L, MOTOR A DIESEL, POTENCIA 5 CV, SEM CARREGADOR","UN","CR",6817.28]
[13891,"BETONEIRA, CAPACIDADE NOMINAL 400 L, CAPACIDADE DE MISTURA 310 L, MOTOR A GASOLINA, POTENCIA 5,5 CV, SEM CARREGADOR","UN","CR",6252.98]
[36397,"BETONEIRA, CAPACIDADE NOMINAL 600 L, CAPACIDADE DE MISTURA 360 L, MOTOR ELETRICO TRIFASICO 220/380V, POTENCIA 4CV, SEM CARREGADOR","UN","CR",20334.91]
[36398,"BETONEIRA, CAPACIDADE NOMINAL 600 L, CAPACIDADE DE MISTURA 440 L, MOTOR A DIESEL, POTENCIA 10 CV, COM CARREGADOR","UN","CR",24715.39]
[647,"BLASTER, DINAMITADOR OU CABO DE FOGO (HORISTA)","H","CR",16.61]
[40920,"BLASTER, DINAMITADOR OU CABO DE FOGO (MENSALISTA)","MES","CR",2897.56]
[715,"BLOCO / TIJOLO DE VIDRO INCOLOR, CANELADO / ONDULADO, *19 X 19 X 8* CM (A X L X E)","UN","C",25.5]
[716,"BLOCO / TIJOLO DE VIDRO INCOLOR, XADREZ, *20 X 20 X 10* CM (A X L X E)","UN","CR",28.83]
[7270,"BLOCO CERAMICO / TIJOLO VAZADO PARA ALVENARIA DE VEDACAO, 4 FUROS NA HORIZONTAL DE 9 X 9 X 19 CM (L X A X C)","UN","CR",0.91]
[44460,"BLOCO CERAMICO / TIJOLO VAZADO PARA ALVENARIA DE VEDACAO, 6 FUROS NA HORIZONTAL DE 11,5 X 19 X 29 CM (L X A X C)","UN","CR",1.54]
[44461,"BLOCO CERAMICO / TIJOLO VAZADO PARA ALVENARIA DE VEDACAO, 6 FUROS NA HORIZONTAL DE 11,5 X 19 X 39 CM (L X A X C)","UN","CR",2.1]
[7267,"BLOCO CERAMICO / TIJOLO VAZADO PARA ALVENARIA DE VEDACAO, 6 FUROS NA HORIZONTAL DE 9 X 14 X 19 CM (L X A X C)","UN","CR",0.77]
[44458,"BLOCO CERAMICO / TIJOLO VAZADO PARA ALVENARIA DE VEDACAO, 6 FUROS NA HORIZONTAL DE 9 X 14 X 24 CM (L X A X C)","UN","CR",0.94]
[44457,"BLOCO CERAMICO / TIJOLO VAZADO PARA ALVENARIA DE VEDACAO, 6 FUROS NA HORIZONTAL DE 9 X 19 X 39 CM (L X A X C)","UN","CR",1.81]
[7271,"BLOCO CERAMICO / TIJOLO VAZADO PARA ALVENARIA DE VEDACAO, 8 FUROS NA HORIZONTAL DE 9 X 19 X 19 CM (L X A X C)","UN","C",0.98]
[7268,"BLOCO CERAMICO / TIJOLO VAZADO PARA ALVENARIA DE VEDACAO, 8 FUROS NA HORIZONTAL DE 9 X 19 X 29 CM (L X A X C)","UN","CR",1.53]
[44459,"BLOCO CERAMICO / TIJOLO VAZADO PARA ALVENARIA DE VEDACAO, 9 FUROS NA HORIZONTAL DE 11,5 X 14 X 24 CM (L X A X C)","UN","CR",0.99]
[44462,"BLOCO CERAMICO / TIJOLO VAZADO PARA ALVENARIA DE VEDACAO, 9 FUROS NA HORIZONTAL DE 14 X 19 X 29 CM (L X A X C)","UN","CR",1.75]
[44463,"BLOCO CERAMICO / TIJOLO VAZADO PARA ALVENARIA DE VEDACAO, 9 FUROS NA HORIZONTAL DE 14 X 19 X 39 CM (L X A X C)","UN","CR",2.25]
[44464,"BLOCO CERAMICO / TIJOLO VAZADO PARA ALVENARIA DE VEDACAO, 9 FUROS NA HORIZONTAL DE 19 X 19 X 29 CM (L X A X C)","UN","CR",2.33]
[44465,"BLOCO CERAMICO / TIJOLO VAZADO PARA ALVENARIA DE VEDACAO, 9 FUROS NA HORIZONTAL DE 19 X 19 X 39 CM (L X A X C)","UN","CR",3.2]
[38783,"BLOCO CERAMICO / TIJOLO VAZADO PARA ALVENARIA DE VEDACAO, FUROS NA HORIZONTAL DE 11,5 X 19 X 19 CM (L X A X C)","UN","CR",1.1200000000000001]
[44466,"BLOCO CERAMICO / TIJOLO VAZADO PARA ALVENARIA DE VEDACAO, FUROS NA VERTICAL DE 11,5 X 19 X 29 CM (L X A X C)","UN","CR",2.27]
[44467,"BLOCO CERAMICO / TIJOLO VAZADO PARA ALVENARIA DE VEDACAO, FUROS NA VERTICAL DE 11,5 X 19 X 39 CM (L X A X C)","UN","CR",2.73]
[44468,"BLOCO CERAMICO / TIJOLO VAZADO PARA ALVENARIA DE VEDACAO, FUROS NA VERTICAL DE 14 X 19 X 29 CM (L X A X C)","UN","CR",2.37]
[37593,"BLOCO CERAMICO / TIJOLO VAZADO PARA ALVENARIA DE VEDACAO, FUROS NA VERTICAL DE 14 X 19 X 39 CM (L X A X C)","UN","CR",3.06]
[37594,"BLOCO CERAMICO / TIJOLO VAZADO PARA ALVENARIA DE VEDACAO, FUROS NA VERTICAL DE 19 X 19 X 39 CM (L X A X C)","UN","CR",3.63]
[37592,"BLOCO CERAMICO / TIJOLO VAZADO PARA ALVENARIA DE VEDACAO, FUROS NA VERTICAL DE 9 X 19 X 39 CM (L X A X C)","UN","CR",2.42]
[41372,"BLOCO CONCRETO CELULAR AUTOCLAVADO 12,5 X 30 X 60 CM (E X A X C)","M2","CR"]
[41371,"BLOCO CONCRETO CELULAR AUTOCLAVADO 7,5 X 30 X 60 CM (E X A X C)","M2","CR"]
[34556,"BLOCO DE CONCRETO ESTRUTURAL 14 X 19 X 29 CM, FBK 10 MPA (NBR 6136)","UN","CR",4.18]
[37873,"BLOCO DE CONCRETO ESTRUTURAL 14 X 19 X 29 CM, FBK 12 MPA (NBR 6136)","UN","CR",4.26]
[34564,"BLOCO DE CONCRETO ESTRUTURAL 14 X 19 X 29 CM, FBK 14 MPA (NBR 6136)","UN","CR",4.46]
[34565,"BLOCO DE CONCRETO ESTRUTURAL 14 X 19 X 29 CM, FBK 16 MPA (NBR 6136)","UN","CR",4.72]
[38590,"BLOCO DE CONCRETO ESTRUTURAL 14 X 19 X 29 CM, FBK 4,5 MPA (NBR 6136)","UN","CR",3.48]
[34566,"BLOCO DE CONCRETO ESTRUTURAL 14 X 19 X 29 CM, FBK 6 MPA (NBR 6136)","UN","CR",3.66]
[34567,"BLOCO DE CONCRETO ESTRUTURAL 14 X 19 X 29 CM, FBK 8 MPA (NBR 6136)","UN","CR",3.88]
[38591,"BLOCO DE CONCRETO ESTRUTURAL 14 X 19 X 34 CM, FBK 4,5 MPA (NBR 6136)","UN","CR",3.52]
[34568,"BLOCO DE CONCRETO ESTRUTURAL 14 X 19 X 39 CM, FBK 10 MPA (NBR 6136)","UN","CR",4.59]
[34569,"BLOCO DE CONCRETO ESTRUTURAL 14 X 19 X 39 CM, FBK 12 MPA (NBR 6136)","UN","CR",4.72]
[34570,"BLOCO DE CONCRETO ESTRUTURAL 14 X 19 X 39 CM, FBK 14 MPA (NBR 6136)","UN","CR",5.12]
[25070,"BLOCO DE CONCRETO ESTRUTURAL 14 X 19 X 39 CM, FBK 4,5 MPA (NBR 6136)","UN","CR",3.85]
[34571,"BLOCO DE CONCRETO ESTRUTURAL 14 X 19 X 39 CM, FBK 6 MPA (NBR 6136)","UN","CR",3.89]
[34573,"BLOCO DE CONCRETO ESTRUTURAL 14 X 19 X 39 CM, FBK 8 MPA (NBR 6136)","UN","CR",4.09]
[37107,"BLOCO DE CONCRETO ESTRUTURAL 14 X 19 X 39, FCK 16 MPA (NBR 6136)","UN","CR",5.4]
[34576,"BLOCO DE CONCRETO ESTRUTURAL 19 X 19 X 39 CM, FBK 10 MPA (NBR 6136)","UN","CR",5.96]
[34577,"BLOCO DE CONCRETO ESTRUTURAL 19 X 19 X 39 CM, FBK 12 MPA (NBR 6136)","UN","CR",6.22]
[34578,"BLOCO DE CONCRETO ESTRUTURAL 19 X 19 X 39 CM, FBK 14 MPA (NBR 6136)","UN","CR",6.75]
[34579,"BLOCO DE CONCRETO ESTRUTURAL 19 X 19 X 39 CM, FBK 16 MPA (NBR 6136)","UN","CR",7.2]
[25067,"BLOCO DE CONCRETO ESTRUTURAL 19 X 19 X 39 CM, FBK 4,5 MPA (NBR 6136)","UN","CR",4.82]
[34580,"BLOCO DE CONCRETO ESTRUTURAL 19 X 19 X 39 CM, FBK 8 MPA (NBR 6136)","UN","CR",5.38]
[25071,"BLOCO DE CONCRETO ESTRUTURAL 9 X 19 X 39 CM, FBK 4,5 MPA (NBR 6136)","UN","CR",2.68]
[44171,"BLOCO DE ENGATE RAPIDO PARA BASTIDOR TIPO M10","UN","CR",22.02]
[38395,"BLOCO DE ESPUMA MULTIUSO *23X 13 X 8* CM","UN","CR",8]
[34583,"BLOCO DE GESSO COMPACTO / MACICO, BRANCO, E = 10 CM, DIMENSOES *67 X 50* CM","M2","CR",71.52]
[34584,"BLOCO DE GESSO VAZADO, BRANCO, E = *7* CM, DIMENSOES *67 X 50* CM","M2","CR",52.45]
[709,"BLOCO DE POLIETILENO ALTA DENSIDADE, *27* X *30* X *100* CM, ACOMPANHADOS PLACAS TERMINAIS E LONGARINAS, PARA FUNDO DE FILTRO","M2","CR"]
[34592,"BLOCO DE VEDACAO CONCRETO 14 X 19 X 29 CM (CLASSE C - NBR 6136)","UN","CR",3.06]
[34599,"BLOCO DE VEDACAO CONCRETO APARENTE 9 X 19 X 39 CM (CLASSE C - NBR 6136)","UN","CR",2.75]
[651,"BLOCO DE VEDACAO DE CONCRETO 14 X 19 X 39 CM (CLASSE C - NBR 6136)","UN","CR",3.37]
[654,"BLOCO DE VEDACAO DE CONCRETO 19 X 19 X 39 CM (CLASSE C - NBR 6136)","UN","CR",4.18]
[37103,"BLOCO DE VEDACAO DE CONCRETO APARENTE 14 X 19 X 39 CM (CLASSE C - NBR 6136)","UN","CR",3.5]
[34555,"BLOCO DE VEDACAO DE CONCRETO APARENTE 19 X 19 X 39 CM (CLASSE C - NBR 6136)","UN","CR",4.45]
[674,"BLOCO DE VEDACAO DE CONCRETO CELULAR AUTOCLAVADO 10 X 30 X 60 CM (E X A X C)","M2","CR"]
[34600,"BLOCO DE VEDACAO DE CONCRETO CELULAR AUTOCLAVADO 15 X 30 X 60 CM (E X A X C)","M2","C"]
[652,"BLOCO DE VEDACAO DE CONCRETO CELULAR AUTOCLAVADO 20 X 30 X 60 CM (E X A X C)","M2","CR"]
[650,"BLOCO DE VEDACAO DE CONCRETO, 9 X 19 X 39 CM (CLASSE C - NBR 6136)","UN","C",2.7]
[718,"BLOCO DE VIDRO / ELEMENTO VAZADO, INCOLOR, VENEZIANA, *20 X 20 X 6* CM (A X L X E)","UN","CR",25.2]
[11981,"BLOCO DE VIDRO / ELEMENTO VAZADO, INCOLOR, VENEZIANA, DE *20 X 10 X 8* CM (A X L X E)","UN","CR",24.48]
[34586,"BLOCO ESTRUTURAL CERAMICO DE 14 X 19 X 29 CM (L X A X C) E 6,0 MPA","UN","CR",2.42]
[38603,"BLOCO ESTRUTURAL CERAMICO DE 14 X 19 X 34 CM (L X A X C) E 6,0 MPA","UN","CR",2.87]
[34588,"BLOCO ESTRUTURAL CERAMICO DE 14 X 19 X 39 CM (L X A X C) E 6,0 MPA","UN","CR",3.27]
[34590,"BLOCO ESTRUTURAL CERAMICO DE 19 X 19 X 29 CM (L X A X C) E 6,0 MPA","UN","CR",3.23]
[34591,"BLOCO ESTRUTURAL CERAMICO DE 19 X 19 X 39 CM (L X A X C) E 6,0 MPA","UN","CR",3.94]
[40517,"BLOQUETE/PISO DE CONCRETO - MODELO PISOGRAMA/CONCREGRAMA 2 FUROS, DIMENSOES APROX. DE *35 X 15* CM E ESPESSURA DE 7 CM (+/- 1 CM), COR NATURAL","M2","CR",66.5]
[40515,"BLOQUETE/PISO DE CONCRETO - MODELO PISOGRAMA/CONCREGRAMA/PAVI-GRADE/GRAMEIRO, DIMENSOES APROXIMADAS DE *60 X 45* CM E ESPESSURA DE 8 CM (+/- 1 CM), COR NATURAL","M2","CR",73.14]
[40524,"BLOQUETE/PISO INTERTRAVADO DE CONCRETO - MODELO ONDA/16 FACES/RETANGULAR/TIJOLINHO/PAVER/HOLANDES/PARALELEPIPEDO, *20 X 10* CM, E = 10 CM, RESISTENCIA DE 35 MPA, COR NATURAL","M2","CR",76]
[40529,"BLOQUETE/PISO INTERTRAVADO DE CONCRETO - MODELO ONDA/16 FACES/RETANGULAR/TIJOLINHO/PAVER/HOLANDES/PARALELEPIPEDO, *20 X 10* CM, E = 10 CM, RESISTENCIA DE 50 MPA, COR NATURAL","M2","CR",120.5]
[36156,"BLOQUETE/PISO INTERTRAVADO DE CONCRETO - MODELO ONDA/16 FACES/RETANGULAR/TIJOLINHO/PAVER/HOLANDES/PARALELEPIPEDO, *20 X 10* CM, E = 6 CM, RESISTENCIA DE 35 MPA, COLORIDO","M2","CR",71.989999999999995]
[36155,"BLOQUETE/PISO INTERTRAVADO DE CONCRETO - MODELO ONDA/16 FACES/RETANGULAR/TIJOLINHO/PAVER/HOLANDES/PARALELEPIPEDO, *20 X 10* CM, E = 6 CM, RESISTENCIA DE 35 MPA, COR NATURAL","M2","CR",57]
[36154,"BLOQUETE/PISO INTERTRAVADO DE CONCRETO - MODELO ONDA/16 FACES/RETANGULAR/TIJOLINHO/PAVER/HOLANDES/PARALELEPIPEDO, *20 X 10* CM, E = 8 CM, RESISTENCIA DE 35 MPA, COLORIDO","M2","CR",85.99]
[36170,"BLOQUETE/PISO INTERTRAVADO DE CONCRETO - MODELO ONDA/16 FACES/RETANGULAR/TIJOLINHO/PAVER/HOLANDES/PARALELEPIPEDO, *20 X 10* CM, E = 8 CM, RESISTENCIA DE 35 MPA, COR NATURAL","M2","C",65]
[695,"BLOQUETE/PISO INTERTRAVADO DE CONCRETO - MODELO RAQUETE, *22 X 13,5* CM, E = 6 CM, RESISTENCIA DE 35 MPA, COR NATURAL","M2","CR",72.25]
[679,"BLOQUETE/PISO INTERTRAVADO DE CONCRETO - MODELO SEXTAVADO / HEXAGONAL, *25 X 25* CM, E = 10 CM, RESISTENCIA DE 35 MPA, COR NATURAL","M2","CR",103.09]
[711,"BLOQUETE/PISO INTERTRAVADO DE CONCRETO - MODELO SEXTAVADO / HEXAGONAL, *25 X 25* CM, E = 6 CM, RESISTENCIA DE 35 MPA, COR NATURAL","M2","CR",65]
[712,"BLOQUETE/PISO INTERTRAVADO DE CONCRETO - MODELO SEXTAVADO / HEXAGONAL, *25 X 25* CM, E = 8 CM, RESISTENCIA DE 35 MPA, COR NATURAL","M2","CR",78]
[12614,"BOCAL PVC, PARA CALHA PLUVIAL, DIAMETRO DA SAIDA ENTRE *75 E 120* MM, PARA DRENAGEM PLUVIAL PREDIAL","UN","CR",52.89]
[6140,"BOLSA DE LIGACAO EM PVC FLEXIVEL PARA VASO SANITARIO 40 MM (1 1/2\")","UN","CR",4.18]
[38399,"BOLSA DE LONA PARA FERRAMENTAS *50 X 35 X 25* CM","UN","CR",158.74]
[729,"BOMBA CENTRIFUGA COM MOTOR ELETRICO MONOFASICO, POTENCIA 0,33 HP, BOCAIS 1\" X 3/4\", DIAMETRO DO ROTOR 99 MM, HM/Q = 4 MCA / 8,5 M3/H A 18 MCA / 0,90 M3/H","UN","C",684]
[39925,"BOMBA CENTRIFUGA MONOESTAGIO COM MOTOR ELETRICO MONOFASICO, POTENCIA 15 HP, DIAMETRO DO ROTOR *173* MM, HM/Q = *30* MCA / *90* M3/H A *45* MCA / *55* M3/H","UN","CR",9883.73]
[731,"BOMBA CENTRIFUGA MOTOR ELETRICO MONOFASICO 0,49 HP BOCAIS 1\" X 3/4\", DIAMETRO DO ROTOR 110 MM, HM/Q: 6 M / 8,3 M3/H A 20 M / 1,2 M3/H","UN","CR",665.7]
[732,"BOMBA CENTRIFUGA MOTOR ELETRICO TRIFASICO 0,99HP DIAMETRO DE SUCCAO X ELEVACAO 1\" X 1\", DIAMETRO DO ROTOR 145 MM, HM/Q: 14 M / 8,4 M3/H A 40 M / 0,60 M3/H","UN","CR",1122.1500000000001]
[735,"BOMBA CENTRIFUGA MOTOR ELETRICO TRIFASICO 1,48HP DIAMETRO DE SUCCAO X ELEVACAO 1\" X 1\", 4 ESTAGIOS, DIAMETRO DOS ROTORES 3 X 107 MM + 1 X 100 MM, HM/Q: 10 M / 5,3 M3/H A 70 M / 1,8 M3/H","UN","CR",1996.24]
[736,"BOMBA CENTRIFUGA MOTOR ELETRICO TRIFASICO 2,96HP, DIAMETRO DE SUCCAO X ELEVACAO 1 1/2\" X 1 1/4\", DIAMETRO DO ROTOR 148 MM, HM/Q: 34 M / 14,80 M3/H A 40 M / 8,60 M3/H","UN","CR",1678.48]
[740,"BOMBA CENTRIFUGA MOTOR ELETRICO TRIFASICO 9,86 DIAMETRO DE SUCCAO X ELEVACAO 1\" X 1\", 4 ESTAGIOS, DIAMETRO DOS ROTORES 4 X 146 MM, HM/Q: 85 M / 14,9 M3/H A 140 M / 4,2 M3/H","UN","CR",5919.76]
[734,"BOMBA CENTRIFUGA, MOTOR ELETRICO TRIFASICO 1,48HP DIAMETRO DE SUCCAO X ELEVACAO 1 1/2\" X 1\", DIAMETRO DO ROTOR 117 MM, HM/Q: 10 M / 21,9 M3/H A 24 M / 6,1 M3/H","UN","CR",1202.94]
[39008,"BOMBA DE PROJECAO DE CONCRETO SECO, POTENCIA 10 CV, VAZAO 3 M3/H","UN","CR",60939.33]
[39009,"BOMBA DE PROJECAO DE CONCRETO SECO, POTENCIA 10 CV, VAZAO 6 M3/H","UN","CR",65288.94]
[10592,"BOMBA SUBMERSIVEL, ELETRICA, TRIFASICA, POTENCIA 0,99 HP, DIAMETRO ROTOR 98 MM SEMIABERTO, BOCAL DE SAIDA DIAMETRO 2 POLEGADAS, HM/Q = 2 M / 28,90 M3/H A 14 M / 7 M3/H","UN","C"]
[751,"BOMBA SUBMERSIVEL, ELETRICA, TRIFASICA, POTENCIA 2,96 HP, DIAMETRO DO ROTOR 144 MM SEMIABERTO, BOCAL DE SAIDA DIAMETRO DE DUAS POLEGADAS, HM/Q = 2 M / 38,8 M3/H A 28 M / 5 M3/H","UN","CR"]
[754,"BOMBA SUBMERSIVEL, ELETRICA, TRIFASICA, POTENCIA 3,75 HP, DIAMETRO DO ROTOR 90 MM SEMIABERTO, BOCAL DE SAIDA DIAMETRO DE 2 POLEGADAS, HM/Q = 5 M / 61,2 M3/H A 25,5 M / 3,6 M3/H","UN","CR"]
[39917,"BOMBA TRIPLEX, PARA INJECAO DE CALDA DE CIMENTO, VAZAO MAXIMA DE *100* LITROS/MINUTO, PRESSAO MAXIMA DE *70* BAR, POTENCIA DE 15 CV","UN","CR",93607.21]
[38167,"BORBOLETA PARA JANELA TIPO GUILHOTINA, EM ZAMAC CROMADO","PAR","CR",27.25]
[36145,"BOTA DE PVC PRETA, CANO MEDIO, SEM FORRO","PAR","CR",46.67]
[12893,"BOTA DE SEGURANCA COM BIQUEIRA DE ACO E COLARINHO ACOLCHOADO","PAR","CR",82.14]
[11685,"BRACO / CANO PARA CHUVEIRO ELETRICO, EM ALUMINIO, 30 CM X 1/2\"","UN","CR"]
[11680,"BRACO OU HASTE COM CANOPLA PLASTICA, 1/2\", PARA CHUVEIRO SIMPLES","UN","CR",14.82]
[11679,"BRACO OU HASTE RETA COM CANOPLA PLASTICA, 1/2\", PARA CHUVEIRO ELETRICO","UN","CR",20.09]
[2512,"BRACO P/ LUMINARIA PUBLICA 1 X 1,50M ROMAGNOLE OU EQUIV","UN","CR"]
[45203,"BROCHA RETANGULAR, *15 X 5* CM","UN","CR",7.53]
[4374,"BUCHA DE NYLON SEM ABA S10","UN","CR",0.51]
[7568,"BUCHA DE NYLON SEM ABA S10, COM PARAFUSO DE 6,10 X 65 MM EM ACO ZINCADO COM ROSCA SOBERBA, CABECA CHATA E FENDA PHILLIPS","UN","CR",0.86]
[7584,"BUCHA DE NYLON SEM ABA S12, COM PARAFUSO DE 5/16\" X 80 MM EM ACO ZINCADO COM ROSCA SOBERBA E CABECA SEXTAVADA","UN","CR",1.31]
[11945,"BUCHA DE NYLON SEM ABA S4","UN","CR",0.08]
[11946,"BUCHA DE NYLON SEM ABA S5","UN","CR",0.09]
[4375,"BUCHA DE NYLON SEM ABA S6","UN","C",0.14000000000000001]
[11950,"BUCHA DE NYLON SEM ABA S6, COM PARAFUSO DE 4,20 X 40 MM EM ACO ZINCADO COM ROSCA SOBERBA, CABECA CHATA E FENDA PHILLIPS","UN","CR",0.28000000000000003]
[4376,"BUCHA DE NYLON SEM ABA S8","UN","CR",0.27]
[7583,"BUCHA DE NYLON SEM ABA S8, COM PARAFUSO DE 4,80 X 50 MM EM ACO ZINCADO COM ROSCA SOBERBA, CABECA CHATA E FENDA PHILLIPS","UN","CR",0.57999999999999996]
[4350,"BUCHA DE NYLON, DIAMETRO DO FURO 8 MM, COMPRIMENTO 40 MM, COM PARAFUSO DE ROSCA SOBERBA, CABECA CHATA, FENDA SIMPLES, 4,8 X 50 MM","UN","CR",0.67]
[44400,"BUCHA DE REDUCAO CPVC, SOLDAVEL, 54 X 28 MM, PARA AGUA QUENTE","UN","CR"]
[39886,"BUCHA DE REDUCAO DE COBRE SEM ANEL DE SOLDA, PONTA X BOLSA, 22 X 15 MM","UN","CR"]
[39887,"BUCHA DE REDUCAO DE COBRE SEM ANEL DE SOLDA, PONTA X BOLSA, 28 X 22 MM","UN","CR"]
[39888,"BUCHA DE REDUCAO DE COBRE SEM ANEL DE SOLDA, PONTA X BOLSA, 35 X 28 MM","UN","CR"]
[39890,"BUCHA DE REDUCAO DE COBRE SEM ANEL DE SOLDA, PONTA X BOLSA, 42 X 35 MM","UN","CR"]
[39891,"BUCHA DE REDUCAO DE COBRE SEM ANEL DE SOLDA, PONTA X BOLSA, 54 X 42 MM","UN","CR"]
[39892,"BUCHA DE REDUCAO DE COBRE SEM ANEL DE SOLDA, PONTA X BOLSA, 66 X 54 MM","UN","CR"]
[790,"BUCHA DE REDUCAO DE FERRO GALVANIZADO, COM ROSCA BSP, DE 1 1/2\" X 1 1/4\"","UN","CR"]
[791,"BUCHA DE REDUCAO DE FERRO GALVANIZADO, COM ROSCA BSP, DE 1 1/2\" X 1\"","UN","CR"]
[766,"BUCHA DE REDUCAO DE FERRO GALVANIZADO, COM ROSCA BSP, DE 1 1/2\" X 1/2\"","UN","CR"]
[767,"BUCHA DE REDUCAO DE FERRO GALVANIZADO, COM ROSCA BSP, DE 1 1/2\" X 3/4\"","UN","CR"]
[789,"BUCHA DE REDUCAO DE FERRO GALVANIZADO, COM ROSCA BSP, DE 1 1/4\" X 1\"","UN","CR"]
[768,"BUCHA DE REDUCAO DE FERRO GALVANIZADO, COM ROSCA BSP, DE 1 1/4\" X 1/2\"","UN","CR"]
[769,"BUCHA DE REDUCAO DE FERRO GALVANIZADO, COM ROSCA BSP, DE 1 1/4\" X 3/4\"","UN","CR"]
[764,"BUCHA DE REDUCAO DE FERRO GALVANIZADO, COM ROSCA BSP, DE 1\" X 1/2\"","UN","C"]
[765,"BUCHA DE REDUCAO DE FERRO GALVANIZADO, COM ROSCA BSP, DE 1\" X 3/4\"","UN","CR"]
[770,"BUCHA DE REDUCAO DE FERRO GALVANIZADO, COM ROSCA BSP, DE 1/2\" X 1/4\"","UN","CR"]
[12394,"BUCHA DE REDUCAO DE FERRO GALVANIZADO, COM ROSCA BSP, DE 1/2\" X 3/8\"","UN","CR"]
[787,"BUCHA DE REDUCAO DE FERRO GALVANIZADO, COM ROSCA BSP, DE 2 1/2\" X 1 1/2\"","UN","CR"]
[774,"BUCHA DE REDUCAO DE FERRO GALVANIZADO, COM ROSCA BSP, DE 2 1/2\" X 1 1/4\"","UN","CR"]
[773,"BUCHA DE REDUCAO DE FERRO GALVANIZADO, COM ROSCA BSP, DE 2 1/2\" X 1\"","UN","CR"]
[775,"BUCHA DE REDUCAO DE FERRO GALVANIZADO, COM ROSCA BSP, DE 2 1/2\" X 2\"","UN","CR"]
[788,"BUCHA DE REDUCAO DE FERRO GALVANIZADO, COM ROSCA BSP, DE 2\" X 1 1/2\"","UN","CR"]
[772,"BUCHA DE REDUCAO DE FERRO GALVANIZADO, COM ROSCA BSP, DE 2\" X 1 1/4\"","UN","CR"]
[771,"BUCHA DE REDUCAO DE FERRO GALVANIZADO, COM ROSCA BSP, DE 2\" X 1\"","UN","CR"]
[776,"BUCHA DE REDUCAO DE FERRO GALVANIZADO, COM ROSCA BSP, DE 3\" X 1 1/2\"","UN","CR"]
[777,"BUCHA DE REDUCAO DE FERRO GALVANIZADO, COM ROSCA BSP, DE 3\" X 1 1/4\"","UN","CR"]
[780,"BUCHA DE REDUCAO DE FERRO GALVANIZADO, COM ROSCA BSP, DE 3\" X 2 1/2\"","UN","CR"]
[778,"BUCHA DE REDUCAO DE FERRO GALVANIZADO, COM ROSCA BSP, DE 3\" X 2\"","UN","CR"]
[779,"BUCHA DE REDUCAO DE FERRO GALVANIZADO, COM ROSCA BSP, DE 3/4\" X 1/2\"","UN","CR"]
[781,"BUCHA DE REDUCAO DE FERRO GALVANIZADO, COM ROSCA BSP, DE 4\" X 2 1/2\"","UN","CR"]
[786,"BUCHA DE REDUCAO DE FERRO GALVANIZADO, COM ROSCA BSP, DE 4\" X 2\"","UN","CR"]
[782,"BUCHA DE REDUCAO DE FERRO GALVANIZADO, COM ROSCA BSP, DE 4\" X 3\"","UN","CR"]
[783,"BUCHA DE REDUCAO DE FERRO GALVANIZADO, COM ROSCA BSP, DE 5\" X 4\"","UN","CR"]
[785,"BUCHA DE REDUCAO DE FERRO GALVANIZADO, COM ROSCA BSP, DE 6\" X 4\"","UN","CR"]
[784,"BUCHA DE REDUCAO DE FERRO GALVANIZADO, COM ROSCA BSP, DE 6\" X 5\"","UN","CR"]
[828,"BUCHA DE REDUCAO DE PVC, SOLDAVEL, CURTA, COM 25 X 20 MM, PARA AGUA FRIA PREDIAL","UN","CR",0.59]
[829,"BUCHA DE REDUCAO DE PVC, SOLDAVEL, CURTA, COM 32 X 25 MM, PARA AGUA FRIA PREDIAL","UN","CR",0.96]
[812,"BUCHA DE REDUCAO DE PVC, SOLDAVEL, CURTA, COM 40 X 32 MM, PARA AGUA FRIA PREDIAL","UN","CR",2.11]
[819,"BUCHA DE REDUCAO DE PVC, SOLDAVEL, CURTA, COM 50 X 40 MM, PARA AGUA FRIA PREDIAL","UN","CR",3.67]
[818,"BUCHA DE REDUCAO DE PVC, SOLDAVEL, CURTA, COM 60 X 50 MM, PARA AGUA FRIA PREDIAL","UN","CR",6.85]
[20086,"BUCHA DE REDUCAO DE PVC, SOLDAVEL, LONGA, 50 X 40 MM, PARA ESGOTO PREDIAL","UN","CR",3.02]
[832,"BUCHA DE REDUCAO DE PVC, SOLDAVEL, LONGA, COM 32 X 20 MM, PARA AGUA FRIA PREDIAL","UN","CR",2.82]
[834,"BUCHA DE REDUCAO DE PVC, SOLDAVEL, LONGA, COM 40 X 25 MM, PARA AGUA FRIA PREDIAL","UN","CR",3.66]
[813,"BUCHA DE REDUCAO DE PVC, SOLDAVEL, LONGA, COM 50 X 25 MM, PARA AGUA FRIA PREDIAL","UN","CR",4.26]
[820,"BUCHA DE REDUCAO DE PVC, SOLDAVEL, LONGA, COM 50 X 32 MM, PARA AGUA FRIA PREDIAL","UN","CR",5.73]
[816,"BUCHA DE REDUCAO DE PVC, SOLDAVEL, LONGA, COM 60 X 25 MM, PARA AGUA FRIA PREDIAL","UN","CR",10.220000000000001]
[814,"BUCHA DE REDUCAO DE PVC, SOLDAVEL, LONGA, COM 60 X 32 MM, PARA AGUA FRIA PREDIAL","UN","CR",12.69]
[822,"BUCHA DE REDUCAO DE PVC, SOLDAVEL, LONGA, COM 60 X 50 MM, PARA AGUA FRIA PREDIAL","UN","CR",16.57]
[821,"BUCHA DE REDUCAO DE PVC, SOLDAVEL, LONGA, COM 75 X 50 MM, PARA AGUA FRIA PREDIAL","UN","CR",18.95]
[39191,"BUCHA DE REDUCAO EM ALUMINIO, COM ROSCA, DE 1 1/2\" X 1 1/4\", PARA ELETRODUTO","UN","CR",19.59]
[39190,"BUCHA DE REDUCAO EM ALUMINIO, COM ROSCA, DE 1 1/2\" X 1\", PARA ELETRODUTO","UN","CR",20.47]
[39189,"BUCHA DE REDUCAO EM ALUMINIO, COM ROSCA, DE 1 1/2\" X 3/4\", PARA ELETRODUTO","UN","CR",21.66]
[39188,"BUCHA DE REDUCAO EM ALUMINIO, COM ROSCA, DE 1 1/4\" X 1\", PARA ELETRODUTO","UN","CR",15.95]
[39186,"BUCHA DE REDUCAO EM ALUMINIO, COM ROSCA, DE 1 1/4\" X 1/2\", PARA ELETRODUTO","UN","CR",19.38]
[39187,"BUCHA DE REDUCAO EM ALUMINIO, COM ROSCA, DE 1 1/4\" X 3/4\", PARA ELETRODUTO","UN","CR",16.72]
[39184,"BUCHA DE REDUCAO EM ALUMINIO, COM ROSCA, DE 1\" X 1/2\", PARA ELETRODUTO","UN","CR",6.29]
[39185,"BUCHA DE REDUCAO EM ALUMINIO, COM ROSCA, DE 1\" X 3/4\", PARA ELETRODUTO","UN","CR",5.73]
[39198,"BUCHA DE REDUCAO EM ALUMINIO, COM ROSCA, DE 2 1/2\" X 1 1/2\", PARA ELETRODUTO","UN","CR",64.290000000000006]
[39197,"BUCHA DE REDUCAO EM ALUMINIO, COM ROSCA, DE 2 1/2\" X 1 1/4\", PARA ELETRODUTO","UN","CR",67.150000000000006]
[39196,"BUCHA DE REDUCAO EM ALUMINIO, COM ROSCA, DE 2 1/2\" X 1\", PARA ELETRODUTO","UN","CR",69.25]
[39199,"BUCHA DE REDUCAO EM ALUMINIO, COM ROSCA, DE 2 1/2\" X 2\", PARA ELETRODUTO","UN","CR",61.86]
[39195,"BUCHA DE REDUCAO EM ALUMINIO, COM ROSCA, DE 2\" X 1 1/2\", PARA ELETRODUTO","UN","CR",35.71]
[39194,"BUCHA DE REDUCAO EM ALUMINIO, COM ROSCA, DE 2\" X 1 1/4\", PARA ELETRODUTO","UN","CR",38.21]
[39193,"BUCHA DE REDUCAO EM ALUMINIO, COM ROSCA, DE 2\" X 1\", PARA ELETRODUTO","UN","CR",41.88]
[39192,"BUCHA DE REDUCAO EM ALUMINIO, COM ROSCA, DE 2\" X 3/4\", PARA ELETRODUTO","UN","CR",43.57]
[39201,"BUCHA DE REDUCAO EM ALUMINIO, COM ROSCA, DE 3\" X 1 1/2\", PARA ELETRODUTO","UN","CR",76.86]
[39200,"BUCHA DE REDUCAO EM ALUMINIO, COM ROSCA, DE 3\" X 1 1/4\", PARA ELETRODUTO","UN","CR",77.48]
[39203,"BUCHA DE REDUCAO EM ALUMINIO, COM ROSCA, DE 3\" X 2 1/2\", PARA ELETRODUTO","UN","CR",62.56]
[39202,"BUCHA DE REDUCAO EM ALUMINIO, COM ROSCA, DE 3\" X 2\", PARA ELETRODUTO","UN","CR",73.489999999999995]
[39920,"BUCHA DE REDUCAO EM ALUMINIO, COM ROSCA, DE 3/4\" X 1/2\", PARA ELETRODUTO","UN","CR",5.27]
[39205,"BUCHA DE REDUCAO EM ALUMINIO, COM ROSCA, DE 4\" X 2 1/2\", PARA ELETRODUTO","UN","CR",122.6]
[39204,"BUCHA DE REDUCAO EM ALUMINIO, COM ROSCA, DE 4\" X 2\", PARA ELETRODUTO","UN","CR",125.57]
[39206,"BUCHA DE REDUCAO EM ALUMINIO, COM ROSCA, DE 4\" X 3\", PARA ELETRODUTO","UN","CR",119.13]
[798,"BUCHA DE REDUCAO PVC ROSCAVEL 3/4\" X 1/2\"","UN","CR",1.18]
[797,"BUCHA DE REDUCAO PVC, ROSCAVEL 1 1/2\" X 1\"","UN","CR",8.58]
[796,"BUCHA DE REDUCAO PVC, ROSCAVEL, 1 1/2\" X 3/4\"","UN","CR",7.29]
[799,"BUCHA DE REDUCAO PVC, ROSCAVEL, 1\" X 1/2\"","UN","CR",3.52]
[792,"BUCHA DE REDUCAO PVC, ROSCAVEL, 1\" X 3/4\"","UN","CR",3.41]
[38001,"BUCHA DE REDUCAO, CPVC, SOLDAVEL, 22 X 15 MM, PARA AGUA QUENTE","UN","CR"]
[38002,"BUCHA DE REDUCAO, CPVC, SOLDAVEL, 28 X 22 MM, PARA AGUA QUENTE","UN","CR"]
[38003,"BUCHA DE REDUCAO, CPVC, SOLDAVEL, 35 X 28 MM, PARA AGUA QUENTE","UN","CR"]
[38004,"BUCHA DE REDUCAO, CPVC, SOLDAVEL, 42 X 22 MM, PARA AGUA QUENTE","UN","CR"]
[44263,"BUCHA DE REDUCAO, CPVC, SOLDAVEL, 54 X 35 MM, PARA AGUA QUENTE","UN","CR"]
[36327,"BUCHA DE REDUCAO, PPR, DN 25 X 20 MM, PARA AGUA QUENTE PREDIAL","UN","CR"]
[38992,"BUCHA DE REDUCAO, PPR, DN 32 X 25 MM, PARA AGUA QUENTE E FRIA PREDIAL","UN","CR"]
[38993,"BUCHA DE REDUCAO, PPR, DN 40 X 25 MM, PARA AGUA QUENTE E FRIA PREDIAL","UN","CR"]
[44175,"BUCHA DE REDUCAO, PPR, DN 50 X 25 MM, PARA AGUA QUENTE E FRIA PREDIAL","UN","CR"]
[44177,"BUCHA DE REDUCAO, PPR, DN 50 X 32 MM, PARA AGUA QUENTE E FRIA PREDIAL","UN","CR"]
[38418,"BUCHA DE REDUCAO, PVC, LONGA, SERIE R, DN 50 X 40 MM, PARA ESGOTO PREDIAL","UN","CR",5.2]
[39178,"BUCHA EM ALUMINIO, COM ROSCA, DE 1 1/2\", PARA ELETRODUTO","UN","CR",2.12]
[39177,"BUCHA EM ALUMINIO, COM ROSCA, DE 1 1/4\", PARA ELETRODUTO","UN","CR",1.91]
[39176,"BUCHA EM ALUMINIO, COM ROSCA, DE 1\", PARA ELETRODUTO","UN","CR",1.25]
[39174,"BUCHA EM ALUMINIO, COM ROSCA, DE 1/2\", PARA ELETRODUTO","UN","CR",0.95]
[39180,"BUCHA EM ALUMINIO, COM ROSCA, DE 2 1/2\", PARA ELETRODUTO","UN","CR",5.75]
[39179,"BUCHA EM ALUMINIO, COM ROSCA, DE 2\", PARA ELETRODUTO","UN","CR",5.09]
[39181,"BUCHA EM ALUMINIO, COM ROSCA, DE 3\", PARA ELETRODUTO","UN","CR",7.72]
[39175,"BUCHA EM ALUMINIO, COM ROSCA, DE 3/4\", PARA ELETRODUTO","UN","CR",1.17]
[39217,"BUCHA EM ALUMINIO, COM ROSCA, DE 3/8\", PARA ELETRODUTO","UN","CR",0.9]
[39182,"BUCHA EM ALUMINIO, COM ROSCA, DE 4\", PARA ELETRODUTO","UN","CR",10.85]
[12616,"CABECEIRA DIREITA OU ESQUERDA, PVC, PARA CALHA PLUVIAL, DIAMETRO ENTRE *119 E 170* MM, PARA DRENAGEM PLUVIAL PREDIAL","UN","CR",16.04]
[1049,"CABECOTE PARA ENTRADA DE LINHA DE ALIMENTACAO PARA ELETRODUTO, EM LIGA DE ALUMINIO COM ACABAMENTO ANTI CORROSIVO, COM FIXACAO POR ENCAIXE LISO DE 360 GRAUS, DE 1 1/2\"","UN","CR",9.08]
[1099,"CABECOTE PARA ENTRADA DE LINHA DE ALIMENTACAO PARA ELETRODUTO, EM LIGA DE ALUMINIO COM ACABAMENTO ANTI CORROSIVO, COM FIXACAO POR ENCAIXE LISO DE 360 GRAUS, DE 1 1/4\"","UN","CR",6.95]
[1050,"CABECOTE PARA ENTRADA DE LINHA DE ALIMENTACAO PARA ELETRODUTO, EM LIGA DE ALUMINIO COM ACABAMENTO ANTI CORROSIVO, COM FIXACAO POR ENCAIXE LISO DE 360 GRAUS, DE 1\"","UN","CR",4.75]
[39678,"CABECOTE PARA ENTRADA DE LINHA DE ALIMENTACAO PARA ELETRODUTO, EM LIGA DE ALUMINIO COM ACABAMENTO ANTI CORROSIVO, COM FIXACAO POR ENCAIXE LISO DE 360 GRAUS, DE 1/2\"","UN","CR",2.8]
[1101,"CABECOTE PARA ENTRADA DE LINHA DE ALIMENTACAO PARA ELETRODUTO, EM LIGA DE ALUMINIO COM ACABAMENTO ANTI CORROSIVO, COM FIXACAO POR ENCAIXE LISO DE 360 GRAUS, DE 2 1/2\"","UN","CR",29.96]
[1100,"CABECOTE PARA ENTRADA DE LINHA DE ALIMENTACAO PARA ELETRODUTO, EM LIGA DE ALUMINIO COM ACABAMENTO ANTI CORROSIVO, COM FIXACAO POR ENCAIXE LISO DE 360 GRAUS, DE 2\"","UN","CR",15.46]
[39679,"CABECOTE PARA ENTRADA DE LINHA DE ALIMENTACAO PARA ELETRODUTO, EM LIGA DE ALUMINIO COM ACABAMENTO ANTI CORROSIVO, COM FIXACAO POR ENCAIXE LISO DE 360 GRAUS, DE 3 1/2\"","UN","CR",59.71]
[1102,"CABECOTE PARA ENTRADA DE LINHA DE ALIMENTACAO PARA ELETRODUTO, EM LIGA DE ALUMINIO COM ACABAMENTO ANTI CORROSIVO, COM FIXACAO POR ENCAIXE LISO DE 360 GRAUS, DE 3\"","UN","CR",44.68]
[1098,"CABECOTE PARA ENTRADA DE LINHA DE ALIMENTACAO PARA ELETRODUTO, EM LIGA DE ALUMINIO COM ACABAMENTO ANTI CORROSIVO, COM FIXACAO POR ENCAIXE LISO DE 360 GRAUS, DE 3/4\"","UN","CR",3.71]
[1051,"CABECOTE PARA ENTRADA DE LINHA DE ALIMENTACAO PARA ELETRODUTO, EM LIGA DE ALUMINIO COM ACABAMENTO ANTI CORROSIVO, COM FIXACAO POR ENCAIXE LISO DE 360 GRAUS, DE 4\"","UN","CR",64.94]
[37399,"CABIDE/GANCHO DE BANHEIRO SIMPLES EM METAL CROMADO","UN","CR",17.66]
[43834,"CABO COAXIAL RG11 95% DE MALHA","M","CR",18.309999999999999]
[43835,"CABO COAXIAL RG59 95% DE MALHA","M","CR",1.64]
[43833,"CABO COAXIAL RG6 95% DE MALHA","M","CR",1.7]
[41955,"CABO DE ACO GALVANIZADO, DIAMETRO 12,7 MM (1/2\"), COM ALMA DE ACO CABO INDEPENDENTE 6 X 25 F","KG","CR",83.67]
[41953,"CABO DE ACO GALVANIZADO, DIAMETRO 12,7 MM (1/2\"), COM ALMA DE FIBRA 6 X 25 F","KG","CR",79.849999999999994]
[41954,"CABO DE ACO GALVANIZADO, DIAMETRO 9,53 MM (3/8\"), COM ALMA DE FIBRA 6 X 25 F","KG","CR",79.09]
[25004,"CABO DE ALUMINIO NU COM ALMA DE ACO, BITOLA 1/0 AWG","KG","CR",61.19]
[25002,"CABO DE ALUMINIO NU COM ALMA DE ACO, BITOLA 2 AWG","KG","CR",61.19]
[37409,"CABO DE ALUMINIO NU COM ALMA DE ACO, BITOLA 2/0 AWG","KG","CR",61.19]
[841,"CABO DE ALUMINIO NU COM ALMA DE ACO, BITOLA 4 AWG","KG","CR",61.93]
[25005,"CABO DE ALUMINIO NU SEM ALMA DE ACO, BITOLA 1/0 AWG","KG","CR",67.14]
[25003,"CABO DE ALUMINIO NU SEM ALMA DE ACO, BITOLA 2 AWG","KG","CR",68.150000000000006]
[37410,"CABO DE ALUMINIO NU SEM ALMA DE ACO, BITOLA 2/0 AWG","KG","CR",67.14]
[842,"CABO DE ALUMINIO NU SEM ALMA DE ACO, BITOLA 4 AWG","KG","CR",68.099999999999994]
[44391,"CABO DE COBRE FLEXIVEL NAO HALOGENADO, SEM EMISSAO DE FUMACA, 750V, SECAO NOMINAL 120 MM","M","CR",145.1]
[44388,"CABO DE COBRE FLEXIVEL NAO HALOGENADO, SEM EMISSAO DE FUMACA, 750V, SECAO NOMINAL 2,5 MM","M","CR",3.14]
[44392,"CABO DE COBRE FLEXIVEL NAO HALOGENADO, SEM EMISSAO DE FUMACA, 750V, SECAO NOMINAL 240 MM","M","CR",288.91000000000003]
[44390,"CABO DE COBRE FLEXIVEL NAO HALOGENADO, SEM EMISSAO DE FUMACA, 750V, SECAO NOMINAL 50 MM","M","CR",61.21]
[44389,"CABO DE COBRE FLEXIVEL NAO HALOGENADO, SEM EMISSAO DE FUMACA, 750V, SECAO NOMINAL 6,0 MM","M","CR",7.23]
[862,"CABO DE COBRE NU 10 MM2 MEIO-DURO","M","CR",13.24]
[866,"CABO DE COBRE NU 120 MM2 MEIO-DURO","M","CR",168.23]
[892,"CABO DE COBRE NU 150 MM2 MEIO-DURO","M","CR",203.64]
[857,"CABO DE COBRE NU 16 MM2 MEIO-DURO","M","CR",22.15]
[37404,"CABO DE COBRE NU 185 MM2 MEIO-DURO","M","CR",235.61]
[868,"CABO DE COBRE NU 25 MM2 MEIO-DURO","M","CR",31.56]
[863,"CABO DE COBRE NU 35 MM2 MEIO-DURO","M","CR",46.49]
[867,"CABO DE COBRE NU 50 MM2 MEIO-DURO","M","CR",66.22]
[864,"CABO DE COBRE NU 70 MM2 MEIO-DURO","M","CR",87.47]
[865,"CABO DE COBRE NU 95 MM2 MEIO-DURO","M","CR",125.82]
[39251,"CABO DE COBRE, FLEXIVEL, CLASSE 4 OU 5, ISOLACAO EM PVC/A, ANTICHAMA BWF-B, 1 CONDUTOR, 450/750 V, SECAO NOMINAL 0,5 MM2","M","CR",0.83]
[1011,"CABO DE COBRE, FLEXIVEL, CLASSE 4 OU 5, ISOLACAO EM PVC/A, ANTICHAMA BWF-B, 1 CONDUTOR, 450/750 V, SECAO NOMINAL 0,75 MM2","M","CR",1.1299999999999999]
[39252,"CABO DE COBRE, FLEXIVEL, CLASSE 4 OU 5, ISOLACAO EM PVC/A, ANTICHAMA BWF-B, 1 CONDUTOR, 450/750 V, SECAO NOMINAL 1,0 MM2","M","CR",1.48]
[1013,"CABO DE COBRE, FLEXIVEL, CLASSE 4 OU 5, ISOLACAO EM PVC/A, ANTICHAMA BWF-B, 1 CONDUTOR, 450/750 V, SECAO NOMINAL 1,5 MM2","M","CR",1.77]
[980,"CABO DE COBRE, FLEXIVEL, CLASSE 4 OU 5, ISOLACAO EM PVC/A, ANTICHAMA BWF-B, 1 CONDUTOR, 450/750 V, SECAO NOMINAL 10 MM2","M","CR",12.8]
[39237,"CABO DE COBRE, FLEXIVEL, CLASSE 4 OU 5, ISOLACAO EM PVC/A, ANTICHAMA BWF-B, 1 CONDUTOR, 450/750 V, SECAO NOMINAL 120 MM2","M","CR",136.19999999999999]
[39238,"CABO DE COBRE, FLEXIVEL, CLASSE 4 OU 5, ISOLACAO EM PVC/A, ANTICHAMA BWF-B, 1 CONDUTOR, 450/750 V, SECAO NOMINAL 150 MM2","M","CR",171.77]
[979,"CABO DE COBRE, FLEXIVEL, CLASSE 4 OU 5, ISOLACAO EM PVC/A, ANTICHAMA BWF-B, 1 CONDUTOR, 450/750 V, SECAO NOMINAL 16 MM2","M","CR",18.29]
[39239,"CABO DE COBRE, FLEXIVEL, CLASSE 4 OU 5, ISOLACAO EM PVC/A, ANTICHAMA BWF-B, 1 CONDUTOR, 450/750 V, SECAO NOMINAL 185 MM2","M","CR",207.52]
[1014,"CABO DE COBRE, FLEXIVEL, CLASSE 4 OU 5, ISOLACAO EM PVC/A, ANTICHAMA BWF-B, 1 CONDUTOR, 450/750 V, SECAO NOMINAL 2,5 MM2","M","CR",2.81]
[39240,"CABO DE COBRE, FLEXIVEL, CLASSE 4 OU 5, ISOLACAO EM PVC/A, ANTICHAMA BWF-B, 1 CONDUTOR, 450/750 V, SECAO NOMINAL 240 MM2","M","CR",272.94]
[39232,"CABO DE COBRE, FLEXIVEL, CLASSE 4 OU 5, ISOLACAO EM PVC/A, ANTICHAMA BWF-B, 1 CONDUTOR, 450/750 V, SECAO NOMINAL 25 MM2","M","CR",28.64]
[39233,"CABO DE COBRE, FLEXIVEL, CLASSE 4 OU 5, ISOLACAO EM PVC/A, ANTICHAMA BWF-B, 1 CONDUTOR, 450/750 V, SECAO NOMINAL 35 MM2","M","CR",41.75]
[981,"CABO DE COBRE, FLEXIVEL, CLASSE 4 OU 5, ISOLACAO EM PVC/A, ANTICHAMA BWF-B, 1 CONDUTOR, 450/750 V, SECAO NOMINAL 4 MM2","M","C",4.66]
[39234,"CABO DE COBRE, FLEXIVEL, CLASSE 4 OU 5, ISOLACAO EM PVC/A, ANTICHAMA BWF-B, 1 CONDUTOR, 450/750 V, SECAO NOMINAL 50 MM2","M","CR",58.12]
[982,"CABO DE COBRE, FLEXIVEL, CLASSE 4 OU 5, ISOLACAO EM PVC/A, ANTICHAMA BWF-B, 1 CONDUTOR, 450/750 V, SECAO NOMINAL 6 MM2","M","CR",6.7]
[39235,"CABO DE COBRE, FLEXIVEL, CLASSE 4 OU 5, ISOLACAO EM PVC/A, ANTICHAMA BWF-B, 1 CONDUTOR, 450/750 V, SECAO NOMINAL 70 MM2","M","CR",85.71]
[39236,"CABO DE COBRE, FLEXIVEL, CLASSE 4 OU 5, ISOLACAO EM PVC/A, ANTICHAMA BWF-B, 1 CONDUTOR, 450/750 V, SECAO NOMINAL 95 MM2","M","CR",113.6]
[993,"CABO DE COBRE, FLEXIVEL, CLASSE 4 OU 5, ISOLACAO EM PVC/A, ANTICHAMA BWF-B, COBERTURA PVC-ST1, ANTICHAMA BWF-B, 1 CONDUTOR, 0,6/1 KV, SECAO NOMINAL 1,5 MM2","M","CR",2.39]
[1020,"CABO DE COBRE, FLEXIVEL, CLASSE 4 OU 5, ISOLACAO EM PVC/A, ANTICHAMA BWF-B, COBERTURA PVC-ST1, ANTICHAMA BWF-B, 1 CONDUTOR, 0,6/1 KV, SECAO NOMINAL 10 MM2","M","CR",12.21]
[1017,"CABO DE COBRE, FLEXIVEL, CLASSE 4 OU 5, ISOLACAO EM PVC/A, ANTICHAMA BWF-B, COBERTURA PVC-ST1, ANTICHAMA BWF-B, 1 CONDUTOR, 0,6/1 KV, SECAO NOMINAL 120 MM2","M","CR",149.6]
[999,"CABO DE COBRE, FLEXIVEL, CLASSE 4 OU 5, ISOLACAO EM PVC/A, ANTICHAMA BWF-B, COBERTURA PVC-ST1, ANTICHAMA BWF-B, 1 CONDUTOR, 0,6/1 KV, SECAO NOMINAL 150 MM2","M","CR",181.25]
[995,"CABO DE COBRE, FLEXIVEL, CLASSE 4 OU 5, ISOLACAO EM PVC/A, ANTICHAMA BWF-B, COBERTURA PVC-ST1, ANTICHAMA BWF-B, 1 CONDUTOR, 0,6/1 KV, SECAO NOMINAL 16 MM2","M","CR",19.440000000000001]
[1000,"CABO DE COBRE, FLEXIVEL, CLASSE 4 OU 5, ISOLACAO EM PVC/A, ANTICHAMA BWF-B, COBERTURA PVC-ST1, ANTICHAMA BWF-B, 1 CONDUTOR, 0,6/1 KV, SECAO NOMINAL 185 MM2","M","CR",222.63]
[1022,"CABO DE COBRE, FLEXIVEL, CLASSE 4 OU 5, ISOLACAO EM PVC/A, ANTICHAMA BWF-B, COBERTURA PVC-ST1, ANTICHAMA BWF-B, 1 CONDUTOR, 0,6/1 KV, SECAO NOMINAL 2,5 MM2","M","CR",3.34]
[1015,"CABO DE COBRE, FLEXIVEL, CLASSE 4 OU 5, ISOLACAO EM PVC/A, ANTICHAMA BWF-B, COBERTURA PVC-ST1, ANTICHAMA BWF-B, 1 CONDUTOR, 0,6/1 KV, SECAO NOMINAL 240 MM2","M","CR",295.83999999999997]
[996,"CABO DE COBRE, FLEXIVEL, CLASSE 4 OU 5, ISOLACAO EM PVC/A, ANTICHAMA BWF-B, COBERTURA PVC-ST1, ANTICHAMA BWF-B, 1 CONDUTOR, 0,6/1 KV, SECAO NOMINAL 25 MM2","M","CR",30.14]
[1001,"CABO DE COBRE, FLEXIVEL, CLASSE 4 OU 5, ISOLACAO EM PVC/A, ANTICHAMA BWF-B, COBERTURA PVC-ST1, ANTICHAMA BWF-B, 1 CONDUTOR, 0,6/1 KV, SECAO NOMINAL 300 MM2","M","CR",383.84]
[1019,"CABO DE COBRE, FLEXIVEL, CLASSE 4 OU 5, ISOLACAO EM PVC/A, ANTICHAMA BWF-B, COBERTURA PVC-ST1, ANTICHAMA BWF-B, 1 CONDUTOR, 0,6/1 KV, SECAO NOMINAL 35 MM2","M","CR",42.59]
[1021,"CABO DE COBRE, FLEXIVEL, CLASSE 4 OU 5, ISOLACAO EM PVC/A, ANTICHAMA BWF-B, COBERTURA PVC-ST1, ANTICHAMA BWF-B, 1 CONDUTOR, 0,6/1 KV, SECAO NOMINAL 4 MM2","M","CR",5.12]
[39249,"CABO DE COBRE, FLEXIVEL, CLASSE 4 OU 5, ISOLACAO EM PVC/A, ANTICHAMA BWF-B, COBERTURA PVC-ST1, ANTICHAMA BWF-B, 1 CONDUTOR, 0,6/1 KV, SECAO NOMINAL 400 MM2","M","CR",516.1]
[1018,"CABO DE COBRE, FLEXIVEL, CLASSE 4 OU 5, ISOLACAO EM PVC/A, ANTICHAMA BWF-B, COBERTURA PVC-ST1, ANTICHAMA BWF-B, 1 CONDUTOR, 0,6/1 KV, SECAO NOMINAL 50 MM2","M","CR",62.98]
[39250,"CABO DE COBRE, FLEXIVEL, CLASSE 4 OU 5, ISOLACAO EM PVC/A, ANTICHAMA BWF-B, COBERTURA PVC-ST1, ANTICHAMA BWF-B, 1 CONDUTOR, 0,6/1 KV, SECAO NOMINAL 500 MM2","M","CR",617.37]
[994,"CABO DE COBRE, FLEXIVEL, CLASSE 4 OU 5, ISOLACAO EM PVC/A, ANTICHAMA BWF-B, COBERTURA PVC-ST1, ANTICHAMA BWF-B, 1 CONDUTOR, 0,6/1 KV, SECAO NOMINAL 6 MM2","M","CR",7.45]
[977,"CABO DE COBRE, FLEXIVEL, CLASSE 4 OU 5, ISOLACAO EM PVC/A, ANTICHAMA BWF-B, COBERTURA PVC-ST1, ANTICHAMA BWF-B, 1 CONDUTOR, 0,6/1 KV, SECAO NOMINAL 70 MM2","M","CR",88.11]
[998,"CABO DE COBRE, FLEXIVEL, CLASSE 4 OU 5, ISOLACAO EM PVC/A, ANTICHAMA BWF-B, COBERTURA PVC-ST1, ANTICHAMA BWF-B, 1 CONDUTOR, 0,6/1 KV, SECAO NOMINAL 95 MM2","M","CR",114.4]
[1006,"CABO DE COBRE, RIGIDO, CLASSE 2, ISOLACAO EM PVC, ANTI-CHAMA BWF-B, 1 CONDUTOR, 450/750 V, DIAMETRO 120 MM2","M","CR",151.59]
[990,"CABO DE COBRE, RIGIDO, CLASSE 2, ISOLACAO EM PVC/A, ANTICHAMA BWF-B, 1 CONDUTOR, 450/750 V, SECAO NOMINAL 150 MM2","M","CR",201.56]
[39241,"CABO DE COBRE, RIGIDO, CLASSE 2, ISOLACAO EM PVC/A, ANTICHAMA BWF-B, 1 CONDUTOR, 450/750 V, SECAO NOMINAL 16 MM2","M","CR",19.84]
[1005,"CABO DE COBRE, RIGIDO, CLASSE 2, ISOLACAO EM PVC/A, ANTICHAMA BWF-B, 1 CONDUTOR, 450/750 V, SECAO NOMINAL 185 MM2","M","CR",250.96]
[991,"CABO DE COBRE, RIGIDO, CLASSE 2, ISOLACAO EM PVC/A, ANTICHAMA BWF-B, 1 CONDUTOR, 450/750 V, SECAO NOMINAL 240 MM2","M","CR",328.7]
[986,"CABO DE COBRE, RIGIDO, CLASSE 2, ISOLACAO EM PVC/A, ANTICHAMA BWF-B, 1 CONDUTOR, 450/750 V, SECAO NOMINAL 25 MM2","M","CR",31.35]
[987,"CABO DE COBRE, RIGIDO, CLASSE 2, ISOLACAO EM PVC/A, ANTICHAMA BWF-B, 1 CONDUTOR, 450/750 V, SECAO NOMINAL 35 MM2","M","CR",42.92]
[1007,"CABO DE COBRE, RIGIDO, CLASSE 2, ISOLACAO EM PVC/A, ANTICHAMA BWF-B, 1 CONDUTOR, 450/750 V, SECAO NOMINAL 50 MM2","M","CR",59.41]
[1008,"CABO DE COBRE, RIGIDO, CLASSE 2, ISOLACAO EM PVC/A, ANTICHAMA BWF-B, 1 CONDUTOR, 450/750 V, SECAO NOMINAL 6 MM2","M","CR",7.54]
[988,"CABO DE COBRE, RIGIDO, CLASSE 2, ISOLACAO EM PVC/A, ANTICHAMA BWF-B, 1 CONDUTOR, 450/750 V, SECAO NOMINAL 70 MM2","M","CR",81.91]
[989,"CABO DE COBRE, RIGIDO, CLASSE 2, ISOLACAO EM PVC/A, ANTICHAMA BWF-B, 1 CONDUTOR, 450/750 V, SECAO NOMINAL 95 MM2","M","CR",113.07]
[43972,"CABO DE REDE, PAR TRANCADO U/UTP, 4 PARES, CATEGORIA 5E (CAT 5E), ISOLAMENTO PVC (CM)","M","CR",3.49]
[43971,"CABO DE REDE, PAR TRANCADO U/UTP, 4 PARES, CATEGORIA 5E (CAT 5E), ISOLAMENTO PVC (CMX)","M","C",2.67]
[39598,"CABO DE REDE, PAR TRANCADO U/UTP, 4 PARES, CATEGORIA 5E (CAT 5E), ISOLAMENTO PVC (LSZH)","M","CR",4.95]
[43973,"CABO DE REDE, PAR TRANCADO U/UTP, 4 PARES, CATEGORIA 6 (CAT 6), ISOLAMENTO PVC (CM)","M","CR",3.65]
[39599,"CABO DE REDE, PAR TRANCADO UTP, 4 PARES, CATEGORIA 6 (CAT 6), ISOLAMENTO PVC (LSZH)","M","CR",7.12]
[43832,"CABO ELETRONICO CATEGORIA 6A U/UTP 23AWG X 4P","M","CR",18.760000000000002]
[34602,"CABO FLEXIVEL PVC 750 V, 2 CONDUTORES DE 1,5 MM2","M","CR",5.19]
[34607,"CABO FLEXIVEL PVC 750 V, 2 CONDUTORES DE 4,0 MM2","M","CR",12.71]
[34609,"CABO FLEXIVEL PVC 750 V, 2 CONDUTORES DE 6,0 MM2","M","CR",18.489999999999998]
[34618,"CABO FLEXIVEL PVC 750 V, 3 CONDUTORES DE 1,5 MM2","M","CR",7.07]
[34621,"CABO FLEXIVEL PVC 750 V, 3 CONDUTORES DE 4,0 MM2","M","CR",17.52]
[34622,"CABO FLEXIVEL PVC 750 V, 3 CONDUTORES DE 6,0 MM2","M","CR",26.03]
[34624,"CABO FLEXIVEL PVC 750 V, 4 CONDUTORES DE 1,5 MM2","M","CR",9.44]
[34627,"CABO FLEXIVEL PVC 750 V, 4 CONDUTORES DE 4,0 MM2","M","CR",22.76]
[34629,"CABO FLEXIVEL PVC 750 V, 4 CONDUTORES DE 6,0 MM2","M","CR",34.78]
[39257,"CABO MULTIPOLAR DE COBRE, FLEXIVEL, CLASSE 4 OU 5, ISOLACAO EM HEPR, COBERTURA EM PVC-ST2, ANTICHAMA BWF-B, 0,6/1 KV, 3 CONDUTORES DE 1,5 MM2","M","CR",7.08]
[39261,"CABO MULTIPOLAR DE COBRE, FLEXIVEL, CLASSE 4 OU 5, ISOLACAO EM HEPR, COBERTURA EM PVC-ST2, ANTICHAMA BWF-B, 0,6/1 KV, 3 CONDUTORES DE 10 MM2","M","CR",40.520000000000003]
[39268,"CABO MULTIPOLAR DE COBRE, FLEXIVEL, CLASSE 4 OU 5, ISOLACAO EM HEPR, COBERTURA EM PVC-ST2, ANTICHAMA BWF-B, 0,6/1 KV, 3 CONDUTORES DE 120 MM2","M","CR",633.39]
[39262,"CABO MULTIPOLAR DE COBRE, FLEXIVEL, CLASSE 4 OU 5, ISOLACAO EM HEPR, COBERTURA EM PVC-ST2, ANTICHAMA BWF-B, 0,6/1 KV, 3 CONDUTORES DE 16 MM2","M","CR",64.53]
[39258,"CABO MULTIPOLAR DE COBRE, FLEXIVEL, CLASSE 4 OU 5, ISOLACAO EM HEPR, COBERTURA EM PVC-ST2, ANTICHAMA BWF-B, 0,6/1 KV, 3 CONDUTORES DE 2,5 MM2","M","CR",10.67]
[39263,"CABO MULTIPOLAR DE COBRE, FLEXIVEL, CLASSE 4 OU 5, ISOLACAO EM HEPR, COBERTURA EM PVC-ST2, ANTICHAMA BWF-B, 0,6/1 KV, 3 CONDUTORES DE 25 MM2","M","CR",111.58]
[39264,"CABO MULTIPOLAR DE COBRE, FLEXIVEL, CLASSE 4 OU 5, ISOLACAO EM HEPR, COBERTURA EM PVC-ST2, ANTICHAMA BWF-B, 0,6/1 KV, 3 CONDUTORES DE 35 MM2","M","CR",154.57]
[39259,"CABO MULTIPOLAR DE COBRE, FLEXIVEL, CLASSE 4 OU 5, ISOLACAO EM HEPR, COBERTURA EM PVC-ST2, ANTICHAMA BWF-B, 0,6/1 KV, 3 CONDUTORES DE 4 MM2","M","CR",16.43]
[39265,"CABO MULTIPOLAR DE COBRE, FLEXIVEL, CLASSE 4 OU 5, ISOLACAO EM HEPR, COBERTURA EM PVC-ST2, ANTICHAMA BWF-B, 0,6/1 KV, 3 CONDUTORES DE 50 MM2","M","CR",209.86]
[39260,"CABO MULTIPOLAR DE COBRE, FLEXIVEL, CLASSE 4 OU 5, ISOLACAO EM HEPR, COBERTURA EM PVC-ST2, ANTICHAMA BWF-B, 0,6/1 KV, 3 CONDUTORES DE 6 MM2","M","CR",25.15]
[39266,"CABO MULTIPOLAR DE COBRE, FLEXIVEL, CLASSE 4 OU 5, ISOLACAO EM HEPR, COBERTURA EM PVC-ST2, ANTICHAMA BWF-B, 0,6/1 KV, 3 CONDUTORES DE 70 MM2","M","CR",316.67]
[39267,"CABO MULTIPOLAR DE COBRE, FLEXIVEL, CLASSE 4 OU 5, ISOLACAO EM HEPR, COBERTURA EM PVC-ST2, ANTICHAMA BWF-B, 0,6/1 KV, 3 CONDUTORES DE 95 MM2","M","CR",395.92]
[11901,"CABO TELEFONICO CCI 50, 1 PAR, USO INTERNO, SEM BLINDAGEM","M","CR",0.64]
[11902,"CABO TELEFONICO CCI 50, 2 PARES, USO INTERNO, SEM BLINDAGEM","M","CR",1.23]
[11903,"CABO TELEFONICO CCI 50, 3 PARES, USO INTERNO, SEM BLINDAGEM","M","CR",1.3]
[11904,"CABO TELEFONICO CCI 50, 4 PARES, USO INTERNO, SEM BLINDAGEM","M","CR",1.97]
[11905,"CABO TELEFONICO CCI 50, 5 PARES, USO INTERNO, SEM BLINDAGEM","M","CR",2.4]
[11906,"CABO TELEFONICO CCI 50, 6 PARES, USO INTERNO, SEM BLINDAGEM","M","CR",3.06]
[11919,"CABO TELEFONICO CI 50, 10 PARES, USO INTERNO","M","CR",5.6]
[11920,"CABO TELEFONICO CI 50, 20 PARES, USO INTERNO","M","CR",10.64]
[11924,"CABO TELEFONICO CI 50, 200 PARES, USO INTERNO","M","CR",89.32]
[11921,"CABO TELEFONICO CI 50, 30 PARES, USO INTERNO","M","CR",15.57]
[11922,"CABO TELEFONICO CI 50, 50 PARES, USO INTERNO","M","CR",25.17]
[11923,"CABO TELEFONICO CI 50, 75 PARES, USO INTERNO","M","CR",36.85]
[11916,"CABO TELEFONICO CTP - APL - 50, 10 PARES, USO EXTERNO","M","CR",7.66]
[11914,"CABO TELEFONICO CTP - APL - 50, 100 PARES, USO EXTERNO","M","CR",55.21]
[11917,"CABO TELEFONICO CTP - APL - 50, 20 PARES, USO EXTERNO","M","CR",13.5]
[11918,"CABO TELEFONICO CTP - APL - 50, 30 PARES, USO EXTERNO","M","CR",16.010000000000002]
[37734,"CACAMBA METALICA BASCULANTE COM CAPACIDADE DE 10 M3 (INCLUI MONTAGEM, NAO INCLUI CAMINHAO)","UN","CR"]
[37733,"CACAMBA METALICA BASCULANTE COM CAPACIDADE DE 6 M3 (INCLUI MONTAGEM, NAO INCLUI CAMINHAO)","UN","CR"]
[5090,"CADEADO SIMPLES, CORPO EM LATAO MACICO, COM LARGURA DE 25 MM E ALTURA DE APROX 25 MM, HASTE CEMENTADA (NAO LONGA), EM ACO TEMPERADO COM DIAMETRO DE APROX 5,0 MM, INCLUINDO 2 CHAVES","UN","C",20]
[5085,"CADEADO SIMPLES, CORPO EM LATAO MACICO, COM LARGURA DE 35 MM E ALTURA DE APROX 30 MM, HASTE CEMENTADA (NAO LONGA), EM ACO TEMPERADO COM DIAMETRO DE APROX 6,0 MM, INCLUINDO 2 CHAVES","UN","CR",29.77]
[43603,"CADEADO SIMPLES, CORPO EM LATAO MACICO, COM LARGURA DE 50 MM E ALTURA DE APROX 40 MM, HASTE CEMENTADA EM ACO TEMPERADO COM DIAMETRO DE APROX 8,0 MM, INCLUINDO 2 CHAVES","UN","CR",42.53]
[38374,"CADEIRA SUSPENSA MANUAL / BALANCIM INDIVIDUAL (NBR 14751)","UN","CR",860.95]
[4513,"CAIBRO 5 X 5 CM EM PINUS, MISTA OU EQUIVALENTE DA REGIAO - BRUTA","M","CR",8.27]
[20212,"CAIBRO APARELHADO *6 X 8* CM, EM MACARANDUBA/MASSARANDUBA, ANGELIM OU EQUIVALENTE DA REGIAO","M","CR",16.91]
[20209,"CAIBRO APARELHADO *7,5 X 7,5* CM, EM MACARANDUBA/MASSARANDUBA, ANGELIM OU EQUIVALENTE DA REGIAO","M","CR",20.2]
[4430,"CAIBRO NAO APARELHADO *5 X 6* CM, EM MACARANDUBA/MASSARANDUBA, ANGELIM OU EQUIVALENTE DA REGIAO - BRUTA","M","C",9.9]
[4433,"CAIBRO NAO APARELHADO *6 X 6* CM, EM MACARANDUBA/MASSARANDUBA, ANGELIM OU EQUIVALENTE DA REGIAO - BRUTA","M","CR",19.36]
[4400,"CAIBRO NAO APARELHADO, *6 X 8* CM, EM MACARANDUBA/MASSARANDUBA, ANGELIM OU EQUIVALENTE DA REGIAO - BRUTA","M","CR",15.75]
[2729,"CAIBRO ROLICO DE MADEIRA TRATADA, D = 4 A 7 CM, H = 3,00 M, EM EUCALIPTO OU EQUIVALENTE DA REGIAO","UN","CR",33.619999999999997]
[37106,"CAIXA D'AGUA / RESERVATORIO EM POLIESTER REFORCADO COM FIBRA DE VIDRO, 10000 LITROS, COM TAMPA","UN","CR",5206.93]
[11869,"CAIXA D'AGUA / RESERVATORIO EM POLIESTER REFORCADO COM FIBRA DE VIDRO, 1500 LITROS, COM TAMPA","UN","CR",1041.3800000000001]
[43981,"CAIXA D'AGUA / RESERVATORIO EM POLIESTER REFORCADO COM FIBRA DE VIDRO, 15000 LITROS, COM TAMPA","UN","CR",7846.79]
[37104,"CAIXA D'AGUA / RESERVATORIO EM POLIESTER REFORCADO COM FIBRA DE VIDRO, 2000 LITROS, COM TAMPA","UN","CR",1306.96]
[43982,"CAIXA D'AGUA / RESERVATORIO EM POLIESTER REFORCADO COM FIBRA DE VIDRO, 20000 LITROS, COM TAMPA","UN","CR",12395.96]
[43978,"CAIXA D'AGUA / RESERVATORIO EM POLIESTER REFORCADO COM FIBRA DE VIDRO, 3000 LITROS, COM TAMPA","UN","CR",1936.88]
[11871,"CAIXA D'AGUA / RESERVATORIO EM POLIESTER REFORCADO COM FIBRA DE VIDRO, 500 LITROS, COM TAMPA","UN","CR",485.44]
[37105,"CAIXA D'AGUA / RESERVATORIO EM POLIESTER REFORCADO COM FIBRA DE VIDRO, 5000 LITROS, COM TAMPA","UN","CR",2986.9]
[43980,"CAIXA D'AGUA / RESERVATORIO EM POLIESTER REFORCADO COM FIBRA DE VIDRO, 7000 LITROS, COM TAMPA","UN","CR",3719.87]
[43979,"CAIXA D'AGUA / RESERVATORIO EM POLIESTER REFORCADO COM FIBRA DE VIDRO, 750 LITROS, COM TAMPA","UN","CR",698.92]
[11868,"CAIXA D'AGUA / RESERVATORIO EM POLIESTER REFORCADO COM FIBRA DE VIDRO,1000 LITROS, COM TAMPA","UN","CR",675.93]
[34636,"CAIXA D'AGUA / RESERVATORIO EM POLIETILENO, 1000 LITROS, COM TAMPA","UN","C",480]
[34639,"CAIXA D'AGUA / RESERVATORIO EM POLIETILENO, 1500 LITROS, COM TAMPA","UN","CR",1107.92]
[34640,"CAIXA D'AGUA / RESERVATORIO EM POLIETILENO, 2000 LITROS, COM TAMPA","UN","CR",1256.77]
[43977,"CAIXA D'AGUA / RESERVATORIO EM POLIETILENO, 3000 LITROS, COM TAMPA","UN","CR",2166.59]
[34637,"CAIXA D'AGUA / RESERVATORIO EM POLIETILENO, 500 LITROS, COM TAMPA","UN","CR",290.27999999999997]
[34638,"CAIXA D'AGUA / RESERVATORIO EM POLIETILENO, 750 LITROS, COM TAMPA","UN","CR",449]
[34641,"CAIXA DE ATERRAMENTO EM CONCRETO PRE-MOLDADO, DIAMETRO DE 0,30 M E ALTURA DE 0,35 M, SEM FUNDO E COM TAMPA","UN","CR",76.94]
[43434,"CAIXA DE CONCRETO ARMADO PRE-MOLDADO, COM FUNDO E SEM TAMPA, DIMENSOES DE 0,30 X 0,30 X 0,30 M","UN","CR",83.19]
[43435,"CAIXA DE CONCRETO ARMADO PRE-MOLDADO, COM FUNDO E SEM TAMPA, DIMENSOES DE 0,40 X 0,40 X 0,40 M","UN","CR",152.52000000000001]
[43436,"CAIXA DE CONCRETO ARMADO PRE-MOLDADO, COM FUNDO E SEM TAMPA, DIMENSOES DE 0,60 X 0,60 X 0,50 M","UN","CR",266.91000000000003]
[43437,"CAIXA DE CONCRETO ARMADO PRE-MOLDADO, COM FUNDO E SEM TAMPA, DIMENSOES DE 0,80 X 0,80 X 0,50 M","UN","CR",483.9]
[43438,"CAIXA DE CONCRETO ARMADO PRE-MOLDADO, COM FUNDO E SEM TAMPA, DIMENSOES DE 1,00 X 1,00 X 0,50 M","UN","CR",866.59]
[41627,"CAIXA DE CONCRETO ARMADO PRE-MOLDADO, COM FUNDO E TAMPA, DIMENSOES DE 0,30 X 0,30 X 0,30 M","UN","CR",128.25]
[41628,"CAIXA DE CONCRETO ARMADO PRE-MOLDADO, COM FUNDO E TAMPA, DIMENSOES DE 0,40 X 0,40 X 0,40 M","UN","CR",235.71]
[41629,"CAIXA DE CONCRETO ARMADO PRE-MOLDADO, COM FUNDO E TAMPA, DIMENSOES DE 0,60 X 0,60 X 0,50 M","UN","CR",299.49]
[43429,"CAIXA DE CONCRETO ARMADO PRE-MOLDADO, SEM FUNDO, QUADRADA, DIMENSOES DE 0,30 X 0,30 X 0,30 M","UN","CR",66.36]
[43430,"CAIXA DE CONCRETO ARMADO PRE-MOLDADO, SEM FUNDO, QUADRADA, DIMENSOES DE 0,40 X 0,40 X 0,40 M","UN","CR",110.23]
[43431,"CAIXA DE CONCRETO ARMADO PRE-MOLDADO, SEM FUNDO, QUADRADA, DIMENSOES DE 0,60 X 0,60 X 0,50 M","UN","CR",213.52]
[43432,"CAIXA DE CONCRETO ARMADO PRE-MOLDADO, SEM FUNDO, QUADRADA, DIMENSOES DE 0,80 X 0,80 X 0,50 M","UN","CR",443.69]
[43433,"CAIXA DE CONCRETO ARMADO PRE-MOLDADO, SEM FUNDO, QUADRADA, DIMENSOES DE 1,00 X 1,00 X 0,50 M","UN","CR",699.51]
[43094,"CAIXA DE DERIVACAO PARA MEDIDOR DE ENERGIA, COM BARRAMENTO MONOFASICO, EM POLICARBONATO / TERMOPLASTICO - MODULO (PADRAO CONCESSIONARIA LOCAL)","UN","CR",371.68]
[43093,"CAIXA DE DERIVACAO PARA MEDIDOR DE ENERGIA, COM BARRAMENTO POLIFASICO, EM POLICARBONATO / TERMOPLASTICO - MODULO (PADRAO CONCESSIONARIA LOCAL)","UN","CR",394.99]
[11694,"CAIXA DE DESCARGA PLASTICA PARA BACIA / VASO SANITARIO DE EMBUTIR, COM ESPELHO ACIONADOR EM PLASTICO, CAPACIDADE 6 A 10 LITROS, (COMPLETA - ACESSORIOS INCLUSOS)","UN","CR",1061.05]
[1030,"CAIXA DE DESCARGA PLASTICA PARA BACIA / VASO SANITARIO, EXTERNA, CAPACIDADE 9 LITROS, PUXADOR FIO DE NYLON, NAO INCLUSO CANO, BOLSA, ENGATE","UN","C",48]
[11881,"CAIXA DE GORDURA CILINDRICA EM CONCRETO SIMPLES, PRE-MOLDADA, COM DIAMETRO DE 40 CM E ALTURA DE 45 CM, COM TAMPA","UN","CR",117.85]
[35277,"CAIXA DE GORDURA EM PVC, DIAMETRO MINIMO 300 MM, DIAMETRO DE SAIDA 100 MM, CAPACIDADE APROXIMADA 18 LITROS, COM TAMPA E CESTO","UN","CR",317.85000000000002]
[10521,"CAIXA DE INCENDIO/ABRIGO PARA MANGUEIRA, DE EMBUTIR/INTERNA, COM 75 X 45 X 17 CM, EM CHAPA DE ACO, PORTA COM VENTILACAO, VISOR COM A INSCRICAO \"INCENDIO\", SUPORTE/CESTA INTERNA PARA A MANGUEIRA, PINTURA ELETROSTATICA VERMELHA","UN","CR",379.9]
[10885,"CAIXA DE INCENDIO/ABRIGO PARA MANGUEIRA, DE EMBUTIR/INTERNA, COM 90 X 60 X 17 CM, EM CHAPA DE ACO, PORTA COM VENTILACAO, VISOR COM A INSCRICAO \"INCENDIO\", SUPORTE/CESTA INTERNA PARA A MANGUEIRA, PINTURA ELETROSTATICA VERMELHA","UN","CR",480.53]
[20962,"CAIXA DE INCENDIO/ABRIGO PARA MANGUEIRA, DE SOBREPOR/EXTERNA, COM 75 X 45 X 17 CM, EM CHAPA DE ACO, PORTA COM VENTILACAO, VISOR COM A INSCRICAO \"INCENDIO\", SUPORTE/CESTA INTERNA PARA A MANGUEIRA, PINTURA ELETROSTATICA VERMELHA","UN","C",398]
[20963,"CAIXA DE INCENDIO/ABRIGO PARA MANGUEIRA, DE SOBREPOR/EXTERNA, COM 90 X 60 X 17 CM, EM CHAPA DE ACO, PORTA COM VENTILACAO, VISOR COM A INSCRICAO \"INCENDIO\", SUPORTE/CESTA INTERNA PARA A MANGUEIRA, PINTURA ELETROSTATICA VERMELHA","UN","CR",486.19]
[34643,"CAIXA DE INSPECAO PARA ATERRAMENTO E PARA RAIOS, EM POLIPROPILENO, DIAMETRO = 300 MM X ALTURA = 400 MM (INCLUIDA TAMPA SEM ESCOTILHA)","UN","CR",36.6]
[41480,"CAIXA DE INSPECAO PARA ATERRAMENTO OU OUTRO USO, EM PVC, DN = 250 X 250 MM (INCLUIDA TAMPA EM FERRO FUNDIDO SEM ESCOTILHA)","UN","CR",42.44]
[41474,"CAIXA DE INSPECAO PARA ATERRAMENTO OU OUTRO USO, EM PVC, DN = 300 X *300* MM (INCLUIDA TAMPA EM FERRO FUNDIDO SEM ESCOTILHA)","UN","CR",67.8]
[41475,"CAIXA DE INSPECAO PARA ATERRAMENTO OU OUTRO USO, EM PVC, DN = 300 X 250 MM (INCLUIDA TAMPA EM FERRO FUNDIDO SEM ESCOTILHA)","UN","CR",57.85]
[41476,"CAIXA DE INSPECAO PARA ATERRAMENTO OU OUTRO USO, EM PVC, DN = 300 X 600 MM (INCLUIDA TAMPA EM FERRO FUNDIDO SEM ESCOTILHA)","UN","CR",126.67]
[2555,"CAIXA DE LUZ \"3 X 3\" EM ACO ESMALTADA","UN","CR",2.0099999999999998]
[2556,"CAIXA DE LUZ \"4 X 2\" EM ACO ESMALTADA","UN","CR",2.08]
[2557,"CAIXA DE LUZ \"4 X 4\" EM ACO ESMALTADA","UN","CR",4.4000000000000004]
[10569,"CAIXA DE PASSAGEM / DERIVACAO / LUZ, OCTOGONAL 4 X4, EM ACO ESMALTADA, COM FUNDO MOVEL SIMPLES (FMS)","UN","CR",4.4000000000000004]
[39810,"CAIXA DE PASSAGEM ELETRICA DE PAREDE, DE EMBUTIR, EM PVC, COM TAMPA APARAFUSADA, DIMENSOES 120 X 120 X *75* MM","UN","CR",50.16]
[39811,"CAIXA DE PASSAGEM ELETRICA DE PAREDE, DE EMBUTIR, EM PVC, COM TAMPA APARAFUSADA, DIMENSOES 150 X 150 X *75* MM","UN","CR",61.35]
[39812,"CAIXA DE PASSAGEM ELETRICA DE PAREDE, DE EMBUTIR, EM PVC, COM TAMPA APARAFUSADA, DIMENSOES 200 X 200 X *90* MM","UN","CR",100.88]
[43096,"CAIXA DE PASSAGEM ELETRICA DE PAREDE, DE EMBUTIR, EM TERMOPLASTICO / PVC, COM TAMPA APARAFUSADA, DIMENSOES 400 X 400 X *120* MM","UN","CR",334.4]
[43102,"CAIXA DE PASSAGEM ELETRICA DE PAREDE, DE SOBREPOR, EM PVC, COM TAMPA APARAFUSADA, DIMENSOES 300 X 300 X *100* MM","UN","CR",203.33]
[43103,"CAIXA DE PASSAGEM ELETRICA DE PAREDE, DE SOBREPOR, EM PVC, COM TAMPA APARAFUSADA, DIMENSOES, 400 X 400 X *120* MM","UN","CR",299.41000000000003]
[43098,"CAIXA DE PASSAGEM ELETRICA DE PAREDE, DE SOBREPOR, EM TERMOPLASTICO / PVC, COM TAMPA APARAFUSADA, DIMENSOES 200 X 200 X *100* MM","UN","CR",113.27]
[43097,"CAIXA DE PASSAGEM ELETRICA DE PAREDE, DE SOBREPOR, EM TERMOPLASTICO / PVC, COM TAMPA APARAFUSADA, DIMENSOES, 150 X 150 X *100* MM","UN","CR",67.11]
[43104,"CAIXA DE PASSAGEM ELETRICA, PARA PISO, EM PVC, DIMENSOES DE 3/4\" A 4\"","UN","CR",793.81]
[39771,"CAIXA DE PASSAGEM METALICA DE SOBREPOR COM TAMPA PARAFUSADA, DIMENSOES 20 X 20 X 10 CM","UN","CR",42.26]
[39772,"CAIXA DE PASSAGEM METALICA DE SOBREPOR COM TAMPA PARAFUSADA, DIMENSOES 30 X 30 X 10 CM","UN","CR",83.06]
[39773,"CAIXA DE PASSAGEM METALICA DE SOBREPOR COM TAMPA PARAFUSADA, DIMENSOES 40 X 40 X 15 CM","UN","CR",133.51]
[39774,"CAIXA DE PASSAGEM METALICA DE SOBREPOR COM TAMPA PARAFUSADA, DIMENSOES 50 X 50 X 15 CM","UN","CR",199.7]
[39775,"CAIXA DE PASSAGEM METALICA DE SOBREPOR COM TAMPA PARAFUSADA, DIMENSOES 60 X 60 X 20 CM","UN","CR",266.52]
[39776,"CAIXA DE PASSAGEM METALICA DE SOBREPOR COM TAMPA PARAFUSADA, DIMENSOES 70 X 70 X 20 CM","UN","CR",322.10000000000002]
[39777,"CAIXA DE PASSAGEM METALICA DE SOBREPOR COM TAMPA PARAFUSADA, DIMENSOES 80 X 80 X 20 CM","UN","CR",408.25]
[20254,"CAIXA DE PASSAGEM METALICA, DE SOBREPOR, COM TAMPA APARAFUSADA, DIMENSOES 15 X 15 X *10* CM","UN","CR",29.63]
[20253,"CAIXA DE PASSAGEM METALICA, DE SOBREPOR, COM TAMPA APARAFUSADA, DIMENSOES 35 X 35 X *12* CM","UN","CR",97.3]
[1872,"CAIXA DE PASSAGEM, EM PVC, DE 4\" X 2\", PARA ELETRODUTO FLEXIVEL CORRUGADO","UN","CR",1.85]
[1873,"CAIXA DE PASSAGEM, EM PVC, DE 4\" X 4\", PARA ELETRODUTO FLEXIVEL CORRUGADO","UN","CR",3.68]
[14055,"CAIXA DE PASSAGEM/ LUZ / TELEFONIA, DE EMBUTIR, EM CHAPA DE ACO GALVANIZADO, DIMENSOES 120 X 120 X *12* CM (PADRAO CONCESSIONARIA LOCAL)","UN","CR",889.18]
[11247,"CAIXA DE PASSAGEM/ LUZ / TELEFONIA, DE EMBUTIR, EM CHAPA DE ACO GALVANIZADO, DIMENSOES 150 X 150 X 15 CM (PADRAO CONCESSIONARIA LOCAL)","UN","CR",1871.02]
[11250,"CAIXA DE PASSAGEM/ LUZ / TELEFONIA, DE EMBUTIR, EM CHAPA DE ACO GALVANIZADO, DIMENSOES 20 X 20 X *12* CM (PADRAO CONCESSIONARIA LOCAL)","UN","CR",80.55]
[11249,"CAIXA DE PASSAGEM/ LUZ / TELEFONIA, DE EMBUTIR, EM CHAPA DE ACO GALVANIZADO, DIMENSOES 200 X 200 X 20 CM (PADRAO CONCESSIONARIA LOCAL)","UN","CR",3654.75]
[11251,"CAIXA DE PASSAGEM/ LUZ / TELEFONIA, DE EMBUTIR, EM CHAPA DE ACO GALVANIZADO, DIMENSOES 40 X 40 X *12* CM (PADRAO CONCESSIONARIA LOCAL)","UN","CR",178.42]
[11253,"CAIXA DE PASSAGEM/ LUZ / TELEFONIA, DE EMBUTIR, EM CHAPA DE ACO GALVANIZADO, DIMENSOES 60 X 60 X *12* CM (PADRAO CONCESSIONARIA LOCAL)","UN","CR",295.66000000000003]
[11255,"CAIXA DE PASSAGEM/ LUZ / TELEFONIA, DE EMBUTIR, EM CHAPA DE ACO GALVANIZADO, DIMENSOES 80 X 80 X *12* CM (PADRAO CONCESSIONARIA LOCAL)","UN","CR",442.01]
[11256,"CAIXA DE PASSAGEM/ LUZ / TELEFONIA, DE SOBREPOR, EM CHAPA DE ACO GALVANIZADO, DIMENSOES 80 X 80 X *12* CM (PADRAO CONCESSIONARIA LOCAL)","UN","CR",553.66]
[39693,"CAIXA DE PROTECAO EXTERNA PARA MEDIDOR HOROSAZONAL, DE BAIXA TENSAO, COM MODULO, EM CHAPA DE ACO (PADRAO DA CONCESSIONARIA LOCAL)","UN","CR",3477.28]
[39692,"CAIXA DE PROTECAO PARA TRANSFORMADOR CORRENTE, EM CHAPA DE ACO 18 USG (PADRAO DA CONCESSIONARIA LOCAL)","UN","CR",1112.6500000000001]
[1062,"CAIXA INTERNA/EXTERNA DE MEDICAO PARA 1 MEDIDOR TRIFASICO, COM VISOR, EM CHAPA DE ACO 18 USG (PADRAO DA CONCESSIONARIA LOCAL)","UN","CR",352.62]
[39686,"CAIXA INTERNA/EXTERNA DE MEDICAO PARA 4 MEDIDORES MONOFASICOS, COM VISOR, EM CHAPA DE ACO 18 USG (PADRAO DA CONCESSIONARIA LOCAL)","UN","CR",570.96]
[43095,"CAIXA MODULAR PARA MEDIDOR DE ENERGIA AGRUPADA, EM POLICARBONATO / TERMOPLASTICO, COM SUPORTE PARA DISJUNTOR (PADRAO DA CONCESSIONARIA LOCAL)","UN","CR",220.35]
[1871,"CAIXA OCTOGONAL DE FUNDO MOVEL, EM PVC, DE 3\" X 3\", PARA ELETRODUTO FLEXIVEL CORRUGADO","UN","CR",3.31]
[12001,"CAIXA OCTOGONAL DE FUNDO MOVEL, EM PVC, DE 4\" X 4\", PARA ELETRODUTO FLEXIVEL CORRUGADO","UN","CR",4.79]
[11882,"CAIXA PARA HIDROMETRO CONCRETO PRE MOLDADO, *0,24 M X 0,45 M X 0,30* M (L X C X A)","UN","CR",84.57]
[1068,"CAIXA PARA MEDICAO COLETIVA TIPO L, PADRAO BIFASICO OU TRIFASICO, PARA ATE 4 MEDIDORES, SEM BARRAMENTO E COM PORTAS INFERIOR E SUPERIOR","UN","CR",2325.89]
[39690,"CAIXA PARA MEDICAO COLETIVA TIPO M, PADRAO BIFASICO OU TRIFASICO, PARA ATE 8 MEDIDORES, SEM BARRAMENTO E COM PORTAS INFERIOR E SUPERIOR","UN","CR",3902.06]
[39691,"CAIXA PARA MEDICAO COLETIVA TIPO N, PADRAO BIFASICO OU TRIFASICO, PARA ATE 12 MEDIDORES, SEM BARRAMENTO E COM PORTAS INFERIOR E SUPERIOR","UN","CR",4907.7]
[39808,"CAIXA PARA MEDIDOR MONOFASICO, EM POLICARBONATO / TERMOPLASTICO, PARA ALOJAR 1 DISJUNTOR (PADRAO DA CONCESSIONARIA LOCAL)","UN","CR",115.04]
[39809,"CAIXA PARA MEDIDOR POLIFASICO, EM POLICARBONATO / TERMOPLASTICO, PARA ALOJAR 1 DISJUNTOR (PADRAO DA CONCESSIONARIA LOCAL)","UN","CR",272.86]
[43439,"CAIXA PRE-MOLDADA PARA BOCA DE LOBO, EM CONCRETO ARMADO, COM FCK DE 25 MPA, COM DIMENSOES 1,10 X 0,65 X 1,00 M (COMPRIMENTO X LARGURA X ALTURA)","UN","CR",388.23]
[5103,"CAIXA SIFONADA PVC, 100 X 100 X 50 MM, COM GRELHA REDONDA, BRANCA","UN","CR",20.12]
[11880,"CAIXA SIFONADA PVC, 250 X 230 X 75 MM, COM TAMPA CEGA QUADRADA, BRANCA","UN","CR",84.63]
[11714,"CAIXA SIFONADA, PVC, 150 X *185* X 75 MM, COM GRELHA QUADRADA, BRANCA","UN","CR",57.66]
[11712,"CAIXA SIFONADA, PVC, 150 X 150 X 50 MM, COM GRELHA QUADRADA, BRANCA (NBR 5688)","UN","C",37.65]
[11717,"CAIXA SIFONADA, PVC, 150 X 150 X 50 MM, COM GRELHA REDONDA, BRANCA","UN","CR",45.38]
[1106,"CAL HIDRATADA CH-I PARA ARGAMASSAS","KG","C",1.1000000000000001]
[11161,"CAL HIDRATADA PARA PINTURA","KG","CR",1.84]
[1107,"CAL VIRGEM COMUM PARA ARGAMASSAS (NBR 6453)","KG","CR",0.93]
[44479,"CALCARIO DOLOMITICO A (POSTO PEDREIRA/FORNECEDOR, SEM FRETE)","KG","CR",0.14000000000000001]
[4759,"CALCETEIRO / RASTELEIRO (HORISTA)","H","CR",20.27]
[41068,"CALCETEIRO / RASTELEIRO (MENSALISTA)","MES","CR",3533.91]
[12618,"CALHA / PERFIL PLUVIAL DE PVC, DIAMETRO ENTRE *119 E 170* MM, COMPRIMENTO DE 3 M, PARA DRENAGEM PLUVIAL PREDIAL","UN","CR",163.68]
[1108,"CALHA MOLDURA AMERICANA DE CHAPA DE ACO GALVANIZADA NUM 26, CORTE 33 CM","M","CR",37.93]
[1117,"CALHA PARA AGUA FURTADA DE CHAPA DE ACO GALVANIZADA NUM 26, CORTE 40 CM","M","CR",38.229999999999997]
[1118,"CALHA PARA AGUA FURTADA DE CHAPA DE ACO GALVANIZADA NUM 26, CORTE 50 CM","M","CR",45.18]
[1110,"CALHA PLATIBANDA DE CHAPA DE ACO GALVANIZADA NUM 26, CORTE 45 CM","M","CR",45.18]
[40784,"CALHA QUADRADA DE CHAPA DE ACO GALVANIZADA NUM 24, CORTE 100 CM","M","CR",124.62]
[40782,"CALHA QUADRADA DE CHAPA DE ACO GALVANIZADA NUM 24, CORTE 33 CM","M","CR",48.9]
[40783,"CALHA QUADRADA DE CHAPA DE ACO GALVANIZADA NUM 24, CORTE 50 CM","M","CR",63.7]
[1109,"CALHA QUADRADA DE CHAPA DE ACO GALVANIZADA NUM 26, CORTE 33 CM","M","CR",37.93]
[1119,"CALHA QUADRADA DE CHAPA DE ACO GALVANIZADA NUM 28, CORTE 25 CM","M","CR",24.45]
[13115,"CALHA/CANALETA DE CONCRETO SIMPLES, TIPO MEIA CANA, DIAMETRO DE 20 CM, PARA AGUA PLUVIAL","M","CR",16.21]
[10541,"CALHA/CANALETA DE CONCRETO SIMPLES, TIPO MEIA CANA, DIAMETRO DE 30 CM, PARA AGUA PLUVIAL","M","CR",19.809999999999999]
[10542,"CALHA/CANALETA DE CONCRETO SIMPLES, TIPO MEIA CANA, DIAMETRO DE 40 CM, PARA AGUA PLUVIAL","M","CR",25.91]
[10543,"CALHA/CANALETA DE CONCRETO SIMPLES, TIPO MEIA CANA, DIAMETRO DE 50 CM, PARA AGUA PLUVIAL","M","CR",42.04]
[10544,"CALHA/CANALETA DE CONCRETO SIMPLES, TIPO MEIA CANA, DIAMETRO DE 60 CM, PARA AGUA PLUVIAL","M","CR",54.37]
[10545,"CALHA/CANALETA DE CONCRETO SIMPLES, TIPO MEIA CANA, DIAMETRO DE 80 CM, PARA AGUA PLUVIAL","M","CR",101.62]
[38365,"CAMADA SEPARADORA DE FILME DE POLIETILENO 20 A 25 MICRA","M2","CR",2.46]
[44056,"CAMINHAO TOCO, PESO BRUTO TOTAL 10700 KG, CARGA UTIL MAXIMA 7400 KG, DISTANCIA ENTRE EIXOS 4,00 M, POTENCIA 175 CV (INCLUI CABINE E CHASSI, NAO INCLUI CARROCERIA)","UN","CR"]
[44057,"CAMINHAO TOCO, PESO BRUTO TOTAL 13200 KG, CARGA UTIL MAXIMA 9200 KG, DISTANCIA ENTRE EIXOS 3,31 M, POTENCIA 175 CV (INCLUI CABINE E CHASSI, NAO INCLUI CARROCERIA)","UN","C"]
[37754,"CAMINHAO TOCO, PESO BRUTO TOTAL 14300 KG, CARGA UTIL MAXIMA 9480 KG, DISTANCIA ENTRE EIXOS 4,80 M, POTENCIA 185 CV (INCLUI CABINE E CHASSI, NAO INCLUI CARROCERIA)","UN","CR"]
[44058,"CAMINHAO TOCO, PESO BRUTO TOTAL 16000 KG, CARGA UTIL MAXIMA 10830 KG, DISTANCIA ENTRE EIXOS 3,56 M, POTENCIA 226 CV (INCLUI CABINE E CHASSI, NAO INCLUI CARROCERIA)","UN","CR"]
[37752,"CAMINHAO TOCO, PESO BRUTO TOTAL 16000 KG, CARGA UTIL MAXIMA 11030 KG, DISTANCIA ENTRE EIXOS 5,41 M, POTENCIA 185 CV (INCLUI CABINE E CHASSI, NAO INCLUI CARROCERIA)","UN","CR"]
[37758,"CAMINHAO TRUCADO, PESO BRUTO TOTAL 23000 KG, CARGA UTIL MAXIMA 15285 KG, DISTANCIA ENTRE EIXOS 4,80 M, POTENCIA 326 CV (INCLUI CABINE E CHASSI, NAO INCLUI CARROCERIA)","UN","CR"]
[44060,"CAMINHAO TRUCADO, PESO BRUTO TOTAL 23000 KG, CARGA UTIL MAXIMA 15460 KG, DISTANCIA ENTRE EIXOS 4,80 M, POTENCIA 286 CV (INCLUI CABINE E CHASSI, NAO INCLUI CARROCERIA)","UN","CR"]
[44061,"CAMINHAO TRUCADO, PESO BRUTO TOTAL 23000 KG, CARGA UTIL MAXIMA 16540 KG, DISTANCIA ENTRE EIXOS 4,80 M, POTENCIA 256 CV (INCLUI CABINE E CHASSI, NAO INCLUI CARROCERIA)","UN","CR"]
[1159,"CAMINHONETE COM MOTOR A DIESEL, POTENCIA *160* CV, CABINE DUPLA, 4X4","UN","C",290543.33]
[12114,"CAMPAINHA ALTA POTENCIA 110V / 220V, DIAMETRO 150 MM","UN","CR",191.7]
[38106,"CAMPAINHA CIGARRA 127 V / 220 V (APENAS MODULO)","UN","CR",26.05]
[38085,"CAMPAINHA CIGARRA 127 V / 220 V, CONJUNTO MONTADO PARA EMBUTIR 4\" X 2\" (PLACA + SUPORTE + MODULO)","UN","CR",30.77]
[659,"CANALETA DE CONCRETO 14 X 19 X 19 CM (CLASSE C - NBR 6136)","UN","CR",2.4900000000000002]
[660,"CANALETA DE CONCRETO 19 X 19 X 19 CM (CLASSE C - NBR 6136)","UN","CR",2.99]
[658,"CANALETA DE CONCRETO 9 X 19 X 19 CM (CLASSE C - NBR 6136)","UN","CR",1.68]
[38599,"CANALETA DE CONCRETO ESTRUTURAL 14 X 19 X 29 CM, FBK 14 MPA (NBR 6136)","UN","CR",5.19]
[38596,"CANALETA DE CONCRETO ESTRUTURAL 14 X 19 X 29 CM, FBK 4,5 MPA (NBR 6136)","UN","CR",4.3099999999999996]
[38600,"CANALETA DE CONCRETO ESTRUTURAL 14 X 19 X 39 CM, FBK 14 MPA (NBR 6136)","UN","CR",5.51]
[38597,"CANALETA DE CONCRETO ESTRUTURAL 14 X 19 X 39 CM, FBK 4,5 MPA (NBR 6136)","UN","CR",4.34]
[38548,"CANALETA ESTRUTURAL CERAMICA DE 14 X 19 X 19 CM (L X A X C) E 6,0 MPA","UN","CR",2.2000000000000002]
[34649,"CANALETA ESTRUTURAL CERAMICA DE 14 X 19 X 29 CM (L X A X C) E 6,0 MPA","UN","CR",3.22]
[34655,"CANALETA ESTRUTURAL CERAMICA DE 14 X 19 X 39 CM (L X A X C) E 6,0 MPA","UN","CR",4.74]
[40607,"CANOPLA ACABAMENTO CROMADO PARA INSTALACAO DE SPRINKLER, SOB FORRO, 15 MM","UN","CR",7.84]
[567,"CANTONEIRA (ABAS IGUAIS) EM ACO CARBONO, 25,4 MM X 3,17 MM (L X E), 1,27KG/M","M","CR",15.09]
[574,"CANTONEIRA (ABAS IGUAIS) EM ACO CARBONO, 38,1 MM X 3,17 MM (L X E), 3,48 KG/M","M","CR",39.67]
[568,"CANTONEIRA (ABAS IGUAIS) EM ACO CARBONO, 50,8 MM X 9,53 MM (L X E), 6,99 KG/M","M","CR",83.6]
[4777,"CANTONEIRA ACO ABAS IGUAIS (QUALQUER BITOLA), ESPESSURA ENTRE 1/8\" E 1/4\"","KG","CR"]
[592,"CANTONEIRA EM ALUMINIO, ABAS IGUAIS, LARGURA DE 25,40 MM (1\"), ESPESSURA DE 3,17 MM (1/8\") E PESO LINEAR DE APROXIMADAMENTE 0,408 KG/M","KG","C"]
[586,"CANTONEIRA EM ALUMINIO, ABAS IGUAIS, LARGURA DE 25,40 MM (1\"), ESPESSURA DE 4,76 MM (3/16\") E PESO LINEAR DE APROXIMADAMENTE 0,593 KG/M","M","CR"]
[588,"CANTONEIRA EM ALUMINIO, ABAS IGUAIS, LARGURA DE 31,75 MM (1 1/4\"), ESPESSURA DE 4,76 MM (3/16\") E PESO LINEAR DE APROXIMADAMENTE 0,755 KG/M","M","CR"]
[591,"CANTONEIRA EM ALUMINIO, ABAS IGUAIS, LARGURA DE 38,10 MM (1 1/2\"), ESPESSURA DE 4,76 MM (3/16\") E PESO LINEAR DE APROXIMADAMENTE 0,915 KG/M","KG","CR"]
[584,"CANTONEIRA EM ALUMINIO, ABAS IGUAIS, LARGURA DE 50,80 MM (2\"), ESPESSURA DE 3,17 MM (1/8\") E PESO LINEAR DE APROXIMADAMENTE 0,842 KG/M","M","CR"]
[589,"CANTONEIRA EM ALUMINIO, ABAS IGUAIS, LARGURA DE 50,80 MM (2\"), ESPESSURA DE 6,35 MM (1/4\") E PESO LINEAR DE APROXIMADAMENTE 1,630 KG/M","M","CR"]
[1165,"CAP OU TAMPAO DE FERRO GALVANIZADO, COM ROSCA BSP, DE 1 1/2\"","UN","CR"]
[1164,"CAP OU TAMPAO DE FERRO GALVANIZADO, COM ROSCA BSP, DE 1 1/4\"","UN","CR"]
[1170,"CAP OU TAMPAO DE FERRO GALVANIZADO, COM ROSCA BSP, DE 1\"","UN","CR"]
[1162,"CAP OU TAMPAO DE FERRO GALVANIZADO, COM ROSCA BSP, DE 1/2\"","UN","CR"]
[12395,"CAP OU TAMPAO DE FERRO GALVANIZADO, COM ROSCA BSP, DE 1/4\"","UN","CR"]
[1169,"CAP OU TAMPAO DE FERRO GALVANIZADO, COM ROSCA BSP, DE 2 1/2\"","UN","CR"]
[1166,"CAP OU TAMPAO DE FERRO GALVANIZADO, COM ROSCA BSP, DE 2\"","UN","CR"]
[1168,"CAP OU TAMPAO DE FERRO GALVANIZADO, COM ROSCA BSP, DE 3\"","UN","CR"]
[1163,"CAP OU TAMPAO DE FERRO GALVANIZADO, COM ROSCA BSP, DE 3/4\"","UN","CR"]
[12396,"CAP OU TAMPAO DE FERRO GALVANIZADO, COM ROSCA BSP, DE 3/8\"","UN","CR"]
[1167,"CAP OU TAMPAO DE FERRO GALVANIZADO, COM ROSCA BSP, DE 4\"","UN","CR"]
[36331,"CAP PPR DN 20 MM, PARA AGUA QUENTE PREDIAL","UN","CR"]
[36346,"CAP PPR DN 25 MM, PARA AGUA QUENTE PREDIAL","UN","CR"]
[1202,"CAP PVC, ROSCAVEL, 1\", PARA AGUA FRIA PREDIAL","UN","CR",4.99]
[1197,"CAP PVC, ROSCAVEL, 1/2\", PARA AGUA FRIA PREDIAL","UN","CR",1.76]
[1198,"CAP PVC, ROSCAVEL, 3/4\", PARA AGUA FRIA PREDIAL","UN","CR",2.2999999999999998]
[20088,"CAP PVC, SERIE R, DN 100 MM, PARA ESGOTO PREDIAL","UN","CR",12.59]
[20089,"CAP PVC, SERIE R, DN 150 MM, PARA ESGOTO PREDIAL","UN","CR",61.74]
[20087,"CAP PVC, SERIE R, DN 75 MM, PARA ESGOTO PREDIAL","UN","CR",10.42]
[1191,"CAP PVC, SOLDAVEL, 20 MM, PARA AGUA FRIA PREDIAL","UN","CR",1.25]
[1185,"CAP PVC, SOLDAVEL, 25 MM, PARA AGUA FRIA PREDIAL","UN","CR",1.25]
[1189,"CAP PVC, SOLDAVEL, 32 MM, PARA AGUA FRIA PREDIAL","UN","CR",2.0499999999999998]
[1193,"CAP PVC, SOLDAVEL, 40 MM, PARA AGUA FRIA PREDIAL","UN","CR",3.94]
[1194,"CAP PVC, SOLDAVEL, 50 MM, PARA AGUA FRIA PREDIAL","UN","CR",7.12]
[1195,"CAP PVC, SOLDAVEL, 60 MM, PARA AGUA FRIA PREDIAL","UN","CR",11.99]
[1204,"CAP PVC, SOLDAVEL, 75 MM, PARA AGUA FRIA PREDIAL","UN","CR",20.97]
[1200,"CAP PVC, SOLDAVEL, DN 100 MM, SERIE NORMAL, PARA ESGOTO PREDIAL","UN","CR",9.4600000000000009]
[12909,"CAP PVC, SOLDAVEL, DN 50 MM, SERIE NORMAL, PARA ESGOTO PREDIAL","UN","CR",4.3899999999999997]
[12910,"CAP PVC, SOLDAVEL, DN 75 MM, SERIE NORMAL, PARA ESGOTO PREDIAL","UN","CR",7.89]
[1207,"CAP, PVC PBA, JE, DN 100 / DE 110 MM, PARA REDE DE AGUA (NBR 10351)","UN","CR",31.76]
[1206,"CAP, PVC PBA, JE, DN 50 / DE 60 MM, PARA REDE DE AGUA (NBR 10351)","UN","CR",7.96]
[1183,"CAP, PVC PBA, JE, DN 75 / DE 85 MM, PARA REDE DE AGUA (NBR 10351)","UN","CR",20.74]
[42685,"CAP, PVC, JE, OCRE, DN 150 MM (CONEXAO PARA TUBO COLETOR DE ESGOTO)","UN","CR",63.98]
[42686,"CAP, PVC, JE, OCRE, DN 200 MM (CONEXAO PARA TUBO COLETOR DE ESGOTO)","UN","CR",70.47]
[12894,"CAPA PARA CHUVA EM PVC COM FORRO DE POLIESTER, COM CAPUZ (AMARELA OU AZUL)","UN","CR",22.34]
[12895,"CAPACETE DE SEGURANCA ABA FRONTAL COM SUSPENSAO DE POLIETILENO, SEM JUGULAR (CLASSE B)","UN","C",15]
[1631,"CAPACITOR TRIFASICO, POTENCIA 2,5 KVAR, TENSAO 220 V, FORNECIDO COM CAPA PROTETORA, RESISTOR INTERNO A UNIDADE CAPACITIVA","UN","CR",208.51]
[1633,"CAPACITOR TRIFASICO, POTENCIA 5 KVAR, TENSAO 220 V, FORNECIDO COM CAPA PROTETORA, RESISTOR INTERNO A UNIDADE CAPACITIVA","UN","CR",354.27]
[10818,"CAPIM BRAQUIARIA DECUMBENS/ BRAQUIARINHA, VC *70*% MINIMO","KG","CR",57.5]
[41410,"CAPTOR FRANKLIN (4 PONTAS), EM LATAO CROMADO, H = 300 MM, DUAS DESCIDAS","UN","CR"]
[41411,"CAPTOR FRANKLIN (4 PONTAS), EM LATAO CROMADO, H = 300 MM, UMA DESCIDA","UN","CR"]
[41412,"CAPTOR FRANKLIN (4 PONTAS), EM LATAO CROMADO, H = 350 MM, DUAS DESCIDAS","UN","CR"]
[41413,"CAPTOR FRANKLIN (4 PONTAS), EM LATAO CROMADO, H=350 MM, UMA DESCIDA","UN","CR"]
[39359,"CARENAGEM /TAMPA, EM PLASTICO, COR BRANCA, UTILIZADO EM KIT CHASSI METALICO PARA INSTAL. HIDRAULICA DE CUBA SIMPLES SEM MAQUINA DE LAVAR ROUPA, *355* X *670* MM (L X H) (COM FUROS E DEMAIS ENCAIXES)","UN","CR"]
[39360,"CARENAGEM /TAMPA, EM PLASTICO, COR BRANCA, UTILIZADO EM KIT CHASSI METALICO PARA INSTAL. HIDRAULICA DE TANQUE COM MAQUINA DE LAVAR ROUPA, *360* X *470* MM (L X H) (COM FUROS E DEMAIS ENCAIXES)","UN","CR"]
[10710,"CARPETE DE NYLON EM MANTA PARA TRAFEGO COMERCIAL PESADO, E = 6 A 7 MM (INSTALADO)","M2","C"]
[10709,"CARPETE DE NYLON EM MANTA PARA TRAFEGO COMERCIAL PESADO, E = 9 A 10 MM (INSTALADO)","M2","CR"]
[39636,"CARPETE DE NYLON EM PLACAS 50 X 50 CM PARA TRAFEGO COMERCIAL PESADO, E = 6,5 MM (INSTALADO)","M2","CR"]
[10708,"CARPETE DE POLIESTER EM MANTA PARA TRAFEGO COMERCIAL PESADO, E = 4 A 5 MM (INSTALADO)","M2","CR"]
[39635,"CARPETE DE POLIPROPILENO EM MANTA PARA TRAFEGO COMERCIAL MEDIO, E = 5 A 6 MM (INSTALADO)","M2","CR"]
[6117,"CARPINTEIRO AUXILIAR (HORISTA)","H","CR",17.05]
[40913,"CARPINTEIRO AUXILIAR (MENSALISTA)","MES","CR",2975.99]
[1214,"CARPINTEIRO DE ESQUADRIAS (HORISTA)","H","CR",19.29]
[40915,"CARPINTEIRO DE ESQUADRIAS (MENSALISTA)","MES","CR",3366.89]
[40914,"CARPINTEIRO DE FORMAS OU OFICIAL (MENSALISTA)","MES","CR",3533.91]
[1213,"CARPINTEIRO DE FORMAS PARA CONCRETO (HORISTA)","H","C",20.27]
[5091,"CARRANCA PARA JANELA VENEZIANA DE ABRIR, EM LATAO CROMADO, SIMPLES, PARA APARAFUSAR NA PAREDE","UN","CR",19.53]
[2711,"CARRINHO DE MAO, EM ACO, COM CAPACIDADE DE *45 A 65* L / *100* KG, PNEU COM CAMARA","UN","C",182.7]
[45235,"CARRINHO PLATAFORMA EM MADEIRA COM ESTRUTURA EM ACO, 1500 X 800 MM, COM CAPACIDADE DE 600 KG, 4 RODAS/PNEUS/CAMARAS","UN","CR",1177.0899999999999]
[37727,"CARROCERIA FIXA ABERTA DE MADEIRA PARA TRANSPORTE GERAL DE CARGA SECA DIMENSOES APROXIMADAS 2,25 X 4,10 X 0,50 M (INCLUI MONTAGEM, NAO INCLUI CAMINHAO)","UN","C"]
[37730,"CARROCERIA FIXA ABERTA DE MADEIRA PARA TRANSPORTE GERAL DE CARGA SECA DIMENSOES APROXIMADAS 2,5 X 6,5 X 0,50 M (INCLUI MONTAGEM, NAO INCLUI CAMINHAO)","UN","CR"]
[37731,"CARROCERIA FIXA ABERTA DE MADEIRA PARA TRANSPORTE GERAL DE CARGA SECA DIMENSOES APROXIMADAS 2,5 X 7,00 X 0,50 M (INCLUI MONTAGEM, NAO INCLUI CAMINHAO)","UN","CR"]
[37732,"CARROCERIA FIXA ABERTA DE MADEIRA PARA TRANSPORTE GERAL DE CARGA SECA DIMENSOES APROXIMADAS 2,5 X 7,5 X 0,50 M (INCLUI MONTAGEM, NAO INCLUI CAMINHAO)","UN","CR"]
[45194,"CAVALETE DE FERRO DOBRAVEL, ALTURA 80 CM","UN","CR",171.37]
[37762,"CAVALO MECANICO TRACAO 4X2, PESO BRUTO TOTAL 16000 KG, CAPACIDADE MAXIMA DE TRACAO *36000* KG, DISTANCIA ENTRE EIXOS *3,56* M, POTENCIA *286* CV (INCLUI CABINE E CHASSI, NAO INCLUI SEMIRREBOQUE)","UN","CR"]
[37763,"CAVALO MECANICO TRACAO 4X2, PESO BRUTO TOTAL 16000 KG, CAPACIDADE MAXIMA DE TRACAO *45000* KG, DISTANCIA ENTRE EIXOS *3,56* M, POTENCIA *330* CV (INCLUI CABINE E CHASSI, NAO INCLUI SEMIRREBOQUE)","UN","CR"]
[41992,"CAVALO MECANICO TRACAO 4X2, PESO BRUTO TOTAL 16000 KG, CAPACIDADE MAXIMA DE TRACAO *80000* KG, POTENCIA *380* CV (INCLUI CABINE E CHASSI, NAO INCLUI SEMIRREBOQUE)","UN","C"]
[13215,"CAVALO MECANICO TRACAO 6X2, PESO BRUTO TOTAL COMBINADO 56000 KG, CAPACIDADE MAXIMA DE TRACAO *66000* KG, POTENCIA *360* CV (INCLUI CABINE E CHASSI, NAO INCLUI SEMIRREBOQUE)","UN","CR"]
[4235,"CAVOUQUEIRO OU OPERADOR DE PERFURATRIZ / ROMPEDOR (HORISTA)","H","CR",19.38]
[40976,"CAVOUQUEIRO OU OPERADOR DE PERFURATRIZ / ROMPEDOR (MENSALISTA)","MES","CR",3382.22]
[43091,"CENTRO DE MEDICAO AGRUPADA, EM POLICARBONATO / PVC, COM 12 MEDIDORES E PROTECAO GERAL (INCLUI BARRAMENTO, DISJUNTORES E ACESSORIOS DE FIXACAO) (PADRAO CONCESSIONARIA LOCAL)","UN","CR",9203.68]
[43092,"CENTRO DE MEDICAO AGRUPADA, EM POLICARBONATO / PVC, COM 16 MEDIDORES E PROTECAO GERAL (INCLUI BARRAMENTO, DISJUNTORES E ACESSORIOS DE FIXACAO) (PADRAO CONCESSIONARIA LOCAL)","UN","CR",12271.58]
[43089,"CENTRO DE MEDICAO AGRUPADA, EM POLICARBONATO / PVC, COM 4 MEDIDORES E PROTECAO GERAL (INCLUI BARRAMENTO, DISJUNTORES E ACESSORIOS DE FIXACAO) (PADRAO CONCESSIONARIA LOCAL)","UN","CR",2138.67]
[43090,"CENTRO DE MEDICAO AGRUPADA, EM POLICARBONATO / PVC, COM 8 MEDIDORES E PROTECAO GERAL (INCLUI BARRAMENTO, DISJUNTORES E ACESSORIOS DE FIXACAO) (PADRAO CONCESSIONARIA LOCAL)","UN","CR",4719.84]
[41967,"CERA LIQUIDA INCOLOR MULTIPISO","L","CR",24.94]
[12760,"CHAPA ACO INOX AISI 304 NUMERO 4 (E = 6 MM), ACABAMENTO NUMERO 1 (LAMINADO A QUENTE, FOSCO)","M2","CR",1481.08]
[12759,"CHAPA ACO INOX AISI 304 NUMERO 9 (E = 4 MM), ACABAMENTO NUMERO 1 (LAMINADO A QUENTE, FOSCO)","M2","CR",987.37]
[43105,"CHAPA DE ACO CARBONO GALVANIZADA, PERFURADA (GRADE FUROS) E = 1,5 MM, DIAMETRO DO FURO = 9,52 MM (FUROS ALTERNADOS HORIZ.)","KG","CR",49.33]
[40424,"CHAPA DE ACO CARBONO LAMINADO A QUENTE, QUALIDADE ESTRUTURAL, BITOLA 3/16\", E =4,75 MM (37,29 KG/M2)","KG","CR",12.53]
[1325,"CHAPA DE ACO FINA A FRIO BITOLA MSG 20, E = 0,90 MM (7,20 KG/M2)","KG","CR",13.72]
[1327,"CHAPA DE ACO FINA A FRIO BITOLA MSG 24, E = 0,60 MM (4,80 KG/M2)","KG","CR",14.62]
[1328,"CHAPA DE ACO FINA A FRIO BITOLA MSG 26, E = 0,45 MM (3,60 KG/M2)","KG","CR",13.76]
[1321,"CHAPA DE ACO FINA A QUENTE BITOLA MSG 13, E = 2,25 MM (18,00 KG/M2)","KG","CR",12.74]
[1318,"CHAPA DE ACO FINA A QUENTE BITOLA MSG 14, E = 2,00 MM (16,0 KG/M2)","KG","CR",12.75]
[1322,"CHAPA DE ACO FINA A QUENTE BITOLA MSG 16, E = 1,50 MM (12,00 KG/M2)","KG","CR",13.47]
[1323,"CHAPA DE ACO FINA A QUENTE BITOLA MSG 18, E = 1,20 MM (9,60 KG/M2)","KG","CR",13.47]
[1319,"CHAPA DE ACO FINA A QUENTE BITOLA MSG 3/16\", E = 4,75 MM (38,00 KG/M2)","KG","CR",11.35]
[11026,"CHAPA DE ACO GALVANIZADA BITOLA GSG 14, E = 1,95 MM (15,60 KG/M2)","KG","CR",15.61]
[11027,"CHAPA DE ACO GALVANIZADA BITOLA GSG 16, E = 1,55 MM (12,40 KG/M2)","KG","CR",16.25]
[11046,"CHAPA DE ACO GALVANIZADA BITOLA GSG 18, E = 1,25 MM (10,00 KG/M2)","KG","CR",15.57]
[11047,"CHAPA DE ACO GALVANIZADA BITOLA GSG 19, E = 1,11 MM (8,88 KG/M2)","KG","CR",16.97]
[43668,"CHAPA DE ACO GALVANIZADA BITOLA GSG 20, E = 0,95 MM (7,60 KG/M2)","KG","CR",14.98]
[11049,"CHAPA DE ACO GALVANIZADA BITOLA GSG 22, E = 0,80 MM (6,40 KG/M2)","KG","C",16.22]
[43106,"CHAPA DE ACO GALVANIZADA BITOLA GSG 24, E = 0,64 (5,12 KG/M2)","KG","CR",16.32]
[11051,"CHAPA DE ACO GALVANIZADA BITOLA GSG 26, E = 0,50 MM (4,00 KG/M2)","KG","CR",17.03]
[11061,"CHAPA DE ACO GALVANIZADA BITOLA GSG 30, E = 0,35 MM (2,80 KG/M2)","KG","CR",20.43]
[43667,"CHAPA DE ACO GROSSA, ASTM A36, E = 1\" (25,40 MM) 199,18 KG/M2","KG","CR",14.85]
[1333,"CHAPA DE ACO GROSSA, ASTM A36, E = 1/2\" (12,70 MM) 99,59 KG/M2","KG","CR",12.37]
[1330,"CHAPA DE ACO GROSSA, ASTM A36, E = 1/4\" (6,35 MM) 49,79 KG/M2","KG","CR",12.25]
[10957,"CHAPA DE ACO GROSSA, ASTM A36, E = 3/4\" (19,05 MM) 149,39 KG/M2","KG","CR",14.13]
[1332,"CHAPA DE ACO GROSSA, ASTM A36, E = 3/8\" (9,53 MM) 74,69 KG/M2","KG","CR",12.57]
[1334,"CHAPA DE ACO GROSSA, ASTM A36, E = 5/8\" (15,88 MM) 124,49 KG/M2","KG","CR",13.93]
[1335,"CHAPA DE ACO GROSSA, ASTM A36, E = 7/8\" (22,23 MM) 174,28 KG/M2","KG","CR",14.4]
[40425,"CHAPA DE ACO GROSSA, SAE 1020, BITOLA 1/4\", E = 6,35 MM (49,85 KG/M2)","KG","CR",12.32]
[1337,"CHAPA DE ACO XADREZ PARA PISOS, E = 1/4\" (6,30 MM) 54,53 KG/M2","KG","CR",14.13]
[34659,"CHAPA DE MDF BRANCO LISO 1 FACE, E = 12 MM, DE *2,75 X 1,85* M","M2","CR"]
[34514,"CHAPA DE MDF BRANCO LISO 1 FACE, E = 15 MM, DE *2,75 X 1,85* M","M2","C"]
[34660,"CHAPA DE MDF BRANCO LISO 1 FACE, E = 18 MM, DE *2,75 X 1,85* M","M2","CR"]
[34661,"CHAPA DE MDF BRANCO LISO 1 FACE, E = 25 MM, DE *2,75 X 1,85* M","M2","CR"]
[34667,"CHAPA DE MDF BRANCO LISO 1 FACE, E = 6 MM, DE *2,75 X 1,85* M","M2","CR"]
[34668,"CHAPA DE MDF BRANCO LISO 1 FACE, E = 9 MM, DE *2,75 X 1,85* M","M2","CR"]
[34741,"CHAPA DE MDF BRANCO LISO 2 FACES, E = 12 MM, DE *2,75 X 1,85* M","M2","CR"]
[34664,"CHAPA DE MDF BRANCO LISO 2 FACES, E = 15 MM, DE *2,75 X 1,85* M","M2","CR"]
[34665,"CHAPA DE MDF BRANCO LISO 2 FACES, E = 18 MM, DE *2,75 X 1,85* M","M2","CR"]
[34666,"CHAPA DE MDF BRANCO LISO 2 FACES, E = 25 MM, DE *2,75 X 1,85* M","M2","CR"]
[34669,"CHAPA DE MDF BRANCO LISO 2 FACES, E = 6 MM, DE *2,75 X 1,85* M","M2","CR"]
[34670,"CHAPA DE MDF BRANCO LISO 2 FACES, E = 9 MM, DE *2,75 X 1,85* M","M2","CR"]
[34671,"CHAPA DE MDF CRU, E = 12 MM, DE *2,75 X 1,85* M","M2","CR"]
[34672,"CHAPA DE MDF CRU, E = 15 MM, DE *2,75 X 1,85* M","M2","CR"]
[34673,"CHAPA DE MDF CRU, E = 18 MM, DE *2,75 X 1,85* M","M2","CR"]
[34674,"CHAPA DE MDF CRU, E = 20 MM, DE *2,75 X 1,85* M","M2","CR"]
[34675,"CHAPA DE MDF CRU, E = 25 MM, DE *2,75 X 1,85* M","M2","CR"]
[34676,"CHAPA DE MDF CRU, E = 6 MM, DE *2,75 X 1,85* M","M2","CR"]
[34677,"CHAPA DE MDF CRU, E = 9 MM, DE *2,75 X 1,85* M","M2","CR"]
[43126,"CHAPA EM ACO GALVANIZADO PARA STEEL DECK, COM NERVURAS TRAPEZOIDAIS, LARGURA UTIL DE 915 MM E ESPESSURA DE 0,80 MM","M2","CR"]
[43124,"CHAPA EM ACO GALVANIZADO PARA STEEL DECK, COM NERVURAS TRAPEZOIDAIS, LARGURA UTIL DE 915 MM E ESPESSURA DE 0,95 MM","M2","CR"]
[43125,"CHAPA EM ACO GALVANIZADO PARA STEEL DECK, COM NERVURAS TRAPEZOIDAIS, LARGURA UTIL DE 915 MM E ESPESSURA DE 1,25 MM","M2","CR"]
[40623,"CHAPA PARA EMENDA DE VIGA, EM ACO GROSSO, QUALIDADE ESTRUTURAL, BITOLA 3/16\", E= 4,75 MM, 4 FUROS, LARGURA 45 MM, COMPRIMENTO 500 MM","PAR","CR",137.58000000000001]
[1345,"CHAPA/PAINEL DE MADEIRA COMPENSADA PLASTIFICADA (MADEIRITE PLASTIFICADO) PARA FORMA DE CONCRETO, DE 2200 X 1100 MM, E = *17* MM","M2","CR",106.55]
[1346,"CHAPA/PAINEL DE MADEIRA COMPENSADA PLASTIFICADA (MADEIRITE PLASTIFICADO) PARA FORMA DE CONCRETO, DE 2200 X 1100 MM, E = 10 MM","M2","CR",61.97]
[1347,"CHAPA/PAINEL DE MADEIRA COMPENSADA PLASTIFICADA (MADEIRITE PLASTIFICADO) PARA FORMA DE CONCRETO, DE 2200 X 1100 MM, E = 12 MM","M2","CR",76.790000000000006]
[43678,"CHAPA/PAINEL DE MADEIRA COMPENSADA PLASTIFICADA (MADEIRITE PLASTIFICADO) PARA FORMA DE CONCRETO, DE 2200 X 1100 MM, E = 14 MM","M2","CR",89.08]
[43680,"CHAPA/PAINEL DE MADEIRA COMPENSADA PLASTIFICADA (MADEIRITE PLASTIFICADO) PARA FORMA DE CONCRETO, DE 2200 X 1100 MM, E = 20 MM","M2","CR",128.32]
[43679,"CHAPA/PAINEL DE MADEIRA COMPENSADA PLASTIFICADA (MADEIRITE PLASTIFICADO) PARA FORMA DE CONCRETO, DE 2200 X 1100 MM, E = 6 MM","M2","CR",45.03]
[1355,"CHAPA/PAINEL DE MADEIRA COMPENSADA RESINADA (MADEIRITE RESINADO ROSA) PARA FORMA DE CONCRETO, DE 2200 X 1100 MM, E = 14 MM","M2","CR",51.25]
[1358,"CHAPA/PAINEL DE MADEIRA COMPENSADA RESINADA (MADEIRITE RESINADO ROSA) PARA FORMA DE CONCRETO, DE 2200 X 1100 MM, E = 17 MM","M2","CR",62.92]
[43677,"CHAPA/PAINEL DE MADEIRA COMPENSADA RESINADA (MADEIRITE RESINADO ROSA) PARA FORMA DE CONCRETO, DE 2200 X 1100 MM, E = 20 MM","M2","CR",78.06]
[43682,"CHAPA/PAINEL DE MADEIRA COMPENSADA RESINADA (MADEIRITE RESINADO ROSA) PARA FORMA DE CONCRETO, DE 2200 X 1100 MM, E = 6 MM","M2","CR",23.93]
[43681,"CHAPA/PAINEL DE MADEIRA COMPENSADA RESINADA (MADEIRITE RESINADO ROSA) PARA FORMA DE CONCRETO, DE 2200 X 1100 MM, E = 8 A 12 MM","M2","C",39.64]
[45248,"CHAVE AJUSTAVEL (INGLESA) 10\"","UN","CR",57.66]
[45243,"CHAVE AJUSTAVEL (INGLESA) 15\"","UN","CR",186.46]
[45252,"CHAVE AJUSTAVEL (INGLESA) 6\"","UN","CR",32.700000000000003]
[45246,"CHAVE DE GRIFO DE 24\"","UN","CR",151.55000000000001]
[20971,"CHAVE DUPLA PARA CONEXOES TIPO STORZ, ENGATE RAPIDO 1 1/2\" X 2 1/2\", EM LATAO, PARA INSTALACAO PREDIAL COMBATE A INCENDIO","UN","CR",22.85]
[45247,"CHAVE FIXA 19 X 22 MM","UN","CR",21.98]
[39746,"CHUMBADOR DE ACO GALVANIZADO, 1\" X 600 MM, PARA POSTES DE ACO COM BASE, INCLUSO PORCA E ARRUELA","UN","CR",86.13]
[13279,"CHUMBADOR DE ACO TIPO PARABOLT, * 5/8\" X 200* MM, COM PORCA E ARRUELA","KG","CR",21.8]
[11977,"CHUMBADOR DE ACO ZINCADO, DIAMETRO 1/2\", COMPRIMENTO 75 MM","UN","CR",11.3]
[11976,"CHUMBADOR DE ACO ZINCADO, DIAMETRO 1/4\" COM PARAFUSO 1/4\" X 40 MM","UN","CR",1.26]
[11975,"CHUMBADOR DE ACO ZINCADO, DIAMETRO 5/8\", COMPRIMENTO 6\", COM PORCA","UN","CR",24.76]
[1368,"CHUVEIRO COMUM EM PLASTICO BRANCO, COM CANO, 3 TEMPERATURAS, 5500 W (110/220 V)","UN","C",100]
[1367,"CHUVEIRO COMUM EM PLASTICO CROMADO, COM CANO, 4 TEMPERATURAS (110/220 V)","UN","CR",323.47000000000003]
[1380,"CIMENTO BRANCO NAO ESTRUTURAL (CPB - NAO ESTRUTURAL)","KG","CR",5.89]
[1375,"CIMENTO IMPERMEABILIZANTE DE PEGA ULTRARRAPIDA PARA TAMPONAMENTOS","KG","CR",22.66]
[1379,"CIMENTO PORTLAND COMPOSTO CP II-32","KG","C",0.88]
[13284,"CIMENTO PORTLAND DE ALTO FORNO (AF) CP III-40","KG","CR",0.79]
[44528,"CIMENTO PORTLAND ESTRUTURAL BRANCO CPB - 32 OU CPB - 40","KG","CR",4.6900000000000004]
[34753,"CIMENTO PORTLAND POZOLANICO CP IV-32","KG","CR",0.85]
[420,"CINTA CIRCULAR EM ACO GALVANIZADO DE 150 MM DE DIAMETRO PARA FIXACAO DE CAIXA MEDICAO, INCLUI PARAFUSOS E PORCAS","UN","CR",50.27]
[12327,"CINTA CIRCULAR EM ACO GALVANIZADO DE 210 MM DE DIAMETRO PARA INSTALACAO DE TRANSFORMADOR EM POSTE DE CONCRETO","UN","CR",59.89]
[36148,"CINTURAO DE SEGURANCA TIPO PARAQUEDISTA, FIVELA EM ACO, AJUSTE NO SUSPENSORIO, CINTURA E PERNAS","UN","CR",165.3]
[12329,"COBRE ELETROLITICO EM BARRA OU CHAPA","KG","CR",160.09]
[44396,"COLA BRANCA BASE PVA","KG","CR",39.21]
[44327,"COLA PARA TUBOS E MANTAS ELASTOMERICAS, A BASE DE SOLVENTE","L","CR",133.36000000000001]
[37418,"COLAR DE TOMADA EM POLIPROPILENO, PP, COM PARAFUSOS, PARA PEAD, 63 X 1/2\" - LIGACAO PREDIAL DE AGUA","UN","CR"]
[37419,"COLAR DE TOMADA EM POLIPROPILENO, PP, COM PARAFUSOS, PARA PEAD, 63 X 3/4\" - LIGACAO PREDIAL DE AGUA","UN","CR"]
[1427,"COLAR TOMADA PVC, COM TRAVAS, SAIDA COM ROSCA, DE 110 MM X 1/2\" OU 110 MM X 3/4\", PARA LIGACAO PREDIAL DE AGUA","UN","CR",18.68]
[1402,"COLAR TOMADA PVC, COM TRAVAS, SAIDA COM ROSCA, DE 32 MM X 1/2\" OU 32 MM X 3/4\", PARA LIGACAO PREDIAL DE AGUA","UN","CR",6.46]
[1420,"COLAR TOMADA PVC, COM TRAVAS, SAIDA COM ROSCA, DE 40 MM X 1/2\" OU 40 MM X 3/4\", PARA LIGACAO PREDIAL DE AGUA","UN","CR",8.31]
[1419,"COLAR TOMADA PVC, COM TRAVAS, SAIDA COM ROSCA, DE 50 MM X 1/2\" OU 50 MM X 3/4\", PARA LIGACAO PREDIAL DE AGUA","UN","CR",10.039999999999999]
[1414,"COLAR TOMADA PVC, COM TRAVAS, SAIDA COM ROSCA, DE 60 MM X 1/2\" OU 60 MM X 3/4\", PARA LIGACAO PREDIAL DE AGUA","UN","CR",9.82]
[1413,"COLAR TOMADA PVC, COM TRAVAS, SAIDA COM ROSCA, DE 75 MM X 1/2\" OU 75 MM X 3/4\", PARA LIGACAO PREDIAL DE AGUA","UN","CR",14.51]
[1412,"COLAR TOMADA PVC, COM TRAVAS, SAIDA COM ROSCA, DE 85 MM X 1/2\" OU 85 MM X 3/4\", PARA LIGACAO PREDIAL DE AGUA","UN","CR",12.29]
[1406,"COLAR TOMADA PVC, COM TRAVAS, SAIDA ROSCAVEL COM BUCHA DE LATAO, DE 60 MM X 1/2\" OU 60 MM X 3/4\", PARA LIGACAO PREDIAL DE AGUA","UN","CR",14.83]
[45237,"COLHER DE PEDREIRO 9\", EM ACO, COM CANTOS REDONDOS E CABO DE MADEIRA OU PLASTICO","UN","CR",17.54]
[11281,"COMPACTADOR DE SOLO A PERCUSSAO (SOQUETE), A GASOLINA 4 TEMPOS, PESO 55 A 65 KG, FORCA DE IMPACTO 1.000 A 1.500 KGF, FREQ. 600 A 700 GOLPES P/ MINUTO, VELOCIDADE TRABALHO DE 10 A 15 M/MIN, POT. DE 2,00 A 3,00 HP","UN","C"]
[1442,"COMPACTADOR DE SOLO TIPO PLACA VIBRATORIA REVERSIVEL, A GASOLINA 4 TEMPOS, PESO 125 A 150 KG, FORCA CENTRIF. 2500 A 2800 KGF, LARG. TRABALHO 400 A 450 MM, FREQ. VIBRACAO 4300 A 4500 RPM, VELOC. TRABALHO 15 A 20 M/MIN, POT. 5,5 A 6,0 HP","UN","CR"]
[13458,"COMPACTADOR DE SOLOS DE PERCURSAO (SOQUETE) COM MOTOR A GASOLINA 4 TEMPOS DE 4 HP (4 CV)","UN","CR"]
[11134,"COMPENSADO NAVAL - CHAPA/PAINEL EM MADEIRA COMPENSADA PRENSADA, DE 2200 X 1600 MM, E = 10 MM","M2","CR",88.29]
[11135,"COMPENSADO NAVAL - CHAPA/PAINEL EM MADEIRA COMPENSADA PRENSADA, DE 2200 X 1600 MM, E = 12 MM","M2","CR",95.32]
[11136,"COMPENSADO NAVAL - CHAPA/PAINEL EM MADEIRA COMPENSADA PRENSADA, DE 2200 X 1600 MM, E = 15 MM","M2","CR",109.15]
[34743,"COMPENSADO NAVAL - CHAPA/PAINEL EM MADEIRA COMPENSADA PRENSADA, DE 2200 X 1600 MM, E = 18 MM","M2","CR",131.69999999999999]
[11137,"COMPENSADO NAVAL - CHAPA/PAINEL EM MADEIRA COMPENSADA PRENSADA, DE 2200 X 1600 MM, E = 20 MM","M2","CR",149.58000000000001]
[34745,"COMPENSADO NAVAL - CHAPA/PAINEL EM MADEIRA COMPENSADA PRENSADA, DE 2200 X 1600 MM, E = 25 MM","M2","CR",177.88]
[34746,"COMPENSADO NAVAL - CHAPA/PAINEL EM MADEIRA COMPENSADA PRENSADA, DE 2200 X 1600 MM, E = 4 MM","M2","CR",48.51]
[1360,"COMPENSADO NAVAL - CHAPA/PAINEL EM MADEIRA COMPENSADA PRENSADA, DE 2200 X 1600 MM, E = 6 MM","M2","CR",56.59]
[45300,"COMPRESSOR DE AR PROFISSIONAL 10 PCM, *110* L, 140 PSI, 110/220 VOLTS, MONOFASICO","UN","CR"]
[36526,"COMPRESSOR DE AR REBOCAVEL VAZAO 400 PCM, PRESSAO EFETIVA DE TRABALHO 102 PSI, MOTOR DIESEL, POTENCIA 110 CV","UN","CR"]
[36523,"COMPRESSOR DE AR REBOCAVEL VAZAO 748 PCM, PRESSAO EFETIVA DE TRABALHO 102 PSI, MOTOR DIESEL, POTENCIA 210 CV","UN","CR"]
[36522,"COMPRESSOR DE AR REBOCAVEL, VAZAO 189 PCM, PRESSAO EFETIVA DE TRABALHO 102 PSI, MOTOR DIESEL, POTENCIA 63 CV","UN","CR"]
[36525,"COMPRESSOR DE AR REBOCAVEL, VAZAO 250 PCM, PRESSAO EFETIVA DE TRABALHO 102 PSI, MOTOR DIESEL, POTENCIA 81 CV","UN","CR"]
[13803,"COMPRESSOR DE AR REBOCAVEL, VAZAO 89 PCM, PRESSAO EFETIVA DE TRABALHO *102* PSI, MOTOR DIESEL, POTENCIA *20* CV","UN","C"]
[34348,"CONCERTINA CLIPADA (DUPLA) EM ACO GALVANIZADO DE ALTA RESISTENCIA, COM ESPIRAL DE 300 MM, D = 2,76 MM","M","CR",26.18]
[34347,"CONCERTINA SIMPLES EM ACO GALVANIZADO DE ALTA RESISTENCIA, COM ESPIRAL DE 300 MM, D = 2,76 MM","M","CR",18.72]
[11146,"CONCRETO AUTOADENSAVEL (CAA) CLASSE DE RESISTENCIA C15, ESPALHAMENTO SF2, COM BOMBEAMENTO (DISPONIBILIZACAO DE BOMBA), SEM O LANCAMENTO (NBR 15823)","M3","CR",607.63]
[11147,"CONCRETO AUTOADENSAVEL (CAA) CLASSE DE RESISTENCIA C20, ESPALHAMENTO SF2, COM BOMBEAMENTO (DISPONIBILIZACAO DE BOMBA), SEM O LANCAMENTO (NBR 15823)","M3","CR",631.41]
[34872,"CONCRETO AUTOADENSAVEL (CAA) CLASSE DE RESISTENCIA C25, ESPALHAMENTO SF2, COM BOMBEAMENTO (DISPONIBILIZACAO DE BOMBA), SEM O LANCAMENTO (NBR 15823)","M3","CR",638.5]
[34491,"CONCRETO AUTOADENSAVEL (CAA) CLASSE DE RESISTENCIA C30, ESPALHAMENTO SF2, COM BOMBEAMENTO (DISPONIBILIZACAO DE BOMBA), SEM O LANCAMENTO (NBR 15823)","M3","CR",657.01]
[34770,"CONCRETO BETUMINOSO USINADO A QUENTE (CBUQ) PARA PAVIMENTACAO ASFALTICA, PADRAO DNIT, FAIXA C, COM CAP 30/45 - AQUISICAO POSTO USINA","T","CR"]
[1518,"CONCRETO BETUMINOSO USINADO A QUENTE (CBUQ) PARA PAVIMENTACAO ASFALTICA, PADRAO DNIT, FAIXA C, COM CAP 50/70 - AQUISICAO POSTO USINA","T","C"]
[41965,"CONCRETO BETUMINOSO USINADO A QUENTE (CBUQ) PARA PAVIMENTACAO ASFALTICA, PADRAO DNIT, PARA BINDER, COM CAP 50/70 - AQUISICAO POSTO USINA","T","CR"]
[1524,"CONCRETO USINADO BOMBEAVEL, CLASSE DE RESISTENCIA C20, BRITA 0 E 1, SLUMP = 100 +/- 20 MM, COM BOMBEAMENTO (DISPONIBILIZACAO DE BOMBA), SEM O LANCAMENTO (NBR 8953)","M3","CR",582.98]
[34492,"CONCRETO USINADO BOMBEAVEL, CLASSE DE RESISTENCIA C20, COM BRITA 0 E 1, SLUMP = 100 +/- 20 MM, EXCLUI SERVICO DE BOMBEAMENTO (NBR 8953)","M3","C",540]
[38404,"CONCRETO USINADO BOMBEAVEL, CLASSE DE RESISTENCIA C20, COM BRITA 0 E 1, SLUMP = 130 +/- 20 MM, EXCLUI SERVICO DE BOMBEAMENTO (NBR 8953)","M3","CR",559.33000000000004]
[39849,"CONCRETO USINADO BOMBEAVEL, CLASSE DE RESISTENCIA C20, COM BRITA 0 E 1, SLUMP = 190 +/- 20 MM, COM BOMBEAMENTO (DISPONIBILIZACAO DE BOMBA), SEM O LANCAMENTO (NBR 8953)","M3","CR",641]
[38464,"CONCRETO USINADO BOMBEAVEL, CLASSE DE RESISTENCIA C20, COM BRITA 0, SLUMP = 220 +/- 20 MM, COM BOMBEAMENTO (DISPONIBILIZACAO DE BOMBA), SEM O LANCAMENTO (NBR 8953)","M3","CR",650.29999999999995]
[1527,"CONCRETO USINADO BOMBEAVEL, CLASSE DE RESISTENCIA C25, BRITA 0 E 1, SLUMP = 100 +/- 20 MM, COM BOMBEAMENTO (DISPONIBILIZACAO DE BOMBA), SEM O LANCAMENTO (NBR 8953)","M3","CR",601.49]
[34493,"CONCRETO USINADO BOMBEAVEL, CLASSE DE RESISTENCIA C25, COM BRITA 0 E 1, SLUMP = 100 +/- 20 MM, EXCLUI SERVICO DE BOMBEAMENTO (NBR 8953)","M3","CR",555.22]
[38405,"CONCRETO USINADO BOMBEAVEL, CLASSE DE RESISTENCIA C25, COM BRITA 0 E 1, SLUMP = 130 +/- 20 MM, EXCLUI SERVICO DE BOMBEAMENTO (NBR 8953)","M3","CR",576.58000000000004]
[38408,"CONCRETO USINADO BOMBEAVEL, CLASSE DE RESISTENCIA C25, COM BRITA 0 E 1, SLUMP = 190 +/- 20 MM, EXCLUI SERVICO DE BOMBEAMENTO (NBR 8953)","M3","CR",638.22]
[1525,"CONCRETO USINADO BOMBEAVEL, CLASSE DE RESISTENCIA C30, BRITA 0 E 1, SLUMP = 100 +/- 20 MM, COM BOMBEAMENTO (DISPONIBILIZACAO DE BOMBA), SEM O LANCAMENTO (NBR 8953)","M3","CR",619.99]
[34494,"CONCRETO USINADO BOMBEAVEL, CLASSE DE RESISTENCIA C30, COM BRITA 0 E 1, SLUMP = 100 +/- 20 MM, EXCLUI SERVICO DE BOMBEAMENTO (NBR 8953)","M3","CR",573.73]
[38406,"CONCRETO USINADO BOMBEAVEL, CLASSE DE RESISTENCIA C30, COM BRITA 0 E 1, SLUMP = 130 +/- 20 MM, EXCLUI SERVICO DE BOMBEAMENTO (NBR 8953)","M3","CR",608.83000000000004]
[38409,"CONCRETO USINADO BOMBEAVEL, CLASSE DE RESISTENCIA C30, COM BRITA 0 E 1, SLUMP = 190 +/- 20 MM, EXCLUI SERVICO DE BOMBEAMENTO (NBR 8953)","M3","CR",642.57000000000005]
[43360,"CONCRETO USINADO BOMBEAVEL, CLASSE DE RESISTENCIA C30, COM BRITA 0 E 1, SLUMP = 220 +/- 30 MM, EXCLUI SERVICO DE BOMBEAMENTO (NBR 8953)","M3","CR",670.02]
[11145,"CONCRETO USINADO BOMBEAVEL, CLASSE DE RESISTENCIA C35, BRITA 0 E 1, SLUMP = 100 +/- 20 MM, COM BOMBEAMENTO (DISPONIBILIZACAO DE BOMBA), SEM O LANCAMENTO (NBR 8953)","M3","CR",638.5]
[34495,"CONCRETO USINADO BOMBEAVEL, CLASSE DE RESISTENCIA C35, COM BRITA 0 E 1, SLUMP = 100 +/- 20 MM, EXCLUI SERVICO DE BOMBEAMENTO (NBR 8953)","M3","CR",592.23]
[34479,"CONCRETO USINADO BOMBEAVEL, CLASSE DE RESISTENCIA C40, BRITA 0 E 1, SLUMP = 100 +/- 20 MM, COM BOMBEAMENTO (DISPONIBILIZACAO DE BOMBA), SEM O LANCAMENTO (NBR 8953)","M3","CR",657.01]
[34496,"CONCRETO USINADO BOMBEAVEL, CLASSE DE RESISTENCIA C40, COM BRITA 0 E 1, SLUMP = 100 +/- 20 MM, EXCLUI SERVICO DE BOMBEAMENTO (NBR 8953)","M3","CR",617.79999999999995]
[34481,"CONCRETO USINADO BOMBEAVEL, CLASSE DE RESISTENCIA C45, BRITA 0 E 1, SLUMP = 100 +/- 20 MM, COM BOMBEAMENTO (DISPONIBILIZACAO DE BOMBA), SEM O LANCAMENTO (NBR 8953)","M3","CR",686.49]
[34483,"CONCRETO USINADO BOMBEAVEL, CLASSE DE RESISTENCIA C50, BRITA 0 E 1, SLUMP = 100 +/- 20 MM, COM BOMBEAMENTO (DISPONIBILIZACAO DE BOMBA), SEM O LANCAMENTO (NBR 8953)","M3","CR",733.47]
[34485,"CONCRETO USINADO BOMBEAVEL, CLASSE DE RESISTENCIA C60, COM BRITA 0 E 1, SLUMP = 100 +/- 20 MM, COM BOMBEAMENTO (DISPONIBILIZACAO DE BOMBA), SEM O LANCAMENTO (NBR 8953)","M3","CR",784.36]
[14041,"CONCRETO USINADO CONVENCIONAL (NAO BOMBEAVEL) CLASSE DE RESISTENCIA C10, COM BRITA 1 E 2, SLUMP = 80 MM +/- 10 MM (NBR 8953)","M3","CR",509.87]
[1523,"CONCRETO USINADO CONVENCIONAL (NAO BOMBEAVEL) CLASSE DE RESISTENCIA C15, COM BRITA 1 E 2, SLUMP = 80 MM +/- 10 MM (NBR 8953)","M3","CR",518.20000000000005]
[14054,"CONDULETE DE ALUMINIO TIPO B, PARA ELETRODUTO ROSCAVEL DE 1\", COM TAMPA CEGA","UN","CR",16.309999999999999]
[14052,"CONDULETE DE ALUMINIO TIPO B, PARA ELETRODUTO ROSCAVEL DE 1/2\", COM TAMPA CEGA","UN","CR",12.55]
[14053,"CONDULETE DE ALUMINIO TIPO B, PARA ELETRODUTO ROSCAVEL DE 3/4\", COM TAMPA CEGA","UN","CR",12.74]
[2560,"CONDULETE DE ALUMINIO TIPO C, PARA ELETRODUTO ROSCAVEL DE 1\", COM TAMPA CEGA","UN","CR",16.88]
[2558,"CONDULETE DE ALUMINIO TIPO C, PARA ELETRODUTO ROSCAVEL DE 1/2\", COM TAMPA CEGA","UN","CR",9.59]
[2559,"CONDULETE DE ALUMINIO TIPO C, PARA ELETRODUTO ROSCAVEL DE 3/4\", COM TAMPA CEGA","UN","C",13.5]
[2592,"CONDULETE DE ALUMINIO TIPO C, PARA ELETRODUTO ROSCAVEL DE 4\", COM TAMPA CEGA","UN","CR",223.8]
[2589,"CONDULETE DE ALUMINIO TIPO E, PARA ELETRODUTO ROSCAVEL DE 1 1/2\", COM TAMPA CEGA","UN","CR",29.93]
[2566,"CONDULETE DE ALUMINIO TIPO E, PARA ELETRODUTO ROSCAVEL DE 1 1/4\", COM TAMPA CEGA","UN","CR",22.52]
[2590,"CONDULETE DE ALUMINIO TIPO E, PARA ELETRODUTO ROSCAVEL DE 1\", COM TAMPA CEGA","UN","CR",18.37]
[2591,"CONDULETE DE ALUMINIO TIPO E, PARA ELETRODUTO ROSCAVEL DE 1/2\", COM TAMPA CEGA","UN","CR",10.92]
[2567,"CONDULETE DE ALUMINIO TIPO E, PARA ELETRODUTO ROSCAVEL DE 2\", COM TAMPA CEGA","UN","CR",43.91]
[2568,"CONDULETE DE ALUMINIO TIPO E, PARA ELETRODUTO ROSCAVEL DE 3\", COM TAMPA CEGA","UN","CR",121.93]
[2565,"CONDULETE DE ALUMINIO TIPO E, PARA ELETRODUTO ROSCAVEL DE 3/4\", COM TAMPA CEGA","UN","CR",10.94]
[2594,"CONDULETE DE ALUMINIO TIPO E, PARA ELETRODUTO ROSCAVEL DE 4\", COM TAMPA CEGA","UN","CR",203.13]
[2587,"CONDULETE DE ALUMINIO TIPO LR, PARA ELETRODUTO ROSCAVEL DE 1 1/2\", COM TAMPA CEGA","UN","CR",34.619999999999997]
[2588,"CONDULETE DE ALUMINIO TIPO LR, PARA ELETRODUTO ROSCAVEL DE 1 1/4\", COM TAMPA CEGA","UN","CR",27.5]
[2570,"CONDULETE DE ALUMINIO TIPO LR, PARA ELETRODUTO ROSCAVEL DE 1\", COM TAMPA CEGA","UN","CR",17.760000000000002]
[2569,"CONDULETE DE ALUMINIO TIPO LR, PARA ELETRODUTO ROSCAVEL DE 1/2\", COM TAMPA CEGA","UN","CR",10.59]
[2571,"CONDULETE DE ALUMINIO TIPO LR, PARA ELETRODUTO ROSCAVEL DE 2\", COM TAMPA CEGA","UN","CR",52.72]
[2572,"CONDULETE DE ALUMINIO TIPO LR, PARA ELETRODUTO ROSCAVEL DE 3\", COM TAMPA CEGA","UN","CR",155.93]
[2593,"CONDULETE DE ALUMINIO TIPO LR, PARA ELETRODUTO ROSCAVEL DE 3/4\", COM TAMPA CEGA","UN","CR",11.3]
[2595,"CONDULETE DE ALUMINIO TIPO LR, PARA ELETRODUTO ROSCAVEL DE 4\", COM TAMPA CEGA","UN","CR",243.28]
[2576,"CONDULETE DE ALUMINIO TIPO T, PARA ELETRODUTO ROSCAVEL DE 1 1/2\", COM TAMPA CEGA","UN","CR",41.47]
[2575,"CONDULETE DE ALUMINIO TIPO T, PARA ELETRODUTO ROSCAVEL DE 1 1/4\", COM TAMPA CEGA","UN","CR",31.18]
[2586,"CONDULETE DE ALUMINIO TIPO T, PARA ELETRODUTO ROSCAVEL DE 1\", COM TAMPA CEGA","UN","CR",20.98]
[2573,"CONDULETE DE ALUMINIO TIPO T, PARA ELETRODUTO ROSCAVEL DE 1/2\", COM TAMPA CEGA","UN","CR",12.95]
[2577,"CONDULETE DE ALUMINIO TIPO T, PARA ELETRODUTO ROSCAVEL DE 2\", COM TAMPA CEGA","UN","CR",56.19]
[2578,"CONDULETE DE ALUMINIO TIPO T, PARA ELETRODUTO ROSCAVEL DE 3\", COM TAMPA CEGA","UN","CR",175.45]
[2574,"CONDULETE DE ALUMINIO TIPO T, PARA ELETRODUTO ROSCAVEL DE 3/4\", COM TAMPA CEGA","UN","CR",13.03]
[2585,"CONDULETE DE ALUMINIO TIPO T, PARA ELETRODUTO ROSCAVEL DE 4\", COM TAMPA CEGA","UN","CR",240.76]
[12008,"CONDULETE DE ALUMINIO TIPO TB, PARA ELETRODUTO ROSCAVEL DE 3\", COM TAMPA CEGA","UN","CR",129.16999999999999]
[2582,"CONDULETE DE ALUMINIO TIPO X, PARA ELETRODUTO ROSCAVEL DE 1 1/2\", COM TAMPA CEGA","UN","CR",38.47]
[2597,"CONDULETE DE ALUMINIO TIPO X, PARA ELETRODUTO ROSCAVEL DE 1 1/4\", COM TAMPA CEGA","UN","CR",32.97]
[2581,"CONDULETE DE ALUMINIO TIPO X, PARA ELETRODUTO ROSCAVEL DE 1\", COM TAMPA CEGA","UN","CR",20.079999999999998]
[2579,"CONDULETE DE ALUMINIO TIPO X, PARA ELETRODUTO ROSCAVEL DE 1/2\", COM TAMPA CEGA","UN","CR",15.69]
[2596,"CONDULETE DE ALUMINIO TIPO X, PARA ELETRODUTO ROSCAVEL DE 2\", COM TAMPA CEGA","UN","CR",59.4]
[2583,"CONDULETE DE ALUMINIO TIPO X, PARA ELETRODUTO ROSCAVEL DE 3\", COM TAMPA CEGA","UN","CR",144.47999999999999]
[2580,"CONDULETE DE ALUMINIO TIPO X, PARA ELETRODUTO ROSCAVEL DE 3/4\", COM TAMPA CEGA","UN","CR",17.2]
[2584,"CONDULETE DE ALUMINIO TIPO X, PARA ELETRODUTO ROSCAVEL DE 4\", COM TAMPA CEGA","UN","CR",240.51]
[39329,"CONDULETE EM PVC, TIPO \"B\", SEM TAMPA, DE 1\"","UN","CR",8.14]
[12010,"CONDULETE EM PVC, TIPO \"B\", SEM TAMPA, DE 1/2\" OU 3/4\"","UN","CR",7.79]
[39332,"CONDULETE EM PVC, TIPO \"C\", SEM TAMPA, DE 1\"","UN","CR",9.57]
[39330,"CONDULETE EM PVC, TIPO \"C\", SEM TAMPA, DE 1/2\"","UN","CR",8.57]
[39331,"CONDULETE EM PVC, TIPO \"C\", SEM TAMPA, DE 3/4\"","UN","CR",7.62]
[39335,"CONDULETE EM PVC, TIPO \"E\", SEM TAMPA, DE 1\"","UN","CR",8.6]
[39333,"CONDULETE EM PVC, TIPO \"E\", SEM TAMPA, DE 1/2\"","UN","CR",7.43]
[39334,"CONDULETE EM PVC, TIPO \"E\", SEM TAMPA, DE 3/4\"","UN","CR",6.83]
[12015,"CONDULETE EM PVC, TIPO \"LB\", SEM TAMPA, DE 1\"","UN","CR",9.99]
[12016,"CONDULETE EM PVC, TIPO \"LB\", SEM TAMPA, DE 1/2\" OU 3/4\"","UN","CR",8.58]
[12019,"CONDULETE EM PVC, TIPO \"LL\", SEM TAMPA, DE 1\"","UN","CR",9.99]
[12020,"CONDULETE EM PVC, TIPO \"LL\", SEM TAMPA, DE 1/2\" OU 3/4\"","UN","CR",8.58]
[39338,"CONDULETE EM PVC, TIPO \"LR\", SEM TAMPA, DE 1\"","UN","CR",9.57]
[39336,"CONDULETE EM PVC, TIPO \"LR\", SEM TAMPA, DE 1/2\"","UN","CR",8.57]
[39337,"CONDULETE EM PVC, TIPO \"LR\", SEM TAMPA, DE 3/4\"","UN","CR",7.62]
[39341,"CONDULETE EM PVC, TIPO \"T\", SEM TAMPA, DE 1\"","UN","CR",12.48]
[39340,"CONDULETE EM PVC, TIPO \"T\", SEM TAMPA, DE 3/4\"","UN","CR",9.16]
[39342,"CONDULETE EM PVC, TIPO \"TB\", SEM TAMPA, DE 1\"","UN","CR",12.48]
[12025,"CONDULETE EM PVC, TIPO \"TB\", SEM TAMPA, DE 1/2\" OU 3/4\"","UN","CR",9.4600000000000009]
[39345,"CONDULETE EM PVC, TIPO \"X\", SEM TAMPA, DE 1\"","UN","CR",14.26]
[39343,"CONDULETE EM PVC, TIPO \"X\", SEM TAMPA, DE 1/2\"","UN","CR",10.54]
[39344,"CONDULETE EM PVC, TIPO \"X\", SEM TAMPA, DE 3/4\"","UN","CR",10.19]
[12623,"CONDUTOR PLUVIAL, PVC, CIRCULAR, DIAMETRO ENTRE 80 E 100 MM, PARA DRENAGEM PLUVIAL PREDIAL","M","CR",43.15]
[34498,"CONE DE SINALIZACAO EM PVC FLEXIVEL, H = 70 / 76 CM (NBR 15071)","UN","CR",142.54]
[13244,"CONE DE SINALIZACAO EM PVC RIGIDO COM FAIXA REFLETIVA, H = 70 / 76 CM","UN","C",60]
[38998,"CONECTOR / ADAPTADOR F/F, COM INSERTO METALICO, PPR, DN 25 MM X 1/2\", PARA AGUA QUENTE E FRIA PREDIAL","UN","CR"]
[38999,"CONECTOR / ADAPTADOR F/F, COM INSERTO METALICO, PPR, DN 32 MM X 3/4\", PARA AGUA QUENTE E FRIA PREDIAL","UN","CR"]
[38996,"CONECTOR / ADAPTADOR F/M, COM INSERTO METALICO, PPR, DN 25 MM X 1/2\", PARA AGUA QUENTE E FRIA PREDIAL","UN","CR"]
[44173,"CONECTOR / ADAPTADOR F/M, COM INSERTO METALICO, PPR, DN 25 MM X 3/4\", PARA AGUA QUENTE E FRIA PREDIAL","UN","CR"]
[44174,"CONECTOR / ADAPTADOR F/M, COM INSERTO METALICO, PPR, DN 32 MM X 1\", PARA AGUA QUENTE E FRIA PREDIAL","UN","CR"]
[38997,"CONECTOR / ADAPTADOR F/M, COM INSERTO METALICO, PPR, DN 32 MM X 3/4\", PARA AGUA QUENTE E FRIA PREDIAL","UN","CR"]
[39600,"CONECTOR / TOMADA FEMEA RJ 45, CATEGORIA 5 E (CAT 5E) PARA CABOS","UN","CR",14]
[39601,"CONECTOR / TOMADA FEMEA RJ 45, CATEGORIA 6 (CAT 6) PARA CABOS","UN","CR",29.69]
[39862,"CONECTOR BRONZE/LATAO SEM ANEL DE SOLDA, BOLSA X ROSCA F, 15 MM X 1/2\"","UN","CR"]
[39863,"CONECTOR BRONZE/LATAO SEM ANEL DE SOLDA, BOLSA X ROSCA F, 22 MM X 1/2\"","UN","CR"]
[39864,"CONECTOR BRONZE/LATAO SEM ANEL DE SOLDA, BOLSA X ROSCA F, 22 MM X 3/4\"","UN","CR"]
[39865,"CONECTOR BRONZE/LATAO SEM ANEL DE SOLDA, BOLSA X ROSCA F, 28 MM X 1/2\"","UN","CR"]
[2517,"CONECTOR CURVO 90 GRAUS DE ALUMINIO, BITOLA 1 1/2\", PARA ADAPTAR ENTRADA DE ELETRODUTO METALICO FLEXIVEL EM QUADROS","UN","CR",23.96]
[2522,"CONECTOR CURVO 90 GRAUS DE ALUMINIO, BITOLA 1 1/4\", PARA ADAPTAR ENTRADA DE ELETRODUTO METALICO FLEXIVEL EM QUADROS","UN","CR",15.49]
[2516,"CONECTOR CURVO 90 GRAUS DE ALUMINIO, BITOLA 1\", PARA ADAPTAR ENTRADA DE ELETRODUTO METALICO FLEXIVEL EM QUADROS","UN","CR",12.43]
[2548,"CONECTOR CURVO 90 GRAUS DE ALUMINIO, BITOLA 1/2\", PARA ADAPTAR ENTRADA DE ELETRODUTO METALICO FLEXIVEL EM QUADROS","UN","CR",9.52]
[2518,"CONECTOR CURVO 90 GRAUS DE ALUMINIO, BITOLA 2 1/2\", PARA ADAPTAR ENTRADA DE ELETRODUTO METALICO FLEXIVEL EM QUADROS","UN","CR",114.06]
[2521,"CONECTOR CURVO 90 GRAUS DE ALUMINIO, BITOLA 2\", PARA ADAPTAR ENTRADA DE ELETRODUTO METALICO FLEXIVEL EM QUADROS","UN","CR",48.55]
[2519,"CONECTOR CURVO 90 GRAUS DE ALUMINIO, BITOLA 3\", PARA ADAPTAR ENTRADA DE ELETRODUTO METALICO FLEXIVEL EM QUADROS","UN","CR",137.54]
[2515,"CONECTOR CURVO 90 GRAUS DE ALUMINIO, BITOLA 3/4\", PARA ADAPTAR ENTRADA DE ELETRODUTO METALICO FLEXIVEL EM QUADROS","UN","CR",10.35]
[2520,"CONECTOR CURVO 90 GRAUS DE ALUMINIO, BITOLA 4\", PARA ADAPTAR ENTRADA DE ELETRODUTO METALICO FLEXIVEL EM QUADROS","UN","CR",253.14]
[1602,"CONECTOR DE ALUMINIO TIPO PRENSA CABO, BITOLA 1 1/2\", PARA CABOS DE DIAMETRO DE 37 A 40 MM","UN","CR",54.18]
[1601,"CONECTOR DE ALUMINIO TIPO PRENSA CABO, BITOLA 1 1/4\", PARA CABOS DE DIAMETRO DE 31 A 34 MM","UN","CR",48.29]
[1600,"CONECTOR DE ALUMINIO TIPO PRENSA CABO, BITOLA 1\", PARA CABOS DE DIAMETRO DE 22,5 A 25 MM","UN","CR",21.09]
[1598,"CONECTOR DE ALUMINIO TIPO PRENSA CABO, BITOLA 1/2\", PARA CABOS DE DIAMETRO DE 12,5 A 15 MM","UN","CR",14.29]
[1603,"CONECTOR DE ALUMINIO TIPO PRENSA CABO, BITOLA 2\", PARA CABOS DE DIAMETRO DE 47,5 A 50 MM","UN","CR",81.8]
[1599,"CONECTOR DE ALUMINIO TIPO PRENSA CABO, BITOLA 3/4\", PARA CABOS DE DIAMETRO DE 17,5 A 20 MM","UN","CR",16.579999999999998]
[1597,"CONECTOR DE ALUMINIO TIPO PRENSA CABO, BITOLA 3/8\", PARA CABOS DE DIAMETRO DE 9 A 10 MM","UN","CR",13.43]
[39602,"CONECTOR MACHO RJ 45, CATEGORIA 5 E (CAT 5E) PARA CABOS","UN","CR",1.48]
[39603,"CONECTOR MACHO RJ 45, CATEGORIA 6 (CAT 6) PARA CABOS","UN","CR",3.16]
[11821,"CONECTOR METALICO TIPO PARAFUSO FENDIDO (SPLIT BOLT), COM SEPARADOR DE CABOS BIMETALICOS, PARA CABOS ATE 25 MM2","UN","CR",11.03]
[1562,"CONECTOR METALICO TIPO PARAFUSO FENDIDO (SPLIT BOLT), COM SEPARADOR DE CABOS BIMETALICOS, PARA CABOS ATE 50 MM2","UN","CR",18.07]
[1563,"CONECTOR METALICO TIPO PARAFUSO FENDIDO (SPLIT BOLT), COM SEPARADOR DE CABOS BIMETALICOS, PARA CABOS ATE 70 MM2","UN","CR",24.25]
[11856,"CONECTOR METALICO TIPO PARAFUSO FENDIDO (SPLIT BOLT), PARA CABOS ATE 10 MM2","UN","C",7.23]
[11857,"CONECTOR METALICO TIPO PARAFUSO FENDIDO (SPLIT BOLT), PARA CABOS ATE 120 MM2","UN","CR",38.049999999999997]
[11858,"CONECTOR METALICO TIPO PARAFUSO FENDIDO (SPLIT BOLT), PARA CABOS ATE 150 MM2","UN","CR",47.22]
[1539,"CONECTOR METALICO TIPO PARAFUSO FENDIDO (SPLIT BOLT), PARA CABOS ATE 16 MM2","UN","CR",8.49]
[11859,"CONECTOR METALICO TIPO PARAFUSO FENDIDO (SPLIT BOLT), PARA CABOS ATE 185 MM2","UN","CR",64.25]
[1550,"CONECTOR METALICO TIPO PARAFUSO FENDIDO (SPLIT BOLT), PARA CABOS ATE 25 MM2","UN","CR",8.9600000000000009]
[11854,"CONECTOR METALICO TIPO PARAFUSO FENDIDO (SPLIT BOLT), PARA CABOS ATE 35 MM2","UN","CR",11.2]
[11862,"CONECTOR METALICO TIPO PARAFUSO FENDIDO (SPLIT BOLT), PARA CABOS ATE 50 MM2","UN","CR",15.71]
[11863,"CONECTOR METALICO TIPO PARAFUSO FENDIDO (SPLIT BOLT), PARA CABOS ATE 6 MM2","UN","CR",6.34]
[11855,"CONECTOR METALICO TIPO PARAFUSO FENDIDO (SPLIT BOLT), PARA CABOS ATE 70 MM2","UN","CR",23.45]
[11864,"CONECTOR METALICO TIPO PARAFUSO FENDIDO (SPLIT BOLT), PARA CABOS ATE 95 MM2","UN","CR",35.46]
[2527,"CONECTOR RETO DE ALUMINIO PARA ELETRODUTO DE 1 1/2\", PARA ADAPTAR ENTRADA DE ELETRODUTO METALICO FLEXIVEL EM QUADROS","UN","CR",8.57]
[2526,"CONECTOR RETO DE ALUMINIO PARA ELETRODUTO DE 1 1/4\", PARA ADAPTAR ENTRADA DE ELETRODUTO METALICO FLEXIVEL EM QUADROS","UN","CR",5.49]
[2483,"CONECTOR RETO DE ALUMINIO PARA ELETRODUTO DE 1\", PARA ADAPTAR ENTRADA DE ELETRODUTO METALICO FLEXIVEL EM QUADROS","UN","CR",3.91]
[2487,"CONECTOR RETO DE ALUMINIO PARA ELETRODUTO DE 1/2\", PARA ADAPTAR ENTRADA DE ELETRODUTO METALICO FLEXIVEL EM QUADROS","UN","CR",1.87]
[2528,"CONECTOR RETO DE ALUMINIO PARA ELETRODUTO DE 2 1/2\", PARA ADAPTAR ENTRADA DE ELETRODUTO METALICO FLEXIVEL EM QUADROS","UN","CR",21.58]
[2489,"CONECTOR RETO DE ALUMINIO PARA ELETRODUTO DE 2\", PARA ADAPTAR ENTRADA DE ELETRODUTO METALICO FLEXIVEL EM QUADROS","UN","CR",9.5]
[2484,"CONECTOR RETO DE ALUMINIO PARA ELETRODUTO DE 3\", PARA ADAPTAR ENTRADA DE ELETRODUTO METALICO FLEXIVEL EM QUADROS","UN","CR",31.35]
[2488,"CONECTOR RETO DE ALUMINIO PARA ELETRODUTO DE 3/4\", PARA ADAPTAR ENTRADA DE ELETRODUTO METALICO FLEXIVEL EM QUADROS","UN","CR",2.19]
[2485,"CONECTOR RETO DE ALUMINIO PARA ELETRODUTO DE 4\", PARA ADAPTAR ENTRADA DE ELETRODUTO METALICO FLEXIVEL EM QUADROS","UN","CR",49.13]
[44247,"CONECTOR, CPVC, SOLDAVEL, 114 MM X 4\", PARA AGUA QUENTE","UN","CR"]
[38005,"CONECTOR, CPVC, SOLDAVEL, 15 MM X 1/2\", PARA AGUA QUENTE","UN","CR"]
[38006,"CONECTOR, CPVC, SOLDAVEL, 22 MM X 1/2\", PARA AGUA QUENTE","UN","CR"]
[38428,"CONECTOR, CPVC, SOLDAVEL, 22 MM X 3/4\", PARA AGUA QUENTE","UN","CR"]
[38007,"CONECTOR, CPVC, SOLDAVEL, 28 MM X 1\", PARA AGUA QUENTE","UN","CR"]
[38008,"CONECTOR, CPVC, SOLDAVEL, 35 MM X 1 1/4\", PARA AGUA QUENTE","UN","CR"]
[38009,"CONECTOR, CPVC, SOLDAVEL, 42 MM X 1 1/2\", PARA AGUA QUENTE","UN","CR"]
[44248,"CONECTOR, CPVC, SOLDAVEL, 54 MM X 2\", PARA AGUA QUENTE","UN","CR"]
[44249,"CONECTOR, CPVC, SOLDAVEL, 73 MM X 2 1/2\", PARA AGUA QUENTE","UN","CR"]
[44250,"CONECTOR, CPVC, SOLDAVEL, 89 MM X 3\", PARA AGUA QUENTE","UN","CR"]
[39279,"CONECTOR/ADAPTADOR FIXO, ROSCA FEMEA, EM PLASTICO, DN 16 MM X 1/2\", PARA CONEXAO COM CRIMPAGEM, EM TUBO PEX PARA INST. AGUA QUENTE/FRIA","UN","CR"]
[39280,"CONECTOR/ADAPTADOR FIXO, ROSCA FEMEA, EM PLASTICO, DN 20 MM X 1/2\", PARA CONEXAO COM CRIMPAGEM, EM TUBO PEX PARA INST. AGUA QUENTE/FRIA","UN","CR"]
[39281,"CONECTOR/ADAPTADOR FIXO, ROSCA FEMEA, EM PLASTICO, DN 20 MM X 3/4\", PARA CONEXAO COM CRIMPAGEM, EM TUBO PEX PARA INST. AGUA QUENTE/FRIA","UN","CR"]
[39282,"CONECTOR/ADAPTADOR FIXO, ROSCA FEMEA, EM PLASTICO, DN 25 MM X 3/4\", PARA CONEXAO COM CRIMPAGEM, EM TUBO PEX PARA INST. AGUA QUENTE/FRIA","UN","CR"]
[38844,"CONECTOR/ADAPTADOR FIXO, ROSCA FEMEA, METALICA, COM ANEL DESLIZANTE, DN 16 MM X 1/2\", PARA TUBO PEX PARA INST. AGUA QUENTE/FRIA","UN","C"]
[38846,"CONECTOR/ADAPTADOR FIXO, ROSCA FEMEA, METALICA, COM ANEL DESLIZANTE, DN 20 MM X 1/2\", PARA TUBO PEX PARA INST. AGUA QUENTE/FRIA","UN","CR"]
[38847,"CONECTOR/ADAPTADOR FIXO, ROSCA FEMEA, METALICA, COM ANEL DESLIZANTE, DN 20 MM X 3/4\", PARA TUBO PEX PARA INST. AGUA QUENTE/FRIA","UN","CR"]
[38850,"CONECTOR/ADAPTADOR FIXO, ROSCA FEMEA, METALICA, COM ANEL DESLIZANTE, DN 25 MM X 1\", PARA TUBO PEX PARA INST. AGUA QUENTE/FRIA","UN","CR"]
[38848,"CONECTOR/ADAPTADOR FIXO, ROSCA FEMEA, METALICA, COM ANEL DESLIZANTE, DN 25 MM X 3/4\", PARA TUBO PEX PARA INST. AGUA QUENTE/FRIA","UN","CR"]
[38851,"CONECTOR/ADAPTADOR FIXO, ROSCA FEMEA, METALICA, COM ANEL DESLIZANTE, DN 32 MM X 1\", PARA TUBO PEX PARA INST. AGUA QUENTE/FRIA","UN","CR"]
[38854,"CONECTOR/ADAPTADOR MOVEL, ROSCA FEMEA, METALICA, COM ANEL DESLIZANTE, DN 16 MM X 3/4\", PARA TUBO PEX PARA INST. AGUA QUENTE/FRIA","UN","CR"]
[3104,"CONJ. DE FERRAGENS PARA PORTA DE VIDRO TEMPERADO, EM ZAMAC CROMADO, CONTEMPLANDO DOBRADICA INF., DOBRADICA SUP., PIVO PARA DOBRADICA INF., PIVO PARA DOBRADICA SUP., FECHADURA CENTRAL EM ZAMC. CROMADO, CONTRA FECHADURA DE PRESSAO","CJ","CR",161.63999999999999]
[1607,"CONJUNTO ARRUELAS DE VEDACAO 5/16\" PARA TELHA FIBROCIMENTO (UMA ARRUELA METALICA E UMA ARRUELA PVC - CONICAS)","CJ","CR",0.26]
[38169,"CONJUNTO DE FERRAGENS PIVO, PARA PORTA PIVOTANTE DE ATE 100 KG, REGULAVEL COM ESFERA, CROMADO - SUPERIOR E INFERIOR - COMPLETO","CJ","CR",79.040000000000006]
[6142,"CONJUNTO DE LIGACAO AJUSTAVEL, PARA VASO / BACIA SANITARIA, EM PLASTICO BRANCO, COM TUBO, CANOPLA E ESPUDE","UN","CR",9.08]
[11686,"CONJUNTO DE LIGACAO PARA VASO / BACIA SANITARIA, EM PLASTICO BRANCO, COM TUBO, CANOPLA E ANEL DE EXPANSAO (TUBO 1.1/2\" X 20 CM)","UN","CR",12.6]
[37598,"CONJUNTO MONTADO ESTOPIM COM ESPOLETA COMUM NUMERO 8, COM CABECA ACENDEDORA, 1,5 M","UN","CR"]
[25398,"CONJUNTO PARA FUTSAL COM PAR DE TRAVES OFICIAIS DE 3,00 X 2,00 M EM TUBO DE ACO GALVANIZADO 3\" COM REQUADROS EM TUBO DE 1\", PINTURA EM PRIMER COM TINTA ESMALTE SINTETICO E REDES DE POLIETILENO FIO 4 MM","UN","CR"]
[25399,"CONJUNTO PARA QUADRA DE VOLEI COM POSTES EM TUBO DE ACO GALVANIZADO 3\", H = *255* CM, PINTURA EM TINTA ESMALTE SINTETICO, REDE DE NYLON COM 2 MM, MALHA 10 X 10 CM E ANTENAS OFICIAIS EM FIBRA DE VIDRO","UN","CR"]
[43440,"CONJUNTO PRE-MOLDADO COMPOSTO POR GRELHA (0,99 X 0,45 M), QUADRO (1,10 X 0,52 M) E CANTONEIRA (1,10 X 0,35 M), EM CONCRETO ARMADO, COM FCK DE 21 MPA","UN","CR",334.85]
[1613,"CONTATOR TRIPOLAR, CORRENTE DE *110* A, TENSAO NOMINAL DE *500* V, CATEGORIA AC-2 E AC-3","UN","CR",2092.75]
[1626,"CONTATOR TRIPOLAR, CORRENTE DE *185* A, TENSAO NOMINAL DE *500* V, CATEGORIA AC-2 E AC-3","UN","CR",3129.96]
[1625,"CONTATOR TRIPOLAR, CORRENTE DE *22* A, TENSAO NOMINAL DE *500* V, CATEGORIA AC-2 E AC-3","UN","CR",218.61]
[1622,"CONTATOR TRIPOLAR, CORRENTE DE *265* A, TENSAO NOMINAL DE *500* V, CATEGORIA AC-2 E AC-3","UN","CR",7063.04]
[1620,"CONTATOR TRIPOLAR, CORRENTE DE *38* A, TENSAO NOMINAL DE *500* V, CATEGORIA AC-2 E AC-3","UN","CR",460.52]
[1629,"CONTATOR TRIPOLAR, CORRENTE DE *500* A, TENSAO NOMINAL DE *500* V, CATEGORIA AC-2 E AC-3","UN","CR",17189.759999999998]
[1627,"CONTATOR TRIPOLAR, CORRENTE DE *65* A, TENSAO NOMINAL DE *500* V, CATEGORIA AC-2 E AC-3","UN","CR",880.27]
[1623,"CONTATOR TRIPOLAR, CORRENTE DE 12 A, TENSAO NOMINAL DE *500* V, CATEGORIA AC-2 E AC-3","UN","CR",178.29]
[1619,"CONTATOR TRIPOLAR, CORRENTE DE 25 A, TENSAO NOMINAL DE *500* V, CATEGORIA AC-2 E AC-3","UN","CR",245.25]
[1630,"CONTATOR TRIPOLAR, CORRENTE DE 250 A, TENSAO NOMINAL DE *500* V, PARA ACIONAMENTO DE CAPACITORES","UN","CR",5399.84]
[1616,"CONTATOR TRIPOLAR, CORRENTE DE 300 A, TENSAO NOMINAL DE *500* V, CATEGORIA AC-2 E AC-3","UN","CR",8305.0499999999993]
[1614,"CONTATOR TRIPOLAR, CORRENTE DE 32 A, TENSAO NOMINAL DE *500* V, CATEGORIA AC-2 E AC-3","UN","CR",379.57]
[1617,"CONTATOR TRIPOLAR, CORRENTE DE 400 A, TENSAO NOMINAL DE *500* V, CATEGORIA AC-2 E AC-3","UN","CR",9914.43]
[1621,"CONTATOR TRIPOLAR, CORRENTE DE 45 A, TENSAO NOMINAL DE *500* V, CATEGORIA AC-2 E AC-3","UN","CR",678.85]
[1624,"CONTATOR TRIPOLAR, CORRENTE DE 630 A, TENSAO NOMINAL DE *500* V, CATEGORIA AC-2 E AC-3","UN","CR",24370.15]
[1615,"CONTATOR TRIPOLAR, CORRENTE DE 75 A, TENSAO NOMINAL DE *500* V, CATEGORIA AC-2 E AC-3","UN","CR",1274.78]
[1612,"CONTATOR TRIPOLAR, CORRENTE DE 9 A, TENSAO NOMINAL DE *500* V, CATEGORIA AC-2 E AC-3","UN","C",167.9]
[1618,"CONTATOR TRIPOLAR, CORRENTE DE 95 A, TENSAO NOMINAL DE *500* V, CATEGORIA AC-2 E AC-3","UN","CR",1751.73]
[14211,"CONTRA-PORCA SEXTAVADA, DIAMETRO NOMINAL 1 3/8\", ALTURA 35 MM","UN","CR",47.18]
[43657,"CONTRAMARCO DE ALUMINIO (PERFIL 25) PARA ESQUADRIAS, TIPO CONVENCIONAL / CADEIRINHA, 60 MM (CM-060), INCLUSO CONEXOES, GRAPAS E TRAVAMENTOS","M","CR",10.91]
[38200,"CORDA DE POLIAMIDA 12 MM TIPO BOMBEIRO, PARA TRABALHO EM ALTURA","100M","CR",426.71]
[39269,"CORDAO DE COBRE, FLEXIVEL, TORCIDO, CLASSE 4 OU 5, ISOLACAO EM PVC/D, 300 V, 2 CONDUTORES DE 0,5 MM2","M","CR",1.69]
[11889,"CORDAO DE COBRE, FLEXIVEL, TORCIDO, CLASSE 4 OU 5, ISOLACAO EM PVC/D, 300 V, 2 CONDUTORES DE 0,75 MM2","M","CR",2.3199999999999998]
[39270,"CORDAO DE COBRE, FLEXIVEL, TORCIDO, CLASSE 4 OU 5, ISOLACAO EM PVC/D, 300 V, 2 CONDUTORES DE 1,0 MM2","M","CR",3.01]
[11890,"CORDAO DE COBRE, FLEXIVEL, TORCIDO, CLASSE 4 OU 5, ISOLACAO EM PVC/D, 300 V, 2 CONDUTORES DE 1,5 MM2","M","CR",4.0999999999999996]
[11891,"CORDAO DE COBRE, FLEXIVEL, TORCIDO, CLASSE 4 OU 5, ISOLACAO EM PVC/D, 300 V, 2 CONDUTORES DE 2,5 MM2","M","CR",6.64]
[11892,"CORDAO DE COBRE, FLEXIVEL, TORCIDO, CLASSE 4 OU 5, ISOLACAO EM PVC/D, 300 V, 2 CONDUTORES DE 4 MM2","M","CR",10.86]
[37601,"CORDEL DETONANTE, NP 05 G/M","M","CR"]
[1634,"CORDEL DETONANTE, NP 10 G/M","M","CR"]
[44274,"COROA PARA PERFURATRIZ T38, D = 2 1/2\", 6 X 4 BOTOES BALISTICOS, FACE PLANA","UN","CR"]
[5086,"CORRENTE DE ELO CURTO COMUM, SOLDADA, GALVANIZADA, ESPESSURA DO ELO = 1/2\" (12,5 MM)","KG","CR",32.72]
[45244,"CORTA-TUBOS COM CAPACIDADE DE 6 A 42 MM","UN","CR",86.58]
[11280,"CORTADEIRA DE PISO DE CONCRETO E ASFALTO, PARA DISCO PADRAO DE DIAMETRO 350 MM (14\") OU 450 MM (18\"), MOTOR A GASOLINA, POTENCIA 13 HP, SEM DISCO","UN","CR"]
[45657,"CORTADEIRA HIDRAULICA DE VERGALHAO, PARA ACO DE DIAMETRO ATE 50 MM, MOTOR ELETRICO TRIFASICO, POTENCIA DE 5,5 HP A 7,5 HP","UN","CR"]
[3446,"COTOVELO 45 GRAUS DE FERRO GALVANIZADO, COM ROSCA BSP, DE 1 1/2\"","UN","CR"]
[3445,"COTOVELO 45 GRAUS DE FERRO GALVANIZADO, COM ROSCA BSP, DE 1 1/4\"","UN","CR"]
[3444,"COTOVELO 45 GRAUS DE FERRO GALVANIZADO, COM ROSCA BSP, DE 1\"","UN","CR"]
[3441,"COTOVELO 45 GRAUS DE FERRO GALVANIZADO, COM ROSCA BSP, DE 1/2\"","UN","CR"]
[12402,"COTOVELO 45 GRAUS DE FERRO GALVANIZADO, COM ROSCA BSP, DE 2 1/2\"","UN","CR"]
[3447,"COTOVELO 45 GRAUS DE FERRO GALVANIZADO, COM ROSCA BSP, DE 2\"","UN","CR"]
[3448,"COTOVELO 45 GRAUS DE FERRO GALVANIZADO, COM ROSCA BSP, DE 3\"","UN","CR"]
[3442,"COTOVELO 45 GRAUS DE FERRO GALVANIZADO, COM ROSCA BSP, DE 3/4\"","UN","CR"]
[3449,"COTOVELO 45 GRAUS DE FERRO GALVANIZADO, COM ROSCA BSP, DE 4\"","UN","CR"]
[37438,"COTOVELO 45 GRAUS, PEAD PE 100, DE 125 MM, PARA ELETROFUSAO","UN","CR"]
[37439,"COTOVELO 45 GRAUS, PEAD PE 100, DE 200 MM, PARA ELETROFUSAO","UN","CR"]
[37435,"COTOVELO 45 GRAUS, PEAD PE 100, DE 32 MM, PARA ELETROFUSAO","UN","CR"]
[37436,"COTOVELO 45 GRAUS, PEAD PE 100, DE 40 MM, PARA ELETROFUSAO","UN","CR"]
[37437,"COTOVELO 45 GRAUS, PEAD PE 100, DE 63 MM, PARA ELETROFUSAO","UN","CR"]
[3473,"COTOVELO 90 GRAUS DE FERRO GALVANIZADO, COM ROSCA BSP MACHO/FEMEA, DE 1 1/2\"","UN","CR"]
[3474,"COTOVELO 90 GRAUS DE FERRO GALVANIZADO, COM ROSCA BSP MACHO/FEMEA, DE 1 1/4\"","UN","CR"]
[3443,"COTOVELO 90 GRAUS DE FERRO GALVANIZADO, COM ROSCA BSP MACHO/FEMEA, DE 1\"","UN","CR"]
[3450,"COTOVELO 90 GRAUS DE FERRO GALVANIZADO, COM ROSCA BSP MACHO/FEMEA, DE 1/2\"","UN","CR"]
[3453,"COTOVELO 90 GRAUS DE FERRO GALVANIZADO, COM ROSCA BSP MACHO/FEMEA, DE 2 1/2\"","UN","CR"]
[3452,"COTOVELO 90 GRAUS DE FERRO GALVANIZADO, COM ROSCA BSP MACHO/FEMEA, DE 2\"","UN","CR"]
[3454,"COTOVELO 90 GRAUS DE FERRO GALVANIZADO, COM ROSCA BSP MACHO/FEMEA, DE 3\"","UN","CR"]
[3451,"COTOVELO 90 GRAUS DE FERRO GALVANIZADO, COM ROSCA BSP MACHO/FEMEA, DE 3/4\"","UN","CR"]
[3458,"COTOVELO 90 GRAUS DE FERRO GALVANIZADO, COM ROSCA BSP, DE 1 1/2\"","UN","CR"]
[3457,"COTOVELO 90 GRAUS DE FERRO GALVANIZADO, COM ROSCA BSP, DE 1 1/4\"","UN","CR"]
[3472,"COTOVELO 90 GRAUS DE FERRO GALVANIZADO, COM ROSCA BSP, DE 1\"","UN","CR"]
[3455,"COTOVELO 90 GRAUS DE FERRO GALVANIZADO, COM ROSCA BSP, DE 1/2\"","UN","CR"]
[3470,"COTOVELO 90 GRAUS DE FERRO GALVANIZADO, COM ROSCA BSP, DE 2 1/2\"","UN","CR"]
[3471,"COTOVELO 90 GRAUS DE FERRO GALVANIZADO, COM ROSCA BSP, DE 2\"","UN","CR"]
[3459,"COTOVELO 90 GRAUS DE FERRO GALVANIZADO, COM ROSCA BSP, DE 3\"","UN","CR"]
[3456,"COTOVELO 90 GRAUS DE FERRO GALVANIZADO, COM ROSCA BSP, DE 3/4\"","UN","CR"]
[3469,"COTOVELO 90 GRAUS DE FERRO GALVANIZADO, COM ROSCA BSP, DE 4\"","UN","CR"]
[3460,"COTOVELO 90 GRAUS DE FERRO GALVANIZADO, COM ROSCA BSP, DE 5\"","UN","CR"]
[3461,"COTOVELO 90 GRAUS DE FERRO GALVANIZADO, COM ROSCA BSP, DE 6\"","UN","CR"]
[37433,"COTOVELO 90 GRAUS, PEAD PE 100, DE 125 MM, PARA ELETROFUSAO","UN","CR"]
[37430,"COTOVELO 90 GRAUS, PEAD PE 100, DE 20 MM, PARA ELETROFUSAO","UN","CR"]
[37434,"COTOVELO 90 GRAUS, PEAD PE 100, DE 200 MM, PARA ELETROFUSAO","UN","CR"]
[37431,"COTOVELO 90 GRAUS, PEAD PE 100, DE 32 MM, PARA ELETROFUSAO","UN","CR"]
[37432,"COTOVELO 90 GRAUS, PEAD PE 100, DE 63 MM, PARA ELETROFUSAO","UN","CR"]
[39869,"COTOVELO BRONZE/LATAO SEM ANEL DE SOLDA, BOLSA X ROSCA F, 15MM X 1/2\"","UN","CR"]
[39870,"COTOVELO BRONZE/LATAO SEM ANEL DE SOLDA, BOLSA X ROSCA F, 22MM X 1/2\"","UN","CR"]
[39871,"COTOVELO BRONZE/LATAO SEM ANEL DE SOLDA, BOLSA X ROSCA F, 22MM X 3/4\"","UN","CR"]
[12722,"COTOVELO DE COBRE 90 GRAUS SEM ANEL DE SOLDA, BOLSA X BOLSA, 104 MM","UN","CR"]
[12714,"COTOVELO DE COBRE 90 GRAUS SEM ANEL DE SOLDA, BOLSA X BOLSA, 15 MM","UN","CR"]
[12715,"COTOVELO DE COBRE 90 GRAUS SEM ANEL DE SOLDA, BOLSA X BOLSA, 22 MM","UN","CR"]
[12716,"COTOVELO DE COBRE 90 GRAUS SEM ANEL DE SOLDA, BOLSA X BOLSA, 28 MM","UN","CR"]
[12717,"COTOVELO DE COBRE 90 GRAUS SEM ANEL DE SOLDA, BOLSA X BOLSA, 35 MM","UN","CR"]
[12718,"COTOVELO DE COBRE 90 GRAUS SEM ANEL DE SOLDA, BOLSA X BOLSA, 42 MM","UN","CR"]
[12719,"COTOVELO DE COBRE 90 GRAUS SEM ANEL DE SOLDA, BOLSA X BOLSA, 54 MM","UN","CR"]
[12720,"COTOVELO DE COBRE 90 GRAUS SEM ANEL DE SOLDA, BOLSA X BOLSA, 66 MM","UN","CR"]
[12721,"COTOVELO DE COBRE 90 GRAUS SEM ANEL DE SOLDA, BOLSA X BOLSA, 79 MM","UN","CR"]
[3468,"COTOVELO DE REDUCAO 90 GRAUS DE FERRO GALVANIZADO, COM ROSCA BSP, DE 1 1/2\" X 1\"","UN","CR"]
[3465,"COTOVELO DE REDUCAO 90 GRAUS DE FERRO GALVANIZADO, COM ROSCA BSP, DE 1 1/2\" X 3/4\"","UN","CR"]
[12403,"COTOVELO DE REDUCAO 90 GRAUS DE FERRO GALVANIZADO, COM ROSCA BSP, DE 1 1/4\" X 1\"","UN","CR"]
[3463,"COTOVELO DE REDUCAO 90 GRAUS DE FERRO GALVANIZADO, COM ROSCA BSP, DE 1\" X 1/2\"","UN","CR"]
[3464,"COTOVELO DE REDUCAO 90 GRAUS DE FERRO GALVANIZADO, COM ROSCA BSP, DE 1\" X 3/4\"","UN","CR"]
[3466,"COTOVELO DE REDUCAO 90 GRAUS DE FERRO GALVANIZADO, COM ROSCA BSP, DE 2 1/2\" X 2\"","UN","CR"]
[3467,"COTOVELO DE REDUCAO 90 GRAUS DE FERRO GALVANIZADO, COM ROSCA BSP, DE 2\" X 1 1/2\"","UN","CR"]
[3462,"COTOVELO DE REDUCAO 90 GRAUS DE FERRO GALVANIZADO, COM ROSCA BSP, DE 3/4\" X 1/2\"","UN","CR"]
[43917,"COTOVELO HORIZONTAL RETO 90 GRAUS PARA ELETROCALHA, EM CHAPA PERFURADA DE ACO GALVANIZADO ESPESSURA #14, 700 X 50 MM (L X A), SEM VIROLA, SEM TAMPA","UN","CR"]
[41808,"COTOVELO HORIZONTAL RETO 90 GRAUS, PARA ELETROCALHA, EM CHAPA LISA DE ACO GALVANIZADO ESPESSURA # 22, 150 X 50 MM (L X A), SEM VIROLA, SEM TAMPA","UN","CR"]
[41817,"COTOVELO HORIZONTAL RETO 90 GRAUS, PARA ELETROCALHA, EM CHAPA LISA DE ACO GALVANIZADO ESPESSURA #14, 700 X 50 MM (L X A), SEM VIROLA, SEM TAMPA","UN","CR"]
[41819,"COTOVELO HORIZONTAL RETO 90 GRAUS, PARA ELETROCALHA, EM CHAPA LISA DE ACO GALVANIZADO ESPESSURA #14, 800 X 50 MM (L X A), SEM VIROLA, SEM TAMPA","UN","CR"]
[41815,"COTOVELO HORIZONTAL RETO 90 GRAUS, PARA ELETROCALHA, EM CHAPA LISA DE ACO GALVANIZADO ESPESSURA #16, 500 X 50 MM (L X A), SEM VIROLA, SEM TAMPA","UN","CR"]
[41816,"COTOVELO HORIZONTAL RETO 90 GRAUS, PARA ELETROCALHA, EM CHAPA LISA DE ACO GALVANIZADO ESPESSURA #16, 600 X 50 MM (L X A), SEM VIROLA, SEM TAMPA","UN","CR"]
[41812,"COTOVELO HORIZONTAL RETO 90 GRAUS, PARA ELETROCALHA, EM CHAPA LISA DE ACO GALVANIZADO ESPESSURA #18, 300 X 50 MM (L X A), SEM VIROLA, SEM TAMPA","UN","CR"]
[41813,"COTOVELO HORIZONTAL RETO 90 GRAUS, PARA ELETROCALHA, EM CHAPA LISA DE ACO GALVANIZADO ESPESSURA #18, 400 X 50 MM (L X A), SEM VIROLA, SEM TAMPA","UN","CR"]
[41806,"COTOVELO HORIZONTAL RETO 90 GRAUS, PARA ELETROCALHA, EM CHAPA LISA DE ACO GALVANIZADO ESPESSURA #22, 100 X 50 MM (L X A), SEM VIROLA, SEM TAMPA","UN","CR"]
[41807,"COTOVELO HORIZONTAL RETO 90 GRAUS, PARA ELETROCALHA, EM CHAPA LISA DE ACO GALVANIZADO ESPESSURA #22, 125 X 50 MM (L X A), SEM VIROLA, SEM TAMPA","UN","CR"]
[41809,"COTOVELO HORIZONTAL RETO 90 GRAUS, PARA ELETROCALHA, EM CHAPA LISA DE ACO GALVANIZADO ESPESSURA #22, 200 X 50 MM (L X A), SEM VIROLA, SEM TAMPA","UN","CR"]
[41811,"COTOVELO HORIZONTAL RETO 90 GRAUS, PARA ELETROCALHA, EM CHAPA LISA DE ACO GALVANIZADO ESPESSURA #22, 250 X 50 MM (L X A), SEM VIROLA, SEM TAMPA","UN","CR"]
[41814,"COTOVELO HORIZONTAL RETO 90 GRAUS, PARA ELETROCALHA, EM CHAPA LISA DE ACO GALVANIZADO ESPESSURA #22, 50 X 50 MM (L X A), SEM VIROLA, SEM TAMPA","UN","CR"]
[41818,"COTOVELO HORIZONTAL RETO 90 GRAUS, PARA ELETROCALHA, EM CHAPA LISA DE ACO GALVANIZADO ESPESSURA #22, 75 X 50 MM (L X A), SEM VIROLA, SEM TAMPA","UN","CR"]
[43919,"COTOVELO HORIZONTAL RETO 90 GRAUS, PARA ELETROCALHA, EM CHAPA PERFURADA DE ACO GALVANIZADO ESPESSURA #14, 800 X 50 MM (L X A), SEM VIROLA, SEM TAMPA","UN","CR"]
[43914,"COTOVELO HORIZONTAL RETO 90 GRAUS, PARA ELETROCALHA, EM CHAPA PERFURADA DE ACO GALVANIZADO ESPESSURA #16, 500 X 50 MM (L X A), SEM VIROLA, SEM TAMPA","UN","CR"]
[43916,"COTOVELO HORIZONTAL RETO 90 GRAUS, PARA ELETROCALHA, EM CHAPA PERFURADA DE ACO GALVANIZADO ESPESSURA #16, 600 X 50 MM (L X A), SEM VIROLA, SEM TAMPA","UN","CR"]
[43912,"COTOVELO HORIZONTAL RETO 90 GRAUS, PARA ELETROCALHA, EM CHAPA PERFURADA DE ACO GALVANIZADO ESPESSURA #18, 300 X 50 MM (L X A), SEM VIROLA, SEM TAMPA","UN","CR"]
[43913,"COTOVELO HORIZONTAL RETO 90 GRAUS, PARA ELETROCALHA, EM CHAPA PERFURADA DE ACO GALVANIZADO ESPESSURA #18, 400 X 50 MM (L X A), SEM VIROLA, SEM TAMPA","UN","CR"]
[43908,"COTOVELO HORIZONTAL RETO 90 GRAUS, PARA ELETROCALHA, EM CHAPA PERFURADA DE ACO GALVANIZADO ESPESSURA #22, 125 X 50 MM (L X A), SEM VIROLA, SEM TAMPA","UN","CR"]
[43909,"COTOVELO HORIZONTAL RETO 90 GRAUS, PARA ELETROCALHA, EM CHAPA PERFURADA DE ACO GALVANIZADO ESPESSURA #22, 150 X 50 MM (L X A), SEM VIROLA, SEM TAMPA","UN","CR"]
[43910,"COTOVELO HORIZONTAL RETO 90 GRAUS, PARA ELETROCALHA, EM CHAPA PERFURADA DE ACO GALVANIZADO ESPESSURA #22, 200 X 50 MM (L X A), SEM VIROLA, SEM TAMPA","UN","CR"]
[43911,"COTOVELO HORIZONTAL RETO 90 GRAUS, PARA ELETROCALHA, EM CHAPA PERFURADA DE ACO GALVANIZADO ESPESSURA #22, 250 X 50 MM (L X A), SEM VIROLA, SEM TAMPA","UN","CR"]
[43915,"COTOVELO HORIZONTAL RETO 90 GRAUS, PARA ELETROCALHA, EM CHAPA PERFURADA DE ACO GALVANIZADO ESPESSURA #22, 50 X 50 MM (L X A), SEM VIROLA, SEM TAMPA","UN","CR"]
[43918,"COTOVELO HORIZONTAL RETO 90 GRAUS, PARA ELETROCALHA, EM CHAPA PERFURADA DE ACO GALVANIZADO ESPESSURA #22, 75 X 50 MM (L X A), SEM VIROLA, SEM TAMPA","UN","CR"]
[43907,"COTOVELO HORIZONTAL RETO, 90 GRAUS, PARA ELETROCALHA, EM CHAPA PERFURADA DE ACO GALVANIZADO ESPESSURA #22, 100 X 50 MM (L X A), SEM VIROLA, SEM TAMPA","UN","CR"]
[37416,"COTOVELO/JOELHO 90 GRAUS, EM POLIPROPILENO, PN 16, PARA TUBOS PEAD, 20 X 20 MM - LIGACAO PREDIAL DE AGUA","UN","CR"]
[37417,"COTOVELO/JOELHO 90 GRAUS, EM POLIPROPILENO, PN 16, PARA TUBOS PEAD, 32 X 32 MM - LIGACAO PREDIAL DE AGUA","UN","CR"]
[37413,"COTOVELO/JOELHO COM ADAPTADOR, 90 GRAUS, EM POLIPROPILENO, PN 16, PARA TUBOS PEAD, 20 MM X 1/2\" - LIGACAO PREDIAL DE AGUA","UN","CR"]
[37414,"COTOVELO/JOELHO COM ADAPTADOR, 90 GRAUS, EM POLIPROPILENO, PN 16, PARA TUBOS PEAD, 20 MM X 3/4\" - LIGACAO PREDIAL DE AGUA","UN","CR"]
[37415,"COTOVELO/JOELHO COM ADAPTADOR, 90 GRAUS, EM POLIPROPILENO, PN 16, PARA TUBOS PEAD, 32 MM X 1\" - LIGACAO PREDIAL DE AGUA","UN","CR"]
[43590,"CREMONA RETANGULAR INJETADA LISA COM CHAVE, COM CASTANHA / ALCA, EM LATAO, COM ACABAMENTO CROMADO, DE SOBREPOR / EMBUTIR","UN","CR",152.13]
[43589,"CREMONA RETANGULAR INJETADA LISA, COM CASTANHA / ALCA, EM LATAO, COM ACABAMENTO CROMADO, DE SOBREPOR / EMBUTIR","UN","CR",27.52]
[34519,"CRUZETA DE CONCRETO LEVE, COMP. 2000 MM SECAO, 90 X 90 MM","UN","CR",86.09]
[1649,"CRUZETA DE FERRO GALVANIZADO, COM ROSCA BSP, DE 1 1/2\"","UN","CR"]
[1653,"CRUZETA DE FERRO GALVANIZADO, COM ROSCA BSP, DE 1 1/4\"","UN","CR"]
[1648,"CRUZETA DE FERRO GALVANIZADO, COM ROSCA BSP, DE 1\"","UN","CR"]
[1647,"CRUZETA DE FERRO GALVANIZADO, COM ROSCA BSP, DE 1/2\"","UN","CR"]
[1651,"CRUZETA DE FERRO GALVANIZADO, COM ROSCA BSP, DE 2 1/2\"","UN","CR"]
[1650,"CRUZETA DE FERRO GALVANIZADO, COM ROSCA BSP, DE 2\"","UN","CR"]
[1652,"CRUZETA DE FERRO GALVANIZADO, COM ROSCA BSP, DE 3\"","UN","CR"]
[1654,"CRUZETA DE FERRO GALVANIZADO, COM ROSCA BSP, DE 3/4\"","UN","CR"]
[10510,"CRUZETA DE MADEIRA TRATADA, *90 X 115 X 2400* MM, EM EUCALIPTO OU EQUIVALENTE DA REGIAO","UN","CR",174.08]
[1744,"CUBA ACO INOX (AISI 304) DE EMBUTIR COM VALVULA 3 1/2\", DE *40 X 34 X 12* CM","UN","CR",140.72]
[1743,"CUBA ACO INOX (AISI 304) DE EMBUTIR COM VALVULA 3 1/2\", DE *46 X 30 X 12* CM","UN","CR",184.8]
[1747,"CUBA ACO INOX (AISI 304) DE EMBUTIR COM VALVULA DE 3 1/2\", DE *56 X 33 X 12* CM","UN","CR",203.17]
[39640,"CUMEEIRA ARTICULADA (ABA INFERIOR) PARA TELHA ONDULADA DE FIBROCIMENTO E = 4 MM, ABA *330* MM, COMPRIMENTO 500 MM (SEM AMIANTO)","UN","CR",17.809999999999999]
[7216,"CUMEEIRA NORMAL PARA TELHA ESTRUTURAL DE FIBROCIMENTO 2 ABAS, E = 6 MM, DE 1050 X 935 MM (SEM AMIANTO)","UN","CR",95.7]
[20235,"CUMEEIRA NORMAL PARA TELHA ONDULADA DE FIBROCIMENTO, E = 6 MM, ABA 300 MM, COMPRIMENTO 1100 MM (SEM AMIANTO)","UN","CR",76.94]
[7181,"CUMEEIRA PARA TELHA CERAMICA, COMPRIMENTO DE *41* CM, RENDIMENTO DE *3* TELHAS/M","UN","CR",2.33]
[40742,"CUMEEIRA PARA TELHA DE CONCRETO, PARA 2 AGUAS DE TELHADO, COR CINZA, RENDIMENTO DE *3* TELHAS/M","UN","CR",10.1]
[7214,"CUMEEIRA SHED PARA TELHA ONDULADA DE FIBROCIMENTO, E = 6 MM, ABA 280 MM, COMPRIMENTO 1100 MM (SEM AMIANTO)","UN","CR",93.45]
[7219,"CUMEEIRA UNIVERSAL PARA TELHA ONDULADA DE FIBROCIMENTO, E = 6 MM, ABA 210 MM, COMPRIMENTO 1100 MM (SEM AMIANTO)","UN","CR",82.89]
[2628,"CURVA 135 GRAUS PARA ELETRODUTO, EM ACO GALVANIZADO ELETROLITICO, COM ROSCA, DIAMETRO DE 100 MM (4\")","UN","CR"]
[2622,"CURVA 135 GRAUS PARA ELETRODUTO, EM ACO GALVANIZADO ELETROLITICO, COM ROSCA, DIAMETRO DE 15 MM (1/2\"), ESPESSURA DE 1,50 MM","UN","CR"]
[2623,"CURVA 135 GRAUS PARA ELETRODUTO, EM ACO GALVANIZADO ELETROLITICO, COM ROSCA, DIAMETRO DE 20 MM (3/4\"), ESPESSURA DE 1,50 MM","UN","CR"]
[2624,"CURVA 135 GRAUS PARA ELETRODUTO, EM ACO GALVANIZADO ELETROLITICO, COM ROSCA, DIAMETRO DE 25 MM (1\"), ESPESSURA DE 1,50 MM","UN","CR"]
[2625,"CURVA 135 GRAUS PARA ELETRODUTO, EM ACO GALVANIZADO ELETROLITICO, COM ROSCA, DIAMETRO DE 32 MM (1 1/4\"), ESPESSURA DE 1,50 MM","UN","CR"]
[2626,"CURVA 135 GRAUS PARA ELETRODUTO, EM ACO GALVANIZADO ELETROLITICO, COM ROSCA, DIAMETRO DE 40 MM (1 1/2\"), ESPESSURA DE 1,50 MM","UN","CR"]
[2630,"CURVA 135 GRAUS PARA ELETRODUTO, EM ACO GALVANIZADO ELETROLITICO, COM ROSCA, DIAMETRO DE 50 MM (2\")","UN","CR"]
[2627,"CURVA 135 GRAUS PARA ELETRODUTO, EM ACO GALVANIZADO ELETROLITICO, COM ROSCA, DIAMETRO DE 65 MM (2 1/2\")","UN","CR"]
[2629,"CURVA 135 GRAUS PARA ELETRODUTO, EM ACO GALVANIZADO ELETROLITICO, COM ROSCA, DIAMETRO DE 80 MM (3\")","UN","CR"]
[1880,"CURVA 135 GRAUS, DE PVC RIGIDO ROSCAVEL, DE 1\", PARA ELETRODUTO","UN","CR",2.5499999999999998]
[39274,"CURVA 135 GRAUS, DE PVC RIGIDO ROSCAVEL, DE 3/4\", PARA ELETRODUTO","UN","CR",1.97]
[12033,"CURVA 180 GRAUS, DE PVC RIGIDO ROSCAVEL, DE 1 1/2\", PARA ELETRODUTO","UN","CR",8.1300000000000008]
[40408,"CURVA 180 GRAUS, DE PVC RIGIDO ROSCAVEL, DE 1 1/4\", PARA ELETRODUTO","UN","CR",5.34]
[39276,"CURVA 180 GRAUS, DE PVC RIGIDO ROSCAVEL, DE 1\", PARA ELETRODUTO","UN","CR",4.8099999999999996]
[40409,"CURVA 180 GRAUS, DE PVC RIGIDO ROSCAVEL, DE 1/2\", PARA ELETRODUTO","UN","CR",1.89]
[39277,"CURVA 180 GRAUS, DE PVC RIGIDO ROSCAVEL, DE 2\", PARA ELETRODUTO","UN","CR",13]
[12034,"CURVA 180 GRAUS, DE PVC RIGIDO ROSCAVEL, DE 3/4\", PARA ELETRODUTO","UN","CR",3.68]
[39879,"CURVA 45 GRAUS DE COBRE SEM ANEL DE SOLDA, BOLSA X BOLSA, 15 MM","UN","CR"]
[39880,"CURVA 45 GRAUS DE COBRE SEM ANEL DE SOLDA, BOLSA X BOLSA, 22 MM","UN","CR"]
[39881,"CURVA 45 GRAUS DE COBRE SEM ANEL DE SOLDA, BOLSA X BOLSA, 28 MM","UN","CR"]
[39882,"CURVA 45 GRAUS DE COBRE SEM ANEL DE SOLDA, BOLSA X BOLSA, 35 MM","UN","CR"]
[39883,"CURVA 45 GRAUS DE COBRE SEM ANEL DE SOLDA, BOLSA X BOLSA, 42 MM","UN","CR"]
[39884,"CURVA 45 GRAUS DE COBRE SEM ANEL DE SOLDA, BOLSA X BOLSA, 54 MM","UN","CR"]
[39885,"CURVA 45 GRAUS DE COBRE SEM ANEL DE SOLDA, BOLSA X BOLSA, 66 MM","UN","CR"]
[1777,"CURVA 45 GRAUS DE FERRO GALVANIZADO, COM ROSCA BSP FEMEA, DE 1 1/2\"","UN","CR"]
[1819,"CURVA 45 GRAUS DE FERRO GALVANIZADO, COM ROSCA BSP FEMEA, DE 1 1/4\"","UN","CR"]
[1776,"CURVA 45 GRAUS DE FERRO GALVANIZADO, COM ROSCA BSP FEMEA, DE 1\"","UN","CR"]
[1775,"CURVA 45 GRAUS DE FERRO GALVANIZADO, COM ROSCA BSP FEMEA, DE 1/2\"","UN","CR"]
[1778,"CURVA 45 GRAUS DE FERRO GALVANIZADO, COM ROSCA BSP FEMEA, DE 2 1/2\"","UN","CR"]
[1818,"CURVA 45 GRAUS DE FERRO GALVANIZADO, COM ROSCA BSP FEMEA, DE 2\"","UN","CR"]
[1779,"CURVA 45 GRAUS DE FERRO GALVANIZADO, COM ROSCA BSP FEMEA, DE 3\"","UN","CR"]
[1820,"CURVA 45 GRAUS DE FERRO GALVANIZADO, COM ROSCA BSP FEMEA, DE 3/4\"","UN","CR"]
[1780,"CURVA 45 GRAUS DE FERRO GALVANIZADO, COM ROSCA BSP FEMEA, DE 4\"","UN","CR"]
[1783,"CURVA 45 GRAUS DE FERRO GALVANIZADO, COM ROSCA BSP MACHO/FEMEA, DE 1 1/2\"","UN","CR"]
[1782,"CURVA 45 GRAUS DE FERRO GALVANIZADO, COM ROSCA BSP MACHO/FEMEA, DE 1 1/4\"","UN","CR"]
[1781,"CURVA 45 GRAUS DE FERRO GALVANIZADO, COM ROSCA BSP MACHO/FEMEA, DE 1\"","UN","CR"]
[1817,"CURVA 45 GRAUS DE FERRO GALVANIZADO, COM ROSCA BSP MACHO/FEMEA, DE 1/2\"","UN","CR"]
[1784,"CURVA 45 GRAUS DE FERRO GALVANIZADO, COM ROSCA BSP MACHO/FEMEA, DE 2 1/2\"","UN","CR"]
[1810,"CURVA 45 GRAUS DE FERRO GALVANIZADO, COM ROSCA BSP MACHO/FEMEA, DE 2\"","UN","CR"]
[1812,"CURVA 45 GRAUS DE FERRO GALVANIZADO, COM ROSCA BSP MACHO/FEMEA, DE 3\"","UN","CR"]
[1811,"CURVA 45 GRAUS DE FERRO GALVANIZADO, COM ROSCA BSP MACHO/FEMEA, DE 3/4\"","UN","CR"]
[40386,"CURVA 45 GRAUS EM ACO CARBONO, SOLDAVEL, PRESSAO 3.000 LBS, DN 1 1/2\"","UN","CR"]
[40384,"CURVA 45 GRAUS EM ACO CARBONO, SOLDAVEL, PRESSAO 3.000 LBS, DN 1 1/4\"","UN","CR"]
[40423,"CURVA 45 GRAUS EM ACO CARBONO, SOLDAVEL, PRESSAO 3.000 LBS, DN 1\"","UN","CR"]
[40379,"CURVA 45 GRAUS EM ACO CARBONO, SOLDAVEL, PRESSAO 3.000 LBS, DN 1/2\"","UN","CR"]
[40389,"CURVA 45 GRAUS EM ACO CARBONO, SOLDAVEL, PRESSAO 3.000 LBS, DN 2 1/2\"","UN","CR"]
[40388,"CURVA 45 GRAUS EM ACO CARBONO, SOLDAVEL, PRESSAO 3.000 LBS, DN 2\"","UN","CR"]
[40391,"CURVA 45 GRAUS EM ACO CARBONO, SOLDAVEL, PRESSAO 3.000 LBS, DN 3\"","UN","CR"]
[40381,"CURVA 45 GRAUS EM ACO CARBONO, SOLDAVEL, PRESSAO 3.000 LBS, DN 3/4\"","UN","CR"]
[2609,"CURVA 45 GRAUS PARA ELETRODUTO, EM ACO GALVANIZADO ELETROLITICO, COM ROSCA, DIAMETRO DE 20 MM (3/4\"), ESPESSURA DE 1,50 MM","UN","CR"]
[2634,"CURVA 45 GRAUS PARA ELETRODUTO, EM ACO GALVANIZADO ELETROLITICO, COM ROSCA, DIAMETRO DE 25 MM (1\"), ESPESSURA DE 1,50 MM","UN","CR"]
[2611,"CURVA 45 GRAUS PARA ELETRODUTO, EM ACO GALVANIZADO ELETROLITICO, COM ROSCA, DIAMETRO DE 40 MM (1 1/2\"), ESPESSURA DE 1,50 MM","UN","CR"]
[40414,"CURVA 45 GRAUS RANHURADA EM FERRO FUNDIDO, DN 50 MM (2\")","UN","CR"]
[40416,"CURVA 45 GRAUS RANHURADA EM FERRO FUNDIDO, DN 65 MM (2 1/2\")","UN","CR"]
[40418,"CURVA 45 GRAUS RANHURADA EM FERRO FUNDIDO, DN 80 MM (3\")","UN","CR"]
[34359,"CURVA 90 GRAUS DE BARRA CHATA EM ALUMINIO 3/4\" X 1/4\" X 300 MM","UN","CR"]
[1789,"CURVA 90 GRAUS DE FERRO GALVANIZADO, COM ROSCA BSP FEMEA, DE 1 1/2\"","UN","CR"]
[1788,"CURVA 90 GRAUS DE FERRO GALVANIZADO, COM ROSCA BSP FEMEA, DE 1 1/4\"","UN","CR"]
[1787,"CURVA 90 GRAUS DE FERRO GALVANIZADO, COM ROSCA BSP FEMEA, DE 1\"","UN","CR"]
[1786,"CURVA 90 GRAUS DE FERRO GALVANIZADO, COM ROSCA BSP FEMEA, DE 1/2\"","UN","CR"]
[1791,"CURVA 90 GRAUS DE FERRO GALVANIZADO, COM ROSCA BSP FEMEA, DE 2 1/2\"","UN","CR"]
[1790,"CURVA 90 GRAUS DE FERRO GALVANIZADO, COM ROSCA BSP FEMEA, DE 2\"","UN","CR"]
[1792,"CURVA 90 GRAUS DE FERRO GALVANIZADO, COM ROSCA BSP FEMEA, DE 3\"","UN","CR"]
[1813,"CURVA 90 GRAUS DE FERRO GALVANIZADO, COM ROSCA BSP FEMEA, DE 3/4\"","UN","CR"]
[1793,"CURVA 90 GRAUS DE FERRO GALVANIZADO, COM ROSCA BSP FEMEA, DE 4\"","UN","CR"]
[1797,"CURVA 90 GRAUS DE FERRO GALVANIZADO, COM ROSCA BSP MACHO, DE 1 1/2\"","UN","CR"]
[1796,"CURVA 90 GRAUS DE FERRO GALVANIZADO, COM ROSCA BSP MACHO, DE 1 1/4\"","UN","CR"]
[1816,"CURVA 90 GRAUS DE FERRO GALVANIZADO, COM ROSCA BSP MACHO, DE 1\"","UN","CR"]
[1794,"CURVA 90 GRAUS DE FERRO GALVANIZADO, COM ROSCA BSP MACHO, DE 1/2\"","UN","CR"]
[1815,"CURVA 90 GRAUS DE FERRO GALVANIZADO, COM ROSCA BSP MACHO, DE 2 1/2\"","UN","CR"]
[1798,"CURVA 90 GRAUS DE FERRO GALVANIZADO, COM ROSCA BSP MACHO, DE 2\"","UN","CR"]
[1799,"CURVA 90 GRAUS DE FERRO GALVANIZADO, COM ROSCA BSP MACHO, DE 3\"","UN","CR"]
[1795,"CURVA 90 GRAUS DE FERRO GALVANIZADO, COM ROSCA BSP MACHO, DE 3/4\"","UN","CR"]
[1800,"CURVA 90 GRAUS DE FERRO GALVANIZADO, COM ROSCA BSP MACHO, DE 4\"","UN","CR"]
[1802,"CURVA 90 GRAUS DE FERRO GALVANIZADO, COM ROSCA BSP MACHO, DE 6\"","UN","CR"]
[1809,"CURVA 90 GRAUS DE FERRO GALVANIZADO, COM ROSCA BSP MACHO/FEMEA, DE 1 1/2\"","UN","CR"]
[1814,"CURVA 90 GRAUS DE FERRO GALVANIZADO, COM ROSCA BSP MACHO/FEMEA, DE 1 1/4\"","UN","CR"]
[1805,"CURVA 90 GRAUS DE FERRO GALVANIZADO, COM ROSCA BSP MACHO/FEMEA, DE 1\"","UN","CR"]
[1803,"CURVA 90 GRAUS DE FERRO GALVANIZADO, COM ROSCA BSP MACHO/FEMEA, DE 1/2\"","UN","CR"]
[1821,"CURVA 90 GRAUS DE FERRO GALVANIZADO, COM ROSCA BSP MACHO/FEMEA, DE 2 1/2\"","UN","CR"]
[1806,"CURVA 90 GRAUS DE FERRO GALVANIZADO, COM ROSCA BSP MACHO/FEMEA, DE 2\"","UN","CR"]
[1807,"CURVA 90 GRAUS DE FERRO GALVANIZADO, COM ROSCA BSP MACHO/FEMEA, DE 3\"","UN","CR"]
[1804,"CURVA 90 GRAUS DE FERRO GALVANIZADO, COM ROSCA BSP MACHO/FEMEA, DE 3/4\"","UN","CR"]
[1808,"CURVA 90 GRAUS DE FERRO GALVANIZADO, COM ROSCA BSP MACHO/FEMEA, DE 4\"","UN","CR"]
[40385,"CURVA 90 GRAUS EM ACO CARBONO, RAIO CURTO, SOLDAVEL, PRESSAO 3.000 LBS, DN 1 1/2\"","UN","CR"]
[40383,"CURVA 90 GRAUS EM ACO CARBONO, RAIO CURTO, SOLDAVEL, PRESSAO 3.000 LBS, DN 1 1/4\"","UN","CR"]
[40382,"CURVA 90 GRAUS EM ACO CARBONO, RAIO CURTO, SOLDAVEL, PRESSAO 3.000 LBS, DN 1\"","UN","CR"]
[40378,"CURVA 90 GRAUS EM ACO CARBONO, RAIO CURTO, SOLDAVEL, PRESSAO 3.000 LBS, DN 1/2\"","UN","CR"]
[40422,"CURVA 90 GRAUS EM ACO CARBONO, RAIO CURTO, SOLDAVEL, PRESSAO 3.000 LBS, DN 2 1/2\"","UN","CR"]
[40387,"CURVA 90 GRAUS EM ACO CARBONO, RAIO CURTO, SOLDAVEL, PRESSAO 3.000 LBS, DN 2\"","UN","CR"]
[40390,"CURVA 90 GRAUS EM ACO CARBONO, RAIO CURTO, SOLDAVEL, PRESSAO 3.000 LBS, DN 3\"","UN","CR"]
[40380,"CURVA 90 GRAUS EM ACO CARBONO, RAIO CURTO, SOLDAVEL, PRESSAO 3.000 LBS, DN 3/4\"","UN","CR"]
[2621,"CURVA 90 GRAUS PARA ELETRODUTO, EM ACO GALVANIZADO ELETROLITICO, COM ROSCA, DIAMETRO DE 100 MM (4\")","UN","CR"]
[2616,"CURVA 90 GRAUS PARA ELETRODUTO, EM ACO GALVANIZADO ELETROLITICO, COM ROSCA, DIAMETRO DE 15 MM (1/2\"), ESPESSURA DE 1,50 MM","UN","CR"]
[2633,"CURVA 90 GRAUS PARA ELETRODUTO, EM ACO GALVANIZADO ELETROLITICO, COM ROSCA, DIAMETRO DE 20 MM (3/4\"), ESPESSURA DE 1,50 MM","UN","CR"]
[2617,"CURVA 90 GRAUS PARA ELETRODUTO, EM ACO GALVANIZADO ELETROLITICO, COM ROSCA, DIAMETRO DE 25 MM (1\"), ESPESSURA DE 1,50 MM","UN","CR",5.51]
[2618,"CURVA 90 GRAUS PARA ELETRODUTO, EM ACO GALVANIZADO ELETROLITICO, COM ROSCA, DIAMETRO DE 32 MM (1 1/4\"), ESPESSURA DE 1,50 MM","UN","CR",12.55]
[2632,"CURVA 90 GRAUS PARA ELETRODUTO, EM ACO GALVANIZADO ELETROLITICO, COM ROSCA, DIAMETRO DE 40 MM (1 1/2\"), ESPESSURA DE 1,50 MM","UN","CR"]
[2631,"CURVA 90 GRAUS PARA ELETRODUTO, EM ACO GALVANIZADO ELETROLITICO, COM ROSCA, DIAMETRO DE 50 MM (2\")","UN","CR"]
[2619,"CURVA 90 GRAUS PARA ELETRODUTO, EM ACO GALVANIZADO ELETROLITICO, COM ROSCA, DIAMETRO DE 65 MM (2 1/2\")","UN","CR"]
[2620,"CURVA 90 GRAUS PARA ELETRODUTO, EM ACO GALVANIZADO ELETROLITICO, COM ROSCA, DIAMETRO DE 80 MM (3\")","UN","CR"]
[40413,"CURVA 90 GRAUS RANHURADA EM FERRO FUNDIDO, DN 50 MM (2\")","UN","CR"]
[40415,"CURVA 90 GRAUS RANHURADA EM FERRO FUNDIDO, DN 65 MM (2 1/2\")","UN","CR"]
[40417,"CURVA 90 GRAUS RANHURADA EM FERRO FUNDIDO, DN 80 MM (3\")","UN","CR"]
[39273,"CURVA 90 GRAUS, CURTA, DE PVC RIGIDO ROSCAVEL, DE 1\", PARA ELETRODUTO","UN","CR",2.78]
[39271,"CURVA 90 GRAUS, CURTA, DE PVC RIGIDO ROSCAVEL, DE 1/2\", PARA ELETRODUTO","UN","CR",1.64]
[39272,"CURVA 90 GRAUS, CURTA, DE PVC RIGIDO ROSCAVEL, DE 3/4\", PARA ELETRODUTO","UN","CR",2.0099999999999998]
[1875,"CURVA 90 GRAUS, LONGA, DE PVC RIGIDO ROSCAVEL, DE 1 1/2\", PARA ELETRODUTO","UN","CR",4.4400000000000004]
[1874,"CURVA 90 GRAUS, LONGA, DE PVC RIGIDO ROSCAVEL, DE 1 1/4\", PARA ELETRODUTO","UN","CR",3.67]
[1884,"CURVA 90 GRAUS, LONGA, DE PVC RIGIDO ROSCAVEL, DE 1\", PARA ELETRODUTO","UN","CR",3.25]
[1870,"CURVA 90 GRAUS, LONGA, DE PVC RIGIDO ROSCAVEL, DE 1/2\", PARA ELETRODUTO","UN","C",2.12]
[1887,"CURVA 90 GRAUS, LONGA, DE PVC RIGIDO ROSCAVEL, DE 2 1/2\", PARA ELETRODUTO","UN","CR",18.43]
[1876,"CURVA 90 GRAUS, LONGA, DE PVC RIGIDO ROSCAVEL, DE 2\", PARA ELETRODUTO","UN","CR",7.22]
[1877,"CURVA 90 GRAUS, LONGA, DE PVC RIGIDO ROSCAVEL, DE 3\", PARA ELETRODUTO","UN","CR",18.45]
[1879,"CURVA 90 GRAUS, LONGA, DE PVC RIGIDO ROSCAVEL, DE 3/4\", PARA ELETRODUTO","UN","CR",2.15]
[1878,"CURVA 90 GRAUS, LONGA, DE PVC RIGIDO ROSCAVEL, DE 4\", PARA ELETRODUTO","UN","CR",37.08]
[37971,"CURVA CPVC, 90 GRAUS, SOLDAVEL, 15 MM, PARA AGUA QUENTE","UN","CR"]
[37972,"CURVA CPVC, 90 GRAUS, SOLDAVEL, 22 MM, PARA AGUA QUENTE","UN","CR"]
[37973,"CURVA CPVC, 90 GRAUS, SOLDAVEL, 28 MM, PARA AGUA QUENTE","UN","CR"]
[1926,"CURVA DE PVC 45 GRAUS, SOLDAVEL, 20 MM, COR MARROM, PARA AGUA FRIA PREDIAL","UN","CR",2.19]
[1927,"CURVA DE PVC 45 GRAUS, SOLDAVEL, 25 MM, COR MARROM, PARA AGUA FRIA PREDIAL","UN","CR",2.46]
[1923,"CURVA DE PVC 45 GRAUS, SOLDAVEL, 32 MM, COR MARROM, PARA AGUA FRIA PREDIAL","UN","CR",4.49]
[1929,"CURVA DE PVC 45 GRAUS, SOLDAVEL, 40 MM, COR MARROM, PARA AGUA FRIA PREDIAL","UN","CR",5.44]
[1930,"CURVA DE PVC 45 GRAUS, SOLDAVEL, 50 MM, COR MARROM, PARA AGUA FRIA PREDIAL","UN","CR",9.31]
[1924,"CURVA DE PVC 45 GRAUS, SOLDAVEL, 60 MM, COR MARROM, PARA AGUA FRIA PREDIAL","UN","CR",15.03]
[1922,"CURVA DE PVC 45 GRAUS, SOLDAVEL, 75 MM, COR MARROM, PARA AGUA FRIA PREDIAL","UN","CR",31.08]
[1953,"CURVA DE PVC 45 GRAUS, SOLDAVEL, 85 MM, COR MARROM, PARA AGUA FRIA PREDIAL","UN","CR",37.94]
[1962,"CURVA DE PVC 90 GRAUS, SOLDAVEL, 110 MM, COR MARROM, PARA AGUA FRIA PREDIAL","UN","CR",184.34]
[1955,"CURVA DE PVC 90 GRAUS, SOLDAVEL, 20 MM, COR MARROM, PARA AGUA FRIA PREDIAL","UN","CR",2.12]
[1956,"CURVA DE PVC 90 GRAUS, SOLDAVEL, 25 MM, COR MARROM, PARA AGUA FRIA PREDIAL","UN","CR",3]
[1957,"CURVA DE PVC 90 GRAUS, SOLDAVEL, 32 MM, COR MARROM, PARA AGUA FRIA PREDIAL","UN","CR",6.48]
[1958,"CURVA DE PVC 90 GRAUS, SOLDAVEL, 40 MM, COR MARROM, PARA AGUA FRIA PREDIAL","UN","CR",12.07]
[1959,"CURVA DE PVC 90 GRAUS, SOLDAVEL, 50 MM, COR MARROM, PARA AGUA FRIA PREDIAL","UN","CR",13.1]
[1925,"CURVA DE PVC 90 GRAUS, SOLDAVEL, 60 MM, COR MARROM, PARA AGUA FRIA PREDIAL","UN","CR",34.229999999999997]
[1960,"CURVA DE PVC 90 GRAUS, SOLDAVEL, 75 MM, COR MARROM, PARA AGUA FRIA PREDIAL","UN","CR",52.57]
[1961,"CURVA DE PVC 90 GRAUS, SOLDAVEL, 85 MM, COR MARROM, PARA AGUA FRIA PREDIAL","UN","CR",67.34]
[38423,"CURVA DE PVC, 90 GRAUS, SERIE R, DN 100 MM, PARA ESGOTO PREDIAL","UN","CR",34.76]
[39866,"CURVA DE TRANSPOSICAO BRONZE/LATAO SEM ANEL DE SOLDA, BOLSA X BOLSA, 15 MM","UN","CR"]
[39867,"CURVA DE TRANSPOSICAO BRONZE/LATAO SEM ANEL DE SOLDA, BOLSA X BOLSA, 22 MM","UN","CR"]
[39868,"CURVA DE TRANSPOSICAO BRONZE/LATAO SEM ANEL DE SOLDA, BOLSA X BOLSA, 28 MM","UN","CR"]
[37999,"CURVA DE TRANSPOSICAO, CPVC, SOLDAVEL, 15 MM","UN","CR"]
[38000,"CURVA DE TRANSPOSICAO, CPVC, SOLDAVEL, 22 MM","UN","CR"]
[38129,"CURVA DE TRANSPOSICAO, PVC SOLDAVEL, 20 MM, COR MARROM, PARA AGUA FRIA PREDIAL","UN","CR",4.9400000000000004]
[38025,"CURVA DE TRANSPOSICAO, PVC, SOLDAVEL, 25 MM, COR MARROM, PARA AGUA FRIA PREDIAL","UN","CR",6.71]
[38026,"CURVA DE TRANSPOSICAO, PVC, SOLDAVEL, 32 MM, COR MARROM, PARA AGUA FRIA PREDIAL","UN","CR",16.559999999999999]
[43955,"CURVA HORIZONTAL 90 GRAUS PERFURADA, PARA ELETROCALHA, EM CHAPA DE ACO GALVANIZADO ESPESSURA #14, 700 X 50 MM (L X A), SEM VIROLA, SEM TAMPA","UN","CR"]
[43957,"CURVA HORIZONTAL 90 GRAUS PERFURADA, PARA ELETROCALHA, EM CHAPA DE ACO GALVANIZADO ESPESSURA #14, 800 X 50 MM (L X A), SEM VIROLA, SEM TAMPA","UN","CR"]
[43950,"CURVA HORIZONTAL 90 GRAUS PERFURADA, PARA ELETROCALHA, EM CHAPA DE ACO GALVANIZADO ESPESSURA #16, 500 X 50 MM (L X A), SEM VIROLA, SEM TAMPA","UN","CR"]
[43954,"CURVA HORIZONTAL 90 GRAUS PERFURADA, PARA ELETROCALHA, EM CHAPA DE ACO GALVANIZADO ESPESSURA #16, 600 X 50 MM (L X A), SEM VIROLA, SEM TAMPA","UN","CR"]
[43945,"CURVA HORIZONTAL 90 GRAUS PERFURADA, PARA ELETROCALHA, EM CHAPA DE ACO GALVANIZADO ESPESSURA #18, 300 X 50 MM (L X A), SEM VIROLA, SEM TAMPA","UN","CR"]
[43947,"CURVA HORIZONTAL 90 GRAUS PERFURADA, PARA ELETROCALHA, EM CHAPA DE ACO GALVANIZADO ESPESSURA #18, 400 X 50 MM (L X A), SEM VIROLA, SEM TAMPA","UN","CR"]
[43920,"CURVA HORIZONTAL 90 GRAUS PERFURADA, PARA ELETROCALHA, EM CHAPA DE ACO GALVANIZADO ESPESSURA #22, 100 X 50 MM (L X A), SEM VIROLA, SEM TAMPA","UN","CR"]
[43921,"CURVA HORIZONTAL 90 GRAUS PERFURADA, PARA ELETROCALHA, EM CHAPA DE ACO GALVANIZADO ESPESSURA #22, 125 X 50 MM (L X A), SEM VIROLA, SEM TAMPA","UN","CR"]
[43922,"CURVA HORIZONTAL 90 GRAUS PERFURADA, PARA ELETROCALHA, EM CHAPA DE ACO GALVANIZADO ESPESSURA #22, 150 X 50 MM (L X A), SEM VIROLA, SEM TAMPA","UN","CR"]
[43923,"CURVA HORIZONTAL 90 GRAUS PERFURADA, PARA ELETROCALHA, EM CHAPA DE ACO GALVANIZADO ESPESSURA #22, 200 X 50 MM (L X A), SEM VIROLA, SEM TAMPA","UN","CR"]
[43924,"CURVA HORIZONTAL 90 GRAUS PERFURADA, PARA ELETROCALHA, EM CHAPA DE ACO GALVANIZADO ESPESSURA #22, 250 X 50 MM (L X A), SEM VIROLA, SEM TAMPA","UN","CR"]
[43952,"CURVA HORIZONTAL 90 GRAUS PERFURADA, PARA ELETROCALHA, EM CHAPA DE ACO GALVANIZADO ESPESSURA #22, 50 X 50 MM (L X A), SEM VIROLA, SEM TAMPA","UN","CR"]
[43956,"CURVA HORIZONTAL 90 GRAUS PERFURADA, PARA ELETROCALHA, EM CHAPA DE ACO GALVANIZADO ESPESSURA #22, 75 X 50 MM (L X A), SEM VIROLA, SEM TAMPA","UN","CR"]
[1858,"CURVA LONGA PVC, PB, JE, 45 GRAUS, DN 100 MM, PARA REDE COLETORA ESGOTO","UN","CR",53.87]
[1844,"CURVA LONGA PVC, PB, JE, 45 GRAUS, DN 150 MM, PARA REDE COLETORA ESGOTO","UN","CR",123.36]
[1863,"CURVA LONGA PVC, PB, JE, 90 GRAUS, DN 100 MM, PARA REDE COLETORA ESGOTO","UN","CR",57.32]
[1865,"CURVA LONGA PVC, PB, JE, 90 GRAUS, DN 150 MM, PARA REDE COLETORA ESGOTO","UN","CR",149.36000000000001]
[36355,"CURVA PPR 90 GRAUS, F/F, DN 20 MM, PARA AGUA QUENTE PREDIAL","UN","CR"]
[36356,"CURVA PPR 90 GRAUS, F/F, DN 25 MM, PARA AGUA QUENTE PREDIAL","UN","CR"]
[1940,"CURVA PVC 90 GRAUS, ROSCAVEL, 1 1/4\", COR BRANCA, AGUA FRIA PREDIAL","UN","CR",33.450000000000003]
[1939,"CURVA PVC 90 GRAUS, ROSCAVEL, 1\", COR BRANCA, AGUA FRIA PREDIAL","UN","CR",9.17]
[1937,"CURVA PVC 90 GRAUS, ROSCAVEL, 1/2\", COR BRANCA, AGUA FRIA PREDIAL","UN","CR",5.64]
[1938,"CURVA PVC 90 GRAUS, ROSCAVEL, 3/4\", COR BRANCA, AGUA FRIA PREDIAL","UN","CR",6.42]
[1966,"CURVA PVC CURTA 90 GRAUS, DN 100 MM, PARA ESGOTO PREDIAL","UN","CR",22.86]
[1933,"CURVA PVC CURTA 90 GRAUS, DN 40 MM, PARA ESGOTO PREDIAL","UN","CR",4.92]
[1932,"CURVA PVC CURTA 90 GRAUS, DN 50 MM, PARA ESGOTO PREDIAL","UN","CR",11.27]
[1951,"CURVA PVC CURTA 90 GRAUS, DN 75 MM, PARA ESGOTO PREDIAL","UN","CR",23.52]
[1970,"CURVA PVC LONGA 90 GRAUS, DN 100 MM, PARA ESGOTO PREDIAL","UN","CR",57.14]
[1967,"CURVA PVC LONGA 90 GRAUS, DN 40 MM, PARA ESGOTO PREDIAL","UN","CR",6.78]
[1968,"CURVA PVC LONGA 90 GRAUS, DN 50 MM, PARA ESGOTO PREDIAL","UN","CR",13.41]
[1969,"CURVA PVC LONGA 90 GRAUS, DN 75 MM, PARA ESGOTO PREDIAL","UN","CR",43.65]
[1827,"CURVA PVC PBA, JE, PB, 45 GRAUS, DN 100 / DE 110 MM, PARA REDE DE AGUA","UN","CR",132.54]
[1831,"CURVA PVC PBA, JE, PB, 45 GRAUS, DN 50 / DE 60 MM, PARA REDE DE AGUA","UN","CR",28.93]
[1825,"CURVA PVC PBA, JE, PB, 45 GRAUS, DN 75 / DE 85 MM, PARA REDE DE AGUA","UN","CR",71.41]
[1828,"CURVA PVC PBA, JE, PB, 90 GRAUS, DN 100 / DE 110 MM, PARA REDE DE AGUA","UN","CR",161.74]
[1845,"CURVA PVC PBA, JE, PB, 90 GRAUS, DN 50 / DE 60 MM, PARA REDE DE AGUA","UN","CR",36.26]
[1824,"CURVA PVC PBA, JE, PB, 90 GRAUS, DN 75 / DE 85 MM, PARA REDE DE AGUA","UN","CR",85.6]
[42693,"CURVA PVC, BB, JE, 45 GRAUS, DN 250 MM, PARA TUBO CORRUGADO E/OU LISO, REDE COLETORA ESGOTO","UN","CR",419.57]
[42695,"CURVA PVC, BB, JE, 90 GRAUS, DN 200 MM, PARA TUBO CORRUGADO E/OU LISO, REDE COLETORA ESGOTO","UN","CR",293.13]
[42694,"CURVA PVC, BB, JE, 90 GRAUS, DN 250 MM, PARA TUBO CORRUGADO E/OU LISO, REDE COLETORA ESGOTO","UN","CR",561.47]
[20097,"CURVA PVC, SERIE R, 87.30 GRAUS, CURTA, PARA PE-DE-COLUNA, DN 100 MM, PARA ESGOTO PREDIAL","UN","CR",24.34]
[20098,"CURVA PVC, SERIE R, 87.30 GRAUS, CURTA, PARA PE-DE-COLUNA, DN 150 MM, PARA ESGOTO PREDIAL","UN","CR",99.5]
[20096,"CURVA PVC, SERIE R, 87.30 GRAUS, CURTA, PARA PE-DE-COLUNA, DN 75 MM, PARA ESGOTO PREDIAL","UN","CR",25.2]
[44472,"DENTE PARA FRESADORA","UN","CR"]
[38369,"DESEMPENADEIRA DE ACO DENTADA 12 X *25* CM, DENTES 8 X 8 MM, CABO FECHADO DE MADEIRA","UN","CR",17.05]
[38370,"DESEMPENADEIRA DE ACO LISA 12 X *25* CM COM CABO FECHADO DE MADEIRA","UN","CR",11.5]
[45199,"DESEMPENADEIRA DE MADEIRA *16 X 27* CM","UN","CR",27.61]
[38372,"DESEMPENADEIRA PLASTICA LISA *14 X 27* CM","UN","CR",9.7100000000000009]
[2358,"DESENHISTA PROJETISTA (HORISTA)","H","CR",39.590000000000003]
[40807,"DESENHISTA PROJETISTA (MENSALISTA)","MES","CR",6902.74]
[44330,"DESINFETANTE PRONTO USO","L","CR",11.28]
[43144,"DESMOLDANTE PARA CONCRETO ESTAMPADO","KG","CR",50.27]
[39397,"DESMOLDANTE PARA FORMAS METALICAS A BASE DE OLEO VEGETAL","L","CR",22.91]
[2692,"DESMOLDANTE PROTETOR PARA FORMAS DE MADEIRA, DE BASE OLEOSA EMULSIONADA EM AGUA","L","CR",9.24]
[45299,"DETECTOR DE TENSAO 90 V A 1000 V (CAT IV)","UN","CR"]
[44329,"DETERGENTE NEUTRO USO GERAL, CONCENTRADO","L","CR",14.78]
[5318,"DILUENTE AGUARRAS","L","C",23.9]
[5330,"DILUENTE EPOXI","L","CR",54.48]
[44532,"DISCO DE BORRACHA PARA LIXADEIRA RIGIDO 7\" COM ARRUELA CENTRAL","UN","CR",17.489999999999998]
[44531,"DISCO DE CORTE DIAMANTADO SEGMENTADO DIAMETRO DE 180 MM PARA ESMERILHADEIRA 7\"","UN","CR",59.96]
[13887,"DISCO DE CORTE DIAMANTADO SEGMENTADO PARA CONCRETO/ASFALTO, DIAMETRO DE *350* MM, FURO DE 25,40 MM","UN","CR",261.2]
[38140,"DISCO DE CORTE DIAMANTADO SEGMENTADO, DIAMETRO DE *110* MM, FURO DE 20 MM","UN","CR",21.39]
[44495,"DISCO DE CORTE PARA METAL COM DUAS TELAS 12 X 1/8 X 3/4\" (300 X 3,2 X 19,05 MM)","UN","CR",22.62]
[44533,"DISCO DE DESBASTE PARA METAL FERROSO EM GERAL, COM TRES TELAS, 9 X 1/4 X 7/8\" (228,6 X 6,4 X 22,2 MM)","UN","CR",22.95]
[44534,"DISCO DE LIXA PARA METAL, DIAMETRO = 180 MM, GRAO 120","UN","CR",4.5]
[34729,"DISJUNTOR TERMOMAGNETICO AJUSTAVEL, TRIPOLAR DE 100 ATE 250A, CAPACIDADE DE INTERRUPCAO DE 35KA","UN","CR",1407.45]
[34734,"DISJUNTOR TERMOMAGNETICO AJUSTAVEL, TRIPOLAR DE 300 ATE 400A, CAPACIDADE DE INTERRUPCAO DE 35KA","UN","CR",2179.19]
[34738,"DISJUNTOR TERMOMAGNETICO AJUSTAVEL, TRIPOLAR DE 450 ATE 600A, CAPACIDADE DE INTERRUPCAO DE 35KA","UN","CR",5091.26]
[34623,"DISJUNTOR TERMOMAGNETICO PARA TRILHO DIN (IEC), BIPOLAR, 40 - 50 A","UN","CR",61.01]
[34616,"DISJUNTOR TERMOMAGNETICO PARA TRILHO DIN (IEC), BIPOLAR, 6 - 32 A","UN","CR",61.96]
[34628,"DISJUNTOR TERMOMAGNETICO PARA TRILHO DIN (IEC), BIPOLAR, 63 A","UN","CR",87.39]
[34686,"DISJUNTOR TERMOMAGNETICO PARA TRILHO DIN (IEC), MONOPOLAR, 40 - 50 A","UN","CR",16.03]
[34653,"DISJUNTOR TERMOMAGNETICO PARA TRILHO DIN (IEC), MONOPOLAR, 6 - 32 A","UN","CR",10.81]
[34688,"DISJUNTOR TERMOMAGNETICO PARA TRILHO DIN (IEC), MONOPOLAR, 63 A","UN","CR",19.59]
[34709,"DISJUNTOR TERMOMAGNETICO PARA TRILHO DIN (IEC), TRIPOLAR, 10 - 50 A","UN","CR",75.91]
[34714,"DISJUNTOR TERMOMAGNETICO PARA TRILHO DIN (IEC), TRIPOLAR, 63 A","UN","CR",90.67]
[2391,"DISJUNTOR TERMOMAGNETICO TRIPOLAR 125 A / 425 V / ICC - 25 KA","UN","CR",414.09]
[2374,"DISJUNTOR TERMOMAGNETICO TRIPOLAR 150 A / 600 V, TIPO FXD / ICC - 35 KA","UN","CR",469.77]
[2377,"DISJUNTOR TERMOMAGNETICO TRIPOLAR 200 A / 600 V, TIPO FXD / ICC - 35 KA","UN","CR",659.27]
[2393,"DISJUNTOR TERMOMAGNETICO TRIPOLAR 250 A / 600 V, TIPO FXD","UN","CR",1104.04]
[34705,"DISJUNTOR TERMOMAGNETICO TRIPOLAR 3 X 250 A/ICC - 25 KA","UN","CR",965.64]
[34707,"DISJUNTOR TERMOMAGNETICO TRIPOLAR 3 X 350 A/ICC - 25 KA","UN","CR",1789.35]
[34544,"DISJUNTOR TERMOMAGNETICO TRIPOLAR 3 X 400 A / ICC - 25 KA","UN","CR",1789.16]
[2378,"DISJUNTOR TERMOMAGNETICO TRIPOLAR 300 A / 600 V, TIPO JXD / ICC - 40 KA","UN","CR",1516.54]
[2379,"DISJUNTOR TERMOMAGNETICO TRIPOLAR 400 A / 600 V, TIPO JXD / ICC - 40 KA","UN","CR",1516.54]
[2376,"DISJUNTOR TERMOMAGNETICO TRIPOLAR 600 A / 600 V, TIPO LXD / ICC - 40 KA","UN","CR",2497.7399999999998]
[2394,"DISJUNTOR TERMOMAGNETICO TRIPOLAR 800 A / 600 V, TIPO LMXD","UN","CR",5339.71]
[2388,"DISJUNTOR TIPO NEMA, BIPOLAR 10 ATE 50 A, TENSAO MAXIMA 415 V","UN","CR",75.349999999999994]
[34606,"DISJUNTOR TIPO NEMA, BIPOLAR 60 ATE 100A, TENSAO MAXIMA 415 V","UN","CR",115.57]
[2370,"DISJUNTOR TIPO NEMA, MONOPOLAR 10 ATE 30A, TENSAO MAXIMA DE 240 V","UN","C",14]
[2386,"DISJUNTOR TIPO NEMA, MONOPOLAR 35 ATE 50 A, TENSAO MAXIMA DE 240 V","UN","CR",23.48]
[34689,"DISJUNTOR TIPO NEMA, MONOPOLAR DE 60 ATE 70A, TENSAO MAXIMA DE 240 V","UN","CR",36.79]
[2392,"DISJUNTOR TIPO NEMA, TRIPOLAR 10 ATE 50A, TENSAO MAXIMA DE 415 V","UN","CR",93.98]
[2373,"DISJUNTOR TIPO NEMA, TRIPOLAR 60 ATE 100 A, TENSAO MAXIMA DE 415 V","UN","CR",132.41]
[39465,"DISPOSITIVO DPS CLASSE II, 1 POLO, TENSAO MAXIMA DE 175 V, CORRENTE MAXIMA DE *20* KA (TIPO AC)","UN","CR",80.88]
[39466,"DISPOSITIVO DPS CLASSE II, 1 POLO, TENSAO MAXIMA DE 175 V, CORRENTE MAXIMA DE *30* KA (TIPO AC)","UN","CR",91]
[39467,"DISPOSITIVO DPS CLASSE II, 1 POLO, TENSAO MAXIMA DE 175 V, CORRENTE MAXIMA DE *45* KA (TIPO AC)","UN","CR",116.4]
[39468,"DISPOSITIVO DPS CLASSE II, 1 POLO, TENSAO MAXIMA DE 175 V, CORRENTE MAXIMA DE *90* KA (TIPO AC)","UN","CR",206.89]
[39469,"DISPOSITIVO DPS CLASSE II, 1 POLO, TENSAO MAXIMA DE 275 V, CORRENTE MAXIMA DE *20* KA (TIPO AC)","UN","CR",84.28]
[39470,"DISPOSITIVO DPS CLASSE II, 1 POLO, TENSAO MAXIMA DE 275 V, CORRENTE MAXIMA DE *30* KA (TIPO AC)","UN","CR",103.55]
[39471,"DISPOSITIVO DPS CLASSE II, 1 POLO, TENSAO MAXIMA DE 275 V, CORRENTE MAXIMA DE *45* KA (TIPO AC)","UN","CR",124.44]
[39472,"DISPOSITIVO DPS CLASSE II, 1 POLO, TENSAO MAXIMA DE 275 V, CORRENTE MAXIMA DE *90* KA (TIPO AC)","UN","CR",216.22]
[39473,"DISPOSITIVO DPS CLASSE II, 1 POLO, TENSAO MAXIMA DE 385 V, CORRENTE MAXIMA DE *20* KA (TIPO AC)","UN","CR",139.68]
[39474,"DISPOSITIVO DPS CLASSE II, 1 POLO, TENSAO MAXIMA DE 385 V, CORRENTE MAXIMA DE *30* KA (TIPO AC)","UN","CR",148.9]
[39475,"DISPOSITIVO DPS CLASSE II, 1 POLO, TENSAO MAXIMA DE 385 V, CORRENTE MAXIMA DE *45* KA (TIPO AC)","UN","CR",168.94]
[39476,"DISPOSITIVO DPS CLASSE II, 1 POLO, TENSAO MAXIMA DE 385 V, CORRENTE MAXIMA DE *90* KA (TIPO AC)","UN","CR",318.02999999999997]
[39477,"DISPOSITIVO DPS CLASSE II, 1 POLO, TENSAO MAXIMA DE 460 V, CORRENTE MAXIMA DE *20* KA (TIPO AC)","UN","CR",155.82]
[39478,"DISPOSITIVO DPS CLASSE II, 1 POLO, TENSAO MAXIMA DE 460 V, CORRENTE MAXIMA DE *30* KA (TIPO AC)","UN","CR",160.65]
[39479,"DISPOSITIVO DPS CLASSE II, 1 POLO, TENSAO MAXIMA DE 460 V, CORRENTE MAXIMA DE *45* KA (TIPO AC)","UN","CR",189.28]
[39480,"DISPOSITIVO DPS CLASSE II, 1 POLO, TENSAO MAXIMA DE 460 V, CORRENTE MAXIMA DE *90* KA (TIPO AC)","UN","CR",390.56]
[39459,"DISPOSITIVO DR, 2 POLOS, SENSIBILIDADE DE 30 MA, CORRENTE DE 100 A, TIPO AC","UN","CR",331.49]
[39445,"DISPOSITIVO DR, 2 POLOS, SENSIBILIDADE DE 30 MA, CORRENTE DE 25 A, TIPO AC","UN","CR",166.44]
[39446,"DISPOSITIVO DR, 2 POLOS, SENSIBILIDADE DE 30 MA, CORRENTE DE 40 A, TIPO AC","UN","CR",169.4]
[39447,"DISPOSITIVO DR, 2 POLOS, SENSIBILIDADE DE 30 MA, CORRENTE DE 63 A, TIPO AC","UN","CR",181.16]
[39448,"DISPOSITIVO DR, 2 POLOS, SENSIBILIDADE DE 30 MA, CORRENTE DE 80 A, TIPO AC","UN","CR",308.91000000000003]
[39450,"DISPOSITIVO DR, 2 POLOS, SENSIBILIDADE DE 300 MA, CORRENTE DE 25 A, TIPO AC","UN","CR",188.47]
[39451,"DISPOSITIVO DR, 2 POLOS, SENSIBILIDADE DE 300 MA, CORRENTE DE 40 A, TIPO AC","UN","CR",205.56]
[39452,"DISPOSITIVO DR, 2 POLOS, SENSIBILIDADE DE 300 MA, CORRENTE DE 63 A, TIPO AC","UN","CR",206.79]
[39523,"DISPOSITIVO DR, 2 POLOS, SENSIBILIDADE DE 300 MA, CORRENTE DE 80 A, TIPO AC","UN","CR",346.06]
[39449,"DISPOSITIVO DR, 4 POLOS, SENSIBILIDADE DE 30 MA, CORRENTE DE 100 A, TIPO AC","UN","CR",383.24]
[39455,"DISPOSITIVO DR, 4 POLOS, SENSIBILIDADE DE 30 MA, CORRENTE DE 25 A, TIPO AC","UN","CR",189.63]
[39456,"DISPOSITIVO DR, 4 POLOS, SENSIBILIDADE DE 30 MA, CORRENTE DE 40 A, TIPO AC","UN","CR",189.77]
[39457,"DISPOSITIVO DR, 4 POLOS, SENSIBILIDADE DE 30 MA, CORRENTE DE 63 A, TIPO AC","UN","CR",206.88]
[39458,"DISPOSITIVO DR, 4 POLOS, SENSIBILIDADE DE 30 MA, CORRENTE DE 80 A, TIPO AC","UN","CR",386.06]
[39464,"DISPOSITIVO DR, 4 POLOS, SENSIBILIDADE DE 300 MA, CORRENTE DE 100 A, TIPO AC","UN","CR",620.82000000000005]
[39460,"DISPOSITIVO DR, 4 POLOS, SENSIBILIDADE DE 300 MA, CORRENTE DE 25 A, TIPO AC","UN","CR",235.46]
[39461,"DISPOSITIVO DR, 4 POLOS, SENSIBILIDADE DE 300 MA, CORRENTE DE 40 A, TIPO AC","UN","CR",275.89999999999998]
[39462,"DISPOSITIVO DR, 4 POLOS, SENSIBILIDADE DE 300 MA, CORRENTE DE 63 A, TIPO AC","UN","CR",265.89999999999998]
[39463,"DISPOSITIVO DR, 4 POLOS, SENSIBILIDADE DE 300 MA, CORRENTE DE 80 A, TIPO AC","UN","CR",616]
[26039,"DISTRIBUIDOR DE AGREGADOS AUTOPROPELIDO, CAP 3 M3, A DIESEL, 6 CC, 176 CV","UN","CR"]
[2401,"DISTRIBUIDOR DE AGREGADOS REBOCAVEL, CAPACIDADE 1,9 M3, LARGURA DE TRABALHO 3,66 M","UN","CR"]
[38870,"DISTRIBUIDOR METALICO, COM ROSCA, 2 SAIDAS, DN 1\" X 1/2\", PARA CONEXAO COM ANEL DESLIZANTE EM TUBO PEX PARA INST. AGUA QUENTE/FRIA","UN","CR"]
[38869,"DISTRIBUIDOR METALICO, COM ROSCA, 2 SAIDAS, DN 3/4\" X 1/2\", PARA CONEXAO COM ANEL DESLIZANTE EM TUBO PEX PARA INST. AGUA QUENTE/FRIA","UN","CR"]
[38872,"DISTRIBUIDOR METALICO, COM ROSCA, 3 SAIDAS, DN 1\" X 1/2\", PARA CONEXAO COM ANEL DESLIZANTE EM TUBO PEX PARA INST. AGUA QUENTE/FRIA","UN","CR"]
[38871,"DISTRIBUIDOR METALICO, COM ROSCA, 3 SAIDAS, DN 3/4\" X 1/2\", PARA CONEXAO COM ANEL DESLIZANTE EM TUBO PEX PARA INST. AGUA QUENTE/FRIA","UN","CR"]
[39283,"DISTRIBUIDOR, PLASTICO, 2 SAIDAS, DN 32 X 16 MM, PARA CONEXAO COM CRIMPAGEM, EM TUBO PEX PARA INST. AGUA QUENTE/FRIA","UN","CR"]
[39285,"DISTRIBUIDOR, PLASTICO, 2 SAIDAS, DN 32 X 25 MM, PARA CONEXAO COM CRIMPAGEM, EM TUBO PEX PARA INST. AGUA QUENTE/FRIA","UN","CR"]
[39286,"DISTRIBUIDOR, PLASTICO, 3 SAIDAS, DN 32 X 16 MM, PARA CONEXAO COM CRIMPAGEM, EM TUBO PEX PARA INST. AGUA QUENTE/FRIA","UN","CR"]
[39288,"DISTRIBUIDOR, PLASTICO, 3 SAIDAS, DN 32 X 25 MM, PARA CONEXAO COM CRIMPAGEM, EM TUBO PEX PARA INST. AGUA QUENTE/FRIA","UN","CR"]
[44476,"DIVISORIA EM GRANITO, COM DUAS FACES POLIDAS, TIPO ANDORINHA/ QUARTZ/ CASTELO/ CORUMBA OU OUTROS EQUIVALENTES DA REGIAO, E= *3,0* CM","M2","CR",736.1]
[10629,"DIVISORIA EM MARMORE, COM DUAS FACES POLIDAS, BRANCO COMUM, E= *3,0* CM","M2","CR",781.96]
[10698,"DIVISORIA, PLACA PRE-MOLDADA EM GRANILITE, MARMORITE OU GRANITINA, E = *3 CM","M2","CR"]
[45658,"DOBRADEIRA ELETROMECANICA DE VERGALHAO, PARA ACO DE DIAMETRO ATE 1 1/2\", MOTOR ELETRICO TRIFASICO, POTENCIA DE 3 HP ATE 5 HP","UN","CR"]
[2432,"DOBRADICA EM ACO/FERRO, 3 1/2\" X 3\", E= 1,9 A 2 MM, COM ANEL, CROMADO OU ZINCADO, TAMPA BOLA, COM PARAFUSOS","UN","CR",15.09]
[2418,"DOBRADICA EM ACO/FERRO, 3\" X 2 1/2\", E= 1,2 A 1,8 MM, SEM ANEL, CROMADO OU ZINCADO, TAMPA BOLA, COM PARAFUSOS","UN","C",7]
[2433,"DOBRADICA EM ACO/FERRO, 3\" X 2 1/2\", E= 1,2 A 1,8 MM, SEM ANEL, CROMADO OU ZINCADO, TAMPA CHATA, COM PARAFUSOS","UN","CR",5.1100000000000003]
[2420,"DOBRADICA EM ACO/FERRO, 3\" X 2 1/2\", E= 1,9 A 2 MM, SEM ANEL, CROMADO OU ZINCADO, TAMPA BOLA, COM PARAFUSOS","UN","CR",8.7799999999999994]
[11447,"DOBRADICA EM LATAO, 3\" X 2 1/2\", E= 1,9 A 2 MM, COM ANEL, CROMADO, TAMPA BOLA, COM PARAFUSOS","UN","CR",17.350000000000001]
[11451,"DOBRADICA TIPO VAI-E-VEM EM ACO/FERRO, TAMANHO 3\", GALVANIZADO, COM PARAFUSOS","UN","CR",46.51]
[11116,"DOMOS / CLARABOIA INDIVIDUAL, EM ACRILICO BRANCO/LEITOSO, *95 X 95* CM, INCLUI ACESSORIOS DE FIXACAO, SEM INSTALACAO","UN","CR"]
[38411,"DOSADOR DE AREIA, CAPACIDADE DE *26* LITROS","UN","CR",1656.21]
[38189,"DUCHA / CHUVEIRO METALICO, DE PAREDE, ARTICULAVEL, COM BRACO/CANO, SEM DESVIADOR","UN","CR",174.95]
[38190,"DUCHA / CHUVEIRO METALICO, DE PAREDE, ARTICULAVEL, COM DESVIADOR E DUCHA MANUAL","UN","CR",368.58]
[7608,"DUCHA / CHUVEIRO PLASTICO SIMPLES, 5\", BRANCO, PARA ACOPLAR EM HASTE 1/2\", AGUA FRIA","UN","CR",10.3]
[1370,"DUCHA HIGIENICA PLASTICA COM REGISTRO METALICO 1/2\"","UN","CR",136.16999999999999]
[11649,"ELEMENTO PRE-MOLDADO PARA TRANSICAO EXCENTRICA EM CONCRETO ARMADO, DN *1200* MM, FURO CIRCULAR DN 600 MM, ESPESSURA *12* CM","UN","CR"]
[11650,"ELEMENTO PRE-MOLDADO PARA TRANSICAO EXCENTRICA EM CONCRETO ARMADO, DN *1500* MM, FURO CIRCULAR DN 600 MM, ESPESSURA 15 CM","UN","CR"]
[34777,"ELEMENTO VAZADO CERAMICO DIAGONAL (TIPO FLOR/QUADRADO/XIS) DE *7 X 18 X 25* CM (L X A X C)","UN","CR",3.62]
[7272,"ELEMENTO VAZADO CERAMICO QUADRADO (TIPO RETO OU REDONDO) DE *7 A 9 X 20 X 20* CM (L X A X C)","UN","CR",2.72]
[10605,"ELEMENTO VAZADO DE CONCRETO, QUADRICULADO, 1 FURO *10 X 10 X 10* CM","UN","CR",4.72]
[10604,"ELEMENTO VAZADO DE CONCRETO, QUADRICULADO, 1 FURO *20 X 10 X 7* CM","UN","CR",11.02]
[672,"ELEMENTO VAZADO DE CONCRETO, QUADRICULADO, 1 FURO *20 X 20 X 6,5* CM","UN","CR",15.15]
[668,"ELEMENTO VAZADO DE CONCRETO, QUADRICULADO, 16 FUROS *29 X 29 X 6* CM","UN","CR",18.29]
[10578,"ELEMENTO VAZADO DE CONCRETO, QUADRICULADO, 16 FUROS *33 X 33 X 10* CM","UN","CR",21.3]
[666,"ELEMENTO VAZADO DE CONCRETO, QUADRICULADO, 16 FUROS *40 X 40 X 7* CM","UN","CR",23.69]
[665,"ELEMENTO VAZADO DE CONCRETO, QUADRICULADO, 16 FUROS *50 X 50 X 7* CM","UN","CR",31.68]
[10577,"ELEMENTO VAZADO DE CONCRETO, QUADRICULADO, 25 FUROS *50 X 50 X 5* CM","UN","CR",28.1]
[10583,"ELEMENTO VAZADO DE CONCRETO, VENEZIANA *39 X 22 X 15* CM","UN","CR",14.6]
[10579,"ELEMENTO VAZADO DE CONCRETO, VENEZIANA *39 X 29 X 10* CM","UN","CR",25.44]
[10582,"ELEMENTO VAZADO DE CONCRETO, VENEZIANA *40 X 10 X 10* CM","UN","CR",12.85]
[2436,"ELETRICISTA (HORISTA)","H","C",25.61]
[40918,"ELETRICISTA (MENSALISTA)","MES","CR",4464.4799999999996]
[44046,"ELETROCALHA LISA OU PERFURADA TIPO U, EM CHAPA DE ACO GALVANIZADO A FOGO, ESPESSURA # 14, DE 700 X 50 MM (L X A), SEM VIROLA, SEM TAMPA","M","CR"]
[44047,"ELETROCALHA LISA OU PERFURADA TIPO U, EM CHAPA DE ACO GALVANIZADO A FOGO, ESPESSURA # 14, DE 800 X 50 MM (L X A), SEM VIROLA, SEM TAMPA","M","CR"]
[44043,"ELETROCALHA LISA OU PERFURADA TIPO U, EM CHAPA DE ACO GALVANIZADO A FOGO, ESPESSURA # 16, DE 500 X 50 MM (L X A), SEM VIROLA, SEM TAMPA","M","CR"]
[44044,"ELETROCALHA LISA OU PERFURADA TIPO U, EM CHAPA DE ACO GALVANIZADO A FOGO, ESPESSURA # 16, DE 600 X 50 MM (L X A), SEM VIROLA, SEM TAMPA","M","CR"]
[44041,"ELETROCALHA LISA OU PERFURADA TIPO U, EM CHAPA DE ACO GALVANIZADO A FOGO, ESPESSURA # 18, DE 300 X 50 MM (L X A), SEM VIROLA, SEM TAMPA","M","CR"]
[44042,"ELETROCALHA LISA OU PERFURADA TIPO U, EM CHAPA DE ACO GALVANIZADO A FOGO, ESPESSURA # 18, DE 400 X 50 MM (L X A), SEM VIROLA, SEM TAMPA","M","CR"]
[43961,"ELETROCALHA LISA OU PERFURADA TIPO U, EM CHAPA DE ACO GALVANIZADO A FOGO, ESPESSURA # 22, DE 100 X 50 MM (L X A), SEM VIROLA, SEM TAMPA","M","C"]
[43959,"ELETROCALHA LISA OU PERFURADA TIPO U, EM CHAPA DE ACO GALVANIZADO A FOGO, ESPESSURA # 22, DE 125 X 50 MM (L X A), SEM VIROLA, SEM TAMPA","M","CR"]
[43962,"ELETROCALHA LISA OU PERFURADA TIPO U, EM CHAPA DE ACO GALVANIZADO A FOGO, ESPESSURA # 22, DE 150 X 50 MM (L X A), SEM VIROLA, SEM TAMPA","M","CR"]
[43960,"ELETROCALHA LISA OU PERFURADA TIPO U, EM CHAPA DE ACO GALVANIZADO A FOGO, ESPESSURA # 22, DE 250 X 50 MM (L X A), SEM VIROLA, SEM TAMPA","M","CR"]
[43963,"ELETROCALHA LISA OU PERFURADA TIPO U, EM CHAPA DE ACO GALVANIZADO A FOGO, ESPESSURA # 22, DE 75 X 50 MM (L X A), SEM VIROLA, SEM TAMPA","M","CR"]
[43958,"ELETROCALHA LISA OU PERFURADA, TIPO U, EM CHAPA DE ACO GALVANIZADO A FOGO, ESPESSURA # 22, DE 200 X 50 MM (L X A), SEM VIROLA, SEM TAMPA","M","CR"]
[41549,"ELETROCALHA LISA OU PERFURADA, TIPO U, EM CHAPA DE ACO GALVANIZADO A FOGO, ESPESSURA #22, DE 50 X 50 MM (L X A), SEM VIROLA, SEM TAMPA","M","CR"]
[10998,"ELETRODO REVESTIDO AWS - E-6010, DIAMETRO IGUAL A 4,00 MM","KG","CR",54.87]
[11002,"ELETRODO REVESTIDO AWS - E6013, DIAMETRO IGUAL A 2,50 MM","KG","CR",50.27]
[10999,"ELETRODO REVESTIDO AWS - E6013, DIAMETRO IGUAL A 4,00 MM","KG","CR",48.3]
[10997,"ELETRODO REVESTIDO AWS - E7018, DIAMETRO IGUAL A 4,00 MM","KG","C",52.35]
[2680,"ELETRODUTO DE PVC RIGIDO ROSCAVEL DE 1 1/2\", SEM LUVA","M","CR",14.24]
[2684,"ELETRODUTO DE PVC RIGIDO ROSCAVEL DE 1 1/4\", SEM LUVA","M","CR",12.95]
[2685,"ELETRODUTO DE PVC RIGIDO ROSCAVEL DE 1\", SEM LUVA","M","CR",9.73]
[2673,"ELETRODUTO DE PVC RIGIDO ROSCAVEL DE 1/2\", SEM LUVA","M","C",5]
[2682,"ELETRODUTO DE PVC RIGIDO ROSCAVEL DE 2 1/2\", SEM LUVA","M","CR",33.94]
[2681,"ELETRODUTO DE PVC RIGIDO ROSCAVEL DE 2\", SEM LUVA","M","CR",23.27]
[2686,"ELETRODUTO DE PVC RIGIDO ROSCAVEL DE 3\", SEM LUVA","M","CR",42.57]
[2674,"ELETRODUTO DE PVC RIGIDO ROSCAVEL DE 3/4\", SEM LUVA","M","CR",6.22]
[2683,"ELETRODUTO DE PVC RIGIDO ROSCAVEL DE 4\", SEM LUVA","M","CR",67.08]
[2676,"ELETRODUTO DE PVC RIGIDO SOLDAVEL, CLASSE B, DE 20 MM","M","CR",2.91]
[2678,"ELETRODUTO DE PVC RIGIDO SOLDAVEL, CLASSE B, DE 25 MM","M","CR",3.64]
[2679,"ELETRODUTO DE PVC RIGIDO SOLDAVEL, CLASSE B, DE 32 MM","M","CR",5.61]
[12070,"ELETRODUTO DE PVC RIGIDO SOLDAVEL, CLASSE B, DE 40 MM","M","CR",7.81]
[2675,"ELETRODUTO DE PVC RIGIDO SOLDAVEL, CLASSE B, DE 50 MM","M","CR",10.16]
[12067,"ELETRODUTO DE PVC RIGIDO SOLDAVEL, CLASSE B, DE 60 MM","M","CR",13.78]
[21128,"ELETRODUTO EM ACO GALVANIZADO ELETROLITICO, LEVE, DIAMETRO 3/4\", PAREDE DE 0,90 MM","M","C"]
[40400,"ELETRODUTO FLEXIVEL PLANO EM PEAD, COR PRETA E LARANJA, DIAMETRO 25 MM","M","CR",2.34]
[40401,"ELETRODUTO FLEXIVEL PLANO EM PEAD, COR PRETA E LARANJA, DIAMETRO 32 MM","M","CR",3.45]
[40402,"ELETRODUTO FLEXIVEL PLANO EM PEAD, COR PRETA E LARANJA, DIAMETRO 40 MM","M","CR",4.43]
[21137,"ELETRODUTO FLEXIVEL, EM FITA DE ACO GALVANIZADO, REVESTIDO COM PVC PRETO, DIAMETRO EXTERNO DE 15 MM, DN = 3/8\", TIPO SEALTUBO","M","CR"]
[2504,"ELETRODUTO FLEXIVEL, EM FITA DE ACO GALVANIZADO, REVESTIDO COM PVC PRETO, DIAMETRO EXTERNO DE 25 MM, DN = 3/4\", TIPO SEALTUBO","M","CR"]
[2501,"ELETRODUTO FLEXIVEL, EM FITA DE ACO GALVANIZADO, REVESTIDO COM PVC PRETO, DIAMETRO EXTERNO DE 32 MM, DN = 1\", TIPO SEALTUBO","M","CR"]
[2502,"ELETRODUTO FLEXIVEL, EM FITA DE ACO GALVANIZADO, REVESTIDO COM PVC PRETO, DIAMETRO EXTERNO DE 40 MM, DN = 1 1/4\", TIPO SEALTUBO","M","CR"]
[2503,"ELETRODUTO FLEXIVEL, EM FITA DE ACO GALVANIZADO, REVESTIDO COM PVC PRETO, DIAMETRO EXTERNO DE 50 MM, DN = 1 1/2\", TIPO SEALTUBO","M","CR"]
[2500,"ELETRODUTO FLEXIVEL, EM FITA DE ACO GALVANIZADO, REVESTIDO COM PVC PRETO, DIAMETRO EXTERNO DE 60 MM, DN = 2\", TIPO SEALTUBO","M","CR"]
[2505,"ELETRODUTO FLEXIVEL, EM FITA DE ACO GALVANIZADO, REVESTIDO COM PVC PRETO, DIAMETRO EXTERNO DE 75 MM, DN = 2 1/2\", TIPO SEALTUBO","M","CR"]
[12056,"ELETRODUTO FLEXIVEL, EM FITA DE ACO GALVANIZADO, SEM REVESTIMENTO, DIAMETRO NOMINAL 1 1/2\"","M","CR"]
[12057,"ELETRODUTO FLEXIVEL, EM FITA DE ACO GALVANIZADO, SEM REVESTIMENTO, DIAMETRO NOMINAL 1 1/4\"","M","CR"]
[12058,"ELETRODUTO FLEXIVEL, EM FITA DE ACO GALVANIZADO, SEM REVESTIMENTO, DIAMETRO NOMINAL 1\"","M","CR"]
[12059,"ELETRODUTO FLEXIVEL, EM FITA DE ACO GALVANIZADO, SEM REVESTIMENTO, DIAMETRO NOMINAL 1/2\"","M","CR"]
[12060,"ELETRODUTO FLEXIVEL, EM FITA DE ACO GALVANIZADO, SEM REVESTIMENTO, DIAMETRO NOMINAL 2 1/2\"","M","CR"]
[12061,"ELETRODUTO FLEXIVEL, EM FITA DE ACO GALVANIZADO, SEM REVESTIMENTO, DIAMETRO NOMINAL 2\"","M","CR"]
[12062,"ELETRODUTO FLEXIVEL, EM FITA DE ACO GALVANIZADO, SEM REVESTIMENTO, DIAMETRO NOMINAL 3\"","M","CR"]
[2687,"ELETRODUTO PVC FLEXIVEL CORRUGADO, COR AMARELA, DE 16 MM","M","CR",2.54]
[2689,"ELETRODUTO PVC FLEXIVEL CORRUGADO, COR AMARELA, DE 20 MM","M","CR",3.02]
[2688,"ELETRODUTO PVC FLEXIVEL CORRUGADO, COR AMARELA, DE 25 MM","M","CR",3.27]
[2690,"ELETRODUTO PVC FLEXIVEL CORRUGADO, COR AMARELA, DE 32 MM","M","CR",5.6]
[39243,"ELETRODUTO PVC FLEXIVEL CORRUGADO, REFORCADO, COR LARANJA, DE 20 MM, PARA LAJES E PISOS","M","CR",3.69]
[39244,"ELETRODUTO PVC FLEXIVEL CORRUGADO, REFORCADO, COR LARANJA, DE 25 MM, PARA LAJES E PISOS","M","CR",4.99]
[39245,"ELETRODUTO PVC FLEXIVEL CORRUGADO, REFORCADO, COR LARANJA, DE 32 MM, PARA LAJES E PISOS","M","CR",9.6]
[39255,"ELETRODUTO/CONDULETE DE PVC RIGIDO, LISO, COR CINZA, DE 1\", PARA INSTALACOES APARENTES (NBR 5410)","M","CR",26.57]
[39254,"ELETRODUTO/CONDULETE DE PVC RIGIDO, LISO, COR CINZA, DE 1/2\", PARA INSTALACOES APARENTES (NBR 5410)","M","CR",14.36]
[39253,"ELETRODUTO/CONDULETE DE PVC RIGIDO, LISO, COR CINZA, DE 3/4\", PARA INSTALACOES APARENTES (NBR 5410)","M","CR",18.3]
[39246,"ELETRODUTO/DUTO PEAD FLEXIVEL PAREDE SIMPLES, CORRUGACAO HELICOIDAL, COR PRETA, SEM ROSCA, DE 1 1/2\", CRC 680 N, PARA CABEAMENTO SUBTERRANEO (NBR 15715)","M","CR",6]
[39247,"ELETRODUTO/DUTO PEAD FLEXIVEL PAREDE SIMPLES, CORRUGACAO HELICOIDAL, COR PRETA, SEM ROSCA, DE 1 1/4\", CRC 680 N, PARA CABEAMENTO SUBTERRANEO (NBR 15715)","M","CR",5.23]
[2446,"ELETRODUTO/DUTO PEAD FLEXIVEL PAREDE SIMPLES, CORRUGACAO HELICOIDAL, COR PRETA, SEM ROSCA, DE 2\", CRC 680 N, PARA CABEAMENTO SUBTERRANEO (NBR 15715)","M","C",8.61]
[2442,"ELETRODUTO/DUTO PEAD FLEXIVEL PAREDE SIMPLES, CORRUGACAO HELICOIDAL, COR PRETA, SEM ROSCA, DE 3\", CRC 680 N, PARA CABEAMENTO SUBTERRANEO (NBR 15715)","M","CR",12.06]
[39248,"ELETRODUTO/DUTO PEAD FLEXIVEL PAREDE SIMPLES, CORRUGACAO HELICOIDAL, COR PRETA, SEM ROSCA, DE 4\", CRC 680 N, PARA CABEAMENTO SUBTERRANEO (NBR 15715)","M","CR",16.809999999999999]
[2438,"ELETROTECNICO (HORISTA)","H","CR",28.83]
[40922,"ELETROTECNICO (MENSALISTA)","MES","CR",5028.01]
[44342,"EMENDA INTERNA, TIPO U, BASE LISA, PARA ELETROCALHA, EM CHAPA DE ACO GALVANIZADO ESPESSURA #14, 700 X 50 MM (L X A)","UN","CR"]
[44343,"EMENDA INTERNA, TIPO U, BASE LISA, PARA ELETROCALHA, EM CHAPA DE ACO GALVANIZADO ESPESSURA #14, 800 X 50 MM (L X A)","UN","CR"]
[44340,"EMENDA INTERNA, TIPO U, BASE LISA, PARA ELETROCALHA, EM CHAPA DE ACO GALVANIZADO ESPESSURA #16, 500 X 50 MM (L X A)","UN","CR"]
[44341,"EMENDA INTERNA, TIPO U, BASE LISA, PARA ELETROCALHA, EM CHAPA DE ACO GALVANIZADO ESPESSURA #16, 600 X 50 MM (L X A)","UN","CR"]
[44338,"EMENDA INTERNA, TIPO U, BASE LISA, PARA ELETROCALHA, EM CHAPA DE ACO GALVANIZADO ESPESSURA #18, 300 X 50 MM (L X A)","UN","CR"]
[44339,"EMENDA INTERNA, TIPO U, BASE LISA, PARA ELETROCALHA, EM CHAPA DE ACO GALVANIZADO ESPESSURA #18, 400 X 50 MM (L X A)","UN","CR"]
[44336,"EMENDA INTERNA, TIPO U, BASE LISA, PARA ELETROCALHA, EM CHAPA DE ACO GALVANIZADO ESPESSURA #22, 100 X 50 MM (L X A)","UN","CR"]
[41834,"EMENDA INTERNA, TIPO U, BASE LISA, PARA ELETROCALHA, EM CHAPA DE ACO GALVANIZADO ESPESSURA #22, 125 X 50 MM (L X A)","UN","CR"]
[44337,"EMENDA INTERNA, TIPO U, BASE LISA, PARA ELETROCALHA, EM CHAPA DE ACO GALVANIZADO ESPESSURA #22, 150 X 50 MM (L X A)","UN","CR"]
[43964,"EMENDA INTERNA, TIPO U, BASE LISA, PARA ELETROCALHA, EM CHAPA DE ACO GALVANIZADO ESPESSURA #22, 200 X 50 MM (L X A)","UN","CR"]
[44334,"EMENDA INTERNA, TIPO U, BASE LISA, PARA ELETROCALHA, EM CHAPA DE ACO GALVANIZADO ESPESSURA #22, 250 X 50 MM (L X A)","UN","CR"]
[44344,"EMENDA INTERNA, TIPO U, BASE LISA, PARA ELETROCALHA, EM CHAPA DE ACO GALVANIZADO ESPESSURA #22, 50 X 50 MM (L X A)","UN","CR"]
[44335,"EMENDA INTERNA, TIPO U, BASE LISA, PARA ELETROCALHA, EM CHAPA DE ACO GALVANIZADO ESPESSURA #22, 75 X 50 MM (L X A)","UN","CR"]
[12624,"EMENDA PARA CALHA PLUVIAL, PVC, DIAMETRO ENTRE 119 E 170 MM, PARA DRENAGEM PLUVIAL PREDIAL","UN","CR",31.43]
[517,"EMULSAO ASFALTICA ANIONICA","L","CR"]
[37534,"EMULSAO EXPLOSIVA EM CARTUCHOS DE 1\" X 12\", DENSIDADE 1.15 G/CM3, INICIACAO ESPOLETA N. 8 / CORDEL","KG","CR"]
[37535,"EMULSAO EXPLOSIVA EM CARTUCHOS DE 1\" X 24\", DENSIDADE 1.15 G/CM3, INICIACAO ESPOLETA N. 8 / CORDEL","KG","CR"]
[37533,"EMULSAO EXPLOSIVA EM CARTUCHOS DE 1\" X 8\", DENSIDADE 1.15 G/CM3, INICIACAO ESPOLETA N. 8 / CORDEL","KG","CR"]
[37537,"EMULSAO EXPLOSIVA EM CARTUCHOS DE 2 1/2\" X 24\", DENSIDADE 1.15 G/CM3, INICIACAO ESPOLETA N. 8 / CORDEL","KG","CR"]
[37536,"EMULSAO EXPLOSIVA EM CARTUCHOS DE 2 1/4\" X 24\", DENSIDADE 1.15 G/CM3, INICIACAO ESPOLETA N. 8 / CORDEL","KG","CR"]
[37532,"EMULSAO EXPLOSIVA EM CARTUCHOS DE 2\" X 24\", DENSIDADE 1.15 G/CM3, INICIACAO ESPOLETA N. 8 / CORDEL","KG","C"]
[2696,"ENCANADOR OU BOMBEIRO HIDRAULICO (HORISTA)","H","C",25.61]
[40928,"ENCANADOR OU BOMBEIRO HIDRAULICO (MENSALISTA)","MES","CR",4464.4799999999996]
[4083,"ENCARREGADO GERAL DE OBRAS (HORISTA)","H","C",25.61]
[40818,"ENCARREGADO GERAL DE OBRAS (MENSALISTA)","MES","CR",4464.4799999999996]
[43146,"ENDURECEDOR MINERAL DE BASE CIMENTICIA PARA PISO DE CONCRETO","KG","CR",11.84]
[2705,"ENERGIA ELETRICA ATE 2000 KWH INDUSTRIAL, SEM DEMANDA","KWH","CR",1.04]
[14250,"ENERGIA ELETRICA COMERCIAL, BAIXA TENSAO, RELATIVA AO CONSUMO DE ATE 100 KWH, INCLUINDO ICMS, PIS/PASEP E COFINS","KWH","C",1.06]
[11683,"ENGATE / RABICHO FLEXIVEL INOX 1/2\" X 30 CM","UN","CR"]
[11684,"ENGATE / RABICHO FLEXIVEL INOX 1/2\" X 40 CM","UN","CR"]
[6141,"ENGATE/RABICHO FLEXIVEL PLASTICO (PVC OU ABS) BRANCO 1/2\" X 30 CM","UN","CR",5.1100000000000003]
[11681,"ENGATE/RABICHO FLEXIVEL PLASTICO (PVC OU ABS) BRANCO 1/2\" X 40 CM","UN","CR",6.44]
[2706,"ENGENHEIRO CIVIL DE OBRA JUNIOR (HORISTA)","H","C",135.35]
[40811,"ENGENHEIRO CIVIL DE OBRA JUNIOR (MENSALISTA)","MES","CR",23595.85]
[2707,"ENGENHEIRO CIVIL DE OBRA PLENO (HORISTA)","H","CR",142.07]
[40813,"ENGENHEIRO CIVIL DE OBRA PLENO (MENSALISTA)","MES","CR",24769.15]
[2708,"ENGENHEIRO CIVIL DE OBRA SENIOR (HORISTA)","H","CR",169.63]
[40814,"ENGENHEIRO CIVIL DE OBRA SENIOR (MENSALISTA)","MES","CR",29571.38]
[38403,"ENXADA ESTREITA, EM ACO, *25 X 23* CM, COM CABO DE MADEIRA DE *150* CM","UN","CR",58.65]
[43482,"EPI - FAMILIA ALMOXARIFE - HORISTA (ENCARGOS COMPLEMENTARES - COLETADO CAIXA)","H","C",0.74]
[43494,"EPI - FAMILIA ALMOXARIFE - MENSALISTA (ENCARGOS COMPLEMENTARES - COLETADO CAIXA)","MES","C",122.46]
[43483,"EPI - FAMILIA CARPINTEIRO DE FORMAS - HORISTA (ENCARGOS COMPLEMENTARES - COLETADO CAIXA)","H","C",1.43]
[43495,"EPI - FAMILIA CARPINTEIRO DE FORMAS - MENSALISTA (ENCARGOS COMPLEMENTARES - COLETADO CAIXA)","MES","C",237.1]
[43484,"EPI - FAMILIA ELETRICISTA - HORISTA (ENCARGOS COMPLEMENTARES - COLETADO CAIXA)","H","C",1.36]
[43496,"EPI - FAMILIA ELETRICISTA - MENSALISTA (ENCARGOS COMPLEMENTARES - COLETADO CAIXA)","MES","C",226.13]
[43485,"EPI - FAMILIA ENCANADOR - HORISTA (ENCARGOS COMPLEMENTARES - COLETADO CAIXA)","H","C",1.22]
[43497,"EPI - FAMILIA ENCANADOR - MENSALISTA (ENCARGOS COMPLEMENTARES - COLETADO CAIXA)","MES","C",202.29]
[43487,"EPI - FAMILIA ENCARREGADO GERAL - HORISTA (ENCARGOS COMPLEMENTARES - COLETADO CAIXA)","H","C",1.26]
[43499,"EPI - FAMILIA ENCARREGADO GERAL - MENSALISTA (ENCARGOS COMPLEMENTARES - COLETADO CAIXA)","MES","C",208.98]
[43486,"EPI - FAMILIA ENGENHEIRO CIVIL - HORISTA (ENCARGOS COMPLEMENTARES - COLETADO CAIXA)","H","C",0.9]
[43498,"EPI - FAMILIA ENGENHEIRO CIVIL - MENSALISTA (ENCARGOS COMPLEMENTARES - COLETADO CAIXA)","MES","C",150.44]
[43488,"EPI - FAMILIA OPERADOR ESCAVADEIRA - HORISTA (ENCARGOS COMPLEMENTARES - COLETADO CAIXA)","H","C",0.91]
[43500,"EPI - FAMILIA OPERADOR ESCAVADEIRA - MENSALISTA (ENCARGOS COMPLEMENTARES - COLETADO CAIXA)","MES","C",151.38]
[43489,"EPI - FAMILIA PEDREIRO - HORISTA (ENCARGOS COMPLEMENTARES - COLETADO CAIXA)","H","C",1.45]
[43501,"EPI - FAMILIA PEDREIRO - MENSALISTA (ENCARGOS COMPLEMENTARES - COLETADO CAIXA)","MES","C",240.98]
[43490,"EPI - FAMILIA PINTOR - HORISTA (ENCARGOS COMPLEMENTARES - COLETADO CAIXA)","H","C",1.85]
[43502,"EPI - FAMILIA PINTOR - MENSALISTA (ENCARGOS COMPLEMENTARES - COLETADO CAIXA)","MES","C",306.26]
[43491,"EPI - FAMILIA SERVENTE - HORISTA (ENCARGOS COMPLEMENTARES - COLETADO CAIXA)","H","C",1.52]
[43503,"EPI - FAMILIA SERVENTE - MENSALISTA (ENCARGOS COMPLEMENTARES - COLETADO CAIXA)","MES","C",252.31]
[43492,"EPI - FAMILIA SOLDADOR - HORISTA (ENCARGOS COMPLEMENTARES - COLETADO CAIXA)","H","C",2.21]
[43504,"EPI - FAMILIA SOLDADOR - MENSALISTA (ENCARGOS COMPLEMENTARES - COLETADO CAIXA)","MES","C",367.05]
[43493,"EPI - FAMILIA TOPOGRAFO - HORISTA (ENCARGOS COMPLEMENTARES - COLETADO CAIXA)","H","C",0.74]
[43505,"EPI - FAMILIA TOPOGRAFO - MENSALISTA (ENCARGOS COMPLEMENTARES - COLETADO CAIXA)","MES","C",122.46]
[38476,"ESCADA DUPLA DE ABRIR EM ALUMINIO, COM SAPATAS DE BORRACHA, *2,30* X *0,57* M (ALTURA UTIL X LARGURA MINIMA), MODELO PINTOR, 8 DEGRAUS, CAPACIDADE *100* KG","UN","CR",224.48]
[38477,"ESCADA EXTENSIVEL EM ALUMINIO, COM SAPATAS DE BORRACHA, ALTURA FECHADA 3,60 M, ALTURA ESTENDIDA DE 6,0 A 6,30 M, LARGURA MINIMA DE 35 CM, CACIDADE *120* KG","UN","CR",595.24]
[45112,"ESCAVADEIRA HIDRAULICA DE BRACO LONGO (LONGO ALCANCE) SOBRE ESTEIRAS, CACAMBA 0,52 M3, PESO OPERACIONAL 24 T, POTENCIA LIQUIDA 155 HP","UN","CR"]
[14525,"ESCAVADEIRA HIDRAULICA SOBRE ESTEIRAS COM CACAMBA DE 1,20 M3, PESO OPERACIONAL 21 T, POTENCIA BRUTA 155 HP","UN","CR"]
[10685,"ESCAVADEIRA HIDRAULICA SOBRE ESTEIRAS, CACAMBA 0,80M3, PESO OPERACIONAL 17T, POTENCIA BRUTA 111HP","UN","C"]
[40636,"ESCAVADEIRA HIDRAULICA SOBRE ESTEIRAS, CAPACIDADE DA CACAMBA ENTRE 1,20 E 1,50 M3, PESO OPERACIONAL ENTRE 20,00 E 22,00 TON, POTENCIA LIQUIDA ENTRE 150 E 155 HP, EQUIPADA COM CLAMSHELL","UN","CR"]
[4111,"ESCORA PRE-MOLDADA EM CONCRETO, *10 X 10* CM, H = 2,30M","UN","CR",60.88]
[44538,"ESCOVA CIRCULAR EM ACO LATONADO, 6 X 1\" (DIAMETRO X ESPESSURA), FURO DE 1 1/4\", FIO ONDULADO *0,30* MM","UN","CR",49.39]
[12,"ESCOVA DE ACO, COM CABO, *4 X 15* FILEIRAS DE CERDAS","UN","CR",6.22]
[37554,"ESGUICHO JATO REGULAVEL, TIPO ELKHART, ENGATE RAPIDO 1 1/2\", PARA COMBATE A INCENDIO","UN","CR",281.85000000000002]
[37555,"ESGUICHO JATO REGULAVEL, TIPO ELKHART, ENGATE RAPIDO 2 1/2\", PARA COMBATE A INCENDIO","UN","CR",342.85]
[10902,"ESGUICHO TIPO JATO SOLIDO, EM LATAO, ENGATE RAPIDO 1 1/2\" X 13 MM, PARA MANGUEIRA EM INSTALACAO PREDIAL COMBATE A INCENDIO","UN","CR",86.03]
[20965,"ESGUICHO TIPO JATO SOLIDO, EM LATAO, ENGATE RAPIDO 1 1/2\" X 16 MM, PARA MANGUEIRA EM INSTALACAO PREDIAL COMBATE A INCENDIO","UN","CR",86.83]
[20966,"ESGUICHO TIPO JATO SOLIDO, EM LATAO, ENGATE RAPIDO 1 1/2\" X 19 MM, PARA MANGUEIRA EM INSTALACAO PREDIAL COMBATE A INCENDIO","UN","CR",93.49]
[10903,"ESGUICHO TIPO JATO SOLIDO, EM LATAO, ENGATE RAPIDO 2 1/2\" X 13 MM, PARA MANGUEIRA EM INSTALACAO PREDIAL COMBATE A INCENDIO","UN","CR",141.71]
[20967,"ESGUICHO TIPO JATO SOLIDO, EM LATAO, ENGATE RAPIDO 2 1/2\" X 16 MM, PARA MANGUEIRA EM INSTALACAO PREDIAL COMBATE A INCENDIO","UN","CR",141.71]
[20968,"ESGUICHO TIPO JATO SOLIDO, EM LATAO, ENGATE RAPIDO 2 1/2\" X 19 MM, PARA MANGUEIRA EM INSTALACAO PREDIAL COMBATE A INCENDIO","UN","CR",155.41999999999999]
[39017,"ESPACADOR / DISTANCIADOR CIRCULAR COM ENTRADA LATERAL, EM PLASTICO, PARA VERGALHAO *4,2 A 12,5* MM, COBRIMENTO 20 MM","UN","CR"]
[39315,"ESPACADOR / DISTANCIADOR TIPO GARRA DUPLA, EM PLASTICO, COBRIMENTO *20* MM, PARA FERRAGENS DE LAJES E FUNDO DE VIGAS","UN","CR"]
[39016,"ESPACADOR / DISTANCIADOR TIPO PINO EM PLASTICO, PARA VERGALHAO ATE 10 MM, PARA APOIO DE ARMADURA","UN","CR"]
[39481,"ESPACADOR OU DISTANCIADOR, EM PLASTICO, TIPO APOIO DE CORDOALHA (CARANGUEJO), PARA ARMADURA NEGATIVA E PROTENSAO, COBRIMENTO 50 MM","UN","CR"]
[39013,"ESPACADOR/SEPARADOR /CENTRALIZADOR DE BARRA DE ACO, PLASTICO, (CHUMBADOR TIPO CARAMBOLA - CB), DIAMETRO INTERNO ATE 20 MM","UN","CR"]
[44919,"ESPACADOR/SEPARADOR /CENTRALIZADOR DE BARRA DE ACO, PLASTICO, (CHUMBADOR TIPO CARAMBOLA - CB), DIAMETRO INTERNO ENTRE 25 A 32 MM","UN","CR"]
[40433,"ESPACADOR/SEPARADOR DE CORDOALHA TIPO DISCO 12 FUROS DE 14 MM, PARA TIRANTES","UN","CR"]
[20219,"ESPARGIDOR DE ASFALTO PRESSURIZADO, REBOCAVEL, TANQUE DE 2500 L, PNEUMATICO, COM MOTOR A GASOLINA 3,4HP","UN","C"]
[36484,"ESPARGIDOR DE ASFALTO PRESSURIZADO, TANQUE 6 M3 COM ISOLACAO TERMICA, AQUECIDO COM 2 MACARICOS, COM BARRA ESPARGIDORA 3,60 M, A SER MONTADO SOBRE CAMINHAO","UN","CR"]
[38368,"ESPATULA DE PLASTICO LISA, LARGURA *10* CM","UN","CR",5.73]
[38367,"ESPATULA EM ACO INOX COM CABO DE MADEIRA E LARGURA DE *8* CM","UN","CR",11.11]
[38091,"ESPELHO / PLACA CEGA 4\" X 2\", PARA INSTALACAO DE TOMADAS E INTERRUPTORES","UN","CR",3.43]
[38095,"ESPELHO / PLACA CEGA 4\" X 4\", PARA INSTALACAO DE TOMADAS E INTERRUPTORES","UN","CR",7.26]
[38092,"ESPELHO / PLACA DE 1 POSTO 4\" X 2\", PARA INSTALACAO DE TOMADAS E INTERRUPTORES","UN","CR",3.25]
[38093,"ESPELHO / PLACA DE 2 POSTOS 4\" X 2\", PARA INSTALACAO DE TOMADAS E INTERRUPTORES","UN","CR",3.36]
[38096,"ESPELHO / PLACA DE 2 POSTOS 4\" X 4\", PARA INSTALACAO DE TOMADAS E INTERRUPTORES","UN","CR",7.81]
[38094,"ESPELHO / PLACA DE 3 POSTOS 4\" X 2\", PARA INSTALACAO DE TOMADAS E INTERRUPTORES","UN","CR",4.12]
[38097,"ESPELHO / PLACA DE 4 POSTOS 4\" X 4\", PARA INSTALACAO DE TOMADAS E INTERRUPTORES","UN","CR",8.3699999999999992]
[38098,"ESPELHO / PLACA DE 6 POSTOS 4\" X 4\", PARA INSTALACAO DE TOMADAS E INTERRUPTORES","UN","CR",8.3699999999999992]
[11186,"ESPELHO CRISTAL E = 4 MM","M2","CR",516]
[11558,"ESPELHO, RETO OU CURVO, EM LATAO CROMADO, ESPESSURA ATE 6 MM, LARGURA *40*MM, ALTURA *180*MM - PARA FECHADURA DE EMBUTIR","PAR","CR",14.34]
[11557,"ESPELHO, RETO OU CURVO, EM LATAO CROMADO, ESPESSURA MINIMA 6 MM, LARGURA *43*MM, ALTURA *230*MM - PARA FECHADURA DE EMBUTIR","PAR","CR",36.29]
[2759,"ESPOLETA SIMPLES N 8.","UN","C"]
[38124,"ESPUMA EXPANSIVA DE POLIURETANO, APLICACAO MANUAL - 500 ML","UN","C",26.48]
[38380,"ESQUADRO DE ACO 12\" (300 MM), CABO DE ALUMINIO","UN","CR",18.489999999999998]
[45278,"ESQUADRO PARA SOLDA, EM ALUMINIO, 65 MM, COM DUAS MORSAS (GRAMPO SARGENTO)","UN","CR",124.99]
[42429,"ESQUI TRIPLO, EM TUBO DE ACO CARBONO, PINTURA NO PROCESSO ELETROSTATICO - EQUIPAMENTO DE GINASTICA PARA ACADEMIA AO AR LIVRE / ACADEMIA DA TERCEIRA IDADE - ATI","UN","CR"]
[38538,"ESTACA PRE-MOLDADA MACICA DE CONCRETO VIBRADO ARMADO, PARA CARGA DE 25 T, SECAO QUADRADA DE *16 X 16*, COM ANEL METALICO INCORPORADO A PECA (SOMENTE FORNECIMENTO)","M","C"]
[38539,"ESTACA PRE-MOLDADA MACICA DE CONCRETO VIBRADO ARMADO, PARA CARGA DE 50 T, SECAO QUADRADA, COM ANEL METALICO INCORPORADO A PECA (SOMENTE FORNECIMENTO)","M","CR"]
[38540,"ESTACA PRE-MOLDADA VAZADA DE CONCRETO CENTRIFUGADO, PARA CARGA DE 100 T, SECAO CIRCULAR, COM ANEL METALICO INCORPORADO A PECA (SOMENTE FORNECIMENTO)","M","CR"]
[38384,"ESTILETE DE METAL, LAMINA 18 MM","UN","CR",13.32]
[13,"ESTOPA","KG","CR",16.940000000000001]
[2762,"ESTOPIM SIMPLES","M","CR"]
[21142,"ESTRIBO COM PARAFUSO EM CHAPA DE FERRO FUNDIDO DE 2\" X 3/16\" X 35 CM, SECAO \"U\", PARA MADEIRAMENTO DE TELHADO","UN","CR",32.520000000000003]
[37372,"EXAMES - HORISTA (COLETADO CAIXA - ENCARGOS COMPLEMENTARES)","H","C",1.4]
[40863,"EXAMES - MENSALISTA (COLETADO CAIXA - ENCARGOS COMPLEMENTARES)","MES","C",231.86]
[38475,"EXTENSAO DE SOLDA 201 ACETILENO, E = *1,5 A 2,5* MM (N2)","UN","CR",66.010000000000005]
[38474,"EXTENSAO DE SOLDA 201 GLP, E = *2,5 A 4,0* MM (N4)","UN","CR",66.92]
[10886,"EXTINTOR DE INCENDIO PORTATIL COM CARGA DE AGUA PRESSURIZADA DE 10 L, CLASSE A","UN","CR",227.5]
[10888,"EXTINTOR DE INCENDIO PORTATIL COM CARGA DE GAS CARBONICO CO2 DE 4 KG, CLASSE BC","UN","CR",719.99]
[10889,"EXTINTOR DE INCENDIO PORTATIL COM CARGA DE GAS CARBONICO CO2 DE 6 KG, CLASSE BC","UN","CR",780]
[10890,"EXTINTOR DE INCENDIO PORTATIL COM CARGA DE PO QUIMICO SECO (PQS) DE 12 KG, CLASSE BC","UN","CR",359.99]
[10891,"EXTINTOR DE INCENDIO PORTATIL COM CARGA DE PO QUIMICO SECO (PQS) DE 4 KG, CLASSE BC","UN","CR",219.99]
[10892,"EXTINTOR DE INCENDIO PORTATIL COM CARGA DE PO QUIMICO SECO (PQS) DE 6 KG, CLASSE BC","UN","C",260]
[20977,"EXTINTOR DE INCENDIO PORTATIL COM CARGA DE PO QUIMICO SECO (PQS) DE 8 KG, CLASSE BC","UN","CR",309.99]
[3073,"EXTREMIDADE PVC PBA, BF, JE, DN 100/ DE 110 MM","UN","CR",194.94]
[3074,"EXTREMIDADE PVC PBA, BF, JE, DN 75/ DE 85 MM","UN","CR",123.07]
[3076,"EXTREMIDADE PVC PBA, PF, JE, DN 100 / DE 110 MM","UN","CR",160.26]
[3075,"EXTREMIDADE PVC PBA, PF, JE, DN 75 / DE 85 MM","UN","CR",101.27]
[10781,"EXTREMIDADE/TUBETE PARA HIDROMETRO PVC, COM ROSCA, CURTA, COM BUCHA LATAO, 3/4\" OU 1/2\"","UN","CR",13.73]
[11480,"FECHADURA AUXILIAR DE SEGURANCA PARA PORTA EXTERNA, EM ACO INOX, BROCA DE 45 A 55 MM, LINGUETA COM 3 AVANCOS, INCLUINDO 2 CHAVES TIPO CILINDRO","CJ","CR",129.71]
[43612,"FECHADURA BICO DE PAPAGAIO PARA PORTA DE CORRER EXTERNA, EM ACO INOX COM ACABAMENTO CROMADO, MAQUINA COM 45 MM, INCLUINDO CHAVE TIPO CILINDRO","CJ","CR",102.09]
[43613,"FECHADURA BICO DE PAPAGAIO PARA PORTA DE CORRER INTERNA, EM ACO INOX COM ACABAMENTO CROMADO, MAQUINA COM 45 MM, INCLUINDO CHAVE TIPO BIPARTIDA","CJ","CR",84.52]
[11469,"FECHADURA DE EMBUTIR PARA GAVETA E MOVEIS DE MADEIRA, EM ACO INOX COM ACABAMENTO CROMADO, COM ABAS LATERAIS, CILINDRO COM 22 MM DE DIAMETRO, INCLUINDO CHAVE COM PERFIL METALICO E CAPA ESCAMOTEAVEL","UN","CR",13.85]
[11468,"FECHADURA DE SOBREPOR PARA GAVETAS E ARMARIOS, EM ACO INOX COM ACABAMENTO CROMADO, COM CILINDRO DE APROX 20 MM","UN","CR",13.85]
[11484,"FECHADURA DE SOBREPOR PARA PORTAO, EM ACO INOX COM ACABAMENTO CROMADO, CAIXA DE 100 MM, INCLUINDO CHAVE TIPO CILINDRO","UN","CR",60.85]
[38155,"FECHADURA DE SOBREPOR PARA PORTAO, EM ACO INOX COM ACABAMENTO CROMADO, CAIXA DE 100 MM, INCLUINDO CHAVE TIPO TETRA","UN","CR",94.48]
[11467,"FECHADURA DE SOBREPOR TIPO CAIXAO, EM FERRO COM ACABAMENTO RESINADO, SEM MACANETA, SEM CILINDRO, INCLUINDO CHAVE TIPO SIMPLES","UN","CR",21.59]
[38153,"FECHADURA ESPELHO PARA PORTA DE BANHEIRO, EM ACO INOX (MAQUINA, TESTA E CONTRA-TESTA) E EM ZAMAC (MACANETA, LINGUETA E TRINCOS) COM ACABAMENTO CROMADO, MAQUINA DE 40 MM, INCLUINDO CHAVE TIPO TRANQUETA","CJ","CR",55.14]
[43607,"FECHADURA ESPELHO PARA PORTA DE BANHEIRO, EM ACO INOX (MAQUINA, TESTA E CONTRA-TESTA) E EM ZAMAC (MACANETA, LINGUETA E TRINCOS) COM ACABAMENTO CROMADO, MAQUINA DE 55 MM, INCLUINDO CHAVE TIPO TRANQUETA (CONJUNTO DE FECHADURAS)","CJ","CR",104.3]
[3080,"FECHADURA ESPELHO PARA PORTA EXTERNA, EM ACO INOX (MAQUINA, TESTA E CONTRA-TESTA) E EM ZAMAC (MACANETA, LINGUETA E TRINCOS) COM ACABAMENTO CROMADO, MAQUINA DE 40 MM, INCLUINDO CHAVE TIPO CILINDRO","CJ","C",70.13]
[3081,"FECHADURA ESPELHO PARA PORTA EXTERNA, EM ACO INOX (MAQUINA, TESTA E CONTRA-TESTA) E EM ZAMAC (MACANETA, LINGUETA E TRINCOS) COM ACABAMENTO CROMADO, MAQUINA DE 55 MM, INCLUINDO CHAVE TIPO CILINDRO","CJ","CR",138.75]
[3090,"FECHADURA ESPELHO PARA PORTA INTERNA, EM ACO INOX (MAQUINA, TESTA E CONTRA-TESTA) E EM ZAMAC (MACANETA, LINGUETA E TRINCOS) COM ACABAMENTO CROMADO, MAQUINA DE 40 MM, INCLUINDO CHAVE TIPO INTERNA","CJ","CR",62.59]
[43611,"FECHADURA ESPELHO PARA PORTA INTERNA, EM ACO INOX (MAQUINA, TESTA E CONTRA-TESTA) E EM ZAMAC (MACANETA, LINGUETA E TRINCOS) COM ACABAMENTO CROMADO, MAQUINA DE 55 MM, INCLUINDO CHAVE TIPO INTERNA","CJ","CR",103.87]
[3103,"FECHADURA PARA PORTA PIVOTANTE DE VIDRO TEMPERADO, EM ACO INOX COM ACABAMENTO CROMADO, RECORTE PADRAO SANTA MARINA, COM CILINDRO EM LATAO, INCLUINDO CHAVE TIPO CILINDRO","UN","CR",51.9]
[3097,"FECHADURA ROSETA REDONDA PARA PORTA DE BANHEIRO, EM ACO INOX (MAQUINA, TESTA E CONTRA-TESTA) E EM ZAMAC (MACANETA, LINGUETA E TRINCOS) COM ACABAMENTO CROMADO, MAQUINA DE 40 MM, INCLUINDO CHAVE TIPO TRANQUETA","CJ","CR",78.52]
[3099,"FECHADURA ROSETA REDONDA PARA PORTA DE BANHEIRO, EM ACO INOX (MAQUINA, TESTA E CONTRA-TESTA) E EM ZAMAC (MACANETA, LINGUETA E TRINCOS) COM ACABAMENTO CROMADO, MAQUINA DE 55 MM, INCLUINDO CHAVE TIPO TRANQUETA","CJ","CR",125.73]
[38151,"FECHADURA ROSETA REDONDA PARA PORTA EXTERNA, EM ACO INOX (MAQUINA, TESTA E CONTRA-TESTA) E EM ZAMAC (MACANETA, LINGUETA E TRINCOS) COM ACABAMENTO CROMADO, MAQUINA DE 40 MM, INCLUINDO CHAVE TIPO CILINDRO","CJ","CR",91.15]
[38152,"FECHADURA ROSETA REDONDA PARA PORTA EXTERNA, EM ACO INOX (MAQUINA, TESTA E CONTRA-TESTA) E EM ZAMAC (MACANETA, LINGUETA E TRINCOS) COM ACABAMENTO CROMADO, MAQUINA DE 55 MM, INCLUINDO CHAVE TIPO CILINDRO","CJ","CR",147.03]
[43610,"FECHADURA ROSETA REDONDA PARA PORTA INTERNA, EM ACO INOX (MAQUINA, TESTA E CONTRA-TESTA) E EM ZAMAC (MACANETA, LINGUETA E TRINCOS) COM ACABAMENTO CROMADO, MAQUINA DE 40 MM, INCLUINDO CHAVE TIPO INTERNA (CONJUNTO DE FECHADURAS)","CJ","CR",77.91]
[3093,"FECHADURA ROSETA REDONDA PARA PORTA INTERNA, EM ACO INOX (MAQUINA, TESTA E CONTRA-TESTA) E EM ZAMAC (MACANETA, LINGUETA E TRINCOS) COM ACABAMENTO CROMADO, MAQUINA DE 55 MM, INCLUINDO CHAVE TIPO INTERNA","CJ","CR",125.73]
[38165,"FECHO / FECHADURA COM PUXADOR CONCHA, COM TRANCA TIPO TRAVA, PARA JANELA / PORTA DE CORRER (INCLUI TESTA, FECHADURA, PUXADOR) - COMPLETA","CJ","CR",68.97]
[38177,"FECHO / TRINCO TIPO AVIAO, EM ZAMAC CROMADO, *60* MM, PARA JANELAS - INCLUI PARAFUSOS","UN","CR",20.49]
[11458,"FECHO DE SEGURANCA, TIPO BATOM, EM LATAO / ZAMAC, CROMADO, PARA PORTAS E JANELAS - INCLUI PARAFUSOS","UN","CR",24.47]
[3108,"FECHO QUEBRA UNHA, EM LATAO COM ACABAMENTO CROMADO, DE EMBUTIR, COM COMANDO ALAVANCA, ALTURA DE DE 22 CM, LARGURA MINIMA DE 1,90 CM E ESPESSURA MINIMA DE 1,90 MM, PARA PORTAS E JANELAS (INCLUI PARAFUSOS)","UN","CR",104.01]
[3105,"FECHO QUEBRA UNHA, EM LATAO COM ACABAMENTO CROMADO, DE EMBUTIR, COM COMANDO ALAVANCA, ALTURA DE DE 40 CM, LARGURA MINIMA DE 1,90 CM E ESPESSURA MINIMA DE 1,90 MM, PARA PORTAS E JANELAS (INCLUI PARAFUSOS)","UN","CR",136.04]
[38178,"FECHO QUEBRA UNHA, EM LATAO COM ACABAMENTO CROMADO, DE EMBUTIR, COM COMANDO DESLIZANTE, ALTURA DE 12 CM, LARGURA MINIMA DE 1,90 CM E ESPESSURA MINIMA DE 1,90 MM","UN","CR",22.55]
[43575,"FECHO QUEBRA UNHA, EM LATAO COM ACABAMENTO CROMADO, DE EMBUTIR, COM COMANDO DESLIZANTE, ALTURA DE 22 CM, LARGURA MINIMA DE 1,90 CM E ESPESSURA MINIMA DE 1,90 MM","UN","CR",48.86]
[43577,"FECHO QUEBRA UNHA, EM LATAO COM ACABAMENTO CROMADO, DE EMBUTIR, COM COMANDO DESLIZANTE, ALTURA DE 40 CM, LARGURA MINIMA DE 1,90 CM E ESPESSURA MINIMA DE 1,90 MM","UN","CR",84.94]
[43458,"FERRAMENTAS - FAMILIA ALMOXARIFE - HORISTA (ENCARGOS COMPLEMENTARES - COLETADO CAIXA)","H","C",0.04]
[43470,"FERRAMENTAS - FAMILIA ALMOXARIFE - MENSALISTA (ENCARGOS COMPLEMENTARES - COLETADO CAIXA)","MES","C",8.01]
[43459,"FERRAMENTAS - FAMILIA CARPINTEIRO DE FORMAS - HORISTA (ENCARGOS COMPLEMENTARES - COLETADO CAIXA)","H","C",0.25]
[43471,"FERRAMENTAS - FAMILIA CARPINTEIRO DE FORMAS - MENSALISTA (ENCARGOS COMPLEMENTARES - COLETADO CAIXA)","MES","C",41.58]
[43460,"FERRAMENTAS - FAMILIA ELETRICISTA - HORISTA (ENCARGOS COMPLEMENTARES - COLETADO CAIXA)","H","C",0.75]
[43472,"FERRAMENTAS - FAMILIA ELETRICISTA - MENSALISTA (ENCARGOS COMPLEMENTARES - COLETADO CAIXA)","MES","C",125.15]
[43461,"FERRAMENTAS - FAMILIA ENCANADOR - HORISTA (ENCARGOS COMPLEMENTARES - COLETADO CAIXA)","H","C",0.39]
[43473,"FERRAMENTAS - FAMILIA ENCANADOR - MENSALISTA (ENCARGOS COMPLEMENTARES - COLETADO CAIXA)","MES","C",65.06]
[43463,"FERRAMENTAS - FAMILIA ENCARREGADO GERAL - HORISTA (ENCARGOS COMPLEMENTARES - COLETADO CAIXA)","H","C",0.1]
[43475,"FERRAMENTAS - FAMILIA ENCARREGADO GERAL - MENSALISTA (ENCARGOS COMPLEMENTARES - COLETADO CAIXA)","MES","C",17.48]
[43462,"FERRAMENTAS - FAMILIA ENGENHEIRO CIVIL - HORISTA (ENCARGOS COMPLEMENTARES - COLETADO CAIXA)","H","C",0.02]
[43474,"FERRAMENTAS - FAMILIA ENGENHEIRO CIVIL - MENSALISTA (ENCARGOS COMPLEMENTARES - COLETADO CAIXA)","MES","C",3.64]
[43464,"FERRAMENTAS - FAMILIA OPERADOR ESCAVADEIRA - HORISTA (ENCARGOS COMPLEMENTARES - COLETADO CAIXA)","H","C",0.02]
[43476,"FERRAMENTAS - FAMILIA OPERADOR ESCAVADEIRA - MENSALISTA (ENCARGOS COMPLEMENTARES - COLETADO CAIXA)","MES","C",4.16]
[43465,"FERRAMENTAS - FAMILIA PEDREIRO - HORISTA (ENCARGOS COMPLEMENTARES - COLETADO CAIXA)","H","C",0.6]
[43477,"FERRAMENTAS - FAMILIA PEDREIRO - MENSALISTA (ENCARGOS COMPLEMENTARES - COLETADO CAIXA)","MES","C",99.8]
[43466,"FERRAMENTAS - FAMILIA PINTOR - HORISTA (ENCARGOS COMPLEMENTARES - COLETADO CAIXA)","H","C",1.78]
[43478,"FERRAMENTAS - FAMILIA PINTOR - MENSALISTA (ENCARGOS COMPLEMENTARES - COLETADO CAIXA)","MES","C",295.57]
[43467,"FERRAMENTAS - FAMILIA SERVENTE - HORISTA (ENCARGOS COMPLEMENTARES - COLETADO CAIXA)","H","C",0.48]
[43479,"FERRAMENTAS - FAMILIA SERVENTE - MENSALISTA (ENCARGOS COMPLEMENTARES - COLETADO CAIXA)","MES","C",80.37]
[43468,"FERRAMENTAS - FAMILIA SOLDADOR - HORISTA (ENCARGOS COMPLEMENTARES - COLETADO CAIXA)","H","C",1.1399999999999999]
[43480,"FERRAMENTAS - FAMILIA SOLDADOR - MENSALISTA (ENCARGOS COMPLEMENTARES - COLETADO CAIXA)","MES","C",188.92]
[43469,"FERRAMENTAS - FAMILIA TOPOGRAFO - HORISTA (ENCARGOS COMPLEMENTARES - COLETADO CAIXA)","H","C",0.06]
[43481,"FERRAMENTAS - FAMILIA TOPOGRAFO - MENSALISTA (ENCARGOS COMPLEMENTARES - COLETADO CAIXA)","MES","C",11.53]
[45204,"FERRO DE SOLDA, POTENCIA 40 W","UN","CR",48.84]
[3119,"FERROLHO COM FECHO / TRINCO REDONDO, EM ACO GALVANIZADO / ZINCADO, DE SOBREPOR, COM COMPRIMENTO DE 2\" E ESPESSURA MINIMA DA CHAPA DE 0,90 MM, PARA PORTAS E JANELAS","UN","CR",2.65]
[3122,"FERROLHO COM FECHO / TRINCO REDONDO, EM ACO GALVANIZADO / ZINCADO, DE SOBREPOR, COM COMPRIMENTO DE 3\" A 4\" E ESPESSURA MINIMA DA CHAPA DE 0,90 MM","UN","CR",5.39]
[3121,"FERROLHO COM FECHO / TRINCO REDONDO, EM ACO GALVANIZADO / ZINCADO, DE SOBREPOR, COM COMPRIMENTO DE 5\" E ESPESSURA MINIMA DA CHAPA DE 0,90 MM","UN","CR",6.11]
[3120,"FERROLHO COM FECHO / TRINCO REDONDO, EM ACO GALVANIZADO / ZINCADO, DE SOBREPOR, COM COMPRIMENTO DE 6\" E ESPESSURA MINIMA DA CHAPA DE 1,50 MM","UN","CR",11.58]
[11455,"FERROLHO COM FECHO / TRINCO REDONDO, EM ACO GALVANIZADO / ZINCADO, DE SOBREPOR, COM COMPRIMENTO DE 8\" E ESPESSURA MINIMA DA CHAPA DE 1,50 MM","UN","CR",16.75]
[11456,"FERROLHO COM FECHO /TRINCO REDONDO, EM ACO GALVANIZADO / ZINCADO, DE SOBREPOR, COM COMPRIMENTO DE 10\" A 12\" E ESPESSURA MINIMA DA CHAPA DE 1,50 MM","UN","CR",20.02]
[3107,"FERROLHO COM FECHO CHATO E PORTA CADEADO, EM ACO GALVANIZADO / ZINCADO, DE SOBREPOR, COM COMPRIMENTO DE 3\" A 4\", CHAPA COM ESPESSURA MINIMA DE 0,90 MM E LARGURA MINIMA DE 3,20 CM (FECHO SIMPLES / LEVE) (INCLUI PARAFUSOS)","UN","CR",8.44]
[43583,"FERROLHO COM FECHO CHATO E PORTA CADEADO, EM ACO GALVANIZADO / ZINCADO, DE SOBREPOR, COM COMPRIMENTO DE 3\" A 4\", CHAPA COM ESPESSURA MINIMA DE 1,70 MM E LARGURA MINIMA DE 5,00 CM (FECHO REFORCADO)","UN","CR",9.52]
[43586,"FERROLHO COM FECHO CHATO E PORTA CADEADO, EM ACO GALVANIZADO / ZINCADO, DE SOBREPOR, COM COMPRIMENTO DE 5\", CHAPA COM ESPESSURA MINIMA DE 0,90 MM E LARGURA MINIMA DE 3,20 CM (FECHO SIMPLES)","UN","CR",9.76]
[11461,"FERROLHO COM FECHO CHATO E PORTA CADEADO, EM ACO GALVANIZADO / ZINCADO, DE SOBREPOR, COM COMPRIMENTO DE 5\", CHAPA COM ESPESSURA MINIMA DE 1,70 MM E LARGURA MINIMA DE 5,00 CM (FECHO REFORCADO)","UN","CR",10.64]
[43587,"FERROLHO COM FECHO CHATO E PORTA CADEADO, EM ACO GALVANIZADO / ZINCADO, DE SOBREPOR, COM COMPRIMENTO DE 6\", CHAPA COM ESPESSURA MINIMA DE 0,90 MM E LARGURA MINIMA DE 3,80 CM (FECHO SIMPLES)","UN","CR",12.27]
[3106,"FERROLHO COM FECHO CHATO E PORTA CADEADO, EM ACO GALVANIZADO / ZINCADO, DE SOBREPOR, COM COMPRIMENTO DE 6\", CHAPA COM ESPESSURA MINIMA DE 1,70 MM E LARGURA /MINIMA DE 5,00 CM (FECHO REFORCADO) (INCLUI PARAFUSOS)","UN","CR",15.57]
[44539,"FERTILIZANTE NPK - 10:10:10","KG","CR"]
[3123,"FERTILIZANTE NPK - 4: 14: 8","KG","C"]
[38125,"FERTILIZANTE ORGANICO COMPOSTO, CLASSE A","KG","CR",0.9]
[39014,"FIBRA DE ACO PARA REFORCO DO CONCRETO, SOLTA, TIPO A-I, FATOR DE FORMA *50* L / D, COMPRIMENTO DE *30* MM E RESISTENCIA A TRACAO DO ACO MAIOR 1000 MPA","KG","CR"]
[39365,"FILTRO ANAEROBIO, EM POLIETILENO DE ALTA DENSIDADE (PEAD), CAPACIDADE *1100* LITROS (NBR 13969)","UN","CR",2058.36]
[39366,"FILTRO ANAEROBIO, EM POLIETILENO DE ALTA DENSIDADE (PEAD), CAPACIDADE *2800* LITROS (NBR 13969)","UN","CR",3122.87]
[39367,"FILTRO ANAEROBIO, EM POLIETILENO DE ALTA DENSIDADE (PEAD), CAPACIDADE *5000* LITROS (NBR 13969)","UN","CR",5350.83]
[45263,"FILTRO QUIMICO PARA RESPIRADOR SEMI FACIAL, PROTECAO CONTRA VAPORES ORGANICOS E GASES ACIDOS","UN","CR",18.66]
[37394,"FINCAPINO CURTO CALIBRE 22, CARGA MEDIA POTENCIA 5 (PARA FERRAMENTA DE ACAO DIRETA) COR VERMELHA","CENTO","CR"]
[14146,"FINCAPINO LONGO CALIBRE 22, CARGA FORTE POTENCIA 7 (PARA FERRAMENTA DE ACAO DIRETA), COR AMARELA","CENTO","C"]
[938,"FIO DE COBRE, SOLIDO, CLASSE 1, ISOLACAO EM PVC/A, ANTICHAMA BWF-B, 450/750V, SECAO NOMINAL 1,5 MM2","M","CR",1.94]
[937,"FIO DE COBRE, SOLIDO, CLASSE 1, ISOLACAO EM PVC/A, ANTICHAMA BWF-B, 450/750V, SECAO NOMINAL 10 MM2","M","CR",11.31]
[939,"FIO DE COBRE, SOLIDO, CLASSE 1, ISOLACAO EM PVC/A, ANTICHAMA BWF-B, 450/750V, SECAO NOMINAL 2,5 MM2","M","CR",3.14]
[944,"FIO DE COBRE, SOLIDO, CLASSE 1, ISOLACAO EM PVC/A, ANTICHAMA BWF-B, 450/750V, SECAO NOMINAL 4 MM2","M","CR",4.96]
[940,"FIO DE COBRE, SOLIDO, CLASSE 1, ISOLACAO EM PVC/A, ANTICHAMA BWF-B, 450/750V, SECAO NOMINAL 6 MM2","M","CR",7.16]
[44397,"FITA / CINTA AUTOADESIVA ELASTOMERICA PARA VEDACAO, L= 50 MM, E = 3 MM","M","CR",3.45]
[406,"FITA ACO INOX PARA CINTAR POSTE, L = 19 MM, E = 0,5 MM (ROLO DE 30M)","UN","CR",87.79]
[42529,"FITA ADESIVA ALUMINIZADA, PARA INSTALACAO DE MANTAS DE SUBCOBERTURA, L = *5* CM","M","CR"]
[39634,"FITA ADESIVA ANTICORROSIVA DE PVC FLEXIVEL, COR PRETA, PARA PROTECAO TUBULACAO, 50 MM X 30 M (L X C), E= *0,25* MM","M","CR",5.16]
[39701,"FITA ADESIVA ASFALTICA ALUMINIZADA MULTIUSO, L = 10 CM, ROLO DE 10 M","UN","CR",114.06]
[12815,"FITA CREPE ROLO DE *25* MM X 50 M","UN","CR",11.91]
[39431,"FITA DE PAPEL MICROPERFURADO, 50 X 150 MM, PARA TRATAMENTO DE JUNTAS DE CHAPA DE GESSO PARA DRYWALL","M","CR",0.39]
[39432,"FITA DE PAPEL REFORCADA COM LAMINA DE METAL PARA REFORCO DE CANTOS DE CHAPA DE GESSO PARA DRYWALL","M","CR",3.46]
[20111,"FITA ISOLANTE ADESIVA ANTICHAMA, USO ATE 750 V, EM ROLO DE 19 MM X 20 M","UN","C",16.61]
[21127,"FITA ISOLANTE ADESIVA ANTICHAMA, USO ATE 750 V, EM ROLO DE 19 MM X 5 M","UN","CR",6.28]
[404,"FITA ISOLANTE DE BORRACHA AUTOFUSAO, USO ATE 69 KV (ALTA TENSAO), LARGURA DE 19 MM","M","CR",2.2599999999999998]
[14151,"FITA METALICA GRAVADA, L = 17 MM, ROLO DE 25 M, CARGA RECOMENDADA = *120* KGF","UN","CR"]
[14153,"FITA METALICA PERFURADA, L = *18* MM, ROLO DE 30 M, CARGA RECOMENDADA = *30* KGF","UN","CR"]
[14152,"FITA METALICA PERFURADA, L = 17 MM, ROLO DE 30 M, CARGA RECOMENDADA = *19* KGF","UN","CR"]
[14154,"FITA METALICA PERFURADA, L = 25 MM, ROLO DE 30 M, CARGA RECOMENDADA = *222,5* KGF","UN","CR"]
[3146,"FITA VEDA ROSCA, EM PTFE, ROLO DE 18 MM X 10 M (L X C)","UN","C",2.65]
[3143,"FITA VEDA ROSCA, EM PTFE, ROLO DE 18 MM X 25 M (L X C)","UN","CR",6.02]
[3148,"FITA VEDA ROSCA, EM PTFE, ROLO DE 18 MM X 50 M (L X C)","UN","CR",9.77]
[4310,"FIXADOR DE ABA AUTOTRAVANTE PARA TELHA DE FIBROCIMENTO, TIPO CANALETE 90 OU KALHETAO","UN","CR",3.11]
[4311,"FIXADOR DE ABA SIMPLES PARA TELHA DE FIBROCIMENTO, TIPO CANALETA 49 OU KALHETA","UN","CR",2.19]
[4312,"FIXADOR DE ABA SIMPLES PARA TELHA DE FIBROCIMENTO, TIPO CANALETA 90 OU KALHETAO","UN","CR",3.06]
[13261,"FLANELA *30 X 40* CM","UN","CR",2.15]
[3272,"FLANGE SEXTAVADO DE FERRO GALVANIZADO, COM ROSCA BSP, DE 1 1/2\"","UN","CR"]
[3265,"FLANGE SEXTAVADO DE FERRO GALVANIZADO, COM ROSCA BSP, DE 1 1/4\"","UN","CR"]
[3264,"FLANGE SEXTAVADO DE FERRO GALVANIZADO, COM ROSCA BSP, DE 1\"","UN","CR"]
[3262,"FLANGE SEXTAVADO DE FERRO GALVANIZADO, COM ROSCA BSP, DE 1/2\"","UN","CR"]
[3267,"FLANGE SEXTAVADO DE FERRO GALVANIZADO, COM ROSCA BSP, DE 2 1/2\"","UN","CR"]
[3266,"FLANGE SEXTAVADO DE FERRO GALVANIZADO, COM ROSCA BSP, DE 2\"","UN","CR"]
[3268,"FLANGE SEXTAVADO DE FERRO GALVANIZADO, COM ROSCA BSP, DE 3\"","UN","CR"]
[3263,"FLANGE SEXTAVADO DE FERRO GALVANIZADO, COM ROSCA BSP, DE 3/4\"","UN","CR"]
[3271,"FLANGE SEXTAVADO DE FERRO GALVANIZADO, COM ROSCA BSP, DE 4\"","UN","CR"]
[3270,"FLANGE SEXTAVADO DE FERRO GALVANIZADO, COM ROSCA BSP, DE 6\"","UN","CR"]
[45256,"FORMAO CHANFRADO 1\", CABO DE MADEIRA","UN","CR",23.17]
[3275,"FORRO COMPOSTO POR PAINEIS DE LA DE VIDRO, REVESTIDOS EM PVC MICROPERFURADO, DE *1250 X 625* MM, ESPESSURA 15 MM (COM COLOCACAO)","M2","CR",156.36000000000001]
[39512,"FORRO DE FIBRA MINERAL EM PLACAS DE 1250 X 625 MM, E = 15 MM, BORDA RETA, COM PINTURA ANTIMOFO, APOIADO EM PERFIL DE ACO GALVANIZADO COM 24 MM DE BASE - INSTALADO","M2","CR"]
[39511,"FORRO DE FIBRA MINERAL EM PLACAS DE 625 X 625 MM, E = 15 MM, BORDA RETA, COM PINTURA ANTIMOFO, APOIADO EM PERFIL DE ACO GALVANIZADO COM 24 MM DE BASE - INSTALADO","M2","CR"]
[39513,"FORRO DE FIBRA MINERAL EM PLACAS DE 625 X 625 MM, E = 15/16 MM, BORDA REBAIXADA, COM PINTURA ANTIMOFO, APOIADO EM PERFIL DE ACO GALVANIZADO COM 24 MM DE BASE - INSTALADO","M2","CR"]
[3286,"FORRO DE MADEIRA CEDRINHO OU EQUIVALENTE DA REGIAO, ENCAIXE MACHO/FEMEA COM FRISO, *10 X 1* CM (SEM COLOCACAO)","M2","CR"]
[3287,"FORRO DE MADEIRA CUMARU/IPE CHAMPANHE OU EQUIVALENTE DA REGIAO, ENCAIXE MACHO/FEMEA COM FRISO, *10 X 1* CM (SEM COLOCACAO)","M2","CR"]
[3283,"FORRO DE MADEIRA PINUS OU EQUIVALENTE DA REGIAO, ENCAIXE MACHO/FEMEA COM FRISO, *10 X 1* CM (SEM COLOCACAO)","M2","CR"]
[11587,"FORRO DE PVC LISO, BRANCO, REGUA DE 10 CM, ESPESSURA APROXIMADA DE 8 MM (COM COLOCACAO / SEM ESTRUTURA METALICA)","M2","CR",107.22]
[36225,"FORRO DE PVC LISO, BRANCO, REGUA DE 20 CM, ESPESSURA APROXIMADA DE 8 MM, COMPRIMENTO 6 M (SEM COLOCACAO)","M2","CR",43.56]
[36230,"FORRO DE PVC, FRISADO, BRANCO, REGUA DE 10 CM, ESPESSURA APROXIMADA DE 8 MM E COMPRIMENTO 6 M (SEM COLOCACAO)","M2","C",32]
[36238,"FORRO DE PVC, FRISADO, BRANCO, REGUA DE 20 CM, ESPESSURA APROXIMADA DE 8 MM E COMPRIMENTO 6 M (SEM COLOCACAO)","M2","CR",31.27]
[39363,"FOSSA SEPTICA, SEM FILTRO, EM POLIETILENO DE ALTA DENSIDADE (PEAD), PARA 15 A 30 CONTRIBUINTES, CILINDRICA, COM TAMPA, CAPACIDADE APROXIMADA DE *5500* LITROS (NBR 7229)","UN","CR",6067.34]
[39361,"FOSSA SEPTICA, SEM FILTRO, EM POLIETILENO DE ALTA DENSIDADE (PEAD), PARA 4 A 7 CONTRIBUINTES, CILINDRICA, COM TAMPA, CAPACIDADE APROXIMADA DE *1100* LITROS (NBR 7229)","UN","CR",1853.61]
[39362,"FOSSA SEPTICA, SEM FILTRO, EM POLIETILENO DE ALTA DENSIDADE (PEAD), PARA 8 A 14 CONTRIBUINTES, CILINDRICA, COM TAMPA, CAPACIDADE APROXIMADA DE *3000* LITROS (NBR 7229)","UN","CR",3274.51]
[39364,"FOSSA SEPTICA,SEM FILTRO, EM POLIETILENO DE ALTA DENSIDADE (PEAD), PARA 40 A 52 CONTRIBUINTES, CILINDRICA, COM TAMPA, CAPACIDADE APROXIMADA DE *10000* LITROS (NBR 7229)","UN","CR",12797.63]
[14576,"FRESADORA DE ASFALTO A FRIO SOBRE ESTEIRAS, LARG. FRESAGEM 2,00 M, POT. 410 KW/550 HP","UN","CR"]
[13877,"FRESADORA DE ASFALTO A FRIO SOBRE RODAS, LARG. FRESAGEM 1,00 M, POT. 155 KW/208 HP","UN","CR"]
[7307,"FUNDO ANTICORROSIVO PARA METAIS FERROSOS (ZARCAO)","L","CR",44.93]
[38122,"FUNDO PREPARADOR ACRILICO BASE AGUA","L","CR",18.03]
[43653,"FUNDO SINTETICO NIVELADOR BRANCO FOSCO PARA MADEIRA","L","CR",27.34]
[45301,"FURADEIRA ELETRICA DE IMPACTO 1/2\", 600 W","UN","CR"]
[45334,"FURO PARA TORNEIRA OU OUTROS ACESSORIOS EM BANCADA DE MARMORE/ GRANITO OU OUTRO TIPO DE PEDRA NATURAL","UN","CR",27.34]
[34802,"GABIAO MANTA (COLCHAO) MALHA HEXAGONAL 6 X 8 CM (ZN/AL REVESTIDO COM POLIMERO), DIMENSOES 4,0 X 2,0 X 0,17 M (C X L X A) FIO 2 MM","UN","CR",1457.61]
[11588,"GABIAO MANTA (COLCHAO) MALHA HEXAGONAL 6 X 8 CM (ZN/AL REVESTIDO COM POLIMERO), FIO 2 MM, DIMENSOES 4,0 X 2,0 X 0,23 M (C X L X A)","UN","CR",1572.52]
[34383,"GABIAO MANTA (COLCHAO) MALHA HEXAGONAL 6 X 8 CM (ZN/AL REVESTIDO COM POLIMERO), FIO 2 MM, DIMENSOES 4,0 X 2,0 X 0,3 M (C X L X A)","UN","CR",1729.89]
[40451,"GABIAO MANTA (COLCHAO) MALHA HEXAGONAL 6 X 8 CM (ZN/AL REVESTIDO COM POLIMERO), FIO 2,0 MM, DIMENSOES 5,0 X 2,0 X 0,17 M (C X L X A)","M2","CR",139.83000000000001]
[40453,"GABIAO MANTA (COLCHAO) MALHA HEXAGONAL 6 X 8 CM (ZN/AL REVESTIDO COM POLIMERO), FIO 2,0 MM, DIMENSOES 5,0 X 2,0 X 0,23 M (C X L X A)","M2","CR",151.30000000000001]
[40452,"GABIAO MANTA (COLCHAO) MALHA HEXAGONAL 6 X 8 CM (ZN/AL REVESTIDO COM POLIMERO), FIO 2,0 MM, DIMENSOES 5,0 X 2,0 X 0,30 M (C X L X A)","M2","CR",165.96]
[11594,"GABIAO SACO MALHA HEXAGONAL 8 X 10 CM (ZN/AL REVESTIDO COM POLIMERO), FIO 2,4 MM, DIMENSOES 3,0 X 0,65 M","UN","CR",501.21]
[3311,"GABIAO SACO MALHA HEXAGONAL 8 X 10 CM (ZN/AL REVESTIDO COM POLIMERO), FIO 2,4 MM, H = 0,65 M","M3","CR",501.21]
[11599,"GABIAO SACO MALHA HEXAGONAL 8 X 10 CM (ZN/AL), FIO 2,7 MM, DIMENSOES 4,0 X 0,65 M","UN","CR",666.55]
[11593,"GABIAO TIPO CAIXA MALHA HEXAGONAL 8 X 10 CM (ZN/AL REVESTIDO COM POLIMERO), FIO 2,4 MM, DIMENSOES 2,0 X 1,0 X 1,0 M (C X L X A)","UN","CR",934.46]
[3314,"GABIAO TIPO CAIXA MALHA HEXAGONAL 8 X 10 CM (ZN/AL REVESTIDO COM POLIMERO), FIO 2,4 MM, H = 0,50 M","M3","CR",668.33]
[11597,"GABIAO TIPO CAIXA MALHA HEXAGONAL 8 X 10 CM (ZN/AL), FIO 2,7 MM, DIMENSOES 2,0 X 1,0 X 1,0 M (C X L X A)","UN","CR",777.18]
[3309,"GABIAO TIPO CAIXA MALHA HEXAGONAL 8 X 10 CM (ZN/AL), FIO 2,7 MM, H = 0,50 M","M3","CR",530.75]
[40440,"GABIAO TIPO CAIXA PARA SOLO REFORCADO, MALHA HEXAGONAL 8 X 10 CM (ZN/AL REVESTIDO COM POLIMERO), FIO 2,7 MM, DIMENSOES 2,0 X 1,0 X 0,5 M, COM CAUDA DE 4,0 M","M3","CR",696.13]
[40441,"GABIAO TIPO CAIXA PARA SOLO REFORCADO, MALHA HEXAGONAL 8 X 10 CM (ZN/AL REVESTIDO COM POLIMERO), FIO 2,7 MM, DIMENSOES 2,0 X 1,0 X 1,0 M, COM CAUDA DE 4,0 M","M3","CR",444.44]
[34612,"GABIAO TIPO CAIXA PARA SOLO REFORCADO, MALHA HEXAGONAL DE DUPLA TORCAO 8 X 10 CM (ZN/AL REVESTIDO COM POLIMERO), FIO 2,7 MM, DIMENSOES 2,0 X 1,0 X 0,5 M, COM CAUDA DE 3,0 M","UN","CR",961.24]
[34635,"GABIAO TIPO CAIXA PARA SOLO REFORCADO, MALHA HEXAGONAL DE DUPLA TORCAO 8 X 10 CM (ZN/AL REVESTIDO COM POLIMERO), FIO 2,7 MM, DIMENSOES 2,0 X 1,0 X 1,0 M, COM CAUDA DE 3,0 M","UN","CR",1236.1099999999999]
[34633,"GABIAO TIPO CAIXA PARA SOLO REFORCADO, MALHA HEXAGONAL DE DUPLA TORCAO 8 X 10 CM (ZN/AL REVESTIDO COM POLIMERO), FIO 2,7 MM, DIMENSOES 2,0 X 1,0 X 1,0 M, COM CAUDA DE 4,0 M","UN","CR",1362.52]
[40449,"GABIAO TIPO CAIXA TRAPEZOIDAL, MALHA HEXAGONAL 10 X 12 CM (ZN/AL REVESTIDO COM POLIMERO) FIO 2,7 MM, FACE COM 65 GRAUS, COM GEOSSINTETICO, DIMENSOES 2,0 X 1,5 X 1,0 M (C X L X A)","M3","CR",373.63]
[11592,"GABIAO TIPO CAIXA, MALHA HEXAGONAL 8 X 10 CM (ZN/AL REVESTIDO COM POLIMERO), FIO 2,4 MM, DIMENSOES 2,0 X 1,0 X 0,5 M (C X L X A)","UN","CR",668.33]
[34800,"GABIAO TIPO CAIXA, MALHA HEXAGONAL 8 X 10 CM (ZN/AL REVESTIDO COM POLIMERO), FIO DE 2,4 MM, DIMENSOES 2,0 X 1,0 X 1,0 M (C X L X A)","M3","CR",467.22]
[11596,"GABIAO TIPO CAIXA, MALHA HEXAGONAL 8 X 10 CM (ZN/AL), FIO 2,7 MM, DIMENSOES 2,0 X 1,0 X 0,5 M (C X L X A)","UN","CR",530.75]
[40438,"GABIAO TIPO CAIXA, MALHA HEXAGONAL 8 X 10 CM (ZN/AL), FIO DE 2,7 MM, DIMENSOES 2,0 X 1,0 X 1,0 M (C X L X A)","M3","CR",311.27]
[40436,"GABIAO TIPO CAIXA, MALHA HEXAGONAL 8 X 10 CM (ZN/AL), FIO DE 2,7 MM, DIMENSOES 5,0 X 1,0 X 1,0 M (C X L X A)","M3","CR",388.13]
[4315,"GANCHO CHATO EM ACO GALVANIZADO, L = 110 MM, RECOBRIMENTO = 100MM, SECAO 1/8 X 1/2\" (3 MM X 12 MM), PARA FIXAR TELHA DE FIBROCIMENTO ONDULADA","UN","CR",2.25]
[402,"GANCHO OLHAL EM ACO GALVANIZADO, ESPESSURA 16MM, ABERTURA 21MM","UN","CR",22.39]
[4226,"GAS DE COZINHA - GLP","KG","C",8.02]
[4222,"GASOLINA COMUM","L","C",6.03]
[34804,"GEOGRELHA TECIDA COM FILAMENTOS DE POLIESTER + PVC, RESISTENCIA LONGITUDINAL: 90 KN/M, RESISTENCIA TRANSVERSAL: 30 KN/M, ALONGAMENTO = 12 POR CENTO","M2","CR",56.42]
[4013,"GEOTEXTIL NAO TECIDO AGULHADO DE FILAMENTOS CONTINUOS 100% POLIESTER, RESITENCIA A TRACAO = 09 KN/M","M2","CR",8.0399999999999991]
[4011,"GEOTEXTIL NAO TECIDO AGULHADO DE FILAMENTOS CONTINUOS 100% POLIESTER, RESITENCIA A TRACAO = 10 KN/M","M2","CR",8.98]
[4021,"GEOTEXTIL NAO TECIDO AGULHADO DE FILAMENTOS CONTINUOS 100% POLIESTER, RESITENCIA A TRACAO = 14 KN/M","M2","CR",11.21]
[4019,"GEOTEXTIL NAO TECIDO AGULHADO DE FILAMENTOS CONTINUOS 100% POLIESTER, RESITENCIA A TRACAO = 16 KN/M","M2","CR",13.45]
[4012,"GEOTEXTIL NAO TECIDO AGULHADO DE FILAMENTOS CONTINUOS 100% POLIESTER, RESITENCIA A TRACAO = 21 KN/M","M2","CR",18.03]
[4020,"GEOTEXTIL NAO TECIDO AGULHADO DE FILAMENTOS CONTINUOS 100% POLIESTER, RESITENCIA A TRACAO = 26 KN/M","M2","CR",22.57]
[4018,"GEOTEXTIL NAO TECIDO AGULHADO DE FILAMENTOS CONTINUOS 100% POLIESTER, RESITENCIA A TRACAO = 31 KN/M","M2","CR",27.04]
[36498,"GERADOR PORTATIL MONOFASICO, POTENCIA 5500 VA, MOTOR A GASOLINA, POTENCIA DO MOTOR 13 CV","UN","CR"]
[12872,"GESSEIRO (HORISTA)","H","CR",15.51]
[41075,"GESSEIRO (MENSALISTA)","MES","CR",2706.67]
[44324,"GESSO COLA, EM PO, PARA FIXACAO DE MOLDURAS, SANCAS E BLOCOS DE GESSO","KG","CR",3.43]
[3315,"GESSO EM PO PARA REVESTIMENTOS/MOLDURAS/SANCAS E USO GERAL","KG","CR",0.99]
[36870,"GESSO PROJETADO","KG","CR",0.77]
[5092,"GONZO DE EMBUTIR, EM LATAO / ZAMAC, *20 X 48* MM, PARA JANELA BASCULANTE / PIVOTANTE, JOGO COM 4 PECAS (PAR) - INCLUI PARAFUSOS","PAR","CR",17.55]
[11462,"GONZO DE SOBREPOR, EM LATAO / ZAMAC, PARA JANELA PIVOTANTE - INCLUI PARAFUSOS","PAR","CR",17.940000000000001]
[36529,"GRADE DE DISCOS COM CONTROLE REMOTO, REBOCAVEL, COM 24 DISCOS 24\" X 6 MM, COM PNEUS PARA TRANSPORTE","UN","CR"]
[3318,"GRADE DE DISCOS MECANICA 20X24\" COM 20 DISCOS 24\" X 6MM COM PNEUS PARA TRANSPORTE","UN","C"]
[3324,"GRAMA BATATAIS EM PLACAS, SEM PLANTIO","M2","CR",12.49]
[3322,"GRAMA ESMERALDA OU SAO CARLOS OU CURITIBANA, EM PLACAS, SEM PLANTIO","M2","C",17.5]
[5076,"GRAMPO DE ACO POLIDO 1\" X 9","KG","CR",23.63]
[5077,"GRAMPO DE ACO POLIDO 7/8\" X 9","KG","CR",26.12]
[45242,"GRAMPO DE APERTO RAPIDO 18\"","UN","CR",54.05]
[11837,"GRAMPO LINHA VIVA DE LATAO ESTANHADO, DIAMETRO DO CONDUTOR PRINCIPAL DE 10 A 120 MM2, DIAMETRO DA DERIVACAO DE 10 A 70 MM2","UN","CR",47.24]
[415,"GRAMPO METALICO TIPO OLHAL PARA HASTE DE ATERRAMENTO DE 1\", CONDUTOR DE *10* A 50 MM2","UN","CR",19.37]
[38055,"GRAMPO METALICO TIPO OLHAL PARA HASTE DE ATERRAMENTO DE 1/2\", CONDUTOR DE *10* A 50 MM2","UN","CR",4.28]
[416,"GRAMPO METALICO TIPO OLHAL PARA HASTE DE ATERRAMENTO DE 3/4\", CONDUTOR DE *10* A 50 MM2","UN","CR",7.09]
[425,"GRAMPO METALICO TIPO OLHAL PARA HASTE DE ATERRAMENTO DE 5/8\", CONDUTOR DE *10* A 50 MM2","UN","CR",4.3899999999999997]
[426,"GRAMPO METALICO TIPO U PARA HASTE DE ATERRAMENTO DE ATE 3/4\", CONDUTOR DE 10 A 25 MM2","UN","CR",24.21]
[38056,"GRAMPO METALICO TIPO U PARA HASTE DE ATERRAMENTO DE ATE 5/8\", CONDUTOR DE 10 A 25 MM2","UN","CR",23.64]
[1564,"GRAMPO PARALELO METALICO PARA CABO DE 6 A 50 MM2, COM 2 PARAFUSOS","UN","CR",9.02]
[11032,"GRAMPO U DE 5/8\" N8 EM ACO GALVANIZADO","UN","CR",12.7]
[36786,"GRANALHA DE ACO, ANGULAR (GRIT), PARA JATEAMENTO, PENEIRA 0,117 A 1,00 MM, (SAE G-40 A G-80)","SC25KG","CR"]
[36785,"GRANALHA DE ACO, ANGULAR (GRIT), PARA JATEAMENTO, PENEIRA 1,41 A 1,19 MM (SAE G16)","SC25KG","CR"]
[36782,"GRANALHA DE ACO, ESFERICA (SHOT), PARA JATEAMENTO, PENEIRA 0,40 A 1,00 MM (SAE S-170 A S-280)","SC25KG","CR"]
[44481,"GRANALHA DE ACO, ESFERICA (SHOT), PARA JATEAMENTO, PENEIRA 1,19 A 1,00 MM (SAE S390)","SC25KG","C"]
[4824,"GRANILHA/ GRANA/ PEDRISCO OU AGREGADO EM MARMORE/ GRANITO/ QUARTZO E CALCARIO, PRETO, CINZA, PALHA OU BRANCO","KG","CR",0.72]
[11795,"GRANITO PARA BANCADA, POLIDO, TIPO ANDORINHA/ QUARTZ/ CASTELO/ CORUMBA OU OUTROS EQUIVALENTES DA REGIAO, E= *2,5* CM","M2","CR",664.15]
[134,"GRAUTE CIMENTICIO PARA USO GERAL","KG","CR",2.2599999999999998]
[4229,"GRAXA LUBRIFICANTE A BASE DE LITIO, DE MULTIPLAS APLICACOES E CONTENDO ADITIVOS DE EXTREMA PRESSAO (GRAU DE VISCOSIDADE NLGI 2)","KG","CR",47.37]
[11731,"GRELHA FIXA, EM PVC BRANCA, QUADRADA, 150 X 150 MM, PARA RALOS E CAIXAS","UN","CR",8.6]
[11732,"GRELHA FIXA, PVC CROMADA, REDONDA, 150 MM, PARA RALOS E CAIXAS","UN","CR",22.53]
[11244,"GRELHA FOFO ARTICULADA, CARGA MAXIMA 1,5 T, *300 X 1000* MM, E= *15* MM","UN","CR"]
[11235,"GRELHA FOFO SIMPLES COM REQUADRO, CARGA MAXIMA 1,5 T, 150 X 1000 MM, E= *15* MM","UN","CR"]
[11236,"GRELHA FOFO SIMPLES COM REQUADRO, CARGA MAXIMA 1,5 T, 200 X 1000 MM, E= *15* MM","UN","CR"]
[11245,"GRELHA FOFO SIMPLES COM REQUADRO, CARGA MAXIMA 12,5 T, *300 X 1000* MM, E= *15* MM, AREA ESTACIONAMENTO CARRO PASSEIO","UN","CR"]
[36494,"GRUA ASCENCIONAL, LANCA DE 30 M, CAPACIDADE DE 1,0 T A 30 M, ALTURA ATE 39 M","UN","CR"]
[36493,"GRUA ASCENCIONAL, LANCA DE 42 M, CAPACIDADE DE 1,5 T A 30 M, ALTURA ATE 39 M","UN","CR"]
[13333,"GRUPO GERADOR DE SOLDA ELETRICA, COM MAQUINA DE SOLDA, ATE 400 AMPERES E GERADOR A DIESEL 60 CV, MOTOR 4 CILINDROS, TANQUE COMBUST., CARENAGEM DE PROTECAO SOBRE RODAS","UN","CR"]
[39588,"GRUPO GERADOR DIESEL, COM CARENAGEM, POTENCIA STANDART ENTRE 250 E 260 KVA, VELOCIDADE DE 1800 RPM, FREQUENCIA DE 60 HZ","UN","CR"]
[14254,"GRUPO GERADOR DIESEL, SEM CARENAGEM, POTENCIA STANDART ENTRE 80 E 90 KVA, VELOCIDADE DE 1800 RPM, FREQUENCIA DE 60 HZ","UN","C"]
[25019,"GRUPO GERADOR ESTACIONARIO, MOTOR DIESEL POTENCIA 170 KVA","UN","CR"]
[36501,"GRUPO GERADOR ESTACIONARIO, POTENCIA 150 KVA, MOTOR DIESEL","UN","CR"]
[36500,"GRUPO GERADOR REBOCAVEL, POTENCIA *66* KVA, MOTOR A DIESEL","UN","CR"]
[20017,"GUARNICAO / ALIZAR / VISTA LISA EM MADEIRA MACICA, PARA PORTA, E = *1* CM, L = *5* CM, CEDRINHO / ANGELIM COMERCIAL / TAURI/ CURUPIXA / PEROBA / CUMARU OU EQUIVALENTE DA REGIAO","M","CR",7.6]
[20007,"GUARNICAO / ALIZAR / VISTA LISA EM MADEIRA MACICA, PARA PORTA, E = *1* CM, L = *5* CM, PINUS /EUCALIPTO / VIROLA OU EQUIVALENTE DA REGIAO","M","CR",4.53]
[39831,"GUARNICAO / ALIZAR / VISTA, E = *1,5* CM, L = *5,0* CM, EM POLIESTIRENO, BRANCO (JOGO PARA 1 FACE)","JG","CR"]
[36888,"GUARNICAO / MOLDURA / ARREMATE DE ACABAMENTO PARA ESQUADRIA, EM ALUMINIO PERFIL 25, ACABAMENTO ANODIZADO BRANCO OU BRILHANTE, PARA 1 FACE","M","CR",41.6]
[39836,"GUARNICAO/ALIZAR/VISTA, E = *1,3* CM, L = *5,0* CM HASTE REGULAVEL = *35* MM, EM MDF/PVC WOOD/ POLIESTIRENO OU MADEIRA LAMINADA, PRIMER BRANCO (JOGO PARA 1 FACE)","JG","CR"]
[39830,"GUARNICAO/ALIZAR/VISTA, E = *1,3* CM, L = *7,0* CM, EM POLIESTIRENO, BRANCO (JOGO PARA 1 FACE)","JG","CR"]
[36487,"GUINCHO ELETRICO DE COLUNA, CAPACIDADE 400 KG, COM MOTO FREIO, MOTOR TRIFASICO DE 1,25 CV","UN","CR"]
[44475,"GUINDASTE HIDRAULICO AUTOPROPELIDO, COM LANCA TELESCOPICA 28,80 M, CAPACIDADE MAXIMA 30 T, POTENCIA 97 KW, TRACAO 4 X 4","UN","CR"]
[44474,"GUINDASTE HIDRAULICO AUTOPROPELIDO, COM LANCA TELESCOPICA 40 M, CAPACIDADE MAXIMA 60 T, POTENCIA 260 KW, TRACAO 6 X 6","UN","CR"]
[37775,"GUINDAUTO HIDRAULICO, CAPACIDADE MAXIMA DE CARGA 14340 KG, MOMENTO MAXIMO DE CARGA 42,3 TM, ALCANCE MAXIMO HORIZONTAL 16,80 M, PARA MONTAGEM SOBRE CHASSI DE CAMINHAO PBT MINIMO 23000 KG (INCLUI MONTAGEM, NAO INCLUI CAMINHAO)","UN","CR"]
[10712,"GUINDAUTO HIDRAULICO, CAPACIDADE MAXIMA DE CARGA 3300 KG, MOMENTO MAXIMO DE CARGA 5,8 TM, ALCANCE MAXIMO HORIZONTAL 7,60 M, PARA MONTAGEM SOBRE CHASSI DE CAMINHAO PBT MINIMO 8000 KG (INCLUI MONTAGEM, NAO INCLUI CAMINHAO)","UN","CR"]
[3363,"GUINDAUTO HIDRAULICO, CAPACIDADE MAXIMA DE CARGA 6200 KG, MOMENTO MAXIMO DE CARGA 11,7 TM, ALCANCE MAXIMO HORIZONTAL 9,70 M, PARA MONTAGEM SOBRE CHASSI DE CAMINHAO PBT MINIMO 13000 KG (INCLUI MONTAGEM, NAO INCLUI CAMINHAO)","UN","C"]
[3365,"GUINDAUTO HIDRAULICO, CAPACIDADE MAXIMA DE CARGA 8500 KG, MOMENTO MAXIMO DE CARGA 30,4 TM, ALCANCE MAXIMO HORIZONTAL 14,30 M, PARA MONTAGEM SOBRE CHASSI DE CAMINHAO PBT MINIMO 23000 KG (INCLUI MONTAGEM, NAO INCLUI CAMINHAO)","UN","CR"]
[7569,"HASTE ANCORA EM ACO GALVANIZADO, DIMENSOES 16 MM X 2000 MM","UN","CR",104.57]
[3378,"HASTE DE ATERRAMENTO EM ACO COM 3,00 M DE COMPRIMENTO E DN = 3/4\", REVESTIDA COM BAIXA CAMADA DE COBRE, SEM CONECTOR","UN","CR",68.569999999999993]
[3380,"HASTE DE ATERRAMENTO EM ACO COM 3,00 M DE COMPRIMENTO E DN = 5/8\", REVESTIDA COM BAIXA CAMADA DE COBRE, COM CONECTOR TIPO GRAMPO","UN","C",48]
[3379,"HASTE DE ATERRAMENTO EM ACO COM 3,00 M DE COMPRIMENTO E DN = 5/8\", REVESTIDA COM BAIXA CAMADA DE COBRE, SEM CONECTOR","UN","CR",46.34]
[11991,"HASTE DE ATERRAMENTO EM ACO GALVANIZADO TIPO CANTONEIRA COM 2,00 M DE COMPRIMENTO, 25 X 25 MM E CHAPA DE 3/16\"","UN","CR",53.8]
[44305,"HASTE PARA PERFURATRIZ DE ESTEIRA T38, D= 1 1/2\" X *3 M*, PARA PROLONGAR BROCA","UN","CR"]
[34349,"HASTE RETA DE ACO GALVANIZADO, H = *30* CM, BASE RETANGULAR, PARA FIXACAO DE CONCERTINA SIMPLES DE 30 CM (NAO INCLUI OS FIXADORES)","UN","CR",32.049999999999997]
[11029,"HASTE RETA PARA GANCHO DE FERRO GALVANIZADO, COM ROSCA 1/4\" X 30 CM PARA FIXACAO DE TELHA METALICA, INCLUI PORCA E ARRUELAS DE VEDACAO","CJ","CR",1.94]
[4316,"HASTE RETA PARA GANCHO DE FERRO GALVANIZADO, COM ROSCA 1/4\" X 40 CM PARA FIXACAO DE TELHA DE FIBROCIMENTO, INCLUI PORCA SEXTAVADA DE ZINCO","UN","CR",1.97]
[4313,"HASTE RETA PARA GANCHO DE FERRO GALVANIZADO, COM ROSCA 5/16\" X 35 CM PARA FIXACAO DE TELHA DE FIBROCIMENTO, INCLUI PORCA E ARRUELAS DE VEDACAO","CJ","CR",2.82]
[4317,"HASTE RETA PARA GANCHO DE FERRO GALVANIZADO, COM ROSCA 5/16\" X 40 CM PARA FIXACAO DE TELHA DE FIBROCIMENTO, INCLUI PORCA SEXTAVADA DE ZINCO","UN","CR",3.21]
[4314,"HASTE RETA PARA GANCHO DE FERRO GALVANIZADO, COM ROSCA 5/16\" X 45 CM PARA FIXACAO DE TELHA DE FIBROCIMENTO, INCLUI PORCA E ARRUELAS DE VEDACAO","CJ","CR",3.76]
[10921,"HIDRANTE DE COLUNA COMPLETO, EM FERRO FUNDIDO, DN = 100 MM, COM REGISTRO, CUNHA DE BORRACHA, CURVA DESSIMETRICA, EXTREMIDADE E TAMPAS (INCLUI KIT FIXACAO)","UN","C"]
[10922,"HIDRANTE DE COLUNA COMPLETO, EM FERRO FUNDIDO, DN = 75 MM, COM REGISTRO, CUNHA DE BORRACHA, CURVA DESSIMETRICA, EXTREMIDADE E TAMPAS (INCLUI KIT FIXACAO)","UN","CR"]
[10923,"HIDRANTE SUBTERRANEO, EM FERRO FUNDIDO, COM CURVA CURTA E CAIXA, DN 75 MM","UN","CR"]
[10924,"HIDRANTE SUBTERRANEO, EM FERRO FUNDIDO, COM CURVA LONGA E CAIXA, DN 75 MM","UN","CR"]
[12772,"HIDROMETRO MULTIJATO / MEDIDOR DE AGUA, DN 1 1/2\", VAZAO MAXIMA DE 20 M3/H, PARA AGUA POTAVEL FRIA, RELOJOARIA PLANA, CLASSE B, HORIZONTAL (SEM CONEXOES)","UN","CR"]
[12770,"HIDROMETRO MULTIJATO / MEDIDOR DE AGUA, DN 1\", VAZAO MAXIMA DE 10 M3/H, PARA AGUA POTAVEL FRIA, RELOJOARIA PLANA, CLASSE B, HORIZONTAL (SEM CONEXOES)","UN","CR"]
[12775,"HIDROMETRO MULTIJATO / MEDIDOR DE AGUA, DN 1\", VAZAO MAXIMA DE 7 M3/H, PARA AGUA POTAVEL FRIA, RELOJOARIA PLANA, CLASSE B, HORIZONTAL (SEM CONEXOES)","UN","CR"]
[12768,"HIDROMETRO MULTIJATO / MEDIDOR DE AGUA, DN 2\", VAZAO MAXIMA DE 30 M3/H, PARA AGUA POTAVEL FRIA, RELOJOARIA PLANA, CLASSE B, HORIZONTAL (SEM CONEXOES)","UN","CR"]
[12769,"HIDROMETRO UNIJATO / MEDIDOR DE AGUA, DN 1/2\", VAZAO MAXIMA DE 1,5 M3/H, PARA AGUA POTAVEL FRIA, RELOJOARIA PLANA, CLASSE B, HORIZONTAL (SEM CONEXOES)","UN","C"]
[12773,"HIDROMETRO UNIJATO / MEDIDOR DE AGUA, DN 1/2\", VAZAO MAXIMA DE 3 M3/H, PARA AGUA POTAVEL FRIA, RELOJOARIA PLANA, CLASSE B, HORIZONTAL (SEM CONEXOES)","UN","CR"]
[12774,"HIDROMETRO UNIJATO / MEDIDOR DE AGUA, DN 3/4\", VAZAO MAXIMA DE 5 M3/H, PARA AGUA POTAVEL FRIA, RELOJOARIA PLANA, CLASSE B, HORIZONTAL (SEM CONEXOES)0,","UN","CR"]
[12776,"HIDROMETRO WOLTMANN, DN 2\", VAZAO MAXIMA DE 50 M3/H, PARA AGUA POTAVEL FRIA, RELOJOARIA PLANA, TURBINA HORIZONTAL, EQUIPADO COM TELEMETRIA (SEM CONEXOES)","UN","CR"]
[12777,"HIDROMETRO WOLTMANN, DN 3\", VAZAO MAXIMA DE 80 M3/H, PARA AGUA POTAVEL FRIA, RELOJOARIA PLANA, TURBINA HORIZONTAL, EQUIPADO COM TELEMETRIA (SEM CONEXOES)","UN","CR"]
[12873,"IMPERMEABILIZADOR (HORISTA)","H","CR",20.7]
[41076,"IMPERMEABILIZADOR (MENSALISTA)","MES","CR",3610.89]
[140,"IMPERMEABILIZANTE FLEXIVEL BRANCO DE BASE ACRILICA PARA COBERTURAS","KG","CR",25.29]
[151,"IMPERMEABILIZANTE INCOLOR, BASE SILICONE, PARA TRATAMENTO DE FACHADAS, TELHAS, PEDRAS E OUTRAS SUPERFICIES","L","CR",37.32]
[7340,"IMUNIZANTE PARA MADEIRA, INCOLOR","L","CR",35.270000000000003]
[40929,"INSTALADOR DE TUBULACOES (TUBOS/EQUIPAMENTOS) (MENSALISTA)","MES","CR",3648.92]
[2701,"INSTALADOR DE TUBULACOES - TUBOS/EQUIPAMENTOS (HORISTA)","H","CR",20.92]
[38064,"INTERRUPTOR BIPOLAR 10A, 250V, CONJUNTO MONTADO PARA EMBUTIR 4\" X 2\" (PLACA + SUPORTE + MODULO)","UN","CR",28.16]
[38114,"INTERRUPTOR BIPOLAR SIMPLES 10 A, 250 V (APENAS MODULO)","UN","CR",25.19]
[38115,"INTERRUPTOR INTERMEDIARIO 10 A, 250 V (APENAS MODULO)","UN","CR",26.89]
[38065,"INTERRUPTOR INTERMEDIARIO 10A, 250V, CONJUNTO MONTADO PARA EMBUTIR 4\" X 2\" (PLACA + SUPORTE + MODULO)","UN","CR",39.96]
[38078,"INTERRUPTOR PARALELO + TOMADA 2P+T 10A, 250V, CONJUNTO MONTADO PARA EMBUTIR 4\" X 2\" (PLACA + SUPORTE + MODULOS)","UN","CR",23.31]
[38113,"INTERRUPTOR PARALELO 10A, 250V (APENAS MODULO)","UN","CR",12.66]
[38063,"INTERRUPTOR PARALELO 10A, 250V, CONJUNTO MONTADO PARA EMBUTIR 4\" X 2\" (PLACA + SUPORTE + MODULO)","UN","CR",13.59]
[38073,"INTERRUPTOR SIMPLES + 2 INTERRUPTORES PARALELOS 10A, 250V, CONJUNTO MONTADO PARA EMBUTIR 4\" X 2\" (PLACA + SUPORTE + MODULOS)","UN","CR",32.96]
[38080,"INTERRUPTOR SIMPLES + INTERRUPTOR PARALELO + TOMADA 2P+T 10A, 250V, CONJUNTO MONTADO PARA EMBUTIR 4\" X 2\" (PLACA + SUPORTE + MODULOS)","UN","CR",40.479999999999997]
[38069,"INTERRUPTOR SIMPLES + INTERRUPTOR PARALELO 10A, 250V, CONJUNTO MONTADO PARA EMBUTIR 4\" X 2\" (PLACA + SUPORTE + MODULOS)","UN","CR",22.14]
[38077,"INTERRUPTOR SIMPLES + TOMADA 2P+T 10A, 250V, CONJUNTO MONTADO PARA EMBUTIR 4\" X 2\" (PLACA + SUPORTE + MODULOS)","UN","CR",21.64]
[38112,"INTERRUPTOR SIMPLES 10A, 250V (APENAS MODULO)","UN","CR",9.7200000000000006]
[38062,"INTERRUPTOR SIMPLES 10A, 250V, CONJUNTO MONTADO PARA EMBUTIR 4\" X 2\" (PLACA + SUPORTE + MODULO)","UN","CR",9.98]
[12129,"INTERRUPTOR SIMPLES 10A, 250V, CONJUNTO MONTADO PARA SOBREPOR 4\" X 2\" (CAIXA + 2 MODULOS)","UN","CR",17.63]
[12128,"INTERRUPTOR SIMPLES 10A, 250V, CONJUNTO MONTADO PARA SOBREPOR 4\" X 2\" (CAIXA + MODULO)","UN","CR",13.34]
[38081,"INTERRUPTORES PARALELOS (2 MODULOS) + TOMADA 2P+T 10A, 250V, CONJUNTO MONTADO PARA EMBUTIR 4\" X 2\" (PLACA + SUPORTE + MODULOS)","UN","CR",34.340000000000003]
[38070,"INTERRUPTORES PARALELOS (2 MODULOS) 10A, 250V, CONJUNTO MONTADO PARA EMBUTIR 4\" X 2\" (PLACA + SUPORTE + MODULOS)","UN","CR",23.66]
[38074,"INTERRUPTORES PARALELOS (3 MODULOS) 10A, 250V, CONJUNTO MONTADO PARA EMBUTIR 4\" X 2\" (PLACA + SUPORTE + MODULO)","UN","CR",35.979999999999997]
[38072,"INTERRUPTORES SIMPLES (2 MODULOS) + 1 INTERRUPTOR PARALELO 10A, 250V, CONJUNTO MONTADO PARA EMBUTIR 4\" X 2\" (PLACA + SUPORTE + MODULOS)","UN","CR",29.68]
[38079,"INTERRUPTORES SIMPLES (2 MODULOS) + TOMADA 2P+T 10A, 250V, CONJUNTO MONTADO PARA EMBUTIR 4\" X 2\" (PLACA + SUPORTE + MODULOS)","UN","CR",30.88]
[38068,"INTERRUPTORES SIMPLES (2 MODULOS) 10A, 250V, CONJUNTO MONTADO PARA EMBUTIR 4\" X 2\" (PLACA + SUPORTE + MODULOS)","UN","CR",20.49]
[38071,"INTERRUPTORES SIMPLES (3 MODULOS) 10A, 250V, CONJUNTO MONTADO PARA EMBUTIR 4\" X 2\" (PLACA + SUPORTE + MODULOS)","UN","CR",24.49]
[45279,"INVERSOR DE SOLDA MONOFASICO DE 160 A, POTENCIA DE *7000* W, TENSAO DE 220 V, TURBO VENTILADO, PROTECAO POR TERMOSTATO, PARA ELETRODOS DE *2,0 A 4,0* MM","UN","C",1081.4000000000001]
[3405,"ISOLADOR DE PORCELANA SUSPENSO, DISCO TIPO GARFO OLHAL, DIAMETRO DE 152 MM, PARA TENSAO DE *15* KV","UN","CR",35.08]
[3394,"ISOLADOR DE PORCELANA, TIPO BUCHA, PARA TENSAO DE *15* KV","UN","CR",185.21]
[3393,"ISOLADOR DE PORCELANA, TIPO BUCHA, PARA TENSAO DE *35* KV","UN","CR",315.35000000000002]
[3406,"ISOLADOR DE PORCELANA, TIPO PINO MONOCORPO, PARA TENSAO DE *15* KV","UN","C",10.74]
[3395,"ISOLADOR DE PORCELANA, TIPO PINO MONOCORPO, PARA TENSAO DE *35* KV","UN","CR",45.3]
[3398,"ISOLADOR DE PORCELANA, TIPO ROLDANA, DIMENSOES DE *72* X *72* MM, PARA USO EM BAIXA TENSAO","UN","CR",2.15]
[40662,"JANELA BASCULANTE EM MADEIRA PINUS/ EUCALIPTO/ TAUARI/ VIROLA OU EQUIVALENTE DA REGIAO, *60 X 60*, CAIXA DO BATENTE/ MARCO E = *10* CM, 2 BASCULAS PARA VIDRO, COM FERRAGENS (SEM VIDRO, SEM GUARNICAO/ALIZAR E SEM ACABAMENTO)","UN","CR",178.38]
[3437,"JANELA BASCULANTE EM MADEIRA PINUS/ EUCALIPTO/ TAUARI/ VIROLA OU EQUIVALENTE DA REGIAO, CAIXA DO BATENTE/ MARCO *10* CM, *2* FOLHAS BASCULANTES PARA VIDRO, COM FERRAGENS (SEM VIDRO, SEM GUARNICAO/ALIZAR E SEM ACABAMENTO)","M2","CR",495.5]
[11190,"JANELA BASCULANTE, ACO, COM BATENTE/REQUADRO, 60 X 60 CM (SEM VIDROS)","UN","C"]
[34377,"JANELA BASCULANTE, EM ALUMINIO PERFIL 20, 80 X 60 CM (A X L), 4 FLS (1 FIXA E 3 MOVEIS), ACABAMENTO BRANCO OU BRILHANTE, BATENTE DE 3 A 4 CM, COM VIDRO 4 MM, SEM GUARNICAO","UN","CR",292.93]
[40659,"JANELA DE 6 FOLHAS DE CORRER EM MADEIRA CEDRINHO/ ANGELIM COMERCIAL/ CURUPIXA/ CUMARU OU EQUIVALENTE DA REGIAO, CAIXA DO BATENTE/MARCO *10* CM, 2 FOLHAS DE CORRER VENEZIANA, 2 FOLHAS FIXAS VENEZIANA E 2 FOLHAS DE CORRER PARA VIDRO, COM FERRAGENS (SEM VIDRO, SEM ACABAMENTO E SEM GUARNICAO/ALIZAR)","M2","CR",701.07]
[40660,"JANELA DE 6 FOLHAS DE CORRER EM MADEIRA IMBUIA/CEDRO ARANA/CEDRO ROSA OU EQUIVALENTE DA REGIAO, CAIXA DO BATENTE/MARCO *10* CM, 2 FOLHAS DE CORRER VENEZIANA, 2 FOLHAS FIXAS VENEZIANA E 2 FOLHAS DE CORRER PARA VIDRO, COM FERRAGENS (SEM VIDRO, SEM ACABAMENTO E SEM GUARNICAO/ALIZAR)","M2","CR",888.52]
[40661,"JANELA DE 6 FOLHAS DE CORRER EM MADEIRA PINUS/ EUCALIPTO/ TAUARI/ VIROLA OU EQUIVALENTE DA REGIAO, CAIXA DO BATENTE/MARCO *10* CM, 2 FOLHAS DE CORRER VENEZIANA, 2 FOLHAS FIXAS VENEZIANA E 2 FOLHAS DE CORRER PARA VIDRO, COM FERRAGENS (SEM VIDRO, SEM ACABAMENTO E SEM GUARNICAO/ALIZAR)","M2","CR",546.29]
[3428,"JANELA DE ABRIR EM MADEIRA IMBUIA/CEDRO ARANA/CEDRO ROSA OU EQUIVALENTE DA REGIAO, CAIXA DO BATENTE/MARCO *10* CM, 2 FOLHAS DE ABRIR TIPO VENEZIANA E 2 FOLHAS DE ABRIR PARA VIDRO, COM GUARNICAO/ALIZAR, COM FERRAGENS, (SEM VIDRO E SEM ACABAMENTO)","M2","C",735]
[3429,"JANELA DE ABRIR EM MADEIRA PINUS/EUCALIPTO/TAUARI/VIROLA OU EQUIVALENTE DA REGIAO, CAIXA DO BATENTE/MARCO *10* CM, 2 FOLHAS DE ABRIR TIPO VENEZIANA E 2 FOLHAS GUILHOTINA PARA VIDRO, COM FERRAGENS (SEM VIDRO, SEM GUARNICAO/ALIZAR E SEM ACABAMENTO)","M2","CR",419.94]
[11199,"JANELA DE CORRER, ACO, BATENTE/REQUADRO DE 6 A 14 CM, COM DIVISAO HORIZ, PINT ANTICORROSIVA, SEM VIDRO, BANDEIRA COM BASCULA, 4 FLS, 120 X 150 CM (A X L)","UN","CR"]
[36896,"JANELA DE CORRER, EM ALUMINIO PERFIL 25, 100 X 120 CM (A X L), 2 FLS MOVEIS, SEM BANDEIRA, ACABAMENTO BRANCO OU BRILHANTE, BATENTE DE 6 A 7 CM, COM VIDRO 4 MM, SEM GUARNICAO","UN","C",567.35]
[34367,"JANELA DE CORRER, EM ALUMINIO PERFIL 25, 100 X 150 CM (A X L), 2 FLS MOVEIS, SEM BANDEIRA, ACABAMENTO BRANCO OU BRILHANTE, BATENTE DE 6 A 7 CM, COM VIDRO 4 MM, SEM GUARNICAO","UN","CR",731.23]
[36897,"JANELA DE CORRER, EM ALUMINIO PERFIL 25, 100 X 150 CM (A X L), 4 FLS MOVEIS, SEM BANDEIRA, ACABAMENTO BRANCO OU BRILHANTE, BATENTE DE 6 A 7 CM, COM VIDRO 4 MM, SEM GUARNICAO/ALIZAR","UN","CR",885.34]
[34369,"JANELA DE CORRER, EM ALUMINIO PERFIL 25, 100 X 200 CM (A X L), 4 FLS, SEM BANDEIRA, ACABAMENTO BRANCO OU BRILHANTE, BATENTE DE 6 A 7 CM, COM VIDRO 4 MM, SEM GUARNICAO/ALIZAR","UN","CR",1018.86]
[34364,"JANELA DE CORRER, EM ALUMINIO PERFIL 25, 120 X 150 CM (A X L), 4 FLS, BANDEIRA COM BASCULA, ACABAMENTO BRANCO OU BRILHANTE, BATENTE/REQUADRO DE 6 A 14 CM, COM VIDRO 4 MM, SEM GUARNICAO/ALIZAR","UN","CR",961.17]
[3421,"JANELA EM MADEIRA CEDRINHO/ ANGELIM COMERCIAL/ CURUPIXA/ CUMARU OU EQUIVALENTE DA REGIAO, CAIXA DO BATENTE/MARCO *10* CM, 2 FOLHAS DE ABRIR TIPO VENEZIANA E 2 FOLHAS GUILHOTINA PARA VIDRO, COM GUARNICAO/ALIZAR, COM FERRAGENS (SEM VIDRO E SEM ACABAMENTO)","M2","CR",550.47]
[599,"JANELA FIXA, EM ALUMINIO PERFIL 20, 60 X 80 CM (A X L), BATENTE/REQUADRO DE 3 A 14 CM, COM VIDRO 4 MM, SEM GUARNICAO/ALIZAR, ACABAMENTO ALUM BRANCO OU BRILHANTE","M2","CR",1034.72]
[44053,"JANELA INTEGRADA VENEZIANA EM ALUMINIO PERFIL 25, 120 X 120 CM (A X L), 2 FLS (2 VIDROS) E VENEZIANA COM ACIONAMENTO MANUAL, SEM BANDEIRA, ACABAMENTO BRILHANTE, BATENTE DE 11,50 A 12,50 CM, COM VIDRO 4 MM, INCLUSO GUARNICAO","UN","CR",2296.6]
[3423,"JANELA MAXIM-AR EM MADEIRA CEDRINHO/ ANGELIM COMERCIAL/ CURUPIXA/ CUMARU OU EQUIVALENTE DA REGIAO, CAIXA DO BATENTE/MARCO *10* CM, 1 FOLHA PARA VIDRO, COM GUARNICAO/ALIZAR, COM FERRAGENS, (SEM VIDRO E SEM ACABAMENTO)","M2","CR",776.29]
[34797,"JANELA MAXIM-AR, ACO GALVANIZADO PINT. ANTICORROSIVA, COM BATENTE/REQUADRO DE 6 A 14 CM, SEM VIDRO, COM GRADE, 1 FL, 60 X 80 CM (A X L)","UN","CR"]
[34381,"JANELA MAXIM-AR, EM ALUMINIO PERFIL 25, 60 X 80 CM (A X L), ACABAMENTO BRANCO OU BRILHANTE, BATENTE DE 4 A 5 CM, COM VIDRO 4 MM, SEM GUARNICAO/ALIZAR","UN","CR",417.8]
[44054,"JANELA VENEZIANA DE CORRER, EM ALUMINIO PERFIL 25, 100 X 120 CM (A X L), 3 FLS (2 VENEZIANAS E 1 VIDRO), SEM BANDEIRA, ACABAMENTO BRANCO OU BRILHANTE, BATENTE DE 8 A 9 CM, COM VIDRO 4 MM, SEM GUARNICAO/ALIZAR","UN","CR",823.88]
[44399,"JANELA VENEZIANA DE CORRER, EM ALUMINIO PERFIL 25, 100 X 150 CM (A X L), 6 FLS (4 VENEZIANAS E 2 VIDROS), SEM BANDEIRA, ACABAMENTO BRANCO OU BRILHANTE, BATENTE DE 8 A 9 CM, COM VIDRO 4 MM, SEM GUARNICAO / ALIZAR","UN","CR",1125.69]
[44503,"JARDINEIRO (HORISTA)","H","CR",17.07]
[41077,"JARDINEIRO (MENSALISTA)","MES","CR",2976.71]
[37963,"JOELHO CPVC, SOLDAVEL, 45 GRAUS, 15 MM, PARA AGUA QUENTE","UN","CR"]
[37964,"JOELHO CPVC, SOLDAVEL, 45 GRAUS, 22 MM, PARA AGUA QUENTE","UN","CR"]
[37965,"JOELHO CPVC, SOLDAVEL, 45 GRAUS, 28 MM, PARA AGUA QUENTE","UN","CR"]
[37966,"JOELHO CPVC, SOLDAVEL, 45 GRAUS, 35 MM, PARA AGUA QUENTE","UN","CR"]
[37967,"JOELHO CPVC, SOLDAVEL, 45 GRAUS, 42 MM, PARA AGUA QUENTE","UN","CR"]
[37968,"JOELHO CPVC, SOLDAVEL, 45 GRAUS, 54 MM, PARA AGUA QUENTE","UN","CR"]
[37969,"JOELHO CPVC, SOLDAVEL, 45 GRAUS, 73 MM, PARA AGUA QUENTE","UN","CR"]
[37970,"JOELHO CPVC, SOLDAVEL, 45 GRAUS, 89 MM, PARA AGUA QUENTE","UN","CR"]
[44251,"JOELHO CPVC, SOLDAVEL, 90 GRAUS, 114 MM, PARA AGUA QUENTE","UN","CR"]
[21118,"JOELHO CPVC, SOLDAVEL, 90 GRAUS, 15 MM, PARA AGUA QUENTE","UN","CR"]
[37956,"JOELHO CPVC, SOLDAVEL, 90 GRAUS, 22 MM, PARA AGUA QUENTE","UN","CR"]
[37957,"JOELHO CPVC, SOLDAVEL, 90 GRAUS, 28 MM, PARA AGUA QUENTE","UN","CR"]
[37958,"JOELHO CPVC, SOLDAVEL, 90 GRAUS, 35 MM, PARA AGUA QUENTE","UN","CR"]
[37959,"JOELHO CPVC, SOLDAVEL, 90 GRAUS, 42 MM, PARA AGUA QUENTE","UN","CR"]
[37960,"JOELHO CPVC, SOLDAVEL, 90 GRAUS, 54 MM, PARA AGUA QUENTE","UN","CR"]
[37961,"JOELHO CPVC, SOLDAVEL, 90 GRAUS, 73 MM, PARA AGUA QUENTE","UN","CR"]
[37962,"JOELHO CPVC, SOLDAVEL, 90 GRAUS, 89 MM, PARA AGUA QUENTE","UN","CR"]
[3533,"JOELHO DE REDUCAO, PVC SOLDAVEL, 90 GRAUS, 25 MM X 20 MM, COR MARROM, PARA AGUA FRIA PREDIAL","UN","CR",2.75]
[3538,"JOELHO DE REDUCAO, PVC SOLDAVEL, 90 GRAUS, 32 MM X 25 MM, COR MARROM, PARA AGUA FRIA PREDIAL","UN","CR",5.2]
[3498,"JOELHO DE REDUCAO, PVC, ROSCAVEL, 90 GRAUS, 1\" X 3/4\", COR BRANCA, PARA AGUA FRIA PREDIAL","UN","CR",5.04]
[3496,"JOELHO DE REDUCAO, PVC, ROSCAVEL, 90 GRAUS, 3/4\" X 1/2\", COR BRANCA, PARA AGUA FRIA PREDIAL","UN","CR",3.37]
[38429,"JOELHO DE TRANSICAO, CPVC, SOLDAVEL, 90 GRAUS, 15 MM X 1/2\", PARA AGUA QUENTE","UN","CR"]
[38431,"JOELHO DE TRANSICAO, CPVC, SOLDAVEL, 90 GRAUS, 22 MM X 1/2\", PARA AGUA QUENTE","UN","CR"]
[38430,"JOELHO DE TRANSICAO, CPVC, SOLDAVEL, 90 GRAUS, 22 MM X 3/4\", PARA AGUA QUENTE","UN","CR"]
[36348,"JOELHO PPR 45 GRAUS, SOLDAVEL, F/F, DN 20 MM, PARA AGUA QUENTE PREDIAL","UN","CR"]
[36349,"JOELHO PPR 45 GRAUS, SOLDAVEL, F/F, DN 25 MM, PARA AGUA QUENTE PREDIAL","UN","CR"]
[38987,"JOELHO PPR 45 GRAUS, SOLDAVEL, F/F, DN 40 MM, PARA AQUA QUENTE E FRIA PREDIAL","UN","CR"]
[38988,"JOELHO PPR 45 GRAUS, SOLDAVEL, F/F, DN 50 MM, PARA AQUA QUENTE E FRIA PREDIAL","UN","CR"]
[38989,"JOELHO PPR 45 GRAUS, SOLDAVEL, F/F, DN 63 MM, PARA AQUA QUENTE E FRIA PREDIAL","UN","CR"]
[38990,"JOELHO PPR 45 GRAUS, SOLDAVEL, F/F, DN 75 MM, PARA AQUA QUENTE E FRIA PREDIAL","UN","CR"]
[38991,"JOELHO PPR 45 GRAUS, SOLDAVEL, F/F, DN 90 MM, PARA AQUA QUENTE E FRIA PREDIAL","UN","CR"]
[38433,"JOELHO PPR, 45 GRAUS, SOLDAVEL, F/F, DN 32 MM, PARA AGUA QUENTE PREDIAL","UN","CR"]
[38440,"JOELHO PPR, 90 GRAUS, SOLDAVEL, F/F, DN 110 MM, PARA AGUA QUENTE PREDIAL","UN","CR"]
[36359,"JOELHO PPR, 90 GRAUS, SOLDAVEL, F/F, DN 20 MM, PARA AGUA QUENTE PREDIAL","UN","CR"]
[36360,"JOELHO PPR, 90 GRAUS, SOLDAVEL, F/F, DN 25 MM, PARA AGUA QUENTE PREDIAL","UN","CR"]
[38434,"JOELHO PPR, 90 GRAUS, SOLDAVEL, F/F, DN 32 MM, PARA AGUA QUENTE PREDIAL","UN","CR"]
[38435,"JOELHO PPR, 90 GRAUS, SOLDAVEL, F/F, DN 40 MM, PARA AGUA QUENTE PREDIAL","UN","CR"]
[38436,"JOELHO PPR, 90 GRAUS, SOLDAVEL, F/F, DN 50 MM, PARA AGUA QUENTE PREDIAL","UN","CR"]
[38437,"JOELHO PPR, 90 GRAUS, SOLDAVEL, F/F, DN 63 MM, PARA AGUA QUENTE PREDIAL","UN","CR"]
[38438,"JOELHO PPR, 90 GRAUS, SOLDAVEL, F/F, DN 75 MM, PARA AGUA QUENTE PREDIAL","UN","CR"]
[38439,"JOELHO PPR, 90 GRAUS, SOLDAVEL, F/F, DN 90 MM, PARA AGUA QUENTE PREDIAL","UN","CR"]
[10836,"JOELHO PVC COM VISITA, 90 GRAUS, DN 100 X 50 MM, SERIE NORMAL, PARA ESGOTO PREDIAL","UN","CR",19.899999999999999]
[3510,"JOELHO PVC, 90 GRAUS, ROSCAVEL, 1 1/4\", COR BRANCA, AGUA FRIA PREDIAL","UN","CR",12.65]
[10835,"JOELHO PVC, COM BOLSA E ANEL, 90 GRAUS, DN 40 X *38* MM, SERIE NORMAL, PARA ESGOTO PREDIAL","UN","CR",5.56]
[3485,"JOELHO PVC, ROSCAVEL, 45 GRAUS, 1\", COR BRANCA, PARA AGUA FRIA PREDIAL","UN","CR",13.31]
[3475,"JOELHO PVC, ROSCAVEL, 45 GRAUS, 1/2\", COR BRANCA, PARA AGUA FRIA PREDIAL","UN","CR",4.8099999999999996]
[3534,"JOELHO PVC, ROSCAVEL, 45 GRAUS, 3/4\", COR BRANCA, PARA AGUA FRIA PREDIAL","UN","CR",7.63]
[3482,"JOELHO PVC, ROSCAVEL, 90 GRAUS, 1\", COR BRANCA, PARA AGUA FRIA PREDIAL","UN","CR",5.46]
[3543,"JOELHO PVC, ROSCAVEL, 90 GRAUS, 1/2\", COR BRANCA, PARA AGUA FRIA PREDIAL","UN","CR",1.77]
[3505,"JOELHO PVC, ROSCAVEL, 90 GRAUS, 3/4\", COR BRANCA, PARA AGUA FRIA PREDIAL","UN","CR",2.63]
[3521,"JOELHO PVC, SOLDAVEL COM ROSCA, 90 GRAUS, 20 MM X 1/2\", COR MARROM, PARA AGUA FRIA PREDIAL","UN","CR",1.98]
[3531,"JOELHO PVC, SOLDAVEL COM ROSCA, 90 GRAUS, 25 MM X 1/2\", COR MARROM, PARA AGUA FRIA PREDIAL","UN","CR",3.78]
[3522,"JOELHO PVC, SOLDAVEL COM ROSCA, 90 GRAUS, 25 MM X 3/4\", COR MARROM, PARA AGUA FRIA PREDIAL","UN","CR",2.44]
[3527,"JOELHO PVC, SOLDAVEL COM ROSCA, 90 GRAUS, 32 MM X 3/4\", COR MARROM, PARA AGUA FRIA PREDIAL","UN","CR",12.82]
[3530,"JOELHO PVC, SOLDAVEL, 90 GRAUS, 110 MM, COR MARROM, PARA AGUA FRIA PREDIAL","UN","CR",207.66]
[3542,"JOELHO PVC, SOLDAVEL, 90 GRAUS, 20 MM, COR MARROM, PARA AGUA FRIA PREDIAL","UN","CR",0.59]
[3529,"JOELHO PVC, SOLDAVEL, 90 GRAUS, 25 MM, COR MARROM, PARA AGUA FRIA PREDIAL","UN","CR",0.73]
[3536,"JOELHO PVC, SOLDAVEL, 90 GRAUS, 32 MM, COR MARROM, PARA AGUA FRIA PREDIAL","UN","CR",2.4300000000000002]
[3535,"JOELHO PVC, SOLDAVEL, 90 GRAUS, 40 MM, COR MARROM, PARA AGUA FRIA PREDIAL","UN","CR",5.93]
[3540,"JOELHO PVC, SOLDAVEL, 90 GRAUS, 50 MM, COR MARROM, PARA AGUA FRIA PREDIAL","UN","CR",5.01]
[3539,"JOELHO PVC, SOLDAVEL, 90 GRAUS, 60 MM, COR MARROM, PARA AGUA FRIA PREDIAL","UN","CR",29.06]
[3513,"JOELHO PVC, SOLDAVEL, 90 GRAUS, 85 MM, COR MARROM, PARA AGUA FRIA PREDIAL","UN","CR",102.48]
[3516,"JOELHO PVC, SOLDAVEL, BB, 45 GRAUS, DN 40 MM, PARA ESGOTO PREDIAL","UN","CR",2.29]
[3517,"JOELHO PVC, SOLDAVEL, BB, 90 GRAUS, SEM ANEL, DN 40 MM, PARA ESGOTO PREDIAL SECUNDARIO","UN","CR",2.0699999999999998]
[3515,"JOELHO PVC, SOLDAVEL, COM BUCHA DE LATAO, 90 GRAUS, 20 MM X 1/2\", PARA AGUA FRIA PREDIAL","UN","CR",6.54]
[20147,"JOELHO PVC, SOLDAVEL, COM BUCHA DE LATAO, 90 GRAUS, 25 MM X 1/2\", PARA AGUA FRIA PREDIAL","UN","CR",5.38]
[3524,"JOELHO PVC, SOLDAVEL, COM BUCHA DE LATAO, 90 GRAUS, 25 MM X 3/4\", PARA AGUA FRIA PREDIAL","UN","CR",8.09]
[3532,"JOELHO PVC, SOLDAVEL, COM BUCHA DE LATAO, 90 GRAUS, 32 MM X 3/4\", PARA AGUA FRIA PREDIAL","UN","CR",18.7]
[3528,"JOELHO PVC, SOLDAVEL, PB, 45 GRAUS, DN 100 MM, PARA ESGOTO PREDIAL","UN","CR",8.9600000000000009]
[37952,"JOELHO PVC, SOLDAVEL, PB, 45 GRAUS, DN 150 MM, PARA ESGOTO PREDIAL","UN","CR",64.23]
[37951,"JOELHO PVC, SOLDAVEL, PB, 45 GRAUS, DN 40 MM, PARA ESGOTO PREDIAL","UN","CR",2.41]
[3518,"JOELHO PVC, SOLDAVEL, PB, 45 GRAUS, DN 50 MM, PARA ESGOTO PREDIAL","UN","CR",3.71]
[3519,"JOELHO PVC, SOLDAVEL, PB, 45 GRAUS, DN 75 MM, PARA ESGOTO PREDIAL","UN","CR",7.77]
[3520,"JOELHO PVC, SOLDAVEL, PB, 90 GRAUS, DN 100 MM, PARA ESGOTO PREDIAL","UN","CR",8.14]
[37950,"JOELHO PVC, SOLDAVEL, PB, 90 GRAUS, DN 150 MM, PARA ESGOTO PREDIAL","UN","CR",59.13]
[37949,"JOELHO PVC, SOLDAVEL, PB, 90 GRAUS, DN 40 MM, PARA ESGOTO PREDIAL","UN","CR",2.1800000000000002]
[3526,"JOELHO PVC, SOLDAVEL, PB, 90 GRAUS, DN 50 MM, PARA ESGOTO PREDIAL","UN","CR",3]
[3509,"JOELHO PVC, SOLDAVEL, PB, 90 GRAUS, DN 75 MM, PARA ESGOTO PREDIAL","UN","CR",6.82]
[20151,"JOELHO, PVC SERIE R, 45 GRAUS, DN 100 MM, PARA ESGOTO PREDIAL","UN","CR",20.03]
[20152,"JOELHO, PVC SERIE R, 45 GRAUS, DN 150 MM, PARA ESGOTO PREDIAL","UN","CR",72.48]
[20148,"JOELHO, PVC SERIE R, 45 GRAUS, DN 40 MM, PARA ESGOTO PREDIAL","UN","CR",3.94]
[20149,"JOELHO, PVC SERIE R, 45 GRAUS, DN 50 MM, PARA ESGOTO PREDIAL","UN","CR",6.58]
[20150,"JOELHO, PVC SERIE R, 45 GRAUS, DN 75 MM, PARA ESGOTO PREDIAL","UN","CR",16.95]
[20157,"JOELHO, PVC SERIE R, 90 GRAUS, DN 100 MM, PARA ESGOTO PREDIAL","UN","CR",19.02]
[20158,"JOELHO, PVC SERIE R, 90 GRAUS, DN 150 MM, PARA ESGOTO PREDIAL","UN","CR",75.55]
[20154,"JOELHO, PVC SERIE R, 90 GRAUS, DN 40 MM, PARA ESGOTO PREDIAL","UN","CR",3.85]
[20155,"JOELHO, PVC SERIE R, 90 GRAUS, DN 50 MM, PARA ESGOTO PREDIAL","UN","CR",5.87]
[20156,"JOELHO, PVC SERIE R, 90 GRAUS, DN 75 MM, PARA ESGOTO PREDIAL","UN","CR",16.5]
[3499,"JOELHO, PVC SOLDAVEL, 45 GRAUS, 20 MM, COR MARROM, PARA AGUA FRIA PREDIAL","UN","CR",1.1399999999999999]
[3500,"JOELHO, PVC SOLDAVEL, 45 GRAUS, 25 MM, COR MARROM, PARA AGUA FRIA PREDIAL","UN","CR",1.51]
[3501,"JOELHO, PVC SOLDAVEL, 45 GRAUS, 32 MM, COR MARROM, PARA AGUA FRIA PREDIAL","UN","CR",4.16]
[3502,"JOELHO, PVC SOLDAVEL, 45 GRAUS, 40 MM, COR MARROM, PARA AGUA FRIA PREDIAL","UN","CR",5.98]
[3503,"JOELHO, PVC SOLDAVEL, 45 GRAUS, 50 MM, COR MARROM, PARA AGUA FRIA PREDIAL","UN","CR",7.52]
[3477,"JOELHO, PVC SOLDAVEL, 45 GRAUS, 60 MM, COR MARROM, PARA AGUA FRIA PREDIAL","UN","CR",27.31]
[3478,"JOELHO, PVC SOLDAVEL, 45 GRAUS, 75 MM, COR MARROM, PARA AGUA FRIA PREDIAL","UN","CR",65.48]
[3525,"JOELHO, PVC SOLDAVEL, 45 GRAUS, 85 MM, COR MARROM, PARA AGUA FRIA PREDIAL","UN","CR",80.81]
[3511,"JOELHO, PVC SOLDAVEL, 90 GRAUS, 75 MM, COR MARROM, PARA AGUA FRIA PREDIAL","UN","CR",85.72]
[38913,"JOELHO/COTOVELO 90 GRAUS, METALICO, PARA CONEXAO COM ANEL DESLIZANTE, DN 16 MM, EM TUBO PEX PARA INST. AGUA QUENTE/FRIA","UN","CR"]
[38914,"JOELHO/COTOVELO 90 GRAUS, METALICO, PARA CONEXAO COM ANEL DESLIZANTE, DN 20 MM, EM TUBO PEX PARA INST. AGUA QUENTE/FRIA","UN","CR"]
[38915,"JOELHO/COTOVELO 90 GRAUS, METALICO, PARA CONEXAO COM ANEL DESLIZANTE, DN 25 MM, EM TUBO PEX PARA INST. AGUA QUENTE/FRIA","UN","CR"]
[38916,"JOELHO/COTOVELO 90 GRAUS, METALICO, PARA CONEXAO COM ANEL DESLIZANTE, DN 32 MM, EM TUBO PEX PARA INST. AGUA QUENTE/FRIA","UN","CR"]
[39300,"JOELHO/COTOVELO 90 GRAUS, PLASTICO, PARA CONEXAO COM CRIMPAGEM, DN 16 MM, EM TUBO PEX PARA INST. AGUA QUENTE/FRIA","UN","CR"]
[39301,"JOELHO/COTOVELO 90 GRAUS, PLASTICO, PARA CONEXAO COM CRIMPAGEM, DN 20 MM, EM TUBO PEX PARA INST. AGUA QUENTE/FRIA","UN","CR"]
[39302,"JOELHO/COTOVELO 90 GRAUS, PLASTICO, PARA CONEXAO COM CRIMPAGEM, DN 25 MM, EM TUBO PEX PARA INST. AGUA QUENTE/FRIA","UN","CR"]
[38941,"JOELHO/COTOVELO 90 GRAUS, ROSCA FEMEA MOVEL, METALICO, PARA CONEXAO COM ANEL DESLIZANTE, DN 20 MM X 3/4\", EM TUBO PEX PARA INST. AGUA QUENTE/FRIA","UN","CR"]
[38923,"JOELHO/COTOVELO 90 GRAUS, ROSCA FEMEA TERMINAL, METALICO, PARA CONEXAO COM ANEL DESLIZANTE, DN 16 MM X 1/2\", EM TUBO PEX PARA INST. AGUA QUENTE/FRIA","UN","CR"]
[38925,"JOELHO/COTOVELO 90 GRAUS, ROSCA FEMEA TERMINAL, METALICO, PARA CONEXAO COM ANEL DESLIZANTE, DN 20 MM X 1/2\", EM TUBO PEX PARA INST. AGUA QUENTE/FRIA","UN","CR"]
[38926,"JOELHO/COTOVELO 90 GRAUS, ROSCA FEMEA TERMINAL, METALICO, PARA CONEXAO COM ANEL DESLIZANTE, DN 20 MM X 3/4\", EM TUBO PEX PARA INST. AGUA QUENTE/FRIA","UN","CR"]
[38927,"JOELHO/COTOVELO 90 GRAUS, ROSCA FEMEA TERMINAL, METALICO, PARA CONEXAO COM ANEL DESLIZANTE, DN 25 MM X 3/4\", EM TUBO PEX PARA INST. AGUA QUENTE/FRIA","UN","CR"]
[39304,"JOELHO/COTOVELO 90 GRAUS, ROSCA FEMEA TERMINAL, PLASTICO, PARA CONEXAO COM CRIMPAGEM, DN 16 MM X 1/2\", EM TUBO PEX PARA INST. AGUA QUENTE/FRIA","UN","CR"]
[39305,"JOELHO/COTOVELO 90 GRAUS, ROSCA FEMEA TERMINAL, PLASTICO, PARA CONEXAO COM CRIMPAGEM, DN 20 MM X 1/2\", EM TUBO PEX PARA INST. AGUA QUENTE/FRIA","UN","CR"]
[39306,"JOELHO/COTOVELO 90 GRAUS, ROSCA FEMEA TERMINAL, PLASTICO, PARA CONEXAO COM CRIMPAGEM, DN 20 MM X 3/4\", EM TUBO PEX PARA INST. AGUA QUENTE/FRIA","UN","CR"]
[38928,"JOELHO/COTOVELO 90 GRAUS, ROSCA FEMEA TERMINAL, PLASTICO, PARA CONEXAO COM CRIMPAGEM, DN 25 MM X 1/2\", EM TUBO PEX PARA INST. AGUA QUENTE/FRIA","UN","CR"]
[38917,"JOELHO/COTOVELO 90 GRAUS, ROSCA FEMEA, COM BASE FIXA, METALICO, PARA CONEXAO COM ANEL DESLIZANTE, DN 16 MM X 1/2\", EM TUBO PEX PARA INST. AGUA QUENTE/FRIA","UN","CR"]
[38919,"JOELHO/COTOVELO 90 GRAUS, ROSCA FEMEA, COM BASE FIXA, METALICO, PARA CONEXAO COM ANEL DESLIZANTE, DN 20 MM X 1/2\", EM TUBO PEX PARA INST. AGUA QUENTE/FRIA","UN","CR"]
[38922,"JOELHO/COTOVELO 90 GRAUS, ROSCA FEMEA, COM BASE FIXA, METALICO, PARA CONEXAO COM ANEL DESLIZANTE, DN 25 MM X 3/4\", EM TUBO PEX PARA INST. AGUA QUENTE/FRIA","UN","CR"]
[45198,"JOGO DE CHAVES ALLEN LONGAS HEXAGONAIS DE 1,5 MM A 10 MM - 9 PECAS","UN","CR",44.18]
[45196,"JOGO DE CHAVES DE FENDA E PHILLIPS ISOLADAS, 1000 V - *6* PECAS","UN","CR",91.09]
[12032,"JOGO DE TRANQUETA E ROSETA QUADRADA DE SOBREPOR SEM FUROS, EM LATAO CROMADO, *50 X 50* MM, PARA FECHADURA DE PORTA DE BANHEIRO","JG","CR",54.61]
[12030,"JOGO DE TRANQUETA E ROSETA REDONDA DE SOBREPOR SEM FUROS, EM LATAO CROMADO, DIAMETRO *50* MM, PARA FECHADURA DE PORTA DE BANHEIRO","JG","CR",51.31]
[45207,"JOGO SERRA COPO COM 6 SERRAS, DIAMETRO VARIANDO DE 15 MM A 60 MM","UN","CR",290.98]
[14157,"JUNCAO 2 GARRAS PARA FITA PERFURADA","UN","CR"]
[10908,"JUNCAO DE REDUCAO INVERTIDA, PVC SOLDAVEL, 100 X 50 MM, SERIE NORMAL PARA ESGOTO PREDIAL","UN","CR",18.7]
[10909,"JUNCAO DE REDUCAO INVERTIDA, PVC SOLDAVEL, 100 X 75 MM, SERIE NORMAL PARA ESGOTO PREDIAL","UN","CR",21.75]
[3669,"JUNCAO DE REDUCAO INVERTIDA, PVC SOLDAVEL, 75 X 50 MM, SERIE NORMAL PARA ESGOTO PREDIAL","UN","CR",13.36]
[20139,"JUNCAO DUPLA, PVC SERIE R, DN 100 X 100 X 100 MM, PARA ESGOTO PREDIAL","UN","CR",114.94]
[3668,"JUNCAO DUPLA, PVC SOLDAVEL, DN 100 X 100 X 100 MM, SERIE NORMAL PARA ESGOTO PREDIAL","UN","CR",41.06]
[10911,"JUNCAO INVERTIDA, PVC SOLDAVEL, 75 X 75 MM, SERIE NORMAL PARA ESGOTO PREDIAL","UN","CR",18]
[3659,"JUNCAO SIMPLES DE REDUCAO, PVC, DN 100 X 50 MM, SERIE NORMAL PARA ESGOTO PREDIAL","UN","CR",18.34]
[3660,"JUNCAO SIMPLES DE REDUCAO, PVC, DN 100 X 75 MM, SERIE NORMAL PARA ESGOTO PREDIAL","UN","CR",23.71]
[20144,"JUNCAO SIMPLES, PVC SERIE R, DN 100 X 100 MM, PARA ESGOTO PREDIAL","UN","CR",53.11]
[20143,"JUNCAO SIMPLES, PVC SERIE R, DN 100 X 75 MM, PARA ESGOTO PREDIAL","UN","CR",67.95]
[20145,"JUNCAO SIMPLES, PVC SERIE R, DN 150 X 100 MM, PARA ESGOTO PREDIAL","UN","CR",131.07]
[20146,"JUNCAO SIMPLES, PVC SERIE R, DN 150 X 150 MM, PARA ESGOTO PREDIAL","UN","CR",179.17]
[20140,"JUNCAO SIMPLES, PVC SERIE R, DN 40 X 40 MM, PARA ESGOTO PREDIAL","UN","CR",8.4]
[20141,"JUNCAO SIMPLES, PVC SERIE R, DN 50 X 50 MM, PARA ESGOTO PREDIAL","UN","CR",20.58]
[20142,"JUNCAO SIMPLES, PVC SERIE R, DN 75 X 75 MM, PARA ESGOTO PREDIAL","UN","CR",36.21]
[3670,"JUNCAO SIMPLES, PVC, 45 GRAUS, DN 100 X 100 MM, SERIE NORMAL PARA ESGOTO PREDIAL","UN","CR",23.55]
[3666,"JUNCAO SIMPLES, PVC, 45 GRAUS, DN 40 X 40 MM, SERIE NORMAL PARA ESGOTO PREDIAL","UN","CR",3.7]
[3662,"JUNCAO SIMPLES, PVC, 45 GRAUS, DN 50 X 50 MM, SERIE NORMAL PARA ESGOTO PREDIAL","UN","CR",9.66]
[3658,"JUNCAO SIMPLES, PVC, 45 GRAUS, DN 75 X 75 MM, SERIE NORMAL PARA ESGOTO PREDIAL","UN","CR",18.309999999999999]
[42696,"JUNCAO, PVC, 45 GRAUS, JE, BBB, DN 150 MM, PARA TUBO CORRUGADO E/OU LISO, REDE COLETORA DE ESGOTO","UN","CR",145.18]
[39875,"JUNTA DE EXPANSAO BRONZE/LATAO, PONTA X PONTA, 35 MM","UN","CR"]
[39876,"JUNTA DE EXPANSAO BRONZE/LATAO, PONTA X PONTA, 42 MM","UN","CR"]
[39877,"JUNTA DE EXPANSAO BRONZE/LATAO, PONTA X PONTA, 54 MM","UN","CR"]
[39878,"JUNTA DE EXPANSAO BRONZE/LATAO, PONTA X PONTA, 66 MM","UN","CR"]
[39872,"JUNTA DE EXPANSAO DE COBRE, PONTA X PONTA, 15 MM","UN","CR"]
[39873,"JUNTA DE EXPANSAO DE COBRE, PONTA X PONTA, 22 MM","UN","CR"]
[39874,"JUNTA DE EXPANSAO DE COBRE, PONTA X PONTA, 28 MM","UN","CR"]
[3674,"JUNTA DILATACAO ELASTICA PARA CONCRETO (FUGENBAND) O-12, ATE 5 MCA","M","CR"]
[3681,"JUNTA DILATACAO ELASTICA PARA CONCRETO (FUGENBAND) O-22, ATE 30 MCA","M","CR"]
[3676,"JUNTA DILATACAO ELASTICA PARA CONCRETO (FUGENBAND) O-35/10, ATE 100 MCA","M","CR"]
[3679,"JUNTA DILATACAO ELASTICA PARA CONCRETO (FUGENBAND) O-35/6, ATE 100 MCA","M","CR"]
[3672,"JUNTA PLASTICA DE DILATACAO PARA PISOS, COR CINZA, 10 X 4,5 MM (ALTURA X ESPESSURA)","M","CR"]
[3671,"JUNTA PLASTICA DE DILATACAO PARA PISOS, COR CINZA, 17 X 3 MM (ALTURA X ESPESSURA)","M","C"]
[3673,"JUNTA PLASTICA DE DILATACAO PARA PISOS, COR CINZA, 27 X 3 MM (ALTURA X ESPESSURA)","M","CR"]
[38394,"KIT ACESSORIOS PARA COMPRESSOR DE AR, 5 PECAS (PISTOLAS PINTURA, LIMPEZA E PULVERIZACAO, CALIBRADOR E MANGUEIRA)","UN","CR",171.23]
[3729,"KIT CAVALETE, PVC, COM REGISTRO, PARA HIDROMETRO, BITOLAS 1/2\" OU 3/4\" - COMPLETO","UN","CR",139.24]
[39357,"KIT CHASSI COZINHA, CUBA SIMPLES SEM MAQUINA LAVAR LOUCA, INSTAL. PEX, QUADRO METALICO C/ TRAVESSA C/ FURO P/ESGOTO DN 50 MM E FUROS SUPERIORES P/AGUA, *340* X *650* MM (L X H), P/ CONEXAO COM ANEL DESLIZANTE (CONJUNTO COMPLETO)","UN","CR"]
[39358,"KIT CHASSI COZINHA, CUBA SIMPLES SEM MAQUINA LAVAR LOUCA, INSTAL. PEX, QUADRO METALICO C/ TRAVESSA COM FURO P/ESGOTO DN 50 MM E FUROS SUPERIORES P/AGUA, *340* X *650* MM (L X H), P/ CONEXAO COM CRIMPAGEM (CONJUNTO COMPLETO)","UN","CR"]
[39355,"KIT CHASSI TANQUE E MAQUINA LAVAR ROUPA, INSTAL. PEX, QUADRO METALICO C/ TRAVESSA C/ FURO P/ ESGOTO DN 50 MM, FURO LATERAL P/ MAQUINA E FUROS SUPERIORES P/ AGUA, *344* X *442* MM (L X H), P/ CONEXAO COM ANEL DESLIZANTE (CONJUNTO COMPLETO)","UN","CR"]
[39356,"KIT CHASSI TANQUE E MAQUINA LAVAR ROUPA, INSTAL. PEX, QUADRO METALICO C/ TRAVESSA C/ FURO P/ ESGOTO DN 50 MM, FURO LATERAL P/MAQUINA E FUROS SUPERIORES P/AGUA, *344* X *442* MM (L X H), P/ CONEXAO COM CRIMPAGEM (CONJUNTO COMPLETO)","UN","CR"]
[39353,"KIT CHUVEIRO, INSTAL. PEX, QUADRO METALICO C/ 2 TRAVESSAS, SUPERIOR C/ ESPERA P/ CHUVEIRO, INFERIOR C/ 2 REGISTROS DE PRESSAO 1/2\", *390* X *900* MM (L X H), CONEXAO COM ANEL DESLIZANTE (CONJUNTO COMPLETO)","UN","CR"]
[39354,"KIT CHUVEIRO, INSTAL. PEX, QUADRO METALICO C/2 TRAVESSAS, SUPERIOR C/ ESPERA P/ CHUVEIRO E INFERIOR C/2 REGISTROS DE PRESSAO 1/2\", *390* X *900* MM (L X H), CONEXAO COM CRIMPAGEM (CONJUNTO COMPLETO)","UN","CR"]
[39398,"KIT DE ACESSORIOS PARA BANHEIRO EM METAL CROMADO, 5 PECAS","UN","CR",68.540000000000006]
[13343,"KIT DE MATERIAIS PARA BRACADEIRA PARA FIXACAO EM POSTE CIRCULAR, CONTEM TRES FIXADORES E UM ROLO DE FITA DE 3 M EM ACO CARBONO","UN","CR",46.98]
[12118,"KIT DE PROTECAO ARSTOP PARA AR CONDICIONADO, TOMADA PADRAO 2P+T 20 A, COM DISJUNTOR UNIPOLAR DIN 20A","UN","CR",32]
[39482,"KIT PORTA PRONTA DE MADEIRA, FOLHA LEVE (NBR 15930) DE 600 X 2100 MM OU 700 X 2100 MM, DE 35 MM A 40 MM DE ESPESSURA, COM MARCO EM ACO, NUCLEO COLMEIA, CAPA LISA EM HDF, ACABAMENTO MELAMINICO BRANCO (INCLUI MARCO, ALIZARES, DOBRADICAS E FECHADURA)","UN","CR",632.13]
[39486,"KIT PORTA PRONTA DE MADEIRA, FOLHA LEVE (NBR 15930) DE 600 X 2100 MM OU 700 X 2100 MM, DE 35 MM A 40 MM DE ESPESSURA, NUCLEO COLMEIA, ESTRUTURA USINADA PARA FECHADURA, CAPA LISA EM HDF, ACABAMENTO EM PRIMER PARA PINTURA (INCLUI MARCO, ALIZARES E DOBRADICAS)","UN","CR",515.91]
[39484,"KIT PORTA PRONTA DE MADEIRA, FOLHA LEVE (NBR 15930) DE 800 X 2100 MM, DE 35 MM A 40 MM DE ESPESSURA, COM MARCO EM ACO, NUCLEO COLMEIA, CAPA LISA EM HDF, ACABAMENTO MELAMINICO BRANCO (INCLUI MARCO, ALIZARES, DOBRADICAS E FECHADURA)","UN","CR",632.13]
[39488,"KIT PORTA PRONTA DE MADEIRA, FOLHA LEVE (NBR 15930) DE 800 X 2100 MM, DE 35 MM A 40 MM DE ESPESSURA, NUCLEO COLMEIA, ESTRUTURA USINADA PARA FECHADURA, CAPA LISA EM HDF, ACABAMENTO EM PRIMER PARA PINTURA (INCLUI MARCO, ALIZARES E DOBRADICAS)","UN","CR",524.35]
[39485,"KIT PORTA PRONTA DE MADEIRA, FOLHA LEVE (NBR 15930) DE 900 X 2100 MM, DE 35 MM A 40 MM DE ESPESSURA, COM MARCO EM ACO, NUCLEO COLMEIA, CAPA LISA EM HDF, ACABAMENTO MELAMINICO BRANCO (INCLUI MARCO, ALIZARES, DOBRADICAS E FECHADURA)","UN","CR",632.13]
[39489,"KIT PORTA PRONTA DE MADEIRA, FOLHA LEVE (NBR 15930) DE 900 X 2100 MM, DE 35 MM A 40 MM DE ESPESSURA, NUCLEO COLMEIA, ESTRUTURA USINADA PARA FECHADURA, CAPA LISA EM HDF, ACABAMENTO EM PRIMER PARA PINTURA (INCLUI MARCO, ALIZARES E DOBRADICAS)","UN","CR",533.24]
[39490,"KIT PORTA PRONTA DE MADEIRA, FOLHA MEDIA (NBR 15930) DE 600 X 2100 MM OU 700 X 2100 MM, DE 35 MM A 40 MM DE ESPESSURA, NUCLEO SEMI-SOLIDO (SARRAFEADO), ESTRUTURA USINADA PARA FECHADURA, CAPA LISA EM HDF, ACABAMENTO MELAMINICO BRANCO (INCLUI MARCO, ALIZARES E DOBRADICAS)","UN","CR",794.6]
[39494,"KIT PORTA PRONTA DE MADEIRA, FOLHA MEDIA (NBR 15930) DE 600 X 2100 MM, DE 35 MM A 40 MM DE ESPESSURA, NUCLEO SEMI-SOLIDO (SARRAFEADO), ESTRUTURA USINADA PARA FECHADURA, CAPA LISA EM HDF, ACABAMENTO EM PRIMER PARA PINTURA (INCLUI MARCO, ALIZARES E DOBRADICAS)","UN","CR",570.59]
[39495,"KIT PORTA PRONTA DE MADEIRA, FOLHA MEDIA (NBR 15930) DE 700 X 2100 MM, DE 35 MM A 40 MM DE ESPESSURA, NUCLEO SEMI-SOLIDO (SARRAFEADO), ESTRUTURA USINADA PARA FECHADURA, CAPA LISA EM HDF, ACABAMENTO EM PRIMER PARA PINTURA (INCLUI MARCO, ALIZARES E DOBRADICAS)","UN","CR",642.98]
[39496,"KIT PORTA PRONTA DE MADEIRA, FOLHA MEDIA (NBR 15930) DE 800 X 2100 MM, DE 35 MM A 40 MM DE ESPESSURA, NUCLEO SEMI-SOLIDO (SARRAFEADO), ESTRUTURA USINADA PARA FECHADURA, CAPA LISA EM HDF, ACABAMENTO EM PRIMER PARA PINTURA (INCLUI MARCO, ALIZARES E DOBRADICAS)","UN","CR",707.28]
[39492,"KIT PORTA PRONTA DE MADEIRA, FOLHA MEDIA (NBR 15930) DE 800 X 2100 MM, DE 35 MM A 40 MM DE ESPESSURA, NUCLEO SEMI-SOLIDO (SARRAFEADO), ESTRUTURA USINADA PARA FECHADURA, CAPA LISA EM HDF, ACABAMENTO MELAMINICO BRANCO (INCLUI MARCO, ALIZARES E DOBRADICAS)","UN","CR",818.83]
[39497,"KIT PORTA PRONTA DE MADEIRA, FOLHA MEDIA (NBR 15930) DE 900 X 2100 MM, DE 35 MM A 40 MM DE ESPESSURA, NUCLEO SEMI-SOLIDO (SARRAFEADO), ESTRUTURA USINADA PARA FECHADURA, CAPA LISA EM HDF, ACABAMENTO EM PRIMER PARA PINTURA (INCLUI MARCO, ALIZARES E DOBRADICAS)","UN","CR",739.62]
[39493,"KIT PORTA PRONTA DE MADEIRA, FOLHA MEDIA (NBR 15930) DE 900 X 2100 MM, DE 35 MM A 40 MM DE ESPESSURA, NUCLEO SEMI-SOLIDO (SARRAFEADO), ESTRUTURA USINADA PARA FECHADURA, CAPA LISA EM HDF, ACABAMENTO MELAMINICO BRANCO (INCLUI MARCO, ALIZARES E DOBRADICAS)","UN","CR",878.28]
[43628,"KIT PORTA PRONTA DE MADEIRA, FOLHA PESADA (NBR 15930) DE 800 X 2100 MM, DE 40 MM A 45 MM DE ESPESSURA, COM MARCO EM ACO, NUCLEO SOLIDO, CAPA LISA EM HDF, ACABAMENTO MELAMINICO BRANCO (INCLUI MARCO, ALIZARES, DOBRADICAS E FECHADURA)","UN","CR",931.56]
[39500,"KIT PORTA PRONTA DE MADEIRA, FOLHA PESADA (NBR 15930) DE 800 X 2100 MM, DE 40 MM A 45 MM DE ESPESSURA, NUCLEO SOLIDO, CAPA LISA EM HDF, ACABAMENTO MELAMINICO BRANCO (INCLUI MARCO, ALIZARES, DOBRADICAS E FECHADURA EXTERNA)","UN","CR",958.27]
[39498,"KIT PORTA PRONTA DE MADEIRA, FOLHA PESADA (NBR 15930) DE 800 X 2100 MM, DE 40 MM A 45 MM DE ESPESSURA, NUCLEO SOLIDO, ESTRUTURA USINADA PARA FECHADURA, CAPA LISA EM HDF, ACABAMENTO EM LAMINADO NATURAL COM VERNIZ (INCLUI MARCO, ALIZARES E DOBRADICAS)","UN","CR",1181.8699999999999]
[43621,"KIT PORTA PRONTA DE MADEIRA, FOLHA PESADA (NBR 15930) DE 900 X 2100 MM, DE 40 MM A 45 MM DE ESPESSURA, COM MARCO EM ACO, NUCLEO SOLIDO, CAPA LISA EM HDF, ACABAMENTO MELAMINICO BRANCO (INCLUI MARCO, ALIZARES, DOBRADICAS E FECHADURA)","UN","CR",989.79]
[39501,"KIT PORTA PRONTA DE MADEIRA, FOLHA PESADA (NBR 15930) DE 900 X 2100 MM, DE 40 MM A 45 MM DE ESPESSURA, NUCLEO SOLIDO, CAPA LISA EM HDF, ACABAMENTO MELAMINICO BRANCO (INCLUI MARCO, ALIZARES, DOBRADICAS E FECHADURA EXTERNA)","UN","CR",984.22]
[39499,"KIT PORTA PRONTA DE MADEIRA, FOLHA PESADA (NBR 15930) DE 900 X 2100 MM, DE 40 MM A 45 MM DE ESPESSURA, NUCLEO SOLIDO, ESTRUTURA USINADA PARA FECHADURA, CAPA LISA EM HDF, ACABAMENTO EM LAMINADO NATURAL COM VERNIZ (INCLUI MARCO, ALIZARES E DOBRADICAS)","UN","CR",1198.6500000000001]
[3733,"LADRILHO HIDRAULICO, *20 X 20* CM, E= 2 CM, PADRAO COPACABANA, 2 CORES (PRETO E BRANCO)","M2","CR",85.49]
[3731,"LADRILHO HIDRAULICO, *20 X 20* CM, E= 2 CM, PADRAO DADOS, COR NATURAL","M2","CR",76.5]
[38137,"LADRILHO HIDRAULICO, *25 X 25* CM, E= 2 CM, PADRAO RAMPA, COR NATURAL","M2","CR",91.49]
[38138,"LADRILHO HIDRAULICO, *30 X 30* CM, E= 2 CM, PADRAO MILANO, COR NATURAL","M2","CR",95]
[45318,"LAJE EM PAINEL TRELICADO L=25, COM ENCHIMENTO EM POLIESTIRENO EXPANDIDO (EPS) H13, PTN-20, TRELICA DE 16 CM, PARA PISO, UNIDIRECIONAL, SOBRECARGA DE 350 KGF/M2, VAO ATE 7,0 M, EXCLUSO CONCRETO (SEM COLOCACAO)","M2","CR"]
[45319,"LAJE EM PAINEL TRELICADO L=25, COM ENCHIMENTO EM POLIESTIRENO EXPANDIDO (EPS) H17, PTN-25, TRELICA DE 20 CM, PARA PISO, UNIDIRECIONAL, SOBRECARGA DE 350 KGF/M2, VAO ATE 8,0 M, EXCLUSO CONCRETO (SEM COLOCACAO)","M2","CR"]
[45320,"LAJE EM PAINEL TRELICADO L=25, COM ENCHIMENTO EM POLIESTIRENO EXPANDIDO (EPS) H22, PTN-30, TRELICA DE 25 CM, PARA PISO, UNIDIRECIONAL, SOBRECARGA DE 350 KGF/M2, VAO ATE 9,0 M, EXCLUSO CONCRETO (SEM COLOCACAO)","M2","CR"]
[45315,"LAJE EM PAINEL TRELICADO L=25, COM ENCHIMENTO EM POLIESTIRENO EXPANDIDO (EPS) H5, PTN-12, TRELICA DE 8 CM, PARA FORRO, UNIDIRECIONAL, SOBRECARGA DE 100 KGF/M2, VAO ATE 5,0 M, EXCLUSO CONCRETO (SEM COLOCACAO)","M2","CR"]
[45316,"LAJE EM PAINEL TRELICADO L=25, COM ENCHIMENTO EM POLIESTIRENO EXPANDIDO (EPS) H5, PTN-12, TRELICA DE 8 CM, PARA PISO, UNIDIRECIONAL, SOBRECARGA DE 350 KGF/M2, VAO ATE 4,5 M, EXCLUSO CONCRETO (SEM COLOCACAO)","M2","CR"]
[45317,"LAJE EM PAINEL TRELICADO L=25, COM ENCHIMENTO EM POLIESTIRENO EXPANDIDO (EPS) H9, PTN-*16*, TRELICA DE 12 CM, PARA PISO, UNIDIRECIONAL, SOBRECARGA DE 350 KGF/M2, VAO ATE 6,0 M, EXCLUSO CONCRETO (SEM COLOCACAO)","M2","CR"]
[45313,"LAJE EM PAINEL TRELICADO MACICO L=25 CM, PTM-*25*, COM TRELICA DE 20 CM, PARA PISO, UNIDIRECIONAL, SOBRECARGA DE 350 KGF/M2, VAO ATE 9,0 M, EXCLUSO CONCRETO (SEM COLOCACAO)","M2","CR"]
[45314,"LAJE EM PAINEL TRELICADO MACICO L=25 CM, PTM-*30*, COM TRELICA DE 25 CM, PARA PISO, UNIDIRECIONAL, SOBRECARGA DE 350 KGF/M2, VAO ATE 10,0 M, EXCLUSO CONCRETO (SEM COLOCACAO)","M2","CR"]
[45309,"LAJE EM PAINEL TRELICADO MACICO L=25 CM, PTM-12, COM TRELICA DE 8 CM, PARA FORRO, UNIDIRECIONAL, SOBRECARGA DE 100 KGF/M2, VAO ATE 6,0 M, EXCLUSO CONCRETO (SEM COLOCACAO)","M2","CR"]
[45310,"LAJE EM PAINEL TRELICADO MACICO L=25 CM, PTM-12, COM TRELICA DE 8 CM, PARA PISO, UNIDIRECIONAL, SOBRECARGA DE 350 KGF/M2, VAO ATE 5,0 M, EXCLUSO CONCRETO (SEM COLOCACAO)","M2","CR"]
[45311,"LAJE EM PAINEL TRELICADO MACICO L=25 CM, PTM-16, COM TRELICA DE 12 CM, PARA PISO, UNIDIRECIONAL, SOBRECARGA DE 350 KGF/M2, VAO ATE 6,0 M, EXCLUSO CONCRETO (SEM COLOCACAO)","M2","CR"]
[45312,"LAJE EM PAINEL TRELICADO MACICO L=25 CM, PTM-20, COM TRELICA DE 16 CM, PARA PISO, UNIDIRECIONAL, SOBRECARGA DE 350 KGF/M2, VAO ATE 8,0 M, EXCLUSO CONCRETO (SEM COLOCACAO)","M2","CR"]
[43342,"LAJE PRE-MOLDADA COM VIGOTA PROTENDIDA (LAJOTAS + VIGOTAS) COM LAJOTA CERAMICA 30 X 20 X 12 CM (L X C X A) E VIGOTA VPT 10 X 9 CM (L X A), PARA PISO, UNIDIRECIONAL, SOBRECARGA DE 350 KGF/M2, VAO ATE 5,5 M (SEM COLOCACAO)","M2","CR"]
[43343,"LAJE PRE-MOLDADA COM VIGOTA PROTENDIDA (LAJOTAS + VIGOTAS) COM LAJOTA CERAMICA 30 X 20 X 16 CM (L X C X A) E VIGOTA VPT 10 X 9 CM (L X A), PARA PISO, UNIDIRECIONAL, SOBRECARGA DE 350 KGF/M2, VAO ATE 6 M (SEM COLOCACAO)","M2","CR"]
[43344,"LAJE PRE-MOLDADA COM VIGOTA PROTENDIDA (LAJOTAS + VIGOTAS) COM LAJOTA CERAMICA 30 X 20 X 20 CM (L X C X A) E VIGOTA VPT 10 X 9 CM (L X A), PARA PISO, UNIDIRECIONAL, SOBRECARGA DE 350 KGF/M2, VAO ATE 6,5 M (SEM COLOCACAO)","M2","CR"]
[45307,"LAJE PRE-MOLDADA COM VIGOTA PROTENDIDA (LAJOTAS + VIGOTAS) COM LAJOTA CERAMICA 30 X 20 X 24 CM (L X C X A) E VIGOTA VPT 10 X 9 CM (L X A), PARA PISO, UNIDIRECIONAL, SOBRECARGA DE 350 KGF/M2, VAO ATE 7 M (SEM COLOCACAO)","M2","CR"]
[43345,"LAJE PRE-MOLDADA COM VIGOTA PROTENDIDA (LAJOTAS + VIGOTAS) COM LAJOTA CERAMICA 30 X 20 X 8 CM (L X C X A) E VIGOTA VPT 10 X 9 CM (L X A), PARA PISO, UNIDIRECIONAL, SOBRECARGA DE 350 KGF/M2, VAO ATE 4,5 M (SEM COLOCACAO)","M2","CR"]
[43346,"LAJE PRE-MOLDADA COM VIGOTA PROTENDIDA (LAJOTAS + VIGOTAS) COM LAJOTA EM POLIESTIRENO EXPANDIDO (EPS), H12, *33* X 100 X 12 CM (L X C X A) E VIGOTA VPT 10 X 9 CM (L X A), PARA PISO, UNIDIRECIONAL, SOBRECARGA DE 350 KGF/M2, VAO ATE 5,5 M (SEM COLOCACAO)","M2","CR"]
[43347,"LAJE PRE-MOLDADA COM VIGOTA PROTENDIDA (LAJOTAS + VIGOTAS) COM LAJOTA EM POLIESTIRENO EXPANDIDO (EPS), H16, *33* X 100 X 16 CM (L X C X A) E VIGOTA VPT 10 X 9 CM (L X A), PARA PISO, UNIDIRECIONAL, SOBRECARGA DE 350 KGF/M2, VAO ATE 6,5 M (SEM COLOCACAO)","M2","CR"]
[43348,"LAJE PRE-MOLDADA COM VIGOTA PROTENDIDA (LAJOTAS + VIGOTAS) COM LAJOTA EM POLIESTIRENO EXPANDIDO (EPS), H20, *33* X 100 X 20 CM (L X C X A) E VIGOTA VPT 10 X 9 CM (L X A), PARA PISO, UNIDIRECIONAL, SOBRECARGA DE 350 KGF/M2, VAO ATE 7 M (SEM COLOCACAO)","M2","CR"]
[45308,"LAJE PRE-MOLDADA COM VIGOTA PROTENDIDA (LAJOTAS + VIGOTAS) COM LAJOTA EM POLIESTIRENO EXPANDIDO (EPS), H25, *33* X 100 X 25 CM (L X C X A) E VIGOTA VPT 10 X 9 CM (L X A), PARA PISO, UNIDIRECIONAL, SOBRECARGA DE 350 KGF/M2, VAO ATE 8 M (SEM COLOCACAO)","M2","CR"]
[43349,"LAJE PRE-MOLDADA COM VIGOTA PROTENDIDA (LAJOTAS + VIGOTAS) COM LAJOTA EM POLIESTIRENO EXPANDIDO (EPS), H8, *33* X 100 X 8 CM (L X C X A) E VIGOTA VPT 10 X 9 CM (L X A), PARA PISO, UNIDIRECIONAL, SOBRECARGA DE 350 KGF/M2, VAO ATE 4,5 M (SEM COLOCACAO)","M2","CR"]
[3736,"LAJE PRE-MOLDADA CONVENCIONAL (LAJOTAS + VIGOTAS) PARA FORRO, UNIDIRECIONAL, SOBRECARGA DE 100 KG/M2, VAO ATE 4 M (SEM COLOCACAO)","M2","CR"]
[3741,"LAJE PRE-MOLDADA CONVENCIONAL (LAJOTAS + VIGOTAS) PARA FORRO, UNIDIRECIONAL, SOBRECARGA DE 100 KG/M2, VAO ATE 4,5 M (SEM COLOCACAO)","M2","CR"]
[3737,"LAJE PRE-MOLDADA CONVENCIONAL (LAJOTAS + VIGOTAS) PARA PISO, UNIDIRECIONAL, SOBRECARGA DE 350 KG/M2, VAO ATE 4,5 M (SEM COLOCACAO)","M2","CR"]
[43353,"LAJE PRE-MOLDADA TRELICADA (LAJOTAS + VIGOTAS) COM LAJOTA CERAMICA *30* X 20 X *8* CM (L X C X A) E VIGOTA VTR *12* X 8 CM (L X A), PARA PISO, UNIDIRECIONAL, SOBRECARGA DE 350 KGF/M2, VAO ATE 4 M (SEM COLOCACAO)","M2","CR"]
[43350,"LAJE PRE-MOLDADA TRELICADA (LAJOTAS + VIGOTAS) COM LAJOTA CERAMICA *30* X 20 X 12 CM (L X C X A) E VIGOTA VTR *12* X 12 CM (L X A), PARA PISO, UNIDIRECIONAL, SOBRECARGA DE 350 KGF/M2, VAO ATE 5 M (SEM COLOCACAO)","M2","CR"]
[43351,"LAJE PRE-MOLDADA TRELICADA (LAJOTAS + VIGOTAS) COM LAJOTA CERAMICA *30* X 20 X 16 CM (L X C X A) E VIGOTA VTR *12* X 16 CM (L X A), PARA PISO, UNIDIRECIONAL, SOBRECARGA DE 350 KGF/M2, VAO ATE 6 M (SEM COLOCACAO)","M2","CR"]
[43352,"LAJE PRE-MOLDADA TRELICADA (LAJOTAS + VIGOTAS) COM LAJOTA CERAMICA *30* X 20 X 20 CM (L X C X A) E VIGOTA VTR *12* X 20 CM (L X A), PARA PISO, UNIDIRECIONAL, SOBRECARGA DE 350 KGF/M2, VAO ATE 7 M (SEM COLOCACAO)","M2","CR"]
[45306,"LAJE PRE-MOLDADA TRELICADA (LAJOTAS + VIGOTAS) COM LAJOTA CERAMICA *30* X 20 X 24 CM (L X C X A) E VIGOTA VTR *12* X 25 CM (L X A), PARA PISO, UNIDIRECIONAL, SOBRECARGA DE 350 KGF/M2, VAO ATE 8 M (SEM COLOCACAO)","M2","CR"]
[44379,"LAJE PRE-MOLDADA TRELICADA (LAJOTAS + VIGOTAS) COM LAJOTA EM POLIESTIRENO EXPANDIDO (EPS), H12, *33* X 100 X 12 CM (L X C X A) E VIGOTA VTR *12* X 12 CM (L X A), PARA PISO, UNIDIRECIONAL, SOBRECARGA DE 350 KGF/M2, VAO ATE 5,5 M (SEM COLOCACAO)","M2","CR"]
[43355,"LAJE PRE-MOLDADA TRELICADA (LAJOTAS + VIGOTAS) COM LAJOTA EM POLIESTIRENO EXPANDIDO (EPS), H16, *33* X 100 X 16 CM (L X C X A) E VIGOTA VTR *12* X 16 CM (L X A), PARA PISO, UNIDIRECIONAL, SOBRECARGA DE 350 KGF/M2, VAO ATE 6,5 M (SEM COLOCACAO)","M2","CR"]
[43356,"LAJE PRE-MOLDADA TRELICADA (LAJOTAS + VIGOTAS) COM LAJOTA EM POLIESTIRENO EXPANDIDO (EPS), H20, *33* X 100 X 20 CM (L X C X A) E VIGOTA VTR *12* X 20 CM (L X A), PARA PISO, UNIDIRECIONAL, SOBRECARGA DE 350 KGF/M2, VAO ATE 8 M (SEM COLOCACAO)","M2","CR"]
[45305,"LAJE PRE-MOLDADA TRELICADA (LAJOTAS + VIGOTAS) COM LAJOTA EM POLIESTIRENO EXPANDIDO (EPS), H25,*33* X 100 X 25 CM (L X C X A) E VIGOTA VTR *12* X 25 CM (L X A), PARA PISO, UNIDIRECIONAL, SOBRECARGA DE 350 KGF/M2, VAO ATE 9 M (SEM COLOCACAO)","M2","CR"]
[3742,"LAJE PRE-MOLDADA TRELICADA (LAJOTAS + VIGOTAS) PARA FORRO, UNIDIRECIONAL, SOBRECARGA DE 100 KG/M2, VAO ATE 6,00 M (SEM COLOCACAO)","M2","CR"]
[43357,"LAJE PRE-MOLDADA TRELICADA (LAJOTAS + VIGOTAS) COM LAJOTA EM POLIESTIRENO EXPANDIDO (EPS), *H8*, *33* X 100 X 8 CM (L X C X A) E VIGOTA VTR *12* X 8 CM (L X A), PARA PISO, UNIDIRECIONAL, SOBRECARGA DE 250 KGF/M2, VAO ATE 4 M (SEM COLOCACAO)","M2","C"]
[38194,"LAMPADA LED 10 W BIVOLT BRANCA, FORMATO TRADICIONAL (BASE E27)","UN","C",5.99]
[38193,"LAMPADA LED 6 W BIVOLT BRANCA, FORMATO TRADICIONAL (BASE E27)","UN","CR",5.2]
[39388,"LAMPADA LED TIPO DICROICA BIVOLT, LUZ BRANCA, 5 W (BASE GU10)","UN","CR",7.36]
[39387,"LAMPADA LED TUBULAR BIVOLT 18/20 W, BASE G13","UN","CR",11.48]
[39386,"LAMPADA LED TUBULAR BIVOLT 9/10 W, BASE G13","UN","CR",8]
[45229,"LAPIS PARA CARPINTEIRO","UN","CR",2.16]
[746,"LAVADORA DE ALTA PRESSAO (LAVA - JATO) PARA AGUA FRIA, PRESSAO DE OPERACAO ENTRE 1400 E 1900 LIB/POL2, VAZAO MAXIMA ENTRE 400 E 700 L/H, POTENCIA DE OPERACAO ENTRE 2,50 E 3,00 CV","UN","C"]
[20269,"LAVATORIO / CUBA DE EMBUTIR, OVAL, DE LOUCA BRANCA, SEM LADRAO, DIMENSOES *50 X 35* CM (L X C)","UN","CR",102.53]
[20270,"LAVATORIO / CUBA DE EMBUTIR, OVAL, DE LOUCA COLORIDA, SEM LADRAO, DIMENSOES *50 X 35* CM (L X C)","UN","CR",113.3]
[11696,"LAVATORIO / CUBA DE SOBREPOR, OVAL PEQUENA, DE LOUCA BRANCA, SEM LADRAO, DIMENSOES *44 X 31* CM (L X C)","UN","CR",181.36]
[10427,"LAVATORIO / CUBA DE SOBREPOR, RETANGULAR, DE LOUCA BRANCA, COM LADRAO, DIMENSOES *52 X 45* CM (L X C)","UN","CR",507.53]
[10428,"LAVATORIO / CUBA DE SOBREPOR, RETANGULAR, DE LOUCA COLORIDA, COM LADRAO, DIMENSOES *52 X 45* CM (L X C)","UN","CR",522.91999999999996]
[36521,"LAVATORIO DE CANTO DE LOUCA BRANCA, SUSPENSO (SEM COLUNA), DIMENSOES *40 X 30* CM (L X C)","UN","CR",163.16]
[36794,"LAVATORIO DE LOUCA BRANCA, COM COLUNA, DIMENSOES *44 X 35* CM (L X C)","UN","CR",173.7]
[10426,"LAVATORIO DE LOUCA BRANCA, COM COLUNA, DIMENSOES *54 X 44* CM (L X C)","UN","CR",194.5]
[10425,"LAVATORIO DE LOUCA BRANCA, SUSPENSO (SEM COLUNA), DIMENSOES *40 X 30* CM","UN","CR",98.67]
[10431,"LAVATORIO DE LOUCA COLORIDA, COM COLUNA, DIMENSOES *54 X 44* CM (L X C)","UN","CR",337.82]
[10429,"LAVATORIO DE LOUCA COLORIDA, SUSPENSO (SEM COLUNA), DIMENSOES *40 X 30* CM (L X C)","UN","CR",166.65]
[10853,"LETRA ACO INOX (AISI 304), CHAPA NUM. 22, RECORTADO, H= 20 CM (SEM RELEVO)","UN","CR",103.74]
[5093,"LEVANTADOR DE JANELA GUILHOTINA, EM LATAO CROMADO","PAR","CR",17.36]
[45254,"LIMA QUADRADA BASTARDA 8\", COM CABO","UN","CR",27.43]
[45253,"LIMA REDONDA BASTARDA 8\", COM CABO","UN","CR",35.549999999999997]
[44331,"LIMPA VIDROS COM PULVERIZADOR","L","CR",58.87]
[37768,"LIMPADORA A SUCCAO, TANQUE 12000 L, BASCULAMENTO HIDRAULICO, BOMBA 12 M3/MIN 95% VACUO (INCLUI MONTAGEM, NAO INCLUI CAMINHAO)","UN","C"]
[38382,"LINHA PARA PEDREIRO LISA, 0,8 MM X 100 M","UN","CR",12.42]
[38383,"LIXA D'AGUA EM FOLHA, COR PRETA, GRAO 100","UN","CR",1.97]
[3768,"LIXA EM FOLHA PARA FERRO, NUMERO 150","UN","CR",2.8]
[3767,"LIXA EM FOLHA PARA PAREDE OU MADEIRA, NUMERO 120, COR VERMELHA","UN","CR",0.94]
[42440,"LIXEIRA DUPLA, COM CAPACIDADE VOLUMETRICA DE 60L*, FABRICADA EM TUBO DE ACO CARBONO, CESTOS EM CHAPA DE ACO E PINTURA NO PROCESSO ELETROSTATICO - PARA ACADEMIA AO AR LIVRE / ACADEMIA DA TERCEIRA IDADE - ATI","UN","CR"]
[20193,"LOCACAO DE ANDAIME METALICO TIPO FACHADEIRO, PECAS COM APROXIMADAMENTE 1,20 M DE LARGURA E 2,0 M DE ALTURA, INCLUINDO DIAGONAIS EM X, BARRAS DE LIGACAO, SAPATAS E DEMAIS ITENS NECESSARIOS A MONTAGEM (NAO INCLUI INSTALACAO)","M2XMES","CR",23.25]
[10527,"LOCACAO DE ANDAIME METALICO TUBULAR DE ENCAIXE, TIPO DE TORRE, CADA PAINEL COM LARGURA DE 1 ATE 1,5 M E ALTURA DE *1,00* M, INCLUINDO DIAGONAL, BARRAS DE LIGACAO, SAPATAS OU RODIZIOS E DEMAIS ITENS NECESSARIOS A MONTAGEM (NAO INCLUI INSTALACAO)","MXMES","C",31]
[41805,"LOCACAO DE ANDAIME SUSPENSO OU BALANCIM MANUAL, CAPACIDADE DE CARGA TOTAL DE APROXIMADAMENTE 250 KG/M2, PLATAFORMA DE 1,50 M X 0,80 M (C X L), CABO DE 45 M","MES","CR",891.25]
[40271,"LOCACAO DE APRUMADOR METALICO DE PILAR, COM ALTURA E ANGULO REGULAVEIS, EXTENSAO DE *1,50* A *2,80* M","UNXMES","CR",23.73]
[40287,"LOCACAO DE BARRA DE ANCORAGEM DE 0,80 A 1,20 M DE EXTENSAO, COM ROSCA DE 5/8\", INCLUINDO PORCA E FLANGE","MES","CR",9.1300000000000008]
[10779,"LOCACAO DE CONTAINER 2,30 X 4,30 M, ALT. 2,50 M, P/ SANITARIO, C/ 5 BACIAS, 1 LAVATORIO E 4 MICTORIOS (NAO INCLUI MOBILIZACAO/DESMOBILIZACAO)","MES","CR"]
[10777,"LOCACAO DE CONTAINER 2,30 X 4,30 M, ALT. 2,50 M, PARA SANITARIO, COM 3 BACIAS, 4 CHUVEIROS, 1 LAVATORIO E 1 MICTORIO (NAO INCLUI MOBILIZACAO/DESMOBILIZACAO)","MES","CR"]
[10775,"LOCACAO DE CONTAINER 2,30 X 6,00 M, ALT. 2,50 M, COM 1 SANITARIO, PARA ESCRITORIO, COMPLETO, SEM DIVISORIAS INTERNAS (NAO INCLUI MOBILIZACAO/DESMOBILIZACAO)","MES","C"]
[10776,"LOCACAO DE CONTAINER 2,30 X 6,00 M, ALT. 2,50 M, PARA ESCRITORIO, SEM DIVISORIAS INTERNAS E SEM SANITARIO (NAO INCLUI MOBILIZACAO/DESMOBILIZACAO)","MES","CR"]
[10778,"LOCACAO DE CONTAINER 2,30 X 6,00 M, ALT. 2,50 M, PARA SANITARIO, COM 4 BACIAS, 8 CHUVEIROS,1 LAVATORIO E 1 MICTORIO (NAO INCLUI MOBILIZACAO/DESMOBILIZACAO)","MES","CR"]
[40339,"LOCACAO DE CRUZETA, SIMPLES, PARA ESCORA METALICA, COMPRIMENTO ENTRE 50 A 60 CM, PARA ESCORA DE 1,80 A 3,20 METROS E TUBO EXTERNO ATE 48 MM DE DIAMETRO","UNXMES","CR",8.32]
[10749,"LOCACAO DE ESCORA METALICA TELESCOPICA, COM ALTURA REGULAVEL DE *1,80* A *3,20* M, COM CAPACIDADE DE CARGA DE NO MINIMO 1000 KGF (10 KN), INCLUSO TRIPE E FORCADO","UNXMES","CR",27.51]
[40290,"LOCACAO DE FORMA PLASTICA PARA LAJE NERVURADA, DIMENSOES *60* X *60* X *16* CM","UNXMES","CR",14.88]
[3346,"LOCACAO DE GRUPO GERADOR *80 A 125* KVA, MOTOR DIESEL, REBOCAVEL, ACIONAMENTO MANUAL","H","C"]
[3348,"LOCACAO DE GRUPO GERADOR ACIMA DE * 125 ATE 180* KVA, MOTOR DIESEL, REBOCAVEL, ACIONAMENTO MANUAL","H","CR"]
[39833,"LOCACAO DE GRUPO GERADOR DE *260* KVA, DIESEL REBOCAVEL, ACIONAMENTO MANUAL","H","CR"]
[7252,"LOCACAO DE NIVEL OPTICO, COM PRECISAO DE 0,7 MM, AUMENTO DE 32X","H","CR"]
[7247,"LOCACAO DE TEODOLITO ELETRONICO, PRECISAO ANGULAR DE 5 A 7 SEGUNDOS, INCLUINDO TRIPE","H","C"]
[40291,"LOCACAO DE TORRE METALICA COMPLETA PARA UMA CARGA DE 8 TF (80 KN) E PE DIREITO DE 6 M, INCLUINDO MODULOS, DIAGONAIS, SAPATAS E FORCADOS","UNXMES","CR",775]
[40275,"LOCACAO DE VIGA SANDUICHE METALICA VAZADA PARA TRAVAMENTO DE PILARES, ALTURA DE *8* CM, LARGURA DE *6* CM E EXTENSAO DE 2 M","UNXMES","CR",24.8]
[42408,"LONA PLASTICA EXTRA FORTE PRETA, E = 200 MICRA","M2","CR",1.89]
[3777,"LONA PLASTICA PESADA PRETA, E = 150 MICRA","M2","CR",1.66]
[44699,"LUBRIFICANTE REDUTOR DE TORQUE E ARRASTO DE ALTO DESEMPENHO, PARA PERFURACAO HORIZONTAL DIRECIONAL, HDD","KG","CR",50.78]
[3798,"LUMINARIA ABERTA P/ ILUMINACAO PUBLICA, TIPO X-57 PETERCO OU EQUIV","UN","CR"]
[38769,"LUMINARIA ARANDELA TIPO MEIA-LUA COM VIDRO FOSCO *30 X 15* CM, PARA 1 LAMPADA, BASE E27, POTENCIA MAXIMA 40/60 W (NAO INCLUI LAMPADA)","UN","CR"]
[38774,"LUMINARIA DE EMERGENCIA 30 LEDS, POTENCIA 2 W, BATERIA DE LITIO, AUTONOMIA DE 6 HORAS","UN","CR",15.05]
[42247,"LUMINARIA DE LED PARA ILUMINACAO PUBLICA, DE 138 W ATE 180 W, INVOLUCRO EM ALUMINIO OU ACO INOX","UN","CR",513.63]
[42248,"LUMINARIA DE LED PARA ILUMINACAO PUBLICA, DE 181 W ATE 239 W, INVOLUCRO EM ALUMINIO OU ACO INOX","UN","CR",596.62]
[42249,"LUMINARIA DE LED PARA ILUMINACAO PUBLICA, DE 240 W ATE 350 W, INVOLUCRO EM ALUMINIO OU ACO INOX","UN","CR",988.4]
[42244,"LUMINARIA DE LED PARA ILUMINACAO PUBLICA, DE 33 W ATE 50 W, INVOLUCRO EM ALUMINIO OU ACO INOX","UN","CR",154.36000000000001]
[42245,"LUMINARIA DE LED PARA ILUMINACAO PUBLICA, DE 51 W ATE 67 W, INVOLUCRO EM ALUMINIO OU ACO INOX","UN","CR",284.83999999999997]
[42246,"LUMINARIA DE LED PARA ILUMINACAO PUBLICA, DE 68 W ATE 97 W, INVOLUCRO EM ALUMINIO OU ACO INOX","UN","CR",315.3]
[42243,"LUMINARIA DE LED PARA ILUMINACAO PUBLICA, DE 98 W ATE 137 W, INVOLUCRO EM ALUMINIO OU ACO INOX","UN","CR",380.19]
[38889,"LUMINARIA DE SOBREPOR EM CHAPA DE ACO COM ALETAS PLASTICAS, PARA 1 LAMPADA, BASE E27, POTENCIA MAXIMA 40/60 W (NAO INCLUI LAMPADA)","UN","CR"]
[38784,"LUMINARIA DE SOBREPOR EM CHAPA DE ACO COM ALETAS PLASTICAS, PARA 2 LAMPADAS, BASE E27, POTENCIA MAXIMA 40/60 W (NAO INCLUI LAMPADAS)","UN","CR"]
[3780,"LUMINARIA DE SOBREPOR EM CHAPA DE ACO PARA 1 LAMPADA FLUORESCENTE DE *36* W, ALETADA, COMPLETA (LAMPADA E REATOR INCLUSOS)","UN","C"]
[38773,"LUMINARIA DE TETO PLAFON/PLAFONIER EM PLASTICO COM BASE E27, POTENCIA MAXIMA 60 W (NAO INCLUI LAMPADA)","UN","CR"]
[12271,"LUMINARIA DUPLA P/SINALIZACAO, TIPO WETZEL AS-2/110 OU EQUIV","UN","CR"]
[39385,"LUMINARIA LED PLAFON REDONDO DE SOBREPOR BIVOLT 12/13 W, D = *17* CM","UN","CR",13.76]
[39389,"LUMINARIA LED REFLETOR RETANGULAR BIVOLT, LUZ BRANCA, 10 W","UN","CR",14.93]
[39390,"LUMINARIA LED REFLETOR RETANGULAR BIVOLT, LUZ BRANCA, 30 W","UN","CR",31.3]
[39391,"LUMINARIA LED REFLETOR RETANGULAR BIVOLT, LUZ BRANCA, 50 W","UN","CR",35.14]
[3803,"LUMINARIA PLAFON REDONDO COM VIDRO FOSCO DIAMETRO *25* CM, PARA 1 LAMPADA, BASE E27, POTENCIA MAXIMA 40/60 W (NAO INCLUI LAMPADA)","UN","CR"]
[38770,"LUMINARIA PLAFON REDONDO COM VIDRO FOSCO DIAMETRO *30* CM, PARA 2 LAMPADAS, BASE E27, POTENCIA MAXIMA 40/60 W (NAO INCLUI LAMPADAS)","UN","CR"]
[12267,"LUMINARIA PROVA DE TEMPO PETERCO Y.31/1","UN","CR"]
[43265,"LUMINARIA SOLAR LED EXTERNA, TIPO ARANDELA DE PAREDE, EM ALUMINIO, 16 LEDS, LUZ BRANCA, *180* LUMENS, CAPACIDADE DE ILUMINACAO ATE 36 H, RETANGULAR, *13 X 9 X 7* (C X L X A), COM SENSOR DE MOVIMENTO / PRESENCA, BATERIA RECARREGAVEL COM LUZ SOLAR, RESISTENTE AO CALOR, A PROVA DE AGUA E POEIRA/ IMPERMEAVEL, IP65","UN","CR",43.04]
[12266,"LUMINARIA SPOT DE SOBREPOR EM ALUMINIO COM ALETA PLASTICA PARA 1 LAMPADA, BASE E27, POTENCIA MAXIMA 40/60 W (NAO INCLUI LAMPADA)","UN","CR"]
[39378,"LUMINARIA SPOT DE SOBREPOR EM ALUMINIO COM ALETA PLASTICA PARA 2 LAMPADAS, BASE E27, POTENCIA MAXIMA 40/60 W (NAO INCLUI LAMPADA)","UN","CR"]
[43543,"LUMINARIA TIPO TARTARUGA A PROVA DE TEMPO, GASES, VAPOR E PO, EM ALUMINIO, COM GRADE, BASE E27, POTENCIA MAXIMA 100 W (NAO INCLUI LAMPADA)","UN","CR"]
[38775,"LUMINARIA TIPO TARTARUGA PARA AREA EXTERNA EM ALUMINIO, COM GRADE, PARA 1 LAMPADA, BASE E27, POTENCIA MAXIMA 40/60 W (NAO INCLUI LAMPADA)","UN","CR"]
[44252,"LUVA CPVC, SOLDAVEL, 114 MM, PARA AGUA QUENTE PREDIAL","UN","CR"]
[21119,"LUVA CPVC, SOLDAVEL, 15 MM, PARA AGUA QUENTE PREDIAL","UN","CR"]
[37974,"LUVA CPVC, SOLDAVEL, 22 MM, PARA AGUA QUENTE PREDIAL","UN","CR"]
[37975,"LUVA CPVC, SOLDAVEL, 28 MM, PARA AGUA QUENTE PREDIAL","UN","CR"]
[37976,"LUVA CPVC, SOLDAVEL, 35 MM, PARA AGUA QUENTE PREDIAL","UN","CR"]
[37977,"LUVA CPVC, SOLDAVEL, 42 MM, PARA AGUA QUENTE PREDIAL","UN","CR"]
[37978,"LUVA CPVC, SOLDAVEL, 54 MM, PARA AGUA QUENTE PREDIAL","UN","CR"]
[37979,"LUVA CPVC, SOLDAVEL, 73 MM, PARA AGUA QUENTE PREDIAL","UN","CR"]
[37980,"LUVA CPVC, SOLDAVEL, 89 MM, PARA AGUA QUENTE PREDIAL","UN","CR"]
[36147,"LUVA DE BORRACHA ISOLANTE PARA ALTA TENSAO, RESISTENTE A OZONIO, TENSAO DE ENSAIO 2,5 KV (PAR)","PAR","CR",285.86]
[12731,"LUVA DE COBRE SEM ANEL DE SOLDA, BOLSA X BOLSA, 104 MM","UN","CR"]
[12723,"LUVA DE COBRE SEM ANEL DE SOLDA, BOLSA X BOLSA, 15 MM","UN","CR"]
[12724,"LUVA DE COBRE SEM ANEL DE SOLDA, BOLSA X BOLSA, 22 MM","UN","CR"]
[12725,"LUVA DE COBRE SEM ANEL DE SOLDA, BOLSA X BOLSA, 28 MM","UN","CR"]
[12726,"LUVA DE COBRE SEM ANEL DE SOLDA, BOLSA X BOLSA, 35 MM","UN","CR"]
[12727,"LUVA DE COBRE SEM ANEL DE SOLDA, BOLSA X BOLSA, 42 MM","UN","CR"]
[12728,"LUVA DE COBRE SEM ANEL DE SOLDA, BOLSA X BOLSA, 54 MM","UN","CR"]
[12729,"LUVA DE COBRE SEM ANEL DE SOLDA, BOLSA X BOLSA, 66 MM","UN","CR"]
[12730,"LUVA DE COBRE SEM ANEL DE SOLDA, BOLSA X BOLSA, 79 MM","UN","CR"]
[3840,"LUVA DE CORRER COM TRAVAS DEFOFO, PVC, JE, DN 100 MM","UN","CR",51.25]
[3838,"LUVA DE CORRER COM TRAVAS DEFOFO, PVC, JE, DN 150 MM","UN","CR",113.1]
[3844,"LUVA DE CORRER COM TRAVAS DEFOFO, PVC, JE, DN 200 MM","UN","CR",201.74]
[3839,"LUVA DE CORRER COM TRAVAS DEFOFO, PVC, JE, DN 250 MM","UN","CR",367.46]
[3843,"LUVA DE CORRER COM TRAVAS DEFOFO, PVC, JE, DN 300 MM","UN","CR",504.35]
[3900,"LUVA DE CORRER PARA TUBO ROSCAVEL, PVC, 1 1/2\", PARA AGUA FRIA PREDIAL","UN","CR",46.82]
[3846,"LUVA DE CORRER PARA TUBO ROSCAVEL, PVC, 1/2\", PARA AGUA FRIA PREDIAL","UN","CR",14.07]
[3886,"LUVA DE CORRER PARA TUBO ROSCAVEL, PVC, 3/4\", PARA AGUA FRIA PREDIAL","UN","CR",18.670000000000002]
[3854,"LUVA DE CORRER PARA TUBO SOLDAVEL, PVC, 20 MM, PARA AGUA FRIA PREDIAL","UN","CR",10.64]
[3873,"LUVA DE CORRER PARA TUBO SOLDAVEL, PVC, 25 MM, PARA AGUA FRIA PREDIAL","UN","CR",12.39]
[38021,"LUVA DE CORRER PARA TUBO SOLDAVEL, PVC, 32 MM, PARA AGUA FRIA PREDIAL","UN","CR",22]
[43838,"LUVA DE CORRER PARA TUBO SOLDAVEL, PVC, 40 MM, PARA AGUA FRIA PREDIAL","UN","CR",28.44]
[3847,"LUVA DE CORRER PARA TUBO SOLDAVEL, PVC, 50 MM, PARA AGUA FRIA PREDIAL","UN","CR",28.68]
[38022,"LUVA DE CORRER PARA TUBO SOLDAVEL, PVC, 60 MM, PARA AGUA FRIA PREDIAL","UN","CR",39.409999999999997]
[3826,"LUVA DE CORRER PVC PBA, JE, DN 100 / DE 110 MM, PARA REDE DE AGUA","UN","CR",50.85]
[3825,"LUVA DE CORRER PVC PBA, JE, DN 50 / DE 60 MM, PARA REDE DE AGUA","UN","CR",14.62]
[3827,"LUVA DE CORRER PVC PBA, JE, DN 75 / DE 85 MM, PARA REDE DE AGUA","UN","CR",31.95]
[3830,"LUVA DE CORRER PVC, JE, DN 250 MM, PARA REDE COLETORA DE ESGOTO","UN","CR",193.78]
[37981,"LUVA DE CORRER, CPVC, SOLDAVEL, 15 MM, PARA AGUA QUENTE PREDIAL","UN","CR"]
[37982,"LUVA DE CORRER, CPVC, SOLDAVEL, 22 MM, PARA AGUA QUENTE PREDIAL","UN","CR"]
[37983,"LUVA DE CORRER, CPVC, SOLDAVEL, 28 MM, PARA AGUA QUENTE PREDIAL","UN","CR"]
[37984,"LUVA DE CORRER, CPVC, SOLDAVEL, 35 MM, PARA AGUA QUENTE PREDIAL","UN","CR"]
[37985,"LUVA DE CORRER, CPVC, SOLDAVEL, 42 MM, PARA AGUA QUENTE PREDIAL","UN","CR"]
[20165,"LUVA DE CORRER, PVC SERIE R, 100 MM, PARA ESGOTO PREDIAL","UN","CR",24.02]
[20166,"LUVA DE CORRER, PVC SERIE R, 150 MM, PARA ESGOTO PREDIAL","UN","CR",73.36]
[20164,"LUVA DE CORRER, PVC SERIE R, 75 MM, PARA ESGOTO PREDIAL","UN","CR",11.54]
[3893,"LUVA DE CORRER, PVC, DN 100 MM, PARA ESGOTO PREDIAL","UN","CR",18.09]
[3848,"LUVA DE CORRER, PVC, DN 50 MM, PARA ESGOTO PREDIAL","UN","CR",11.03]
[3895,"LUVA DE CORRER, PVC, DN 75 MM, PARA ESGOTO PREDIAL","UN","CR",12.25]
[12404,"LUVA DE FERRO GALVANIZADO, COM ROSCA BSP MACHO/FEMEA, DE 3/4\"","UN","CR"]
[3939,"LUVA DE FERRO GALVANIZADO, COM ROSCA BSP, DE 1 1/2\"","UN","CR"]
[3911,"LUVA DE FERRO GALVANIZADO, COM ROSCA BSP, DE 1 1/4\"","UN","CR"]
[3910,"LUVA DE FERRO GALVANIZADO, COM ROSCA BSP, DE 1\"","UN","CR"]
[3908,"LUVA DE FERRO GALVANIZADO, COM ROSCA BSP, DE 1/2\"","UN","CR"]
[3913,"LUVA DE FERRO GALVANIZADO, COM ROSCA BSP, DE 2 1/2\"","UN","CR"]
[3912,"LUVA DE FERRO GALVANIZADO, COM ROSCA BSP, DE 2\"","UN","CR"]
[3914,"LUVA DE FERRO GALVANIZADO, COM ROSCA BSP, DE 3\"","UN","CR"]
[3909,"LUVA DE FERRO GALVANIZADO, COM ROSCA BSP, DE 3/4\"","UN","CR"]
[3915,"LUVA DE FERRO GALVANIZADO, COM ROSCA BSP, DE 4\"","UN","CR"]
[3916,"LUVA DE FERRO GALVANIZADO, COM ROSCA BSP, DE 5\"","UN","CR"]
[3917,"LUVA DE FERRO GALVANIZADO, COM ROSCA BSP, DE 6\"","UN","CR"]
[45266,"LUVA DE LATEX MULTIUSO AMARELA FORRADA","PAR","CR",3.2]
[1904,"LUVA DE PRESSAO, EM PVC, DE 20 MM, PARA ELETRODUTO FLEXIVEL","UN","CR",0.73]
[1899,"LUVA DE PRESSAO, EM PVC, DE 25 MM, PARA ELETRODUTO FLEXIVEL","UN","CR",0.83]
[1900,"LUVA DE PRESSAO, EM PVC, DE 32 MM, PARA ELETRODUTO FLEXIVEL","UN","CR",1.35]
[12407,"LUVA DE REDUCAO DE FERRO GALVANIZADO, COM ROSCA BSP MACHO/FEMEA, DE 1 1/2\" X 1\"","UN","CR"]
[12408,"LUVA DE REDUCAO DE FERRO GALVANIZADO, COM ROSCA BSP MACHO/FEMEA, DE 1\" X 1/2\"","UN","CR"]
[12409,"LUVA DE REDUCAO DE FERRO GALVANIZADO, COM ROSCA BSP MACHO/FEMEA, DE 1\" X 3/4\"","UN","CR"]
[12410,"LUVA DE REDUCAO DE FERRO GALVANIZADO, COM ROSCA BSP MACHO/FEMEA, DE 3/4\" X 1/2\"","UN","CR"]
[3936,"LUVA DE REDUCAO DE FERRO GALVANIZADO, COM ROSCA BSP, DE 1 1/2\" X 1 1/4\"","UN","CR"]
[3924,"LUVA DE REDUCAO DE FERRO GALVANIZADO, COM ROSCA BSP, DE 1 1/2\" X 1\"","UN","CR"]
[3922,"LUVA DE REDUCAO DE FERRO GALVANIZADO, COM ROSCA BSP, DE 1 1/2\" X 1/2\"","UN","CR"]
[3923,"LUVA DE REDUCAO DE FERRO GALVANIZADO, COM ROSCA BSP, DE 1 1/2\" X 3/4\"","UN","CR"]
[3921,"LUVA DE REDUCAO DE FERRO GALVANIZADO, COM ROSCA BSP, DE 1 1/4\" X 1\"","UN","CR"]
[3937,"LUVA DE REDUCAO DE FERRO GALVANIZADO, COM ROSCA BSP, DE 1 1/4\" X 1/2\"","UN","CR"]
[3920,"LUVA DE REDUCAO DE FERRO GALVANIZADO, COM ROSCA BSP, DE 1 1/4\" X 3/4\"","UN","CR"]
[3938,"LUVA DE REDUCAO DE FERRO GALVANIZADO, COM ROSCA BSP, DE 1\" X 1/2\"","UN","CR"]
[3919,"LUVA DE REDUCAO DE FERRO GALVANIZADO, COM ROSCA BSP, DE 1\" X 3/4\"","UN","CR"]
[3927,"LUVA DE REDUCAO DE FERRO GALVANIZADO, COM ROSCA BSP, DE 2 1/2\" X 1 1/2\"","UN","CR"]
[3928,"LUVA DE REDUCAO DE FERRO GALVANIZADO, COM ROSCA BSP, DE 2 1/2\" X 2\"","UN","CR"]
[3926,"LUVA DE REDUCAO DE FERRO GALVANIZADO, COM ROSCA BSP, DE 2\" X 1 1/2\"","UN","CR"]
[3935,"LUVA DE REDUCAO DE FERRO GALVANIZADO, COM ROSCA BSP, DE 2\" X 1 1/4\"","UN","CR"]
[3925,"LUVA DE REDUCAO DE FERRO GALVANIZADO, COM ROSCA BSP, DE 2\" X 1\"","UN","CR"]
[3929,"LUVA DE REDUCAO DE FERRO GALVANIZADO, COM ROSCA BSP, DE 3\" X 1 1/2\"","UN","CR"]
[3931,"LUVA DE REDUCAO DE FERRO GALVANIZADO, COM ROSCA BSP, DE 3\" X 2 1/2\"","UN","CR"]
[3930,"LUVA DE REDUCAO DE FERRO GALVANIZADO, COM ROSCA BSP, DE 3\" X 2\"","UN","CR"]
[12406,"LUVA DE REDUCAO DE FERRO GALVANIZADO, COM ROSCA BSP, DE 3/4\" X 1/2\"","UN","CR"]
[3932,"LUVA DE REDUCAO DE FERRO GALVANIZADO, COM ROSCA BSP, DE 4\" X 2 1/2\"","UN","CR"]
[3933,"LUVA DE REDUCAO DE FERRO GALVANIZADO, COM ROSCA BSP, DE 4\" X 2\"","UN","CR"]
[3934,"LUVA DE REDUCAO DE FERRO GALVANIZADO, COM ROSCA BSP, DE 4\" X 3\"","UN","CR"]
[40355,"LUVA DE REDUCAO EM ACO CARBONO, COM ENCAIXE PARA SOLDA DN SW, PRESSAO 3.000 LBS, 3/4\" X 1/2\"","UN","CR"]
[40364,"LUVA DE REDUCAO EM ACO CARBONO, COM ENCAIXE PARA SOLDA DN SW, PRESSAO 3.000 LBS, DN 1 1/2\" X 1 1/4\"","UN","CR"]
[40361,"LUVA DE REDUCAO EM ACO CARBONO, COM ENCAIXE PARA SOLDA DN SW, PRESSAO 3.000 LBS, DN 1 1/4\" X 1\"","UN","CR"]
[40358,"LUVA DE REDUCAO EM ACO CARBONO, COM ENCAIXE PARA SOLDA DN SW, PRESSAO 3.000 LBS, DN 1\" X 3/4\"","UN","CR"]
[40370,"LUVA DE REDUCAO EM ACO CARBONO, COM ENCAIXE PARA SOLDA DN SW, PRESSAO 3.000 LBS, DN 2 1/2\" X 2\"","UN","CR"]
[40367,"LUVA DE REDUCAO EM ACO CARBONO, COM ENCAIXE PARA SOLDA DN SW, PRESSAO 3.000 LBS, DN 2\" X 1 1/2\"","UN","CR"]
[40373,"LUVA DE REDUCAO EM ACO CARBONO, COM ENCAIXE PARA SOLDA DN SW, PRESSAO 3.000 LBS, DN 3\" X 2 1/2\"","UN","CR"]
[3907,"LUVA DE REDUCAO ROSCAVEL, PVC, 1\" X 3/4\", PARA AGUA FRIA PREDIAL","UN","CR",5.39]
[3889,"LUVA DE REDUCAO ROSCAVEL, PVC, 3/4\" X 1/2\", PARA AGUA FRIA PREDIAL","UN","CR",3.83]
[3868,"LUVA DE REDUCAO SOLDAVEL, PVC, 25 MM X 20 MM, PARA AGUA FRIA PREDIAL","UN","CR",1.41]
[3869,"LUVA DE REDUCAO SOLDAVEL, PVC, 32 MM X 25 MM, PARA AGUA FRIA PREDIAL","UN","CR",3.12]
[3872,"LUVA DE REDUCAO SOLDAVEL, PVC, 40 MM X 32 MM, PARA AGUA FRIA PREDIAL","UN","CR",5.32]
[3850,"LUVA DE REDUCAO SOLDAVEL, PVC, 60 MM X 50 MM, PARA AGUA FRIA PREDIAL","UN","CR",12.28]
[38023,"LUVA DE REDUCAO, SOLDAVEL, PVC, 50 X 25 MM, PARA AGUA FRIA PREDIAL","UN","CR",6.25]
[37986,"LUVA DE TRANSICAO DE CPVC X PVC, SOLDAVEL, 22 X 25 MM, PARA AGUA QUENTE","UN","CR"]
[21120,"LUVA DE TRANSICAO, CPVC, 15 MM X 1/2\", PARA AGUA QUENTE PREDIAL","UN","CR"]
[39318,"LUVA DE TRANSICAO, CPVC, 22 MM X 1/2\", PARA AGUA QUENTE","UN","CR"]
[37987,"LUVA DE TRANSICAO, CPVC, SOLDAVEL, 42 MM X 1 1/2\", PARA AGUA QUENTE","UN","CR"]
[37988,"LUVA DE TRANSICAO, CPVC, SOLDAVEL, 54 MM X 2\", PARA AGUA QUENTE PREDIAL","UN","CR"]
[40366,"LUVA EM ACO CARBONO, SOLDAVEL, PRESSAO 3.000 LBS, DN 1 1/2\"","UN","CR"]
[40363,"LUVA EM ACO CARBONO, SOLDAVEL, PRESSAO 3.000 LBS, DN 1 1/4\"","UN","CR"]
[40360,"LUVA EM ACO CARBONO, SOLDAVEL, PRESSAO 3.000 LBS, DN 1\"","UN","CR"]
[40354,"LUVA EM ACO CARBONO, SOLDAVEL, PRESSAO 3.000 LBS, DN 1/2\"","UN","C"]
[40372,"LUVA EM ACO CARBONO, SOLDAVEL, PRESSAO 3.000 LBS, DN 2 1/2\"","UN","CR"]
[40369,"LUVA EM ACO CARBONO, SOLDAVEL, PRESSAO 3.000 LBS, DN 2\"","UN","CR"]
[40375,"LUVA EM ACO CARBONO, SOLDAVEL, PRESSAO 3.000 LBS, DN 3\"","UN","CR"]
[40357,"LUVA EM ACO CARBONO, SOLDAVEL, PRESSAO 3.000 LBS, DN 3/4\"","UN","CR"]
[1893,"LUVA EM PVC RIGIDO ROSCAVEL, DE 1 1/2\", PARA ELETRODUTO","UN","CR",2.77]
[1902,"LUVA EM PVC RIGIDO ROSCAVEL, DE 1 1/4\", PARA ELETRODUTO","UN","CR",2.02]
[1892,"LUVA EM PVC RIGIDO ROSCAVEL, DE 1\", PARA ELETRODUTO","UN","CR",1.3]
[1901,"LUVA EM PVC RIGIDO ROSCAVEL, DE 1/2\", PARA ELETRODUTO","UN","CR",0.63]
[1907,"LUVA EM PVC RIGIDO ROSCAVEL, DE 2 1/2\", PARA ELETRODUTO","UN","CR",8.93]
[1894,"LUVA EM PVC RIGIDO ROSCAVEL, DE 2\", PARA ELETRODUTO","UN","CR",4.01]
[1896,"LUVA EM PVC RIGIDO ROSCAVEL, DE 3\", PARA ELETRODUTO","UN","CR",11.99]
[1891,"LUVA EM PVC RIGIDO ROSCAVEL, DE 3/4\", PARA ELETRODUTO","UN","CR",0.93]
[1895,"LUVA EM PVC RIGIDO ROSCAVEL, DE 4\", PARA ELETRODUTO","UN","CR",21.07]
[2641,"LUVA PARA ELETRODUTO, EM ACO GALVANIZADO ELETROLITICO, COM ROSCA, DIAMETRO DE 100 MM (4\")","UN","CR"]
[2636,"LUVA PARA ELETRODUTO, EM ACO GALVANIZADO ELETROLITICO, COM ROSCA, DIAMETRO DE 15 MM (1/2\")","UN","CR"]
[2637,"LUVA PARA ELETRODUTO, EM ACO GALVANIZADO ELETROLITICO, COM ROSCA, DIAMETRO DE 20 MM (3/4\")","UN","CR"]
[2638,"LUVA PARA ELETRODUTO, EM ACO GALVANIZADO ELETROLITICO, COM ROSCA, DIAMETRO DE 25 MM (1\")","UN","CR"]
[2639,"LUVA PARA ELETRODUTO, EM ACO GALVANIZADO ELETROLITICO, COM ROSCA, DIAMETRO DE 32 MM (1 1/4\")","UN","CR"]
[2644,"LUVA PARA ELETRODUTO, EM ACO GALVANIZADO ELETROLITICO, COM ROSCA, DIAMETRO DE 40 MM (1 1/2\")","UN","CR"]
[2640,"LUVA PARA ELETRODUTO, EM ACO GALVANIZADO ELETROLITICO, COM ROSCA, DIAMETRO DE 65 MM (2 1/2\")","UN","CR"]
[2642,"LUVA PARA ELETRODUTO, EM ACO GALVANIZADO ELETROLITICO, COM ROSCA, DIAMETRO DE 80 MM (3\")","UN","CR"]
[2643,"LUVA PARA ELETRODUTO, EM ACO GALVANIZADO ELETROLITICO, COM ROSCA,DIAMETRO DE 50 MM (2\")","UN","CR"]
[44281,"LUVA PARA PERFURATRIZ DE ESTEIRA T38, D = 1 1/2\"","UN","CR"]
[39855,"LUVA PASSANTE DE COBRE SEM ANEL DE SOLDA, BOLSA 15 MM","UN","CR"]
[39856,"LUVA PASSANTE DE COBRE SEM ANEL DE SOLDA, BOLSA 22 MM","UN","CR"]
[39857,"LUVA PASSANTE DE COBRE SEM ANEL DE SOLDA, BOLSA 28 MM","UN","CR"]
[39858,"LUVA PASSANTE DE COBRE SEM ANEL DE SOLDA, BOLSA 35 MM","UN","CR"]
[39859,"LUVA PASSANTE DE COBRE SEM ANEL DE SOLDA, BOLSA 42 MM","UN","CR"]
[39860,"LUVA PASSANTE DE COBRE SEM ANEL DE SOLDA, BOLSA 54 MM","UN","CR"]
[39861,"LUVA PASSANTE DE COBRE SEM ANEL DE SOLDA, BOLSA 66 MM","UN","CR"]
[3867,"LUVA PVC SOLDAVEL, 110 MM, PARA AGUA FRIA PREDIAL","UN","CR",74.77]
[3861,"LUVA PVC SOLDAVEL, 20 MM, PARA AGUA FRIA PREDIAL","UN","CR",0.77]
[3904,"LUVA PVC SOLDAVEL, 25 MM, PARA AGUA FRIA PREDIAL","UN","CR",0.82]
[3903,"LUVA PVC SOLDAVEL, 32 MM, PARA AGUA FRIA PREDIAL","UN","CR",2.0099999999999998]
[3862,"LUVA PVC SOLDAVEL, 40 MM, PARA AGUA FRIA PREDIAL","UN","CR",4.2699999999999996]
[3863,"LUVA PVC SOLDAVEL, 50 MM, PARA AGUA FRIA PREDIAL","UN","CR",4.38]
[3864,"LUVA PVC SOLDAVEL, 60 MM, PARA AGUA FRIA PREDIAL","UN","CR",13.41]
[3865,"LUVA PVC SOLDAVEL, 75 MM, PARA AGUA FRIA PREDIAL","UN","CR",19.61]
[3866,"LUVA PVC SOLDAVEL, 85 MM, PARA AGUA FRIA PREDIAL","UN","CR",44.03]
[3878,"LUVA PVC, ROSCAVEL, 1 1/2\", AGUA FRIA PREDIAL","UN","CR",12.01]
[3876,"LUVA PVC, ROSCAVEL, 1\", AGUA FRIA PREDIAL","UN","CR",4.78]
[3883,"LUVA PVC, ROSCAVEL, 1/2\", AGUA FRIA PREDIAL","UN","CR",1.53]
[3884,"LUVA PVC, ROSCAVEL, 3/4\", AGUA FRIA PREDIAL","UN","CR",2.4300000000000002]
[12892,"LUVA RASPA DE COURO, CANO CURTO (PUNHO *7* CM)","PAR","CR",12.08]
[38447,"LUVA SIMPLES PPR, F/F, SOLDAVEL, DN 110 MM, PARA AGUA QUENTE PREDIAL","UN","CR"]
[36320,"LUVA SIMPLES PPR, F/F, SOLDAVEL, DN 20 MM, PARA AGUA QUENTE PREDIAL","UN","CR"]
[36324,"LUVA SIMPLES PPR, F/F, SOLDAVEL, DN 25 MM, PARA AGUA QUENTE PREDIAL","UN","CR"]
[38441,"LUVA SIMPLES PPR, F/F, SOLDAVEL, DN 32 MM, PARA AGUA QUENTE PREDIAL","UN","CR"]
[38442,"LUVA SIMPLES PPR, F/F, SOLDAVEL, DN 40 MM, PARA AGUA QUENTE PREDIAL","UN","CR"]
[38443,"LUVA SIMPLES PPR, F/F, SOLDAVEL, DN 50 MM, PARA AGUA QUENTE PREDIAL","UN","CR"]
[38444,"LUVA SIMPLES PPR, F/F, SOLDAVEL, DN 63 MM, PARA AGUA QUENTE PREDIAL","UN","CR"]
[38445,"LUVA SIMPLES PPR, F/F, SOLDAVEL, DN 75 MM, PARA AGUA QUENTE PREDIAL","UN","CR"]
[38446,"LUVA SIMPLES PPR, F/F, SOLDAVEL, DN 90 MM, PARA AGUA QUENTE PREDIAL","UN","CR"]
[3837,"LUVA SIMPLES PVC PBA, JE, DN 100 / DE 110 MM, PARA REDE DE AGUA","UN","CR",44.14]
[3845,"LUVA SIMPLES PVC PBA, JE, DN 50 / DE 60 MM, PARA REDE DE AGUA","UN","CR",16.12]
[11045,"LUVA SIMPLES PVC PBA, JE, DN 75 / DE 85 MM, PARA REDE DE AGUA","UN","CR",31.1]
[20170,"LUVA SIMPLES, PVC SERIE R, 100 MM, PARA ESGOTO PREDIAL","UN","CR",13.31]
[20171,"LUVA SIMPLES, PVC SERIE R, 150 MM, PARA ESGOTO PREDIAL","UN","CR",38.369999999999997]
[20167,"LUVA SIMPLES, PVC SERIE R, 40 MM, PARA ESGOTO PREDIAL","UN","CR",4.82]
[20168,"LUVA SIMPLES, PVC SERIE R, 50 MM, PARA ESGOTO PREDIAL","UN","CR",9.93]
[20169,"LUVA SIMPLES, PVC SERIE R, 75 MM, PARA ESGOTO PREDIAL","UN","CR",11.59]
[3899,"LUVA SIMPLES, PVC, SOLDAVEL, DN 100 MM, SERIE NORMAL, PARA ESGOTO PREDIAL","UN","CR",6.43]
[38676,"LUVA SIMPLES, PVC, SOLDAVEL, DN 150 MM, SERIE NORMAL, PARA ESGOTO PREDIAL","UN","CR",32.15]
[3897,"LUVA SIMPLES, PVC, SOLDAVEL, DN 40 MM, SERIE NORMAL, PARA ESGOTO PREDIAL","UN","CR",1.57]
[3875,"LUVA SIMPLES, PVC, SOLDAVEL, DN 50 MM, SERIE NORMAL, PARA ESGOTO PREDIAL","UN","CR",3.24]
[3898,"LUVA SIMPLES, PVC, SOLDAVEL, DN 75 MM, SERIE NORMAL, PARA ESGOTO PREDIAL","UN","CR",6.58]
[3855,"LUVA SOLDAVEL COM BUCHA DE LATAO, PVC, 20 MM X 1/2\"","UN","CR",5.18]
[3874,"LUVA SOLDAVEL COM BUCHA DE LATAO, PVC, 25 MM X 1/2\"","UN","CR",6.01]
[3870,"LUVA SOLDAVEL COM BUCHA DE LATAO, PVC, 25 MM X 3/4\"","UN","CR",6.59]
[38678,"LUVA SOLDAVEL COM BUCHA DE LATAO, PVC, 32 MM X 1\"","UN","CR",17.440000000000001]
[3859,"LUVA SOLDAVEL COM ROSCA, PVC, 20 MM X 1/2\", PARA AGUA FRIA PREDIAL","UN","CR",1.33]
[3856,"LUVA SOLDAVEL COM ROSCA, PVC, 25 MM X 1/2\", PARA AGUA FRIA PREDIAL","UN","CR",1.84]
[3906,"LUVA SOLDAVEL COM ROSCA, PVC, 25 MM X 3/4\", PARA AGUA FRIA PREDIAL","UN","CR",1.52]
[3860,"LUVA SOLDAVEL COM ROSCA, PVC, 32 MM X 1\", PARA AGUA FRIA PREDIAL","UN","CR",4.5199999999999996]
[3905,"LUVA SOLDAVEL COM ROSCA, PVC, 40 MM X 1 1/4\", PARA AGUA FRIA PREDIAL","UN","CR",10.37]
[3871,"LUVA SOLDAVEL COM ROSCA, PVC, 50 MM X 1 1/2\", PARA AGUA FRIA PREDIAL","UN","CR",18.34]
[37427,"LUVA, PEAD PE 100, DE 125 MM, PARA ELETROFUSAO","UN","CR"]
[37424,"LUVA, PEAD PE 100, DE 20 MM, PARA ELETROFUSAO","UN","CR"]
[37428,"LUVA, PEAD PE 100, DE 200 MM, PARA ELETROFUSAO","UN","CR"]
[37425,"LUVA, PEAD PE 100, DE 32 MM, PARA ELETROFUSAO","UN","CR"]
[37429,"LUVA, PEAD PE 100, DE 400 MM, PARA ELETROFUSAO","UN","CR"]
[37426,"LUVA, PEAD PE 100, DE 63 MM, PARA ELETROFUSAO","UN","CR"]
[39292,"LUVA/UNIAO DE REDUCAO METALICA, PARA CONEXAO COM ANEL DESLIZANTE, DN 20 X 16 MM, EM TUBO PEX PARA INST. AGUA QUENTE/FRIA","UN","CR"]
[39293,"LUVA/UNIAO DE REDUCAO METALICA, PARA CONEXAO COM ANEL DESLIZANTE, DN 25 X 16 MM, EM TUBO PEX PARA INST. AGUA QUENTE/FRIA","UN","CR"]
[39294,"LUVA/UNIAO DE REDUCAO METALICA, PARA CONEXAO COM ANEL DESLIZANTE, DN 25 X 20 MM, EM TUBO PEX PARA INST. AGUA QUENTE/FRIA","UN","CR"]
[39295,"LUVA/UNIAO DE REDUCAO METALICA, PARA CONEXAO COM ANEL DESLIZANTE, DN 32 X 25 MM, EM TUBO PEX PARA INST. AGUA QUENTE/FRIA","UN","CR"]
[39312,"LUVA/UNIAO DE REDUCAO, PLASTICA, PARA CONEXAO COM CRIMPAGEM, DN 20 X 16 MM, EM TUBO PEX PARA INST. AGUA QUENTE/FRIA","UN","CR"]
[39313,"LUVA/UNIAO DE REDUCAO, PLASTICA, PARA CONEXAO COM CRIMPAGEM, DN 25 X 16 MM, EM TUBO PEX PARA INST. AGUA QUENTE/FRIA","UN","CR"]
[39314,"LUVA/UNIAO DE REDUCAO, PLASTICA, PARA CONEXAO COM CRIMPAGEM, DN 32 X 25 MM, EM TUBO PEX PARA INST. AGUA QUENTE/FRIA","UN","CR"]
[39296,"LUVA/UNIAO METALICA, PARA CONEXAO COM ANEL DESLIZANTE, DN 16 MM, EM TUBO PEX PARA INST. AGUA QUENTE/FRIA","UN","CR"]
[39297,"LUVA/UNIAO METALICA, PARA CONEXAO COM ANEL DESLIZANTE, DN 20 MM, EM TUBO PEX PARA INST. AGUA QUENTE/FRIA","UN","CR"]
[39298,"LUVA/UNIAO METALICA, PARA CONEXAO COM ANEL DESLIZANTE, DN 25 MM, EM TUBO PEX PARA INST. AGUA QUENTE/FRIA","UN","CR"]
[39299,"LUVA/UNIAO METALICA, PARA CONEXAO COM ANEL DESLIZANTE, DN 32 MM, EM TUBO PEX PARA INST. AGUA QUENTE/FRIA","UN","CR"]
[39308,"LUVA/UNIAO, PLASTICA, PARA CONEXAO COM CRIMPAGEM, DN 16 MM, EM TUBO PEX PARA INST. AGUA QUENTE/FRIA","UN","CR"]
[39309,"LUVA/UNIAO, PLASTICA, PARA CONEXAO COM CRIMPAGEM, DN 20 MM, EM TUBO PEX PARA INST. AGUA QUENTE/FRIA","UN","CR"]
[39310,"LUVA/UNIAO, PLASTICA, PARA CONEXAO COM CRIMPAGEM, DN 25 MM, EM TUBO PEX PARA INST. AGUA QUENTE/FRIA","UN","CR"]
[39311,"LUVA/UNIAO, PLASTICA, PARA CONEXAO COM CRIMPAGEM, DN 32 MM, EM TUBO PEX PARA INST. AGUA QUENTE/FRIA","UN","CR"]
[45261,"LUVAS DE PVC, COM COMPRIMENTO DE *35* CM, FORRADAS, ACABAMENTO ASPERO ANTIDERRAPANTE NA FACE PALMAR","PAR","CR",21.09]
[11519,"MACANETA ALAVANCA RETA OCA, EM ZAMAC COM ACABAMENTO CROMADO, COMPRIMENTO APROX DE 15 CM","PAR","CR",52.48]
[11520,"MACANETA ALAVANCA, RETA SIMPLES / OCA, CROMADA, COMPRIMENTO DE 10 A 16 CM, ACABAMENTO PADRAO POPULAR - SOMENTE MACANETAS","PAR","CR",24.26]
[11518,"MACANETA BOLA, EM ZAMAC COM ACABAMENTO CROMADO, DIAMETRO DE APROX 2 1/2\"","PAR","CR",88.23]
[38473,"MACARICO DE SOLDA 201 PARA EXTENSAO GLP OU ACETILENO","UN","CR",311.8]
[4244,"MACARIQUEIRO (HORISTA)","H","CR",22.56]
[40977,"MACARIQUEIRO (MENSALISTA)","MES","CR",3933.45]
[4115,"MADEIRA ROLICA TRATADA, D = 12 A 15 CM, H = 3,00 M, EM EUCALIPTO OU EQUIVALENTE DA REGIAO","M","CR",32.9]
[4119,"MADEIRA ROLICA TRATADA, D = 16 A 20 CM, H = 6,00 M, EM EUCALIPTO OU EQUIVALENTE DA REGIAO","M","CR",66.44]
[2794,"MADEIRA ROLICA TRATADA, D = 25 A 29 CM, H = 6,50 M, EM EUCALIPTO OU EQUIVALENTE DA REGIAO","M","CR",176.26]
[2788,"MADEIRA ROLICA TRATADA, D = 30 A 34 CM, H = 6,50 M, EM EUCALIPTO OU EQUIVALENTE DA REGIAO","M","CR",256.77]
[4006,"MADEIRA SERRADA EM PINUS, MISTA OU EQUIVALENTE DA REGIAO - BRUTA","M3","CR",2645.61]
[45395,"MANGOTE DE SEGURANCA EM RASPA DE COURO","PAR","CR",32]
[37461,"MANGUEIRA CRISTAL TRANCADA, PVC COM REFORCO, COM PRESSAO DE TRABALHO (PT) 250 LBS/POL2, DE 3/4\" X *2,8* MM","M","CR",10.44]
[37460,"MANGUEIRA CRISTAL TRANCADA, PVC COM REFORCO, PRESSAO DE TRABALHO (PT) 250 LBS/POL2, DE 1\" X *3,1* MM","M","CR",18.329999999999998]
[37458,"MANGUEIRA CRISTAL, LISA, PVC TRANSPARENTE, 1/2\" X 2 MM","M","C",4.25]
[37454,"MANGUEIRA CRISTAL, LISA, PVC TRANSPARENTE, 1/4\" X1 MM","M","CR",1.33]
[37455,"MANGUEIRA CRISTAL, LISA, PVC TRANSPARENTE, 1/4\" X1,5 MM","M","CR",2.21]
[37459,"MANGUEIRA CRISTAL, LISA, PVC TRANSPARENTE, 3/4\" X 2 MM","M","CR",7.08]
[37457,"MANGUEIRA CRISTAL, LISA, PVC TRANSPARENTE, 3/8\" X 1,5 MM","M","CR",2.44]
[37456,"MANGUEIRA CRISTAL, LISA, PVC TRANSPARENTE, 5/16\" X 1 MM","M","CR",1.67]
[21029,"MANGUEIRA DE INCENDIO, TIPO 1, DE 1 1/2\", COMPRIMENTO = 15 M, TECIDO EM FIO DE POLIESTER E TUBO INTERNO EM BORRACHA SINTETICA, COM UNIOES ENGATE RAPIDO","UN","C",500]
[21030,"MANGUEIRA DE INCENDIO, TIPO 1, DE 1 1/2\", COMPRIMENTO = 20 M, TECIDO EM FIO DE POLIESTER E TUBO INTERNO EM BORRACHA SINTETICA, COM UNIOES ENGATE RAPIDO","UN","CR",616.33000000000004]
[21031,"MANGUEIRA DE INCENDIO, TIPO 1, DE 1 1/2\", COMPRIMENTO = 25 M, TECIDO EM FIO DE POLIESTER E TUBO INTERNO EM BORRACHA SINTETICA, COM UNIOES ENGATE RAPIDO","UN","CR",767.32]
[21032,"MANGUEIRA DE INCENDIO, TIPO 1, DE 1 1/2\", COMPRIMENTO = 30 M, TECIDO EM FIO DE POLIESTER E TUBO INTERNO EM BORRACHA SINTETICA, COM UNIOES ENGATE RAPIDO","UN","CR",819.3]
[37527,"MANGUEIRA DE INCENDIO, TIPO 2, DE 1 1/2\", COMPRIMENTO = 15 M, TECIDO EM FIO DE POLIESTER E TUBO INTERNO EM BORRACHA SINTETICA, COM UNIOES ENGATE RAPIDO","UN","CR",740.09]
[37528,"MANGUEIRA DE INCENDIO, TIPO 2, DE 1 1/2\", COMPRIMENTO = 20 M, TECIDO EM FIO DE POLIESTER E TUBO INTERNO EM BORRACHA SINTETICA, COM UNIOES","UN","CR",882.42]
[37529,"MANGUEIRA DE INCENDIO, TIPO 2, DE 1 1/2\", COMPRIMENTO = 25 M, TECIDO EM FIO DE POLIESTER E TUBO INTERNO EM BORRACHA SINTETICA, COM UNIOES","UN","CR",891.08]
[37530,"MANGUEIRA DE INCENDIO, TIPO 2, DE 1 1/2\", COMPRIMENTO = 30 M, TECIDO EM FIO DE POLIESTER E TUBO INTERNO EM BORRACHA SINTETICA, COM UNIOES","UN","CR",1163.3599999999999]
[21034,"MANGUEIRA DE INCENDIO, TIPO 2, DE 2 1/2\", COMPRIMENTO = 15 M, TECIDO EM FIO DE POLIESTER E TUBO INTERNO EM BORRACHA SINTETICA, COM UNIOES ENGATE RAPIDO","UN","CR",992.57]
[37531,"MANGUEIRA DE INCENDIO, TIPO 2, DE 2 1/2\", COMPRIMENTO = 20 M, TECIDO EM FIO DE POLIESTER E TUBO INTERNO EM BORRACHA SINTETICA, COM UNIOES","UN","CR",1250]
[21036,"MANGUEIRA DE INCENDIO, TIPO 2, DE 2 1/2\", COMPRIMENTO = 25 M, TECIDO EM FIO DE POLIESTER E TUBO INTERNO EM BORRACHA SINTETICA, COM UNIOES ENGATE RAPIDO","UN","CR",1519.8]
[21037,"MANGUEIRA DE INCENDIO, TIPO 2, DE 2 1/2\", COMPRIMENTO = 30 M, TECIDO EM FIO DE POLIESTER E TUBO INTERNO EM BORRACHA SINTETICA, COM UNIOES ENGATE RAPIDO","UN","CR",1732.67]
[20185,"MANGUEIRA DE PVC FLEXIVEL, TIPO FLAT/ACHATADA, D = 1 1/2\" (40 MM), PARA CONDUCAO DE AGUA, SERVICOS LEVES E MEDIOS","M","CR",11.26]
[44909,"MANGUEIRA FLEXIVEL TRANSPARENTE COM ESPIRAL AZUL, EM PVC, DIAM. 1\" (25 MM), PARA SERVICOS LEVES DE SUCCAO E DESCARGA","M","CR",12.69]
[44115,"MANGUEIRA FLEXIVEL TRANSPARENTE COM ESPIRAL AZUL, EM PVC, DIAM. 2\" (50 MM), PARA SERVICOS LEVES DE SUCCAO E DESCARGA","M","CR",23.35]
[44333,"MANGUEIRA FLEXIVEL TRANSPARENTE COM ESPIRAL AZUL, EM PVC, DIAM. 4\" (100 MM), PARA SERVICOS LEVES DE SUCCAO E DESCARGA","M","CR",76.709999999999994]
[44907,"MANGUEIRA PARA AR E AGUA DE PVC/BORRACHA, PRESSAO 300 PSI, DIAMETRO DE 1 POLEGADA","M","CR",13.45]
[20260,"MANGUEIRA PARA GAS - GLP, PVC, TRANCADA, DIAMETRO DE 3/8\", COMPRIMENTO DE 1M (NORMATIZADA)","UN","CR",12.34]
[37515,"MANIPULADOR TELESCOPICO, POTENCIA DE 85 HP, CAPACIDADE DE CARGA DE 3.500 KG, ALTURA MAXIMA DE ELEVACAO DE 12,3 M","UN","C"]
[12899,"MANOMETRO COM CAIXA EM ACO PINTADO, ESCALA *10* KGF/CM2 (*10* BAR), DIAMETRO NOMINAL DE *63* MM, CONEXAO DE 1/4\"","UN","CR"]
[12898,"MANOMETRO COM CAIXA EM ACO PINTADO, ESCALA *10* KGF/CM2 (*10* BAR), DIAMETRO NOMINAL DE 100 MM, CONEXAO DE 1/2\"","UN","C"]
[39699,"MANTA / LENCOL DE BORRACHA, SBR, ANTIRRUIDO, E = 5 MM","M2","CR",24.4]
[39696,"MANTA ALUMINIZADA 1 FACE PARA SUBCOBERTURA, E = *1* MM","M2","C"]
[42528,"MANTA ALUMINIZADA NAS DUAS FACES, PARA SUBCOBERTURA, E = *2* MM","M2","CR"]
[39700,"MANTA ANTIRRUIDO DE POLIESTER (PET) PARA CONTRAPISO E = *8* MM","M2","CR",30.9]
[4014,"MANTA ASFALTICA ELASTOMERICA EM POLIESTER 3 MM, TIPO III, CLASSE B, ACABAMENTO PP (NBR 9952)","M2","CR",63.62]
[4015,"MANTA ASFALTICA ELASTOMERICA EM POLIESTER 4 MM, TIPO III, CLASSE B, ACABAMENTO PP (NBR 9952)","M2","CR",78.13]
[4017,"MANTA ASFALTICA ELASTOMERICA EM POLIESTER 5 MM, TIPO III, CLASSE B, ACABAMENTO PP (NBR 9952)","M2","CR",113.68]
[11621,"MANTA ASFALTICA ELASTOMERICA EM POLIESTER ALUMINIZADA 3 MM, TIPO III, CLASSE B (NBR 9952)","M2","CR",61.49]
[4016,"MANTA ASFALTICA ELASTOMERICA TIPO GLASS 3 MM, TIPO II, CLASSE C, ACABAMENTO PP (NBR 9952)","M2","C",44.9]
[38544,"MANTA DE POLIETILENO EXPANDIDO (PEBD) ANTICHAMAS, E = 8 MM","M2","CR",11.52]
[38545,"MANTA DE POLIETILENO EXPANDIDO (PEBD), E = 5 MM","M2","CR",7.4]
[42527,"MANTA DE POLIETILENO EXPANDIDO, COM 1 FACE METALIZADA PARA SUBCOBERTURA, E = *5* MM","M2","CR"]
[39323,"MANTA GEOTEXTIL TECIDO DE LAMINETES DE POLIPROPILENO, RESISTENCIA A TRACAO = *25* KN/M","M2","CR",28.24]
[626,"MANTA LIQUIDA DE BASE ASFALTICA MODIFICADA COM A ADICAO DE ELASTOMEROS DILUIDOS EM SOLVENTE ORGANICO, APLICACAO A FRIO (MEMBRANA DE EMULSAO ASFALTICA PARA IMPERMEABILIZACAO FLEXIVEL)","KG","C",23.33]
[44504,"MANTA TERMOPLASTICA, PEAD, GEOMEMBRANA LISA, E = 0,50 MM (NBR 15352)","M2","CR"]
[44505,"MANTA TERMOPLASTICA, PEAD, GEOMEMBRANA LISA, E = 0,75 MM (NBR 15352)","M2","CR"]
[44506,"MANTA TERMOPLASTICA, PEAD, GEOMEMBRANA LISA, E = 0,80 MM (NBR 15352)","M2","CR"]
[44507,"MANTA TERMOPLASTICA, PEAD, GEOMEMBRANA LISA, E = 1,00 MM (NBR 15352)","M2","CR"]
[44508,"MANTA TERMOPLASTICA, PEAD, GEOMEMBRANA LISA, E = 1,50 MM (NBR 15352)","M2","CR"]
[44509,"MANTA TERMOPLASTICA, PEAD, GEOMEMBRANA LISA, E = 2,00 MM (NBR 15352)","M2","CR"]
[44510,"MANTA TERMOPLASTICA, PEAD, GEOMEMBRANA LISA, E = 2,50 MM (NBR 15352)","M2","CR"]
[44512,"MANTA TERMOPLASTICA, PEAD, GEOMEMBRANA TEXTURIZADA EM AMBAS AS FACES, E = 0,50 MM (NBR 15352)","M2","CR"]
[44513,"MANTA TERMOPLASTICA, PEAD, GEOMEMBRANA TEXTURIZADA EM AMBAS AS FACES, E = 0,75 MM (NBR 15352)","M2","CR"]
[44514,"MANTA TERMOPLASTICA, PEAD, GEOMEMBRANA TEXTURIZADA EM AMBAS AS FACES, E = 0,80 MM (NBR 15352)","M2","CR"]
[44515,"MANTA TERMOPLASTICA, PEAD, GEOMEMBRANA TEXTURIZADA EM AMBAS AS FACES, E = 1,00 MM (NBR 15352)","M2","CR"]
[44511,"MANTA TERMOPLASTICA, PEAD, GEOMEMBRANA TEXTURIZADA EM AMBAS AS FACES, E = 1,50 MM (NBR 15352)","M2","CR"]
[44516,"MANTA TERMOPLASTICA, PEAD, GEOMEMBRANA TEXTURIZADA EM AMBAS AS FACES, E = 2,00 MM (NBR 15352)","M2","CR"]
[44517,"MANTA TERMOPLASTICA, PEAD, GEOMEMBRANA TEXTURIZADA EM AMBAS AS FACES, E = 2,50 MM (NBR 15352)","M2","CR"]
[11479,"MAQUINA DE 40 MM PARA FECHADURA DE EMBUTIR EXTERNA, EM ACO INOX","UN","CR",36.85]
[11481,"MAQUINA DE 40 MM PARA FECHADURA, PARA PORTA DE BANHEIRO, EM ACO INOX","UN","CR",33.340000000000003]
[43609,"MAQUINA DE 40 MM PARA FECHADURA, PARA PORTA INTERNA, EM ACO INOX","UN","CR",33.340000000000003]
[11478,"MAQUINA DE 55 MM PARA FECHADURA DE EMBUTIR EXTERNA, EM ACO INOX","UN","CR",63.23]
[43608,"MAQUINA DE 55 MM PARA FECHADURA, PARA PORTA DE BANHEIRO, EM ACO INOX","UN","CR",48.25]
[11476,"MAQUINA DE 55 MM PARA FECHADURA, PARA PORTA INTERNA, EM ACO INOX","UN","CR",48.25]
[40637,"MAQUINA DEMARCADORA DE FAIXA DE TRAFEGO A FRIO, AUTOPROPELIDA, MOTOR DIESEL 38 HP","UN","CR"]
[13836,"MAQUINA EXTRUSORA DE CONCRETO PARA GUIAS E SARJETAS, COM MOTOR A DIESEL E POTENCIA DE 14 CV","UN","CR"]
[39813,"MAQUINA TIPO VASO/TANQUE/JATO DE PRESSAO PORTATIL P/ JATEAMENTO, CONTROLE AUTOMATICO E REMOTO, CAMARA DE 1 SAIDA, 280 L, DIAM. *670* MM, BICO JATO CURTO VENTURI 5/16\", MANGUEIRA 1\" DE 10 M, COMPLETA (VALVULAS POP UP E DOSADORA, FUNDO CONICO ETC)","UN","CR"]
[12868,"MARCENEIRO (HORISTA)","H","CR",19.66]
[40916,"MARCENEIRO (MENSALISTA)","MES","CR",3431.83]
[4755,"MARMORISTA / GRANITEIRO (HORISTA)","H","CR",20.27]
[41067,"MARMORISTA / GRANITEIRO (MENSALISTA)","MES","CR",3533.91]
[45240,"MARRETA DE ACO, OITAVADA, 500 G, COM CABO DE MADEIRA","UN","CR",27.35]
[45228,"MARTELO DE BORRACHA PRETO 450 G, CABO DE MADEIRA *60* MM DE DIAMETRO","UN","CR",23.37]
[45241,"MARTELO DE PEDREIRO, 1 CORTE, EM ACO, *500* G, COMPRIMENTO TOTAL DE *28* CM, COM CABO DE MADEIRA","UN","CR",33.630000000000003]
[38463,"MARTELO DE SOLDADOR/PICADOR DE SOLDA","UN","CR",51.19]
[40703,"MARTELO DEMOLIDOR ELETRICO, COM POTENCIA DE 2.000 W, FREQUENCIA DE 1.000 IMPACTOS POR MINUTO, FORCA DE IMPACTO ENTRE 60 E 65 J, PESO DE 30 KG","UN","C"]
[11616,"MARTELO DEMOLIDOR PNEUMATICO MANUAL, PADRAO, PESO DE 32 KG","UN","CR"]
[41898,"MARTELO DEMOLIDOR PNEUMATICO MANUAL, PESO DE 28 KG, COM SILENCIADOR","UN","CR"]
[45304,"MARTELO PERFURADOR PNEUMATICO MANUAL, HASTE 19 X 108 MM, *11* KG","UN","CR"]
[36141,"MASCARA DE SEGURANCA PARA SOLDA COM ESCUDO DE CELERON E CARNEIRA DE PLASTICO COM REGULAGEM","UN","CR",100.54]
[45211,"MASCARA DE SOLDA AUTOMATICA, COM GRAU DE ESCURECIMENTO DIN 9 A 13","UN","CR",91.37]
[43651,"MASSA ACRILICA PARA SUPERFICIES INTERNAS E EXTERNAS","KG","CR",5]
[43626,"MASSA CORRIDA PARA SUPERFICIES DE AMBIENTES INTERNOS","KG","C",2.78]
[39434,"MASSA DE REJUNTE EM PO PARA DRYWALL, A BASE DE GESSO, SECAGEM RAPIDA, PARA TRATAMENTO DE JUNTAS DE CHAPA DE GESSO (NECESSITA ADICAO DE AGUA)","KG","CR",4.34]
[39433,"MASSA DE REJUNTE PRONTA PARA TRATAMENTO DE JUNTAS DE CHAPA DE GESSO PARA DRYWALL, SEM ADICAO DE AGUA","KG","CR",3.45]
[4049,"MASSA EPOXI BICOMPONENTE (MASSA + CATALISADOR)","L","CR",55.79]
[38120,"MASSA EPOXI BICOMPONENTE PARA REPAROS","KG","CR",166.03]
[43652,"MASSA PARA MADEIRA - INTERIOR E EXTERIOR","KG","CR",11.2]
[10498,"MASSA PARA VIDRO","KG","CR",11.46]
[4823,"MASSA PLASTICA PARA MARMORE/GRANITO","KG","CR",33.82]
[38877,"MASSA PREMIUM PARA TEXTURA LISA DE BASE ACRILICA, USO INTERNO E EXTERNO","KG","CR",8.34]
[34546,"MASSA PREMIUM PARA TEXTURA RUSTICA DE BASE ACRILICA, COR BRANCA, USO INTERNO E EXTERNO","KG","CR",8.57]
[41387,"MASTRO SIMPLES GALVANIZADO DIAMETRO NOMINAL 1 1/2\"","M","CR"]
[41388,"MASTRO SIMPLES GALVANIZADO DIAMETRO NOMINAL 2\"","M","CR"]
[41380,"MASTRO TELESCOPICO DE 4 METROS (3 M X DN= 2\" + 1 M X DN= 1 1/2\")","UN","CR"]
[41381,"MASTRO TELESCOPICO GALVANIZADO 5 METROS (3 M X DN= 2\" + 2 M X DN= 1 1/2\")","UN","CR"]
[41382,"MASTRO TELESCOPICO GALVANIZADO 6 METROS (3 M X DN= 2\" + 3 M X DN= 1 1/2\")","UN","CR"]
[41383,"MASTRO TELESCOPICO GALVANIZADO 7 METROS (6 M X DN= 2\" + 1 M X DN= 1 1/2\")","UN","CR"]
[41385,"MASTRO TELESCOPICO GALVANIZADO 9 METROS (6 M X DN= 2\" + 3 M X DN= 1 1/2\")","UN","CR"]
[4058,"MECANICO DE EQUIPAMENTOS PESADOS (HORISTA)","H","CR",23.62]
[40974,"MECANICO DE EQUIPAMENTOS PESADOS (MENSALISTA)","MES","CR",4118.32]
[34794,"MECANICO DE REFRIGERACAO (HORISTA)","H","CR",25.54]
[40925,"MECANICO DE REFRIGERACAO (MENSALISTA)","MES","CR",4454.5200000000004]
[13741,"MEDIDOR DE NIVEL ESTATICO E DINAMICO PARA POCO, COMPRIMENTO DE 200 M","UN","CR",2766.01]
[3288,"MEIA CANA DE MADEIRA CEDRINHO OU EQUIVALENTE DA REGIAO, ACABAMENTO PARA FORRO PAULISTA, *2,5 X 2,5* CM","M","C"]
[13587,"MEIA CANA DE MADEIRA PINUS OU EQUIVALENTE DA REGIAO, ACABAMENTO PARA FORRO PAULISTA, *2,5 X 2,5* CM","M","CR"]
[38598,"MEIA CANALETA DE CONCRETO ESTRUTURAL 14 X 19 X 19 CM, FBK 14 MPA (NBR 6136)","UN","CR",3.06]
[38595,"MEIA CANALETA DE CONCRETO ESTRUTURAL 14 X 19 X 19 CM, FBK 4,5 MPA (NBR 6136)","UN","CR",2.59]
[38592,"MEIO BLOCO DE CONCRETO ESTRUTURAL 14 X 19 X 14 CM, FBK 14 MPA (NBR 6136)","UN","CR",2.62]
[38588,"MEIO BLOCO DE CONCRETO ESTRUTURAL 14 X 19 X 14 CM, FBK 4,5 MPA (NBR 6136)","UN","CR",2.1]
[38593,"MEIO BLOCO DE CONCRETO ESTRUTURAL 14 X 19 X 19 CM, FBK 14 MPA (NBR 6136)","UN","CR",2.9]
[38589,"MEIO BLOCO DE CONCRETO ESTRUTURAL 14 X 19 X 19 CM, FBK 4,5 MPA (NBR 6136)","UN","CR",2.2000000000000002]
[38594,"MEIO BLOCO DE CONCRETO ESTRUTURAL 14 X 19 X 34 CM, FBK 14 MPA (NBR 6136)","UN","CR",4.57]
[34774,"MEIO BLOCO DE VEDACAO DE CONCRETO 14 X 19 X 19 CM (CLASSE C - NBR 6136)","UN","CR",2.0499999999999998]
[34771,"MEIO BLOCO DE VEDACAO DE CONCRETO 19 X 19 X 19 CM (CLASSE C - NBR 6136)","UN","CR",2.4700000000000002]
[34764,"MEIO BLOCO DE VEDACAO DE CONCRETO 9 X 19 X 19 CM (CLASSE C - NBR 6136)","UN","CR",1.62]
[34773,"MEIO BLOCO DE VEDACAO DE CONCRETO APARENTE 14 X 19 X 19 CM (CLASSE C - NBR 6136)","UN","CR",2.16]
[34769,"MEIO BLOCO DE VEDACAO DE CONCRETO APARENTE 19 X 19 X 19 CM (CLASSE C - NBR 6136)","UN","CR",2.68]
[34763,"MEIO BLOCO DE VEDACAO DE CONCRETO APARENTE 9 X 19 X 19 CM (CLASSE C - NBR 6136)","UN","CR",1.65]
[34788,"MEIO BLOCO ESTRUTURAL CERAMICO DE 14 X 19 X 14 CM (L X A X C) E 6,0 MPA","UN","CR",1.49]
[34781,"MEIO BLOCO ESTRUTURAL CERAMICO DE 14 X 19 X 19 CM (L X A X C) E 6,0 MPA","UN","CR",2.04]
[41682,"MEIO-FIO OU GUIA DE CONCRETO PRE MOLDADO, COMP 1 M, *30 X 10/12* CM (H X L1/L2)","UN","CR",37.71]
[41683,"MEIO-FIO OU GUIA DE CONCRETO PRE MOLDADO, COMP 80 CM, *30 X 10/10* (H X L1/L2)","UN","CR",27.74]
[41680,"MEIO-FIO OU GUIA DE CONCRETO PRE-MOLDADO, COMP *39* CM, *19 X 6,5/6,5* CM (H X L1/L2)","UN","CR",14.93]
[41679,"MEIO-FIO OU GUIA DE CONCRETO PRE-MOLDADO, COMP 1 M, *20 X 12/15* CM (H X L1/L2)","UN","CR",34.14]
[41681,"MEIO-FIO OU GUIA DE CONCRETO PRE-MOLDADO, COMP 80 CM, *25 X 08/08* CM (H X L1/L2)","UN","CR",23.36]
[43386,"MEIO-FIO OU GUIA DE CONCRETO PRE-MOLDADO, TIPO CHAPEU PARA BOCA DE LOBO, DIMENSOES *1,20* X 0,15 X 0,30 M","UN","CR",53.35]
[4059,"MEIO-FIO OU GUIA DE CONCRETO, PRE-MOLDADO, COMP 1 M, *30 X 12/15* CM (H X L1/L2)","M","CR",37.71]
[4062,"MEIO-FIO OU GUIA DE CONCRETO, PRE-MOLDADO, COMP 1 M, *30 X 15* CM (H X L)","UN","CR",37.71]
[4061,"MEIO-FIO OU GUIA DE CONCRETO, PRE-MOLDADO, COMP 80 CM, *45 X 12/18* CM (H X L1/L2)","UN","CR",46.95]
[41315,"MEMBRANA IMPERMEABILIZANTE A BASE DE POLIUREIA, BICOMPONENTE, APLICACAO A FRIO","KG","CR",117.89]
[43148,"MEMBRANA IMPERMEABILIZANTE A BASE DE POLIURETANO","KG","CR",80.02]
[43147,"MEMBRANA IMPERMEABILIZANTE ACRILICA MONOCOMPONENTE","KG","CR",30.99]
[10608,"MESA VIBRATORIA COM DIMENSOES DE 2,0 X 1,0 M, COM MOTOR ELETRICO DE 2 POLOS E POTENCIA DE 3 CV","UN","C"]
[4069,"MESTRE DE OBRAS (HORISTA)","H","CR",39.93]
[40819,"MESTRE DE OBRAS (MENSALISTA)","MES","CR",6965.97]
[34361,"METACAULIM DE ALTA REATIVIDADE/CAULIM CALCINADO","KG","CR",22.56]
[44478,"MICROESFERAS DE VIDRO PARA SINALIZACAO HORIZONTAL VIARIA, TIPO I-B (PREMIX) - NBR 16184","KG","CR",14.99]
[44477,"MICROESFERAS DE VIDRO PARA SINALIZACAO HORIZONTAL VIARIA, TIPO II-A (DROP-ON) - NBR 16184","KG","CR",14.99]
[11697,"MICTORIO COLETIVO ACO INOX (AISI 304), E = 0,8 MM, DE *100 X 40 X 30* CM (C X A X P)","UN","CR",709.82]
[11698,"MICTORIO COLETIVO ACO INOX (AISI 304), E = 0,8 MM, DE *100 X 50 X 35* CM (C X A X P)","UN","CR",846.78]
[11699,"MICTORIO INDIVIDUAL ACO INOX (AISI 304), E = 0,8 MM, DE *50 X 45 X 35* (C X A X P)","UN","CR",935.88]
[10432,"MICTORIO INDIVIDUAL, SIFONADO, DE LOUCA BRANCA, SEM COMPLEMENTOS","UN","CR",379.47]
[44020,"MICTORIO INDIVIDUAL, SIFONADO, VALVULA EMBUTIDA, DE LOUCA BRANCA, SEM COMPLEMENTOS - PADRAO ALTO","UN","CR",936.19]
[41419,"MINICAPTOR, EM ACO GALVANIZADO A FOGO, FIXACAO COM ROSCA SOBERBA OU MECANICA, H=300 MM X DN=10 MM","UN","CR"]
[41420,"MINICAPTOR, EM ACO GALVANIZADO A FOGO, FIXACAO COM ROSCA SOBERBA OU MECANICA, H=600 MM X DN=10 MM","UN","CR"]
[41421,"MINICAPTOR, EM ACO GALVANIZADO A FOGO, FIXACAO HORIZONTAL COM BANDEIRA A 20 CM, H=300 MM E X DN=10 MM","UN","CR"]
[41422,"MINICAPTOR, EM ACO GALVANIZADO A FOGO, FIXACAO HORIZONTAL COM BANDEIRA A 20 CM, H=600 MM E X DN=10 MM","UN","CR"]
[41425,"MINICAPTOR, EM ACO GALVANIZADO A FOGO, FIXACAO HORIZONTAL DE 1 FUROS, SEM BANDEIRA, H=300 MM X DN=10 MM","UN","CR"]
[41426,"MINICAPTOR, EM ACO GALVANIZADO A FOGO, FIXACAO HORIZONTAL DE 2 FUROS, SEM BANDEIRA, H=600 MM X DN=10 MM","UN","CR"]
[41414,"MINICAPTORES DE INSERCAO, EM ACO GALVANIZADO A FOGO, H=300 MM X DN=10 MM","UN","CR"]
[41415,"MINICAPTORES DE INSERCAO, EM ACO GALVANIZADO A FOGO, H=600,MM X DN=10,MM","UN","CR"]
[37514,"MINICARREGADEIRA SOBRE RODAS, POTENCIA LIQUIDA DE *47* HP, CAPACIDADE NOMINAL DE OPERACAO DE *646* KG","UN","C"]
[37520,"MINIESCAVADEIRA SOBRE ESTEIRAS, POTENCIA LIQUIDA DE *30* HP, PESO OPERACIONAL DE *3.500* KG","UN","CR"]
[37546,"MISTURADOR DE ARGAMASSA, EIXO HORIZONTAL, CAPACIDADE DE MISTURA 160 KG, MOTOR ELETRICO TRIFASICO 220/380 V, POTENCIA 3 CV","UN","CR",12527.34]
[37544,"MISTURADOR DE ARGAMASSA, EIXO HORIZONTAL, CAPACIDADE DE MISTURA 300 KG, MOTOR ELETRICO TRIFASICO 220/380 V, POTENCIA 5 CV","UN","CR",13249.77]
[37545,"MISTURADOR DE ARGAMASSA, EIXO HORIZONTAL, CAPACIDADE DE MISTURA 600 KG, MOTOR ELETRICO TRIFASICO 220/380 V, POTENCIA 7,5 CV","UN","CR",15765.45]
[36793,"MISTURADOR DE METAL CROMADO DE PAREDE PARA LAVATORIO","UN","CR",890.82]
[11769,"MISTURADOR DE METAL CROMADO, DE MESA/BANCADA, COM BICA BAIXA, PARA LAVATORIO","UN","CR",393.67]
[11771,"MISTURADOR DE PAREDE, DE METAL CROMADO, PARA COZINHA, BICA ALTA MOVEL, COM AREJADOR ARTICULADO","UN","CR",482.2]
[39919,"MISTURADOR DUPLO HORIZONTAL DE ALTA TURBULENCIA, CAPACIDADE / VOLUME 2 X 500 LITROS, MOTORES ELETRICOS MINIMO 5 CV CADA, PARA NATA CIMENTO, ARGAMASSA E OUTROS","UN","CR",62706.29]
[38385,"MISTURADOR MANUAL DE TINTAS PARA FURADEIRA, HASTE METALICA *60* CM, COM HELICE (MEXEDOR DE TINTA)","UN","CR",31.87]
[36800,"MISTURADOR METALICO, BASE PARA CHUVEIRO/BANHEIRA, 1/2\" OU 3/4\", SOLDAVEL OU ROSCAVEL (NAO INCLUI ACABAMENTOS)","UN","CR",236.55]
[37587,"MISTURADOR MONOCOMANDO PARA CHUVEIRO, BASE BRUTA, METALICO COM ACABAMENTO CROMADO","UN","CR",519.70000000000005]
[11561,"MOLA HIDRAULICA AEREA, PARA PORTAS DE ATE 1.100 MM E PESO DE ATE 85 KG, COM CORPO EM ALUMINIO E BRACO EM ACO, SEM BRACO DE PARADA","UN","CR",231.59]
[43604,"MOLA HIDRAULICA AEREA, PARA PORTAS DE ATE 850 MM E PESO DE ATE 50 KG, COM CORPO EM ALUMINIO E BRACO EM ACO, SEM BRACO DE PARADA","UN","CR",123.46]
[11560,"MOLA HIDRAULICA AEREA, PARA PORTAS DE ATE 950 MM E PESO DE ATE 65 KG, COM CORPO EM ALUMINIO E BRACO EM ACO, SEM BRACO DE PARADA","UN","CR",178.75]
[11499,"MOLA HIDRAULICA DE PISO, PARA PORTAS DE ATE 1100 MM E PESO DE ATE 120 KG, COM CORPO EM ACO INOX","UN","CR",871.09]
[34761,"MONTADOR DE ELETROELETRONICOS (HORISTA)","H","CR",21.67]
[40924,"MONTADOR DE ELETROELETRONICOS (MENSALISTA)","MES","CR",3780.99]
[40983,"MONTADOR DE ESTRUTURAS METALICAS (MENSALISTA)","MES","CR",2871.41]
[44497,"MONTADOR DE ESTRUTURAS METALICAS HORISTA","H","CR",16.46]
[2437,"MONTADOR DE MAQUINAS (HORISTA)","H","CR",17.41]
[40921,"MONTADOR DE MAQUINAS (MENSALISTA)","MES","CR",3040.14]
[36502,"MOTOBOMBA CENTRIFUGA, MOTOR A GASOLINA, POTENCIA 5,42 HP, BOCAIS 1 1/2\" X 1\", DIAMETRO ROTOR 143 MM HM/Q = 6 MCA / 16,8 M3/H A 38 MCA / 6,6 M3/H","UN","CR",2824.96]
[36503,"MOTOBOMBA TRASH (PARA AGUA SUJA) AUTO ESCORVANTE, MOTOR GASOLINA DE 6,41 HP, DIAMETROS DE SUCCAO X RECALQUE: 3\" X 3\", HM/Q: 10/60 A 23/0","UN","CR",3483.51]
[4090,"MOTONIVELADORA POTENCIA BASICA LIQUIDA (PRIMEIRA MARCHA) 125 HP, PESO BRUTO 13843 KG, LARGURA DA LAMINA DE 3,7 M","UN","C"]
[4093,"MOTORISTA DE CAMINHAO (HORISTA)","H","C",22.41]
[10512,"MOTORISTA DE CAMINHAO (MENSALISTA)","MES","CR",3906.89]
[4243,"MOTORISTA DE CAMINHAO BETONEIRA (HORISTA)","H","CR",18.239999999999998]
[20020,"MOTORISTA DE CAMINHAO-BASCULANTE (HORISTA)","H","CR",23.27]
[41038,"MOTORISTA DE CAMINHAO-BASCULANTE (MENSALISTA)","MES","CR",4060.06]
[4094,"MOTORISTA DE CAMINHAO-CARRETA (HORISTA)","H","CR",27.85]
[40988,"MOTORISTA DE CAMINHAO-CARRETA (MENSALISTA)","MES","CR",4859.47]
[4095,"MOTORISTA DE CARRO DE PASSEIO (HORISTA)","H","CR",21.37]
[40990,"MOTORISTA DE CARRO DE PASSEIO (MENSALISTA)","MES","CR",3727.13]
[4096,"MOTORISTA OPERADOR DE CAMINHAO COM MUNCK (HORISTA)","H","CR",25.11]
[40992,"MOTORISTA OPERADOR DE CAMINHAO COM MUNCK (MENSALISTA)","MES","CR",4381.08]
[4114,"MOURAO CONCRETO CURVO, SECAO \"T\", H = 2,80 M + CURVA COM 0,45 M, COM FUROS PARA FIOS","UN","CR",86.43]
[36797,"MOURAO DE CONCRETO CURVO, *10 X 10* CM, H= *2,60* M + CURVA DE 0,40 M","UN","CR",76.95]
[4107,"MOURAO DE CONCRETO RETO, SECAO QUADRADA *10 X 10* CM, H= *2,30* M","UN","CR",72.56]
[4102,"MOURAO DE CONCRETO RETO, SECAO QUADRADA, *10 X 10* CM, H= 3,00 M","UN","C",88.57]
[36799,"MOURAO DE CONCRETO RETO, TIPO ESTICADOR, *10 X 10* CM, H= 2,50 M","UN","CR",74.69]
[2747,"MOURAO ROLICO DE MADEIRA TRATADA, D = 16 A 20 CM, H = 2,20 M, EM EUCALIPTO OU EQUIVALENTE DA REGIAO (PARA CERCA)","M","CR",37.28]
[21138,"MOURAO ROLICO DE MADEIRA TRATADA, D = 8 A 11 CM, H = 2,20 M, EM EUCALIPTO OU EQUIVALENTE DA REGIAO (PARA CERCA)","M","C",11.82]
[10826,"MUDA DE ARBUSTO FLORIFERO, CLUSIA/GARDENIA/MOREIA BRANCA/ AZALEIA OU EQUIVALENTE DA REGIAO, H= *50 A 70* CM","UN","CR",129.31]
[365,"MUDA DE ARBUSTO FOLHAGEM, SANSAO-DO-CAMPO OU EQUIVALENTE DA REGIAO, H= *50 A 70* CM","UN","CR",80.17]
[38639,"MUDA DE ARBUSTO, BUXINHO, H= *50* CM","UN","CR",310.33999999999997]
[38640,"MUDA DE ARBUSTO, PINGO DE OURO/ VIOLETEIRA, H = *10 A 20* CM","UN","CR",4.6500000000000004]
[358,"MUDA DE ARVORE ORNAMENTAL, OITI/AROEIRA SALSA/ANGICO/IPE/JACARANDA OU EQUIVALENTE DA REGIAO, H= *1* M","UN","CR",95.68]
[359,"MUDA DE ARVORE ORNAMENTAL, OITI/AROEIRA SALSA/ANGICO/IPE/JACARANDA OU EQUIVALENTE DA REGIAO, H= *2* M","UN","CR",196.55]
[38641,"MUDA DE PALMEIRA ARECA, H= *1,50* M","UN","CR",193.96]
[360,"MUDA DE RASTEIRA/FORRACAO, AMENDOIM RASTEIRO/ONZE HORAS/AZULZINHA/IMPATIENS OU EQUIVALENTE DA REGIAO","UN","C",4.5]
[42430,"MULTIEXERCITADOR COM SEIS FUNCOES, EM TUBO DE ACO CARBONO, PINTURA NO PROCESSO ELETROSTATICO - EQUIPAMENTO DE GINASTICA PARA ACADEMIA AO AR LIVRE / ACADEMIA DA TERCEIRA IDADE - ATI","UN","CR"]
[4209,"NIPLE DE FERRO GALVANIZADO, COM ROSCA BSP, DE 1 1/2\"","UN","CR"]
[4180,"NIPLE DE FERRO GALVANIZADO, COM ROSCA BSP, DE 1 1/4\"","UN","CR"]
[4179,"NIPLE DE FERRO GALVANIZADO, COM ROSCA BSP, DE 1\"","UN","CR"]
[4177,"NIPLE DE FERRO GALVANIZADO, COM ROSCA BSP, DE 1/2\"","UN","CR"]
[4208,"NIPLE DE FERRO GALVANIZADO, COM ROSCA BSP, DE 2 1/2\"","UN","CR"]
[4181,"NIPLE DE FERRO GALVANIZADO, COM ROSCA BSP, DE 2\"","UN","CR"]
[4182,"NIPLE DE FERRO GALVANIZADO, COM ROSCA BSP, DE 3\"","UN","CR"]
[4178,"NIPLE DE FERRO GALVANIZADO, COM ROSCA BSP, DE 3/4\"","UN","CR"]
[4183,"NIPLE DE FERRO GALVANIZADO, COM ROSCA BSP, DE 4\"","UN","CR"]
[4184,"NIPLE DE FERRO GALVANIZADO, COM ROSCA BSP, DE 5\"","UN","CR"]
[4185,"NIPLE DE FERRO GALVANIZADO, COM ROSCA BSP, DE 6\"","UN","CR"]
[4205,"NIPLE DE REDUCAO DE FERRO GALVANIZADO, COM ROSCA BSP, DE 1 1/2\" X 1 1/4\"","UN","CR"]
[4192,"NIPLE DE REDUCAO DE FERRO GALVANIZADO, COM ROSCA BSP, DE 1 1/2\" X 1\"","UN","CR"]
[4191,"NIPLE DE REDUCAO DE FERRO GALVANIZADO, COM ROSCA BSP, DE 1 1/2\" X 3/4\"","UN","CR"]
[4206,"NIPLE DE REDUCAO DE FERRO GALVANIZADO, COM ROSCA BSP, DE 1 1/4\" X 1\"","UN","CR"]
[4207,"NIPLE DE REDUCAO DE FERRO GALVANIZADO, COM ROSCA BSP, DE 1 1/4\" X 1/2\"","UN","CR"]
[4190,"NIPLE DE REDUCAO DE FERRO GALVANIZADO, COM ROSCA BSP, DE 1 1/4\" X 3/4\"","UN","CR"]
[4188,"NIPLE DE REDUCAO DE FERRO GALVANIZADO, COM ROSCA BSP, DE 1\" X 1/2\"","UN","CR"]
[4189,"NIPLE DE REDUCAO DE FERRO GALVANIZADO, COM ROSCA BSP, DE 1\" X 3/4\"","UN","CR"]
[4186,"NIPLE DE REDUCAO DE FERRO GALVANIZADO, COM ROSCA BSP, DE 1/2\" X 1/4\"","UN","CR"]
[4197,"NIPLE DE REDUCAO DE FERRO GALVANIZADO, COM ROSCA BSP, DE 2 1/2\" X 2\"","UN","CR"]
[4194,"NIPLE DE REDUCAO DE FERRO GALVANIZADO, COM ROSCA BSP, DE 2\" X 1 1/2\"","UN","CR"]
[4193,"NIPLE DE REDUCAO DE FERRO GALVANIZADO, COM ROSCA BSP, DE 2\" X 1 1/4\"","UN","CR"]
[4204,"NIPLE DE REDUCAO DE FERRO GALVANIZADO, COM ROSCA BSP, DE 2\" X 1\"","UN","CR"]
[4202,"NIPLE DE REDUCAO DE FERRO GALVANIZADO, COM ROSCA BSP, DE 3\" X 2 1/2\"","UN","CR"]
[4203,"NIPLE DE REDUCAO DE FERRO GALVANIZADO, COM ROSCA BSP, DE 3\" X 2\"","UN","CR"]
[4187,"NIPLE DE REDUCAO DE FERRO GALVANIZADO, COM ROSCA BSP, DE 3/4\" X 1/2\"","UN","CR"]
[40368,"NIPLE SEXTAVADO EM ACO CARBONO, COM ROSCA BSP, PRESSAO 3.000 LBS, DN 1 1/2\"","UN","CR"]
[40365,"NIPLE SEXTAVADO EM ACO CARBONO, COM ROSCA BSP, PRESSAO 3.000 LBS, DN 1 1/4\"","UN","CR"]
[40362,"NIPLE SEXTAVADO EM ACO CARBONO, COM ROSCA BSP, PRESSAO 3.000 LBS, DN 1\"","UN","CR"]
[40356,"NIPLE SEXTAVADO EM ACO CARBONO, COM ROSCA BSP, PRESSAO 3.000 LBS, DN 1/2\"","UN","CR"]
[40374,"NIPLE SEXTAVADO EM ACO CARBONO, COM ROSCA BSP, PRESSAO 3.000 LBS, DN 2 1/2\"","UN","CR"]
[40371,"NIPLE SEXTAVADO EM ACO CARBONO, COM ROSCA BSP, PRESSAO 3.000 LBS, DN 2\"","UN","CR"]
[40359,"NIPLE SEXTAVADO EM ACO CARBONO, COM ROSCA BSP, PRESSAO 3.000 LBS, DN 3/4\"","UN","CR"]
[45201,"NIVEL DE ALUMINIO 350 MM (14\"), COM 3 BOLHAS","UN","CR",51.73]
[7595,"NIVELADOR (HORISTA)","H","CR",17.05]
[41094,"NIVELADOR (MENSALISTA)","MES","CR",2975.99]
[38175,"NUMERO / ALGARISMO PARA RESIDENCIA (FACHADA), EM ZAMAC, COM ALTURA DE APROX *45* MM, INCLUSIVE PARAFUSOS","UN","CR",4.6399999999999997]
[38176,"NUMERO / ALGARISMO PARA RESIDENCIA (FACHADA), EM ZAMAC, COM ALTURA DE APROX 125 MM, INCLUSIVE PARAFUSOS","UN","CR",13.66]
[36152,"OCULOS DE SEGURANCA CONTRA IMPACTOS COM LENTE INCOLOR, ARMACAO NYLON, COM PROTECAO UVA E UVB","UN","CR",5.76]
[45212,"OCULOS DE SOLDA COM ESCURECIMENTO AUTOMATICO","UN","CR",57.64]
[4221,"OLEO DIESEL COMBUSTIVEL COMUM METROPOLITANO S-10 OU S-500","L","C",6.36]
[4227,"OLEO LUBRIFICANTE MINERAL MONOVISCOSO, SAE 40, PARA MOTORES DE EQUIPAMENTOS PESADOS (CAMINHOES, TRATORES, RETROS E ETC)","L","CR",29.66]
[38170,"OLHO MAGICO PARA PORTAS, EM LATAO, COM LENTE DE POLICARBONATO, ANGULO DE *200* GRAUS, ESPESSURA ENTRE *25 E 46* MM, INCLUINDO FECHO JANELA","UN","CR",20.3]
[4252,"OPERADOR DE BATE-ESTACAS (HORISTA)","H","CR",17.52]
[40980,"OPERADOR DE BATE-ESTACAS (MENSALISTA)","MES","CR",3057.18]
[41031,"OPERADOR DE BETONEIRA (CAMINHAO) (MENSALISTA)","MES","CR",3181.72]
[37666,"OPERADOR DE BETONEIRA ESTACIONARIA / MISTURADOR (HORISTA)","H","CR",13.31]
[40986,"OPERADOR DE BETONEIRA ESTACIONARIA / MISTURADOR (MENSALISTA)","MES","CR",2323.62]
[4250,"OPERADOR DE COMPRESSOR DE AR OU COMPRESSORISTA (HORISTA)","H","CR",13.89]
[40978,"OPERADOR DE COMPRESSOR DE AR OU COMPRESSORISTA (MENSALISTA)","MES","CR",2425.5500000000002]
[44501,"OPERADOR DE DEMARCADORA DE FAIXAS DE TRAFEGO (HORISTA)","H","CR",18.239999999999998]
[41043,"OPERADOR DE DEMARCADORA DE FAIXAS DE TRAFEGO (MENSALISTA)","MES","CR",3181.72]
[4234,"OPERADOR DE ESCAVADEIRA (HORISTA)","H","C",20.27]
[40987,"OPERADOR DE ESCAVADEIRA (MENSALISTA)","MES","CR",3533.91]
[4253,"OPERADOR DE GUINCHO OU GUINCHEIRO (HORISTA)","H","CR",15.34]
[40981,"OPERADOR DE GUINCHO OU GUINCHEIRO (MENSALISTA)","MES","CR",2677.78]
[4254,"OPERADOR DE GUINDASTE (HORISTA)","H","CR",17.760000000000002]
[41036,"OPERADOR DE GUINDASTE (MENSALISTA)","MES","CR",3099.28]
[4251,"OPERADOR DE JATO ABRASIVO OU JATISTA (HORISTA)","H","CR",17.07]
[40979,"OPERADOR DE JATO ABRASIVO OU JATISTA (MENSALISTA)","MES","CR",2979.49]
[4230,"OPERADOR DE MAQUINAS E TRATORES DIVERSOS - TERRAPLANAGEM (HORISTA)","H","CR",18.239999999999998]
[40998,"OPERADOR DE MAQUINAS E TRATORES DIVERSOS - TERRAPLANAGEM (MENSALISTA)","MES","CR",3183.17]
[4257,"OPERADOR DE MARTELETE OU MARTELETEIRO (HORISTA)","H","CR",15.15]
[40982,"OPERADOR DE MARTELETE OU MARTELETEIRO (MENSALISTA)","MES","CR",2643.27]
[4240,"OPERADOR DE MOTO SCRAPER (HORISTA)","H","CR",32.520000000000003]
[41026,"OPERADOR DE MOTO SCRAPER (MENSALISTA)","MES","CR",5673.25]
[4239,"OPERADOR DE MOTONIVELADORA (HORISTA)","H","CR",32.520000000000003]
[41024,"OPERADOR DE MOTONIVELADORA (MENSALISTA)","MES","CR",5673.25]
[4248,"OPERADOR DE PA CARREGADEIRA (HORISTA)","H","CR",18.239999999999998]
[41033,"OPERADOR DE PA CARREGADEIRA (MENSALISTA)","MES","CR",3181.72]
[44500,"OPERADOR DE PAVIMENTADORA / MESA VIBROACABADORA (HORISTA)","H","CR",18.239999999999998]
[41040,"OPERADOR DE PAVIMENTADORA / MESA VIBROACABADORA (MENSALISTA)","MES","CR",3181.72]
[4238,"OPERADOR DE ROLO COMPACTADOR (HORISTA)","H","CR",19.32]
[41012,"OPERADOR DE ROLO COMPACTADOR (MENSALISTA)","MES","CR",3371.14]
[4233,"OPERADOR DE USINA DE ASFALTO, DE SOLOS OU DE CONCRETO (HORISTA)","H","CR",32.520000000000003]
[41001,"OPERADOR DE USINA DE ASFALTO, DE SOLOS OU DE CONCRETO (MENSALISTA)","MES","CR",5673.25]
[2,"OXIGENIO - RECARGA DE GAS PARA CILINDRO (NAO INCLUI TROCA/MANUTENCAO DO CILINDRO)","M3","CR",29.22]
[4262,"PA CARREGADEIRA SOBRE RODAS, POTENCIA LIQUIDA 128 HP, CAPACIDADE DA CACAMBA DE 1,7 A 2,8 M3, PESO OPERACIONAL MAXIMO DE 11632 KG","UN","C"]
[4263,"PA CARREGADEIRA SOBRE RODAS, POTENCIA LIQUIDA 197 HP, CAPACIDADE DA CACAMBA DE 2,5 A 3,5 M3, PESO OPERACIONAL MAXIMO DE 18338 KG","UN","CR"]
[38402,"PA DE LIXO PLASTICA, CABO LONGO","UN","CR",31.94]
[45234,"PA QUADRADA COM CABO DE MADEIRA EM Y DE 71 CM","UN","CR",35.18]
[3412,"PAINEL DE LA DE VIDRO SEM REVESTIMENTO PSI 20, E = 25 MM, DE 1200 X 600 MM","M2","CR"]
[3413,"PAINEL DE LA DE VIDRO SEM REVESTIMENTO PSI 20, E = 50 MM, DE 1200 X 600 MM","M2","CR"]
[39744,"PAINEL DE LA DE VIDRO SEM REVESTIMENTO PSI 40, E = 25 MM, DE 1200 X 600 MM","M2","CR"]
[39745,"PAINEL DE LA DE VIDRO SEM REVESTIMENTO PSI 40, E = 50 MM, DE 1200 X 600 MM","M2","CR"]
[39639,"PAINEL ESTRUTURAL PARA LAJE SECA REVESTIDO EM PLACA CIMENTICIA, DE *1,20 X 2,50* M, E = 55 MM","M2","CR"]
[39637,"PAINEL ESTRUTURAL PARA LAJE SECA REVESTIDO EM PLACA CIMENTICIA, DE 1,20 X 2,50 M, E = 23 MM","M2","CR"]
[39638,"PAINEL ESTRUTURAL PARA LAJE SECA REVESTIDO EM PLACA CIMENTICIA, DE 1,20 X 2,50 M, E = 40 MM","M2","CR"]
[39517,"PAINEL TERMOISOLANTE PARA FECHAMENTOS VERTICAIS (INCLUI PARAFUSOS DE FIXACAO) REVESTIDO EM ACO GALVALUME, LARGURA UTIL DE 1100 MM, REVESTIMENTO COM ESPESSURA DE 0,50 MM, COM PRE-PINTURA NAS DUAS FACES, NUCLEO EM POLIURETANO (PUR) COM ESPESSURA 40/50 MM","M2","CR"]
[39518,"PAINEL TERMOISOLANTE PARA FECHAMENTOS VERTICAIS (INCLUI PARAFUSOS DE FIXACAO) REVESTIDO EM ACO GALVALUME, LARGURA UTIL DE 1100 MM, REVESTIMENTO COM ESPESSURA DE 0,50 MM, COM PRE-PINTURA NAS DUAS FACES, NUCLEO EM POLIURETANO (PUR) COM ESPESSURA 70/80 MM","M2","CR"]
[38366,"PAPEL KRAFT BETUMADO","M2","CR",6.53]
[11703,"PAPELEIRA DE PAREDE EM METAL CROMADO SEM TAMPA","UN","CR",26.67]
[37400,"PAPELEIRA PLASTICA TIPO DISPENSER PARA PAPEL HIGIENICO ROLAO","UN","CR",61.21]
[25400,"PAR DE TABELAS DE BASQUETE EM COMPENSADO NAVAL, OFICIAL, 1800 X 1200 MM, INCLUINDO ARO DE METAL E REDE EM POLIPROPILENO 100% (SEM SUPORTE DE FIXACAO)","UN","CR",3870.76]
[4276,"PARA-RAIOS DE DISTRIBUICAO, TENSAO NOMINAL 15 KV, CORRENTE NOMINAL DE DESCARGA 5 KA","UN","CR"]
[4273,"PARA-RAIOS DE DISTRIBUICAO, TENSAO NOMINAL 30 KV, CORRENTE NOMINAL DE DESCARGA 10 KA","UN","CR"]
[4274,"PARA-RAIOS TIPO FRANKLIN 350 MM, EM LATAO CROMADO, DUAS DESCIDAS, PARA PROTECAO DE EDIFICACOES CONTRA DESCARGAS ATMOSFERICAS","UN","C"]
[39438,"PARAFUSO CABECA TROMBETA E PONTA AGULHA (GN55), COMPRIMENTO 55 MM, EM ACO FOSFATIZADO, PARA FIXAR CHAPA DE GESSO EM PERFIL DRYWALL METALICO MAXIMO 0,7 MM","UN","CR",0.27]
[4379,"PARAFUSO DE ACO ZINCADO COM ROSCA SOBERBA, CABECA CHATA E FENDA SIMPLES, DIAMETRO 2,5 MM, COMPRIMENTO * 9,5 * MM","UN","CR",0.05]
[4377,"PARAFUSO DE ACO ZINCADO COM ROSCA SOBERBA, CABECA CHATA E FENDA SIMPLES, DIAMETRO 4,2 MM, COMPRIMENTO * 32 * MM","UN","CR",0.19]
[4356,"PARAFUSO DE ACO ZINCADO COM ROSCA SOBERBA, CABECA CHATA E FENDA SIMPLES, DIAMETRO 4,8 MM, COMPRIMENTO 45 MM","UN","CR",0.27]
[13246,"PARAFUSO DE ACO ZINCADO, SEXTAVADO, COM ROSCA INTEIRA, DIAMETRO 5/16\", COMPRIMENTO 3/4\", COM PORCA E ARRUELA LISA LEVE","UN","CR",0.47]
[13294,"PARAFUSO DE ACO ZINCADO, SEXTAVADO, COM ROSCA SOBERBA, DIAMETRO 3/8\", COMPRIMENTO 80 MM","UN","CR",1.58]
[11963,"PARAFUSO DE ACO ZINCADO, TIPO CHUMBADOR PARABOLT, DIAMETRO 1/2\", COMPRIMENTO 75 MM","UN","CR",9.9700000000000006]
[11964,"PARAFUSO DE ACO ZINCADO, TIPO CHUMBADOR PARABOLT, DIAMETRO 3/8\", COMPRIMENTO 75 MM","UN","CR",2.5099999999999998]
[4346,"PARAFUSO DE FERRO POLIDO, SEXTAVADO, COM ROSCA PARCIAL, DIAMETRO 5/8\", COMPRIMENTO 6\", COM PORCA E ARRUELA DE PRESSAO MEDIA","UN","CR",10.68]
[11955,"PARAFUSO DE LATAO COM ACABAMENTO CROMADO PARA FIXAR PECA SANITARIA, INCLUI PORCA CEGA, ARRUELA E BUCHA DE NYLON TAMANHO S-10","UN","CR",4.67]
[11960,"PARAFUSO DE LATAO COM ROSCA SOBERBA, CABECA CHATA E FENDA SIMPLES, DIAMETRO 2,5 MM, COMPRIMENTO 12 MM","UN","CR",0.15]
[4333,"PARAFUSO DE LATAO COM ROSCA SOBERBA, CABECA CHATA E FENDA SIMPLES, DIAMETRO 3,2 MM, COMPRIMENTO 16 MM","UN","CR",0.27]
[4358,"PARAFUSO DE LATAO COM ROSCA SOBERBA, CABECA CHATA E FENDA SIMPLES, DIAMETRO 4,8 MM, COMPRIMENTO 65 MM","UN","CR",2.14]
[39435,"PARAFUSO DRY WALL, EM ACO FOSFATIZADO, CABECA TROMBETA E PONTA AGULHA (TA), COMPRIMENTO 25 MM","UN","CR",0.11]
[39436,"PARAFUSO DRY WALL, EM ACO FOSFATIZADO, CABECA TROMBETA E PONTA AGULHA (TA), COMPRIMENTO 35 MM","UN","CR",0.18]
[39437,"PARAFUSO DRY WALL, EM ACO FOSFATIZADO, CABECA TROMBETA E PONTA AGULHA (TA), COMPRIMENTO 45 MM","UN","CR",0.24]
[39439,"PARAFUSO DRY WALL, EM ACO FOSFATIZADO, CABECA TROMBETA E PONTA BROCA (TB), COMPRIMENTO 25 MM","UN","CR",0.16]
[39440,"PARAFUSO DRY WALL, EM ACO FOSFATIZADO, CABECA TROMBETA E PONTA BROCA (TB), COMPRIMENTO 35 MM","UN","CR",0.21]
[39441,"PARAFUSO DRY WALL, EM ACO FOSFATIZADO, CABECA TROMBETA E PONTA BROCA (TB), COMPRIMENTO 45 MM","UN","CR",0.27]
[39442,"PARAFUSO DRY WALL, EM ACO ZINCADO, CABECA LENTILHA E PONTA AGULHA (LA), LARGURA 4,2 MM, COMPRIMENTO 13 MM","UN","CR",0.19]
[39443,"PARAFUSO DRY WALL, EM ACO ZINCADO, CABECA LENTILHA E PONTA BROCA (LB), LARGURA 4,2 MM, COMPRIMENTO 13 MM","UN","CR",0.25]
[4329,"PARAFUSO EM ACO GALVANIZADO, TIPO MAQUINA, SEXTAVADO, SEM PORCA, DIAMETRO 1/2\", COMPRIMENTO 2\"","UN","C",2.2799999999999998]
[436,"PARAFUSO FRANCES M16 EM ACO GALVANIZADO, COMPRIMENTO = 150 MM, DIAMETRO = 16 MM, CABECA ABAULADA","UN","CR"]
[442,"PARAFUSO FRANCES M16 EM ACO GALVANIZADO, COMPRIMENTO = 45 MM, DIAMETRO = 16 MM, CABECA ABAULADA","UN","CR"]
[4383,"PARAFUSO FRANCES METRICO ZINCADO, DIAMETRO 12 MM, COMPRIMENTO 140MM, COM PORCA SEXTAVADA E ARRUELA DE PRESSAO MEDIA","UN","CR",20.61]
[4344,"PARAFUSO FRANCES METRICO ZINCADO, DIAMETRO 12 MM, COMPRIMENTO 150 MM, COM PORCA SEXTAVADA E ARRUELA DE PRESSAO MEDIA","UN","CR",21.61]
[4335,"PARAFUSO FRANCES ZINCADO, DIAMETRO 1/2\", COMPRIMENTO 12\", COM PORCA E ARRUELA LISA MEDIA","UN","CR",14.51]
[4334,"PARAFUSO FRANCES ZINCADO, DIAMETRO 1/2\", COMPRIMENTO 15\", COM PORCA E ARRUELA LISA MEDIA","UN","CR",19.899999999999999]
[11953,"PARAFUSO FRANCES ZINCADO, DIAMETRO 1/2\", COMPRIMENTO 2\", COM PORCA E ARRUELA","UN","CR",3.42]
[4343,"PARAFUSO FRANCES ZINCADO, DIAMETRO 1/2\", COMPRIMENTO 4\", COM PORCA E ARRUELA","UN","CR",4.8899999999999997]
[430,"PARAFUSO M16 EM ACO GALVANIZADO, COMPRIMENTO = 125 MM, DIAMETRO = 16 MM, ROSCA MAQUINA, CABECA QUADRADA","UN","CR"]
[441,"PARAFUSO M16 EM ACO GALVANIZADO, COMPRIMENTO = 150 MM, DIAMETRO = 16 MM, ROSCA MAQUINA, CABECA QUADRADA","UN","CR"]
[431,"PARAFUSO M16 EM ACO GALVANIZADO, COMPRIMENTO = 200 MM, DIAMETRO = 16 MM, ROSCA MAQUINA, CABECA QUADRADA","UN","CR"]
[432,"PARAFUSO M16 EM ACO GALVANIZADO, COMPRIMENTO = 250 MM, DIAMETRO = 16 MM, ROSCA MAQUINA, CABECA QUADRADA","UN","CR"]
[429,"PARAFUSO M16 EM ACO GALVANIZADO, COMPRIMENTO = 300 MM, DIAMETRO = 16 MM, ROSCA DUPLA","UN","CR"]
[439,"PARAFUSO M16 EM ACO GALVANIZADO, COMPRIMENTO = 300 MM, DIAMETRO = 16 MM, ROSCA MAQUINA, CABECA QUADRADA","UN","CR"]
[433,"PARAFUSO M16 EM ACO GALVANIZADO, COMPRIMENTO = 350 MM, DIAMETRO = 16 MM, ROSCA MAQUINA, CABECA QUADRADA","UN","CR"]
[437,"PARAFUSO M16 EM ACO GALVANIZADO, COMPRIMENTO = 400 MM, DIAMETRO = 16 MM, ROSCA DUPLA","UN","CR"]
[11790,"PARAFUSO M16 EM ACO GALVANIZADO, COMPRIMENTO = 450 MM, DIAMETRO = 16 MM, ROSCA MAQUINA, CABECA QUADRADA","UN","CR"]
[428,"PARAFUSO M16 EM ACO GALVANIZADO, COMPRIMENTO = 500 MM, DIAMETRO = 16 MM, ROSCA MAQUINA, COM CABECA SEXTAVADA E PORCA","UN","C"]
[4351,"PARAFUSO NIQUELADO 3 1/2\" COM ACABAMENTO CROMADO PARA FIXAR PECA SANITARIA, INCLUI PORCA CEGA, ARRUELA E BUCHA DE NYLON TAMANHO S-8","UN","CR",17.559999999999999]
[4384,"PARAFUSO NIQUELADO COM ACABAMENTO CROMADO PARA FIXAR PECA SANITARIA, INCLUI PORCA CEGA, ARRUELA E BUCHA DE NYLON TAMANHO S-10","UN","CR",23.69]
[11054,"PARAFUSO ROSCA SOBERBA ZINCADO CABECA CHATA FENDA SIMPLES 3,2 X 20 MM (3/4\")","UN","CR",0.04]
[11055,"PARAFUSO ROSCA SOBERBA ZINCADO CABECA CHATA FENDA SIMPLES 3,5 X 25 MM (1\")","UN","CR",0.08]
[11056,"PARAFUSO ROSCA SOBERBA ZINCADO CABECA CHATA FENDA SIMPLES 3,8 X 30 MM (1.1/4\")","UN","CR",0.08]
[11057,"PARAFUSO ROSCA SOBERBA ZINCADO CABECA CHATA FENDA SIMPLES 4,8 X 40 MM (1.1/2\")","UN","CR",0.17]
[11059,"PARAFUSO ROSCA SOBERBA ZINCADO CABECA CHATA FENDA SIMPLES 5,5 X 50 MM (2\")","UN","CR",0.33]
[11058,"PARAFUSO ROSCA SOBERBA ZINCADO CABECA CHATA FENDA SIMPLES 5,5 X 65 MM (2.1/2\")","UN","CR",0.43]
[4320,"PARAFUSO ZINCADO 5/16\" X 250 MM PARA FIXACAO DE TELHA DE FIBROCIMENTO CANALETE 49, INCLUI BUCHA NYLON S-10","UN","CR",3.48]
[4318,"PARAFUSO ZINCADO 5/16\" X 85 MM PARA FIXACAO DE TELHA DE FIBROCIMENTO CANALETE 90, INCLUI BUCHA NYLON S-10","UN","CR",1.69]
[4380,"PARAFUSO ZINCADO ROSCA SOBERBA 5/16\" X 120 MM PARA TELHA FIBROCIMENTO","UN","CR",1.46]
[4299,"PARAFUSO ZINCADO ROSCA SOBERBA, CABECA SEXTAVADA, 5/16\" X 110 MM, PARA FIXACAO DE TELHA EM MADEIRA","UN","C",1.38]
[4304,"PARAFUSO ZINCADO ROSCA SOBERBA, CABECA SEXTAVADA, 5/16\" X 150 MM, PARA FIXACAO DE TELHA EM MADEIRA","UN","CR",1.88]
[4305,"PARAFUSO ZINCADO ROSCA SOBERBA, CABECA SEXTAVADA, 5/16\" X 180 MM, PARA FIXACAO DE TELHA EM MADEIRA","UN","CR",2.19]
[4306,"PARAFUSO ZINCADO ROSCA SOBERBA, CABECA SEXTAVADA, 5/16\" X 200 MM, PARA FIXACAO DE TELHA EM MADEIRA","UN","CR",2.54]
[4308,"PARAFUSO ZINCADO ROSCA SOBERBA, CABECA SEXTAVADA, 5/16\" X 230 MM, PARA FIXACAO DE TELHA EM MADEIRA","UN","CR",5.25]
[4302,"PARAFUSO ZINCADO ROSCA SOBERBA, CABECA SEXTAVADA, 5/16\" X 250 MM, PARA FIXACAO DE TELHA EM MADEIRA","UN","CR",3.94]
[4300,"PARAFUSO ZINCADO ROSCA SOBERBA, CABECA SEXTAVADA, 5/16\" X 50 MM, PARA FIXACAO DE TELHA EM MADEIRA","UN","CR",0.94]
[4301,"PARAFUSO ZINCADO ROSCA SOBERBA, CABECA SEXTAVADA, 5/16\" X 85 MM, PARA FIXACAO DE TELHA EM MADEIRA","UN","CR",1.1399999999999999]
[40547,"PARAFUSO ZINCADO, AUTOBROCANTE, FLANGEADO, 4,2 MM X 19 MM","CENTO","CR",28.78]
[11962,"PARAFUSO ZINCADO, SEXTAVADO, COM ROSCA INTEIRA, DIAMETRO 1/4\", COMPRIMENTO 1/2\"","UN","CR",0.23]
[4332,"PARAFUSO ZINCADO, SEXTAVADO, COM ROSCA INTEIRA, DIAMETRO 3/8\", COMPRIMENTO 2\"","UN","CR",1.1399999999999999]
[4331,"PARAFUSO ZINCADO, SEXTAVADO, COM ROSCA INTEIRA, DIAMETRO 5/8\", COMPRIMENTO 2 1/4\"","UN","CR",4.32]
[4336,"PARAFUSO ZINCADO, SEXTAVADO, COM ROSCA INTEIRA, DIAMETRO 5/8\", COMPRIMENTO 3\", COM PORCA E ARRUELA DE PRESSAO MEDIA","UN","CR",5.53]
[11948,"PARAFUSO ZINCADO, SEXTAVADO, COM ROSCA SOBERBA, DIAMETRO 5/16\", COMPRIMENTO 40 MM","UN","CR",0.71]
[4382,"PARAFUSO ZINCADO, SEXTAVADO, COM ROSCA SOBERBA, DIAMETRO 5/16\", COMPRIMENTO 80 MM","UN","CR",1.18]
[4354,"PARAFUSO ZINCADO, SEXTAVADO, GRAU 5, ROSCA INTEIRA, DIAMETRO 1 1/2\", COMPRIMENTO 4\"","UN","CR",49.56]
[40839,"PARAFUSO, ASTM A307 - GRAU A, SEXTAVADO, ZINCADO, DIAMETRO 3/8\" (9,52 MM), COMPRIMENTO 1\" (25,4 MM)","CENTO","CR",119.26]
[40552,"PARAFUSO, AUTOATARRAXANTE, CABECA CHATA, FENDA SIMPLES, EM ACO ZINCADO, 1/4\" (6,35 MM) X 25 MM","CENTO","CR",49.35]
[40549,"PARAFUSO, COMUM, ASTM A307, SEXTAVADO, DIAMETRO 1/2\" (12,7 MM), COMPRIMENTO 1\" (25,4 MM)","CENTO","CR",195.34]
[43965,"PARAFUSO, EM ACO ZINCADO, CABECA LENTILHA AUTOTRAVANTE DIAMETRO 5/16\" X 1\"","UN","CR",0.49]
[4385,"PARALELEPIPEDO GRANITICO OU BASALTICO, PARA PAVIMENTACAO, SEM FRETE (VARIACAO REGIONAL DE PECAS POR M2)","MIL","CR",863.1]
[45236,"PASTA ABRASIVA PARA LIMPEZA DE MAOS","KG","CR",17.690000000000001]
[20078,"PASTA LUBRIFICANTE PARA TUBOS E CONEXOES COM JUNTA ELASTICA, EMBALAGEM DE *400* GR (USO EM PVC, ACO, POLIETILENO E OUTROS)","UN","CR",22.23]
[39897,"PASTA PARA SOLDA DE TUBOS E CONEXOES DE COBRE (EMBALAGEM COM 250 G)","UN","CR"]
[118,"PASTA VEDA JUNTAS/ROSCA, EMBALAGEM DE *500* G, PARA INSTALACOES DE AGUA, GAS E OUTROS","UN","CR",46.99]
[4396,"PASTILHA CERAMICA/PORCELANA, REVEST INT/EXT E PISCINA, CORES BRANCA OU FRIAS, SOLIDAS, SEM MESCLAGEM/MISTURA, ACABAMENTO LISO *2,5 X 2,5* CM","M2","CR",285.24]
[36881,"PASTILHA CERAMICA/PORCELANA, REVEST INT/EXT E PISCINA, CORES BRANCA OU FRIAS, SOLIDAS, SEM MESCLAGEM/MISTURA, ACABAMENTO LISO *5 X 5* CM","M2","CR",208.24]
[4397,"PASTILHA CERAMICA/PORCELANA, REVEST INT/EXT E PISCINA, CORES LISAS/SOLIDAS, QUENTES, SEM MESCLAGEM/MISTURA, *2,5 X 2,5* CM","M2","CR",290]
[36882,"PASTILHA CERAMICA/PORCELANA, REVEST INT/EXT E PISCINA, CORES LISAS/SOLIDAS, QUENTES, SEM MESCLAGEM/MISTURA, *5 X 5* CM","M2","CR",212.34]
[4751,"PASTILHEIRO (HORISTA)","H","CR",20.27]
[41066,"PASTILHEIRO (MENSALISTA)","MES","CR",3533.91]
[39604,"PATCH CORD (CABO DE REDE), CATEGORIA 5 E (CAT 5E) UTP, 24 AWG, 4 PARES, EXTENSAO DE 1,50 M","UN","CR",11.83]
[39605,"PATCH CORD (CABO DE REDE), CATEGORIA 5 E (CAT 5E) UTP, 24 AWG, 4 PARES, EXTENSAO DE 2,50 M","UN","CR",12.85]
[39606,"PATCH CORD (CABO DE REDE), CATEGORIA 6 (CAT 6) UTP, 23 AWG, 4 PARES, EXTENSAO DE 1,50 M","UN","CR",22.51]
[39607,"PATCH CORD (CABO DE REDE), CATEGORIA 6 (CAT 6) UTP, 23 AWG, 4 PARES, EXTENSAO DE 2,50 M","UN","CR",30.45]
[39594,"PATCH PANEL, 24 PORTAS, CATEGORIA 5E, COM RACKS DE 19\" DE LARGURA E 1 U DE ALTURA","UN","C",336]
[39596,"PATCH PANEL, 24 PORTAS, CATEGORIA 6, COM RACKS DE 19\" DE LARGURA E 1 U DE ALTURA","UN","CR",899.83]
[39595,"PATCH PANEL, 48 PORTAS, CATEGORIA 5E, COM RACKS DE 19\" DE LARGURA E 2 U DE ALTURA","UN","CR",2021.8]
[39597,"PATCH PANEL, 48 PORTAS, CATEGORIA 6, COM RACKS DE 19\" DE LARGURA E 2 U DE ALTURA","UN","CR",3171.47]
[10731,"PEDRA ARDOSIA, CINZA, *40 X 40* CM, E= *1 CM","M2","C"]
[4704,"PEDRA ARDOSIA, CINZA, 20 X 40 CM, E= *1 CM","M2","CR"]
[10730,"PEDRA ARDOSIA, CINZA, 30 X 30, E= *1 CM","M2","CR"]
[4720,"PEDRA BRITADA N. 0, OU PEDRISCO (4,8 A 9,5 MM) POSTO PEDREIRA/FORNECEDOR, SEM FRETE","M3","CR",106.8]
[4721,"PEDRA BRITADA N. 1 (9,5 A 19 MM) POSTO PEDREIRA/FORNECEDOR, SEM FRETE","M3","CR",92.51]
[4718,"PEDRA BRITADA N. 2 (19 A 38 MM) POSTO PEDREIRA/FORNECEDOR, SEM FRETE","M3","C",93]
[4722,"PEDRA BRITADA N. 3 (38 A 50 MM) POSTO PEDREIRA/FORNECEDOR, SEM FRETE","M3","CR",87.38]
[4730,"PEDRA DE MAO OU PEDRA RACHAO PARA ARRIMO/FUNDACAO (POSTO PEDREIRA/FORNECEDOR, SEM FRETE)","M3","CR",86.95]
[13186,"PEDRA GRANITICA OU BASALTICA IRREGULAR, FAIXA GRANULOMETRICA 100 A 150 MM PARA PAVIMENTACAO OU CALCAMENTO POLIEDRICO, POSTO PEDREIRA / FORNECEDOR (SEM FRETE)","M3","CR",100.33]
[10737,"PEDRA GRANITICA OU BASALTO, CACO, RETALHO, CAVACO, TIPO MIRACEMA, MADEIRA, PADUANA, RACHINHA, SANTA ISABEL OU OUTRAS SIMILARES, E= *1,0 A *2,0 CM","M2","CR"]
[10734,"PEDRA GRANITICA, SERRADA, TIPO MIRACEMA, MADEIRA, PADUANA, RACHINHA, SANTA ISABEL OU OUTRAS SIMILARES, *11,5 X *23 CM, E= *1,0 A *2,0 CM","M2","CR"]
[4708,"PEDRA PORTUGUESA OU PETIT PAVE, BRANCA OU PRETA","M2","CR"]
[4712,"PEDRA QUARTZITO OU CALCARIO LAMINADO, CACO, TIPO CARIRI, ITACOLOMI, LAGOA SANTA, LUMINARIA, PIRENOPOLIS, SAO TOME OU OUTRAS SIMILARES DA REGIAO, E= *1,5 A *2,5 CM","M2","CR"]
[4710,"PEDRA QUARTZITO OU CALCARIO LAMINADO, SERRADA, TIPO CARIRI, ITACOLOMI, LAGOA SANTA, LUMINARIA, PIRENOPOLIS, SAO TOME OU OUTRAS SIMILARES DA REGIAO, *20 X *40 CM, E= *1,5 A *2,5 CM","M2","CR"]
[4750,"PEDREIRO (HORISTA)","H","C",20.27]
[41065,"PEDREIRO (MENSALISTA)","MES","CR",3533.91]
[34747,"PEITORIL EM MARMORE, POLIDO, BRANCO COMUM, L= *15* CM, E= *2,0* CM, COM PINGADEIRA","M","CR",121.15]
[4826,"PEITORIL EM MARMORE, POLIDO, BRANCO COMUM, L= *15* CM, E= *3* CM, CORTE RETO","M","CR",130.26]
[41975,"PEITORIL PRE-MOLDADO EM GRANILITE, MARMORITE OU GRANITINA, L = *15* CM","M2","CR"]
[4825,"PEITORIL/ SOLEIRA EM MARMORE, POLIDO, BRANCO COMUM, L= *25* CM, E= *3* CM, CORTE RETO","M","CR",180.31]
[34744,"PELICULA REFLETIVA, GT 7 ANOS PARA SINALIZACAO VERTICAL","M2","CR"]
[39430,"PENDURAL OU PRESILHA REGULADORA, EM ACO GALVANIZADO, COM CORPO, MOLA E REBITE, PARA PERFIL TIPO CANALETA DE ESTRUTURA EM FORROS DRYWALL","UN","CR",2.62]
[39573,"PENDURAL OU REGULADOR, COM MOLA, EM ACO GALVANIZADO, PARA PERFIL TIPO T CLICADO DE FORROS REMOVIVEL","UN","CR",2.58]
[38410,"PENEIRA ROTATIVA COM MOTOR ELETRICO TRIFASICO DE 2 CV, CILINDRO DE 1 M X 0,60 M, COM FUROS DE 3,17 MM","UN","CR",14669.34]
[43082,"PERFIL \"I\" OU \"W\" EM ACO LAMINADO, QUAISQUER DIMENSOES","KG","C"]
[43083,"PERFIL \"U\" ENRIJECIDO, EM CHAPA DOBRADA DE ACO LAMINADO, E = 3,75 MM, H = 200 MM, L = 75 MM (9,94 KG/M)","KG","CR"]
[40535,"PERFIL \"U\" SIMPLES, EM CHAPA DOBRADA DE ACO LAMINADO, E = 2,65 MM, H = 75 MM, L = 40 MM (3,04 KG/M)","KG","CR"]
[40598,"PERFIL \"U\" SIMPLES, EM CHAPA DOBRADA DE ACO LAMINADO, E = 3 MM, H = 125 MM, L = 50 MM (5,07 KG/M)","KG","CR"]
[43692,"PERFIL \"U\" SIMPLES, EM CHAPA DOBRADA DE ACO LAMINADO, E = 3 MM, H = 200 MM, L = 50 MM (6,83 KG/M)","KG","CR"]
[43665,"PERFIL \"U\" SIMPLES, EM CHAPA DOBRADA DE ACO LAMINADO, E = 4,75 MM, H = 100 MM, L = 75 MM (8,74 KG/M)","KG","CR"]
[10966,"PERFIL \"U\" SIMPLES, EM CHAPA DOBRADA DE ACO LAMINADO, E = 8 MM, H = 150 MM, L = 75 MM (16,97 KG/M)","KG","CR"]
[39427,"PERFIL CANALETA, FORMATO C, EM ACO ZINCADO, PARA ESTRUTURA FORRO DRYWALL, E = 0,5 MM, *46 X 18* (L X H), COMPRIMENTO 3 M","M","CR",6.95]
[39424,"PERFIL CANTONEIRA L, LISA, EM ACO, 25 X 30 MM, E = 0,5 MM, PARA ESTRUTURA DRYWALL","M","CR",4.13]
[39425,"PERFIL CANTONEIRA L, PERFURADA, EM ACO, 23 X 23 MM, E = 0,5 MM, PARA ESTRUTURA DRYWALL","M","CR",4.08]
[40664,"PERFIL CARTOLA DE ACO GALVANIZADO, *20 X 30 X 10* MM, E = 0,8 MM","KG","CR"]
[34360,"PERFIL DE ALUMINIO ANODIZADO","KG","CR"]
[20259,"PERFIL DE BORRACHA EPDM MACICO *12 X 15* MM PARA ESQUADRIAS","M","CR"]
[14077,"PERFIL ELASTOMERICO PRE-FORMADO EM EPMD, PARA JUNTA DE DILATACAO DE PISOS COM POUCA SOLICITACAO, 15 MM DE LARGURA, MOVIMENTACAO DE *11 A 19* MM","M","CR"]
[3678,"PERFIL ELASTOMERICO PRE-FORMADO EM EPMD, PARA JUNTA DE DILATACAO DE USO GERAL EM MEDIAS SOLICITACOES, 8 MM DE LARGURA, MOVIMENTACAO DE *5 A 11* MM","M","CR"]
[11552,"PERFIL EM ALUMINIO, FORMATO U, ABAS IGUAIS, LARGURA DE 12,70 MM (1/2 POL), ESPESSURA 1,58 MM (1/16 POL) E PESO LINEAR DE APROXIMADAMENTE 0,149 KG/M","M","CR",7.16]
[585,"PERFIL EM ALUMINIO, FORMATO U, ABAS IGUAIS, LARGURA DE 25,4 MM (1\"), ESPESSURA DE 2,38 MM (3/32\") E PESO LINEAR DE APROXIMADAMENTE 0,460 KG/M","KG","CR"]
[39418,"PERFIL GUIA, FORMATO U, EM ACO ZINCADO, PARA ESTRUTURA PAREDE DRYWALL, E = 0,5 MM, 48 X 3000 MM (L X C)","M","CR",7.75]
[39419,"PERFIL GUIA, FORMATO U, EM ACO ZINCADO, PARA ESTRUTURA PAREDE DRYWALL, E = 0,5 MM, 70 X 3000 MM (L X C)","M","CR",9.4499999999999993]
[39420,"PERFIL GUIA, FORMATO U, EM ACO ZINCADO, PARA ESTRUTURA PAREDE DRYWALL, E = 0,5 MM, 90 X 3000 MM (L X C)","M","CR",10.43]
[39571,"PERFIL LONGARINA (PRINCIPAL), T CLICADO, EM ACO, BRANCO NAS FACES APARENTES, PARA FORRO REMOVIVEL, 24 X 32 X 3750 MM (L X H X C","M","CR",6.3]
[39421,"PERFIL MONTANTE, FORMATO C, EM ACO ZINCADO, PARA ESTRUTURA PAREDE DRYWALL, E = 0,5 MM, 48 X 3000 MM (L X C)","M","CR",9.18]
[39422,"PERFIL MONTANTE, FORMATO C, EM ACO ZINCADO, PARA ESTRUTURA PAREDE DRYWALL, E = 0,5 MM, 70 X 3000 MM (L X C)","M","C",10.72]
[39423,"PERFIL MONTANTE, FORMATO C, EM ACO ZINCADO, PARA ESTRUTURA PAREDE DRYWALL, E = 0,5 MM, 90 X 3000 MM (L X C)","M","CR",12.45]
[39426,"PERFIL RODAPE DE IMPERMEABILIZACAO, FORMATO L, EM ACO ZINCADO, PARA ESTRUTURA DRYWALL, E = 0,5 MM, 220 X 3000 MM (H X C)","M","CR",27.98]
[39429,"PERFIL TABICA ABERTA, PERFURADA, FORMATO Z, EM ACO GALVANIZADO NATURAL, LARGURA APROXIMADA 40 MM, PARA ESTRUTURA FORRO DRYWALL","M","CR",8.82]
[39428,"PERFIL TABICA FECHADA, LISA, FORMATO Z, EM ACO GALVANIZADO NATURAL, LARGURA TOTAL NA HORIZONTAL *40* MM, PARA ESTRUTURA FORRO DRYWALL","M","CR",6.74]
[39572,"PERFIL TIPO CANTONEIRA EM L, EM ACO GALVANIZADO, BRANCO, PARA FORRO REMOVIVEL, *23* X 3000 MM (L X C)","M","CR",5.84]
[39570,"PERFIL TRAVESSA (SECUNDARIO), T CLICADO, EM ACO GALVANIZADO, BRANCO, PARA FORRO REMOVIVEL, 24 X 1250 MM (L X C)","M","CR",6.19]
[39569,"PERFIL TRAVESSA (SECUNDARIO), T CLICADO, EM ACO GALVANIZADO, BRANCO, PARA FORRO REMOVIVEL, 24 X 625 MM (L X C)","M","CR",6.12]
[39328,"PERFILADO PERFURADO 19 X 38 MM, CHAPA 22","M","CR",6.32]
[39029,"PERFILADO PERFURADO DUPLO 38 X 76 MM, CHAPA 22","M","CR",19.75]
[39028,"PERFILADO PERFURADO SIMPLES 38 X 38 MM, CHAPA 22","M","CR",11.5]
[38541,"PERFURATRIZ COM TORRE METALICA PARA EXECUCAO DE ESTACA HELICE CONTINUA, PROFUNDIDADE MAXIMA DE 30 M, DIAMETRO MAXIMO DE 800 MM, POTENCIA INSTALADA DE 268 HP, MESA ROTATIVA COM TORQUE MAXIMO DE 170 KNM","UN","CR"]
[38542,"PERFURATRIZ COM TORRE METALICA PARA EXECUCAO DE ESTACA HELICE CONTINUA, PROFUNDIDADE MAXIMA DE 32 M, DIAMETRO MAXIMO DE 1000 MM, POTENCIA INSTALADA DE 350 HP, MESA ROTATIVA COM TORQUE MAXIMO DE 263 KNM","UN","CR"]
[45080,"PERFURATRIZ DE COROA DIAMANTADA PARA CONCRETO, DIAMETRO ATE 250 MM, MOTOR ELETRICO 220 V, POTENCIA 2.500W","UN","CR"]
[38543,"PERFURATRIZ HIDRAULICA COM TRADO CURTO ACOPLADO, PROFUNDIDADE MAXIMA DE 20 M, DIAMETRO MAXIMO DE 1500 MM, POTENCIA INSTALADA DE 137 HP, MESA ROTATIVA COM TORQUE MAXIMO DE 30 KNM (INCLUI MONTAGEM, NAO INCLUI CAMINHAO)","UN","CR"]
[44002,"PERFURATRIZ HIDRAULICA SOBRE ESTEIRA, TORQUE MAXIMO 161 KNM, PROFUNDIDADE MAXIMA 54 M, DIAMETRO MAXIMO 1500 MM, POTENCIA MOTOR 268 HP","UN","CR"]
[43886,"PERFURATRIZ HIDRAULICA SOBRE ESTEIRA, TORQUE MAXIMO 98 KNM, PROFUNDIDADE MAXIMA 25 M, DIAMETRO MAXIMO 115 MM, POTENCIA MOTOR 190 HP","UN","CR"]
[40791,"PERFURATRIZ MANUAL, TORQUE MAXIMO 83 N.M, POTENCIA 5 CV, COM DIAMETRO MAXIMO 4\", PARA SOLO GRAMPEADO (INCLUI SUPORTE OU CHASSI TIPO MESA)","UN","CR"]
[44003,"PERFURATRIZ PARA EXECUCAO DE ESTACAS SECANTES, TIPO HELICE CONTINUA COM CABECOTE DUPLO E TUBO METALICO 300 KW","UN","CR"]
[44548,"PERFURATRIZ PARA FURO DIRECIONAL HORIZONTAL (HDD) COM CAPACIDADE ATE 89 KN, POTENCIA 24,8 HP A 80 HP (INCLUSO FERRAMENTAS E LOCALIZADOR), PARA REDE SUBTERRANEA","UN","CR"]
[44550,"PERFURATRIZ PARA FURO DIRECIONAL HORIZONTAL (HDD) COM CAPACIDADE DE 201 KN A 560 KN, POTENCIA 200 HP A 260 HP (INCLUSO FERRAMENTAS E LOCALIZADOR), PARA REDE SUBTERRANEA","UN","CR"]
[44549,"PERFURATRIZ PARA FURO DIRECIONAL HORIZONTAL (HDD) COM CAPACIDADE DE 90 KN A 200 KN, POTENCIA 100 HP A 160 HP (INCLUSO FERRAMENTAS E LOCALIZADOR), PARA REDE SUBTERRANEA","UN","CR"]
[41982,"PERFURATRIZ ROTATIVA SOBRE ESTEIRA, TORQUE MAXIMO 2500 KGM, POTENCIA 110 HP, MOTOR DIESEL","UN","CR"]
[39012,"PERFURATRIZ SOBRE ESTEIRA, TORQUE MAXIMO 600 KGF, PESO MEDIO 1000 KG, POTENCIA 20 HP, DIAMETRO MAXIMO 10\"","UN","CR"]
[40435,"PERFURATRIZ SOBRE ESTEIRA, TORQUE MAXIMO DE 600 KGF, POTENCIA ENTRE 50 E 60 HP, DIAMETRO MAXIMO DE 10\"","UN","CR"]
[45265,"PERNEIRA DE RASPA COM VELCRO","PAR","CR",35.15]
[13617,"PICAPE CABINE SIMPLES COM MOTOR 1.6 FLEX, CAMBIO MANUAL, POTENCIA 101/104 CV, 2 PORTAS","UN","CR",106459.43]
[35274,"PILAR QUADRADO NAO APARELHADO *10 X 10* CM, EM MACARANDUBA/MASSARANDUBA, ANGELIM OU EQUIVALENTE DA REGIAO - BRUTA","M","CR",37.68]
[35275,"PILAR QUADRADO NAO APARELHADO *15 X 15* CM, EM MACARANDUBA/MASSARANDUBA, ANGELIM OU EQUIVALENTE DA REGIAO - BRUTA","M","CR",79.97]
[35276,"PILAR QUADRADO NAO APARELHADO *20 X 20* CM, EM MACARANDUBA/MASSARANDUBA, ANGELIM OU EQUIVALENTE DA REGIAO - BRUTA","M","CR",139.15]
[11091,"PINGADEIRA PLASTICA PARA TELHA DE FIBROCIMENTO CANALETE 49/KALHETA OU CANALETE 90/KALHETAO","UN","CR",1.68]
[37586,"PINO DE ACO COM ARRUELA CONICA, DIAMETRO ARRUELA = *23* MM E COMP HASTE = *27* MM (ACAO INDIRETA)","CENTO","CR"]
[37395,"PINO DE ACO COM FURO, HASTE = 27 MM (ACAO DIRETA)","CENTO","CR"]
[14147,"PINO DE ACO COM ROSCA 1/4\", COMPRIMENTO DA HASTE = 30 MM E ROSCA = 20 MM (ACAO DIRETA)","CENTO","CR"]
[37396,"PINO DE ACO LISO 1/4\", HASTE = *36,5* MM (ACAO DIRETA)","CENTO","CR"]
[37397,"PINO DE ACO LISO 1/4\", HASTE = *53* MM (ACAO DIRETA)","CENTO","CR"]
[43606,"PINO GUIA RETO, EM LATAO, CHAPA COM 3 MM DE ESPESSURA E GUIA COM ROLETE DE 9 MM","UN","CR",8.58]
[444,"PINO ROSCA EXTERNA, EM ACO GALVANIZADO, PARA ISOLADOR DE 15KV, DIAMETRO 25 MM, COMPRIMENTO *290* MM","UN","CR",44.35]
[445,"PINO ROSCA EXTERNA, EM ACO GALVANIZADO, PARA ISOLADOR DE 25KV, DIAMETRO 35MM, COMPRIMENTO *320* MM","UN","CR",60.71]
[4783,"PINTOR (HORISTA)","H","C",20.27]
[41079,"PINTOR (MENSALISTA)","MES","CR",3533.91]
[12874,"PINTOR DE LETREIROS (HORISTA)","H","CR",19.66]
[41082,"PINTOR DE LETREIROS (MENSALISTA)","MES","CR",3431.66]
[4785,"PINTOR PARA TINTA EPOXI (HORISTA)","H","CR",20.27]
[41081,"PINTOR PARA TINTA EPOXI (MENSALISTA)","MES","CR",3533.91]
[4801,"PISO DE BORRACHA CANELADO EM PLACAS 50 X 50 CM, E = *3,5* MM, PARA COLA","M2","CR",116.3]
[4794,"PISO DE BORRACHA ESPORTIVO EM PLACAS 50 X 50 CM, E = 15 MM, PARA ARGAMASSA, PRETO","M2","CR",529.67999999999995]
[4796,"PISO DE BORRACHA FRISADO OU PASTILHADO, PRETO, EM PLACAS 50 X 50 CM, E = 7 MM, PARA ARGAMASSA","M2","CR",321.73]
[4800,"PISO DE BORRACHA PASTILHADO EM PLACAS 50 X 50 CM, E = *3,5* MM, PARA COLA, PRETO","M2","CR",88.47]
[4795,"PISO DE BORRACHA PASTILHADO EM PLACAS 50 X 50 CM, E = 15 MM, PARA ARGAMASSA, PRETO","M2","CR",515.62]
[1292,"PISO EM CERAMICA ESMALTADA, COR LISA, PEI MAIOR OU IGUAL A 4, FORMATO MAIOR QUE 2025 CM2","M2","CR",42.09]
[1287,"PISO EM CERAMICA ESMALTADA, COR LISA, PEI MAIOR OU IGUAL A 4, FORMATO MENOR OU IGUAL A 2025 CM2","M2","CR",33.700000000000003]
[4786,"PISO EM GRANILITE, MARMORITE OU GRANITINA, AGREGADO COR PRETO, CINZA, PALHA OU BRANCO, E= *8* MM (INCLUSO EXECUCAO)","M2","C"]
[10840,"PISO EM GRANITO, POLIDO, TIPO AMENDOA/ AMARELO CAPRI/ AMARELO DOURADO CARIOCA OU OUTROS EQUIVALENTES DA REGIAO, FORMATO MENOR OU IGUAL A 3025 CM2, E= *2* CM","M2","C",440]
[10841,"PISO EM GRANITO, POLIDO, TIPO ANDORINHA/ QUARTZ/ CASTELO/ CORUMBA OU OUTROS EQUIVALENTES DA REGIAO, FORMATO MENOR OU IGUAL A 3025 CM2, E= *2* CM","M2","CR",332.07]
[44540,"PISO EM GRANITO, POLIDO, TIPO MARFIM, DALLAS, CARAVELAS OU OUTROS EQUIVALENTES DA REGIAO, FORMATO MENOR OU IGUAL A 3025 CM2, E= *2*CM","M2","CR",424.31]
[10842,"PISO EM GRANITO, POLIDO, TIPO PRETO SAO GABRIEL/ TIJUCA OU OUTROS EQUIVALENTES DA REGIAO, FORMATO MENOR OU IGUAL A 3025 CM2, E= *2* CM","M2","CR",479.66]
[45190,"PISO EM PORCELANATO, RETIFICADO, LISO, MONOCOLOR, ACETINADO OU POLIDO, FORMATO MAIOR QUE 2500 ATE 6400 CM2","M2","C",69.5]
[45191,"PISO EM PORCELANATO,RETIFICADO, LISO, MONOCOLOR, ACETINADO OU POLIDO, FORMATO MAIOR QUE 6400 CM2","M2","CR",117.9]
[38180,"PISO EM REGUA VINILICA SEMIFLEXIVEL, ENCAIXE CLICADO, E = 4 MM (SEM COLOCACAO)","M2","CR",259.02999999999997]
[40648,"PISO EPOXI AUTONIVELANTE, ESPESSURA *4* MM (INCLUSO EXECUCAO)","M2","CR"]
[40649,"PISO EPOXI MULTILAYER, ESPESSURA *2* MM (INCLUSO EXECUCAO)","M2","CR"]
[40650,"PISO FULGET (GRANITO LAVADO) EM PLACAS DE *40 X 40* CM, E = 2,0 CM (SEM COLOCACAO)","M2","CR"]
[40651,"PISO FULGET (GRANITO LAVADO) EM PLACAS DE *75 X 75* CM, E = 2,0 CM (SEM COLOCACAO)","M2","CR"]
[40652,"PISO FULGET (GRANITO LAVADO) MOLDADO IN LOCO (INCLUSO EXECUCAO)","M2","CR"]
[40647,"PISO INDUSTRIAL EM CONCRETO ARMADO DE ACABAMENTO POLIDO, ESPESSURA 12 CM (CIMENTO QUEIMADO) (INCLUSO EXECUCAO)","M2","CR"]
[40653,"PISO KORODUR (INCLUSO EXECUCAO)","M2","CR"]
[38135,"PISO TATIL / PODOTATIL, LADRILHO HIDRAULICO / CONCRETO, *25 X 25* CM, E= *2,5* CM, PADRAO TATIL ALERTA OU DIRECIONAL, COR AMARELA","M2","CR",85.75]
[36178,"PISO TATIL / PODOTATIL, LADRILHO HIDRAULICO/CONCRETO, *40 X 40* CM, E= 2,5* CM, PADRAO TATIL ALERTA OU DIRECIONAL, COR NATURAL","UN","CR",14.34]
[38181,"PISO TATIL ALERTA OU DIRECIONAL, DE BORRACHA, COLORIDO, 25 X 25 CM, E = 5 MM, PARA COLA","M2","CR",353.61]
[38182,"PISO TATIL DE ALERTA OU DIRECIONAL DE BORRACHA, PRETO, 25 X 25 CM, E = 5 MM, PARA COLA","M2","CR",336.83]
[38186,"PISO TATIL DE ALERTA OU DIRECIONAL, DE BORRACHA, COLORIDO, 25 X 25 CM, E = 12 MM, PARA ARGAMASSA","M2","CR",875.53]
[38185,"PISO TATIL DE ALERTA OU DIRECIONAL, DE BORRACHA, PRETO, 25 X 25 CM, E = 12 MM, PARA ARGAMASSA","M2","CR",779.53]
[40654,"PISO URETANO, VERSAO REVESTIMENTO AUTONIVELANTE, ESPESSURA VARIAVEL DE 3 A 4 MM (INCLUSO EXECUCAO)","M2","CR"]
[44541,"PISO/ REVESTIMENTO EM GRANITO, POLIDO, TIPO ANDORINHA/ QUARTZ/ CASTELO/ CORUMBA OU OUTROS EQUIVALENTES DA REGIAO, FORMATO MAIOR OU IGUAL A 3025 CM2, E = *2*CM","M2","CR",350.52]
[4822,"PISO/ REVESTIMENTO EM MARMORE, POLIDO, BRANCO COMUM, FORMATO MAIOR OU IGUAL A 3025 CM2, E = *2* CM","M2","CR",499.09]
[4818,"PISO/ REVESTIMENTO EM MARMORE, POLIDO, BRANCO COMUM, FORMATO MENOR OU IGUAL A 3025 CM2, E = *2* CM","M2","C",513]
[39567,"PLACA / CHAPA DE GESSO ACARTONADO, ACABAMENTO VINILICO LISO EM UMA DAS FACES, COR BRANCA, BORDA QUADRADA, E = 9,5 MM, *625 X 1250* MM (L X C), PARA FORRO REMOVIVEL","M2","CR",52.49]
[39566,"PLACA / CHAPA DE GESSO ACARTONADO, ACABAMENTO VINILICO LISO EM UMA DAS FACES, COR BRANCA, BORDA QUADRADA, E = 9,5 MM, *625 X 625* MM (L X C), PARA FORRO REMOVIVEL","M2","CR",55.56]
[39416,"PLACA / CHAPA DE GESSO ACARTONADO, RESISTENTE A UMIDADE (RU), COR VERDE, E = 12,5 MM, 1200 X 1800 MM (L X C)","M2","CR",33.86]
[39417,"PLACA / CHAPA DE GESSO ACARTONADO, RESISTENTE A UMIDADE (RU), COR VERDE, E = 12,5 MM, 1200 X 2400 MM (L X C)","M2","CR",33.03]
[43742,"PLACA / CHAPA DE GESSO ACARTONADO, RESISTENTE A UMIDADE (RU), COR VERDE, E = 15 MM, 1200 X 2400 MM (L X C)","M2","CR",35.619999999999997]
[39414,"PLACA / CHAPA DE GESSO ACARTONADO, RESISTENTE AO FOGO (RF), COR ROSA, E = 12,5 MM, 1200 X 1800 MM (L X C)","M2","CR",32.07]
[39415,"PLACA / CHAPA DE GESSO ACARTONADO, RESISTENTE AO FOGO (RF), COR ROSA, E = 12,5 MM, 1200 X 2400 MM (L X C)","M2","CR",27.64]
[43740,"PLACA / CHAPA DE GESSO ACARTONADO, RESISTENTE AO FOGO (RF), COR ROSA, E = 15 MM, 1200 X 2400 MM (L X C)","M2","CR",33.76]
[39412,"PLACA / CHAPA DE GESSO ACARTONADO, STANDARD (ST), COR BRANCA, E = 12,5 MM, 1200 X 1800 MM (L X C)","M2","C",23.15]
[39413,"PLACA / CHAPA DE GESSO ACARTONADO, STANDARD (ST), COR BRANCA, E = 12,5 MM, 1200 X 2400 MM (L X C)","M2","CR",25.03]
[43741,"PLACA / CHAPA DE GESSO ACARTONADO, STANDARD (ST), COR BRANCA, E = 15 MM, 1200 X 2400 MM (L X C)","M2","CR",26.69]
[11062,"PLACA CIMENTICIA LISA E = 10 MM, DE 1,20 X *2,50* M (SEM AMIANTO)","M2","CR",71.08]
[11063,"PLACA CIMENTICIA LISA E = 6 MM, DE 1,20 X *2,50* M (SEM AMIANTO)","M2","CR",43.5]
[13521,"PLACA DE ACO ESMALTADA PARA IDENTIFICACAO DE RUA, *45 CM X 20* CM","UN","CR"]
[10851,"PLACA DE ACRILICO TRANSPARENTE ADESIVADA PARA SINALIZACAO DE PORTAS, BORDA POLIDA, DE *25 X 8*, E = 6 MM (NAO INCLUI ACESSORIOS PARA FIXACAO)","UN","CR"]
[39515,"PLACA DE FIBRA MINERAL PARA FORRO, DE 1250 X 625 MM, E = 15 MM, BORDA RETA, COM PINTURA ANTIMOFO (NAO INCLUI PERFIS)","UN","CR"]
[39516,"PLACA DE FIBRA MINERAL PARA FORRO, DE 625 X 625 MM, E = 15 MM, BORDA REBAIXADA PARA PERFIL 24 MM, COM PINTURA ANTIMOFO (NAO INCLUI PERFIS)","UN","CR"]
[39514,"PLACA DE FIBRA MINERAL PARA FORRO, DE 625 X 625 MM, E = 15 MM, BORDA RETA, COM PINTURA ANTIMOFO (NAO INCLUI PERFIS)","UN","C"]
[4812,"PLACA DE GESSO PARA FORRO, *60 X 60* CM, ESPESSURA DE 12 MM (SEM COLOCACAO)","M2","CR",13.89]
[10849,"PLACA DE INAUGURACAO EM BRONZE *35X 50*CM","UN","CR"]
[10848,"PLACA DE INAUGURACAO METALICA, *40* CM X *60* CM","UN","CR"]
[4813,"PLACA DE OBRA (PARA CONSTRUCAO CIVIL) EM CHAPA GALVANIZADA *N. 22*, ADESIVADA, DE *2,4 X 1,2* M (SEM POSTES PARA FIXACAO)","M2","C"]
[37560,"PLACA DE SINALIZACAO DE SEGURANCA CONTRA INCENDIO - ALERTA, TRIANGULAR, BASE DE *30* CM, EM PVC *2* MM ANTI-CHAMAS (SIMBOLOS, CORES E PICTOGRAMAS CONFORME NBR 16820)","UN","CR",59.06]
[37557,"PLACA DE SINALIZACAO DE SEGURANCA CONTRA INCENDIO, FOTOLUMINESCENTE, QUADRADA, *14 X 14* CM, EM PVC *2* MM ANTI-CHAMAS (SIMBOLOS, CORES E PICTOGRAMAS CONFORME NBR 16820)","UN","CR",17.93]
[37556,"PLACA DE SINALIZACAO DE SEGURANCA CONTRA INCENDIO, FOTOLUMINESCENTE, QUADRADA, *20 X 20* CM, EM PVC *2* MM ANTI-CHAMAS (SIMBOLOS, CORES E PICTOGRAMAS CONFORME NBR 16820)","UN","CR",34.700000000000003]
[37559,"PLACA DE SINALIZACAO DE SEGURANCA CONTRA INCENDIO, FOTOLUMINESCENTE, RETANGULAR, *12 X 40* CM, EM PVC *2* MM ANTI-CHAMAS (SIMBOLOS, CORES E PICTOGRAMAS CONFORME NBR 16820)","UN","CR",42.56]
[37539,"PLACA DE SINALIZACAO DE SEGURANCA CONTRA INCENDIO, FOTOLUMINESCENTE, RETANGULAR, *13 X 26* CM, EM PVC *2* MM ANTI-CHAMAS (SIMBOLOS, CORES E PICTOGRAMAS CONFORME NBR 16820)","UN","C",30]
[37558,"PLACA DE SINALIZACAO DE SEGURANCA CONTRA INCENDIO, FOTOLUMINESCENTE, RETANGULAR, *20 X 40* CM, EM PVC *2* MM ANTI-CHAMAS (SIMBOLOS, CORES E PICTOGRAMAS CONFORME NBR 16820)","UN","CR",55.93]
[34723,"PLACA DE SINALIZACAO EM CHAPA DE ACO NUM 16 COM PINTURA REFLETIVA","M2","CR"]
[34721,"PLACA DE SINALIZACAO EM CHAPA DE ALUMINIO COM PINTURA REFLETIVA, E = 2 MM","M2","CR"]
[4309,"PLACA DE VENTILACAO PARA TELHA DE FIBROCIMENTO CANALETE 49 KALHETA","UN","CR",7.55]
[4307,"PLACA DE VENTILACAO PARA TELHA DE FIBROCIMENTO, CANALETE 90 OU KALHETAO","UN","CR",12.92]
[10850,"PLACA NUMERACAO RESIDENCIAL EM CHAPA GALVANIZADA ESMALTADA 12 X 18 CM","UN","CR"]
[42438,"PLACA ORIENTATIVA SOBRE EXERCICIOS, 2,00 M X 1,00 M (CHAPA GALVANIZADA #20), ESTRUTURA EM TUBOS REDONDOS DE ACO CARBONO, PINTURA NO PROCESSO ELETROSTATICO, ADESIVO FRENTE E VERSO - PARA ACADEMIA AO AR LIVRE / ACADEMIA DA TERCEIRA IDADE - ATI","UN","CR"]
[4792,"PLACA VINILICA SEMIFLEXIVEL PARA PISOS, E = 3,2 MM, 30 X 30 CM (SEM COLOCACAO)","M2","CR",248.65]
[4790,"PLACA VINILICA SEMIFLEXIVEL PARA REVESTIMENTO DE PISOS E PAREDES, E = 2 MM (SEM COLOCACAO)","M2","C",149.5]
[40671,"PLACA/PISO DE CONCRETO POROSO/ PAVIMENTO PERMEAVEL/BLOCO DRENANTE DE CONCRETO, *40 X 40* CM, E = 6 CM, COR NATURAL","M2","CR",89.39]
[7552,"PLACA/TAMPA CEGA EM LATAO ESCOVADO PARA CONDULETE EM LIGA DE ALUMINIO 4 X 4\"","UN","CR"]
[4893,"PLUG OU BUJAO DE FERRO GALVANIZADO, DE 1 1/2\"","UN","CR"]
[4894,"PLUG OU BUJAO DE FERRO GALVANIZADO, DE 1 1/4\"","UN","CR"]
[4890,"PLUG OU BUJAO DE FERRO GALVANIZADO, DE 1\"","UN","CR"]
[4888,"PLUG OU BUJAO DE FERRO GALVANIZADO, DE 1/2\"","UN","CR"]
[12411,"PLUG OU BUJAO DE FERRO GALVANIZADO, DE 2 1/2\"","UN","CR"]
[4891,"PLUG OU BUJAO DE FERRO GALVANIZADO, DE 2\"","UN","CR"]
[4892,"PLUG OU BUJAO DE FERRO GALVANIZADO, DE 3\"","UN","CR"]
[4889,"PLUG OU BUJAO DE FERRO GALVANIZADO, DE 3/4\"","UN","CR"]
[12412,"PLUG OU BUJAO DE FERRO GALVANIZADO, DE 4\"","UN","CR"]
[4907,"PLUG PVC, JE, DN 100 MM, PARA REDE COLETORA ESGOTO","UN","CR",20.89]
[4902,"PLUG PVC, JE, DN 150 MM, PARA REDE COLETORA ESGOTO","UN","CR",54.18]
[4741,"PO DE PEDRA (POSTO PEDREIRA/FORNECEDOR, SEM FRETE)","M3","CR",87.38]
[4752,"POCEIRO / ESCAVADOR DE VALAS E TUBULOES (HORISTA)","H","CR",11.41]
[41091,"POCEIRO / ESCAVADOR DE VALAS E TUBULOES (MENSALISTA)","MES","CR",1992.42]
[13954,"POLIDORA DE PISO (POLITRIZ) ELETRICA, MOTOR MONOFASICO DE 4 HP, PESO DE 100 KG, DIAMETRO DO TRABALHO DE 450 MM","UN","CR"]
[3411,"POLIESTIRENO EXPANDIDO/EPS (ISOPOR), PEROLAS, PARA CONCRETO LEVE","KG","CR"]
[39995,"POLIESTIRENO EXPANDIDO/EPS (ISOPOR), TIPO 2F, BLOCO","M3","CR"]
[11615,"POLIESTIRENO EXPANDIDO/EPS (ISOPOR), TIPO 2F, PLACA, ISOLAMENTO TERMOACUSTICO, E = 10 MM, 1000 X 500 MM","M2","CR"]
[3408,"POLIESTIRENO EXPANDIDO/EPS (ISOPOR), TIPO 2F, PLACA, ISOLAMENTO TERMOACUSTICO, E = 20 MM, 1000 X 500 MM","M2","C"]
[3409,"POLIESTIRENO EXPANDIDO/EPS (ISOPOR), TIPO 2F, PLACA, ISOLAMENTO TERMOACUSTICO, E = 50 MM, 1000 X 500 MM","M2","CR"]
[11427,"POLVORA NEGRA","KG","CR"]
[4491,"PONTALETE *7,5 X 7,5* CM EM PINUS, MISTA OU EQUIVALENTE DA REGIAO - BRUTA","M","CR",11.75]
[2745,"PONTALETE ROLICO SEM TRATAMENTO, D = 8 A 11 CM, H = 3 M, EM EUCALIPTO OU EQUIVALENTE DA REGIAO - BRUTA (PARA ESCORAMENTO)","M","CR",4.3499999999999996]
[14439,"PONTALETE ROLICO SEM TRATAMENTO, D = 8 A 11 CM, H = 6 M, EM EUCALIPTO OU EQUIVALENTE DA REGIAO - BRUTA (PARA ESCORAMENTO)","M","CR",5.39]
[45238,"PONTEIRO DE ACO, LISO, REDONDO, 3/4\" X 10\"","UN","CR",20.89]
[44496,"PONTEIRO PARA MARTELO ROMPEDOR, DIAMETRO = *28* MM, COMPRIMENTO = *520* MM, ENCAIXE SEXTAVADO","UN","CR",142.83000000000001]
[12362,"PORCA OLHAL EM ACO GALVANIZADO, ESPESSURA 16MM, ABERTURA 21MM","UN","CR",24.1]
[421,"PORCA OLHAL M 16, EM ACO GALVANIZADO, DIAMETRO = 16 MM","UN","CR"]
[14148,"PORCA UNIAO/JUNCAO ZINCADA SEXTAVADA 1/4\", CHAVE 7/16\", COMPRIMENTO = 25 MM","UN","CR"]
[4341,"PORCA ZINCADA, QUADRADA, DIAMETRO 3/8\"","UN","CR",1.07]
[4337,"PORCA ZINCADA, QUADRADA, DIAMETRO 5/8\"","UN","CR",2.69]
[11971,"PORCA ZINCADA, SEXTAVADA, DIAMETRO 1\"","UN","CR",4.46]
[4339,"PORCA ZINCADA, SEXTAVADA, DIAMETRO 1/2\"","UN","CR",0.56999999999999995]
[39997,"PORCA ZINCADA, SEXTAVADA, DIAMETRO 1/4\"","UN","CR",0.32]
[4342,"PORCA ZINCADA, SEXTAVADA, DIAMETRO 3/8\"","UN","CR",0.23]
[4330,"PORCA ZINCADA, SEXTAVADA, DIAMETRO 5/16\"","UN","CR",0.15]
[4340,"PORCA ZINCADA, SEXTAVADA, DIAMETRO 5/8\"","UN","CR",1.24]
[5088,"PORTA CADEADO EM ACO GALVANIZADO, COMPRIMENTO DE 3 1/2\"","UN","CR",6.7]
[11154,"PORTA CORTA-FOGO SIMPLES PARA SAIDA DE EMERGENCIA, 1 FOLHA DE ABRIR, 5 CM, ACABAMENTO NATURAL / SEM PINTURA, COM FECHADURA TIPO TRINCO, DOBRADICAS E BATENTE, VAO LUZ DE 90 X 210 CM, CLASSE P-90 (NBR 11742)","UN","CR"]
[4989,"PORTA DE ABRIR / GIRO, DE MADEIRA FOLHA MEDIA (NBR 15930) DE 1000 X 2100 MM, DE 35 MM A 40 MM DE ESPESSURA, NUCLEO SEMI-SOLIDO (SARRAFEADO), CAPA LISA EM HDF, ACABAMENTO EM LAMINADO NATURAL PARA VERNIZ","UN","CR",334.08]
[4982,"PORTA DE ABRIR / GIRO, DE MADEIRA FOLHA MEDIA (NBR 15930) DE 1000 X 2100 MM, DE 35 MM A 40 MM DE ESPESSURA, NUCLEO SEMI-SOLIDO (SARRAFEADO), CAPA LISA EM HDF, ACABAMENTO EM PRIMER PARA PINTURA","UN","CR",313.36]
[4962,"PORTA DE ABRIR / GIRO, DE MADEIRA FOLHA MEDIA (NBR 15930) DE 700 X 2100 MM, DE 35 MM A 40 MM DE ESPESSURA, NUCLEO SEMI-SOLIDO (SARRAFEADO), CAPA FRISADA EM HDF, ACABAMENTO MELAMINICO EM PADRAO MADEIRA","UN","CR",247.12]
[4981,"PORTA DE ABRIR / GIRO, DE MADEIRA FOLHA MEDIA (NBR 15930) DE 700 X 2100 MM, DE 35 MM A 40 MM DE ESPESSURA, NUCLEO SEMI-SOLIDO (SARRAFEADO), CAPA LISA EM HDF, ACABAMENTO EM LAMINADO NATURAL PARA VERNIZ","UN","C",220]
[4964,"PORTA DE ABRIR / GIRO, DE MADEIRA FOLHA MEDIA (NBR 15930) DE 800 X 2100 MM, DE 35 MM A 40 MM DE ESPESSURA, NUCLEO SEMI-SOLIDO (SARRAFEADO), CAPA FRISADA EM HDF, ACABAMENTO MELAMINICO EM PADRAO MADEIRA","UN","CR",279.10000000000002]
[4992,"PORTA DE ABRIR / GIRO, DE MADEIRA FOLHA MEDIA (NBR 15930) DE 800 X 2100 MM, DE 35 MM A 40 MM DE ESPESSURA, NUCLEO SEMI-SOLIDO (SARRAFEADO), CAPA LISA EM HDF, ACABAMENTO EM LAMINADO NATURAL PARA VERNIZ","UN","CR",272.63]
[4987,"PORTA DE ABRIR / GIRO, DE MADEIRA FOLHA MEDIA (NBR 15930) DE 900 X 2100 MM, DE 35 MM A 40 MM DE ESPESSURA, NUCLEO SEMI-SOLIDO (SARRAFEADO), CAPA LISA EM HDF, ACABAMENTO EM LAMINADO NATURAL PARA VERNIZ","UN","CR",311.89999999999998]
[4930,"PORTA DE ABRIR / GIRO, EM GRADIL FERRO, COM BARRA CHATA 3 CM X 1/4\", COM REQUADRO E GUARNICAO - COMPLETO - ACABAMENTO NATURAL","M2","CR"]
[4998,"PORTA DE ABRIR / GIRO, EM MADEIRA MACICA (ANGELIM OU EQUIVALENTE REGIONAL), QUALQUER DESENHO (VERTICAL/DIAGONAL/HORIZ.), E = *3,5* CM, DIMENSOES 2,10 X 0,70 (SOMENTE FOLHA DE PORTA, ACABAMENTO NATURAL)","M2","CR",1075.25]
[39021,"PORTA DE ABRIR EM ACO, COM DIVISAO HORIZONTAL PARA VIDROS, 90 X 210 CM, COM FUNDO ANTICORROSIVO/PRIMER DE PROTECAO, INCLUI FECHADURA, MACANETA E PARAFUSO, SEM GUARNICAO/ALIZAR/VISTA, VIDROS NAO INCLUSOS","UN","CR"]
[39022,"PORTA DE ABRIR EM ACO, TIPO VENEZIANA, 90 X 210 CM, COM FUNDO ANTICORROSIVO / PRIMER DE PROTECAO, INCLUI FECHADURA, MACANETA E PARAFUSOS, SEM GUARNICAO/ALIZAR/VISTA","UN","C"]
[39024,"PORTA DE ABRIR EM ALUMINIO COM DIVISAO HORIZONTAL PARA VIDROS, ACABAMENTO ANODIZADO NATURAL, VIDROS INCLUSOS, SEM GUARNICAO/ALIZAR/VISTA, 87 CM X 210 CM","UN","CR",719.69]
[4914,"PORTA DE ABRIR EM ALUMINIO COM LAMBRI HORIZONTAL/LAMINADA, ACABAMENTO ANODIZADO NATURAL, SEM GUARNICAO/ALIZAR/VISTA","M2","CR",583.54]
[4917,"PORTA DE ABRIR EM ALUMINIO TIPO VENEZIANA, ACABAMENTO ANODIZADO NATURAL, SEM GUARNICAO/ALIZAR/VISTA","M2","C",403]
[39025,"PORTA DE ABRIR, TIPO VENEZIANA, EM ALUMINIO, ACABAMENTO ANODIZADO NATURAL, 90 CM X 210 CM (LARGURA X ALTURA), SEM GUARNICAO/ALIZAR/VISTA","UN","CR",737.97]
[4922,"PORTA DE CORRER EM ALUMINIO, DUAS FOLHAS MOVEIS COM VIDRO, FECHADURA E PUXADOR EMBUTIDO, ACABAMENTO ANODIZADO NATURAL, SEM GUARNICAO/ALIZAR/VISTA","M2","CR",373.82]
[4911,"PORTA DE ENROLAR MANUAL COMPLETA, ARTICULADA RAIADA LARGA, EM ACO GALVANIZADO NATURAL, CHAPA NUMERO 24 (SEM INSTALACAO)","M2","CR",454.16]
[37518,"PORTA DE ENROLAR MANUAL COMPLETA, PERFIL MEIA CANA CEGA, EM ACO GALVANIZADO COM PINTURA ELETROSTATICA, CHAPA NUMERO 24\" (SEM INSTALACAO)","M2","CR",738.01]
[4910,"PORTA DE ENROLAR MANUAL COMPLETA, PERFIL MEIA CANA CEGA, EM ACO GALVANIZADO NATURAL, CHAPA NUMERO 24 (SEM INSTALACAO)","M2","CR",622.15]
[4943,"PORTA DE ENROLAR MANUAL COMPLETA, PERFIL MEIA CANA VAZADA TIJOLINHO, EM ACO GALVANIZADO NATURAL, CHAPA NUMERO 24 (SEM INSTALACAO)","M2","CR",926.85]
[5002,"PORTA DE MADEIRA QUADRICULADA PARA VIDRO, DE CORRER (EUCALIPTO OU EQUIVALENTE REGIONAL), E = *3,5* CM","M2","CR",783.83]
[4977,"PORTA DE MADEIRA TIPO VENEZIANA (EUCALIPTO OU EQUIVALENTE REGIONAL), E = *3,5* CM","M2","CR",529.12]
[11364,"PORTA DE MADEIRA, FOLHA LEVE (NBR 15930) DE 600 X 2100 MM, DE 35 MM A 40 MM DE ESPESSURA, NUCLEO COLMEIA, CAPA LISA EM HDF, ACABAMENTO EM PRIMER PARA PINTURA","UN","CR",189]
[11365,"PORTA DE MADEIRA, FOLHA LEVE (NBR 15930) DE 700 X 2100 MM, DE 35 MM A 40 MM DE ESPESSURA, NUCLEO COLMEIA, CAPA LISA EM HDF, ACABAMENTO EM PRIMER PARA PINTURA","UN","CR",196.13]
[11366,"PORTA DE MADEIRA, FOLHA LEVE (NBR 15930) DE 800 X 2100 MM, DE 35 MM A 40 MM DE ESPESSURA, NUCLEO COLMEIA, CAPA LISA EM HDF, ACABAMENTO EM PRIMER PARA PINTURA","UN","CR",208.49]
[43777,"PORTA DE MADEIRA, FOLHA LEVE (NBR 15930), DE 600 X 2100 MM, E = 35 MM, NUCLEO COLMEIA, CAPA LISA EM HDF, ACABAMENTO MELAMINICO EM PADRAO MADEIRA","UN","CR",244.9]
[20322,"PORTA DE MADEIRA, FOLHA MEDIA (NBR 15930) DE 600 X 2100 MM, DE 35 MM A 40 MM DE ESPESSURA, NUCLEO SEMI-SOLIDO (SARRAFEADO), CAPA FRISADA EM HDF, ACABAMENTO MELAMINICO EM PADRAO MADEIRA","UN","CR",227.34]
[10553,"PORTA DE MADEIRA, FOLHA MEDIA (NBR 15930) DE 600 X 2100 MM, DE 35 MM A 40 MM DE ESPESSURA, NUCLEO SEMI-SOLIDO (SARRAFEADO), CAPA LISA EM HDF, ACABAMENTO EM PRIMER PARA PINTURA","UN","CR",206.43]
[5020,"PORTA DE MADEIRA, FOLHA MEDIA (NBR 15930) DE 600 X 2100 MM, DE 35 MM A 40 MM DE ESPESSURA, NUCLEO SEMI-SOLIDO (SARRAFEADO), CAPA LISA EM HDF, ACABAMENTO LAMINADO NATURAL PARA VERNIZ","UN","CR",217.64]
[10554,"PORTA DE MADEIRA, FOLHA MEDIA (NBR 15930) DE 700 X 2100 MM, DE 35 MM A 40 MM DE ESPESSURA, NUCLEO SEMI-SOLIDO (SARRAFEADO), CAPA LISA EM HDF, ACABAMENTO EM PRIMER PARA PINTURA","UN","CR",208.26]
[10555,"PORTA DE MADEIRA, FOLHA MEDIA (NBR 15930) DE 800 X 2100 MM, DE 35 MM A 40 MM DE ESPESSURA, NUCLEO SEMI-SOLIDO (SARRAFEADO), CAPA LISA EM HDF, ACABAMENTO EM PRIMER PARA PINTURA","UN","CR",227.11]
[10556,"PORTA DE MADEIRA, FOLHA MEDIA (NBR 15930) DE 900 X 2100 MM, DE 35 MM A 40 MM DE ESPESSURA, NUCLEO SEMI-SOLIDO (SARRAFEADO), CAPA LISA EM HDF, ACABAMENTO EM PRIMER PARA PINTURA","UN","CR",301.97000000000003]
[39502,"PORTA DE MADEIRA, FOLHA PESADA (NBR 15930) DE 800 X 2100 MM, DE 40 MM A 45 MM DE ESPESSURA, NUCLEO SOLIDO, CAPA LISA EM HDF, ACABAMENTO EM LAMINADO NATURAL PARA VERNIZ","UN","CR",424.03]
[39504,"PORTA DE MADEIRA, FOLHA PESADA (NBR 15930) DE 800 X 2100 MM, DE 40 MM A 45 MM DE ESPESSURA, NUCLEO SOLIDO, CAPA LISA EM HDF, ACABAMENTO EM PRIMER PARA PINTURA","UN","CR",468.9]
[39503,"PORTA DE MADEIRA, FOLHA PESADA (NBR 15930) DE 900 X 2100 MM, DE 40 MM A 45 MM DE ESPESSURA, NUCLEO SOLIDO, CAPA LISA EM HDF, ACABAMENTO EM LAMINADO NATURAL PARA VERNIZ","UN","CR",493.5]
[39505,"PORTA DE MADEIRA, FOLHA PESADA (NBR 15930) DE 900 X 2100 MM, DE 40 MM A 45 MM DE ESPESSURA, NUCLEO SOLIDO, CAPA LISA EM HDF, ACABAMENTO EM PRIMER PARA PINTURA","UN","CR",531.82000000000005]
[5028,"PORTA DE MADEIRA-DE-LEI QUADRICULADA PARA VIDRO, DE CORRER (ANGELIM OU EQUIVALENTE REGIONAL), E = *3,5* CM","M2","CR",1294.6600000000001]
[4969,"PORTA DE MADEIRA-DE-LEI TIPO VENEZIANA (ANGELIM OU EQUIVALENTE REGIONAL), E = *3,5* CM","M2","C",748.33]
[44471,"PORTA DENTE PARA FRESADORA","UN","CR"]
[4944,"PORTA GRADE DE ENROLAR MANUAL COMPLETA, PERFIL TUBULAR TIJOLINHO 3/4\", EM ACO GALVANIZADO NATURAL (SEM INSTALACAO)","M2","CR",1385.65]
[21102,"PORTA TOALHA BANHO EM METAL CROMADO, TIPO BARRA","UN","CR",31.73]
[21101,"PORTA TOALHA ROSTO EM METAL CROMADO, TIPO ARGOLA","UN","CR",20.37]
[34713,"PORTA VIDRO TEMPERADO INCOLOR, 2 FOLHAS DE CORRER, E = 10 MM (SEM FERRAGENS E SEM COLOCACAO)","M2","CR",540.35]
[37563,"PORTAO BASCULANTE, MANUAL, EM ACO GALVANIZADO, CHAPA 26, TIPO LAMBRIL, COM REQUADRO, ACABAMENTO NATURAL","M2","CR"]
[4948,"PORTAO DE ABRIR / GIRO, EM GRADIL DE METALON REDONDO DE 3/4\" VERTICAL, COM REQUADRO, ACABAMENTO NATURAL - COMPLETO","M2","CR"]
[37561,"PORTAO DE CORRER EM CHAPA TIPO PAINEL LAMBRIL QUADRADO, COM PORTA SOCIAL COMPLETA INCLUIDA, COM REQUADRO, ACABAMENTO NATURAL, COM TRILHOS E ROLDANAS","M2","CR"]
[37562,"PORTAO DE CORRER EM GRADIL FIXO DE BARRA DE FERRO CHATA DE 3 X 1/4\" NA VERTICAL, SEM REQUADRO, ACABAMENTO NATURAL, COM TRILHOS E ROLDANAS","M2","CR"]
[14164,"POSTE CONICO CONTINUO EM ACO GALVANIZADO, CURVO, BRACO DUPLO, ENGASTADO, H = 9 M, DIAMETRO INFERIOR/BASE = *135* MM","UN","CR"]
[14163,"POSTE CONICO CONTINUO EM ACO GALVANIZADO, CURVO, BRACO DUPLO, FLANGEADO, H = 9 M, DIAMETRO INFERIOR = *135* MM","UN","CR"]
[5051,"POSTE CONICO CONTINUO EM ACO GALVANIZADO, CURVO, BRACO SIMPLES, ENGASTADO, H = 9 M, DIAMETRO INFERIOR = *135* MM","UN","CR"]
[5052,"POSTE CONICO CONTINUO EM ACO GALVANIZADO, CURVO, BRACO SIMPLES, FLANGEADO, H = 7 M, DIAMETRO INFERIOR = *125* MM","UN","C"]
[14162,"POSTE CONICO CONTINUO EM ACO GALVANIZADO, CURVO, BRACO SIMPLES, FLANGEADO, H = 9 M, DIAMETRO INFERIOR = *135* MM","UN","CR"]
[14166,"POSTE CONICO CONTINUO EM ACO GALVANIZADO, RETO, ENGASTADO, H = 7 M, DIAMETRO INFERIOR = *125* MM","UN","CR"]
[14165,"POSTE CONICO CONTINUO EM ACO GALVANIZADO, RETO, ENGASTADO, H = 9 M, DIAMETRO INFERIOR = *145* MM","UN","CR"]
[5050,"POSTE CONICO CONTINUO EM ACO GALVANIZADO, RETO, FLANGEADO, H = 3 M, DIAMETRO INFERIOR = *95* MM","UN","CR"]
[12366,"POSTE DE CONCRETO ARMADO DE SECAO CIRCULAR, EXTENSAO DE 10,00 M, RESISTENCIA DE 150 A 200 DAN, TIPO C-14","UN","CR",1098.51]
[5045,"POSTE DE CONCRETO ARMADO DE SECAO CIRCULAR, EXTENSAO DE 11,00 M, RESISTENCIA DE 200 A 300 DAN, TIPO C-14","UN","CR",1517.53]
[5035,"POSTE DE CONCRETO ARMADO DE SECAO CIRCULAR, EXTENSAO DE 11,00 M, RESISTENCIA DE 300 A 400 DAN, TIPO C-17","UN","CR",1744.8]
[41180,"POSTE DE CONCRETO ARMADO DE SECAO CIRCULAR, EXTENSAO DE 13,00 M, RESISTENCIA DE 1000 DAN, TIPO C-23","UN","CR",3922.28]
[41181,"POSTE DE CONCRETO ARMADO DE SECAO CIRCULAR, EXTENSAO DE 13,00 M, RESISTENCIA DE 1500 DAN, TIPO C-29","UN","CR",5192.97]
[41182,"POSTE DE CONCRETO ARMADO DE SECAO CIRCULAR, EXTENSAO DE 13,00 M, RESISTENCIA DE 2000 DAN, TIPO C-29","UN","CR",7449.75]
[41183,"POSTE DE CONCRETO ARMADO DE SECAO CIRCULAR, EXTENSAO DE 13,00 M, RESISTENCIA DE 2500 DAN, TIPO C-29","UN","CR",9301.16]
[41184,"POSTE DE CONCRETO ARMADO DE SECAO CIRCULAR, EXTENSAO DE 13,00 M, RESISTENCIA DE 3000 DAN, TIPO C-29","UN","CR",14161.59]
[41185,"POSTE DE CONCRETO ARMADO DE SECAO CIRCULAR, EXTENSAO DE 14,00 M, RESISTENCIA DE 1000 DAN, TIPO C-23","UN","CR",5251.76]
[41186,"POSTE DE CONCRETO ARMADO DE SECAO CIRCULAR, EXTENSAO DE 14,00 M, RESISTENCIA DE 1500 DAN, TIPO C-29","UN","CR",7359.73]
[41187,"POSTE DE CONCRETO ARMADO DE SECAO CIRCULAR, EXTENSAO DE 14,00 M, RESISTENCIA DE 2000 DAN, TIPO C-29","UN","CR",9870]
[41188,"POSTE DE CONCRETO ARMADO DE SECAO CIRCULAR, EXTENSAO DE 14,00 M, RESISTENCIA DE 2500 DAN, TIPO C-29","UN","CR",12621.54]
[5036,"POSTE DE CONCRETO ARMADO DE SECAO CIRCULAR, EXTENSAO DE 14,00 M, RESISTENCIA DE 300 A 400 DAN, TIPO C-17","UN","CR",2676.83]
[41189,"POSTE DE CONCRETO ARMADO DE SECAO CIRCULAR, EXTENSAO DE 14,00 M, RESISTENCIA DE 3000 DAN, TIPO C-29","UN","CR",16226.31]
[41190,"POSTE DE CONCRETO ARMADO DE SECAO CIRCULAR, EXTENSAO DE 15,00 M, RESISTENCIA DE 1000 DAN, TIPO C-23","UN","CR",5642.94]
[41191,"POSTE DE CONCRETO ARMADO DE SECAO CIRCULAR, EXTENSAO DE 15,00 M, RESISTENCIA DE 1500 DAN, TIPO C-29","UN","CR",8653.24]
[41192,"POSTE DE CONCRETO ARMADO DE SECAO CIRCULAR, EXTENSAO DE 15,00 M, RESISTENCIA DE 2000 DAN, TIPO C-29","UN","CR",9020.93]
[41193,"POSTE DE CONCRETO ARMADO DE SECAO CIRCULAR, EXTENSAO DE 15,00 M, RESISTENCIA DE 2500 DAN, TIPO C-29","UN","CR",14739.91]
[41194,"POSTE DE CONCRETO ARMADO DE SECAO CIRCULAR, EXTENSAO DE 15,00 M, RESISTENCIA DE 3000 DAN, TIPO C-29","UN","CR",17588.05]
[5044,"POSTE DE CONCRETO ARMADO DE SECAO CIRCULAR, EXTENSAO DE 9,00 M, RESISTENCIA DE 200 A 300 DAN, TIPO C-14","UN","CR",946.42]
[5059,"POSTE DE CONCRETO ARMADO DE SECAO CIRCULAR, EXTENSAO DE 9,00 M, RESISTENCIA DE 300 A 400 DAN, TIPO C-17","UN","CR",1131.8]
[41201,"POSTE DE CONCRETO ARMADO DE SECAO DUPLO T, EXTENSAO DE 10,00 M, RESISTENCIA DE 1000 DAN, TIPO B-1,5","UN","CR",2296.89]
[41199,"POSTE DE CONCRETO ARMADO DE SECAO DUPLO T, EXTENSAO DE 10,00 M, RESISTENCIA DE 150 DAN, TIPO D","UN","CR",738.08]
[5057,"POSTE DE CONCRETO ARMADO DE SECAO DUPLO T, EXTENSAO DE 10,00 M, RESISTENCIA DE 300 A 400 DAN, TIPO B OU D","UN","CR",999.22]
[41200,"POSTE DE CONCRETO ARMADO DE SECAO DUPLO T, EXTENSAO DE 10,00 M, RESISTENCIA DE 600 DAN, TIPO B","UN","CR",1436.56]
[41205,"POSTE DE CONCRETO ARMADO DE SECAO DUPLO T, EXTENSAO DE 11,00 M, RESISTENCIA DE 1000 DAN, TIPO B-1,5","UN","CR",2661.91]
[41202,"POSTE DE CONCRETO ARMADO DE SECAO DUPLO T, EXTENSAO DE 11,00 M, RESISTENCIA DE 150 DAN, TIPO D","UN","CR",776.76]
[41206,"POSTE DE CONCRETO ARMADO DE SECAO DUPLO T, EXTENSAO DE 11,00 M, RESISTENCIA DE 1500 DAN, TIPO B-3,0","UN","CR",3509.62]
[12372,"POSTE DE CONCRETO ARMADO DE SECAO DUPLO T, EXTENSAO DE 11,00 M, RESISTENCIA DE 200 DAN, TIPO D","UN","CR",815.6]
[41207,"POSTE DE CONCRETO ARMADO DE SECAO DUPLO T, EXTENSAO DE 11,00 M, RESISTENCIA DE 2000 DAN, TIPO B-4,5","UN","CR",4724.6400000000003]
[41203,"POSTE DE CONCRETO ARMADO DE SECAO DUPLO T, EXTENSAO DE 11,00 M, RESISTENCIA DE 300 DAN, TIPO B","UN","CR",1244.29]
[41204,"POSTE DE CONCRETO ARMADO DE SECAO DUPLO T, EXTENSAO DE 11,00 M, RESISTENCIA DE 600 DAN, TIPO B","UN","CR",1759.11]
[41210,"POSTE DE CONCRETO ARMADO DE SECAO DUPLO T, EXTENSAO DE 12,00 M, RESISTENCIA DE 1000 DAN, TIPO B-1,5","UN","CR",2938.55]
[41208,"POSTE DE CONCRETO ARMADO DE SECAO DUPLO T, EXTENSAO DE 12,00 M, RESISTENCIA DE 150 DAN, TIPO D","UN","CR",1028.6600000000001]
[41211,"POSTE DE CONCRETO ARMADO DE SECAO DUPLO T, EXTENSAO DE 12,00 M, RESISTENCIA DE 1500 DAN, TIPO B-3,0","UN","CR",4140.37]
[13339,"POSTE DE CONCRETO ARMADO DE SECAO DUPLO T, EXTENSAO DE 12,00 M, RESISTENCIA DE 300 A 400 DAN, TIPO B OU D","UN","CR",1394.09]
[41213,"POSTE DE CONCRETO ARMADO DE SECAO DUPLO T, EXTENSAO DE 12,00 M, RESISTENCIA DE 3000 DAN, TIPO B-6,0","UN","CR",8581.98]
[41209,"POSTE DE CONCRETO ARMADO DE SECAO DUPLO T, EXTENSAO DE 12,00 M, RESISTENCIA DE 600 DAN, TIPO B","UN","CR",1918.09]
[41216,"POSTE DE CONCRETO ARMADO DE SECAO DUPLO T, EXTENSAO DE 13,00 M, RESISTENCIA DE 1000 DAN, TIPO B-1,5","UN","CR",3592.84]
[41217,"POSTE DE CONCRETO ARMADO DE SECAO DUPLO T, EXTENSAO DE 13,00 M, RESISTENCIA DE 1500 DAN, TIPO B-3,0","UN","CR",5760.6]
[41218,"POSTE DE CONCRETO ARMADO DE SECAO DUPLO T, EXTENSAO DE 13,00 M, RESISTENCIA DE 2000 DAN, TIPO B-4,5","UN","CR",7725.13]
[41214,"POSTE DE CONCRETO ARMADO DE SECAO DUPLO T, EXTENSAO DE 13,00 M, RESISTENCIA DE 300 DAN, TIPO B","UN","CR",1628.83]
[41215,"POSTE DE CONCRETO ARMADO DE SECAO DUPLO T, EXTENSAO DE 13,00 M, RESISTENCIA DE 600 DAN, TIPO B","UN","CR",2452.4299999999998]
[41221,"POSTE DE CONCRETO ARMADO DE SECAO DUPLO T, EXTENSAO DE 15,00 M, RESISTENCIA DE 1500 DAN, TIPO B-3,0","UN","CR",7101.04]
[41222,"POSTE DE CONCRETO ARMADO DE SECAO DUPLO T, EXTENSAO DE 15,00 M, RESISTENCIA DE 2000 DAN, TIPO B-4,5","UN","CR",10161.67]
[41195,"POSTE DE CONCRETO ARMADO DE SECAO DUPLO T, EXTENSAO DE 8,00 M, RESISTENCIA DE 150 DAN, TIPO D","UN","CR",522.28]
[41198,"POSTE DE CONCRETO ARMADO DE SECAO DUPLO T, EXTENSAO DE 9,00 M, RESISTENCIA DE 1000 DAN, TIPO B-1,5","UN","CR",2040.95]
[41196,"POSTE DE CONCRETO ARMADO DE SECAO DUPLO T, EXTENSAO DE 9,00 M, RESISTENCIA DE 150 DAN, TIPO D","UN","CR",647.4]
[5033,"POSTE DE CONCRETO ARMADO DE SECAO DUPLO T, EXTENSAO DE 9,00 M, RESISTENCIA DE 300 A 400 DAN, TIPO B OU D","UN","C",850]
[41197,"POSTE DE CONCRETO ARMADO DE SECAO DUPLO T, EXTENSAO DE 9,00 M, RESISTENCIA DE 600 DAN, TIPO B","UN","CR",1262.56]
[12388,"POSTE DECORATIVO PARA JARDIM EM ACO TUBULAR, SEM LUMINARIA, H = *2,5* M","UN","CR"]
[2731,"POSTE ROLICO DE MADEIRA TRATADA, D = 20 A 25 CM, H = 12,00 M, EM EUCALIPTO OU EQUIVALENTE DA REGIAO","M","CR",124.21]
[41457,"POSTES METALICOS AUTOPORTANTES, CONICO OU TELESCOPICO, PARA SPDA, ALTURA 10 METROS LIVRES","UN","CR"]
[41458,"POSTES METALICOS AUTOPORTANTES, CONICO OU TELESCOPICO, PARA SPDA, ALTURA 12 METROS LIVRES","UN","CR"]
[41459,"POSTES METALICOS AUTOPORTANTES, CONICO OU TELESCOPICO, PARA SPDA, ALTURA 15 METROS LIVRES","UN","CR"]
[41461,"POSTES METALICOS AUTOPORTANTES, CONICO OU TELESCOPICO, PARA SPDA, ALTURA 20 METROS LIVRES","UN","CR"]
[44537,"POZOLANA DE CLASSE C","T","CR",468.51]
[11844,"PRANCHA APARELHADA *4 X 30* CM, EM MACARANDUBA/MASSARANDUBA, ANGELIM OU EQUIVALENTE DA REGIAO","M","CR",39.46]
[4465,"PRANCHA NAO APARELHADA *6 X 25* CM, EM MACARANDUBA/MASSARANDUBA, ANGELIM OU EQUIVALENTE DA REGIAO - BRUTA","M","CR",32.79]
[35273,"PRANCHA NAO APARELHADA *6 X 30* CM, EM MACARANDUBA/MASSARANDUBA, ANGELIM OU EQUIVALENTE DA REGIAO - BRUTA","M","CR",39.32]
[4470,"PRANCHA NAO APARELHADA *6 X 40* CM, EM MACARANDUBA/MASSARANDUBA, ANGELIM OU EQUIVALENTE DA REGIAO - BRUTA","M","CR",90.75]
[20204,"PRANCHAO APARELHADO *7,5 X 23* CM, EM MACARANDUBA/MASSARANDUBA, ANGELIM OU EQUIVALENTE DA REGIAO","M","CR",60.5]
[20208,"PRANCHAO APARELHADO *8 X 30* CM, EM MACARANDUBA/MASSARANDUBA, ANGELIM OU EQUIVALENTE DA REGIAO","M","CR",81.680000000000007]
[4437,"PRANCHAO NAO APARELHADO *7,5 X 23* CM, EM MACARANDUBA/MASSARANDUBA, ANGELIM OU EQUIVALENTE DA REGIAO - BRUTA","M","CR",68.06]
[14580,"PRANCHAO NAO APARELHADO *8 X 30* CM, EM MACARANDUBA/MASSARANDUBA, ANGELIM OU EQUIVALENTE DA REGIAO - BRUTA","M","CR",68.06]
[5065,"PREGO DE ACO POLIDO COM CABECA 10 X 10 (7/8 X 17)","KG","CR",44.5]
[5072,"PREGO DE ACO POLIDO COM CABECA 10 X 11 (1 X 17)","KG","CR",41.17]
[5066,"PREGO DE ACO POLIDO COM CABECA 12 X 12","KG","CR",30.83]
[5063,"PREGO DE ACO POLIDO COM CABECA 14 X 18 (1 1/2 X 14)","KG","CR",27.92]
[20247,"PREGO DE ACO POLIDO COM CABECA 15 X 15 (1 1/4 X 13)","KG","CR",25.91]
[5074,"PREGO DE ACO POLIDO COM CABECA 15 X 18 (1 1/2 X 13)","KG","CR",26.21]
[5067,"PREGO DE ACO POLIDO COM CABECA 16 X 24 (2 1/4 X 12)","KG","CR",24.94]
[5078,"PREGO DE ACO POLIDO COM CABECA 16 X 27 (2 1/2 X 12)","KG","CR",24.65]
[5068,"PREGO DE ACO POLIDO COM CABECA 17 X 21 (2 X 11)","KG","CR",23.4]
[5073,"PREGO DE ACO POLIDO COM CABECA 17 X 24 (2 1/4 X 11)","KG","CR",23.85]
[5069,"PREGO DE ACO POLIDO COM CABECA 17 X 27 (2 1/2 X 11)","KG","CR",23.85]
[5070,"PREGO DE ACO POLIDO COM CABECA 17 X 30 (2 3/4 X 11)","KG","CR",24.11]
[5071,"PREGO DE ACO POLIDO COM CABECA 18 X 24 (2 1/4 X 10)","KG","CR",23.4]
[5061,"PREGO DE ACO POLIDO COM CABECA 18 X 27 (2 1/2 X 10)","KG","C",23]
[5075,"PREGO DE ACO POLIDO COM CABECA 18 X 30 (2 3/4 X 10)","KG","CR",23.4]
[5062,"PREGO DE ACO POLIDO COM CABECA 19 X 33 (3 X 9)","KG","CR",23.7]
[39027,"PREGO DE ACO POLIDO COM CABECA 19 X 36 (3 1/4 X 9)","KG","CR",23.37]
[40568,"PREGO DE ACO POLIDO COM CABECA 22 X 48 (4 1/4 X 5)","KG","CR",23.57]
[40304,"PREGO DE ACO POLIDO COM CABECA DUPLA 17 X 27 (2 1/2 X 11)","KG","CR",28.88]
[39026,"PREGO DE ACO POLIDO SEM CABECA 15 X 15 (1 1/4 X 13)","KG","CR",26.31]
[42431,"PRESSAO DE PERNAS TRIPLO, EM TUBO DE ACO CARBONO, PINTURA NO PROCESSO ELETROSTATICO - EQUIPAMENTO DE GINASTICA PARA ACADEMIA AO AR LIVRE / ACADEMIA DA TERCEIRA IDADE - ATI","UN","CR"]
[44074,"PRIMER DE POLIURETANO","L","CR",748.34]
[44072,"PRIMER EPOXI / EPOXIDICO","L","CR",129.41]
[511,"PRIMER PARA MANTA ASFALTICA A BASE DE ASFALTO MODIFICADO DILUIDO EM SOLVENTE, APLICACAO A FRIO","L","C"]
[37540,"PROJETOR DE ARGAMASSA, CAPACIDADE DE PROJECAO 1,5 M3/H, ALCANCE DA PROJECAO 30 ATE 60 M, MOTOR ELETRICO TRIFASICO","UN","CR",81510.39]
[37548,"PROJETOR DE ARGAMASSA, CAPACIDADE DE PROJECAO 2,0 M3/H, ALCANCE DA PROJECAO ATE 50 M, MOTOR ELETRICO TRIFASICO","UN","CR",108041.61]
[39828,"PROJETOR PNEUMATICO DE ARGAMASSA PARA CHAPISCO E REBOCO COM RECIPIENTE ACOPLADO, TIPO CANEQUINHA, COM VOLUME DE 1,50 L, SEM COMPRESSOR","UN","CR",648.14]
[38392,"PROLONGADOR/ EXTENSOR TELESCOPICO, EM CHAPA METALICA, COM 3 METROS, PARA ROLO DE PINTURA","UN","CR",53.11]
[11735,"PROLONGAMENTO / PROLONGADOR PARA CAIXA SIFONADA, PVC, 100 MM X 200 MM (NBR 5688)","UN","CR",7.91]
[11737,"PROLONGAMENTO / PROLONGADOR PARA CAIXA SIFONADA, PVC, 150 MM X 150 MM (NBR 5688)","UN","CR",11.23]
[11738,"PROLONGAMENTO / PROLONGADOR PARA CAIXA SIFONADA, PVC, 150 MM X 200 MM (NBR 5688)","UN","CR",14.15]
[36143,"PROTETOR AUDITIVO TIPO CONCHA COM ABAFADOR DE RUIDOS, ATENUACAO ACIMA DE 22 DB","UN","CR",90.6]
[36142,"PROTETOR AUDITIVO TIPO PLUG DE INSERCAO COM CORDAO, ATENUACAO SUPERIOR A 15 DB","UN","CR",2.2400000000000002]
[45227,"PROTETOR FACIAL ARCO ELETRICO, COM QUEIXEIRA E LENTE EM POLICARBONATO, CAPACETE INCLUIDO","UN","CR",863.35]
[45209,"PROTETOR FACIAL DE POLICARBONATO, 200 MM X *390* MM, COM COROA E CARNEIRA","UN","CR",37.82]
[36146,"PROTETOR SOLAR FPS 30, EMBALAGEM 2 LITROS","UN","CR",239.75]
[39015,"PROTETOR/PONTEIRA PLASTICA PARA PONTA DE VERGALHAO DE ATE 1\", TIPO PROTETOR DE ESPERA","UN","C"]
[38377,"PRUMO DE CENTRO EM ACO *400* G, COM CORDAO EM NYLON E CALCO GUIA EM ACO OU MADEIRA","UN","CR",25.44]
[38376,"PRUMO DE PAREDE EM ACO 700 A 750 G, COM CORDAO EM NYLON E TACO","UN","CR",29.43]
[38116,"PULSADOR CAMPAINHA 10A, 250V (APENAS MODULO)","UN","CR",8.14]
[38066,"PULSADOR CAMPAINHA 10A, 250V, CONJUNTO MONTADO PARA EMBUTIR 4\" X 2\" (PLACA + SUPORTE + MODULO)","UN","CR",13.44]
[38117,"PULSADOR MINUTERIA 10A, 250V (APENAS MODULO)","UN","CR",13.87]
[38067,"PULSADOR MINUTERIA 10A, 250V, CONJUNTO MONTADO PARA EMBUTIR 4\" X 2\" (PLACA + SUPORTE + MODULO)","UN","CR",18.93]
[44313,"PUNHO PARA PERFURATRIZ DE ESTEIRA T38, D = 1 1/2\" (38 MM), C = 380 MM","UN","CR"]
[11522,"PUXADOR DE EMBUTIR TIPO CONCHA, COM FURO PARA CHAVE, EM LATAO CROMADO, COMPRIMENTO DE APROX *100* MM E LARGURA DE APROX *40* MM","UN","CR",12.98]
[43600,"PUXADOR TIPO ALCA, EM ZAMAC CROMADO, COM COMPRIMENTO DE APROX 150 MM, COM ROSETA PARA PORTAS DE MADEIRAS, INCLUINDO PARAFUSOS","UN","CR",52.02]
[5080,"PUXADOR TIPO ALCA, EM ZAMAC CROMADO, COM ROSETAS, COMPRIMENTO DE APROX *100* MM, PARA PORTAS E JANELAS DE MADEIRA, INCLUINDO PARAFUSOS","UN","CR",20.28]
[38168,"PUXADOR TUBULAR RETO DUPLO, EM ALUMINIO CROMADO, COMPRIMENTO DE APROX 400 MM E DIAMETRO DE 25 MM (1\")","UN","CR",141.62]
[43601,"PUXADOR TUBULAR RETO SIMPLES, EM ALUMINIO CROMADO, COM COMPRIMENTO DE APROX 400 MM E DIAMETRO DE 25 MM","UN","CR",70.81]
[13393,"QUADRO DE DISTRIBUICAO COM BARRAMENTO TRIFASICO, DE EMBUTIR, EM CHAPA DE ACO GALVANIZADO, PARA 12 DISJUNTORES DIN, 100 A","UN","CR",471.23]
[13395,"QUADRO DE DISTRIBUICAO COM BARRAMENTO TRIFASICO, DE EMBUTIR, EM CHAPA DE ACO GALVANIZADO, PARA 18 DISJUNTORES DIN, 100 A","UN","CR",660.38]
[12039,"QUADRO DE DISTRIBUICAO COM BARRAMENTO TRIFASICO, DE EMBUTIR, EM CHAPA DE ACO GALVANIZADO, PARA 24 DISJUNTORES DIN, 100 A","UN","CR",693.99]
[13396,"QUADRO DE DISTRIBUICAO COM BARRAMENTO TRIFASICO, DE EMBUTIR, EM CHAPA DE ACO GALVANIZADO, PARA 28 DISJUNTORES DIN, 100 A","UN","CR",974.67]
[12041,"QUADRO DE DISTRIBUICAO COM BARRAMENTO TRIFASICO, DE EMBUTIR, EM CHAPA DE ACO GALVANIZADO, PARA 30 DISJUNTORES DIN, 150 A","UN","CR",795.88]
[12043,"QUADRO DE DISTRIBUICAO COM BARRAMENTO TRIFASICO, DE EMBUTIR, EM CHAPA DE ACO GALVANIZADO, PARA 30 DISJUNTORES DIN, 225 A","UN","CR",1680.36]
[39762,"QUADRO DE DISTRIBUICAO COM BARRAMENTO TRIFASICO, DE EMBUTIR, EM CHAPA DE ACO GALVANIZADO, PARA 36 DISJUNTORES DIN, 100 A","UN","CR",799.9]
[12042,"QUADRO DE DISTRIBUICAO COM BARRAMENTO TRIFASICO, DE EMBUTIR, EM CHAPA DE ACO GALVANIZADO, PARA 40 DISJUNTORES DIN, 100 A","UN","CR",1167.82]
[39763,"QUADRO DE DISTRIBUICAO COM BARRAMENTO TRIFASICO, DE EMBUTIR, EM CHAPA DE ACO GALVANIZADO, PARA 48 DISJUNTORES DIN, 100 A","UN","CR",1366.78]
[39760,"QUADRO DE DISTRIBUICAO COM BARRAMENTO TRIFASICO, DE SOBREPOR, EM CHAPA DE ACO GALVANIZADO, PARA *42* DISJUNTORES DIN, 100 A","UN","CR",1362.29]
[39756,"QUADRO DE DISTRIBUICAO COM BARRAMENTO TRIFASICO, DE SOBREPOR, EM CHAPA DE ACO GALVANIZADO, PARA 12 DISJUNTORES DIN, 100 A","UN","CR",489.14]
[12038,"QUADRO DE DISTRIBUICAO COM BARRAMENTO TRIFASICO, DE SOBREPOR, EM CHAPA DE ACO GALVANIZADO, PARA 18 DISJUNTORES DIN, 100 A","UN","CR",611.20000000000005]
[39757,"QUADRO DE DISTRIBUICAO COM BARRAMENTO TRIFASICO, DE SOBREPOR, EM CHAPA DE ACO GALVANIZADO, PARA 28 DISJUNTORES DIN, 100 A","UN","CR",565.16999999999996]
[39758,"QUADRO DE DISTRIBUICAO COM BARRAMENTO TRIFASICO, DE SOBREPOR, EM CHAPA DE ACO GALVANIZADO, PARA 30 DISJUNTORES DIN, 100 A","UN","CR",823.66]
[39759,"QUADRO DE DISTRIBUICAO COM BARRAMENTO TRIFASICO, DE SOBREPOR, EM CHAPA DE ACO GALVANIZADO, PARA 36 DISJUNTORES DIN, 100 A","UN","CR",1017.22]
[39761,"QUADRO DE DISTRIBUICAO COM BARRAMENTO TRIFASICO, DE SOBREPOR, EM CHAPA DE ACO GALVANIZADO, PARA 48 DISJUNTORES DIN, 100 A","UN","CR",1222.73]
[39805,"QUADRO DE DISTRIBUICAO, EM PVC, DE EMBUTIR, COM BARRAMENTO TERRA / NEUTRO, PARA 12 DISJUNTORES NEMA OU 16 DISJUNTORES DIN","UN","CR",209.38]
[39806,"QUADRO DE DISTRIBUICAO, EM PVC, DE EMBUTIR, COM BARRAMENTO TERRA / NEUTRO, PARA 18 DISJUNTORES NEMA OU 24 DISJUNTORES DIN","UN","CR",387.92]
[39807,"QUADRO DE DISTRIBUICAO, EM PVC, DE EMBUTIR, COM BARRAMENTO TERRA / NEUTRO, PARA 27 DISJUNTORES NEMA OU 36 DISJUNTORES DIN","UN","CR",840.72]
[43100,"QUADRO DE DISTRIBUICAO, EM PVC, DE EMBUTIR, COM BARRAMENTO TERRA / NEUTRO, PARA 48 DISJUNTORES DIN","UN","CR",657.26]
[39804,"QUADRO DE DISTRIBUICAO, EM PVC, DE EMBUTIR, COM BARRAMENTO TERRA / NEUTRO, PARA 6 DISJUNTORES NEMA OU 8 DISJUNTORES DIN","UN","CR",122.95]
[39796,"QUADRO DE DISTRIBUICAO, SEM BARRAMENTO, EM PVC, DE EMBUTIR, PARA 12 DISJUNTORES NEMA OU 16 DISJUNTORES DIN","UN","CR",127.34]
[39797,"QUADRO DE DISTRIBUICAO, SEM BARRAMENTO, EM PVC, DE EMBUTIR, PARA 18 DISJUNTORES NEMA OU 24 DISJUNTORES DIN","UN","C",199.9]
[39798,"QUADRO DE DISTRIBUICAO, SEM BARRAMENTO, EM PVC, DE EMBUTIR, PARA 27 DISJUNTORES NEMA OU 36 DISJUNTORES DIN","UN","CR",342.89]
[39794,"QUADRO DE DISTRIBUICAO, SEM BARRAMENTO, EM PVC, DE EMBUTIR, PARA 3 DISJUNTORES NEMA OU 4 DISJUNTORES DIN","UN","CR",54.05]
[39795,"QUADRO DE DISTRIBUICAO, SEM BARRAMENTO, EM PVC, DE EMBUTIR, PARA 6 DISJUNTORES NEMA OU 8 DISJUNTORES DIN","UN","CR",85.39]
[39801,"QUADRO DE DISTRIBUICAO, SEM BARRAMENTO, EM PVC, DE SOBREPOR, PARA 12 DISJUNTORES NEMA OU 16 DISJUNTORES DIN","UN","CR",180.32]
[39802,"QUADRO DE DISTRIBUICAO, SEM BARRAMENTO, EM PVC, DE SOBREPOR, PARA 18 DISJUNTORES NEMA OU 24 DISJUNTORES DIN","UN","CR",264.32]
[39803,"QUADRO DE DISTRIBUICAO, SEM BARRAMENTO, EM PVC, DE SOBREPOR, PARA 27 DISJUNTORES NEMA OU 36 DISJUNTORES DIN","UN","CR",368.73]
[39799,"QUADRO DE DISTRIBUICAO, SEM BARRAMENTO, EM PVC, DE SOBREPOR, PARA 3 DISJUNTORES NEMA OU 4 DISJUNTORES DIN","UN","CR",63]
[39800,"QUADRO DE DISTRIBUICAO, SEM BARRAMENTO, EM PVC, DE SOBREPOR, PARA 6 DISJUNTORES NEMA OU 8 DISJUNTORES DIN","UN","CR",107.33]
[43837,"RACK DE PISO PARA SERVIDOR, ABERTO, EM COLUNA, 44U X *570* MM","UN","CR",1343.76]
[43836,"RACK DE PISO PARA SERVIDOR, FECHADO, 44U, COM PORTA, 44U X *570* MM","UN","CR",2734.31]
[21059,"RALO FOFO COM REQUADRO, QUADRADO 150 X 150 MM","UN","CR"]
[11234,"RALO FOFO COM REQUADRO, QUADRADO 200 X 200 MM","UN","CR"]
[21060,"RALO FOFO COM REQUADRO, QUADRADO 250 X 250 MM","UN","CR"]
[21061,"RALO FOFO COM REQUADRO, QUADRADO 300 X 300 MM","UN","CR"]
[21062,"RALO FOFO COM REQUADRO, QUADRADO 400 X 400 MM","UN","CR"]
[11708,"RALO FOFO SEMIESFERICO, 100 MM, PARA LAJES/ CALHAS","UN","CR"]
[11709,"RALO FOFO SEMIESFERICO, 150 MM, PARA LAJES/ CALHAS","UN","CR"]
[11710,"RALO FOFO SEMIESFERICO, 200 MM, PARA LAJES/ CALHAS","UN","CR"]
[11707,"RALO FOFO SEMIESFERICO, 75 MM, PARA LAJES/ CALHAS","UN","CR"]
[5102,"RALO SECO / RALO DE PASSAGEM EM PVC, QUADRADO, 100 X 100 X 53 MM, SAIDA 40 MM, COM GRELHA BRANCA","UN","CR",11.12]
[11711,"RALO SECO CONICO, PVC, 100 X 40 MM, COM GRELHA QUADRADA BRANCA","UN","CR",9.27]
[11739,"RALO SECO CONICO, PVC, 100 X 40 MM, COM GRELHA REDONDA BRANCA","UN","CR",7.93]
[11741,"RALO SIFONADO CILINDRICO, PVC, 100 X 40 MM, COM GRELHA REDONDA BRANCA","UN","CR",10.09]
[11745,"RALO SIFONADO QUADRADO, PVC, 100 X 53 MM, SAIDA 40 MM, COM GRELHA QUADRADA BRANCA","UN","CR",13.3]
[11743,"RALO SIFONADO REDONDO CONICO, PVC, 100 X 40 MM, COM GRELHA REDONDA BRANCA","UN","CR",8.4700000000000006]
[5104,"REBITE DE REPUXO EM ALUMINIO VAZADO, DIAMETRO 3,2 X 8 MM DE COMPRIMENTO (1KG = 1025 UNIDADES)","KG","CR"]
[44530,"REBOLO ABRASIVO RETO DE USO GERAL GRAO 36, DE 6 X 1\" (DIAMETRO X ESPESSURA)","UN","CR",55.21]
[2710,"REBOLO ABRASIVO RETO DE USO GERAL GRAO 36, DE 6 X 3/4\" (DIAMETRO X ESPESSURA)","UN","CR",47.64]
[14575,"RECICLADORA DE ASFALTO A FRIO SOBRE RODAS, LARG. FRESAGEM 2,00 M, POT. 315 KW/422 HP","UN","CR"]
[44048,"REDUCAO CONCENTRICA PARA ELETROCALHA, PERFURADA, EM CHAPA DE ACO GALVANIZADO ESPESSURA #14, (700 X 600 MM) X 50 MM, SEM VIROLA, SEM TAMPA","UN","CR"]
[44026,"REDUCAO CONCENTRICA PARA ELETROCALHA, PERFURADA, EM CHAPA DE ACO GALVANIZADO ESPESSURA #14, (800 X 700 MM) X 50 MM, SEM VIROLA, SEM TAMPA","UN","CR"]
[44024,"REDUCAO CONCENTRICA PARA ELETROCALHA, PERFURADA, EM CHAPA DE ACO GALVANIZADO ESPESSURA #16, (500 X 400 MM) X 50 MM (L X A), SEM VIROLA, SEM TAMPA","UN","CR"]
[44025,"REDUCAO CONCENTRICA PARA ELETROCALHA, PERFURADA, EM CHAPA DE ACO GALVANIZADO ESPESSURA #16, (600 X 500 MM) X 50 MM, SEM VIROLA, SEM TAMPA","UN","CR"]
[44022,"REDUCAO CONCENTRICA PARA ELETROCALHA, PERFURADA, EM CHAPA DE ACO GALVANIZADO ESPESSURA #18, (300 X 250 MM) X 50 MM (L X A), SEM VIROLA, SEM TAMPA","UN","CR"]
[44023,"REDUCAO CONCENTRICA PARA ELETROCALHA, PERFURADA, EM CHAPA DE ACO GALVANIZADO ESPESSURA #18, (400 X 300 MM) X 50 MM (L X A), SEM VIROLA, SEM TAMPA","UN","CR"]
[43966,"REDUCAO CONCENTRICA PARA ELETROCALHA, PERFURADA, EM CHAPA DE ACO GALVANIZADO ESPESSURA #22, (100 X 75 MM) X 50 MM (L X A), SEM VIROLA, SEM TAMPA","UN","CR"]
[43967,"REDUCAO CONCENTRICA PARA ELETROCALHA, PERFURADA, EM CHAPA DE ACO GALVANIZADO ESPESSURA #22, (125 X100 MM) X 50 MM (L X A), SEM VIROLA, SEM TAMPA","UN","CR"]
[43968,"REDUCAO CONCENTRICA PARA ELETROCALHA, PERFURADA, EM CHAPA DE ACO GALVANIZADO ESPESSURA #22, (150 X125 MM) X 50 MM (L X A), SEM VIROLA, SEM TAMPA","UN","CR"]
[43969,"REDUCAO CONCENTRICA PARA ELETROCALHA, PERFURADA, EM CHAPA DE ACO GALVANIZADO ESPESSURA #22, (200 X 150 MM) X 50 MM (L X A), SEM VIROLA, SEM TAMPA","UN","CR"]
[44021,"REDUCAO CONCENTRICA PARA ELETROCALHA, PERFURADA, EM CHAPA DE ACO GALVANIZADO ESPESSURA #22, (250 X 200 MM) X 50 MM (L X A), SEM VIROLA, SEM TAMPA","UN","CR"]
[43970,"REDUCAO CONCENTRICA PARA ELETROCALHA, PERFURADA, EM CHAPA DE ACO GALVANIZADO ESPESSURA #22, (75 X 50 MM) X 50 MM (L X A), SEM VIROLA, SEM TAMPA","UN","CR"]
[20043,"REDUCAO EXCENTRICA PVC, DN 100 X 50 MM, PARA ESGOTO PREDIAL","UN","CR",8.8000000000000007]
[20044,"REDUCAO EXCENTRICA PVC, DN 100 X 75 MM, PARA ESGOTO PREDIAL","UN","CR",10.199999999999999]
[20042,"REDUCAO EXCENTRICA PVC, DN 75 X 50 MM, PARA ESGOTO PREDIAL","UN","CR",7.63]
[20046,"REDUCAO EXCENTRICA PVC, SERIE R, DN 100 X 75 MM, PARA ESGOTO PREDIAL","UN","CR",18.059999999999999]
[20047,"REDUCAO EXCENTRICA PVC, SERIE R, DN 150 X 100 MM, PARA ESGOTO PREDIAL","UN","CR",54.16]
[20045,"REDUCAO EXCENTRICA PVC, SERIE R, DN 75 X 50 MM, PARA ESGOTO PREDIAL","UN","CR",9.14]
[20972,"REDUCAO FIXA TIPO STORZ, ENGATE RAPIDO 2.1/2\" X 1.1/2\", EM LATAO, PARA INSTALACAO PREDIAL COMBATE A INCENDIO PREDIAL","UN","CR",171.42]
[11321,"REDUCAO PVC PBA, JE, PB, DN 100 X 50 / DE 110 X 60 MM, PARA REDE DE AGUA","UN","CR",28.69]
[11323,"REDUCAO PVC PBA, JE, PB, DN 100 X 75 / DE 110 X 85 MM, PARA REDE DE AGUA","UN","CR",32.99]
[20327,"REDUCAO PVC PBA, JE, PB, DN 75 X 50 / DE 85 X 60 MM, PARA REDE DE AGUA","UN","CR",18.72]
[6034,"REGISTRO DE ESFERA DE PASSEIO, PVC PARA POLIETILENO, 20 MM","UN","CR",9.3699999999999992]
[6036,"REGISTRO DE ESFERA PVC, COM BORBOLETA, COM ROSCA EXTERNA, DE 1/2\"","UN","CR",12.76]
[6031,"REGISTRO DE ESFERA PVC, COM BORBOLETA, COM ROSCA EXTERNA, DE 3/4\"","UN","C",15]
[6029,"REGISTRO DE ESFERA PVC, COM CABECA QUADRADA, COM ROSCA EXTERNA, 1/2\"","UN","CR",15.16]
[6033,"REGISTRO DE ESFERA PVC, COM CABECA QUADRADA, COM ROSCA EXTERNA, 3/4\"","UN","CR",19.98]
[11672,"REGISTRO DE ESFERA, PVC, COM VOLANTE, VS, ROSCAVEL, DN 1 1/2\", COM CORPO DIVIDIDO","UN","CR",43.46]
[11669,"REGISTRO DE ESFERA, PVC, COM VOLANTE, VS, ROSCAVEL, DN 1 1/4\", COM CORPO DIVIDIDO","UN","CR",41.39]
[20055,"REGISTRO DE ESFERA, PVC, COM VOLANTE, VS, ROSCAVEL, DN 1\", COM CORPO DIVIDIDO","UN","CR",31]
[11670,"REGISTRO DE ESFERA, PVC, COM VOLANTE, VS, ROSCAVEL, DN 1/2\", COM CORPO DIVIDIDO","UN","CR",15.85]
[11671,"REGISTRO DE ESFERA, PVC, COM VOLANTE, VS, ROSCAVEL, DN 2\", COM CORPO DIVIDIDO","UN","CR",66.510000000000005]
[6032,"REGISTRO DE ESFERA, PVC, COM VOLANTE, VS, ROSCAVEL, DN 3/4\", COM CORPO DIVIDIDO","UN","CR",19]
[11673,"REGISTRO DE ESFERA, PVC, COM VOLANTE, VS, SOLDAVEL, DN 20 MM, COM CORPO DIVIDIDO","UN","CR",14.96]
[11674,"REGISTRO DE ESFERA, PVC, COM VOLANTE, VS, SOLDAVEL, DN 25 MM, COM CORPO DIVIDIDO","UN","CR",19.260000000000002]
[11675,"REGISTRO DE ESFERA, PVC, COM VOLANTE, VS, SOLDAVEL, DN 32 MM, COM CORPO DIVIDIDO","UN","CR",30.58]
[11676,"REGISTRO DE ESFERA, PVC, COM VOLANTE, VS, SOLDAVEL, DN 40 MM, COM CORPO DIVIDIDO","UN","CR",40.909999999999997]
[11677,"REGISTRO DE ESFERA, PVC, COM VOLANTE, VS, SOLDAVEL, DN 50 MM, COM CORPO DIVIDIDO","UN","CR",42.25]
[11678,"REGISTRO DE ESFERA, PVC, COM VOLANTE, VS, SOLDAVEL, DN 60 MM, COM CORPO DIVIDIDO","UN","CR",77.37]
[6038,"REGISTRO DE PRESSAO PVC, ROSCAVEL, VOLANTE SIMPLES, DE 1/2\"","UN","CR",4.91]
[11718,"REGISTRO DE PRESSAO PVC, ROSCAVEL, VOLANTE SIMPLES, DE 3/4\"","UN","CR",13.99]
[6037,"REGISTRO DE PRESSAO PVC, SOLDAVEL, VOLANTE SIMPLES, DE 20 MM","UN","CR",10.210000000000001]
[11719,"REGISTRO DE PRESSAO PVC, SOLDAVEL, VOLANTE SIMPLES, DE 25 MM","UN","CR",11.35]
[6010,"REGISTRO GAVETA BRUTO EM LATAO FORJADO, BITOLA 1 1/2\"","UN","CR",98.59]
[6017,"REGISTRO GAVETA BRUTO EM LATAO FORJADO, BITOLA 1 1/4\"","UN","CR",78.09]
[6019,"REGISTRO GAVETA BRUTO EM LATAO FORJADO, BITOLA 1\"","UN","CR",57.3]
[6020,"REGISTRO GAVETA BRUTO EM LATAO FORJADO, BITOLA 1/2\"","UN","CR",34.409999999999997]
[6011,"REGISTRO GAVETA BRUTO EM LATAO FORJADO, BITOLA 2 1/2\"","UN","CR",284.8]
[6028,"REGISTRO GAVETA BRUTO EM LATAO FORJADO, BITOLA 2\"","UN","CR",137.32]
[6012,"REGISTRO GAVETA BRUTO EM LATAO FORJADO, BITOLA 3\"","UN","CR",344.8]
[6016,"REGISTRO GAVETA BRUTO EM LATAO FORJADO, BITOLA 3/4\"","UN","CR",36.299999999999997]
[6027,"REGISTRO GAVETA BRUTO EM LATAO FORJADO, BITOLA 4\"","UN","CR",718.43]
[6015,"REGISTRO GAVETA COM ACABAMENTO E CANOPLA CROMADOS, SIMPLES, BITOLA 1 1/2\"","UN","CR",157.65]
[6014,"REGISTRO GAVETA COM ACABAMENTO E CANOPLA CROMADOS, SIMPLES, BITOLA 1 1/4\"","UN","CR",150.72]
[6013,"REGISTRO GAVETA COM ACABAMENTO E CANOPLA CROMADOS, SIMPLES, BITOLA 1\"","UN","CR",108.41]
[6006,"REGISTRO GAVETA COM ACABAMENTO E CANOPLA CROMADOS, SIMPLES, BITOLA 1/2\"","UN","CR",78.5]
[6005,"REGISTRO GAVETA COM ACABAMENTO E CANOPLA CROMADOS, SIMPLES, BITOLA 3/4\"","UN","C",88.56]
[11756,"REGISTRO OU REGULADOR DE GAS COZINHA, VAZAO DE 2 KG/H, 2,8 KPA","UN","CR",42.29]
[10904,"REGISTRO OU VALVULA GLOBO ANGULAR EM LATAO, PARA HIDRANTES EM INSTALACAO PREDIAL DE INCENDIO, 45 GRAUS, DIAMETRO DE 2 1/2\", COM VOLANTE, CLASSE DE PRESSAO DE ATE 200 PSI","UN","C",240]
[11752,"REGISTRO PRESSAO BRUTO EM LATAO FORJADO, BITOLA 1/2\"","UN","CR",24.39]
[11753,"REGISTRO PRESSAO BRUTO EM LATAO FORJADO, BITOLA 3/4\"","UN","CR",29.12]
[6021,"REGISTRO PRESSAO COM ACABAMENTO E CANOPLA CROMADA, SIMPLES, BITOLA 1/2\"","UN","CR",80.8]
[6024,"REGISTRO PRESSAO COM ACABAMENTO E CANOPLA CROMADA, SIMPLES, BITOLA 3/4\"","UN","CR",83.52]
[45394,"REGUA DE ALUMINIO PARA PEDREIRO 2 M X *25,5* MM","UN","CR",32.39]
[13897,"REGUA VIBRADORA DUPLA PARA CONCRETO A GASOLINA 5,5 HP, PESO DE 60 KG, COMPRIMENTO 4 M","UN","CR"]
[34357,"REJUNTE CIMENTICIO, QUALQUER COR","KG","CR",5.87]
[37329,"REJUNTE EPOXI, QUALQUER COR","KG","CR",123.67]
[2510,"RELE FOTOELETRICO INTERNO E EXTERNO BIVOLT 1000 W, DE CONECTOR, SEM BASE","UN","CR"]
[12359,"RELE TERMICO BIMETAL PARA USO EM MOTORES TRIFASICOS, TENSAO 380 V, POTENCIA ATE 15 CV, CORRENTE NOMINAL MAXIMA 22 A","UN","CR",181.49]
[7353,"RESINA ACRILICA PREMIUM BASE AGUA - COR BRANCA","L","CR",38.72]
[45264,"RESPIRADOR / MASCARA SEMI FACIAL COM UMA VALVULA DE INALACAO E DUAS DE EXALACAO, PROTECAO CONTRA VAPORES ORGANICOS E GASES ACIDOS (1 FILTRO INCLUIDO)","UN","CR",28.21]
[36144,"RESPIRADOR DESCARTAVEL SEM VALVULA DE EXALACAO, PFF 1","UN","CR",1.76]
[10518,"RETARDO PARA CORDEL DETONANTE","UN","CR"]
[36530,"RETROESCAVADEIRA SOBRE RODAS COM CARREGADEIRA, TRACAO 4 X 2, POTENCIA LIQUIDA 79 HP, PESO OPERACIONAL MINIMO DE 6570 KG, CAPACIDADE DA CARREGADEIRA DE 1,00 M3 E DA RETROESCAVADEIRA MINIMA DE 0,20 M3, PROFUNDIDADE DE ESCAVACAO MAXIMA DE 4,37 M","UN","CR"]
[6046,"RETROESCAVADEIRA SOBRE RODAS COM CARREGADEIRA, TRACAO 4 X 4, POTENCIA LIQUIDA 72 HP, PESO OPERACIONAL MINIMO DE 7140 KG, CAPACIDADE MINIMA DA CARREGADEIRA DE 0,79 M3 E DA RETROESCAVADEIRA MINIMA DE 0,18 M3, PROFUNDIDADE DE ESCAVACAO MAXIMA DE 4,50 M","UN","C"]
[36531,"RETROESCAVADEIRA SOBRE RODAS COM CARREGADEIRA, TRACAO 4 X 4, POTENCIA LIQUIDA 88 HP, PESO OPERACIONAL MINIMO DE 6674 KG, CAPACIDADE DA CARREGADEIRA DE 1,00 M3 E DA RETROESCAVADEIRA MINIMA DE 0,26 M3, PROFUNDIDADE DE ESCAVACAO MAXIMA DE 4,37 M","UN","CR"]
[34684,"REVESTIMENTO DE PAREDE EM GRANILITE, MARMORITE OU GRANITINA - ESP = 5 MM (INCLUSO EXECUCAO)","M2","CR"]
[34683,"REVESTIMENTO DE PAREDE EM GRANILITE, MARMORITE OU GRANITINA COLORIDO - ESP = 5 MM (INCLUSO EXECUCAO)","M2","CR"]
[44954,"REVESTIMENTO EM CERAMICA ESMALTADA PARA FACHADAS, PECAS NO FORMATO APROX. *5 X 15* CM, FORNECIDAS EM PLACAS COM PECAS UNIDAS EM PONTOS","M2","CR",112.09]
[44955,"REVESTIMENTO EM CERAMICA ESMALTADA PARA FACHADAS, PECAS NO FORMATO APROX. *7 X 26* CM, FORNECIDAS EM PLACAS COM PECAS UNIDAS EM PONTOS","M2","CR",163.81]
[10515,"REVESTIMENTO EM CERAMICA ESMALTADA, FORMATO MAIOR A 2025 CM2","M2","CR",55.64]
[153,"REVESTIMENTO EPOXI DE ALTA RESISTENCIA QUIMICA, ISENTO DE SOLVENTES, BICOMPONENTE","L","CR",129.76]
[34682,"REVESTIMENTO PARA ESCADA EM GRANILITE, MARMORITE OU GRANITINA ESP = 8 MM (INCLUSO EXECUCAO)","M2","CR"]
[536,"REVESTIMENTO PARA PAREDE, EM CERAMICA ESMALTADA, FORMATO MENOR OU IGUAL A 2025 CM2","M2","CR",31.34]
[20205,"RIPA APARELHADA *1,5 X 5* CM, EM MACARANDUBA/MASSARANDUBA, ANGELIM OU EQUIVALENTE DA REGIAO","M","CR",2.52]
[4412,"RIPA NAO APARELHADA *1 X 3* CM, EM MACARANDUBA/MASSARANDUBA, ANGELIM OU EQUIVALENTE DA REGIAO - BRUTA","M","CR",1.51]
[4408,"RIPA NAO APARELHADA, *1,5 X 5* CM, EM MACARANDUBA/MASSARANDUBA, ANGELIM OU EQUIVALENTE DA REGIAO - BRUTA","M","CR",1.88]
[45213,"RISCADOR DE FORMICA COM COMPRIMENTO *16* CM E ALTURA *5* CM","UN","CR",29.82]
[36250,"RODAFORRO EM PVC, PARA FORRO DE PVC, COMPRIMENTO 6 M","M","CR",5.95]
[10857,"RODAPE ARDOSIA, CINZA, 10 CM, E= *1CM","M","CR"]
[4803,"RODAPE DE BORRACHA LISO, H = *70* MM, E = *2* MM, PARA ARGAMASSA, PRETO","M","CR",47.29]
[6186,"RODAPE DE MADEIRA MACICA CUMARU/IPE CHAMPANHE OU EQUIVALENTE DA REGIAO, *1,5 X 7 CM","M","CR"]
[4829,"RODAPE EM MARMORE, POLIDO, BRANCO COMUM, L= *7* CM, E= *2* CM, CORTE RETO","M","CR",61.07]
[39829,"RODAPE EM POLIESTIRENO, BRANCO, H = *5* CM, E = *1,5* CM","M","C"]
[20231,"RODAPE OU RODABANCADA EM GRANITO, POLIDO, TIPO ANDORINHA/ QUARTZ/ CASTELO/ CORUMBA OU OUTROS EQUIVALENTES DA REGIAO, H= 10 CM, E= *2,0* CM","M","CR",65.489999999999995]
[4804,"RODAPE PLANO PARA PISO VINILICO, H = 5 CM","M","CR",36.299999999999997]
[34680,"RODAPE PRE-MOLDADO DE GRANILITE, MARMORITE OU GRANITINA L = 10 CM","M","CR"]
[11573,"RODIZIO TIPO NAPOLEAO PARA JANELAS DE CORRER, EM ZAMAC, COMPRIMENTO DE APROX 60 CM, COM ROLAMENTO EM ACO","UN","CR",5.81]
[38401,"RODO PARA CHAO 40 CM, COM BORRACHA DUPLA E CABO","UN","CR",48.39]
[11575,"ROLDANA CONCAVA DUPLA, 4 RODAS, EM ZAMAC COM CHAPA DE LATAO, ROLAMENTOS EM ACO, PARA PORTAS E JANELAS DE CORRER","UN","CR",56.02]
[38179,"ROLDANA CONCAVA DUPLA, 4 RODAS, PARA PORTA DE CORRER, EM ZAMAC COM CHAPA DE ACO, ROLAMENTO INTERNO BLINDADO DE ACO REVESTIDO EM NYLON","UN","CR",46.32]
[20256,"ROLDANA PLASTICA COM PREGO, TAMANHO 30 X 30 MM, PARA INSTALACAO ELETRICA APARENTE","UN","CR",0.36]
[14511,"ROLO COMPACTADOR DE PNEUS, ESTATICO, PRESSAO VARIAVEL, POTENCIA 110 HP, PESO SEM/COM LASTRO 10,8/27 T, LARGURA DE ROLAGEM 2,30 M","UN","CR"]
[10642,"ROLO COMPACTADOR DE PNEUS, ESTATICO, PRESSAO VARIAVEL, POTENCIA 111 HP, PESO SEM/COM LASTRO 9,5/26,0 T, LARGURA DE ROLAGEM 1,90 M","UN","C"]
[14489,"ROLO COMPACTADOR PE DE CARNEIRO VIBRATORIO, POTENCIA 125 HP, PESO OPERACIONAL SEM/COM LASTRO 11,95/13,30 T, IMPACTO DINAMICO 38,5/22,5 T, LARGURA DE TRABALHO 2,15 M","UN","CR"]
[14513,"ROLO COMPACTADOR PE DE CARNEIRO VIBRATORIO, POTENCIA 80 HP, PESO OPERACIONAL SEM/COM LASTRO 7,4/8,8 T, LARGURA DE TRABALHO 1,68 M","UN","CR"]
[10646,"ROLO COMPACTADOR VIBRATORIO DE UM CILINDRO, ACO LISO, POTENCIA 80 HP, PESO OPERACIONAL MAXIMO 8,1 T, IMPACTO DINAMICO 16,15/9,5 T, LARGURA TRABALHO 1,68 M","UN","CR"]
[6070,"ROLO COMPACTADOR VIBRATORIO PE DE CARNEIRO, COM CONTROLE REMOTO POR RADIO, POTENCIA 12,5 KW, PESO OPERACIONAL DE 1,675 T, LARGURA DE TRABALHO 0,85 M","UN","CR"]
[6069,"ROLO COMPACTADOR VIBRATORIO REBOCAVEL, CILINDRO DE ACO LISO, POTENCIA DE TRACAO DE 65 CV, PESO DE 4,7 T, IMPACTO DINAMICO TOTAL DE 18,3 T, LARGURA DO ROLO 1,67 M","UN","CR"]
[14626,"ROLO COMPACTADOR VIBRATORIO TANDEM, ACO LISO, POTENCIA 125 HP, PESO SEM/COM LASTRO 10,20/11,65 T, LARGURA DE TRABALHO 1,73 M","UN","CR"]
[6067,"ROLO COMPACTADOR VIBRATORIO TANDEM, ACO LISO, POTENCIA 58 CV, PESO SEM/COM LASTRO 6,5/9,4 T, LARGURA DE TRABALHO 1,20 M","UN","CR"]
[38393,"ROLO DE ESPUMA POLIESTER, 23 CM X 68 MM (COMPRIMENTO X DIAMETRO), SEM CABO","UN","C",17]
[45233,"ROLO DE ESPUMA POLIESTER, 9 CM X 10 MM, COM CABO","UN","CR",7.29]
[38390,"ROLO DE LA DE CARNEIRO 25 MM X 23 CM (ALTURA DA LA X COMPRIMENTO), SEM CABO","UN","CR",41.76]
[11578,"ROSETA QUADRADA, SEM FUROS, EM ACO INOX POLIDO, LARGURA APROXIMADA DE 50 MM, PARA FECHADURA DE PORTA - PARAFUSOS INCLUIDOS","UN","CR",12.09]
[11577,"ROSETA REDONDA DE SOBREPOR, SEM FUROS, EM ACO INOX POLIDO, DIAMETRO APROXIMADO DE 50 MM, PARA FECHADURA DE PORTA - PARAFUSOS INCLUIDOS","UN","CR",11.54]
[42432,"ROTACAO DIAGONAL DUPLA, APARELHO TRIPLO, EM TUBO DE ACO CARBONO, PINTURA NO PROCESSO ELETROSTATICO - EQUIPAMENTO DE GINASTICA PARA ACADEMIA AO AR LIVRE / ACADEMIA DA TERCEIRA IDADE - ATI","UN","CR"]
[42437,"ROTACAO VERTICAL DUPLO, EM TUBO DE ACO CARBONO, PINTURA NO PROCESSO ELETROSTATICO - EQUIPAMENTO DE GINASTICA PARA ACADEMIA AO AR LIVRE / ACADEMIA DA TERCEIRA IDADE - ATI","UN","CR"]
[1116,"RUFO EXTERNO DE CHAPA DE ACO GALVANIZADA NUM 26, CORTE 25 CM","M","CR",27.08]
[1115,"RUFO EXTERNO DE CHAPA DE ACO GALVANIZADA NUM 26, CORTE 28 CM","M","CR",32.44]
[1113,"RUFO EXTERNO/INTERNO DE CHAPA DE ACO GALVANIZADA NUM 26, CORTE 33 CM","M","CR",37.93]
[1114,"RUFO INTERNO DE CHAPA DE ACO GALVANIZADA NUM 26, CORTE 50 CM","M","CR",45.18]
[40873,"RUFO INTERNO/EXTERNO DE CHAPA DE ACO GALVANIZADA NUM 24, CORTE 25 CM","M","CR",35.35]
[20214,"RUFO PARA TELHA ESTRUTURAL DE FIBROCIMENTO 1 ABA (SEM AMIANTO)","UN","CR",79.73]
[7237,"RUFO PARA TELHA ONDULADA DE FIBROCIMENTO, E = 6 MM, ABA *260* MM, COMPRIMENTO 1100 MM (SEM AMIANTO)","UN","CR",78.05]
[11757,"SABONETEIRA DE PAREDE EM METAL CROMADO","UN","C",26]
[11758,"SABONETEIRA PLASTICA TIPO DISPENSER PARA SABONETE LIQUIDO COM RESERVATORIO 800 A 1500 ML","UN","C",58.8]
[37526,"SACO DE RAFIA PARA ENTULHO, NOVO, LISO (SEM CLICHE), *60 X 90* CM","UN","CR"]
[6076,"SAIBRO PARA ARGAMASSA (COLETADO NO COMERCIO)","M3","C"]
[13109,"SAPATA DE PVC ADITIVADO NERVURADO D = 6 POLEGADAS","UN","CR"]
[13110,"SAPATA DE PVC ADITIVADO NERVURADO D = 8 POLEGADAS","UN","CR"]
[7581,"SAPATILHA EM ACO GALVANIZADO PARA CABOS COM DIAMETRO NOMINAL ATE 5/8\"","UN","CR",6.36]
[4509,"SARRAFO *2,5 X 10* CM EM PINUS, MISTA OU EQUIVALENTE DA REGIAO - BRUTA","M","CR",5.96]
[4512,"SARRAFO *2,5 X 5* CM EM PINUS, MISTA OU EQUIVALENTE DA REGIAO - BRUTA","M","CR",2.85]
[4517,"SARRAFO *2,5 X 7,5* CM EM PINUS, MISTA OU EQUIVALENTE DA REGIAO - BRUTA","M","CR",4.1100000000000003]
[20206,"SARRAFO APARELHADO *2 X 10* CM, EM MACARANDUBA/MASSARANDUBA, ANGELIM OU EQUIVALENTE DA REGIAO","M","CR",6.8]
[4460,"SARRAFO NAO APARELHADO *2,5 X 10* CM, EM MACARANDUBA/MASSARANDUBA, ANGELIM OU EQUIVALENTE DA REGIAO - BRUTA","M","CR",6.98]
[4415,"SARRAFO NAO APARELHADO *2,5 X 5* CM, EM MACARANDUBA/MASSARANDUBA, ANGELIM, PEROBA-ROSA OU EQUIVALENTE DA REGIAO - BRUTA","M","CR",3.74]
[4417,"SARRAFO NAO APARELHADO *2,5 X 7* CM, EM MACARANDUBA/MASSARANDUBA, ANGELIM, PEROBA-ROSA OU EQUIVALENTE DA REGIAO - BRUTA","M","CR",5.38]
[37373,"SEGURO - HORISTA (COLETADO CAIXA - ENCARGOS COMPLEMENTARES)","H","C",0.11]
[40864,"SEGURO - MENSALISTA (COLETADO CAIXA - ENCARGOS COMPLEMENTARES)","MES","C",18.28]
[4734,"SEIXO ROLADO PARA APLICACAO EM CONCRETO (POSTO PEDREIRA/FORNECEDOR, SEM FRETE)","M3","CR",304.11]
[6085,"SELADOR ACRILICO OPACO PREMIUM INTERIOR/EXTERIOR","L","C",10.07]
[38396,"SELADOR HORIZONTAL PARA FITA DE ACO 1\" (25 MM)","UN","CR",730.97]
[11622,"SELANTE A BASE DE ALCATRAO E POLIURETANO PARA JUNTAS HORIZONTAIS","KG","CR",97.77]
[43143,"SELANTE ACRILICO PARA TRATAMENTO / ACABAMENTO SUPERFICIAL DE CONCRETO ESTAMPADO, APARENTE, PEDRAS E OUTROS","L","CR",36.93]
[7317,"SELANTE DE BASE ASFALTICA PARA VEDACAO","KG","CR",49.17]
[142,"SELANTE ELASTICO MONOCOMPONENTE A BASE DE POLIURETANO (PU) PARA JUNTAS DIVERSAS","310ML","CR",46.13]
[43142,"SELANTE MONOCOMPONENTE A BASE DE SILICONE DE BAIXO MODULO, PARA JUNTAS DE PAVIMENTACAO","L","CR",209.57]
[38123,"SELANTE TIPO VEDA CALHA PARA METAL E FIBROCIMENTO","KG","CR",63.66]
[42699,"SELIM PVC, COM TRAVA, JE, 90 GRAUS, DN 125 X 100 MM OU 150 X 100 MM, PARA REDE COLETORA ESGOTO","UN","CR",31.65]
[37743,"SEMIRREBOQUE COM DOIS EIXOS EM TANDEM TIPO BASCULANTE COM CACAMBA METALICA 14 M3 (INCLUI MONTAGEM, NAO INCLUI CAVALO MECANICO)","UN","CR"]
[37744,"SEMIRREBOQUE COM TRES EIXOS EM TANDEM TIPO BASCULANTE COM CACAMBA METALICA 18 M3 (INCLUI MONTAGEM, NAO INCLUI CAVALO MECANICO)","UN","CR"]
[37741,"SEMIRREBOQUE COM TRES EIXOS, PARA TRANSPORTE DE CARGA SECA, DIMENSOES APROXIMADAS 2,60 X 12,50 X 0,50 M (NAO INCLUI CAVALO MECANICO)","UN","CR"]
[39396,"SENSOR DE PRESENCA BIVOLT COM FOTOCELULA PARA QUALQUER TIPO DE LAMPADA, POTENCIA MAXIMA *1000* W, USO EXTERNO","UN","CR"]
[39392,"SENSOR DE PRESENCA BIVOLT DE PAREDE COM FOTOCELULA PARA QUALQUER TIPO DE LAMPADA POTENCIA MAXIMA *1000* W, USO INTERNO","UN","CR"]
[39393,"SENSOR DE PRESENCA BIVOLT DE PAREDE SEM FOTOCELULA PARA QUALQUER TIPO DE LAMPADA POTENCIA MAXIMA *1000* W, USO INTERNO","UN","CR"]
[39394,"SENSOR DE PRESENCA BIVOLT DE TETO COM FOTOCELULA PARA QUALQUER TIPO DE LAMPADA POTENCIA MAXIMA *1000* W, USO INTERNO","UN","CR"]
[39395,"SENSOR DE PRESENCA BIVOLT DE TETO SEM FOTOCELULA PARA QUALQUER TIPO DE LAMPADA POTENCIA MAXIMA *900* W, USO INTERNO","UN","CR"]
[14618,"SERRA CIRCULAR DE BANCADA COM MOTOR ELETRICO, POTENCIA DE *1600* W, PARA DISCO DE DIAMETRO DE 10\" (250 MM)","UN","CR"]
[6110,"SERRALHEIRO (HORISTA)","H","CR",22.28]
[40910,"SERRALHEIRO (MENSALISTA)","MES","CR",3887.16]
[45255,"SERROTE PROFISSIONAL EM ACO TEMPERADO 20\", CABO DE MADEIRA","UN","CR",33.96]
[6111,"SERVENTE DE OBRAS (HORISTA)","H","C",15.92]
[41084,"SERVENTE DE OBRAS (MENSALISTA)","MES","CR",2776.64]
[44535,"SERVICO DE BOMBEAMENTO DE CONCRETO COM CONSUMO MINIMO DE 40 M3, (DISPONIBILIZACAO DE BOMBA), SEM O LANCAMENTO","M3","CR",55.52]
[44945,"SIFAO / TUBO SINFONADO EXTENSIVEL/SANFONADO, UNIVERSAL/ SIMPLES, ENTRE *50 A 70* CM, DE PLASTICO BRANCO","UN","C",8.4499999999999993]
[38637,"SIFAO EM METAL CROMADO PARA PIA AMERICANA, 1.1/2 X 1.1/2\"","UN","CR"]
[6150,"SIFAO EM METAL CROMADO PARA PIA AMERICANA, 1.1/2 X 2\"","UN","CR"]
[6136,"SIFAO EM METAL CROMADO PARA PIA OU LAVATORIO, 1 X 1.1/2\"","UN","C"]
[38638,"SIFAO EM METAL CROMADO PARA TANQUE, 1.1/4 X 1.1/2\"","UN","CR"]
[20262,"SIFAO PLASTICO EXTENSIVEL UNIVERSAL, TIPO COPO","UN","CR",15.47]
[6145,"SIFAO PLASTICO TIPO COPO PARA PIA AMERICANA 1.1/2 X 1.1/2\"","UN","CR",17.100000000000001]
[6149,"SIFAO PLASTICO TIPO COPO PARA PIA OU LAVATORIO, 1 X 1.1/2\"","UN","CR",11.3]
[6146,"SIFAO PLASTICO TIPO COPO PARA TANQUE, 1.1/4 X 1.1/2\"","UN","CR",16.239999999999998]
[44536,"SILICA ATIVA PARA ADICAO EM CONCRETO E ARGAMASSA","KG","CR",3.88]
[39961,"SILICONE ACETICO USO GERAL INCOLOR 280 G","UN","CR",30.48]
[42433,"SIMULADOR DE CAMINHADA TRIPLO, EM TUBO DE ACO CARBONO, PINTURA NO PROCESSO ELETROSTATICO - EQUIPAMENTO DE GINASTICA PARA ACADEMIA AO AR LIVRE / ACADEMIA DA TERCEIRA IDADE - ATI","UN","CR"]
[42434,"SIMULADOR DE CAVALGADA TRIPLO, EM TUBO DE ACO CARBONO, PINTURA NO PROCESSO ELETROSTATICO - EQUIPAMENTO DE GINASTICA PARA ACADEMIA AO AR LIVRE / ACADEMIA DA TERCEIRA IDADE - ATI","UN","CR"]
[42435,"SIMULADOR DE REMO INDIVIDUAL, EM TUBO DE ACO CARBONO, PINTURA NO PROCESSO ELETROSTATICO - EQUIPAMENTO DE GINASTICA PARA ACADEMIA AO AR LIVRE / ACADEMIA DA TERCEIRA IDADE - ATI","UN","CR"]
[38061,"SINALIZADOR NOTURNO SIMPLES PARA PARA-RAIOS, SEM RELE FOTOELETRICO","UN","CR"]
[20250,"SISAL EM FIBRA / ESTOPA SISAL PARA GESSO","KG","C"]
[13388,"SOLDA EM BARRA DE ESTANHO-CHUMBO 50/50","KG","CR",254.76]
[39914,"SOLDA EM VARETA FOSCOPER, D = *2,5* MM X COMPRIMENTO 500 MM","KG","CR"]
[12732,"SOLDA ESTANHO/COBRE PARA CONEXOES DE COBRE, FIO 2,5 MM, CARRETEL 500 GR (SEM CHUMBO)","UN","CR"]
[6160,"SOLDADOR (HORISTA)","H","C",23.14]
[41087,"SOLDADOR (MENSALISTA)","MES","CR",4034.99]
[6166,"SOLDADOR ELETRICO (PARA SOLDA A SER TESTADA COM RAIOS \"X\") (HORISTA)","H","CR",27.18]
[41088,"SOLDADOR ELETRICO (PARA SOLDA A SER TESTADA COM RAIOS \"X\") (MENSALISTA)","MES","CR",4741.62]
[20232,"SOLEIRA EM GRANITO, POLIDO, TIPO ANDORINHA/ QUARTZ/ CASTELO/ CORUMBA OU OUTROS EQUIVALENTES DA REGIAO, L= *15* CM, E= *2,0* CM","M","CR",92.7]
[10856,"SOLEIRA PRE-MOLDADA EM GRANILITE, MARMORITE OU GRANITINA, L = *15 CM","M","CR"]
[4828,"SOLEIRA/ PEITORIL EM MARMORE, POLIDO, BRANCO COMUM, L= *15* CM, E= *2* CM, CORTE RETO","M","CR",91.15]
[20249,"SOLEIRA/ TABEIRA EM MARMORE, POLIDO, BRANCO COMUM, L= 5 CM, E= *2,0* CM","M","CR",49.91]
[11609,"SOLUCAO ASFALTICA ELASTOMERICA PARA IMPRIMACAO, APLICACAO A FRIO","L","CR",16.25]
[20083,"SOLUCAO PREPARADORA / LIMPADORA PARA PVC, FRASCO COM 1000 CM3","UN","CR",61.02]
[12295,"SOQUETE DE BAQUELITE BASE E27, PARA LAMPADAS","UN","CR",3.06]
[12296,"SOQUETE DE PORCELANA BASE E27, FIXO DE TETO, PARA LAMPADAS","UN","CR",3.96]
[12294,"SOQUETE DE PORCELANA BASE E27, PARA USO AO TEMPO, PARA LAMPADAS","UN","CR",9.52]
[14543,"SOQUETE DE PVC / TERMOPLASTICO BASE E27, COM CHAVE, PARA LAMPADAS","UN","CR",6.8]
[13329,"SOQUETE DE PVC / TERMOPLASTICO BASE E27, COM RABICHO, PARA LAMPADAS","UN","C",3.99]
[21047,"SPRINKLER TIPO PENDENTE, BULBO AMARELO DE RESPOSTA RAPIDA, 79 GRAUS CELSIUS, ACABAMENTO CROMADO, D = 20 MM (3/4\")","UN","CR",72.319999999999993]
[21042,"SPRINKLER TIPO PENDENTE, BULBO AMARELO DE RESPOSTA RAPIDA, 79 GRAUS CELSIUS, ACABAMENTO NATURAL OU CROMADO, D = 15 MM (1/2\")","UN","CR",55.74]
[21043,"SPRINKLER TIPO PENDENTE, BULBO AMARELO DE RESPOSTA RAPIDA, 79 GRAUS CELSIUS, ACABAMENTO NATURAL, D = 20 MM (3/4\")","UN","CR",70.41]
[21044,"SPRINKLER TIPO PENDENTE, BULBO VERMELHO DE RESPOSTA RAPIDA, 68 GRAUS CELSIUS, ACABAMENTO CROMADO, D = 15 MM (1/2\")","UN","CR",49.05]
[21045,"SPRINKLER TIPO PENDENTE, BULBO VERMELHO DE RESPOSTA RAPIDA, 68 GRAUS CELSIUS, ACABAMENTO CROMADO, D = 20 MM (3/4\")","UN","CR",67.180000000000007]
[21041,"SPRINKLER TIPO PENDENTE, BULBO VERMELHO DE RESPOSTA RAPIDA, 68 GRAUS CELSIUS, ACABAMENTO NATURAL, D = 20 MM (3/4\")","UN","CR",57.94]
[21040,"SPRINKLER TIPO PENDENTE, BULBO VERMELHO RESPOSTA RAPIDA, 68 GRAUS CELSIUS, ACABAMENTO NATURAL, D = 15 MM (1/2\")","UN","C",48]
[14149,"SUPORTE \"Y\" PARA FITA PERFURADA","CENTO","CR"]
[38099,"SUPORTE DE FIXACAO PARA ESPELHO / PLACA 4\" X 2\", PARA 3 MODULOS, PARA INSTALACAO DE TOMADAS E INTERRUPTORES (SOMENTE SUPORTE)","UN","CR",2.14]
[38100,"SUPORTE DE FIXACAO PARA ESPELHO / PLACA 4\" X 4\", PARA 6 MODULOS, PARA INSTALACAO DE TOMADAS E INTERRUPTORES (SOMENTE SUPORTE)","UN","CR",3.5]
[7576,"SUPORTE EM ACO GALVANIZADO PARA TRANSFORMADOR PARA POSTE DUPLO T 185 X 95 MM, CHAPA DE 5/16\"","UN","CR",261.13]
[3384,"SUPORTE GUIA SIMPLES COM ROLDANA EM POLIPROPILENO PARA CHUMBAR, H = 20 CM","UN","CR",5.5]
[7572,"SUPORTE ISOLADOR REFORCADO DIAMETRO NOMINAL 5/16\", COM ROSCA SOBERBA E BUCHA","UN","CR"]
[3396,"SUPORTE ISOLADOR SIMPLES DIAMETRO NOMINAL 5/16\", COM ROSCA SOBERBA E BUCHA","UN","CR"]
[45230,"SUPORTE MANUAL PARA LIXA, PLASTICO, COM 230 X 80 MM (COMPRIMENTO X LARGURA)","UN","CR",34.46]
[37590,"SUPORTE MAO-FRANCESA EM ACO, ABAS IGUAIS 30 CM, CAPACIDADE MINIMA 60 KG, BRANCO","UN","CR"]
[37591,"SUPORTE MAO-FRANCESA EM ACO, ABAS IGUAIS 40 CM, CAPACIDADE MINIMA 70 KG, BRANCO","UN","CR"]
[12626,"SUPORTE METALICO PARA CALHA PLUVIAL, ZINCADO, DOBRADO, DIAMETRO ENTRE 119 E 170 MM, PARA DRENAGEM PLUVIAL PREDIAL","UN","CR",40.03]
[11033,"SUPORTE PARA CALHA DE 150 MM EM ACO GALVANIZADO","UN","CR",7.22]
[390,"SUPORTE PARA TUBO DIAMETRO NOMINAL 2\", COM ROSCA MECANICA","UN","CR"]
[42436,"SURF DUPLO, EM TUBO DE ACO CARBONO, PINTURA NO PROCESSO ELETROSTATICO - EQUIPAMENTO DE GINASTICA PARA ACADEMIA AO AR LIVRE / ACADEMIA DA TERCEIRA IDADE - ATI","UN","CR"]
[6194,"TABUA *2,5 X 15 CM EM PINUS, MISTA OU EQUIVALENTE DA REGIAO - BRUTA","M","CR",8.39]
[10567,"TABUA *2,5 X 23* CM EM PINUS, MISTA OU EQUIVALENTE DA REGIAO - BRUTA","M","CR",13.28]
[6212,"TABUA *2,5 X 30 CM EM PINUS, MISTA OU EQUIVALENTE DA REGIAO - BRUTA","M","C",19.489999999999998]
[3993,"TABUA APARELHADA *2,5 X 15* CM, EM MACARANDUBA/MASSARANDUBA, ANGELIM OU EQUIVALENTE DA REGIAO","M2","CR",90.42]
[3990,"TABUA APARELHADA *2,5 X 25* CM, EM MACARANDUBA/MASSARANDUBA, ANGELIM OU EQUIVALENTE DA REGIAO","M","CR",17.010000000000002]
[3992,"TABUA APARELHADA *2,5 X 30* CM, EM MACARANDUBA/MASSARANDUBA, ANGELIM OU EQUIVALENTE DA REGIAO","M","CR",22.97]
[6178,"TABUA DE MADEIRA PARA PISO, CUMARU/IPE CHAMPANHE OU EQUIVALENTE DA REGIAO, ENCAIXE MACHO/FEMEA, *10 X 2* CM","M2","CR"]
[6180,"TABUA DE MADEIRA PARA PISO, CUMARU/IPE CHAMPANHE OU EQUIVALENTE DA REGIAO, ENCAIXE MACHO/FEMEA, *15 X 2* CM","M2","C"]
[6182,"TABUA DE MADEIRA PARA PISO, IPE (CERNE) OU EQUIVALENTE DA REGIAO, ENCAIXE MACHO/FEMEA, *20 X 2* CM","M2","CR"]
[43614,"TABUA NAO APARELHADA *2,5 X 15* CM, EM MACARANDUBA/MASSARANDUBA, ANGELIM OU EQUIVALENTE DA REGIAO - BRUTA","M","CR",11.49]
[6193,"TABUA NAO APARELHADA *2,5 X 20* CM, EM MACARANDUBA/MASSARANDUBA, ANGELIM OU EQUIVALENTE DA REGIAO - BRUTA","M","CR",13.99]
[6189,"TABUA NAO APARELHADA *2,5 X 30* CM, EM MACARANDUBA/MASSARANDUBA, ANGELIM OU EQUIVALENTE DA REGIAO - BRUTA","M","CR",20.420000000000002]
[6214,"TACO DE MADEIRA PARA PISO, IPE (CERNE) OU EQUIVALENTE DA REGIAO, 7 X 42 CM, E = 2 CM","M2","CR"]
[44027,"TALA PARA EMENDA DE ELETROCALHA, SIMPLES / RETA, LISA OU PERFURADA, EM CHAPA DE ACO GALVANIZADO #22, ALTURA 50 MM","UN","CR"]
[36153,"TALABARTE DE SEGURANCA, 2 MOSQUETOES TRAVA DUPLA *53* MM DE ABERTURA, COM ABSORVEDOR DE ENERGIA","UN","CR",212.08]
[10742,"TALHA MANUAL DE CORRENTE, CAPACIDADE DE 2 T COM ELEVACAO DE 3 M","UN","C"]
[45239,"TALHADEIRA CHATA, DE ACO, 10\"","UN","CR",22.2]
[38465,"TALHADEIRA COM PUNHO DE PROTECAO *20 X 250* MM","UN","CR",61.35]
[7543,"TAMPA CEGA EM PVC PARA CONDULETE 4 X 2\"","UN","CR",4.17]
[43427,"TAMPA DE CONCRETO ARMADO PARA FOSSA SEPTICA, DIAMETRO NOMINAL DE 3,00 M E ESPESSURA MINIMA DE 100 MM","UN","CR",1337.33]
[41613,"TAMPA DE CONCRETO ARMADO PARA FOSSA, D = *0,90* M, E = 0,05 M","UN","CR",85.96]
[41614,"TAMPA DE CONCRETO ARMADO PARA FOSSA, D = *1,10* M, E = 0,05 M","UN","CR",109.53]
[41615,"TAMPA DE CONCRETO ARMADO PARA FOSSA, D = *1,35* M, E = 0,05 M","UN","CR",169.29]
[41616,"TAMPA DE CONCRETO ARMADO PARA FOSSA, D = 1,50 M, E = 0,05 M","UN","CR",252.95]
[41617,"TAMPA DE CONCRETO ARMADO PARA FOSSA, D = 2,00 M, E = 0,05 M","UN","CR",502.97]
[41618,"TAMPA DE CONCRETO ARMADO PARA FOSSA, D = 2,50 M, E = 0,05 M","UN","CR",925.94]
[43428,"TAMPA DE CONCRETO ARMADO PARA POCO DE INSPECAO, COM FURO E TAMPINHA, DIAMETRO NOMINAL DE 3,00 M E ESPESSURA MINIMA DE 100 MM","UN","CR",1626.42]
[41619,"TAMPA DE CONCRETO ARMADO PARA POCO, COM FURO E TAMPINHA, D = *0,90* M, E = 0,05 M","UN","CR",105.37]
[41620,"TAMPA DE CONCRETO ARMADO PARA POCO, COM FURO E TAMPINHA, D = *1,10* M, E = 0,05 M","UN","CR",133.1]
[41622,"TAMPA DE CONCRETO ARMADO PARA POCO, COM FURO E TAMPINHA, D = *1,35* M, E = 0,05 M","UN","CR",230.86]
[41623,"TAMPA DE CONCRETO ARMADO PARA POCO, COM FURO E TAMPINHA, D = 1,50 M, E = 0,05 M","UN","CR",354.95]
[41624,"TAMPA DE CONCRETO ARMADO PARA POCO, COM FURO E TAMPINHA, D = 2,00 M, E = 0,05 M","UN","CR",665.54]
[41625,"TAMPA DE CONCRETO ARMADO PARA POCO, COM FURO E TAMPINHA, D = 2,50 M, E = 0,05 M","UN","CR",1023.97]
[39346,"TAMPA PARA CONDULETE, EM PVC, PARA 1 INTERRUPTOR","UN","CR",2.58]
[39350,"TAMPA PARA CONDULETE, EM PVC, PARA 1 MODULO RJ","UN","CR",2.77]
[39351,"TAMPA PARA CONDULETE, EM PVC, PARA 2 MODULOS RJ","UN","CR",3.21]
[39352,"TAMPA PARA CONDULETE, EM PVC, PARA TOMADA HEXAGONAL","UN","CR",2.58]
[38837,"TAMPAO / CAP, ROSCA MACHO, DN 1\", PARA TUBO PEX PARA INST. AGUA QUENTE/FRIA","UN","CR"]
[38836,"TAMPAO / CAP, ROSCA MACHO, DN 3/4\", PARA TUBO PEX PARA INST. AGUA QUENTE/FRIA","UN","CR"]
[2666,"TAMPAO / TERMINAL / PLUG, D = 1 1/4\", PARA DUTO CORRUGADO PEAD (CABEAMENTO SUBTERRANEO)","UN","CR",8.69]
[2668,"TAMPAO / TERMINAL / PLUG, D = 2\", PARA DUTO CORRUGADO PEAD (CABEAMENTO SUBTERRANEO)","UN","CR",9.92]
[2664,"TAMPAO / TERMINAL / PLUG, D = 3\", PARA DUTO CORRUGADO PEAD (CABEAMENTO SUBTERRANEO)","UN","CR",14.63]
[2662,"TAMPAO / TERMINAL / PLUG, D = 4\", PARA DUTO CORRUGADO PEAD (CABEAMENTO SUBTERRANEO)","UN","CR",17.95]
[20964,"TAMPAO COM CORRENTE, EM LATAO, ENGATE RAPIDO 1 1/2\", PARA INSTALACAO PREDIAL DE COMBATE A INCENDIO","UN","CR",93.71]
[10905,"TAMPAO COM CORRENTE, EM LATAO, ENGATE RAPIDO 2 1/2\", PARA INSTALACAO PREDIAL DE COMBATE A INCENDIO","UN","CR",125.71]
[11289,"TAMPAO FOFO ARTICULADO P/ REGISTRO, COM BASE / REQUADRO, CLASSE A15 CARGA MAX 1,5 T, *200 X 200* MM (COM INSCRICAO EM RELEVO DO TIPO DE REDE)","UN","CR"]
[11241,"TAMPAO FOFO ARTICULADO P/ REGISTRO, COM BASE / REQUADRO, CLASSE A15 CARGA MAXIMA 1,5 T, *400 X 400* MM (COM INSCRICAO EM RELEVO DO TIPO DE REDE)","UN","CR"]
[11301,"TAMPAO FOFO ARTICULADO, COM BASE / REQUADRO, CLASSE B125 CARGA MAX 12,5 T, REDONDO, TAMPA 600 MM (COM INSCRICAO EM RELEVO DO TIPO DE REDE)","UN","CR"]
[21090,"TAMPAO FOFO ARTICULADO, COM BASE / REQUADRO, CLASSE D400 CARGA MAX 40 T, REDONDO, TAMPA 600 MM (COM INSCRICAO EM RELEVO DO TIPO DE REDE)","UN","CR"]
[11315,"TAMPAO FOFO SIMPLES COM BASE / REQUADRO, CLASSE A15 CARGA MAX. 1,5 T, 300 X 300 MM (COM INSCRICAO EM RELEVO DO TIPO DE REDE)","UN","CR"]
[21071,"TAMPAO FOFO SIMPLES COM BASE / REQUADRO, CLASSE A15 CARGA MAX. 1,5 T, 400 X 400 MM (COM INSCRICAO EM RELEVO DO TIPO DE REDE)","UN","CR"]
[14112,"TAMPAO FOFO SIMPLES COM BASE / REQUADRO, CLASSE A15 CARGA MAX. 1,5 T, 400 X 600 MM (COM INSCRICAO EM RELEVO DO TIPO DE REDE)","UN","CR"]
[11316,"TAMPAO FOFO SIMPLES COM BASE / REQUADRO, CLASSE B125 CARGA MAX. 12,5 T, REDONDO, TAMPA 500 MM (COM INSCRICAO EM RELEVO DO TIPO DE REDE)","UN","CR"]
[6243,"TAMPAO FOFO SIMPLES COM BASE / REQUADRO, CLASSE B125 CARGA MAX. 12,5 T, REDONDO, TAMPA 600 MM (COM INSCRICAO EM RELEVO DO TIPO DE REDE)","UN","C"]
[6240,"TAMPAO FOFO SIMPLES COM BASE / REQUADRO, CLASSE D400 CARGA MAX. 40 T, REDONDO, TAMPA 600 MM (COM INSCRICAO EM RELEVO DO TIPO DE REDE)","UN","CR"]
[11296,"TAMPAO FOFO SIMPLES COM BASE / REQUADRO, CLASSE D400 CARGA MAX. 40 T, REDONDO, TAMPA 900 MM (COM INSCRICAO EM RELEVO DO TIPO DE REDE)","UN","CR"]
[11299,"TAMPAO FOFO SIMPLES COM BASE / REQUADRO, R-2, CLASSE A15 CARGA MAX. 1,5 T, 550 X 1100 MM (COM INSCRICAO EM RELEVO DO TIPO DE REDE)","UN","CR"]
[11688,"TANQUE ACO INOXIDAVEL (ACO 304) COM ESFREGADOR E VALVULA, DE *50 X 40 X 22* CM","UN","CR",508.23]
[37736,"TANQUE DE ACO CARBONO NAO REVESTIDO, PARA TRANSPORTE DE AGUA COM CAPACIDADE DE 10 M3, COM BOMBA CENTRIFUGA POR TOMADA DE FORCA, VAZAO MAXIMA *75* M3/H (INCLUI MONTAGEM, NAO INCLUI CAMINHAO)","UN","C"]
[37739,"TANQUE DE ACO PARA TRANSPORTE DE AGUA COM CAPACIDADE DE 14 M3 (INCLUI MONTAGEM, NAO INCLUI CAMINHAO)","UN","CR"]
[37738,"TANQUE DE ACO PARA TRANSPORTE DE AGUA COM CAPACIDADE DE 6 M3 (INCLUI MONTAGEM, NAO INCLUI CAMINHAO)","UN","CR"]
[25014,"TANQUE DE ASFALTO ESTACIONARIO COM MACARICO, CAPACIDADE 20.000 L","UN","CR"]
[14405,"TANQUE DE ASFALTO ESTACIONARIO COM SERPENTINA, CAPACIDADE 30.000 L","UN","CR"]
[20271,"TANQUE DE LOUCA BRANCA, COM COLUNA, *30* L","UN","CR",568.54999999999995]
[10423,"TANQUE DE LOUCA BRANCA, SUSPENSO, *20* L","UN","CR",417.44]
[36790,"TANQUE DUPLO EM MARMORE SINTETICO COM CUBA LISA E ESFREGADOR, *110 X 60* CM","UN","CR",237.81]
[37589,"TANQUE SIMPLES EM MARMORE SINTETICO COM COLUNA, CAPACIDADE *22* L, *60 X 46* CM","UN","CR",291.38]
[11690,"TANQUE SIMPLES EM MARMORE SINTETICO DE FIXAR NA PAREDE, CAPACIDADE *22* L, *60 X 46* CM","UN","CR",154.79]
[20234,"TANQUE SIMPLES EM MARMORE SINTETICO SUSPENSO, CAPACIDADE *38* L, *60 X 60* CM","UN","CR",195.89]
[44480,"TARIFA \"A\" ENTRE 0 E 20M3 FORNECIMENTO D'AGUA","M3","CR",20.05]
[11457,"TARJETA LIVRE / OCUPADO PARA PORTA DE BANHEIRO, CORPO EM ZAMAC E ESPELHO EM LATAO","UN","CR",45.79]
[44073,"TARUGO DELIMITADOR DE PROFUNDIDADE EM ESPUMA DE POLIETILENO DE BAIXA DENSIDADE 10 MM, CINZA","M","CR",0.84]
[3593,"TE 45 GRAUS DE FERRO GALVANIZADO, COM ROSCA BSP, DE 1 1/2\"","UN","CR"]
[3588,"TE 45 GRAUS DE FERRO GALVANIZADO, COM ROSCA BSP, DE 1 1/4\"","UN","CR"]
[3587,"TE 45 GRAUS DE FERRO GALVANIZADO, COM ROSCA BSP, DE 1\"","UN","CR"]
[3585,"TE 45 GRAUS DE FERRO GALVANIZADO, COM ROSCA BSP, DE 1/2\"","UN","CR"]
[3590,"TE 45 GRAUS DE FERRO GALVANIZADO, COM ROSCA BSP, DE 2 1/2\"","UN","CR"]
[3589,"TE 45 GRAUS DE FERRO GALVANIZADO, COM ROSCA BSP, DE 2\"","UN","CR"]
[3592,"TE 45 GRAUS DE FERRO GALVANIZADO, COM ROSCA BSP, DE 3\"","UN","CR"]
[3586,"TE 45 GRAUS DE FERRO GALVANIZADO, COM ROSCA BSP, DE 3/4\"","UN","CR"]
[3591,"TE 45 GRAUS DE FERRO GALVANIZADO, COM ROSCA BSP, DE 4\"","UN","CR"]
[40396,"TE 90 GRAUS EM ACO CARBONO, SOLDAVEL, PRESSAO 3.000 LBS, DN 1 1/2\"","UN","CR"]
[40395,"TE 90 GRAUS EM ACO CARBONO, SOLDAVEL, PRESSAO 3.000 LBS, DN 1 1/4\"","UN","CR"]
[40394,"TE 90 GRAUS EM ACO CARBONO, SOLDAVEL, PRESSAO 3.000 LBS, DN 1\"","UN","CR"]
[40392,"TE 90 GRAUS EM ACO CARBONO, SOLDAVEL, PRESSAO 3.000 LBS, DN 1/2\"","UN","CR"]
[40398,"TE 90 GRAUS EM ACO CARBONO, SOLDAVEL, PRESSAO 3.000 LBS, DN 2 1/2\"","UN","CR"]
[40397,"TE 90 GRAUS EM ACO CARBONO, SOLDAVEL, PRESSAO 3.000 LBS, DN 2\"","UN","CR"]
[40399,"TE 90 GRAUS EM ACO CARBONO, SOLDAVEL, PRESSAO 3.000 LBS, DN 3\"","UN","CR"]
[40393,"TE 90 GRAUS EM ACO CARBONO, SOLDAVEL, PRESSAO 3.000 LBS, DN 3/4\"","UN","CR"]
[44253,"TE CPVC, SOLDAVEL, 90 GRAUS, 114 MM, PARA AGUA QUENTE PREDIAL","UN","CR"]
[21121,"TE CPVC, SOLDAVEL, 90 GRAUS, 15 MM, PARA AGUA QUENTE PREDIAL","UN","CR"]
[38010,"TE CPVC, SOLDAVEL, 90 GRAUS, 22 MM, PARA AGUA QUENTE PREDIAL","UN","CR"]
[38011,"TE CPVC, SOLDAVEL, 90 GRAUS, 28 MM, PARA AGUA QUENTE PREDIAL","UN","CR"]
[38012,"TE CPVC, SOLDAVEL, 90 GRAUS, 35 MM, PARA AGUA QUENTE PREDIAL","UN","CR"]
[38013,"TE CPVC, SOLDAVEL, 90 GRAUS, 42 MM, PARA AGUA QUENTE PREDIAL","UN","CR"]
[38014,"TE CPVC, SOLDAVEL, 90 GRAUS, 54 MM, PARA AGUA QUENTE PREDIAL","UN","CR"]
[38015,"TE CPVC, SOLDAVEL, 90 GRAUS, 73 MM, PARA AGUA QUENTE PREDIAL","UN","CR"]
[38016,"TE CPVC, SOLDAVEL, 90 GRAUS, 89 MM, PARA AGUA QUENTE PREDIAL","UN","CR"]
[12741,"TE DE COBRE SEM ANEL DE SOLDA, BOLSA X BOLSA X BOLSA, 104 MM","UN","CR"]
[12733,"TE DE COBRE SEM ANEL DE SOLDA, BOLSA X BOLSA X BOLSA, 15 MM","UN","CR"]
[12734,"TE DE COBRE SEM ANEL DE SOLDA, BOLSA X BOLSA X BOLSA, 22 MM","UN","CR"]
[12735,"TE DE COBRE SEM ANEL DE SOLDA, BOLSA X BOLSA X BOLSA, 28 MM","UN","CR"]
[12736,"TE DE COBRE SEM ANEL DE SOLDA, BOLSA X BOLSA X BOLSA, 35 MM","UN","CR"]
[12737,"TE DE COBRE SEM ANEL DE SOLDA, BOLSA X BOLSA X BOLSA, 42 MM","UN","CR"]
[12738,"TE DE COBRE SEM ANEL DE SOLDA, BOLSA X BOLSA X BOLSA, 54 MM","UN","CR"]
[12739,"TE DE COBRE SEM ANEL DE SOLDA, BOLSA X BOLSA X BOLSA, 66 MM","UN","CR"]
[12740,"TE DE COBRE SEM ANEL DE SOLDA, BOLSA X BOLSA X BOLSA, 79 MM","UN","CR"]
[6297,"TE DE FERRO GALVANIZADO, DE 1 1/2\"","UN","CR"]
[6296,"TE DE FERRO GALVANIZADO, DE 1 1/4\"","UN","CR"]
[6323,"TE DE FERRO GALVANIZADO, DE 1\"","UN","CR"]
[6294,"TE DE FERRO GALVANIZADO, DE 1/2\"","UN","CR"]
[6299,"TE DE FERRO GALVANIZADO, DE 2 1/2\"","UN","CR"]
[6298,"TE DE FERRO GALVANIZADO, DE 2\"","UN","CR"]
[6322,"TE DE FERRO GALVANIZADO, DE 3\"","UN","CR"]
[6295,"TE DE FERRO GALVANIZADO, DE 3/4\"","UN","CR"]
[6300,"TE DE FERRO GALVANIZADO, DE 4\"","UN","CR"]
[6321,"TE DE FERRO GALVANIZADO, DE 5\"","UN","CR"]
[6301,"TE DE FERRO GALVANIZADO, DE 6\"","UN","CR"]
[7105,"TE DE INSPECAO, PVC, 100 X 75 MM, SERIE NORMAL PARA ESGOTO PREDIAL","UN","CR",40.229999999999997]
[20183,"TE DE INSPECAO, PVC, SERIE R, 100 X 75 MM, PARA ESGOTO PREDIAL","UN","CR",49.56]
[38448,"TE DE INSPECAO, PVC, SERIE R, 150 X 100 MM, PARA ESGOTO PREDIAL","UN","CR",224.91]
[20182,"TE DE INSPECAO, PVC, SERIE R, 75 X 75 MM, PARA ESGOTO PREDIAL","UN","CR",28.82]
[7119,"TE DE REDUCAO COM ROSCA, PVC, 90 GRAUS, 1 X 3/4\", PARA AGUA FRIA PREDIAL","UN","CR",11.32]
[7126,"TE DE REDUCAO COM ROSCA, PVC, 90 GRAUS, 1.1/2\" X 3/4\", AGUA FRIA PREDIAL","UN","CR",23.1]
[7120,"TE DE REDUCAO COM ROSCA, PVC, 90 GRAUS, 3/4 X 1/2\", PARA AGUA FRIA PREDIAL","UN","CR",8.68]
[6319,"TE DE REDUCAO DE FERRO GALVANIZADO, COM ROSCA BSP, DE 1 1/2\" X 1\"","UN","CR"]
[6304,"TE DE REDUCAO DE FERRO GALVANIZADO, COM ROSCA BSP, DE 1 1/2\" X 3/4\"","UN","CR"]
[21116,"TE DE REDUCAO DE FERRO GALVANIZADO, COM ROSCA BSP, DE 1 1/4\" X 3/4\"","UN","CR"]
[6320,"TE DE REDUCAO DE FERRO GALVANIZADO, COM ROSCA BSP, DE 1\" X 1/2\"","UN","CR"]
[6303,"TE DE REDUCAO DE FERRO GALVANIZADO, COM ROSCA BSP, DE 1\" X 3/4\"","UN","CR"]
[6308,"TE DE REDUCAO DE FERRO GALVANIZADO, COM ROSCA BSP, DE 2 1/2\" X 1 1/2\"","UN","CR"]
[6317,"TE DE REDUCAO DE FERRO GALVANIZADO, COM ROSCA BSP, DE 2 1/2\" X 1 1/4\"","UN","CR"]
[6307,"TE DE REDUCAO DE FERRO GALVANIZADO, COM ROSCA BSP, DE 2 1/2\" X 1\"","UN","CR"]
[6309,"TE DE REDUCAO DE FERRO GALVANIZADO, COM ROSCA BSP, DE 2 1/2\" X 2\"","UN","CR"]
[6318,"TE DE REDUCAO DE FERRO GALVANIZADO, COM ROSCA BSP, DE 2\" X 1 1/2\"","UN","CR"]
[6306,"TE DE REDUCAO DE FERRO GALVANIZADO, COM ROSCA BSP, DE 2\" X 1 1/4\"","UN","CR"]
[6305,"TE DE REDUCAO DE FERRO GALVANIZADO, COM ROSCA BSP, DE 2\" X 1\"","UN","CR"]
[6312,"TE DE REDUCAO DE FERRO GALVANIZADO, COM ROSCA BSP, DE 3\" X 1 1/2\"","UN","CR"]
[6311,"TE DE REDUCAO DE FERRO GALVANIZADO, COM ROSCA BSP, DE 3\" X 1 1/4\"","UN","CR"]
[6310,"TE DE REDUCAO DE FERRO GALVANIZADO, COM ROSCA BSP, DE 3\" X 1\"","UN","CR"]
[6314,"TE DE REDUCAO DE FERRO GALVANIZADO, COM ROSCA BSP, DE 3\" X 2 1/2\"","UN","CR"]
[6313,"TE DE REDUCAO DE FERRO GALVANIZADO, COM ROSCA BSP, DE 3\" X 2\"","UN","CR"]
[6302,"TE DE REDUCAO DE FERRO GALVANIZADO, COM ROSCA BSP, DE 3/4\" X 1/2\"","UN","CR"]
[6315,"TE DE REDUCAO DE FERRO GALVANIZADO, COM ROSCA BSP, DE 4\" X 2\"","UN","CR"]
[6316,"TE DE REDUCAO DE FERRO GALVANIZADO, COM ROSCA BSP, DE 4\" X 3\"","UN","CR"]
[39324,"TE DE REDUCAO, CPVC, 22 X 15 MM, PARA AGUA QUENTE PREDIAL","UN","CR"]
[39325,"TE DE REDUCAO, CPVC, 28 X 22 MM, PARA AGUA QUENTE PREDIAL","UN","CR"]
[39326,"TE DE REDUCAO, CPVC, 35 X 28 MM, PARA AGUA QUENTE PREDIAL","UN","CR"]
[39327,"TE DE REDUCAO, CPVC, 42 X 35 MM, PARA AGUA QUENTE PREDIAL","UN","CR"]
[11378,"TE DE REDUCAO, PVC PBA, BBB, JE, DN 100 X 50 / DE 110 X 60 MM, PARA REDE DE AGUA","UN","CR",89.74]
[11379,"TE DE REDUCAO, PVC PBA, BBB, JE, DN 100 X 75 / DE 110 X 85 MM, PARA REDE DE AGUA","UN","CR",75.83]
[11493,"TE DE REDUCAO, PVC PBA, BBB, JE, DN 75 X 50 / DE 85 X 60 MM, PARA REDE DE AGUA","UN","CR",43.74]
[7106,"TE DE REDUCAO, PVC, SOLDAVEL, 90 GRAUS, 110 MM X 60 MM, PARA AGUA FRIA PREDIAL","UN","CR",142.97]
[7104,"TE DE REDUCAO, PVC, SOLDAVEL, 90 GRAUS, 25 MM X 20 MM, PARA AGUA FRIA PREDIAL","UN","CR",3.85]
[7136,"TE DE REDUCAO, PVC, SOLDAVEL, 90 GRAUS, 32 MM X 25 MM, PARA AGUA FRIA PREDIAL","UN","CR",6.71]
[7128,"TE DE REDUCAO, PVC, SOLDAVEL, 90 GRAUS, 40 MM X 32 MM, PARA AGUA FRIA PREDIAL","UN","CR",8.7100000000000009]
[7108,"TE DE REDUCAO, PVC, SOLDAVEL, 90 GRAUS, 50 MM X 20 MM, PARA AGUA FRIA PREDIAL","UN","CR",8.68]
[7129,"TE DE REDUCAO, PVC, SOLDAVEL, 90 GRAUS, 50 MM X 25 MM, PARA AGUA FRIA PREDIAL","UN","CR",10.220000000000001]
[7130,"TE DE REDUCAO, PVC, SOLDAVEL, 90 GRAUS, 50 MM X 32 MM, PARA AGUA FRIA PREDIAL","UN","CR",14.85]
[7131,"TE DE REDUCAO, PVC, SOLDAVEL, 90 GRAUS, 50 MM X 40 MM, PARA AGUA FRIA PREDIAL","UN","CR",18.16]
[7132,"TE DE REDUCAO, PVC, SOLDAVEL, 90 GRAUS, 75 MM X 50 MM, PARA AGUA FRIA PREDIAL","UN","CR",42.76]
[7133,"TE DE REDUCAO, PVC, SOLDAVEL, 90 GRAUS, 85 MM X 60 MM, PARA AGUA FRIA PREDIAL","UN","CR",98.82]
[37422,"TE DE SERVICO INTEGRADO, EM POLIPROPILENO (PP), PARA TUBOS EM PEAD, 63 X 20 MM - LIGACAO PREDIAL DE AGUA","UN","CR"]
[37420,"TE DE SERVICO INTEGRADO, EM POLIPROPILENO (PP), PARA TUBOS EM PEAD/PVC, 60 X 20 MM - LIGACAO PREDIAL DE AGUA","UN","CR"]
[37421,"TE DE SERVICO INTEGRADO, EM POLIPROPILENO (PP), PARA TUBOS EM PEAD/PVC, 60 X 32 MM - LIGACAO PREDIAL DE AGUA","UN","CR"]
[37443,"TE DE SERVICO, PEAD PE 100, DE 125 X 20 MM, PARA ELETROFUSAO","UN","CR"]
[37444,"TE DE SERVICO, PEAD PE 100, DE 125 X 32 MM, PARA ELETROFUSAO","UN","CR"]
[37445,"TE DE SERVICO, PEAD PE 100, DE 125 X 63 MM, PARA ELETROFUSAO","UN","CR"]
[37446,"TE DE SERVICO, PEAD PE 100, DE 200 X 20 MM, PARA ELETROFUSAO","UN","CR"]
[37447,"TE DE SERVICO, PEAD PE 100, DE 200 X 32 MM, PARA ELETROFUSAO","UN","CR"]
[37448,"TE DE SERVICO, PEAD PE 100, DE 200 X 63 MM, PARA ELETROFUSAO","UN","CR"]
[37440,"TE DE SERVICO, PEAD PE 100, DE 63 X 20 MM, PARA ELETROFUSAO","UN","CR"]
[37441,"TE DE SERVICO, PEAD PE 100, DE 63 X 32 MM, PARA ELETROFUSAO","UN","CR"]
[37442,"TE DE SERVICO, PEAD PE 100, DE 63 X 63 MM, PARA ELETROFUSAO","UN","CR"]
[38017,"TE DE TRANSICAO, CPVC, SOLDAVEL, 15 MM X 1/2\", PARA AGUA QUENTE","UN","CR"]
[38018,"TE DE TRANSICAO, CPVC, SOLDAVEL, 22 MM X 1/2\", PARA AGUA QUENTE","UN","CR"]
[39895,"TE DUPLA CURVA BRONZE/LATAO SEM ANEL DE SOLDA, ROSCA F X BOLSA X ROSCA F, 1/2\" X 15 X 1/2\"","UN","CR"]
[39896,"TE DUPLA CURVA BRONZE/LATAO SEM ANEL DE SOLDA, ROSCA F X BOLSA X ROSCA F, 3/4\" X 22 X 3/4\"","UN","CR"]
[44038,"TE HORIZONTAL 90 GRAUS, PARA ELETROCALHA, EM CHAPA DE ACO GALVANIZADO, ESPESSURA #14, 700 X 50 MM (L X A), SEM VIROLA, SEM TAMPA","UN","CR"]
[44040,"TE HORIZONTAL 90 GRAUS, PARA ELETROCALHA, EM CHAPA DE ACO GALVANIZADO, ESPESSURA #14, 800 X 50 MM (L X A), SEM VIROLA, SEM TAMPA","UN","CR"]
[44035,"TE HORIZONTAL 90 GRAUS, PARA ELETROCALHA, EM CHAPA DE ACO GALVANIZADO, ESPESSURA #16, 500 X 50 MM (L X A), SEM VIROLA, SEM TAMPA","UN","CR"]
[44037,"TE HORIZONTAL 90 GRAUS, PARA ELETROCALHA, EM CHAPA DE ACO GALVANIZADO, ESPESSURA #16, 600 X 50 MM (L X A), SEM VIROLA, SEM TAMPA","UN","CR"]
[44033,"TE HORIZONTAL 90 GRAUS, PARA ELETROCALHA, EM CHAPA DE ACO GALVANIZADO, ESPESSURA #18, 300 X 50 MM (L X A), SEM VIROLA, SEM TAMPA","UN","CR"]
[44034,"TE HORIZONTAL 90 GRAUS, PARA ELETROCALHA, EM CHAPA DE ACO GALVANIZADO, ESPESSURA #18, 400 X 50 MM (L X A), SEM VIROLA, SEM TAMPA","UN","CR"]
[44028,"TE HORIZONTAL 90 GRAUS, PARA ELETROCALHA, EM CHAPA DE ACO GALVANIZADO, ESPESSURA #22, 100 X 50 MM (L X A), SEM VIROLA, SEM TAMPA","UN","CR"]
[44029,"TE HORIZONTAL 90 GRAUS, PARA ELETROCALHA, EM CHAPA DE ACO GALVANIZADO, ESPESSURA #22, 125 X 50 MM (L X A), SEM VIROLA, SEM TAMPA","UN","CR"]
[44030,"TE HORIZONTAL 90 GRAUS, PARA ELETROCALHA, EM CHAPA DE ACO GALVANIZADO, ESPESSURA #22, 150 X 50 MM (L X A), SEM VIROLA, SEM TAMPA","UN","CR"]
[44031,"TE HORIZONTAL 90 GRAUS, PARA ELETROCALHA, EM CHAPA DE ACO GALVANIZADO, ESPESSURA #22, 200 X 50 MM (L X A), SEM VIROLA, SEM TAMPA","UN","CR"]
[44032,"TE HORIZONTAL 90 GRAUS, PARA ELETROCALHA, EM CHAPA DE ACO GALVANIZADO, ESPESSURA #22, 250 X 50 MM (L X A), SEM VIROLA, SEM TAMPA","UN","CR"]
[44036,"TE HORIZONTAL 90 GRAUS, PARA ELETROCALHA, EM CHAPA DE ACO GALVANIZADO, ESPESSURA #22, 50 X 50 MM (L X A), SEM VIROLA, SEM TAMPA","UN","CR"]
[44039,"TE HORIZONTAL 90 GRAUS, PARA ELETROCALHA, EM CHAPA DE ACO GALVANIZADO, ESPESSURA #22, 75 X 50 MM (L X A), SEM VIROLA, SEM TAMPA","UN","CR"]
[38873,"TE METALICO, PARA CONEXAO COM ANEL DESLIZANTE, DN 16 MM, EM TUBO PEX PARA INST. AGUA QUENTE/FRIA","UN","CR"]
[38874,"TE METALICO, PARA CONEXAO COM ANEL DESLIZANTE, DN 20 MM, EM TUBO PEX PARA INST. AGUA QUENTE/FRIA","UN","CR"]
[38875,"TE METALICO, PARA CONEXAO COM ANEL DESLIZANTE, DN 25 MM, EM TUBO PEX PARA INST. AGUA QUENTE/FRIA","UN","CR"]
[38876,"TE METALICO, PARA CONEXAO COM ANEL DESLIZANTE, DN 32 MM, EM TUBO PEX PARA INST. AGUA QUENTE/FRIA","UN","CR"]
[39000,"TE MISTURADOR COM INSERTO METALICO, FEMEA, PPR, DN 25 MM X 3/4\", PARA AGUA QUENTE E FRIA PREDIAL","UN","CR"]
[38674,"TE MISTURADOR DE TRANSICAO, CPVC, COM ROSCA, 22 MM X 3/4\", PARA AGUA QUENTE","UN","CR"]
[38019,"TE MISTURADOR, CPVC, SOLDAVEL, 15 MM, PARA AGUA QUENTE","UN","CR"]
[38020,"TE MISTURADOR, CPVC, SOLDAVEL, 22 MM, PARA AGUA QUENTE","UN","CR"]
[38454,"TE MISTURADOR, PPR, F/M/M, DN 20 X 20 MM, PARA AGUA QUENTE PREDIAL","UN","CR"]
[38455,"TE MISTURADOR, PPR, F/M/M, DN 25 X 25 MM, PARA AGUA QUENTE PREDIAL","UN","CR"]
[38462,"TE NORMAL, PPR, F/F/F, SOLDAVEL, 90 GRAUS, DN 110 X 110 X 110 MM, PARA AGUA QUENTE PREDIAL","UN","CR"]
[36362,"TE NORMAL, PPR, F/F/F, SOLDAVEL, 90 GRAUS, DN 20 X 20 X 20 MM, PARA AGUA QUENTE PREDIAL","UN","CR"]
[36298,"TE NORMAL, PPR, F/F/F, SOLDAVEL, 90 GRAUS, DN 25 X 25 X 25 MM, PARA AGUA QUENTE PREDIAL","UN","CR"]
[38456,"TE NORMAL, PPR, F/F/F, SOLDAVEL, 90 GRAUS, DN 32 X 32 X 32 MM, PARA AGUA QUENTE PREDIAL","UN","CR"]
[38457,"TE NORMAL, PPR, F/F/F, SOLDAVEL, 90 GRAUS, DN 40 X 40 X 40 MM, PARA AGUA QUENTE PREDIAL","UN","CR"]
[38458,"TE NORMAL, PPR, F/F/F, SOLDAVEL, 90 GRAUS, DN 50 X 50 X 50 MM, PARA AGUA QUENTE PREDIAL","UN","CR"]
[38459,"TE NORMAL, PPR, F/F/F, SOLDAVEL, 90 GRAUS, DN 63 X 63 X 63 MM, PARA AGUA QUENTE PREDIAL","UN","CR"]
[38460,"TE NORMAL, PPR, F/F/F, SOLDAVEL, 90 GRAUS, DN 75 X 75 X 75 MM, PARA AGUA QUENTE PREDIAL","UN","CR"]
[38461,"TE NORMAL, PPR, F/F/F, SOLDAVEL, 90 GRAUS, DN 90 X 90 X 90 MM, PARA AGUA QUENTE PREDIAL","UN","CR"]
[7094,"TE PVC ROSCAVEL 90 GRAUS, 1\", PARA AGUA FRIA PREDIAL","UN","CR",12.58]
[7116,"TE PVC SOLDAVEL, BBB, 90 GRAUS, DN 40 MM, PARA ESGOTO SECUNDARIO PREDIAL","UN","CR",3.6]
[7118,"TE PVC, ROSCAVEL, 90 GRAUS, 1 1/2\", AGUA FRIA PREDIAL","UN","CR",25.87]
[7098,"TE PVC, ROSCAVEL, 90 GRAUS, 1/2\", AGUA FRIA PREDIAL","UN","CR",3.84]
[7110,"TE PVC, ROSCAVEL, 90 GRAUS, 2\", AGUA FRIA PREDIAL","UN","CR",49.19]
[7123,"TE PVC, ROSCAVEL, 90 GRAUS, 3/4\", AGUA FRIA PREDIAL","UN","CR",4.6500000000000004]
[7121,"TE PVC, SOLDAVEL, COM BUCHA DE LATAO NA BOLSA CENTRAL, 90 GRAUS, 20 MM X 1/2\", PARA AGUA FRIA PREDIAL","UN","CR",9.1999999999999993]
[7137,"TE PVC, SOLDAVEL, COM BUCHA DE LATAO NA BOLSA CENTRAL, 90 GRAUS, 25 MM X 1/2\", PARA AGUA FRIA PREDIAL","UN","CR",10.050000000000001]
[7122,"TE PVC, SOLDAVEL, COM BUCHA DE LATAO NA BOLSA CENTRAL, 90 GRAUS, 25 MM X 3/4\", PARA AGUA FRIA PREDIAL","UN","CR",11.06]
[7114,"TE PVC, SOLDAVEL, COM BUCHA DE LATAO NA BOLSA CENTRAL, 90 GRAUS, 32 MM X 3/4\", PARA AGUA FRIA PREDIAL","UN","CR",12.86]
[7109,"TE PVC, SOLDAVEL, COM ROSCA NA BOLSA CENTRAL, 90 GRAUS, 20 MM X 1/2\", PARA AGUA FRIA PREDIAL","UN","CR",2.5499999999999998]
[7135,"TE PVC, SOLDAVEL, COM ROSCA NA BOLSA CENTRAL, 90 GRAUS, 25 MM X 1/2\", PARA AGUA FRIA PREDIAL","UN","CR",5.22]
[37947,"TE PVC, SOLDAVEL, COM ROSCA NA BOLSA CENTRAL, 90 GRAUS, 25 MM X 3/4\", PARA AGUA FRIA PREDIAL","UN","CR",4.24]
[7103,"TE PVC, SOLDAVEL, COM ROSCA NA BOLSA CENTRAL, 90 GRAUS, 32 MM X 3/4\", PARA AGUA FRIA PREDIAL","UN","CR",13.83]
[40419,"TE RANHURADO EM FERRO FUNDIDO, DN 50 (2\")","UN","CR"]
[40420,"TE RANHURADO EM FERRO FUNDIDO, DN 65 (2 1/2\")","UN","CR"]
[40421,"TE RANHURADO EM FERRO FUNDIDO, DN 80 (3\")","UN","CR"]
[38905,"TE ROSCA FEMEA, METALICO, PARA CONEXAO COM ANEL DESLIZANTE, DN 16 MM X 1/2\", EM TUBO PEX PARA INST. AGUA QUENTE/FRIA","UN","CR"]
[38907,"TE ROSCA FEMEA, METALICO, PARA CONEXAO COM ANEL DESLIZANTE, DN 20 MM X 1/2\", EM TUBO PEX PARA INST. AGUA QUENTE/FRIA","UN","CR"]
[38910,"TE ROSCA FEMEA, METALICO, PARA CONEXAO COM ANEL DESLIZANTE, DN 25 MM X 3/4\", EM TUBO PEX PARA INST. AGUA QUENTE/FRIA","UN","CR"]
[11655,"TE SANITARIO DE REDUCAO, PVC, DN 100 X 50 MM, SERIE NORMAL, PARA ESGOTO PREDIAL","UN","CR",16.670000000000002]
[11656,"TE SANITARIO DE REDUCAO, PVC, DN 100 X 75 MM, SERIE NORMAL PARA ESGOTO PREDIAL","UN","CR",19.14]
[7091,"TE SANITARIO, PVC, DN 100 X 100 MM, SERIE NORMAL, PARA ESGOTO PREDIAL","UN","CR",15.68]
[37948,"TE SANITARIO, PVC, DN 40 X 40 MM, SERIE NORMAL, PARA ESGOTO PREDIAL","UN","CR",3.63]
[7097,"TE SANITARIO, PVC, DN 50 X 50 MM, SERIE NORMAL, PARA ESGOTO PREDIAL","UN","CR",7.36]
[11658,"TE SANITARIO, PVC, DN 75 X 75 MM, SERIE NORMAL PARA ESGOTO PREDIAL","UN","CR",16.28]
[7146,"TE SOLDAVEL, PVC, 90 GRAUS, 110 MM, PARA AGUA FRIA PREDIAL (NBR 5648)","UN","CR",168.36]
[7138,"TE SOLDAVEL, PVC, 90 GRAUS, 20 MM, PARA AGUA FRIA PREDIAL (NBR 5648)","UN","CR",1.06]
[7139,"TE SOLDAVEL, PVC, 90 GRAUS, 25 MM, PARA AGUA FRIA PREDIAL (NBR 5648)","UN","CR",1.21]
[7140,"TE SOLDAVEL, PVC, 90 GRAUS, 32 MM, PARA AGUA FRIA PREDIAL (NBR 5648)","UN","CR",3.79]
[7141,"TE SOLDAVEL, PVC, 90 GRAUS, 40 MM, PARA AGUA FRIA PREDIAL (NBR 5648)","UN","CR",9.26]
[7143,"TE SOLDAVEL, PVC, 90 GRAUS, 60 MM, PARA AGUA FRIA PREDIAL (NBR 5648)","UN","CR",31.08]
[7144,"TE SOLDAVEL, PVC, 90 GRAUS, 75 MM, PARA AGUA FRIA PREDIAL (NBR 5648)","UN","CR",57.66]
[7145,"TE SOLDAVEL, PVC, 90 GRAUS, 85 MM, PARA AGUA FRIA PREDIAL (NBR 5648)","UN","CR",78.41]
[7142,"TE SOLDAVEL, PVC, 90 GRAUS,50 MM, PARA AGUA FRIA PREDIAL (NBR 5648)","UN","CR",9.68]
[39322,"TE, PLASTICO, DN 16 MM, PARA CONEXAO COM CRIMPAGEM, EM TUBO PEX PARA INST. AGUA QUENTE/FRIA","UN","CR"]
[39289,"TE, PLASTICO, DN 20 MM, PARA CONEXAO COM CRIMPAGEM, EM TUBO PEX PARA INST. AGUA QUENTE/FRIA","UN","CR"]
[39290,"TE, PLASTICO, DN 25 MM, PARA CONEXAO COM CRIMPAGEM, EM TUBO PEX PARA INST. AGUA QUENTE/FRIA","UN","CR"]
[39291,"TE, PLASTICO, DN 32 MM, PARA CONEXAO COM CRIMPAGEM, EM TUBO PEX PARA INST. AGUA QUENTE/FRIA","UN","CR"]
[41892,"TE, PVC PBA, BBB, 90 GRAUS, DN 100 / DE 110 MM, PARA REDE DE AGUA","UN","CR",112.93]
[7048,"TE, PVC PBA, BBB, 90 GRAUS, DN 50 / DE 60 MM, PARA REDE DE AGUA","UN","CR",24.37]
[7088,"TE, PVC PBA, BBB, 90 GRAUS, DN 75 / DE 85 MM, PARA REDE DE AGUA","UN","CR",53.3]
[7070,"TE, PVC, 90 GRAUS, BBB, JE, DN 200 MM, PARA REDE COLETORA ESGOTO","UN","CR",201.74]
[20179,"TE, PVC, SERIE R, 100 X 100 MM, PARA ESGOTO PREDIAL","UN","CR",42.91]
[20178,"TE, PVC, SERIE R, 100 X 75 MM, PARA ESGOTO PREDIAL","UN","CR",51.43]
[20180,"TE, PVC, SERIE R, 150 X 100 MM, PARA ESGOTO PREDIAL","UN","CR",84.88]
[20181,"TE, PVC, SERIE R, 150 X 150 MM, PARA ESGOTO PREDIAL","UN","CR",113.65]
[20177,"TE, PVC, SERIE R, 75 X 75 MM, PARA ESGOTO PREDIAL","UN","CR",28.11]
[40945,"TECNICO DE EDIFICACOES (HORISTA)","H","CR",33.43]
[40946,"TECNICO DE EDIFICACOES (MENSALISTA)","MES","CR",5828.57]
[7153,"TECNICO EM LABORATORIO E CAMPO DE CONSTRUCAO CIVIL (HORISTA)","H","CR",29.86]
[41089,"TECNICO EM LABORATORIO E CAMPO DE CONSTRUCAO CIVIL (MENSALISTA)","MES","CR",5209.8500000000004]
[40943,"TECNICO EM SEGURANCA DO TRABALHO (HORISTA)","H","CR",29.04]
[40944,"TECNICO EM SEGURANCA DO TRABALHO (MENSALISTA)","MES","CR",5066.1499999999996]
[6175,"TECNICO EM SONDAGEM (HORISTA)","H","CR",35.85]
[41092,"TECNICO EM SONDAGEM (MENSALISTA)","MES","CR",6251.92]
[37712,"TELA ARAME GALVANIZADO REVESTIDO COM POLIMERO, MALHA HEXAGONAL DUPLA TORCAO, 8 X 10 CM (ZN/AL REVESTIDO COM POLIMERO), FIO *2,4* MM","M2","CR",76.37]
[34558,"TELA DE ACO SOLDADA GALVANIZADA/ZINCADA PARA ALVENARIA, FIO D = *1,20 A 1,70* MM, MALHA 15 X 15 MM, (C X L) *50 X 10,5* CM","M","CR",3.54]
[34547,"TELA DE ACO SOLDADA GALVANIZADA/ZINCADA PARA ALVENARIA, FIO D = *1,20 A 1,70* MM, MALHA 15 X 15 MM, (C X L) *50 X 12* CM","M","CR",4.3600000000000003]
[34548,"TELA DE ACO SOLDADA GALVANIZADA/ZINCADA PARA ALVENARIA, FIO D = *1,20 A 1,70* MM, MALHA 15 X 15 MM, (C X L) *50 X 17,5* CM","M","CR",7.15]
[34550,"TELA DE ACO SOLDADA GALVANIZADA/ZINCADA PARA ALVENARIA, FIO D = *1,20 A 1,70* MM, MALHA 15 X 15 MM, (C X L) *50 X 6* CM","M","CR",1.88]
[34557,"TELA DE ACO SOLDADA GALVANIZADA/ZINCADA PARA ALVENARIA, FIO D = *1,20 A 1,70* MM, MALHA 15 X 15 MM, (C X L) *50 X 7,5* CM","M","CR",2.76]
[37411,"TELA DE ACO SOLDADA GALVANIZADA/ZINCADA PARA ALVENARIA, FIO D = *1,24 MM, MALHA 25 X 25 MM","M2","CR",20.190000000000001]
[39508,"TELA DE ACO SOLDADA NERVURADA, CA-60, L-159, (1,69 KG/M2), DIAMETRO DO FIO = 4,5 MM, LARGURA = 2,45 M, ESPACAMENTO DA MALHA = 30 X 10 CM","M2","CR",11.34]
[39507,"TELA DE ACO SOLDADA NERVURADA, CA-60, Q-113, (1,8 KG/M2), DIAMETRO DO FIO = 3,8 MM, LARGURA = 2,45 M, ESPACAMENTO DA MALHA = 10 X 10 CM","M2","CR",16.920000000000002]
[7155,"TELA DE ACO SOLDADA NERVURADA, CA-60, Q-138, (2,20 KG/M2), DIAMETRO DO FIO = 4,2 MM, LARGURA = 2,45 M, ESPACAMENTO DA MALHA = 10 X 10 CM","M2","CR",21.72]
[42406,"TELA DE ACO SOLDADA NERVURADA, CA-60, Q-159, (2,52 KG/M2), DIAMETRO DO FIO = 4,5 MM, LARGURA = 2,45 M, ESPACAMENTO DA MALHA = 10 X 10 CM","M2","CR",24.9]
[7156,"TELA DE ACO SOLDADA NERVURADA, CA-60, Q-196, (3,11 KG/M2), DIAMETRO DO FIO = 5,0 MM, LARGURA = 2,45 M, ESPACAMENTO DA MALHA = 10 X 10 CM","M2","C",31.16]
[43127,"TELA DE ACO SOLDADA NERVURADA, CA-60, Q-283 (4,48 KG/M2), DIAMETRO DO FIO = 6,0 MM, LARGURA = 2,45 X 6,00 M DE COMPRIMENTO, ESPACAMENTO DA MALHA = 10 X 10 CM","M2","CR",44.59]
[10917,"TELA DE ACO SOLDADA NERVURADA, CA-60, Q-61, (0,97 KG/M2), DIAMETRO DO FIO = 3,4 MM, LARGURA = 2,45 M, ESPACAMENTO DA MALHA = 15 X 15 CM","M2","CR",9.41]
[21141,"TELA DE ACO SOLDADA NERVURADA, CA-60, Q-92, (1,48 KG/M2), DIAMETRO DO FIO = 4,2 MM, LARGURA = 2,45 X 60 M DE COMPRIMENTO, ESPACAMENTO DA MALHA = 15 X 15 CM","M2","CR",14.57]
[39509,"TELA DE ACO SOLDADA NERVURADA, CA-60, T-196, (2,11 KG/M2), DIAMETRO DO FIO = 5,0 MM, LARGURA = 2,45 M, ESPACAMENTO DA MALHA = 30 X 10 CM","M2","CR",14.02]
[44529,"TELA DE ANIAGEM (JUTA)","M2","CR"]
[7167,"TELA DE ARAME GALVANIZADA QUADRANGULAR / LOSANGULAR, FIO 2,11 MM (14 BWG), MALHA 5 X 5 CM, H = 2 M","M2","CR"]
[10928,"TELA DE ARAME GALVANIZADA QUADRANGULAR / LOSANGULAR, FIO 2,11 MM (14 BWG), MALHA 8 X 8 CM, H = 2 M","M2","CR"]
[10933,"TELA DE ARAME GALVANIZADA QUADRANGULAR / LOSANGULAR, FIO 2,77 MM (12 BWG), MALHA 10 X 10 CM, H = 2 M","M2","CR"]
[7158,"TELA DE ARAME GALVANIZADA QUADRANGULAR / LOSANGULAR, FIO 2,77 MM (12 BWG), MALHA 5 X 5 CM, H = 2 M","M2","C"]
[10927,"TELA DE ARAME GALVANIZADA QUADRANGULAR / LOSANGULAR, FIO 2,77 MM (12 BWG), MALHA 8 X 8 CM, H = 2 M","M2","CR"]
[7162,"TELA DE ARAME GALVANIZADA QUADRANGULAR / LOSANGULAR, FIO 3,4 MM (10 BWG), MALHA 5 X 5 CM, H = 2 M","M2","CR"]
[10932,"TELA DE ARAME GALVANIZADA QUADRANGULAR / LOSANGULAR, FIO 4,19 MM (8 BWG), MALHA 5 X 5 CM, H = 2 M","M2","CR"]
[10937,"TELA DE ARAME GALVANIZADA REVESTIDA EM PVC, QUADRANGULAR / LOSANGULAR, FIO 2,11 MM (14 BWG), BITOLA FINAL = *2,8* MM, MALHA *8 X 8* CM, H = 2 M","M2","CR"]
[10935,"TELA DE ARAME GALVANIZADA REVESTIDA EM PVC, QUADRANGULAR / LOSANGULAR, FIO 2,77 MM (12 BWG), BITOLA FINAL = *3,8* MM, MALHA 7,5 X 7,5 CM, H = 2 M","M2","CR"]
[10931,"TELA DE ARAME GALVANIZADA, HEXAGONAL, FIO 0,56 MM (24 BWG), MALHA 1/2\", H = 1 M","M2","CR"]
[7164,"TELA DE ARAME ONDULADA, FIO *2,77* MM (12 BWG), MALHA 5 X 5 CM, H = 2 M","M2","CR"]
[36887,"TELA DE FIBRA DE VIDRO, ACABAMENTO ANTI-ALCALINO, MALHA 10 X 10 MM","M2","CR",10.87]
[34630,"TELA EM MALHA HEXAGONAL DE DUPLA TORCAO 8 X 10 CM (ZN/AL REVESTIDO COM POLIMERO), FIO 2,7 MM, COM GEOMANTA OU BIOMANTA, DIMENSOES 4,0 X 2,0 X 0,6 M, COM INCLINACAO DE 70 GRAUS, PARA SOLO REFORCADO","UN","CR",1241.2]
[7161,"TELA EM METAL PARA ESTUQUE (DEPLOYE)","M2","CR"]
[7170,"TELA FACHADEIRA EM POLIETILENO, ROLO DE 3 X 100 M (L X C), COR BRANCA, SEM LOGOMARCA - PARA PROTECAO DE OBRAS","M2","CR",2.62]
[37524,"TELA PLASTICA LARANJA, TIPO TAPUME PARA SINALIZACAO, MALHA RETANGULAR, ROLO 1.20 X 50 M (L X C)","M","C",2.4]
[37525,"TELA PLASTICA TECIDA LISTRADA BRANCA E LARANJA, TIPO GUARDA CORPO, EM POLIETILENO MONOFILADO, ROLO 1,20 X 50 M (L X C)","M","CR",3.28]
[36789,"TELHA CERAMICA TIPO AMERICANA, COMPRIMENTO DE *45* CM, RENDIMENTO DE *12* TELHAS/M2","UN","CR",1.39]
[7173,"TELHA DE BARRO / CERAMICA, NAO ESMALTADA, TIPO COLONIAL, CANAL, PLAN, PAULISTA, COMPRIMENTO DE *44 A 50* CM, RENDIMENTO DE COBERTURA DE *26* TELHAS/M2","MIL","C",900]
[7175,"TELHA DE BARRO / CERAMICA, NAO ESMALTADA, TIPO ROMANA, AMERICANA, PORTUGUESA, FRANCESA, COMPRIMENTO DE *41* CM, RENDIMENTO DE *16* TELHAS/M2","UN","CR",1.01]
[40741,"TELHA DE CONCRETO TIPO CLASSICA, COR CINZA, COMPRIMENTO DE *42* CM, RENDIMENTO DE *10* TELHAS/M2","UN","CR",2.8]
[7184,"TELHA DE FIBRA DE VIDRO ONDULADA, TRANSLUCIDA / INCOLOR, E = *0,6* MM, DE *0,50 X 2,44* M (L X C)","M2","C"]
[34458,"TELHA DE FIBROCIMENTO E = 6 MM, DE 3,00 X 1,06 M (SEM AMIANTO)","UN","CR",217.75]
[34464,"TELHA DE FIBROCIMENTO E = 6 MM, DE 4,10 X 1,06 M (SEM AMIANTO)","UN","CR",324.14]
[34468,"TELHA DE FIBROCIMENTO E = 6 MM, DE 4,60 X 1,06 M (SEM AMIANTO)","UN","CR",408.65]
[34473,"TELHA DE FIBROCIMENTO E = 8 MM, DE 3,00 X 1,06 M (SEM AMIANTO)","UN","CR",247.9]
[34480,"TELHA DE FIBROCIMENTO E = 8 MM, DE 4,10 X 1,06 M (SEM AMIANTO)","UN","CR",458.12]
[34486,"TELHA DE FIBROCIMENTO E = 8 MM, DE 4,60 X 1,06 M (SEM AMIANTO)","UN","CR",542.4]
[7190,"TELHA DE FIBROCIMENTO ONDULADA E = 4 MM, DE 1,22 X 0,50 M (SEM AMIANTO)","UN","CR",18.11]
[34417,"TELHA DE FIBROCIMENTO ONDULADA E = 4 MM, DE 2,13 X 0,50 M (SEM AMIANTO)","UN","CR",28.98]
[7213,"TELHA DE FIBROCIMENTO ONDULADA E = 4 MM, DE 2,44 X 0,50 M (SEM AMIANTO)","M2","CR",26.58]
[7195,"TELHA DE FIBROCIMENTO ONDULADA E = 6 MM, DE 1,53 X 1,10 M (SEM AMIANTO)","UN","CR",78.03]
[7186,"TELHA DE FIBROCIMENTO ONDULADA E = 6 MM, DE 1,83 X 1,10 M (SEM AMIANTO)","UN","C",85]
[7194,"TELHA DE FIBROCIMENTO ONDULADA E = 6 MM, DE 2,44 X 1,10 M (SEM AMIANTO)","M2","CR",39.19]
[7197,"TELHA DE FIBROCIMENTO ONDULADA E = 6 MM, DE 3,66 X 1,10 M (SEM AMIANTO)","UN","CR",165.41]
[7192,"TELHA DE FIBROCIMENTO ONDULADA E = 8 MM, DE 1,53 X 1,10 M (SEM AMIANTO)","UN","CR",148.19]
[7193,"TELHA DE FIBROCIMENTO ONDULADA E = 8 MM, DE 1,83 X 1,10 M (SEM AMIANTO)","UN","CR",166.84]
[7189,"TELHA DE FIBROCIMENTO ONDULADA E = 8 MM, DE 2,44 X 1,10 M (SEM AMIANTO)","UN","CR",193.89]
[34402,"TELHA DE FIBROCIMENTO ONDULADA E = 8 MM, DE 3,66 X 1,10 M (SEM AMIANTO)","UN","CR",273.74]
[7245,"TELHA DE VIDRO TIPO FRANCESA, *39 X 23* CM","UN","CR",46.71]
[34425,"TELHA ESTRUTURAL DE FIBROCIMENTO 1 ABA, DE 0,52 X 2,00 M (SEM AMIANTO)","UN","CR",175.85]
[7223,"TELHA ESTRUTURAL DE FIBROCIMENTO 1 ABA, DE 0,52 X 2,50 M (SEM AMIANTO)","UN","CR",195.96]
[7234,"TELHA ESTRUTURAL DE FIBROCIMENTO 1 ABA, DE 0,52 X 3,60 M (SEM AMIANTO)","UN","CR",295.70999999999998]
[7224,"TELHA ESTRUTURAL DE FIBROCIMENTO 1 ABA, DE 0,52 X 4,00 M (SEM AMIANTO)","UN","CR",360.25]
[7225,"TELHA ESTRUTURAL DE FIBROCIMENTO 1 ABA, DE 0,52 X 5,00 M (SEM AMIANTO)","UN","CR",386.28]
[7226,"TELHA ESTRUTURAL DE FIBROCIMENTO 1 ABA, DE 0,52 X 5,50 M (SEM AMIANTO)","UN","CR",412.21]
[7227,"TELHA ESTRUTURAL DE FIBROCIMENTO 1 ABA, DE 0,52 X 6,50 M (SEM AMIANTO)","UN","CR",469.21]
[7212,"TELHA ESTRUTURAL DE FIBROCIMENTO 1 ABA, DE 0,52 X 7,20 M (SEM AMIANTO)","UN","CR",515.54]
[7229,"TELHA ESTRUTURAL DE FIBROCIMENTO 2 ABAS, DE 1,00 X 3,00 M (SEM AMIANTO)","UN","CR",326.79000000000002]
[7230,"TELHA ESTRUTURAL DE FIBROCIMENTO 2 ABAS, DE 1,00 X 4,60 M (SEM AMIANTO)","UN","CR",544.03]
[7231,"TELHA ESTRUTURAL DE FIBROCIMENTO 2 ABAS, DE 1,00 X 6,00 M (SEM AMIANTO)","UN","CR",771.76]
[7220,"TELHA ESTRUTURAL DE FIBROCIMENTO 2 ABAS, DE 1,00 X 7,40 M (SEM AMIANTO)","UN","CR",952.66]
[34447,"TELHA ESTRUTURAL DE FIBROCIMENTO 2 ABAS, DE 1,00 X 8,20 M (SEM AMIANTO)","UN","CR",1065.21]
[7233,"TELHA ESTRUTURAL DE FIBROCIMENTO 2 ABAS, DE 1,00 X 9,20 M (SEM AMIANTO)","UN","CR",1221.96]
[40740,"TELHA GALVALUME COM ISOLAMENTO TERMOACUSTICO EM ESPUMA RIGIDA DE POLIURETANO (PU) INJETADO, ESPESSURA DE 30 MM, DENSIDADE DE 35 KG/M3, REVESTIMENTO EM TELHA TRAPEZOIDAL NAS DUAS FACES COM ESPESSURA DE 0,50 MM CADA, ACABAMENTO NATURAL (NAO INCLUI ACESSORIOS DE FIXACAO)","M2","CR"]
[25007,"TELHA ONDULADA EM ACO ZINCADO, ALTURA DE 17 MM, ESPESSURA DE 0,50 MM, LARGURA UTIL DE APROXIMADAMENTE 985 MM, SEM PINTURA","M2","C"]
[43071,"TELHA TERMOISOLANTE REVESTIDA EM ACO GALVALUME, FACE SUPERIOR TRAPEZOIDAL E FACE INFERIOR PLANA (NAO INCLUI ACESSORIOS DE FIXACAO), REVEST COM ESPESSURA DE 0,50 MM, COM PRE-PINTURA DE COR BRANCA NAS DUAS FACES, NUCLEO EM POLIISOCIANURATO (PIR) COM ESPESSURA DE 50 MM","M2","CR"]
[39520,"TELHA TERMOISOLANTE REVESTIDA EM ACO GALVANIZADO, FACE SUPERIOR EM TELHA TRAPEZOIDAL E FACE INFERIOR EM CHAPA PLANA (SEM ACESSORIOS DE FIXACAO), REVESTIMENTO COM ESPESSURA DE 0,50 MM COM PRE-PINTURA NAS DUAS FACES, NUCLEO EM POLIESTIRENO (EPS) DE 30 MM","M2","CR"]
[39521,"TELHA TERMOISOLANTE REVESTIDA EM ACO GALVANIZADO, FACE SUPERIOR EM TELHA TRAPEZOIDAL E FACE INFERIOR EM CHAPA PLANA (SEM ACESSORIOS DE FIXACAO), REVESTIMENTO COM ESPESSURA DE 0,50 MM COM PRE-PINTURA NAS DUAS FACES, NUCLEO EM POLIESTIRENO (EPS) DE 50 MM","M2","CR"]
[39522,"TELHA TERMOISOLANTE REVESTIDA EM ACO GALVANIZADO, FACES SUPERIOR E INFERIOR EM TELHA TRAPEZOIDAL (SEM ACESSORIOS DE FIXACAO), REVESTIMENTO COM ESPESSURA DE 0,50 MM COM PRE-PINTURA NAS DUAS FACES, NUCLEO EM POLIESTIRENO (EPS) DE 50 MM","M2","CR"]
[7243,"TELHA TRAPEZOIDAL EM ACO ZINCADO, SEM PINTURA, ALTURA DE APROXIMADAMENTE 40 MM, ESPESSURA DE 0,50 MM E LARGURA UTIL DE 980 MM","M2","CR"]
[7246,"TELHA VIDRO TIPO CANAL OU COLONIAL, C = 46 A 50 CM","UN","CR",51.58]
[12869,"TELHADOR / TELHADISTA (HORISTA)","H","CR",20.010000000000002]
[41097,"TELHADOR / TELHADISTA (MENSALISTA)","MES","CR",3491.9]
[1574,"TERMINAL A COMPRESSAO EM COBRE ESTANHADO PARA CABO 10 MM2, 1 FURO E 1 COMPRESSAO, PARA PARAFUSO DE FIXACAO M6","UN","CR",1.84]
[1581,"TERMINAL A COMPRESSAO EM COBRE ESTANHADO PARA CABO 120 MM2, 1 FURO E 1 COMPRESSAO, PARA PARAFUSO DE FIXACAO M12","UN","CR",12.8]
[1575,"TERMINAL A COMPRESSAO EM COBRE ESTANHADO PARA CABO 16 MM2, 1 FURO E 1 COMPRESSAO, PARA PARAFUSO DE FIXACAO M6","UN","CR",2.19]
[1570,"TERMINAL A COMPRESSAO EM COBRE ESTANHADO PARA CABO 2,5 MM2, 1 FURO E 1 COMPRESSAO, PARA PARAFUSO DE FIXACAO M5","UN","CR",1.1000000000000001]
[1576,"TERMINAL A COMPRESSAO EM COBRE ESTANHADO PARA CABO 25 MM2, 1 FURO E 1 COMPRESSAO, PARA PARAFUSO DE FIXACAO M8","UN","CR",3.03]
[1577,"TERMINAL A COMPRESSAO EM COBRE ESTANHADO PARA CABO 35 MM2, 1 FURO E 1 COMPRESSAO, PARA PARAFUSO DE FIXACAO M8","UN","CR",3.42]
[1571,"TERMINAL A COMPRESSAO EM COBRE ESTANHADO PARA CABO 4 MM2, 1 FURO E 1 COMPRESSAO, PARA PARAFUSO DE FIXACAO M5","UN","CR",1.43]
[1578,"TERMINAL A COMPRESSAO EM COBRE ESTANHADO PARA CABO 50 MM2, 1 FURO E 1 COMPRESSAO, PARA PARAFUSO DE FIXACAO M8","UN","CR",5.93]
[1573,"TERMINAL A COMPRESSAO EM COBRE ESTANHADO PARA CABO 6 MM2, 1 FURO E 1 COMPRESSAO, PARA PARAFUSO DE FIXACAO M6","UN","CR",1.71]
[1579,"TERMINAL A COMPRESSAO EM COBRE ESTANHADO PARA CABO 70 MM2, 1 FURO E 1 COMPRESSAO, PARA PARAFUSO DE FIXACAO M10","UN","CR",7.39]
[1580,"TERMINAL A COMPRESSAO EM COBRE ESTANHADO PARA CABO 95 MM2, 1 FURO E 1 COMPRESSAO, PARA PARAFUSO DE FIXACAO M12","UN","CR",9.1]
[39321,"TERMINAL DE VENTILACAO, 100 MM, SERIE NORMAL, ESGOTO PREDIAL","UN","CR",21.5]
[39319,"TERMINAL DE VENTILACAO, 50 MM, SERIE NORMAL, ESGOTO PREDIAL","UN","CR",8.9499999999999993]
[39320,"TERMINAL DE VENTILACAO, 75 MM, SERIE NORMAL, ESGOTO PREDIAL","UN","CR",17.2]
[1542,"TERMINAL METALICO A PRESSAO 1 CABO, PARA CABOS DE 4 A 10 MM2, COM 2 FUROS PARA FIXACAO","UN","CR",25.22]
[1591,"TERMINAL METALICO A PRESSAO PARA 1 CABO DE 120 MM2, COM 1 FURO DE FIXACAO","UN","CR",28.23]
[1547,"TERMINAL METALICO A PRESSAO PARA 1 CABO DE 150 A 185 MM2, COM 2 FUROS PARA FIXACAO","UN","CR",147.91]
[38196,"TERMINAL METALICO A PRESSAO PARA 1 CABO DE 150 MM2, COM 1 FURO DE FIXACAO","UN","CR",28.8]
[1543,"TERMINAL METALICO A PRESSAO PARA 1 CABO DE 16 A 25 MM2, COM 2 FUROS PARA FIXACAO","UN","CR",30.61]
[1585,"TERMINAL METALICO A PRESSAO PARA 1 CABO DE 16 MM2, COM 1 FURO DE FIXACAO","UN","CR",5.93]
[1593,"TERMINAL METALICO A PRESSAO PARA 1 CABO DE 185 MM2, COM 1 FURO DE FIXACAO","UN","CR",31.48]
[11838,"TERMINAL METALICO A PRESSAO PARA 1 CABO DE 240 MM2, COM 1 FURO DE FIXACAO","UN","CR",41.54]
[1594,"TERMINAL METALICO A PRESSAO PARA 1 CABO DE 25 A 35 MM2, COM 2 FUROS PARA FIXACAO","UN","CR",42]
[1586,"TERMINAL METALICO A PRESSAO PARA 1 CABO DE 25 MM2, COM 1 FURO DE FIXACAO","UN","CR",7.5]
[11839,"TERMINAL METALICO A PRESSAO PARA 1 CABO DE 300 MM2, COM 1 FURO DE FIXACAO","UN","CR",60.44]
[1587,"TERMINAL METALICO A PRESSAO PARA 1 CABO DE 35 MM2, COM 1 FURO DE FIXACAO","UN","CR",7.64]
[1545,"TERMINAL METALICO A PRESSAO PARA 1 CABO DE 50 A 70 MM2, COM 2 FUROS PARA FIXACAO","UN","CR",72.53]
[1588,"TERMINAL METALICO A PRESSAO PARA 1 CABO DE 50 MM2, COM 1 FURO DE FIXACAO","UN","CR",10.48]
[1535,"TERMINAL METALICO A PRESSAO PARA 1 CABO DE 6 A 10 MM2, COM 1 FURO DE FIXACAO","UN","CR",6.04]
[1589,"TERMINAL METALICO A PRESSAO PARA 1 CABO DE 70 MM2, COM 1 FURO DE FIXACAO","UN","CR",10.81]
[1546,"TERMINAL METALICO A PRESSAO PARA 1 CABO DE 95 A 120 MM2, COM 2 FUROS PARA FIXACAO","UN","CR",122.39]
[1590,"TERMINAL METALICO A PRESSAO PARA 1 CABO DE 95 MM2, COM 1 FURO DE FIXACAO","UN","CR",19.04]
[38415,"TERMOFUSORA PARA TUBOS E CONEXOES EM PPR COM DIAMETROS DE 20 A 63 MM, POTENCIA DE 800 W, TENSAO 220 V","UN","CR"]
[38414,"TERMOFUSORA PARA TUBOS E CONEXOES EM PPR COM DIAMETROS DE 75 A 110 MM, POTENCIA DE *1100* W, TENSAO 220 V","UN","CR"]
[38128,"TERRA VEGETAL (ENSACADA)","KG","C",0.53]
[7253,"TERRA VEGETAL (GRANEL)","M3","CR",113.57]
[4806,"TESTEIRA ANTIDERRAPANTE PARA PISO VINILICO *5 X 2,5* CM, E = 2 MM","M","CR",27.45]
[34401,"TIJOLO CERAMICO LAMINADO DE *5,5 X 11 X 23* CM (L X A X C), COM 21 FUROS","UN","CR",1.92]
[7256,"TIJOLO CERAMICO MACICO APARENTE 2 FUROS DE *6,5 X 10 X 20* CM (L X A X C)","UN","CR",1.37]
[7260,"TIJOLO CERAMICO MACICO APARENTE DE *6 X 12 X 24* CM (L X A X C)","UN","CR",2.58]
[7258,"TIJOLO CERAMICO MACICO COMUM DE *5 X 10 X 20* CM (L X A X C)","UN","CR",0.67]
[34400,"TIJOLO CERAMICO REFRATARIO DE *2,5 X 11,4 X 22,9* CM (L X A X C)","UN","CR",5.32]
[10617,"TIJOLO CERAMICO REFRATARIO DE *6,3 X 11,4 X 22,9* CM (L X A X C)","UN","CR",6.86]
[44261,"TIL CONDOMINIAL, PVC, DN 100 X 100 MM, PARA REDE COLETORA DE ESGOTO","UN","CR",142.83000000000001]
[7274,"TIL PARA LIGACAO PREDIAL, EM PVC, JE, BBB, DN 100 X 100 MM, PARA REDE COLETORA ESGOTO","UN","CR",69.150000000000006]
[44326,"TIL RADIAL, PVC, JE, BBB, DN 300 X 200 MM, PARA REDE COLETORA DE ESGOTO (NBR 10.569)","UN","CR",1493.49]
[154,"TINTA / REVESTIMENTO A BASE DE RESINA EPOXI COM ALCATRAO, BICOMPONENTE","L","CR",97.54]
[38121,"TINTA A BASE DE RESINA ACRILICA EMULSIONADA EM AGUA, PARA SINALIZACAO HORIZONTAL VIARIA (NBR 13699:2012)","L","CR",21.06]
[43776,"TINTA A OLEO BRILHANTE, PARA MADEIRAS E METAIS","L","CR",29]
[7343,"TINTA ACRILICA A BASE DE SOLVENTE, PARA SINALIZACAO HORIZONTAL VIARIA (NBR 11862)","L","CR",30.99]
[7348,"TINTA ACRILICA PREMIUM PARA PISO","L","CR",23.43]
[7313,"TINTA ASFALTICA IMPERMEABILIZANTE DILUIDA EM SOLVENTE, PARA MATERIAIS CIMENTICIOS, METAL E MADEIRA","L","CR",25.97]
[7319,"TINTA ASFALTICA IMPERMEABILIZANTE DISPERSA EM AGUA, PARA MATERIAIS CIMENTICIOS","L","CR",14.86]
[7314,"TINTA BORRACHA CLORADA, ACABAMENTO SEMIBRILHO, QUALQUER COR","L","CR",73.63]
[7304,"TINTA EPOXI BASE AGUA PREMIUM, BRANCA","L","CR",85.95]
[43649,"TINTA ESMALTE BASE AGUA PREMIUM ACETINADO","L","CR",44.45]
[43650,"TINTA ESMALTE BASE AGUA PREMIUM BRILHANTE","L","CR",42.01]
[7311,"TINTA ESMALTE SINTETICO PREMIUM ACETINADO","L","CR",43.03]
[7292,"TINTA ESMALTE SINTETICO PREMIUM BRILHANTE","L","C",41.66]
[7293,"TINTA ESMALTE SINTETICO PREMIUM DE DUPLA ACAO GRAFITE FOSCO PARA SUPERFICIES METALICAS FERROSAS","L","CR",46.09]
[7306,"TINTA ESMALTE SINTETICO PREMIUM DE EFEITO PROTETOR DE SUPERFICIE METALICA ALUMINIO","L","CR",50.86]
[7288,"TINTA ESMALTE SINTETICO PREMIUM FOSCO","L","CR",42.23]
[43625,"TINTA ESMALTE SINTETICO STANDARD ACETINADO","L","CR",34.1]
[43647,"TINTA ESMALTE SINTETICO STANDARD BRILHANTE","L","CR",30.97]
[43648,"TINTA ESMALTE SINTETICO STANDARD FOSCO","L","CR",29.89]
[35693,"TINTA LATEX ACRILICA ECONOMICA, COR BRANCA","L","CR",14.57]
[7356,"TINTA LATEX ACRILICA PREMIUM, COR BRANCO FOSCO","L","C",34.94]
[35692,"TINTA LATEX ACRILICA STANDARD, COR BRANCA","L","CR",22.87]
[43624,"TINTA LATEX ACRILICA SUPER PREMIUM, COR BRANCO FOSCO","L","CR",42.59]
[7342,"TINTA MINERAL IMPERMEAVEL EM PO, BRANCA","KG","CR",2.85]
[7350,"TINTA/RESINA ACRILICA PREMIUM PARA CERAMICA, PEDRAS E OUTROS","L","CR",50.43]
[39574,"TIRANTE COM ELO, EM ARAME GALVANIZADO RIGIDO, NUMERO 10, COMPRIMENTO 2000 MM, PARA PENDURAL DE FORRO REMOVIVEL","UN","CR",5.88]
[11060,"TIRANTE EM FERRO GALVANIZADO PARA CONTRAVENTAMENTO DE TELHA CANALETE 90, 1/4\" X 400 MM","UN","CR",42.82]
[37401,"TOALHEIRO PLASTICO TIPO DISPENSER PARA PAPEL TOALHA INTERFOLHADO","UN","CR",61.21]
[38101,"TOMADA 2P+T 10A, 250V (APENAS MODULO)","UN","CR",11.06]
[7528,"TOMADA 2P+T 10A, 250V, CONJUNTO MONTADO PARA EMBUTIR 4\" X 2\" (PLACA + SUPORTE + MODULO)","UN","C",13]
[12147,"TOMADA 2P+T 10A, 250V, CONJUNTO MONTADO PARA SOBREPOR 4\" X 2\" (CAIXA + MODULO)","UN","CR",19.82]
[38075,"TOMADA 2P+T 20A 250V, CONJUNTO MONTADO PARA EMBUTIR 4\" X 2\" (PLACA + SUPORTE + MODULO)","UN","CR",22.52]
[38102,"TOMADA 2P+T 20A, 250V (APENAS MODULO)","UN","CR",14.15]
[7525,"TOMADA INDUSTRIAL DE EMBUTIR 3P+T 30 A, 440 V, COM TRAVA, COM PLACA","UN","CR",64.010000000000005]
[7524,"TOMADA INDUSTRIAL DE EMBUTIR 3P+T 30 A, 440 V, COM TRAVA, SEM PLACA","UN","CR",60.32]
[38105,"TOMADA PARA ANTENA DE TV, CABO COAXIAL DE 9 MM (APENAS MODULO)","UN","CR",15.49]
[38084,"TOMADA PARA ANTENA DE TV, CABO COAXIAL DE 9 MM, CONJUNTO MONTADO PARA EMBUTIR 4\" X 2\" (PLACA + SUPORTE + MODULO)","UN","CR",22.01]
[38103,"TOMADA RJ11, 2 FIOS (APENAS MODULO)","UN","CR",23.26]
[38082,"TOMADA RJ11, 2 FIOS, CONJUNTO MONTADO PARA EMBUTIR 4\" X 2\" (PLACA + SUPORTE + MODULO)","UN","CR",28.65]
[38104,"TOMADA RJ45, 8 FIOS, CAT 5E (APENAS MODULO)","UN","CR",45.54]
[38083,"TOMADA RJ45, 8 FIOS, CAT 5E, CONJUNTO MONTADO PARA EMBUTIR 4\" X 2\" (PLACA + SUPORTE + MODULO)","UN","CR",50.57]
[38076,"TOMADAS (2 MODULOS) 2P+T 10A, 250V, CONJUNTO MONTADO PARA EMBUTIR 4\" X 2\" (PLACA + SUPORTE + MODULOS)","UN","CR",25.24]
[7592,"TOPOGRAFO (HORISTA)","H","C",42.31]
[40820,"TOPOGRAFO (MENSALISTA)","MES","CR",7376.76]
[11826,"TORNEIRA DE BOIA BALAO METALICO, VAZAO TOTAL, PARA CAIXA D'AGUA, AGUA QUENTE, ROSCA 1/2\", COM HASTE, TORNEIRA E BALAO METALICOS","UN","CR",39.47]
[7606,"TORNEIRA DE BOIA BALAO METALICO, VAZAO TOTAL, PARA CAIXA D'AGUA, AGUA QUENTE, ROSCA 3/4\", COM HASTE, TORNEIRA E BALAO METALICOS","UN","CR",47.46]
[11825,"TORNEIRA DE BOIA CONVENCIONAL PARA CAIXA D'AGUA, 1\", AGUA FRIA, COM HASTE E TORNEIRA METALICOS E BALAO PLASTICO","UN","CR",49.93]
[11767,"TORNEIRA DE BOIA CONVENCIONAL PARA CAIXA D'AGUA, 2\", AGUA FRIA, COM HASTE E TORNEIRA METALICOS E BALAO PLASTICO","UN","CR",132.99]
[11763,"TORNEIRA DE BOIA CONVENCIONAL PARA CAIXA D'AGUA, AGUA FRIA, 1.1/2\", COM HASTE E TORNEIRA METALICOS E BALAO PLASTICO","UN","CR",103.65]
[11764,"TORNEIRA DE BOIA CONVENCIONAL PARA CAIXA D'AGUA, AGUA FRIA, 1.1/4\", COM HASTE E TORNEIRA METALICOS E BALAO PLASTICO","UN","CR",85.04]
[11829,"TORNEIRA DE BOIA CONVENCIONAL PARA CAIXA D'AGUA, AGUA FRIA, 1/2\", COM HASTE E TORNEIRA METALICOS E BALAO PLASTICO","UN","CR",20.55]
[11830,"TORNEIRA DE BOIA CONVENCIONAL PARA CAIXA D'AGUA, AGUA FRIA, 3/4\", COM HASTE E TORNEIRA METALICOS E BALAO PLASTICO","UN","CR",22.19]
[11765,"TORNEIRA DE BOIA VAZAO TOTAL PARA CAIXA D'AGUA, AGUA FRIA, BITOLA 1\", COM HASTE E TORNEIRA METALICOS E BALAO PLASTICO","UN","CR",56.67]
[11766,"TORNEIRA DE BOIA VAZAO TOTAL PARA CAIXA D'AGUA, AGUA FRIA, BITOLA 1/2\", COM HASTE E TORNEIRA METALICOS E BALAO PLASTICO","UN","CR",31]
[11824,"TORNEIRA DE BOIA VAZAO TOTAL PARA CAIXA D'AGUA, AGUA FRIA, BITOLA 3/4\", COM HASTE E TORNEIRA METALICOS E BALAO PLASTICO","UN","CR",36.46]
[44045,"TORNEIRA DE MESA PARA LAVATORIO, METALICA CROMADA, COM MISTURADOR MONOCOMANDO, BICA BAIXA","UN","CR",332.27]
[39702,"TORNEIRA DE MESA PARA LAVATORIO, METALICA CROMADA, COM SENSOR DE APROXIMACAO ELETRICO, BIVOLT","UN","CR",2206.77]
[13415,"TORNEIRA DE MESA/BANCADA, PARA LAVATORIO, FIXA, METALICA CROMADA, PADRAO POPULAR, 1/2\" OU 3/4\"","UN","C",72.45]
[7602,"TORNEIRA DE METAL AMARELO, PARA TANQUE / JARDIM, DE PAREDE, COM BICO PLASTICO, CANO CURTO, AREA EXTERNA, PADRAO POPULAR / USO GERAL, 1/2\" OU 3/4\"","UN","CR",46.23]
[7603,"TORNEIRA DE METAL AMARELO, PARA TANQUE / JARDIM, DE PAREDE, SEM BICO, CANO CURTO, PADRAO POPULAR / USO GERAL, 1/2\" OU 3/4\"","UN","CR",39.22]
[11777,"TORNEIRA ELETRICA DE PAREDE, PLASTICA, BICA ALTA, PARA COZINHA, 5500 W (110/220 V)","UN","CR",216.84]
[13417,"TORNEIRA METALICA CROMADA CANO CURTO, SEM BICO, SEM AREJADOR, DE PAREDE, PARA TANQUE E USO GERAL, 1/2\" OU 3/4\"","UN","CR",94.36]
[36791,"TORNEIRA METALICA CROMADA DE MESA PARA LAVATORIO, BICA ALTA, COM AREJADOR","UN","CR",141.62]
[36795,"TORNEIRA METALICA CROMADA DE MESA PARA LAVATORIO, COM SENSOR DE PRESENCA A PILHA, COM AREJADOR EMBUTIDO","UN","CR",1790.59]
[36796,"TORNEIRA METALICA CROMADA DE MESA, PARA LAVATORIO, TEMPORIZADA PRESSAO FECHAMENTO AUTOMATICO, BICA BAIXA","UN","CR",148.79]
[36792,"TORNEIRA METALICA CROMADA DE PAREDE LONGA PARA LAVATORIO, COM AREJADOR, ACIONAMENTO ALAVANCA, 1/4 DE VOLTA","UN","CR",188.48]
[11773,"TORNEIRA METALICA CROMADA DE PAREDE, PARA COZINHA, BICA MOVEL, COM AREJADOR, 1/2\" OU 3/4\"","UN","CR",125.47]
[11762,"TORNEIRA METALICA CROMADA PARA JARDIM / TANQUE, COM BICO PLASTICO, CANO LONGO, DE PAREDE, PADRAO POPULAR / USO GERAL, 1/2\" OU 3/4\"","UN","CR",59.51]
[7604,"TORNEIRA METALICA CROMADA PARA TANQUE / JARDIM, SEM BICO, CANO LONGO, DE PAREDE, PADRAO POPULAR / USO GERAL, 1/2\" OU 3/4\"","UN","CR",50.39]
[13984,"TORNEIRA METALICA CROMADA, CANO CURTO, COM AREJADOR, SEM BICO PLASTICO, DE PAREDE, PARA USO GERAL, 1/2\" OU 3/4\"","UN","CR",73.23]
[11772,"TORNEIRA METALICA CROMADA, DE MESA/BANCADA, PARA COZINHA, BICA MOVEL, COM AREJADOR, 1/2\" OU 3/4\"","UN","CR",125.86]
[13983,"TORNEIRA METALICA CROMADA, RETA, DE PAREDE, PARA COZINHA, COM AREJADOR, PADRAO POPULAR, 1/2\" OU 3/4\"","UN","CR",95.32]
[13416,"TORNEIRA METALICA CROMADA, RETA, DE PAREDE, PARA COZINHA, SEM BICO, SEM AREJADOR, PADRAO POPULAR, 1/2\" OU 3/4\"","UN","CR",84.66]
[40329,"TORNEIRA PLASTICA DE BOIA CONVENCIONAL PARA CAIXA DE AGUA, AGUA FRIA, 3/4\", COM HASTE METALICA E COM TORNEIRA E BALAO PLASTICOS (PADRAO POPULAR)","UN","C",12.88]
[11823,"TORNEIRA PLASTICA DE BOIA PARA CAIXA DE DESCARGA, 1/2\", BALAO E TORNEIRA PLASTICOS, COM HASTE METALICA","UN","CR",5.42]
[11822,"TORNEIRA PLASTICA DE MESA, BICA MOVEL, PARA COZINHA 1/2\"","UN","CR",26.86]
[11831,"TORNEIRA PLASTICA PARA TANQUE 1/2\" OU 3/4\" COM BICO PARA MANGUEIRA","UN","CR",16.16]
[45249,"TORNO/MORSA DE BANCADA NUMERO 4","UN","CR",145.58000000000001]
[7613,"TRANSFORMADOR TRIFASICO DE DISTRIBUICAO, POTENCIA DE 1000 KVA, TENSAO NOMINAL DE 15 KV, TENSAO SECUNDARIA DE 220/127V, EM OLEO ISOLANTE TIPO MINERAL","UN","CR"]
[7619,"TRANSFORMADOR TRIFASICO DE DISTRIBUICAO, POTENCIA DE 112,5 KVA, TENSAO NOMINAL DE 15 KV, TENSAO SECUNDARIA DE 220/127V, EM OLEO ISOLANTE TIPO MINERAL","UN","CR"]
[12076,"TRANSFORMADOR TRIFASICO DE DISTRIBUICAO, POTENCIA DE 15 KVA, TENSAO NOMINAL DE 15 KV, TENSAO SECUNDARIA DE 220/127V, EM OLEO ISOLANTE TIPO MINERAL","UN","CR"]
[7614,"TRANSFORMADOR TRIFASICO DE DISTRIBUICAO, POTENCIA DE 150 KVA, TENSAO NOMINAL DE 15 KV, TENSAO SECUNDARIA DE 220/127V, EM OLEO ISOLANTE TIPO MINERAL","UN","CR"]
[7618,"TRANSFORMADOR TRIFASICO DE DISTRIBUICAO, POTENCIA DE 1500 KVA, TENSAO NOMINAL DE 15 KV, TENSAO SECUNDARIA DE 220/127V, EM OLEO ISOLANTE TIPO MINERAL","UN","CR"]
[7620,"TRANSFORMADOR TRIFASICO DE DISTRIBUICAO, POTENCIA DE 225 KVA, TENSAO NOMINAL DE 15 KV, TENSAO SECUNDARIA DE 220/127V, EM OLEO ISOLANTE TIPO MINERAL","UN","CR"]
[7610,"TRANSFORMADOR TRIFASICO DE DISTRIBUICAO, POTENCIA DE 30 KVA, TENSAO NOMINAL DE 15 KV, TENSAO SECUNDARIA DE 220/127V, EM OLEO ISOLANTE TIPO MINERAL","UN","CR"]
[7615,"TRANSFORMADOR TRIFASICO DE DISTRIBUICAO, POTENCIA DE 300 KVA, TENSAO NOMINAL DE 15 KV, TENSAO SECUNDARIA DE 220/127V, EM OLEO ISOLANTE TIPO MINERAL","UN","CR"]
[7617,"TRANSFORMADOR TRIFASICO DE DISTRIBUICAO, POTENCIA DE 45 KVA, TENSAO NOMINAL DE 15 KV, TENSAO SECUNDARIA DE 220/127V, EM OLEO ISOLANTE TIPO MINERAL","UN","CR"]
[7616,"TRANSFORMADOR TRIFASICO DE DISTRIBUICAO, POTENCIA DE 500 KVA, TENSAO NOMINAL DE 15 KV, TENSAO SECUNDARIA DE 220/127V, EM OLEO ISOLANTE TIPO MINERAL","UN","CR"]
[7611,"TRANSFORMADOR TRIFASICO DE DISTRIBUICAO, POTENCIA DE 75 KVA, TENSAO NOMINAL DE 15 KV, TENSAO SECUNDARIA DE 220/127V, EM OLEO ISOLANTE TIPO MINERAL","UN","C"]
[7612,"TRANSFORMADOR TRIFASICO DE DISTRIBUICAO, POTENCIA DE 750 KVA, TENSAO NOMINAL DE 15 KV, TENSAO SECUNDARIA DE 220/127V, EM OLEO ISOLANTE TIPO MINERAL","UN","CR"]
[37371,"TRANSPORTE - HORISTA (COLETADO CAIXA - ENCARGOS COMPLEMENTARES)","H","C",0.48]
[40861,"TRANSPORTE - MENSALISTA (COLETADO CAIXA - ENCARGOS COMPLEMENTARES)","MES","C",79.650000000000006]
[36509,"TRATOR DE ESTEIRAS, POTENCIA 125 HP, PESO OPERACIONAL DE 12,9 T, COM LAMINA COM CAPACIDADE DE 2,7 M3","UN","CR"]
[7622,"TRATOR DE ESTEIRAS, POTENCIA DE 100 HP, PESO OPERACIONAL DE 9,4 T, COM LAMINA COM CAPACIDADE DE 2,19 M3","UN","CR"]
[7624,"TRATOR DE ESTEIRAS, POTENCIA DE 150 HP, PESO OPERACIONAL DE 16,7 T, COM RODA MOTRIZ ELEVADA E LAMINA COM CONTATO DE 3,18M3","UN","C"]
[7625,"TRATOR DE ESTEIRAS, POTENCIA DE 170 HP, PESO OPERACIONAL DE 19 T, COM LAMINA COM CAPACIDADE DE 5,2 M3","UN","CR"]
[7623,"TRATOR DE ESTEIRAS, POTENCIA DE 347 HP, PESO OPERACIONAL DE 38,5 T, COM LAMINA COM CAPACIDADE DE 8,70M3","UN","CR"]
[36511,"TRATOR DE PNEUS COM POTENCIA DE 122 CV, TRACAO 4 X 4, PESO COM LASTRO DE 4510 KG","UN","CR"]
[7640,"TRATOR DE PNEUS COM POTENCIA DE 85 CV, TRACAO 4 X 4, PESO COM LASTRO DE 4675 KG","UN","C"]
[11572,"TRAVA / PRENDEDOR DE PORTA, EM LATAO CROMADO, MONTADO EM PISO","UN","CR",31.13]
[36149,"TRAVA-QUEDAS EM ACO PARA CORDA DE 12 MM, EXTENSOR DE 25 X 300 MM, COM MOSQUETAO TIPO GANCHO TRAVA DUPLA","UN","CR",185.98]
[42407,"TRELICA NERVURADA (ESPACADOR), ALTURA = 120,0 MM, DIAMETRO DOS BANZOS INFERIORES E SUPERIOR = 6,0 MM, DIAMETRO DA DIAGONAL = 4,2 MM","M","CR",7.11]
[45200,"TRENA COM FITA DE ACO DE 10 M X 25 MM (COMPRIMENTO X LARGURA)","UN","CR",23.31]
[11581,"TRILHO PANTOGRAFICO CONCAVO, TIPO U, EM ALUMINIO, COM DIMENSOES DE APROX *35 X 35* MM, PARA ROLDANA DE PORTA DE CORRER","M","CR",20.54]
[43605,"TRILHO PANTOGRAFICO RETO, EM ALUMINIO, TIPO U, COM DIMENSOES DE *38 X 38* MM PARA PORTA DE CORRER","M","CR",42.04]
[11580,"TRILHO QUADRADO FRISADO PARA RODIZIO (VERGALHAO MACICO), EM ALUMINIO, COM DIMENSOES DE *6 X 6* MM","M","CR",8.24]
[38386,"TRINCHA CERDAS GRIS 1.1/2\" (38 MM)","UN","CR",5.17]
[45231,"TRINCHA DE 1\" COM CERDAS SINTETICAS","UN","CR",4.7300000000000004]
[45232,"TRINCHA DE 2\" COM CERDAS SINTETICAS","UN","CR",8.32]
[39848,"TUBO / MANGUEIRA PRETA EM POLIETILENO, LINHA PESADA OU REFORCADA, TIPO ESPAGUETE, PARA INJECAO DE CALDA DE CIMENTO, D = 1/2\", ESPESSURA 1,5 MM","M","CR"]
[7667,"TUBO 26\" EM CHAPA PRETA, E= 3/16\", 147 KG/6 M","M","CR"]
[7660,"TUBO 30\" EM CHAPA PRETA, E= 1/4\", 175 KG/6 M","M","CR"]
[7676,"TUBO 30\" EM CHAPA PRETA, E= 3/8\", 177 KG/6 M","M","CR"]
[20999,"TUBO ACO CARBONO COM COSTURA, NBR 5580, CLASSE L, DN = 15 MM, E = 2,25 MM, 1,06 KG/M","M","CR"]
[21001,"TUBO ACO CARBONO COM COSTURA, NBR 5580, CLASSE L, DN = 25 MM, E = 2,65 MM, 2,02 KG/M","M","C"]
[21003,"TUBO ACO CARBONO COM COSTURA, NBR 5580, CLASSE L, DN = 40 MM, E = 3,0 MM, 3,34 KG/M","M","CR"]
[21006,"TUBO ACO CARBONO COM COSTURA, NBR 5580, CLASSE L, DN = 80 MM, E = 3,35 MM, 7,07 KG/M","M","CR"]
[21019,"TUBO ACO CARBONO COM COSTURA, NBR 5580, CLASSE M, DN = 25 MM, E = 3,35 MM, *2,50* KG//M","M","CR"]
[21021,"TUBO ACO CARBONO COM COSTURA, NBR 5580, CLASSE M, DN = 40 MM, E = 3,35 MM, *3,71* KG//M","M","CR"]
[21024,"TUBO ACO CARBONO COM COSTURA, NBR 5580, CLASSE M, DN = 80 MM, E = 4,05 MM, *8,47* KG/M","M","CR"]
[40624,"TUBO ACO CARBONO SEM COSTURA 1 1/2\", E= *3,68 MM, SCHEDULE 40, 4,05 KG/M","M","CR"]
[42575,"TUBO ACO CARBONO SEM COSTURA 1 1/4\", E= *3,56 MM, SCHEDULE 40, *3,38* KG/M","M","CR"]
[42574,"TUBO ACO CARBONO SEM COSTURA 1\", E= *3,38 MM, SCHEDULE 40, *2,50* KG/M","M","CR"]
[13127,"TUBO ACO CARBONO SEM COSTURA 1/2\", E= *2,77 MM, SCHEDULE 40, *1,27 KG/M","M","CR"]
[13137,"TUBO ACO CARBONO SEM COSTURA 1/2\", E= *3,73 MM, SCHEDULE 80, *1,62 KG/M","M","CR"]
[20989,"TUBO ACO CARBONO SEM COSTURA 14\", E= *11,13 MM, SCHEDULE 40, *94,55 KG/M","M","CR"]
[21147,"TUBO ACO CARBONO SEM COSTURA 2 1/2\", E = 5,16 MM, SCHEDULE 40 (8,62 KG/M)","M","CR"]
[21148,"TUBO ACO CARBONO SEM COSTURA 2\", E= *3,91* MM, SCHEDULE 40, *5,43* KG/M","M","C"]
[20984,"TUBO ACO CARBONO SEM COSTURA 20\", E= *12,70 MM, SCHEDULE 30, *154,97 KG/M","M","CR"]
[13042,"TUBO ACO CARBONO SEM COSTURA 20\", E= *6,35 MM, SCHEDULE 10, *78,46 KG/M","M","CR"]
[42576,"TUBO ACO CARBONO SEM COSTURA 3\", E= *5,49 MM, SCHEDULE 40, *11,28* KG/M","M","CR"]
[21150,"TUBO ACO CARBONO SEM COSTURA 3/4\", E= *2,87 MM, SCHEDULE 40, *1,69 KG/M","M","CR"]
[13141,"TUBO ACO CARBONO SEM COSTURA 3/4\", E= *3,91 MM, SCHEDULE 80, *2,19 KG/M.","M","CR"]
[21151,"TUBO ACO CARBONO SEM COSTURA 4\", E= *6,02 MM, SCHEDULE 40, *16,06 KG/M","M","CR"]
[13142,"TUBO ACO CARBONO SEM COSTURA 4\", E= *8,56 MM, SCHEDULE 80, *22,31 KG/M","M","CR"]
[42577,"TUBO ACO CARBONO SEM COSTURA 5\", E= *6,55 MM, SCHEDULE 40, *21,75* KG/M","M","CR"]
[20994,"TUBO ACO CARBONO SEM COSTURA 6\", E= *10,97 MM, SCHEDULE 80, *42,56 KG/M","M","CR"]
[7672,"TUBO ACO CARBONO SEM COSTURA 6\", E= 7,11 MM, SCHEDULE 40, *28,26 KG/M","M","CR"]
[20995,"TUBO ACO CARBONO SEM COSTURA 8\", E= *12,70 MM, SCHEDULE 80, *64,64 KG/M","M","CR"]
[7690,"TUBO ACO CARBONO SEM COSTURA 8\", E= *6,35 MM, SCHEDULE 20, *33,27 KG/M","M","CR"]
[20980,"TUBO ACO CARBONO SEM COSTURA 8\", E= *7,04 MM, SCHEDULE 30, *36,75 KG/M","M","CR"]
[7661,"TUBO ACO CARBONO SEM COSTURA 8\", E= *8,18 MM, SCHEDULE 40, *42,55 KG/M","M","CR"]
[21016,"TUBO ACO GALVANIZADO COM COSTURA, CLASSE LEVE, DN 100 MM (4\"), E = 3,75 MM, *10,55* KG/M (NBR 5580)","M","CR"]
[21008,"TUBO ACO GALVANIZADO COM COSTURA, CLASSE LEVE, DN 15 MM (1/2\"), E = 2,25 MM, *1,2* KG/M (NBR 5580)","M","CR"]
[21009,"TUBO ACO GALVANIZADO COM COSTURA, CLASSE LEVE, DN 20 MM (3/4\"), E = 2,25 MM, *1,3* KG/M (NBR 5580)","M","CR"]
[21010,"TUBO ACO GALVANIZADO COM COSTURA, CLASSE LEVE, DN 25 MM (1\"), E = 2,65 MM, *2,11* KG/M (NBR 5580)","M","C"]
[21011,"TUBO ACO GALVANIZADO COM COSTURA, CLASSE LEVE, DN 32 MM (1 1/4\"), E = 2,65 MM, *2,71* KG/M (NBR 5580)","M","CR"]
[21012,"TUBO ACO GALVANIZADO COM COSTURA, CLASSE LEVE, DN 40 MM (1 1/2\"), E = 3,00 MM, *3,48* KG/M (NBR 5580)","M","CR"]
[21013,"TUBO ACO GALVANIZADO COM COSTURA, CLASSE LEVE, DN 50 MM (2\"), E = 3,00 MM, *4,40* KG/M (NBR 5580)","M","CR"]
[21014,"TUBO ACO GALVANIZADO COM COSTURA, CLASSE LEVE, DN 65 MM (2 1/2\"), E = 3,35 MM, * 6,23* KG/M (NBR 5580)","M","CR"]
[21015,"TUBO ACO GALVANIZADO COM COSTURA, CLASSE LEVE, DN 80 MM (3\"), E = 3,35 MM, *7,32* KG/M (NBR 5580)","M","CR"]
[40626,"TUBO ACO GALVANIZADO COM COSTURA, CLASSE MEDIA, DN 1\", E = 3,38 MM, PESO 2,50 KG/M (NBR 5580)","M","CR"]
[7697,"TUBO ACO GALVANIZADO COM COSTURA, CLASSE MEDIA, DN 1.1/2\", E = *3,25* MM, PESO *3,61* KG/M (NBR 5580)","M","CR"]
[7698,"TUBO ACO GALVANIZADO COM COSTURA, CLASSE MEDIA, DN 1.1/4\", E = *3,25* MM, PESO *3,14* KG/M (NBR 5580)","M","CR"]
[7691,"TUBO ACO GALVANIZADO COM COSTURA, CLASSE MEDIA, DN 1/2\", E = *2,65* MM, PESO *1,22* KG/M (NBR 5580)","M","CR"]
[7696,"TUBO ACO GALVANIZADO COM COSTURA, CLASSE MEDIA, DN 2\", E = *3,65* MM, PESO *5,10* KG/M (NBR 5580)","M","CR"]
[7701,"TUBO ACO GALVANIZADO COM COSTURA, CLASSE MEDIA, DN 2.1/2\", E = *3,65* MM, PESO *6,51* KG/M (NBR 5580)","M","CR"]
[7694,"TUBO ACO GALVANIZADO COM COSTURA, CLASSE MEDIA, DN 3\", E = *4,05* MM, PESO *8,47* KG/M (NBR 5580)","M","CR"]
[7700,"TUBO ACO GALVANIZADO COM COSTURA, CLASSE MEDIA, DN 3/4\", E = *2,65* MM, PESO *1,58* KG/M (NBR 5580)","M","CR"]
[7693,"TUBO ACO GALVANIZADO COM COSTURA, CLASSE MEDIA, DN 4\", E = 4,50* MM, PESO 12,10* KG/M (NBR 5580)","M","CR"]
[7692,"TUBO ACO GALVANIZADO COM COSTURA, CLASSE MEDIA, DN 5\", E = *5,40* MM, PESO *17,80* KG/M (NBR 5580)","M","CR"]
[7695,"TUBO ACO GALVANIZADO COM COSTURA, CLASSE MEDIA, DN 6\", E = 4,85* MM, PESO 19,68* KG/M (NBR 5580)","M","CR"]
[13356,"TUBO ACO INDUSTRIAL DN 2\" (50,8 MM) E=1,50MM, PESO= 1,8237 KG/M","M","CR"]
[36365,"TUBO COLETOR DE ESGOTO PVC, JEI, DN 100 MM (NBR 7362)","M","CR",39.35]
[41930,"TUBO COLETOR DE ESGOTO PVC, JEI, DN 200 MM (NBR 7362)","M","CR",131.05000000000001]
[41931,"TUBO COLETOR DE ESGOTO PVC, JEI, DN 250 MM (NBR 7362)","M","CR",205.26]
[41932,"TUBO COLETOR DE ESGOTO PVC, JEI, DN 300 MM (NBR 7362)","M","CR",315.93]
[41933,"TUBO COLETOR DE ESGOTO PVC, JEI, DN 350 MM (NBR 7362)","M","CR",446.49]
[41934,"TUBO COLETOR DE ESGOTO PVC, JEI, DN 400 MM (NBR 7362)","M","CR",519.99]
[41936,"TUBO COLETOR DE ESGOTO, PVC, JEI, DN 150 MM (NBR 7362)","M","CR",77.17]
[44812,"TUBO CORRUGADO PEAD, PAREDE DUPLA, INTERNA LISA, JEI DN/DI 500 MM (DRENAGEM/ESGOTO)","M","CR",600.32000000000005]
[41785,"TUBO CORRUGADO PEAD, PAREDE DUPLA, INTERNA LISA, JEI, DN/DI *1000* MM, PARA SANEAMENTO (DRENAGEM/ESGOTO)","M","CR",2224.7199999999998]
[41781,"TUBO CORRUGADO PEAD, PAREDE DUPLA, INTERNA LISA, JEI, DN/DI *400* MM, PARA SANEAMENTO (DRENAGEM/ESGOTO)","M","CR",401.71]
[41783,"TUBO CORRUGADO PEAD, PAREDE DUPLA, INTERNA LISA, JEI, DN/DI *800* MM, PARA SANEAMENTO (DRENAGEM/ESGOTO)","M","CR",1444.17]
[41786,"TUBO CORRUGADO PEAD, PAREDE DUPLA, INTERNA LISA, JEI, DN/DI 1200 MM, PARA SANEAMENTO (DRENAGEM/ESGOTO)","M","CR",3074.7]
[41779,"TUBO CORRUGADO PEAD, PAREDE DUPLA, INTERNA LISA, JEI, DN/DI 250 MM, PARA SANEAMENTO (DRENAGEM/ESGOTO)","M","CR",158.21]
[41780,"TUBO CORRUGADO PEAD, PAREDE DUPLA, INTERNA LISA, JEI, DN/DI 300 MM, PARA SANEAMENTO (DRENAGEM/ESGOTO)","M","CR",247.86]
[41782,"TUBO CORRUGADO PEAD, PAREDE DUPLA, INTERNA LISA, JEI, DN/DI 600 MM, PARA SANEAMENTO (DRENAGEM/ESGOTO)","M","CR",887.89]
[38130,"TUBO CPVC SOLDAVEL, 35 MM, AGUA QUENTE PREDIAL (NBR 15884)","M","CR"]
[44260,"TUBO CPVC, SOLDAVEL, 114 MM, AGUA QUENTE (NBR 15884)","M","CR"]
[21123,"TUBO CPVC, SOLDAVEL, 15 MM, AGUA QUENTE PREDIAL (NBR 15884)","M","C"]
[21124,"TUBO CPVC, SOLDAVEL, 22 MM, AGUA QUENTE PREDIAL (NBR 15884)","M","CR"]
[21125,"TUBO CPVC, SOLDAVEL, 28 MM, AGUA QUENTE PREDIAL (NBR 15884)","M","CR"]
[38028,"TUBO CPVC, SOLDAVEL, 42 MM, AGUA QUENTE PREDIAL (NBR 15884)","M","CR"]
[38029,"TUBO CPVC, SOLDAVEL, 54 MM, AGUA QUENTE PREDIAL (NBR 15884)","M","CR"]
[38030,"TUBO CPVC, SOLDAVEL, 73 MM, AGUA QUENTE PREDIAL (NBR 15884)","M","CR"]
[38031,"TUBO CPVC, SOLDAVEL, 89 MM, AGUA QUENTE PREDIAL (NBR 15884)","M","CR"]
[39735,"TUBO DE BORRACHA ELASTOMERICA FLEXIVEL, PRETA, PARA ISOLAMENTO TERMICO DE TUBULACAO, DN 1 1/8\" (28 MM), E= 32 MM, COEFICIENTE DE CONDUTIVIDADE TERMICA 0,036W/MK, VAPOR DE AGUA MAIOR OU IGUAL A 10.000","M","CR"]
[39734,"TUBO DE BORRACHA ELASTOMERICA FLEXIVEL, PRETA, PARA ISOLAMENTO TERMICO DE TUBULACAO, DN 1 3/8\" (35 MM), E= 32 MM, COEFICIENTE DE CONDUTIVIDADE TERMICA 0,036W/MK, VAPOR DE AGUA MAIOR OU IGUAL A 10.000","M","CR"]
[39736,"TUBO DE BORRACHA ELASTOMERICA FLEXIVEL, PRETA, PARA ISOLAMENTO TERMICO DE TUBULACAO, DN 1 5/8\" (42 MM), E= 32 MM, COEFICIENTE DE CONDUTIVIDADE TERMICA 0,036W/MK, VAPOR DE AGUA MAIOR OU IGUAL A 10.000","M","CR"]
[39739,"TUBO DE BORRACHA ELASTOMERICA FLEXIVEL, PRETA, PARA ISOLAMENTO TERMICO DE TUBULACAO, DN 1\" (25 MM), E= 32 MM, COEFICIENTE DE CONDUTIVIDADE TERMICA 0,036W/MK, VAPOR DE AGUA MAIOR OU IGUAL A 10.000","M","CR"]
[39737,"TUBO DE BORRACHA ELASTOMERICA FLEXIVEL, PRETA, PARA ISOLAMENTO TERMICO DE TUBULACAO, DN 1/2\" (12 MM), E= 19 MM, COEFICIENTE DE CONDUTIVIDADE TERMICA 0,036W/MK, VAPOR DE AGUA MAIOR OU IGUAL A 10.000","M","CR"]
[39738,"TUBO DE BORRACHA ELASTOMERICA FLEXIVEL, PRETA, PARA ISOLAMENTO TERMICO DE TUBULACAO, DN 1/4\" (6 MM), E= 9 MM, COEFICIENTE DE CONDUTIVIDADE TERMICA 0,036W/MK, VAPOR DE AGUA MAIOR OU IGUAL A 10.000","M","CR"]
[39733,"TUBO DE BORRACHA ELASTOMERICA FLEXIVEL, PRETA, PARA ISOLAMENTO TERMICO DE TUBULACAO, DN 2 1/8\" (54 MM), E= 32 MM, COEFICIENTE DE CONDUTIVIDADE TERMICA 0,036W/MK, VAPOR DE AGUA MAIOR OU IGUAL A 10.000","M","CR"]
[39854,"TUBO DE BORRACHA ELASTOMERICA FLEXIVEL, PRETA, PARA ISOLAMENTO TERMICO DE TUBULACAO, DN 2 5/8\" (*64* MM), E= *32* MM, COEFICIENTE DE CONDUTIVIDADE TERMICA 0,036W/MK, VAPOR DE AGUA MAIOR OU IGUAL A 10.000","M","CR"]
[39740,"TUBO DE BORRACHA ELASTOMERICA FLEXIVEL, PRETA, PARA ISOLAMENTO TERMICO DE TUBULACAO, DN 3/4\" (18 MM), E= 32 MM, COEFICIENTE DE CONDUTIVIDADE TERMICA 0,036W/MK, VAPOR DE AGUA MAIOR OU IGUAL A 10.000","M","CR"]
[39741,"TUBO DE BORRACHA ELASTOMERICA FLEXIVEL, PRETA, PARA ISOLAMENTO TERMICO DE TUBULACAO, DN 3/8\" (10 MM), E= 19 MM, COEFICIENTE DE CONDUTIVIDADE TERMICA 0,036W/MK, VAPOR DE AGUA MAIOR OU IGUAL A 10.000","M","CR"]
[39853,"TUBO DE BORRACHA ELASTOMERICA FLEXIVEL, PRETA, PARA ISOLAMENTO TERMICO DE TUBULACAO, DN 5/8\" (15 MM), E= 19 MM, COEFICIENTE DE CONDUTIVIDADE TERMICA 0,036W/MK, VAPOR DE AGUA MAIOR OU IGUAL A 10.000","M","CR"]
[39742,"TUBO DE BORRACHA ELASTOMERICA FLEXIVEL, PRETA, PARA ISOLAMENTO TERMICO DE TUBULACAO, DN 7/8\" (22 MM), E= 32 MM, COEFICIENTE DE CONDUTIVIDADE TERMICA 0,036W/MK, VAPOR DE AGUA MAIOR OU IGUAL A 10.000","M","CR"]
[39751,"TUBO DE COBRE CLASSE \"A\", DN = 1 1/2\" (42 MM), PARA INSTALACOES DE MEDIA PRESSAO PARA GASES COMBUSTIVEIS E MEDICINAIS","M","CR"]
[39750,"TUBO DE COBRE CLASSE \"A\", DN = 1 1/4\" (35 MM), PARA INSTALACOES DE MEDIA PRESSAO PARA GASES COMBUSTIVEIS E MEDICINAIS","M","CR"]
[39749,"TUBO DE COBRE CLASSE \"A\", DN = 1\" (28 MM), PARA INSTALACOES DE MEDIA PRESSAO PARA GASES COMBUSTIVEIS E MEDICINAIS","M","CR"]
[39747,"TUBO DE COBRE CLASSE \"A\", DN = 1/2\" (15 MM), PARA INSTALACOES DE MEDIA PRESSAO PARA GASES COMBUSTIVEIS E MEDICINAIS","M","CR"]
[39753,"TUBO DE COBRE CLASSE \"A\", DN = 2 1/2\" (66 MM), PARA INSTALACOES DE MEDIA PRESSAO PARA GASES COMBUSTIVEIS E MEDICINAIS","M","CR"]
[39752,"TUBO DE COBRE CLASSE \"A\", DN = 2\" (54 MM), PARA INSTALACOES DE MEDIA PRESSAO PARA GASES COMBUSTIVEIS E MEDICINAIS","M","CR"]
[39754,"TUBO DE COBRE CLASSE \"A\", DN = 3\" (79 MM), PARA INSTALACOES DE MEDIA PRESSAO PARA GASES COMBUSTIVEIS E MEDICINAIS","M","CR"]
[39748,"TUBO DE COBRE CLASSE \"A\", DN = 3/4\" (22 MM), PARA INSTALACOES DE MEDIA PRESSAO PARA GASES COMBUSTIVEIS E MEDICINAIS","M","CR"]
[39755,"TUBO DE COBRE CLASSE \"A\", DN = 4\" (104 MM), PARA INSTALACOES DE MEDIA PRESSAO PARA GASES COMBUSTIVEIS E MEDICINAIS","M","CR"]
[12742,"TUBO DE COBRE CLASSE \"E\", DN = 104 MM, PARA INSTALACAO HIDRAULICA PREDIAL","M","CR"]
[12713,"TUBO DE COBRE CLASSE \"E\", DN = 15 MM, PARA INSTALACAO HIDRAULICA PREDIAL","M","C"]
[12743,"TUBO DE COBRE CLASSE \"E\", DN = 22 MM, PARA INSTALACAO HIDRAULICA PREDIAL","M","CR"]
[12744,"TUBO DE COBRE CLASSE \"E\", DN = 28 MM, PARA INSTALACAO HIDRAULICA PREDIAL","M","CR"]
[12745,"TUBO DE COBRE CLASSE \"E\", DN = 35 MM, PARA INSTALACAO HIDRAULICA PREDIAL","M","CR"]
[12746,"TUBO DE COBRE CLASSE \"E\", DN = 42 MM, PARA INSTALACAO HIDRAULICA PREDIAL","M","CR"]
[12747,"TUBO DE COBRE CLASSE \"E\", DN = 54 MM, PARA INSTALACAO HIDRAULICA PREDIAL","M","CR"]
[12748,"TUBO DE COBRE CLASSE \"E\", DN = 66 MM, PARA INSTALACAO HIDRAULICA PREDIAL","M","CR"]
[12749,"TUBO DE COBRE CLASSE \"E\", DN = 79 MM, PARA INSTALACAO HIDRAULICA PREDIAL","M","CR"]
[39660,"TUBO DE COBRE FLEXIVEL, D = 1/2\", E = 0,79 MM, PARA AR-CONDICIONADO/ INSTALACOES GAS RESIDENCIAIS E COMERCIAIS","M","CR"]
[39662,"TUBO DE COBRE FLEXIVEL, D = 1/4\", E = 0,79 MM, PARA AR-CONDICIONADO/ INSTALACOES GAS RESIDENCIAIS E COMERCIAIS","M","CR"]
[39661,"TUBO DE COBRE FLEXIVEL, D = 3/16\", E = 0,79 MM, PARA AR-CONDICIONADO/ INSTALACOES GAS RESIDENCIAIS E COMERCIAIS","M","CR"]
[39666,"TUBO DE COBRE FLEXIVEL, D = 3/4\", E = 0,79 MM, PARA AR-CONDICIONADO/ INSTALACOES GAS RESIDENCIAIS E COMERCIAIS","M","CR"]
[39664,"TUBO DE COBRE FLEXIVEL, D = 3/8\", E = 0,79 MM, PARA AR-CONDICIONADO/ INSTALACOES GAS RESIDENCIAIS E COMERCIAIS","M","CR"]
[39663,"TUBO DE COBRE FLEXIVEL, D = 5/16\", E = 0,79 MM, PARA AR-CONDICIONADO/ INSTALACOES GAS RESIDENCIAIS E COMERCIAIS","M","CR"]
[39665,"TUBO DE COBRE FLEXIVEL, D = 5/8\", E = 0,79 MM, PARA AR-CONDICIONADO/ INSTALACOES GAS RESIDENCIAIS E COMERCIAIS","M","CR"]
[7753,"TUBO DE CONCRETO ARMADO PARA AGUAS PLUVIAIS, CLASSE PA-1, COM ENCAIXE PONTA E BOLSA, DIAMETRO NOMINAL DE 1000 MM","M","CR",321.68]
[13256,"TUBO DE CONCRETO ARMADO PARA AGUAS PLUVIAIS, CLASSE PA-1, COM ENCAIXE PONTA E BOLSA, DIAMETRO NOMINAL DE 1100 MM","M","CR",450.63]
[7757,"TUBO DE CONCRETO ARMADO PARA AGUAS PLUVIAIS, CLASSE PA-1, COM ENCAIXE PONTA E BOLSA, DIAMETRO NOMINAL DE 1200 MM","M","CR",480.44]
[7758,"TUBO DE CONCRETO ARMADO PARA AGUAS PLUVIAIS, CLASSE PA-1, COM ENCAIXE PONTA E BOLSA, DIAMETRO NOMINAL DE 1500 MM","M","CR",696.05]
[7759,"TUBO DE CONCRETO ARMADO PARA AGUAS PLUVIAIS, CLASSE PA-1, COM ENCAIXE PONTA E BOLSA, DIAMETRO NOMINAL DE 2000 MM","M","CR",1928.75]
[40334,"TUBO DE CONCRETO ARMADO PARA AGUAS PLUVIAIS, CLASSE PA-1, COM ENCAIXE PONTA E BOLSA, DIAMETRO NOMINAL DE 300 MM","M","CR",75.56]
[7745,"TUBO DE CONCRETO ARMADO PARA AGUAS PLUVIAIS, CLASSE PA-1, COM ENCAIXE PONTA E BOLSA, DIAMETRO NOMINAL DE 400 MM","M","CR",85.27]
[7742,"TUBO DE CONCRETO ARMADO PARA AGUAS PLUVIAIS, CLASSE PA-1, COM ENCAIXE PONTA E BOLSA, DIAMETRO NOMINAL DE 700 MM","M","CR",224.89]
[7750,"TUBO DE CONCRETO ARMADO PARA AGUAS PLUVIAIS, CLASSE PA-1, COM ENCAIXE PONTA E BOLSA, DIAMETRO NOMINAL DE 800 MM","M","CR",274.52999999999997]
[7756,"TUBO DE CONCRETO ARMADO PARA AGUAS PLUVIAIS, CLASSE PA-1, COM ENCAIXE PONTA E BOLSA, DIAMETRO NOMINAL DE 900 MM","M","CR",315.44]
[7725,"TUBO DE CONCRETO ARMADO PARA AGUAS PLUVIAIS, CLASSE PA-1, COM ENCAIXE PONTA E BOLSA, DIAMETRO NOMINAL DE = 600 MM","M","C",165]
[7765,"TUBO DE CONCRETO ARMADO PARA AGUAS PLUVIAIS, CLASSE PA-2, COM ENCAIXE PONTA E BOLSA, DIAMETRO NOMINAL DE 1000 MM","M","CR",353.57]
[12569,"TUBO DE CONCRETO ARMADO PARA AGUAS PLUVIAIS, CLASSE PA-2, COM ENCAIXE PONTA E BOLSA, DIAMETRO NOMINAL DE 1100 MM","M","CR",488.06]
[7766,"TUBO DE CONCRETO ARMADO PARA AGUAS PLUVIAIS, CLASSE PA-2, COM ENCAIXE PONTA E BOLSA, DIAMETRO NOMINAL DE 1200 MM","M","CR",518.57000000000005]
[7767,"TUBO DE CONCRETO ARMADO PARA AGUAS PLUVIAIS, CLASSE PA-2, COM ENCAIXE PONTA E BOLSA, DIAMETRO NOMINAL DE 1500 MM","M","CR",744.57]
[7727,"TUBO DE CONCRETO ARMADO PARA AGUAS PLUVIAIS, CLASSE PA-2, COM ENCAIXE PONTA E BOLSA, DIAMETRO NOMINAL DE 2000 MM","M","CR",2163.02]
[7760,"TUBO DE CONCRETO ARMADO PARA AGUAS PLUVIAIS, CLASSE PA-2, COM ENCAIXE PONTA E BOLSA, DIAMETRO NOMINAL DE 300 MM","M","CR",85.96]
[7761,"TUBO DE CONCRETO ARMADO PARA AGUAS PLUVIAIS, CLASSE PA-2, COM ENCAIXE PONTA E BOLSA, DIAMETRO NOMINAL DE 400 MM","M","CR",90.12]
[7752,"TUBO DE CONCRETO ARMADO PARA AGUAS PLUVIAIS, CLASSE PA-2, COM ENCAIXE PONTA E BOLSA, DIAMETRO NOMINAL DE 500 MM","M","CR",109.53]
[7762,"TUBO DE CONCRETO ARMADO PARA AGUAS PLUVIAIS, CLASSE PA-2, COM ENCAIXE PONTA E BOLSA, DIAMETRO NOMINAL DE 600 MM","M","CR",143.16]
[7722,"TUBO DE CONCRETO ARMADO PARA AGUAS PLUVIAIS, CLASSE PA-2, COM ENCAIXE PONTA E BOLSA, DIAMETRO NOMINAL DE 700 MM","M","CR",219.07]
[7763,"TUBO DE CONCRETO ARMADO PARA AGUAS PLUVIAIS, CLASSE PA-2, COM ENCAIXE PONTA E BOLSA, DIAMETRO NOMINAL DE 800 MM","M","CR",266.91000000000003]
[7764,"TUBO DE CONCRETO ARMADO PARA AGUAS PLUVIAIS, CLASSE PA-2, COM ENCAIXE PONTA E BOLSA, DIAMETRO NOMINAL DE 900 MM","M","CR",318.89999999999998]
[12572,"TUBO DE CONCRETO ARMADO PARA AGUAS PLUVIAIS, CLASSE PA-3, COM ENCAIXE PONTA E BOLSA, DIAMETRO NOMINAL DE 1000 MM","M","CR",450.63]
[12573,"TUBO DE CONCRETO ARMADO PARA AGUAS PLUVIAIS, CLASSE PA-3, COM ENCAIXE PONTA E BOLSA, DIAMETRO NOMINAL DE 1100 MM","M","CR",592.75]
[12574,"TUBO DE CONCRETO ARMADO PARA AGUAS PLUVIAIS, CLASSE PA-3, COM ENCAIXE PONTA E BOLSA, DIAMETRO NOMINAL DE 1200 MM","M","CR",716.71]
[12575,"TUBO DE CONCRETO ARMADO PARA AGUAS PLUVIAIS, CLASSE PA-3, COM ENCAIXE PONTA E BOLSA, DIAMETRO NOMINAL DE 1500 MM","M","CR",1088.44]
[12576,"TUBO DE CONCRETO ARMADO PARA AGUAS PLUVIAIS, CLASSE PA-3, COM ENCAIXE PONTA E BOLSA, DIAMETRO NOMINAL DE 400 MM","M","CR",131.72]
[12577,"TUBO DE CONCRETO ARMADO PARA AGUAS PLUVIAIS, CLASSE PA-3, COM ENCAIXE PONTA E BOLSA, DIAMETRO NOMINAL DE 500 MM","M","CR",177.47]
[12578,"TUBO DE CONCRETO ARMADO PARA AGUAS PLUVIAIS, CLASSE PA-3, COM ENCAIXE PONTA E BOLSA, DIAMETRO NOMINAL DE 600 MM","M","CR",214.91]
[12579,"TUBO DE CONCRETO ARMADO PARA AGUAS PLUVIAIS, CLASSE PA-3, COM ENCAIXE PONTA E BOLSA, DIAMETRO NOMINAL DE 700 MM","M","CR",370.21]
[12580,"TUBO DE CONCRETO ARMADO PARA AGUAS PLUVIAIS, CLASSE PA-3, COM ENCAIXE PONTA E BOLSA, DIAMETRO NOMINAL DE 800 MM","M","CR",385.73]
[12581,"TUBO DE CONCRETO ARMADO PARA AGUAS PLUVIAIS, CLASSE PA-3, COM ENCAIXE PONTA E BOLSA, DIAMETRO NOMINAL DE 900 MM","M","CR",413.19]
[7720,"TUBO DE CONCRETO ARMADO PARA ESGOTO SANITARIO, CLASSE EA-2, COM ENCAIXE PONTA E BOLSA, COM JUNTA ELASTICA, DIAMETRO NOMINAL DE 1000 MM","M","CR",646.13]
[40335,"TUBO DE CONCRETO ARMADO PARA ESGOTO SANITARIO, CLASSE EA-2, COM ENCAIXE PONTA E BOLSA, COM JUNTA ELASTICA, DIAMETRO NOMINAL DE 300 MM","M","CR",135.18]
[7740,"TUBO DE CONCRETO ARMADO PARA ESGOTO SANITARIO, CLASSE EA-2, COM ENCAIXE PONTA E BOLSA, COM JUNTA ELASTICA, DIAMETRO NOMINAL DE 400 MM","M","CR",138.65]
[7741,"TUBO DE CONCRETO ARMADO PARA ESGOTO SANITARIO, CLASSE EA-2, COM ENCAIXE PONTA E BOLSA, COM JUNTA ELASTICA, DIAMETRO NOMINAL DE 500 MM","M","CR",256.51]
[7774,"TUBO DE CONCRETO ARMADO PARA ESGOTO SANITARIO, CLASSE EA-2, COM ENCAIXE PONTA E BOLSA, COM JUNTA ELASTICA, DIAMETRO NOMINAL DE 600 MM","M","CR",314.74]
[7744,"TUBO DE CONCRETO ARMADO PARA ESGOTO SANITARIO, CLASSE EA-2, COM ENCAIXE PONTA E BOLSA, COM JUNTA ELASTICA, DIAMETRO NOMINAL DE 700 MM","M","CR",411.11]
[7773,"TUBO DE CONCRETO ARMADO PARA ESGOTO SANITARIO, CLASSE EA-2, COM ENCAIXE PONTA E BOLSA, COM JUNTA ELASTICA, DIAMETRO NOMINAL DE 800 MM","M","CR",420.19]
[7754,"TUBO DE CONCRETO ARMADO PARA ESGOTO SANITARIO, CLASSE EA-2, COM ENCAIXE PONTA E BOLSA, COM JUNTA ELASTICA, DIAMETRO NOMINAL DE 900 MM","M","CR",637.12]
[7735,"TUBO DE CONCRETO ARMADO PARA ESGOTO SANITARIO, CLASSE EA-3, COM ENCAIXE PONTA E BOLSA, COM JUNTA ELASTICA, DIAMETRO NOMINAL DE 1000 MM","M","CR",825]
[7755,"TUBO DE CONCRETO ARMADO PARA ESGOTO SANITARIO, CLASSE EA-3, COM ENCAIXE PONTA E BOLSA, COM JUNTA ELASTICA, DIAMETRO NOMINAL DE 400 MM","M","CR",163.61000000000001]
[7776,"TUBO DE CONCRETO ARMADO PARA ESGOTO SANITARIO, CLASSE EA-3, COM ENCAIXE PONTA E BOLSA, COM JUNTA ELASTICA, DIAMETRO NOMINAL DE 500 MM","M","CR",341.09]
[7743,"TUBO DE CONCRETO ARMADO PARA ESGOTO SANITARIO, CLASSE EA-3, COM ENCAIXE PONTA E BOLSA, COM JUNTA ELASTICA, DIAMETRO NOMINAL DE 600 MM","M","CR",361.19]
[7733,"TUBO DE CONCRETO ARMADO PARA ESGOTO SANITARIO, CLASSE EA-3, COM ENCAIXE PONTA E BOLSA, COM JUNTA ELASTICA, DIAMETRO NOMINAL DE 700 MM","M","CR",471.42]
[7775,"TUBO DE CONCRETO ARMADO PARA ESGOTO SANITARIO, CLASSE EA-3, COM ENCAIXE PONTA E BOLSA, COM JUNTA ELASTICA, DIAMETRO NOMINAL DE 800 MM","M","CR",516.49]
[7734,"TUBO DE CONCRETO ARMADO PARA ESGOTO SANITARIO, CLASSE EA-3, COM ENCAIXE PONTA E BOLSA, COM JUNTA ELASTICA, DIAMETRO NOMINAL DE 900 MM","M","CR",731.4]
[7714,"TUBO DE CONCRETO ARMADO, PRE MOLDADO PARA AGUAS PLUVIAIS, CLASSE PA-1, COM ENCAIXE PONTA E BOLSA, DIAMETRO NOMINAL DE 500 MM","M","CR",101.91]
[37449,"TUBO DE CONCRETO SIMPLES PARA AGUAS PLUVIAIS, CLASSE PS1, COM ENCAIXE MACHO E FEMEA, DIAMETRO NOMINAL DE 200 MM","M","CR",23.78]
[37450,"TUBO DE CONCRETO SIMPLES PARA AGUAS PLUVIAIS, CLASSE PS1, COM ENCAIXE MACHO E FEMEA, DIAMETRO NOMINAL DE 300 MM","M","CR",33.29]
[37451,"TUBO DE CONCRETO SIMPLES PARA AGUAS PLUVIAIS, CLASSE PS1, COM ENCAIXE MACHO E FEMEA, DIAMETRO NOMINAL DE 400 MM","M","CR",46.48]
[37452,"TUBO DE CONCRETO SIMPLES PARA AGUAS PLUVIAIS, CLASSE PS1, COM ENCAIXE MACHO E FEMEA, DIAMETRO NOMINAL DE 500 MM","M","CR",67.56]
[37453,"TUBO DE CONCRETO SIMPLES PARA AGUAS PLUVIAIS, CLASSE PS1, COM ENCAIXE MACHO E FEMEA, DIAMETRO NOMINAL DE 600 MM","M","CR",77.81]
[7778,"TUBO DE CONCRETO SIMPLES PARA AGUAS PLUVIAIS, CLASSE PS1, COM ENCAIXE PONTA E BOLSA, DIAMETRO NOMINAL DE 200 MM","M","CR",29.18]
[7796,"TUBO DE CONCRETO SIMPLES PARA AGUAS PLUVIAIS, CLASSE PS1, COM ENCAIXE PONTA E BOLSA, DIAMETRO NOMINAL DE 300 MM","M","C",40]
[7781,"TUBO DE CONCRETO SIMPLES PARA AGUAS PLUVIAIS, CLASSE PS1, COM ENCAIXE PONTA E BOLSA, DIAMETRO NOMINAL DE 400 MM","M","CR",47.27]
[7795,"TUBO DE CONCRETO SIMPLES PARA AGUAS PLUVIAIS, CLASSE PS1, COM ENCAIXE PONTA E BOLSA, DIAMETRO NOMINAL DE 500 MM","M","CR",70.349999999999994]
[7791,"TUBO DE CONCRETO SIMPLES PARA AGUAS PLUVIAIS, CLASSE PS1, COM ENCAIXE PONTA E BOLSA, DIAMETRO NOMINAL DE 600 MM","M","CR",84.21]
[7783,"TUBO DE CONCRETO SIMPLES PARA AGUAS PLUVIAIS, CLASSE PS2, COM ENCAIXE PONTA E BOLSA, DIAMETRO NOMINAL DE 200 MM","M","CR",29.84]
[7790,"TUBO DE CONCRETO SIMPLES PARA AGUAS PLUVIAIS, CLASSE PS2, COM ENCAIXE PONTA E BOLSA, DIAMETRO NOMINAL DE 300 MM","M","CR",47.02]
[7785,"TUBO DE CONCRETO SIMPLES PARA AGUAS PLUVIAIS, CLASSE PS2, COM ENCAIXE PONTA E BOLSA, DIAMETRO NOMINAL DE 400 MM","M","CR",51.89]
[7792,"TUBO DE CONCRETO SIMPLES PARA AGUAS PLUVIAIS, CLASSE PS2, COM ENCAIXE PONTA E BOLSA, DIAMETRO NOMINAL DE 500 MM","M","CR",73.59]
[7793,"TUBO DE CONCRETO SIMPLES PARA AGUAS PLUVIAIS, CLASSE PS2, COM ENCAIXE PONTA E BOLSA, DIAMETRO NOMINAL DE 600 MM","M","CR",86.91]
[13159,"TUBO DE CONCRETO SIMPLES PARA ESGOTO SANITARIO, CLASSE ES, COM ENCAIXE PONTA E BOLSA, COM JUNTA ELASTICA, DIAMETRO NOMINAL DE 400 MM","M","CR",75.67]
[13168,"TUBO DE CONCRETO SIMPLES PARA ESGOTO SANITARIO, CLASSE ES, COM ENCAIXE PONTA E BOLSA, COM JUNTA ELASTICA, DIAMETRO NOMINAL DE 500 MM","M","CR",91.89]
[13173,"TUBO DE CONCRETO SIMPLES PARA ESGOTO SANITARIO, CLASSE ES, COM ENCAIXE PONTA E BOLSA, COM JUNTA ELASTICA, DIAMETRO NOMINAL DE 600 MM","M","CR",124.32]
[12583,"TUBO DE CONCRETO SIMPLES POROSO PARA DRENAGEM (DRENO POROSO), COM ENCAIXE MACHO E FEMEA, DIAMETRO NOMINAL DE 200 MM","M","CR",24.86]
[12584,"TUBO DE CONCRETO SIMPLES POROSO PARA DRENAGEM (DRENO POROSO), COM ENCAIXE MACHO E FEMEA, DIAMETRO NOMINAL DE 300 MM","M","CR",32.43]
[12613,"TUBO DE DESCARGA, TIPO BENGALA, PARA LIGACAO CAIXA DE DESCARGA - EMBUTIR, PVC, 40 MM X 150 CM","UN","CR",16.920000000000002]
[1031,"TUBO DE DESCIDA EXTERNO, DE PVC, PARA CAIXA DE DESCARGA EXTERNA ALTA - DIAMETRO DE 40 MM E ALTURA DE APROXIMADAMENTE 1,55 M","UN","CR",14.55]
[39707,"TUBO DE ESPUMA DE POLIETILENO EXPANDIDO FLEXIVEL PARA ISOLAMENTO TERMICO DE TUBULACAO DE AR CONDICIONADO, AGUA QUENTE, DN 1 1/2\", E= 10 MM","M","CR"]
[39708,"TUBO DE ESPUMA DE POLIETILENO EXPANDIDO FLEXIVEL PARA ISOLAMENTO TERMICO DE TUBULACAO DE AR CONDICIONADO, AGUA QUENTE, DN 1 1/4\", E= 10 MM","M","CR"]
[39710,"TUBO DE ESPUMA DE POLIETILENO EXPANDIDO FLEXIVEL PARA ISOLAMENTO TERMICO DE TUBULACAO DE AR CONDICIONADO, AGUA QUENTE, DN 1 1/8\", E= 10 MM","M","CR"]
[39709,"TUBO DE ESPUMA DE POLIETILENO EXPANDIDO FLEXIVEL PARA ISOLAMENTO TERMICO DE TUBULACAO DE AR CONDICIONADO, AGUA QUENTE, DN 1 3/8\", E= 10 MM","M","CR"]
[39711,"TUBO DE ESPUMA DE POLIETILENO EXPANDIDO FLEXIVEL PARA ISOLAMENTO TERMICO DE TUBULACAO DE AR CONDICIONADO, AGUA QUENTE, DN 1 5/8\", E= 10 MM","M","CR"]
[39714,"TUBO DE ESPUMA DE POLIETILENO EXPANDIDO FLEXIVEL PARA ISOLAMENTO TERMICO DE TUBULACAO DE AR CONDICIONADO, AGUA QUENTE, DN 1\", E= 10 MM","M","CR"]
[39712,"TUBO DE ESPUMA DE POLIETILENO EXPANDIDO FLEXIVEL PARA ISOLAMENTO TERMICO DE TUBULACAO DE AR CONDICIONADO, AGUA QUENTE, DN 1/2\", E= 10 MM","M","C"]
[39713,"TUBO DE ESPUMA DE POLIETILENO EXPANDIDO FLEXIVEL PARA ISOLAMENTO TERMICO DE TUBULACAO DE AR CONDICIONADO, AGUA QUENTE, DN 1/4\", E= 10 MM","M","CR"]
[39715,"TUBO DE ESPUMA DE POLIETILENO EXPANDIDO FLEXIVEL PARA ISOLAMENTO TERMICO DE TUBULACAO DE AR CONDICIONADO, AGUA QUENTE, DN 3/4\", E= 10 MM","M","CR"]
[39716,"TUBO DE ESPUMA DE POLIETILENO EXPANDIDO FLEXIVEL PARA ISOLAMENTO TERMICO DE TUBULACAO DE AR CONDICIONADO, AGUA QUENTE, DN 3/8\", E= 10 MM","M","CR"]
[39718,"TUBO DE ESPUMA DE POLIETILENO EXPANDIDO FLEXIVEL PARA ISOLAMENTO TERMICO DE TUBULACAO DE AR CONDICIONADO, AGUA QUENTE, DN 7/8\", E= 10 MM","M","CR"]
[9813,"TUBO DE POLIETILENO DE ALTA DENSIDADE (PEAD), PE-80, DE = 20 MM X 2,3 MM DE PAREDE, PARA LIGACAO DE AGUA PREDIAL (NBR 15561)","M","C"]
[9815,"TUBO DE POLIETILENO DE ALTA DENSIDADE (PEAD), PE-80, DE = 32 MM X 3,0 MM DE PAREDE, PARA LIGACAO DE AGUA PREDIAL (NBR 15561)","M","CR"]
[44543,"TUBO DE POLIETILENO DE ALTA DENSIDADE, PEAD, PE-80, DE = 1000 MM X 38,5 MM PAREDE, (SDR 26 - PN 05) PARA REDE DE AGUA OU ESGOTO (NBR 15561)","M","CR"]
[44526,"TUBO DE POLIETILENO DE ALTA DENSIDADE, PEAD, PE-80, DE = 110 MM X 10,0 MM PAREDE, (SDR 11 - PN 12,5) PARA REDE DE AGUA OU ESGOTO (NBR 15561)","M","CR"]
[44545,"TUBO DE POLIETILENO DE ALTA DENSIDADE, PEAD, PE-80, DE = 160 MM X 14,6 MM PAREDE, (SDR 11 - PN 12,5) PARA REDE DE AGUA OU ESGOTO (NBR 15561)","M","CR"]
[44525,"TUBO DE POLIETILENO DE ALTA DENSIDADE, PEAD, PE-80, DE = 900 MM X 34,7 MM PAREDE, (SDR 26 - PN 05) PARA REDE DE AGUA OU ESGOTO (NBR 15561)","M","CR"]
[44547,"TUBO DE POLIETILENO DE ALTA DENSIDADE, PEAD, PE-80, DE= 200 MM X 18,2 MM PAREDE, (SDR 11 - PN 12,5) PARA REDE DE AGUA OU ESGOTO (NBR 15561)","M","CR"]
[44519,"TUBO DE POLIETILENO DE ALTA DENSIDADE, PEAD, PE-80, DE= 315 MM X 28,7 MM PAREDE, (SDR 11 - PN 12,5) PARA REDE DE AGUA OU ESGOTO (NBR 15561)","M","CR"]
[44520,"TUBO DE POLIETILENO DE ALTA DENSIDADE, PEAD, PE-80, DE= 400 MM X 36,4 MM PAREDE, (SDR 11 - PN 12,5) PARA REDE DE AGUA OU ESGOTO (NBR 15561)","M","CR"]
[44521,"TUBO DE POLIETILENO DE ALTA DENSIDADE, PEAD, PE-80, DE= 50 MM X 4,6 MM PAREDE, (SDR 11 - PN 12,5) PARA REDE DE AGUA OU ESGOTO (NBR 15561)","M","CR"]
[44522,"TUBO DE POLIETILENO DE ALTA DENSIDADE, PEAD, PE-80, DE= 500 MM X 45,5 MM PAREDE, (SDR 11 - PN 12,5) PARA REDE DE AGUA OU ESGOTO (NBR 15561)","M","CR"]
[44523,"TUBO DE POLIETILENO DE ALTA DENSIDADE, PEAD, PE-80, DE= 630 MM X 57,3 MM PAREDE (SDR 11 - PN 12,5) PARA REDE DE AGUA OU ESGOTO (NBR 15561)","M","CR"]
[44527,"TUBO DE POLIETILENO DE ALTA DENSIDADE, PEAD, PE-80, DE= 730 MM X 34,1 MM PAREDE, (SDR 21 - PN 06) PARA REDE DE AGUA OU ESGOTO (NBR 15561)","M","CR"]
[44524,"TUBO DE POLIETILENO DE ALTA DENSIDADE, PEAD, PE-80, DE= 75 MM X 6,9 MM PAREDE, (SRD 11 - PN 12,5) PARA REDE DE AGUA OU ESGOTO (NBR 15561)","M","CR"]
[44542,"TUBO DE POLIETILENO DE ALTA DENSIDADE, PEAD, PE-80, DE= 800 MM X 30,8 MM PAREDE, (SDR 26 - PN 05) PARA REDE DE AGUA OU ESGOTO (NBR 15561)","M","CR"]
[9877,"TUBO DE PVC, PBL, TIPO LEVE, DN = 250 MM, PARA VENTILACAO","M","CR",121.23]
[9878,"TUBO DE PVC, PBL, TIPO LEVE, DN = 300 MM, PARA VENTILACAO","M","CR",149.24]
[41986,"TUBO DE REVESTIMENTO, EM ACO, CORPO SCHEDULE 40, PONTEIRA SCHEDULE 80, ROSQUEAVEL E SEGMENTADO PARA PERFURACAO, DIAMETRO 10\" (273 MM)","M","CR"]
[43422,"TUBO DE REVESTIMENTO, EM ACO, CORPO SCHEDULE 40, PONTEIRA SCHEDULE 80, ROSQUEAVEL E SEGMENTADO PARA PERFURACAO, DIAMETRO 12\" (320 MM)","M","CR"]
[41987,"TUBO DE REVESTIMENTO, EM ACO, CORPO SCHEDULE 40, PONTEIRA SCHEDULE 80, ROSQUEAVEL E SEGMENTADO PARA PERFURACAO, DIAMETRO 14\" (400 MM)","M","CR"]
[41988,"TUBO DE REVESTIMENTO, EM ACO, CORPO SCHEDULE 40, PONTEIRA SCHEDULE 80, ROSQUEAVEL E SEGMENTADO PARA PERFURACAO, DIAMETRO 16\" (450 MM)","M","CR"]
[41697,"TUBO DE REVESTIMENTO, EM ACO, CORPO SCHEDULE 40, PONTEIRA SCHEDULE 80, ROSQUEAVEL E SEGMENTADO PARA PERFURACAO, DIAMETRO 4\" (450 MM)","M","CR"]
[41985,"TUBO DE REVESTIMENTO, EM ACO, CORPO SCHEDULE 40, PONTEIRA SCHEDULE 80, ROSQUEAVEL E SEGMENTADO PARA PERFURACAO, DIAMETRO 6\" (200 MM)","M","CR"]
[41699,"TUBO DE REVESTIMENTO, EM ACO, CORPO SCHEDULE 40, PONTEIRA SCHEDULE 80, ROSQUEAVEL E SEGMENTADO PARA PERFURACAO, DIAMETRO 8\" (200 MM)","M","CR"]
[38053,"TUBO DRENO, CORRUGADO, ESPIRALADO, FLEXIVEL, PERFURADO, EM POLIETILENO DE ALTA DENSIDADE (PEAD), DN *160* MM, (6\") PARA DRENAGEM - EM BARRA (NORMA DNIT 093/2006 - EM)","M","CR"]
[38054,"TUBO DRENO, CORRUGADO, ESPIRALADO, FLEXIVEL, PERFURADO, EM POLIETILENO DE ALTA DENSIDADE (PEAD), DN *200* MM, (8\") PARA DRENAGEM - EM BARRA (NORMA DNIT 093/2006 - EM)","M","CR"]
[38052,"TUBO DRENO, CORRUGADO, ESPIRALADO, FLEXIVEL, PERFURADO, EM POLIETILENO DE ALTA DENSIDADE (PEAD), DN 100 MM, (4\") PARA DRENAGEM - EM ROLO (NORMA DNIT 093/2006 - E.M)","M","C"]
[38051,"TUBO DRENO, CORRUGADO, ESPIRALADO, FLEXIVEL, PERFURADO, EM POLIETILENO DE ALTA DENSIDADE (PEAD), DN 65 MM, (2 1/2\") PARA DRENAGEM - EM ROLO (NORMA DNIT 093/2006 - EM)","M","CR"]
[38787,"TUBO MONOCAMADA PEX, DN 16 MM, PARA AGUA QUENTE E FRIA","M","C"]
[38825,"TUBO MONOCAMADA PEX, DN 20 MM, PARA AGUA QUENTE E FRIA","M","CR"]
[38826,"TUBO MONOCAMADA PEX, DN 25 MM, PARA AGUA QUENTE E FRIA","M","CR"]
[38827,"TUBO MONOCAMADA PEX, DN 32 MM, PARA AGUA QUENTE E FRIA","M","CR"]
[38828,"TUBO MULTICAMADA PEX GAS, DN *16* MM","M","CR"]
[38829,"TUBO MULTICAMADA PEX GAS, DN *20* MM","M","CR"]
[38830,"TUBO MULTICAMADA PEX GAS, DN *26* MM","M","CR"]
[38831,"TUBO MULTICAMADA PEX GAS, DN *32* MM","M","CR"]
[36274,"TUBO PPR PN 20, DN 20 MM, PARA AGUA QUENTE PREDIAL","M","C"]
[36278,"TUBO PPR PN 20, DN 25 MM, PARA AGUA QUENTE PREDIAL","M","CR"]
[38977,"TUBO PPR, CLASSE PN 12, DN 110 MM","M","CR"]
[38971,"TUBO PPR, CLASSE PN 12, DN 32 MM","M","CR"]
[38972,"TUBO PPR, CLASSE PN 12, DN 40 MM","M","CR"]
[38973,"TUBO PPR, CLASSE PN 12, DN 50 MM","M","CR"]
[38974,"TUBO PPR, CLASSE PN 12, DN 63 MM","M","CR"]
[38975,"TUBO PPR, CLASSE PN 12, DN 75 MM","M","CR"]
[38976,"TUBO PPR, CLASSE PN 12, DN 90 MM","M","CR"]
[44176,"TUBO PPR, CLASSE PN 20, SOLDAVEL, DN 32 MM PARA AGUA FRIA OU QUENTE PREDIAL","M","CR"]
[38986,"TUBO PPR, CLASSE PN 25, DN 110 MM, PARA AGUA QUENTE E FRIA PREDIAL","M","CR"]
[38978,"TUBO PPR, CLASSE PN 25, DN 20 MM, PARA AGUA QUENTE E FRIA PREDIAL","M","CR"]
[38979,"TUBO PPR, CLASSE PN 25, DN 25 MM, PARA AGUA QUENTE E FRIA PREDIAL","M","CR"]
[38980,"TUBO PPR, CLASSE PN 25, DN 32 MM, PARA AGUA QUENTE E FRIA PREDIAL","M","CR"]
[38981,"TUBO PPR, CLASSE PN 25, DN 40 MM, PARA AGUA QUENTE E FRIA PREDIAL","M","CR"]
[38982,"TUBO PPR, CLASSE PN 25, DN 50 MM, PARA AGUA QUENTE E FRIA PREDIAL","M","CR"]
[38983,"TUBO PPR, CLASSE PN 25, DN 63 MM, PARA AGUA QUENTE E FRIA PREDIAL","M","CR"]
[38984,"TUBO PPR, CLASSE PN 25, DN 75 MM, PARA AGUA QUENTE E FRIA PREDIAL","M","CR"]
[38985,"TUBO PPR, CLASSE PN 25, DN 90 MM, PARA AGUA QUENTE E FRIA PREDIAL","M","CR"]
[38032,"TUBO PVC CORRUGADO, PAREDE DUPLA, JE, DN 150 MM/ DE 160 MM, REDE COLETORA ESGOTO","M","CR",57.73]
[38033,"TUBO PVC CORRUGADO, PAREDE DUPLA, JE, DN 200 MM/ DE 200 MM, REDE COLETORA ESGOTO","M","CR",98.13]
[38034,"TUBO PVC CORRUGADO, PAREDE DUPLA, JE, DN 250 MM/ DE 250 MM, REDE COLETORA ESGOTO","M","CR",153.72999999999999]
[38035,"TUBO PVC CORRUGADO, PAREDE DUPLA, JE, DN 300 MM/ DE 315 MM, REDE COLETORA ESGOTO","M","CR",226.15]
[38036,"TUBO PVC CORRUGADO, PAREDE DUPLA, JE, DN 350 MM/ DE 355 MM, REDE COLETORA ESGOTO","M","CR",304.64999999999998]
[38037,"TUBO PVC CORRUGADO, PAREDE DUPLA, JE, DN 400 MM/ DE 400 MM, REDE COLETORA ESGOTO","M","CR",402.41]
[9850,"TUBO PVC DE REVESTIMENTO GEOMECANICO NERVURADO REFORCADO, DN = 150 MM, COMPRIMENTO = 2 M","M","C"]
[9853,"TUBO PVC DE REVESTIMENTO GEOMECANICO NERVURADO REFORCADO, DN = 200 MM, COMPRIMENTO = 2 M","M","CR"]
[9854,"TUBO PVC DE REVESTIMENTO GEOMECANICO NERVURADO STANDARD, DN = 154 MM, COMPRIMENTO = 2 M","M","CR"]
[9851,"TUBO PVC DE REVESTIMENTO GEOMECANICO NERVURADO STANDARD, DN = 206 MM, COMPRIMENTO = 2 M","M","CR"]
[9825,"TUBO PVC DEFOFO, JEI, 1 MPA, DN 100 MM, PARA REDE DE AGUA (NBR 7665)","M","CR",45.77]
[9828,"TUBO PVC DEFOFO, JEI, 1 MPA, DN 150 MM, PARA REDE DE AGUA (NBR 7665)","M","CR",123.16]
[9829,"TUBO PVC DEFOFO, JEI, 1 MPA, DN 200 MM, PARA REDE DE AGUA (NBR 7665)","M","CR",208.73]
[9826,"TUBO PVC DEFOFO, JEI, 1 MPA, DN 250 MM, PARA REDE DE AGUA (NBR 7665)","M","CR",317.76]
[9827,"TUBO PVC DEFOFO, JEI, 1 MPA, DN 300 MM, PARA REDE DE AGUA (NBR 7665)","M","CR",451.22]
[36374,"TUBO PVC PBA JEI, CLASSE 12, DN 100 MM, PARA REDE DE AGUA (NBR 5647)","M","CR",54.85]
[36084,"TUBO PVC PBA JEI, CLASSE 12, DN 50 MM, PARA REDE DE AGUA (NBR 5647)","M","C",16.25]
[36373,"TUBO PVC PBA JEI, CLASSE 12, DN 75 MM, PARA REDE DE AGUA (NBR 5647)","M","CR",33.74]
[36377,"TUBO PVC PBA JEI, CLASSE 15, DN 100 MM, PARA REDE DE AGUA (NBR 5647)","M","CR",65.8]
[36375,"TUBO PVC PBA JEI, CLASSE 15, DN 50 MM, PARA REDE DE AGUA (NBR 5647)","M","CR",20.05]
[36376,"TUBO PVC PBA JEI, CLASSE 15, DN 75 MM, PARA REDE DE AGUA (NBR 5647)","M","CR",39.380000000000003]
[36380,"TUBO PVC PBA JEI, CLASSE 20, DN 100 MM, PARA REDE DE AGUA (NBR 5647)","M","CR",82.27]
[36378,"TUBO PVC PBA JEI, CLASSE 20, DN 50 MM, PARA REDE DE AGUA (NBR 5647)","M","CR",24.65]
[36379,"TUBO PVC PBA JEI, CLASSE 20, DN 75 MM, PARA REDE DE AGUA (NBR 5647)","M","CR",49.69]
[9859,"TUBO PVC ROSCAVEL, 3/4\", AGUA FRIA PREDIAL","M","CR",10.210000000000001]
[9836,"TUBO PVC SERIE NORMAL, DN 100 MM, PARA ESGOTO PREDIAL (NBR 5688)","M","C",14.61]
[20065,"TUBO PVC SERIE NORMAL, DN 150 MM, PARA ESGOTO PREDIAL (NBR 5688)","M","CR",38.19]
[9835,"TUBO PVC SERIE NORMAL, DN 40 MM, PARA ESGOTO PREDIAL (NBR 5688)","M","CR",6.38]
[9838,"TUBO PVC SERIE NORMAL, DN 50 MM, PARA ESGOTO PREDIAL (NBR 5688)","M","CR",10.54]
[9837,"TUBO PVC SERIE NORMAL, DN 75 MM, PARA ESGOTO PREDIAL (NBR 5688)","M","CR",13.83]
[44315,"TUBO PVC, RIGIDO, CORRUGADO, PERFURADO DN 100 MM, PARA DRENAGEM, SISTEMA IRRIGACAO","M","CR",57.2]
[9862,"TUBO PVC, ROSCAVEL, 1 1/2\", AGUA FRIA PREDIAL","M","CR",31.46]
[9861,"TUBO PVC, ROSCAVEL, 1 1/4\", AGUA FRIA PREDIAL","M","CR",24.71]
[9866,"TUBO PVC, ROSCAVEL, 1\", AGUA FRIA PREDIAL","M","CR",21.32]
[9856,"TUBO PVC, ROSCAVEL, 1/2\", AGUA FRIA PREDIAL","M","CR",7.97]
[9863,"TUBO PVC, ROSCAVEL, 2 1/2\", AGUA FRIA PREDIAL","M","CR",61.68]
[9860,"TUBO PVC, ROSCAVEL, 2\", PARA AGUA FRIA PREDIAL","M","CR",45.02]
[9841,"TUBO PVC, SERIE R, DN 100 MM, PARA ESGOTO OU AGUAS PLUVIAIS PREDIAL (NBR 5688)","M","CR",27.51]
[9840,"TUBO PVC, SERIE R, DN 150 MM, PARA ESGOTO OU AGUAS PLUVIAIS PREDIAL (NBR 5688)","M","CR",58.12]
[20067,"TUBO PVC, SERIE R, DN 40 MM, PARA ESGOTO OU AGUAS PLUVIAIS PREDIAL (NBR 5688)","M","CR",8.92]
[20068,"TUBO PVC, SERIE R, DN 50 MM, PARA ESGOTO OU AGUAS PLUVIAIS PREDIAL (NBR 5688)","M","CR",12.56]
[9839,"TUBO PVC, SERIE R, DN 75 MM, PARA ESGOTO OU AGUAS PLUVIAIS PREDIAL (NBR 5688)","M","CR",22.79]
[9870,"TUBO PVC, SOLDAVEL, DE 110 MM, AGUA FRIA (NBR-5648)","M","CR",91.99]
[9867,"TUBO PVC, SOLDAVEL, DE 20 MM, AGUA FRIA (NBR-5648)","M","CR",3.69]
[9868,"TUBO PVC, SOLDAVEL, DE 25 MM, AGUA FRIA (NBR-5648)","M","C",4.17]
[9869,"TUBO PVC, SOLDAVEL, DE 32 MM, AGUA FRIA (NBR-5648)","M","CR",9]
[9874,"TUBO PVC, SOLDAVEL, DE 40 MM, AGUA FRIA (NBR-5648)","M","CR",14.13]
[9875,"TUBO PVC, SOLDAVEL, DE 50 MM, AGUA FRIA (NBR-5648)","M","CR",15.5]
[9873,"TUBO PVC, SOLDAVEL, DE 60 MM, AGUA FRIA (NBR-5648)","M","CR",25.5]
[9871,"TUBO PVC, SOLDAVEL, DE 75 MM, AGUA FRIA (NBR-5648)","M","CR",42.25]
[9872,"TUBO PVC, SOLDAVEL, DE 85 MM, AGUA FRIA (NBR-5648)","M","CR",58.78]
[12425,"UNIAO COM ASSENTO CONICO DE BRONZE, DIAMETRO 1\"","UN","CR"]
[12426,"UNIAO COM ASSENTO CONICO DE BRONZE, DIAMETRO 1/2\"","UN","CR"]
[12427,"UNIAO COM ASSENTO CONICO DE BRONZE, DIAMETRO 2 1/2\"","UN","CR"]
[12428,"UNIAO COM ASSENTO CONICO DE BRONZE, DIAMETRO 2\"","UN","CR"]
[12429,"UNIAO COM ASSENTO CONICO DE BRONZE, DIAMETRO 3\"","UN","CR"]
[12430,"UNIAO COM ASSENTO CONICO DE BRONZE, DIAMETRO 3/4\"","UN","CR"]
[12431,"UNIAO COM ASSENTO CONICO DE BRONZE, DIAMETRO 4\"","UN","CR"]
[12432,"UNIAO COM ASSENTO CONICO DE FERRO LONGO (MACHO-FEMEA), DIAMETRO 1 1/2\"","UN","CR"]
[12433,"UNIAO COM ASSENTO CONICO DE FERRO LONGO (MACHO-FEMEA), DIAMETRO 1\"","UN","CR"]
[12434,"UNIAO COM ASSENTO CONICO DE FERRO LONGO (MACHO-FEMEA), DIAMETRO 1/2\"","UN","CR"]
[12435,"UNIAO COM ASSENTO CONICO DE FERRO LONGO (MACHO-FEMEA), DIAMETRO 2 1/2\"","UN","CR"]
[12437,"UNIAO COM ASSENTO CONICO DE FERRO LONGO (MACHO-FEMEA), DIAMETRO 2\"","UN","CR"]
[12438,"UNIAO COM ASSENTO CONICO DE FERRO LONGO (MACHO-FEMEA), DIAMETRO 3\"","UN","CR"]
[12439,"UNIAO COM ASSENTO CONICO DE FERRO LONGO (MACHO-FEMEA), DIAMETRO 3/4\"","UN","CR"]
[12436,"UNIAO COM ASSENTO CONICO DE FERRO LONGO (MACHO-FEMEA), DIAMETRO 4\"","UN","CR"]
[36357,"UNIAO COM FLANGE PPR, COM PARAFUSOS, DN 40 MM, PARA AGUA QUENTE PREDIAL","UN","CR"]
[12424,"UNIAO DE FERRO GALVANIZADO, COM ASSENTO CONICO DE BRONZE, DE 1 1/2\"","UN","CR"]
[12440,"UNIAO DE FERRO GALVANIZADO, COM ASSENTO CONICO DE BRONZE, DE 1 1/4\"","UN","CR"]
[9884,"UNIAO DE FERRO GALVANIZADO, COM ROSCA BSP, COM ASSENTO PLANO, DE 1 1/2\"","UN","CR"]
[9888,"UNIAO DE FERRO GALVANIZADO, COM ROSCA BSP, COM ASSENTO PLANO, DE 1 1/4\"","UN","CR"]
[9886,"UNIAO DE FERRO GALVANIZADO, COM ROSCA BSP, COM ASSENTO PLANO, DE 1\"","UN","CR"]
[9883,"UNIAO DE FERRO GALVANIZADO, COM ROSCA BSP, COM ASSENTO PLANO, DE 1/2\"","UN","CR"]
[9889,"UNIAO DE FERRO GALVANIZADO, COM ROSCA BSP, COM ASSENTO PLANO, DE 2 1/2\"","UN","CR"]
[9887,"UNIAO DE FERRO GALVANIZADO, COM ROSCA BSP, COM ASSENTO PLANO, DE 2\"","UN","CR"]
[9890,"UNIAO DE FERRO GALVANIZADO, COM ROSCA BSP, COM ASSENTO PLANO, DE 3\"","UN","CR"]
[9885,"UNIAO DE FERRO GALVANIZADO, COM ROSCA BSP, COM ASSENTO PLANO, DE 3/4\"","UN","CR"]
[9891,"UNIAO DE FERRO GALVANIZADO, COM ROSCA BSP, COM ASSENTO PLANO, DE 4\"","UN","CR"]
[36316,"UNIAO DUPLA PPR DN 25 MM, PARA AGUA QUENTE PREDIAL","UN","CR"]
[36313,"UNIAO DUPLA PPR, DN 20 MM, PARA AGUA QUENTE PREDIAL","UN","CR"]
[64,"UNIAO EM POLIPROPILENO (PP), PARA TUBO EM PEAD, 20 MM - LIGACAO PREDIAL DE AGUA","UN","CR"]
[37423,"UNIAO EM POLIPROPILENO (PP), PARA TUBO EM PEAD, 32 MM - LIGACAO PREDIAL DE AGUA","UN","CR"]
[9892,"UNIAO PVC, ROSCAVEL 1/2\", AGUA FRIA PREDIAL","UN","CR",6.77]
[9901,"UNIAO PVC, ROSCAVEL, 1 1/2\", AGUA FRIA PREDIAL","UN","CR",32.74]
[9900,"UNIAO PVC, ROSCAVEL, 1\", AGUA FRIA PREDIAL","UN","CR",18.97]
[9899,"UNIAO PVC, ROSCAVEL, 3/4\", AGUA FRIA PREDIAL","UN","CR",8.51]
[9908,"UNIAO PVC, SOLDAVEL, 110 MM, PARA AGUA FRIA PREDIAL","UN","CR",382.45]
[9905,"UNIAO PVC, SOLDAVEL, 20 MM, PARA AGUA FRIA PREDIAL","UN","CR",6.65]
[9906,"UNIAO PVC, SOLDAVEL, 25 MM, PARA AGUA FRIA PREDIAL","UN","CR",8.02]
[9895,"UNIAO PVC, SOLDAVEL, 32 MM, PARA AGUA FRIA PREDIAL","UN","CR",13.51]
[9894,"UNIAO PVC, SOLDAVEL, 40 MM, PARA AGUA FRIA PREDIAL","UN","CR",25.98]
[9897,"UNIAO PVC, SOLDAVEL, 50 MM, PARA AGUA FRIA PREDIAL","UN","CR",27.75]
[9910,"UNIAO PVC, SOLDAVEL, 60 MM, PARA AGUA FRIA PREDIAL","UN","CR",72.19]
[9909,"UNIAO PVC, SOLDAVEL, 75 MM, PARA AGUA FRIA PREDIAL","UN","CR",147.02000000000001]
[9907,"UNIAO PVC, SOLDAVEL, 85 MM, PARA AGUA FRIA PREDIAL","UN","CR",173.59]
[20973,"UNIAO TIPO STORZ, COM EMPATACAO INTERNA TIPO ANEL DE EXPANSAO, ENGATE RAPIDO 1 1/2\", PARA MANGUEIRA DE COMBATE A INCENDIO PREDIAL","UN","CR",146.97999999999999]
[20974,"UNIAO TIPO STORZ, COM EMPATACAO INTERNA TIPO ANEL DE EXPANSAO, ENGATE RAPIDO 2 1/2\", PARA MANGUEIRA DE COMBATE A INCENDIO PREDIAL","UN","CR",210.28]
[37989,"UNIAO, CPVC, SOLDAVEL, 15 MM, PARA AGUA QUENTE PREDIAL","UN","CR"]
[37990,"UNIAO, CPVC, SOLDAVEL, 22 MM, PARA AGUA QUENTE PREDIAL","UN","CR"]
[37991,"UNIAO, CPVC, SOLDAVEL, 28 MM, PARA AGUA QUENTE PREDIAL","UN","CR"]
[37992,"UNIAO, CPVC, SOLDAVEL, 35 MM, PARA AGUA QUENTE PREDIAL","UN","CR"]
[37993,"UNIAO, CPVC, SOLDAVEL, 42 MM, PARA AGUA QUENTE PREDIAL","UN","CR"]
[37994,"UNIAO, CPVC, SOLDAVEL, 54 MM, PARA AGUA QUENTE PREDIAL","UN","CR"]
[37995,"UNIAO, CPVC, SOLDAVEL, 73 MM, PARA AGUA QUENTE PREDIAL","UN","CR"]
[37996,"UNIAO, CPVC, SOLDAVEL, 89 MM, PARA AGUA QUENTE PREDIAL","UN","CR"]
[45267,"UNIFORME PROFISSIONAL DE BRIM, CALCA E CAMISA MANGA LONGA COM FAIXA REFLETIVA","UN","CR",192.02]
[38604,"USINA DE ASFALTO A FRIO, CAPACIDADE DE 40 A 60 T/H, ELETRICA, POTENCIA DE 30 CV","UN","CR"]
[10601,"USINA DE ASFALTO A QUENTE, FIXA, TIPO CONTRA FLUXO, CAPACIDADE DE 100 A 140 T/H, POTENCIA DE 280 KW, COM MISTURADOR EXTERNO ROTATIVO","UN","CR"]
[44469,"USINA DE ASFALTO, GRAVIMETRICA, CAPACIDADE DE 150 T/H, POTENCIA DE 400 KW","UN","CR"]
[9914,"USINA DE CONCRETO FIXA, CAPACIDADE NOMINAL DE 90 A 120 M3/H, SEM SILO","UN","C"]
[36485,"USINA DE LAMA ASFALTICA, PROD 30 A 50 T/H, SILO DE AGREGADO 7 M3, RESERVATORIOS PARA EMULSAO E AGUA DE 2,3 M3 CADA, MISTURADOR TIPO PUGG-MILL A SER MONTADO SOBRE CAMINHAO","UN","CR"]
[9912,"USINA DE MISTURAS ASFALTICAS A QUENTE, MOVEL, TIPO CONTRA FLUXO, CAPACIDADE DE 40 A 80 T/H","UN","C"]
[9921,"USINA MISTURADORA DE SOLOS, DOSADORES TRIPLOS, CALHA VIBRATORIA CAPACIDADE DE 200 A 500 T/H, POTENCIA DE 75 KW","UN","CR"]
[21112,"VALVULA DE DESCARGA EM METAL CROMADO PARA MICTORIO COM ACIONAMENTO POR PRESSAO E FECHAMENTO AUTOMATICO","UN","CR",314.02]
[10228,"VALVULA DE DESCARGA METALICA, BASE 1 1/2\" E ACABAMENTO METALICO CROMADO","UN","C",364.8]
[11781,"VALVULA DE DESCARGA METALICA, BASE 1 1/4\" E ACABAMENTO METALICO CROMADO","UN","CR",295.52999999999997]
[37588,"VALVULA DE ESCOAMENTO PARA TANQUE, EM METAL CROMADO, 1.1/2\", SEM LADRAO, COM TAMPAO PLASTICO","UN","CR"]
[11751,"VALVULA DE ESFERA BRUTA EM BRONZE, BITOLA 1 1/2\"","UN","CR",144.38999999999999]
[11750,"VALVULA DE ESFERA BRUTA EM BRONZE, BITOLA 1 1/4\"","UN","CR",119.82]
[11746,"VALVULA DE ESFERA BRUTA EM BRONZE, BITOLA 1\"","UN","CR",80.39]
[11748,"VALVULA DE ESFERA BRUTA EM BRONZE, BITOLA 1/2\"","UN","CR",51.59]
[11747,"VALVULA DE ESFERA BRUTA EM BRONZE, BITOLA 2\"","UN","CR",222.64]
[11749,"VALVULA DE ESFERA BRUTA EM BRONZE, BITOLA 3/4\"","UN","CR",59.55]
[10236,"VALVULA DE RETENCAO DE BRONZE, PE COM CRIVOS, EXTREMIDADE COM ROSCA, DE 1 1/2\", PARA FUNDO DE POCO","UN","CR"]
[10233,"VALVULA DE RETENCAO DE BRONZE, PE COM CRIVOS, EXTREMIDADE COM ROSCA, DE 1 1/4\", PARA FUNDO DE POCO","UN","CR"]
[10234,"VALVULA DE RETENCAO DE BRONZE, PE COM CRIVOS, EXTREMIDADE COM ROSCA, DE 1\", PARA FUNDO DE POCO","UN","CR"]
[10231,"VALVULA DE RETENCAO DE BRONZE, PE COM CRIVOS, EXTREMIDADE COM ROSCA, DE 2 1/2\", PARA FUNDO DE POCO","UN","CR"]
[10232,"VALVULA DE RETENCAO DE BRONZE, PE COM CRIVOS, EXTREMIDADE COM ROSCA, DE 2\", PARA FUNDO DE POCO","UN","CR"]
[10235,"VALVULA DE RETENCAO DE BRONZE, PE COM CRIVOS, EXTREMIDADE COM ROSCA, DE 3\", PARA FUNDO DE POCO","UN","CR"]
[10229,"VALVULA DE RETENCAO DE BRONZE, PE COM CRIVOS, EXTREMIDADE COM ROSCA, DE 3/4\", PARA FUNDO DE POCO","UN","C"]
[10230,"VALVULA DE RETENCAO DE BRONZE, PE COM CRIVOS, EXTREMIDADE COM ROSCA, DE 4\", PARA FUNDO DE POCO","UN","CR"]
[10409,"VALVULA DE RETENCAO HORIZONTAL, DE BRONZE (PN-25), 1 1/2\", 400 PSI, TAMPA DE PORCA DE UNIAO, EXTREMIDADES COM ROSCA","UN","CR"]
[10411,"VALVULA DE RETENCAO HORIZONTAL, DE BRONZE (PN-25), 1 1/4\", 400 PSI, TAMPA DE PORCA DE UNIAO, EXTREMIDADES COM ROSCA","UN","CR"]
[10410,"VALVULA DE RETENCAO HORIZONTAL, DE BRONZE (PN-25), 1\", 400 PSI, TAMPA DE PORCA DE UNIAO, EXTREMIDADES COM ROSCA","UN","CR"]
[10404,"VALVULA DE RETENCAO HORIZONTAL, DE BRONZE (PN-25), 1/2\", 400 PSI, TAMPA DE PORCA DE UNIAO, EXTREMIDADES COM ROSCA","UN","CR"]
[10405,"VALVULA DE RETENCAO HORIZONTAL, DE BRONZE (PN-25), 2 1/2\", 400 PSI, TAMPA DE PORCA DE UNIAO, EXTREMIDADES COM ROSCA","UN","CR"]
[10408,"VALVULA DE RETENCAO HORIZONTAL, DE BRONZE (PN-25), 2\", 400 PSI, TAMPA DE PORCA DE UNIAO, EXTREMIDADES COM ROSCA","UN","CR"]
[10406,"VALVULA DE RETENCAO HORIZONTAL, DE BRONZE (PN-25), 3\", 400 PSI, TAMPA DE PORCA DE UNIAO, EXTREMIDADES COM ROSCA","UN","CR"]
[10412,"VALVULA DE RETENCAO HORIZONTAL, DE BRONZE (PN-25), 3/4\", 400 PSI, TAMPA DE PORCA DE UNIAO, EXTREMIDADES COM ROSCA","UN","CR"]
[10407,"VALVULA DE RETENCAO HORIZONTAL, DE BRONZE (PN-25), 4\", 400 PSI, TAMPA DE PORCA DE UNIAO, EXTREMIDADES COM ROSCA","UN","CR"]
[10416,"VALVULA DE RETENCAO VERTICAL, DE BRONZE (PN-16), 1 1/2\", 200 PSI, EXTREMIDADES COM ROSCA","UN","CR"]
[10419,"VALVULA DE RETENCAO VERTICAL, DE BRONZE (PN-16), 1 1/4\", 200 PSI, EXTREMIDADES COM ROSCA","UN","CR"]
[10418,"VALVULA DE RETENCAO VERTICAL, DE BRONZE (PN-16), 1\", 200 PSI, EXTREMIDADES COM ROSCA","UN","CR"]
[21092,"VALVULA DE RETENCAO VERTICAL, DE BRONZE (PN-16), 1/2\", 200 PSI, EXTREMIDADES COM ROSCA","UN","CR"]
[12657,"VALVULA DE RETENCAO VERTICAL, DE BRONZE (PN-16), 2 1/2\", 200 PSI, EXTREMIDADES COM ROSCA","UN","CR"]
[10417,"VALVULA DE RETENCAO VERTICAL, DE BRONZE (PN-16), 2\", 200 PSI, EXTREMIDADES COM ROSCA","UN","CR"]
[10414,"VALVULA DE RETENCAO VERTICAL, DE BRONZE (PN-16), 3\", 200 PSI, EXTREMIDADES COM ROSCA","UN","CR"]
[10413,"VALVULA DE RETENCAO VERTICAL, DE BRONZE (PN-16), 3/4\", 200 PSI, EXTREMIDADES COM ROSCA","UN","CR"]
[10415,"VALVULA DE RETENCAO VERTICAL, DE BRONZE (PN-16), 4\", 200 PSI, EXTREMIDADES COM ROSCA","UN","CR"]
[38643,"VALVULA EM METAL CROMADO PARA LAVATORIO, 1\" SEM LADRAO","UN","CR"]
[6157,"VALVULA EM METAL CROMADO PARA PIA AMERICANA 3.1/2 X 1.1/2\"","UN","CR"]
[6158,"VALVULA EM PLASTICO BRANCO PARA LAVATORIO 1\", SEM UNHO, COM LADRAO","UN","CR",7.22]
[6156,"VALVULA EM PLASTICO BRANCO PARA TANQUE 1.1/4\" X 1.1/2\", SEM UNHO E SEM LADRAO","UN","CR",6.19]
[6153,"VALVULA EM PLASTICO BRANCO PARA TANQUE OU LAVATORIO 1\", SEM UNHO E SEM LADRAO","UN","CR",4.97]
[6154,"VALVULA EM PLASTICO CROMADO PARA LAVATORIO 1\", SEM UNHO, COM LADRAO","UN","CR",8.83]
[6155,"VALVULA EM PLASTICO CROMADO TIPO AMERICANA PARA PIA DE COZINHA 3.1/2\" X 1.1/2\", SEM ADAPTADOR","UN","CR",20.32]
[43595,"VARA FINA PARA CREMONA, EM FERRO ZINCADO BRANCO, COM DIAMETRO DE APROX 10 MM E COMPRIMENTO DE 1,20 M","UN","CR",18.61]
[43596,"VARA FINA PARA CREMONA, EM FERRO ZINCADO BRANCO, COM DIAMETRO DE APROX 10 MM E COMPRIMENTO DE 1,50 M","UN","CR",21.51]
[38108,"VARIADOR DE LUMINOSIDADE ROTATIVO (DIMMER) 127 V, 300 W (APENAS MODULO)","UN","CR",67.7]
[38087,"VARIADOR DE LUMINOSIDADE ROTATIVO (DIMMER) 127V, 300W, CONJUNTO MONTADO PARA EMBUTIR 4\" X 2\" (PLACA + SUPORTE + MODULO)","UN","CR",87.08]
[38109,"VARIADOR DE LUMINOSIDADE ROTATIVO (DIMMER) 220 V, 600 W (APENAS MODULO)","UN","CR",108.21]
[38088,"VARIADOR DE LUMINOSIDADE ROTATIVO (DIMMER) 220V, 600W, CONJUNTO MONTADO PARA EMBUTIR 4\" X 2\" (PLACA + SUPORTE + MODULO)","UN","CR",113.78]
[38110,"VARIADOR DE VELOCIDADE PARA VENTILADOR 127 V, 150 W (APENAS MODULO)","UN","CR",41.62]
[38089,"VARIADOR DE VELOCIDADE PARA VENTILADOR 127V, 150W + 2 INTERRUPTORES PARALELOS, PARA REVERSAO E LAMPADA, CONJUNTO MONTADO PARA EMBUTIR 4\" X 2\" (PLACA + SUPORTE + MODULOS)","UN","CR",72.53]
[38111,"VARIADOR DE VELOCIDADE PARA VENTILADOR 220 V, 250 W (APENAS MODULO)","UN","CR",46.55]
[38090,"VARIADOR DE VELOCIDADE PARA VENTILADOR 220V, 250W + 2 INTERRUPTORES PARALELOS, PARA REVERSAO E LAMPADA, CONJUNTO MONTADO PARA EMBUTIR 4\" X 2\" (PLACA + SUPORTE + MODULOS)","UN","CR",74.97]
[38400,"VASSOURA 40 CM COM CABO","UN","CR",40.090000000000003]
[13726,"VASSOURA MECANICA REBOCAVEL COM ESCOVA CILINDRICA LARGURA UTIL DE VARRIMENTO = 2,44M","UN","CR"]
[12627,"VEDACAO DE CALHA, EM BORRACHA COR PRETA, MEDIDA ENTRE 119 E 170 MM, PARA DRENAGEM PLUVIAL PREDIAL","UN","CR",1.26]
[39996,"VERGALHAO ZINCADO ROSCA TOTAL, 1/4\" (6,3 MM)","M","CR",5.47]
[10478,"VERNIZ A BASE RESINA ALQUIDICA COM POLIURETANO PARA MADEIRA, COM FILTRO SOLAR, BRILHANTE, USO INTERNO E EXTERNO","L","C",46.17]
[10481,"VERNIZ MARITIMO PREMIUM PARA MADEIRA, COM FILTRO SOLAR, BRILHANTE, USO INTERNO E EXTERNO","L","CR",41.06]
[10475,"VERNIZ TIPO COPAL PARA MADEIRA, BRILHANTE, USO INTERNO","L","CR",39.729999999999997]
[4030,"VEU DE POLIESTER PARA IMPERMEABILIZACAO","M2","CR",8.34]
[4031,"VEU DE VIDRO/VEU DE SUPERFICIE 30 A 35 G/M2","M2","CR",39.19]
[11652,"VIBRADOR DE IMERSAO, DIAMETRO DA PONTEIRA DE *35* MM, COM MOTOR 4 TEMPOS A GASOLINA DE 5,5 HP (5,5 CV)","UN","C"]
[13896,"VIBRADOR DE IMERSAO, DIAMETRO DA PONTEIRA DE *45* MM, COM MOTOR ELETRICO TRIFASICO DE 2 HP (2 CV)","UN","CR"]
[44470,"VIBROACABADORA DE ASFALTO SOBRE ESTEIRAS, LARG. PAVIM. 2,13 M A 4,55 M, POT. 74 KW/ 100 HP, CAP. 400 T/ H","UN","CR"]
[13476,"VIBROACABADORA DE ASFALTO SOBRE ESTEIRAS, LARG. PAVIM. 2,60 M A 5,75 M, POT. 110 HP, CAP. 450 T/ H","UN","CR"]
[44491,"VIBROACABADORA DE ASFALTO SOBRE ESTEIRAS, LARG. PAVIM. MAX. 8,00 M, POT. 100 KW/ 134 HP, CAP. 600 T/ H","UN","CR"]
[10488,"VIBROACABADORA DE ASFALTO SOBRE ESTEIRAS, LARG. PAVIMENT. 1,90 A 5,3 M, POT. 78 KW/105 HP, CAP. 450 T/H","UN","C"]
[13606,"VIBROACABADORA DE ASFALTO SOBRE RODAS, LARGURA DE PAVIMENTACAO DE 1,70 A 4,20 M, POTENCIA 78 KW/105 HP, CAPACIDADE 300 T/H","UN","CR"]
[10489,"VIDRACEIRO (HORISTA)","H","CR",15.4]
[41073,"VIDRACEIRO (MENSALISTA)","MES","CR",2688.84]
[34391,"VIDRO COMUM LAMINADO LISO INCOLOR DUPLO, ESPESSURA TOTAL 8 MM (CADA CAMADA DE 4 MM) - COLOCADO","M2","CR",861.75]
[10496,"VIDRO COMUM LAMINADO, LISO, INCOLOR, DUPLO, ESPESSURA TOTAL 6 MM (CADA CAMADA E= 3 MM) - COLOCADO","M2","CR",750]
[10497,"VIDRO COMUM LAMINADO, LISO, INCOLOR, TRIPLO, ESPESSURA TOTAL 12 MM (CADA CAMADA E= 4 MM) - COLOCADO","M2","CR",1949.99]
[10504,"VIDRO COMUM LAMINADO, LISO, INCOLOR, TRIPLO, ESPESSURA TOTAL 15 MM (CADA CAMADA E = 5 MM) - COLOCADO","M2","CR",2280]
[34390,"VIDRO CRISTAL COLORIDO, 10 MM, PINTADO NA COR BRANCA","M2","CR",671.99]
[34389,"VIDRO CRISTAL COLORIDO, 4 MM, PINTADO NA COR BRANCA","M2","CR",210]
[34388,"VIDRO CRISTAL COLORIDO, 6 MM, PINTADO NA COR BRANCA","M2","CR",298.47000000000003]
[34387,"VIDRO CRISTAL COLORIDO, 8 MM, PINTADO NA COR BRANCA","M2","CR",484.5]
[11188,"VIDRO LISO FUME E = 4MM - SEM COLOCACAO","M2","CR",239.99]
[11189,"VIDRO LISO FUME E = 6MM - SEM COLOCACAO","M2","CR",360]
[21107,"VIDRO LISO FUME, E = 5 MM - SEM COLOCACAO","M2","CR",259.07]
[34386,"VIDRO LISO INCOLOR 10 MM - SEM COLOCACAO","M2","CR",450]
[10490,"VIDRO LISO INCOLOR 2 A 3 MM - SEM COLOCACAO","M2","CR",157.5]
[10492,"VIDRO LISO INCOLOR 4MM - SEM COLOCACAO","M2","C",180]
[10493,"VIDRO LISO INCOLOR 5MM - SEM COLOCACAO","M2","CR",210]
[10491,"VIDRO LISO INCOLOR 6 MM - SEM COLOCACAO","M2","CR",255]
[34385,"VIDRO LISO INCOLOR 8MM - SEM COLOCACAO","M2","CR",372]
[10499,"VIDRO MARTELADO OU CANELADO, 4 MM - SEM COLOCACAO","M2","CR",149.99]
[34384,"VIDRO PLANO ARAMADO E = 6 MM - SEM COLOCACAO","M2","CR",450]
[11185,"VIDRO PLANO ARAMADO E = 7MM - SEM COLOCACAO","M2","CR",464.99]
[10507,"VIDRO TEMPERADO INCOLOR E = 10 MM, SEM COLOCACAO","M2","CR",526.99]
[10505,"VIDRO TEMPERADO INCOLOR E = 6 MM, SEM COLOCACAO","M2","CR",310.95999999999998]
[10506,"VIDRO TEMPERADO INCOLOR E = 8 MM, SEM COLOCACAO","M2","CR",405.94]
[5031,"VIDRO TEMPERADO INCOLOR PARA PORTA DE ABRIR, E = 10 MM (SEM FERRAGENS E SEM COLOCACAO)","M2","C",570]
[10502,"VIDRO TEMPERADO VERDE E = 10 MM, SEM COLOCACAO","M2","CR",664.18]
[10501,"VIDRO TEMPERADO VERDE E = 6 MM, SEM COLOCACAO","M2","CR",375.24]
[10503,"VIDRO TEMPERADO VERDE E = 8 MM, SEM COLOCACAO","M2","CR",506.95]
[4500,"VIGA *7,5 X 10* CM EM PINUS, MISTA OU EQUIVALENTE DA REGIAO - BRUTA","M","CR",22.66]
[4448,"VIGA *7,5 X 15 CM EM PINUS, MISTA OU EQUIVALENTE DA REGIAO - BRUTA","M","CR",31.13]
[20213,"VIGA APARELHADA *6 X 12* CM, EM MACARANDUBA/MASSARANDUBA, ANGELIM OU EQUIVALENTE DA REGIAO","M","CR",19.13]
[20211,"VIGA APARELHADA *6 X 16* CM, EM MACARANDUBA/MASSARANDUBA, ANGELIM OU EQUIVALENTE DA REGIAO","M","CR",25.33]
[40270,"VIGA DE ESCORAMENTO H20, DE MADEIRA, PESO DE 5,00 A 5,20 KG/M, COM EXTREMIDADES PLASTICAS","M","C"]
[4425,"VIGA NAO APARELHADA *6 X 12* CM, EM MACARANDUBA/MASSARANDUBA, ANGELIM OU EQUIVALENTE DA REGIAO - BRUTA","M","CR",20.94]
[4472,"VIGA NAO APARELHADA *6 X 16* CM, EM MACARANDUBA/MASSARANDUBA, ANGELIM OU EQUIVALENTE DA REGIAO - BRUTA","M","CR",26.16]
[35272,"VIGA NAO APARELHADA *6 X 20* CM, EM MACARANDUBA/MASSARANDUBA, ANGELIM OU EQUIVALENTE DA REGIAO - BRUTA","M","CR",37.81]
[4481,"VIGA NAO APARELHADA *8 X 16* CM EM MACARANDUBA/MASSARANDUBA, ANGELIM OU EQUIVALENTE DA REGIAO - BRUTA","M","CR",40.47]
[34345,"VIGIA DIURNO (HORISTA)","H","CR",16.36]
[41096,"VIGIA DIURNO (MENSALISTA)","MES","CR",2854.05]

{"sheet":"COT01","index":9,"n_rows":40,"n_cols":16,"rows_kept":40,"cut":false,"hidden":true,"merged":[[34,11,35,11],[36,1,36,10],[34,1,35,10],[22,1,22,8],[23,1,23,8],[27,1,27,8],[28,1,28,8],[31,1,33,10],[26,1,26,8],[31,11,33,11],[24,1,24,8],[25,1,25,8],[0,0,0,6],[19,1,19,8],[20,1,20,8],[21,1,21,8],[7,14,7,15],[7,1,7,11],[16,1,16,11],[18,1,18,8],[17,1,17,8],[6,14,6,15],[16,14,16,15],[6,2,6,7]]}
[]
[null,"Processo","59500.003753/2025-45"]
[null,"Responsável","Kaio Gabriel, Alessandra Brant, Alberto Nascimento"]
[null,"Área de Origem","AI/GAP/UGI"]
[null,"Data da pesquisa"]
[]
[null,"ITEM:","TUBO PEBD DI 16MM PN30",{"$nulls":5},"UNIDADE DE MEDIDA:","m","QUANTIDADE:",6100,null,null,"Tabela auxiliar de metodologias para exclusão de preços"]
[null,"LICITAÇÕES ANTERIORES",{"$nulls":12},"Licitações Anteriores"]
[null,"Órgão","Edital/Ano - Nº do Lote / Item","Quantidade","Valor Unitário","Data","índice de atualização (nome)","I0","If","Variação acumulada do índice (%)","Preço unitário atualizado","Utilizar?  (Sim/Não)",null,null,"Outliers","Por critério do(a) analista"]
[{"$nulls":9},{"$f":"IF(ISBLANK(E10),\"\",IF(ISNUMBER(H10),(I10-H10)/H10,0))","v":""},{"$f":"IF(ISBLANK(E10),\"\",E10*(1+J10))","v":""},{"$f":"IF(ISNUMBER(K10),IF($L$32<>$P$9,O10,P10),\"\")","v":""},null,null,{"$f":"IF(ISNUMBER(K10),IF(OR(K10<_xlfn.QUARTILE.INC($K$10:$K$29,1)-1.5*(_xlfn.QUARTILE.INC($K$10:K29,3)-_xlfn.QUARTILE.INC($K$10:$K$29,1)),K10>_xlfn.QUARTILE.INC($K$10:$K$29,3)+1.5*(_xlfn.QUARTILE.INC($K$10:$K$29,3)-_xlfn.QUARTILE.INC($K$10:$K$29,1))),\"Não\",\"Sim\"),\"\")","v":""}]
[{"$nulls":9},{"$f":"IF(ISBLANK(E11),\"\",IF(ISNUMBER(H11),(I11-H11)/H11,0))","v":""},{"$f":"IF(ISBLANK(E11),\"\",E11*(1+J11))","v":""},"",null,null,{"$f":"IF(ISNUMBER(K11),IF(OR(K11<_xlfn.QUARTILE.INC($K$10:$K$29,1)-1.5*(_xlfn.QUARTILE.INC($K$10:K29,3)-_xlfn.QUARTILE.INC($K$10:$K$29,1)),K11>_xlfn.QUARTILE.INC($K$10:$K$29,3)+1.5*(_xlfn.QUARTILE.INC($K$10:$K$29,3)-_xlfn.QUARTILE.INC($K$10:$K$29,1))),\"Não\",\"Sim\"),\"\")","v":""}]
[{"$nulls":9},"","","",null,null,{"$f":"IF(ISNUMBER(K12),IF(OR(K12<_xlfn.QUARTILE.INC($K$10:$K$29,1)-1.5*(_xlfn.QUARTILE.INC($K$10:K30,3)-_xlfn.QUARTILE.INC($K$10:$K$29,1)),K12>_xlfn.QUARTILE.INC($K$10:$K$29,3)+1.5*(_xlfn.QUARTILE.INC($K$10:$K$29,3)-_xlfn.QUARTILE.INC($K$10:$K$29,1))),\"Não\",\"Sim\"),\"\")","v":""}]
[{"$nulls":9},"","","",null,null,{"$f":"IF(ISNUMBER(K13),IF(OR(K13<_xlfn.QUARTILE.INC($K$10:$K$29,1)-1.5*(_xlfn.QUARTILE.INC($K$10:K31,3)-_xlfn.QUARTILE.INC($K$10:$K$29,1)),K13>_xlfn.QUARTILE.INC($K$10:$K$29,3)+1.5*(_xlfn.QUARTILE.INC($K$10:$K$29,3)-_xlfn.QUARTILE.INC($K$10:$K$29,1))),\"Não\",\"Sim\"),\"\")","v":""}]
[{"$nulls":9},"","","",null,null,{"$f":"IF(ISNUMBER(K14),IF(OR(K14<_xlfn.QUARTILE.INC($K$10:$K$29,1)-1.5*(_xlfn.QUARTILE.INC($K$10:K32,3)-_xlfn.QUARTILE.INC($K$10:$K$29,1)),K14>_xlfn.QUARTILE.INC($K$10:$K$29,3)+1.5*(_xlfn.QUARTILE.INC($K$10:$K$29,3)-_xlfn.QUARTILE.INC($K$10:$K$29,1))),\"Não\",\"Sim\"),\"\")","v":""}]
[{"$nulls":9},"","","",null,null,{"$f":"IF(ISNUMBER(K15),IF(OR(K15<_xlfn.QUARTILE.INC($K$10:$K$29,1)-1.5*(_xlfn.QUARTILE.INC($K$10:K35,3)-_xlfn.QUARTILE.INC($K$10:$K$29,1)),K15>_xlfn.QUARTILE.INC($K$10:$K$29,3)+1.5*(_xlfn.QUARTILE.INC($K$10:$K$29,3)-_xlfn.QUARTILE.INC($K$10:$K$29,1))),\"Não\",\"Sim\"),\"\")","v":""}]
[{"$nulls":9},"","","",null,null,{"$f":"IF(ISNUMBER(K16),IF(OR(K16<_xlfn.QUARTILE.INC($K$10:$K$29,1)-1.5*(_xlfn.QUARTILE.INC($I$10:I37,3)-_xlfn.QUARTILE.INC($K$10:$K$29,1)),K16>_xlfn.QUARTILE.INC($K$10:$K$29,3)+1.5*(_xlfn.QUARTILE.INC($K$10:$K$29,3)-_xlfn.QUARTILE.INC($K$10:$K$29,1))),\"Não\",\"Sim\"),\"\")","v":""}]
[null,"COTAÇÕES DE MERCADO",{"$nulls":12},"Cotações"]
[null,"Empresa",{"$nulls":7},"Data","Preço Unitário","Utilizar? (Sim/Não)",null,null,"Outliers","Por critério do(a) analista"]
[null,"BRASMAQUINAS COMERCIO DE MAQUINAS E IRRIGACAO LTDA (CNPJ : 00145531000334)   E-mail: MARCOS.GOMES@BRASMAQUINAS.COM.BR",{"$nulls":7},"2025-08-22",1.18,"Não",null,null,{"$f":"IF(ISNUMBER(K19),IF(OR(K19<_xlfn.QUARTILE.INC($K$10:$K$29,1)-1.5*(_xlfn.QUARTILE.INC($K$10:$K$29,3)-_xlfn.QUARTILE.INC($K$10:$K$29,1)),K19>_xlfn.QUARTILE.INC($K$10:$K$29,3)+1.5*(_xlfn.QUARTILE.INC($K$10:$K$29,3)-_xlfn.QUARTILE.INC($K$10:$K$29,1))),\"Não\",\"Sim\"),\"\")","v":"Sim"}]
[null,"IRRIGASOL Irrigação e energia Solar LTDA (CNPJ: 46.152.561/0001-07) E-mail:irrigasol.mgmontalvania@gmail.com",{"$nulls":7},"2025-09-11",1.35,{"$f":"IF(ISNUMBER(K20),IF($L$32=$O$18,O20,IF($L$32=$P$18,P20,\"\")),\"\")","v":"Sim"},null,null,"Sim"]
[null,"VCA IRRIGAÇÃO LTDA (CNPJ: 26.466.226/0001-76) financeiro@minasbombas.com.br",{"$nulls":7},"2025-08-27",1.45,"Não",null,null,"Sim"]
[null,"Tradição Agrícola - https://www.tradicaoagricola.com.br/tubo-cego-microtubo/tubo-cego-para-irrigacao-16mm-di-13-8mm-500m-rivulis?parceiro=2545&srsltid=AfmBOooqvlteK_-6oJihK2XyKj3djvlOFcib3uIZevryOnkdlx6cAz2qneo",{"$nulls":7},"2025-11-10",{"$f":"(680.75+196.05)/500","v":1.75},"Sim",null,null,"Sim"]
[null,"Safra Irrigação - https://www.safrairrigacao.com.br/mangueira-pelbd-16mm-pn30--irritec-18984-1?region_id=000001&srsltid=AfmBOoqTWXlDWS1kAwqO66ycgpsCNDxaNhh9L-iSazeE1THK-89ZtCM5pKg",{"$nulls":7},"2025-11-10",{"$f":"(515+231.24)/500","v":1.49},"Sim",null,null,"Sim"]
[null,"FERPAM - https://www.ferpam.com.br/500mt-tubo-irrig-pelbd-16009-dn16-pn30-netafim.html?srsltid=AfmBOorg1g2iUNloqM2zUuDaNC9zQ7kBwUSLYhmNGz2MheBlHoQDosRyjGU",{"$nulls":7},"2025-11-10",{"$f":"(556.61+24.47)/500","v":1.1599999999999999},"Sim",null,null,"Sim"]
[{"$nulls":11},"",null,null,""]
[{"$nulls":11},"",null,null,""]
[{"$nulls":11},"",null,null,""]
[{"$nulls":11},"",null,null,""]
[{"$nulls":11},"",null,null,""]
[null,"Observações:",{"$nulls":8},"Média:",{"$f":"IF($L$32=\"\",\"Selecione metodologia para exclusão de preços\",AVERAGE(IF($L$10:$L$29=\"Sim\",$K$10:$K$29)))","v":1.44},null,"Média (Cotações)",{"$f":"IF(COUNTIF(O19:O29,\"Sim\")<3,\"N/D (são necessários pelo menos 3 preços)\",AVERAGE(IF(O19:O29=\"Sim\",$K19:$K29)))","v":1.4},{"$f":"IF(COUNTIF(P19:P29,\"Sim\")<3,\"N/D (são necessários pelo menos 3 preços)\",AVERAGE(IF(P19:P29=\"Sim\",$K19:$K29)))","v":"N/D (são necessários pelo menos 3 preços)"}]
[{"$nulls":10},"Mediana:",{"$f":"IF($L$32=\"\",\"Selecione metodologia para exclusão de preços\",MEDIAN(IF($L$10:$L$29=\"Sim\",$K$10:$K$29)))","v":1.42},null,"Mediana (Cotações)",{"$f":"IF(COUNTIF(O19:O29,\"Sim\")<3,\"N/D (são necessários pelo menos 3 preços)\",MEDIAN(IF(O19:O29=\"Sim\",$K19:$K29)))","v":1.4},{"$f":"IF(COUNTIF(P19:P29,\"Sim\")<3,\"N/D (são necessários pelo menos 3 preços)\",MEDIAN(IF(P19:P29=\"Sim\",$K19:$K29)))","v":"N/D (são necessários pelo menos 3 preços)"}]
[null,"Metodologia de exclusão de preços adotada:",{"$nulls":9},{"$f":"IF(O35=\"\",INDEX(O18:P18,MATCH(MIN(#REF!),#REF!,0)),O35)","v":"Outliers"},null,"CV (Cotações)",{"$f":"IF(COUNTIF(O19:O29,\"Sim\")<3,\"N/D (são necessários pelo menos 3 preços)\",_xlfn.STDEV.S(IF(O19:O29=\"Sim\",$K19:$K29))/AVERAGE(IF(O19:O29=\"Sim\",$K19:$K29)))","v":0.15740000000000001},{"$f":"IF(COUNTIF(P19:P29,\"Sim\")<3,\"N/D (são necessários pelo menos 3 preços)\",_xlfn.STDEV.S(IF(P19:P29=\"Sim\",$K19:$K29))/AVERAGE(IF(P19:P29=\"Sim\",$K19:$K29)))","v":"N/D (são necessários pelo menos 3 preços)"}]
[{"$nulls":13},"Média",{"$f":"IF(SUM(COUNTIF($O$10:$O$16,\"Sim\")) + SUM(COUNTIF(O19:O29,\"Sim\")) < 3,\n   \"N/D (são necessários pelo menos 3 preços)\",\n   IFERROR(AVERAGE(_xlfn._xlws.FILTER($K$10:$K$16,$O$10:$O$16=\"Sim\"), _xlfn._xlws.FILTER($K$19:$K$29,O19:O29=\"Sim\")),O30))","v":1.4},{"$f":"IF(SUM(COUNTIF($P$10:$P$16,\"Sim\")) + SUM(COUNTIF(P19:P29,\"Sim\")) < 3,\n   \"N/D (são necessários pelo menos 3 preços)\",\n   IFERROR(AVERAGE(_xlfn._xlws.FILTER($K$10:$K$16,$P$10:$P$16=\"Sim\"), _xlfn._xlws.FILTER($K$19:$K$29,P19:P29=\"Sim\")),P30))","v":"N/D (são necessários pelo menos 3 preços)"}]
[{"$nulls":13},"Mediana",{"$f":"IF(SUM(COUNTIF($O$10:$O$16,\"Sim\")) + SUM(COUNTIF(O19:O29,\"Sim\")) < 3,\n   \"N/D (são necessários pelo menos 3 preços)\",\n   IFERROR(MEDIAN(_xlfn._xlws.FILTER($K$10:$K$16,$O$10:$O$16=\"Sim\"), _xlfn._xlws.FILTER($K$19:$K$29,O19:O29=\"Sim\")),O31))","v":1.4},{"$f":"IF(SUM(COUNTIF($P10:$P$16,\"Sim\")) + SUM(COUNTIF(P19:P29,\"Sim\")) < 3,\n   \"N/D (são necessários pelo menos 3 preços)\",\n   IFERROR(MEDIAN(_xlfn._xlws.FILTER($K$10:$K$16,$P$10:$P$16=\"Sim\"), _xlfn._xlws.FILTER($K$19:$K$29,P19:P29=\"Sim\")),P31))","v":"N/D (são necessários pelo menos 3 preços)"}]
[null,"COSOLIDAÇÃO DOS PREÇOS",{"$nulls":11},"Metodologia a adotar:",{"$f":"IF(INDEX(O18:P18,P35)=0,\"\",INDEX(O18:P18,P35))","v":"Outliers"},1]
[]
[null,"PREÇO UNITÁRIO ESTIMADO ADOTADO:",{"$nulls":9},{"$f":"IF($B$39=\"Mediana:\",L31,L30)","v":1.42}]
[]
[{"$f":"O18","v":"Outliers"},"Mediana:"]
[{"$f":"P18","v":"Por critério do(a) analista"}]

{"sheet":"COT02","index":10,"n_rows":40,"n_cols":16,"rows_kept":40,"cut":false,"hidden":true,"merged":[[16,1,16,11],[16,14,16,15],[0,0,0,6],[6,2,6,7],[6,14,6,15],[7,1,7,11],[7,14,7,15],[28,1,28,8],[17,1,17,8],[18,1,18,8],[19,1,19,8],[20,1,20,8],[21,1,21,8],[22,1,22,8],[23,1,23,8],[24,1,24,8],[25,1,25,8],[26,1,26,8],[27,1,27,8],[31,1,33,10],[31,11,33,11],[34,1,35,10],[34,11,35,11],[36,1,36,10]]}
[]
[null,"Processo","59500.003753/2025-45"]
[null,"Responsável","Kaio Gabriel, Alessandra Brant, Alberto Nascimento"]
[null,"Área de Origem","AI/GAP/UGI"]
[null,"Data da pesquisa"]
[]
[null,"ITEM:","TUBO GOTEJADOR DI16MM PAREDE 15MIL 1,85LPH X 0,20M",{"$nulls":5},"UNIDADE DE MEDIDA:","m","QUANTIDADE:",4000,null,null,"Tabela auxiliar de metodologias para exclusão de preços"]
[null,"LICITAÇÕES ANTERIORES",{"$nulls":12},"Licitações Anteriores"]
[null,"Órgão","Edital/Ano - Nº do Lote / Item","Quantidade","Valor Unitário","Data","índice de atualização (nome)","I0","If","Variação acumulada do índice (%)","Preço unitário atualizado","Utilizar?  (Sim/Não)",null,null,"Outliers","Por critério do(a) analista"]
[{"$nulls":9},{"$f":"IF(ISBLANK(E10),\"\",IF(ISNUMBER(H10),(I10-H10)/H10,0))","v":""},{"$f":"IF(ISBLANK(E10),\"\",E10*(1+J10))","v":""},{"$f":"IF(ISNUMBER(K10),IF($L$32<>$P$9,O10,P10),\"\")","v":""},null,null,{"$f":"IF(ISNUMBER(K10),IF(OR(K10<_xlfn.QUARTILE.INC($K$10:$K$29,1)-1.5*(_xlfn.QUARTILE.INC($K$10:K29,3)-_xlfn.QUARTILE.INC($K$10:$K$29,1)),K10>_xlfn.QUARTILE.INC($K$10:$K$29,3)+1.5*(_xlfn.QUARTILE.INC($K$10:$K$29,3)-_xlfn.QUARTILE.INC($K$10:$K$29,1))),\"Não\",\"Sim\"),\"\")","v":""}]
[{"$nulls":9},{"$f":"IF(ISBLANK(E11),\"\",IF(ISNUMBER(H11),(I11-H11)/H11,0))","v":""},{"$f":"IF(ISBLANK(E11),\"\",E11*(1+J11))","v":""},"",null,null,{"$f":"IF(ISNUMBER(K11),IF(OR(K11<_xlfn.QUARTILE.INC($K$10:$K$29,1)-1.5*(_xlfn.QUARTILE.INC($K$10:K29,3)-_xlfn.QUARTILE.INC($K$10:$K$29,1)),K11>_xlfn.QUARTILE.INC($K$10:$K$29,3)+1.5*(_xlfn.QUARTILE.INC($K$10:$K$29,3)-_xlfn.QUARTILE.INC($K$10:$K$29,1))),\"Não\",\"Sim\"),\"\")","v":""}]
[{"$nulls":9},"","","",null,null,{"$f":"IF(ISNUMBER(K12),IF(OR(K12<_xlfn.QUARTILE.INC($K$10:$K$29,1)-1.5*(_xlfn.QUARTILE.INC($K$10:K30,3)-_xlfn.QUARTILE.INC($K$10:$K$29,1)),K12>_xlfn.QUARTILE.INC($K$10:$K$29,3)+1.5*(_xlfn.QUARTILE.INC($K$10:$K$29,3)-_xlfn.QUARTILE.INC($K$10:$K$29,1))),\"Não\",\"Sim\"),\"\")","v":""}]
[{"$nulls":9},"","","",null,null,{"$f":"IF(ISNUMBER(K13),IF(OR(K13<_xlfn.QUARTILE.INC($K$10:$K$29,1)-1.5*(_xlfn.QUARTILE.INC($K$10:K31,3)-_xlfn.QUARTILE.INC($K$10:$K$29,1)),K13>_xlfn.QUARTILE.INC($K$10:$K$29,3)+1.5*(_xlfn.QUARTILE.INC($K$10:$K$29,3)-_xlfn.QUARTILE.INC($K$10:$K$29,1))),\"Não\",\"Sim\"),\"\")","v":""}]
[{"$nulls":9},"","","",null,null,{"$f":"IF(ISNUMBER(K14),IF(OR(K14<_xlfn.QUARTILE.INC($K$10:$K$29,1)-1.5*(_xlfn.QUARTILE.INC($K$10:K32,3)-_xlfn.QUARTILE.INC($K$10:$K$29,1)),K14>_xlfn.QUARTILE.INC($K$10:$K$29,3)+1.5*(_xlfn.QUARTILE.INC($K$10:$K$29,3)-_xlfn.QUARTILE.INC($K$10:$K$29,1))),\"Não\",\"Sim\"),\"\")","v":""}]
[{"$nulls":9},"","","",null,null,{"$f":"IF(ISNUMBER(K15),IF(OR(K15<_xlfn.QUARTILE.INC($K$10:$K$29,1)-1.5*(_xlfn.QUARTILE.INC($K$10:K35,3)-_xlfn.QUARTILE.INC($K$10:$K$29,1)),K15>_xlfn.QUARTILE.INC($K$10:$K$29,3)+1.5*(_xlfn.QUARTILE.INC($K$10:$K$29,3)-_xlfn.QUARTILE.INC($K$10:$K$29,1))),\"Não\",\"Sim\"),\"\")","v":""}]
[{"$nulls":9},"","","",null,null,{"$f":"IF(ISNUMBER(K16),IF(OR(K16<_xlfn.QUARTILE.INC($K$10:$K$29,1)-1.5*(_xlfn.QUARTILE.INC($I$10:I37,3)-_xlfn.QUARTILE.INC($K$10:$K$29,1)),K16>_xlfn.QUARTILE.INC($K$10:$K$29,3)+1.5*(_xlfn.QUARTILE.INC($K$10:$K$29,3)-_xlfn.QUARTILE.INC($K$10:$K$29,1))),\"Não\",\"Sim\"),\"\")","v":""}]
[null,"COTAÇÕES DE MERCADO",{"$nulls":12},"Cotações"]
[null,"Empresa",{"$nulls":7},"Data","Preço Unitário","Utilizar? (Sim/Não)",null,null,"Outliers","Por critério do(a) analista"]
[null,"BRASMAQUINAS COMERCIO DE MAQUINAS E IRRIGACAO LTDA (CNPJ : 00145531000334)   E-mail: MARCOS.GOMES@BRASMAQUINAS.COM.BR",{"$nulls":7},"2025-08-22",0.95,"Não",null,null,{"$f":"IF(ISNUMBER(K19),IF(OR(K19<_xlfn.QUARTILE.INC($K$10:$K$29,1)-1.5*(_xlfn.QUARTILE.INC($K$10:$K$29,3)-_xlfn.QUARTILE.INC($K$10:$K$29,1)),K19>_xlfn.QUARTILE.INC($K$10:$K$29,3)+1.5*(_xlfn.QUARTILE.INC($K$10:$K$29,3)-_xlfn.QUARTILE.INC($K$10:$K$29,1))),\"Não\",\"Sim\"),\"\")","v":"Sim"}]
[null,"IRRIGASOL Irrigação e energia Solar LTDA (CNPJ: 46.152.561/0001-07) E-mail:irrigasol.mgmontalvania@gmail.com",{"$nulls":7},"2025-09-11",1.3,"Não",null,null,"Sim"]
[null,"Casa Irriga (Sua cada da Irrigação) - Belo Horizonte - Minas Gerais - CNPJ: 23.794.485/0001-38 .https://casairriga.com.br/produto/mangueira-gotejamento-pelbd-16mm-20-metros/",{"$nulls":7},"2025-11-10",{"$f":"(45+34.62)/20","v":3.98},"Não",null,null,"Não"]
[null,"InstaAgro - https://www.instaagro.com/tubo-gotejador-amnondrip-nd-17mm-25-mil-2-2-l-h-40cm-500m-naandan?gad_source=4&gad_campaignid=22678466632&gbraid=0AAAAAC0h8RIvQhPzXdNKld4Pt7BPg80K-&gclid=CjwKCAiAt8bIBhBpEiwAzH1w6c8jacwwb_yG9rK5jpdfp74l-n9nP60aynkf0OdfvZLTP806Lf2rjRoC6LAQAvD_BwE",{"$nulls":7},"2025-11-10",2.11,{"$f":"IF(ISNUMBER(K22),IF($L$32=$O$18,O22,IF($L$32=$P$18,P22,\"\")),\"\")","v":"Sim"},null,null,"Sim"]
[null,"Dr.IRRIGAÇÃO - https://doutorirrigacao.com.br/rain-bird/tubo-gotejador-ag-flex-pc-15mm-rain-bird-p?produto=4097&srsltid=AfmBOopCNvVV7Bt5L6awDPnCwgi4tVueei2RzEmSlp81WlG8rxavpxWKaoY",{"$nulls":7},"2025-11-10",{"$f":"(1218.61+365.01)/600","v":2.64},"Sim",null,null,"Sim"]
[null,"https://agroclique.com.br/produto/tubo-gotejador-irritec-p5-16mm-15l-h-15mil-20cm-bobina-c-1300m/?srsltid=AfmBOoo1HSWGC9FQpGYG9aaTlEWebaYeGds78RWugrU4WDCkyLTr4Ez-",{"$nulls":7},"2026-02-27",1.94,"Sim",null,null,"Sim"]
[{"$nulls":11},"",null,null,""]
[{"$nulls":11},"",null,null,""]
[{"$nulls":11},"",null,null,""]
[{"$nulls":11},"",null,null,""]
[{"$nulls":11},"",null,null,""]
[null,"Observações:",{"$nulls":8},"Média:",{"$f":"IF($L$32=\"\",\"Selecione metodologia para exclusão de preços\",AVERAGE(IF($L$10:$L$29=\"Sim\",$K$10:$K$29)))","v":2.23},null,"Média (Cotações)",{"$f":"IF(COUNTIF(O19:O29,\"Sim\")<3,\"N/D (são necessários pelo menos 3 preços)\",AVERAGE(IF(O19:O29=\"Sim\",$K19:$K29)))","v":1.79},{"$f":"IF(COUNTIF(P19:P29,\"Sim\")<3,\"N/D (são necessários pelo menos 3 preços)\",AVERAGE(IF(P19:P29=\"Sim\",$K19:$K29)))","v":"N/D (são necessários pelo menos 3 preços)"}]
[{"$nulls":10},"Mediana:",{"$f":"IF($L$32=\"\",\"Selecione metodologia para exclusão de preços\",MEDIAN(IF($L$10:$L$29=\"Sim\",$K$10:$K$29)))","v":2.11},null,"Mediana (Cotações)",{"$f":"IF(COUNTIF(O19:O29,\"Sim\")<3,\"N/D (são necessários pelo menos 3 preços)\",MEDIAN(IF(O19:O29=\"Sim\",$K19:$K29)))","v":1.94},{"$f":"IF(COUNTIF(P19:P29,\"Sim\")<3,\"N/D (são necessários pelo menos 3 preços)\",MEDIAN(IF(P19:P29=\"Sim\",$K19:$K29)))","v":"N/D (são necessários pelo menos 3 preços)"}]
[null,"Metodologia de exclusão de preços adotada:",{"$nulls":9},{"$f":"IF(O35=\"\",INDEX(O18:P18,MATCH(MIN(#REF!),#REF!,0)),O35)","v":"Outliers"},null,"CV (Cotações)",{"$f":"IF(COUNTIF(O19:O29,\"Sim\")<3,\"N/D (são necessários pelo menos 3 preços)\",_xlfn.STDEV.S(IF(O19:O29=\"Sim\",$K19:$K29))/AVERAGE(IF(O19:O29=\"Sim\",$K19:$K29)))","v":0.3745},{"$f":"IF(COUNTIF(P19:P29,\"Sim\")<3,\"N/D (são necessários pelo menos 3 preços)\",_xlfn.STDEV.S(IF(P19:P29=\"Sim\",$K19:$K29))/AVERAGE(IF(P19:P29=\"Sim\",$K19:$K29)))","v":"N/D (são necessários pelo menos 3 preços)"}]
[{"$nulls":13},"Média",{"$f":"IF(SUM(COUNTIF($O$10:$O$16,\"Sim\")) + SUM(COUNTIF(O19:O29,\"Sim\")) < 3,\n   \"N/D (são necessários pelo menos 3 preços)\",\n   IFERROR(AVERAGE(_xlfn._xlws.FILTER($K$10:$K$16,$O$10:$O$16=\"Sim\"), _xlfn._xlws.FILTER($K$19:$K$29,O19:O29=\"Sim\")),O30))","v":1.79},{"$f":"IF(SUM(COUNTIF($P$10:$P$16,\"Sim\")) + SUM(COUNTIF(P19:P29,\"Sim\")) < 3,\n   \"N/D (são necessários pelo menos 3 preços)\",\n   IFERROR(AVERAGE(_xlfn._xlws.FILTER($K$10:$K$16,$P$10:$P$16=\"Sim\"), _xlfn._xlws.FILTER($K$19:$K$29,P19:P29=\"Sim\")),P30))","v":"N/D (são necessários pelo menos 3 preços)"}]
[{"$nulls":13},"Mediana",{"$f":"IF(SUM(COUNTIF($O$10:$O$16,\"Sim\")) + SUM(COUNTIF(O19:O29,\"Sim\")) < 3,\n   \"N/D (são necessários pelo menos 3 preços)\",\n   IFERROR(MEDIAN(_xlfn._xlws.FILTER($K$10:$K$16,$O$10:$O$16=\"Sim\"), _xlfn._xlws.FILTER($K$19:$K$29,O19:O29=\"Sim\")),O31))","v":1.94},{"$f":"IF(SUM(COUNTIF($P10:$P$16,\"Sim\")) + SUM(COUNTIF(P19:P29,\"Sim\")) < 3,\n   \"N/D (são necessários pelo menos 3 preços)\",\n   IFERROR(MEDIAN(_xlfn._xlws.FILTER($K$10:$K$16,$P$10:$P$16=\"Sim\"), _xlfn._xlws.FILTER($K$19:$K$29,P19:P29=\"Sim\")),P31))","v":"N/D (são necessários pelo menos 3 preços)"}]
[null,"COSOLIDAÇÃO DOS PREÇOS",{"$nulls":11},"Metodologia a adotar:",{"$f":"IF(INDEX(O18:P18,P35)=0,\"\",INDEX(O18:P18,P35))","v":"Outliers"},1]
[]
[null,"PREÇO UNITÁRIO ESTIMADO ADOTADO:",{"$nulls":9},{"$f":"IF($B$39=\"Mediana:\",L31,L30)","v":2.11}]
[]
[{"$f":"O18","v":"Outliers"},"Mediana:"]
[{"$f":"P18","v":"Por critério do(a) analista"}]

{"sheet":"COT03","index":11,"n_rows":40,"n_cols":16,"rows_kept":40,"cut":false,"hidden":true,"merged":[[16,1,16,11],[16,14,16,15],[0,0,0,6],[6,2,6,7],[6,14,6,15],[7,1,7,11],[7,14,7,15],[28,1,28,8],[17,1,17,8],[18,1,18,8],[19,1,19,8],[20,1,20,8],[21,1,21,8],[22,1,22,8],[23,1,23,8],[24,1,24,8],[25,1,25,8],[26,1,26,8],[27,1,27,8],[31,1,33,10],[31,11,33,11],[34,1,35,10],[34,11,35,11],[36,1,36,10]]}
[]
[null,"Processo","59500.003753/2025-45"]
[null,"Responsável","Kaio Gabriel, Alessandra Brant, Alberto Nascimento"]
[null,"Área de Origem","AI/GAP/UGI"]
[null,"Data da pesquisa"]
[]
[null,"ITEM:","VÁLVULA ANTIVÁCUO 1/2\"",{"$nulls":5},"UNIDADE DE MEDIDA:","unidade","QUANTIDADE:",12,null,null,"Tabela auxiliar de metodologias para exclusão de preços"]
[null,"LICITAÇÕES ANTERIORES",{"$nulls":12},"Licitações Anteriores"]
[null,"Órgão","Edital/Ano - Nº do Lote / Item","Quantidade","Valor Unitário","Data","índice de atualização (nome)","I0","If","Variação acumulada do índice (%)","Preço unitário atualizado","Utilizar?  (Sim/Não)",null,null,"Outliers","Por critério do(a) analista"]
[{"$nulls":9},{"$f":"IF(ISBLANK(E10),\"\",IF(ISNUMBER(H10),(I10-H10)/H10,0))","v":""},{"$f":"IF(ISBLANK(E10),\"\",E10*(1+J10))","v":""},{"$f":"IF(ISNUMBER(K10),IF($L$32<>$P$9,O10,P10),\"\")","v":""},null,null,{"$f":"IF(ISNUMBER(K10),IF(OR(K10<_xlfn.QUARTILE.INC($K$10:$K$29,1)-1.5*(_xlfn.QUARTILE.INC($K$10:K29,3)-_xlfn.QUARTILE.INC($K$10:$K$29,1)),K10>_xlfn.QUARTILE.INC($K$10:$K$29,3)+1.5*(_xlfn.QUARTILE.INC($K$10:$K$29,3)-_xlfn.QUARTILE.INC($K$10:$K$29,1))),\"Não\",\"Sim\"),\"\")","v":""}]
[{"$nulls":9},{"$f":"IF(ISBLANK(E11),\"\",IF(ISNUMBER(H11),(I11-H11)/H11,0))","v":""},{"$f":"IF(ISBLANK(E11),\"\",E11*(1+J11))","v":""},"",null,null,{"$f":"IF(ISNUMBER(K11),IF(OR(K11<_xlfn.QUARTILE.INC($K$10:$K$29,1)-1.5*(_xlfn.QUARTILE.INC($K$10:K29,3)-_xlfn.QUARTILE.INC($K$10:$K$29,1)),K11>_xlfn.QUARTILE.INC($K$10:$K$29,3)+1.5*(_xlfn.QUARTILE.INC($K$10:$K$29,3)-_xlfn.QUARTILE.INC($K$10:$K$29,1))),\"Não\",\"Sim\"),\"\")","v":""}]
[{"$nulls":9},"","","",null,null,{"$f":"IF(ISNUMBER(K12),IF(OR(K12<_xlfn.QUARTILE.INC($K$10:$K$29,1)-1.5*(_xlfn.QUARTILE.INC($K$10:K30,3)-_xlfn.QUARTILE.INC($K$10:$K$29,1)),K12>_xlfn.QUARTILE.INC($K$10:$K$29,3)+1.5*(_xlfn.QUARTILE.INC($K$10:$K$29,3)-_xlfn.QUARTILE.INC($K$10:$K$29,1))),\"Não\",\"Sim\"),\"\")","v":""}]
[{"$nulls":9},"","","",null,null,{"$f":"IF(ISNUMBER(K13),IF(OR(K13<_xlfn.QUARTILE.INC($K$10:$K$29,1)-1.5*(_xlfn.QUARTILE.INC($K$10:K31,3)-_xlfn.QUARTILE.INC($K$10:$K$29,1)),K13>_xlfn.QUARTILE.INC($K$10:$K$29,3)+1.5*(_xlfn.QUARTILE.INC($K$10:$K$29,3)-_xlfn.QUARTILE.INC($K$10:$K$29,1))),\"Não\",\"Sim\"),\"\")","v":""}]
[{"$nulls":9},"","","",null,null,{"$f":"IF(ISNUMBER(K14),IF(OR(K14<_xlfn.QUARTILE.INC($K$10:$K$29,1)-1.5*(_xlfn.QUARTILE.INC($K$10:K32,3)-_xlfn.QUARTILE.INC($K$10:$K$29,1)),K14>_xlfn.QUARTILE.INC($K$10:$K$29,3)+1.5*(_xlfn.QUARTILE.INC($K$10:$K$29,3)-_xlfn.QUARTILE.INC($K$10:$K$29,1))),\"Não\",\"Sim\"),\"\")","v":""}]
[{"$nulls":9},"","","",null,null,{"$f":"IF(ISNUMBER(K15),IF(OR(K15<_xlfn.QUARTILE.INC($K$10:$K$29,1)-1.5*(_xlfn.QUARTILE.INC($K$10:K35,3)-_xlfn.QUARTILE.INC($K$10:$K$29,1)),K15>_xlfn.QUARTILE.INC($K$10:$K$29,3)+1.5*(_xlfn.QUARTILE.INC($K$10:$K$29,3)-_xlfn.QUARTILE.INC($K$10:$K$29,1))),\"Não\",\"Sim\"),\"\")","v":""}]
[{"$nulls":9},"","","",null,null,{"$f":"IF(ISNUMBER(K16),IF(OR(K16<_xlfn.QUARTILE.INC($K$10:$K$29,1)-1.5*(_xlfn.QUARTILE.INC($I$10:I37,3)-_xlfn.QUARTILE.INC($K$10:$K$29,1)),K16>_xlfn.QUARTILE.INC($K$10:$K$29,3)+1.5*(_xlfn.QUARTILE.INC($K$10:$K$29,3)-_xlfn.QUARTILE.INC($K$10:$K$29,1))),\"Não\",\"Sim\"),\"\")","v":""}]
[null,"COTAÇÕES DE MERCADO",{"$nulls":12},"Cotações"]
[null,"Empresa",{"$nulls":7},"Data","Preço Unitário","Utilizar? (Sim/Não)",null,null,"Outliers","Por critério do(a) analista"]
[null,"BRASMAQUINAS COMERCIO DE MAQUINAS E IRRIGACAO LTDA (CNPJ : 00145531000334)   E-mail: MARCOS.GOMES@BRASMAQUINAS.COM.BR",{"$nulls":7},"2025-08-22",7.8,{"$f":"IF(ISNUMBER(K19),IF($L$32=$O$18,O19,IF($L$32=$P$18,P19,\"\")),\"\")","v":"Não"},null,null,{"$f":"IF(ISNUMBER(K19),IF(OR(K19<_xlfn.QUARTILE.INC($K$10:$K$29,1)-1.5*(_xlfn.QUARTILE.INC($K$10:$K$29,3)-_xlfn.QUARTILE.INC($K$10:$K$29,1)),K19>_xlfn.QUARTILE.INC($K$10:$K$29,3)+1.5*(_xlfn.QUARTILE.INC($K$10:$K$29,3)-_xlfn.QUARTILE.INC($K$10:$K$29,1))),\"Não\",\"Sim\"),\"\")","v":"Não"}]
[null,"IRRIGASOL Irrigação e energia Solar LTDA (CNPJ: 46.152.561/0001-07) E-mail:irrigasol.mgmontalvania@gmail.com",{"$nulls":7},"2025-09-11",10,"Sim",null,null,"Sim"]
[null,"VCA IRRIGAÇÃO LTDA (CNPJ: 26.466.226/0001-76) financeiro@minasbombas.com.br",{"$nulls":7},"2025-08-27",25,"Não",null,null,"Não"]
[null,"BioSementes Plantando Soluções - https://www.biosementes.com.br/loja/item/Valvula-de-ar-anti%252dvacuo-ventosa-com-rosca-de-1%7B47%7D2.html",{"$nulls":7},"2025-11-10",{"$f":"8.33+(14.27/12)","v":9.52},"Sim",null,null,"Sim"]
[null,"Casa Irriga (Sua casa da Irrigação) - Belo Horizonte - Minas Gerais - CNPJ: 23.794.485/0001-38 . https://casairriga.com.br/produto/valvula-anti-vacuo-ventosa-1-2/?srsltid=AfmBOoqwfSpMrKqEk6JKVuhCDgazF2Y-fS3jc2u6SZ-ApuKdSJu-Gzpp",{"$nulls":7},"2025-11-10",{"$f":"7+(29.41/12)","v":9.4499999999999993},"Sim",null,null,"Sim"]
[{"$nulls":11},"",null,null,""]
[{"$nulls":11},"",null,null,""]
[{"$nulls":11},"",null,null,""]
[{"$nulls":11},"",null,null,""]
[{"$nulls":11},"",null,null,""]
[{"$nulls":11},"",null,null,""]
[null,"Observações:",{"$nulls":8},"Média:",{"$f":"IF($L$32=\"\",\"Selecione metodologia para exclusão de preços\",AVERAGE(IF($L$10:$L$29=\"Sim\",$K$10:$K$29)))","v":9.66},null,"Média (Cotações)",{"$f":"IF(COUNTIF(O19:O29,\"Sim\")<3,\"N/D (são necessários pelo menos 3 preços)\",AVERAGE(IF(O19:O29=\"Sim\",$K19:$K29)))","v":9.66},{"$f":"IF(COUNTIF(P19:P29,\"Sim\")<3,\"N/D (são necessários pelo menos 3 preços)\",AVERAGE(IF(P19:P29=\"Sim\",$K19:$K29)))","v":"N/D (são necessários pelo menos 3 preços)"}]
[{"$nulls":10},"Mediana:",{"$f":"IF($L$32=\"\",\"Selecione metodologia para exclusão de preços\",MEDIAN(IF($L$10:$L$29=\"Sim\",$K$10:$K$29)))","v":9.52},null,"Mediana (Cotações)",{"$f":"IF(COUNTIF(O19:O29,\"Sim\")<3,\"N/D (são necessários pelo menos 3 preços)\",MEDIAN(IF(O19:O29=\"Sim\",$K19:$K29)))","v":9.52},{"$f":"IF(COUNTIF(P19:P29,\"Sim\")<3,\"N/D (são necessários pelo menos 3 preços)\",MEDIAN(IF(P19:P29=\"Sim\",$K19:$K29)))","v":"N/D (são necessários pelo menos 3 preços)"}]
[null,"Metodologia de exclusão de preços adotada:",{"$nulls":9},{"$f":"IF(O35=\"\",INDEX(O18:P18,MATCH(MIN(#REF!),#REF!,0)),O35)","v":"Outliers"},null,"CV (Cotações)",{"$f":"IF(COUNTIF(O19:O29,\"Sim\")<3,\"N/D (são necessários pelo menos 3 preços)\",_xlfn.STDEV.S(IF(O19:O29=\"Sim\",$K19:$K29))/AVERAGE(IF(O19:O29=\"Sim\",$K19:$K29)))","v":3.1E-2},{"$f":"IF(COUNTIF(P19:P29,\"Sim\")<3,\"N/D (são necessários pelo menos 3 preços)\",_xlfn.STDEV.S(IF(P19:P29=\"Sim\",$K19:$K29))/AVERAGE(IF(P19:P29=\"Sim\",$K19:$K29)))","v":"N/D (são necessários pelo menos 3 preços)"}]
[{"$nulls":13},"Média",{"$f":"IF(SUM(COUNTIF($O$10:$O$16,\"Sim\")) + SUM(COUNTIF(O19:O29,\"Sim\")) < 3,\n   \"N/D (são necessários pelo menos 3 preços)\",\n   IFERROR(AVERAGE(_xlfn._xlws.FILTER($K$10:$K$16,$O$10:$O$16=\"Sim\"), _xlfn._xlws.FILTER($K$19:$K$29,O19:O29=\"Sim\")),O30))","v":9.66},{"$f":"IF(SUM(COUNTIF($P$10:$P$16,\"Sim\")) + SUM(COUNTIF(P19:P29,\"Sim\")) < 3,\n   \"N/D (são necessários pelo menos 3 preços)\",\n   IFERROR(AVERAGE(_xlfn._xlws.FILTER($K$10:$K$16,$P$10:$P$16=\"Sim\"), _xlfn._xlws.FILTER($K$19:$K$29,P19:P29=\"Sim\")),P30))","v":"N/D (são necessários pelo menos 3 preços)"}]
[{"$nulls":13},"Mediana",{"$f":"IF(SUM(COUNTIF($O$10:$O$16,\"Sim\")) + SUM(COUNTIF(O19:O29,\"Sim\")) < 3,\n   \"N/D (são necessários pelo menos 3 preços)\",\n   IFERROR(MEDIAN(_xlfn._xlws.FILTER($K$10:$K$16,$O$10:$O$16=\"Sim\"), _xlfn._xlws.FILTER($K$19:$K$29,O19:O29=\"Sim\")),O31))","v":9.52},{"$f":"IF(SUM(COUNTIF($P10:$P$16,\"Sim\")) + SUM(COUNTIF(P19:P29,\"Sim\")) < 3,\n   \"N/D (são necessários pelo menos 3 preços)\",\n   IFERROR(MEDIAN(_xlfn._xlws.FILTER($K$10:$K$16,$P$10:$P$16=\"Sim\"), _xlfn._xlws.FILTER($K$19:$K$29,P19:P29=\"Sim\")),P31))","v":"N/D (são necessários pelo menos 3 preços)"}]
[null,"COSOLIDAÇÃO DOS PREÇOS",{"$nulls":11},"Metodologia a adotar:",{"$f":"IF(INDEX(O18:P18,P35)=0,\"\",INDEX(O18:P18,P35))","v":"Outliers"},1]
[]
[null,"PREÇO UNITÁRIO ESTIMADO ADOTADO:",{"$nulls":9},{"$f":"IF($B$39=\"Mediana:\",L31,L30)","v":9.52}]
[]
[{"$f":"O18","v":"Outliers"},"Mediana:"]
[{"$f":"P18","v":"Por critério do(a) analista"}]

{"sheet":"COT04","index":12,"n_rows":40,"n_cols":16,"rows_kept":40,"cut":false,"hidden":true,"merged":[[16,1,16,11],[16,14,16,15],[0,0,0,6],[6,2,6,7],[6,14,6,15],[7,1,7,11],[7,14,7,15],[28,1,28,8],[17,1,17,8],[18,1,18,8],[19,1,19,8],[20,1,20,8],[21,1,21,8],[22,1,22,8],[23,1,23,8],[24,1,24,8],[25,1,25,8],[26,1,26,8],[27,1,27,8],[31,1,33,10],[31,11,33,11],[34,1,35,10],[34,11,35,11],[36,1,36,10]]}
[]
[null,"Processo","59500.003753/2025-45"]
[null,"Responsável","Kaio Gabriel, Alessandra Brant, Alberto Nascimento"]
[null,"Área de Origem","AI/GAP/UGI"]
[null,"Data da pesquisa"]
[]
[null,"ITEM:","VÁLVULA VENTOSA TRÍPLICE FUNÇÃO 2\"",{"$nulls":5},"UNIDADE DE MEDIDA:","unidade","QUANTIDADE:",4,null,null,"Tabela auxiliar de metodologias para exclusão de preços"]
[null,"LICITAÇÕES ANTERIORES",{"$nulls":12},"Licitações Anteriores"]
[null,"Órgão","Edital/Ano - Nº do Lote / Item","Quantidade","Valor Unitário","Data","índice de atualização (nome)","I0","If","Variação acumulada do índice (%)","Preço unitário atualizado","Utilizar?  (Sim/Não)",null,null,"Outliers","Por critério do(a) analista"]
[{"$nulls":9},{"$f":"IF(ISBLANK(E10),\"\",IF(ISNUMBER(H10),(I10-H10)/H10,0))","v":""},{"$f":"IF(ISBLANK(E10),\"\",E10*(1+J10))","v":""},{"$f":"IF(ISNUMBER(K10),IF($L$32<>$P$9,O10,P10),\"\")","v":""},null,null,{"$f":"IF(ISNUMBER(K10),IF(OR(K10<_xlfn.QUARTILE.INC($K$10:$K$29,1)-1.5*(_xlfn.QUARTILE.INC($K$10:K29,3)-_xlfn.QUARTILE.INC($K$10:$K$29,1)),K10>_xlfn.QUARTILE.INC($K$10:$K$29,3)+1.5*(_xlfn.QUARTILE.INC($K$10:$K$29,3)-_xlfn.QUARTILE.INC($K$10:$K$29,1))),\"Não\",\"Sim\"),\"\")","v":""}]
[{"$nulls":9},{"$f":"IF(ISBLANK(E11),\"\",IF(ISNUMBER(H11),(I11-H11)/H11,0))","v":""},{"$f":"IF(ISBLANK(E11),\"\",E11*(1+J11))","v":""},"",null,null,{"$f":"IF(ISNUMBER(K11),IF(OR(K11<_xlfn.QUARTILE.INC($K$10:$K$29,1)-1.5*(_xlfn.QUARTILE.INC($K$10:K29,3)-_xlfn.QUARTILE.INC($K$10:$K$29,1)),K11>_xlfn.QUARTILE.INC($K$10:$K$29,3)+1.5*(_xlfn.QUARTILE.INC($K$10:$K$29,3)-_xlfn.QUARTILE.INC($K$10:$K$29,1))),\"Não\",\"Sim\"),\"\")","v":""}]
[{"$nulls":9},"","","",null,null,{"$f":"IF(ISNUMBER(K12),IF(OR(K12<_xlfn.QUARTILE.INC($K$10:$K$29,1)-1.5*(_xlfn.QUARTILE.INC($K$10:K30,3)-_xlfn.QUARTILE.INC($K$10:$K$29,1)),K12>_xlfn.QUARTILE.INC($K$10:$K$29,3)+1.5*(_xlfn.QUARTILE.INC($K$10:$K$29,3)-_xlfn.QUARTILE.INC($K$10:$K$29,1))),\"Não\",\"Sim\"),\"\")","v":""}]
[{"$nulls":9},"","","",null,null,{"$f":"IF(ISNUMBER(K13),IF(OR(K13<_xlfn.QUARTILE.INC($K$10:$K$29,1)-1.5*(_xlfn.QUARTILE.INC($K$10:K31,3)-_xlfn.QUARTILE.INC($K$10:$K$29,1)),K13>_xlfn.QUARTILE.INC($K$10:$K$29,3)+1.5*(_xlfn.QUARTILE.INC($K$10:$K$29,3)-_xlfn.QUARTILE.INC($K$10:$K$29,1))),\"Não\",\"Sim\"),\"\")","v":""}]
[{"$nulls":9},"","","",null,null,{"$f":"IF(ISNUMBER(K14),IF(OR(K14<_xlfn.QUARTILE.INC($K$10:$K$29,1)-1.5*(_xlfn.QUARTILE.INC($K$10:K32,3)-_xlfn.QUARTILE.INC($K$10:$K$29,1)),K14>_xlfn.QUARTILE.INC($K$10:$K$29,3)+1.5*(_xlfn.QUARTILE.INC($K$10:$K$29,3)-_xlfn.QUARTILE.INC($K$10:$K$29,1))),\"Não\",\"Sim\"),\"\")","v":""}]
[{"$nulls":9},"","","",null,null,{"$f":"IF(ISNUMBER(K15),IF(OR(K15<_xlfn.QUARTILE.INC($K$10:$K$29,1)-1.5*(_xlfn.QUARTILE.INC($K$10:K35,3)-_xlfn.QUARTILE.INC($K$10:$K$29,1)),K15>_xlfn.QUARTILE.INC($K$10:$K$29,3)+1.5*(_xlfn.QUARTILE.INC($K$10:$K$29,3)-_xlfn.QUARTILE.INC($K$10:$K$29,1))),\"Não\",\"Sim\"),\"\")","v":""}]
[{"$nulls":9},"","","",null,null,{"$f":"IF(ISNUMBER(K16),IF(OR(K16<_xlfn.QUARTILE.INC($K$10:$K$29,1)-1.5*(_xlfn.QUARTILE.INC($I$10:I37,3)-_xlfn.QUARTILE.INC($K$10:$K$29,1)),K16>_xlfn.QUARTILE.INC($K$10:$K$29,3)+1.5*(_xlfn.QUARTILE.INC($K$10:$K$29,3)-_xlfn.QUARTILE.INC($K$10:$K$29,1))),\"Não\",\"Sim\"),\"\")","v":""}]
[null,"COTAÇÕES DE MERCADO",{"$nulls":12},"Cotações"]
[null,"Empresa",{"$nulls":7},"Data","Preço Unitário","Utilizar? (Sim/Não)",null,null,"Outliers","Por critério do(a) analista"]
[null,"BRASMAQUINAS COMERCIO DE MAQUINAS E IRRIGACAO LTDA (CNPJ : 00145531000334)   E-mail: MARCOS.GOMES@BRASMAQUINAS.COM.BR",{"$nulls":7},"2025-08-22",600,"Não",null,null,{"$f":"IF(ISNUMBER(K19),IF(OR(K19<_xlfn.QUARTILE.INC($K$10:$K$29,1)-1.5*(_xlfn.QUARTILE.INC($K$10:$K$29,3)-_xlfn.QUARTILE.INC($K$10:$K$29,1)),K19>_xlfn.QUARTILE.INC($K$10:$K$29,3)+1.5*(_xlfn.QUARTILE.INC($K$10:$K$29,3)-_xlfn.QUARTILE.INC($K$10:$K$29,1))),\"Não\",\"Sim\"),\"\")","v":"Sim"}]
[null,"IRRIGASOL Irrigação e energia Solar LTDA (CNPJ: 46.152.561/0001-07) E-mail:irrigasol.mgmontalvania@gmail.com",{"$nulls":7},"2025-09-11",680,{"$f":"IF(ISNUMBER(K20),IF($L$32=$O$18,O20,IF($L$32=$P$18,P20,\"\")),\"\")","v":"Sim"},null,null,"Sim"]
[null,"VCA IRRIGAÇÃO LTDA (CNPJ: 26.466.226/0001-76) financeiro@minasbombas.com.br",{"$nulls":7},"2025-08-27",789.3,"Não",null,null,"Sim"]
[null,"Mercado Livre (SOL IRRIGAÇÕES) - https://www.mercadolivre.com.br/valvula-ventosa-triplice-funcao-2-bermad--irrigacao/up/MLBU1967719871?pdp_filters=item_id:MLB2794565501&matt_tool=47245019&matt_internal_campaign_id=&matt_word=&matt_source=google&matt_campaign_id=22090193657&matt_ad_group_id=174661937964&matt_match_type=&matt_network=g&matt_device=c&matt_creative=727914177979&matt_keyword=&matt_ad_position=&matt_ad_type=pla&matt_merchant_id=585583136&matt_product_id=MLB2794565501&matt_product_partition_id=2388289299721&matt_target_id=pla-2388289299721&cq_src=google_ads&cq_cmp=22090193657&cq_net=g&cq_plt=gp&cq_med=pla&gad_source=1&gad_campaignid=22090193657&gbraid=0AAAAAD93qcAzu2W_9atGdVGQQOCkUU-v_&gclid=CjwKCAiAt8bIBhBpEiwAzH1w6RJN1VyNVcy0qbQELfbiwVeBA6n8hpbmK7LYDG-Zlwb6yv3rm9_-2hoC9ocQAvD_BwE",{"$nulls":7},"2025-11-10",675.9,"Sim",null,null,"Sim"]
[null,"SEOAGRO - https://www.seoagro.com.br/valvula-ventosa-triplo-efeito-2?srsltid=AfmBOopTD11BN6VrS0qizA8juFwSqBeqixExdkeOVwaTUCoXRHehHcvm",{"$nulls":7},"2025-11-10",{"$f":"(696.9+31.51)","v":728.41},"Sim",null,null,"Sim"]
[null,"Casa Irriga - https://casairriga.com.br/produto/valvula-ventosa-triplice-funcao-triplo-efeito-2-polegadas-compact/?srsltid=AfmBOoq9ghGdypsZkUSPRwmO3VhaGQ8BrSZBM0jkTEPZDmbWZoGJvmAM",{"$nulls":7},"2025-11-10",{"$f":"560+34.62","v":594.62},"Sim",null,null,"Sim"]
[{"$nulls":11},"",null,null,""]
[{"$nulls":11},"",null,null,""]
[{"$nulls":11},"",null,null,""]
[{"$nulls":11},"",null,null,""]
[{"$nulls":11},"",null,null,""]
[null,"Observações:",{"$nulls":8},"Média:",{"$f":"IF($L$32=\"\",\"Selecione metodologia para exclusão de preços\",AVERAGE(IF($L$10:$L$29=\"Sim\",$K$10:$K$29)))","v":669.73},null,"Média (Cotações)",{"$f":"IF(COUNTIF(O19:O29,\"Sim\")<3,\"N/D (são necessários pelo menos 3 preços)\",AVERAGE(IF(O19:O29=\"Sim\",$K19:$K29)))","v":678.04},{"$f":"IF(COUNTIF(P19:P29,\"Sim\")<3,\"N/D (são necessários pelo menos 3 preços)\",AVERAGE(IF(P19:P29=\"Sim\",$K19:$K29)))","v":"N/D (são necessários pelo menos 3 preços)"}]
[{"$nulls":10},"Mediana:",{"$f":"IF($L$32=\"\",\"Selecione metodologia para exclusão de preços\",MEDIAN(IF($L$10:$L$29=\"Sim\",$K$10:$K$29)))","v":677.95},null,"Mediana (Cotações)",{"$f":"IF(COUNTIF(O19:O29,\"Sim\")<3,\"N/D (são necessários pelo menos 3 preços)\",MEDIAN(IF(O19:O29=\"Sim\",$K19:$K29)))","v":677.95},{"$f":"IF(COUNTIF(P19:P29,\"Sim\")<3,\"N/D (são necessários pelo menos 3 preços)\",MEDIAN(IF(P19:P29=\"Sim\",$K19:$K29)))","v":"N/D (são necessários pelo menos 3 preços)"}]
[null,"Metodologia de exclusão de preços adotada:",{"$nulls":9},{"$f":"IF(O35=\"\",INDEX(O18:P18,MATCH(MIN(#REF!),#REF!,0)),O35)","v":"Outliers"},null,"CV (Cotações)",{"$f":"IF(COUNTIF(O19:O29,\"Sim\")<3,\"N/D (são necessários pelo menos 3 preços)\",_xlfn.STDEV.S(IF(O19:O29=\"Sim\",$K19:$K29))/AVERAGE(IF(O19:O29=\"Sim\",$K19:$K29)))","v":0.1103},{"$f":"IF(COUNTIF(P19:P29,\"Sim\")<3,\"N/D (são necessários pelo menos 3 preços)\",_xlfn.STDEV.S(IF(P19:P29=\"Sim\",$K19:$K29))/AVERAGE(IF(P19:P29=\"Sim\",$K19:$K29)))","v":"N/D (são necessários pelo menos 3 preços)"}]
[{"$nulls":13},"Média",{"$f":"IF(SUM(COUNTIF($O$10:$O$16,\"Sim\")) + SUM(COUNTIF(O19:O29,\"Sim\")) < 3,\n   \"N/D (são necessários pelo menos 3 preços)\",\n   IFERROR(AVERAGE(_xlfn._xlws.FILTER($K$10:$K$16,$O$10:$O$16=\"Sim\"), _xlfn._xlws.FILTER($K$19:$K$29,O19:O29=\"Sim\")),O30))","v":678.04},{"$f":"IF(SUM(COUNTIF($P$10:$P$16,\"Sim\")) + SUM(COUNTIF(P19:P29,\"Sim\")) < 3,\n   \"N/D (são necessários pelo menos 3 preços)\",\n   IFERROR(AVERAGE(_xlfn._xlws.FILTER($K$10:$K$16,$P$10:$P$16=\"Sim\"), _xlfn._xlws.FILTER($K$19:$K$29,P19:P29=\"Sim\")),P30))","v":"N/D (são necessários pelo menos 3 preços)"}]
[{"$nulls":13},"Mediana",{"$f":"IF(SUM(COUNTIF($O$10:$O$16,\"Sim\")) + SUM(COUNTIF(O19:O29,\"Sim\")) < 3,\n   \"N/D (são necessários pelo menos 3 preços)\",\n   IFERROR(MEDIAN(_xlfn._xlws.FILTER($K$10:$K$16,$O$10:$O$16=\"Sim\"), _xlfn._xlws.FILTER($K$19:$K$29,O19:O29=\"Sim\")),O31))","v":677.95},{"$f":"IF(SUM(COUNTIF($P10:$P$16,\"Sim\")) + SUM(COUNTIF(P19:P29,\"Sim\")) < 3,\n   \"N/D (são necessários pelo menos 3 preços)\",\n   IFERROR(MEDIAN(_xlfn._xlws.FILTER($K$10:$K$16,$P$10:$P$16=\"Sim\"), _xlfn._xlws.FILTER($K$19:$K$29,P19:P29=\"Sim\")),P31))","v":"N/D (são necessários pelo menos 3 preços)"}]
[null,"COSOLIDAÇÃO DOS PREÇOS",{"$nulls":11},"Metodologia a adotar:",{"$f":"IF(INDEX(O18:P18,P35)=0,\"\",INDEX(O18:P18,P35))","v":"Outliers"},1]
[]
[null,"PREÇO UNITÁRIO ESTIMADO ADOTADO:",{"$nulls":9},{"$f":"IF($B$39=\"Mediana:\",L31,L30)","v":669.73}]
[]
[{"$f":"O18","v":"Outliers"},"Média:"]
[{"$f":"P18","v":"Por critério do(a) analista"}]

{"sheet":"COT05","index":13,"n_rows":40,"n_cols":16,"rows_kept":40,"cut":false,"hidden":true,"merged":[[16,1,16,11],[16,14,16,15],[0,0,0,6],[6,2,6,7],[6,14,6,15],[7,1,7,11],[7,14,7,15],[28,1,28,8],[17,1,17,8],[18,1,18,8],[19,1,19,8],[20,1,20,8],[21,1,21,8],[22,1,22,8],[23,1,23,8],[24,1,24,8],[25,1,25,8],[26,1,26,8],[27,1,27,8],[31,1,33,10],[31,11,33,11],[34,1,35,10],[34,11,35,11],[36,1,36,10]]}
[]
[null,"Processo","59500.003753/2025-45"]
[null,"Responsável","Kaio Gabriel, Alessandra Brant, Alberto Nascimento"]
[null,"Área de Origem","AI/GAP/UGI"]
[null,"Data da pesquisa"]
[]
[null,"ITEM:","COLAR DE TOMADA 50X1/2\"",{"$nulls":5},"UNIDADE DE MEDIDA:","unidade","QUANTIDADE:",12,null,null,"Tabela auxiliar de metodologias para exclusão de preços"]
[null,"LICITAÇÕES ANTERIORES",{"$nulls":12},"Licitações Anteriores"]
[null,"Órgão","Edital/Ano - Nº do Lote / Item","Quantidade","Valor Unitário","Data","índice de atualização (nome)","I0","If","Variação acumulada do índice (%)","Preço unitário atualizado","Utilizar?  (Sim/Não)",null,null,"Outliers","Por critério do(a) analista"]
[{"$nulls":9},{"$f":"IF(ISBLANK(E10),\"\",IF(ISNUMBER(H10),(I10-H10)/H10,0))","v":""},{"$f":"IF(ISBLANK(E10),\"\",E10*(1+J10))","v":""},{"$f":"IF(ISNUMBER(K10),IF($L$32<>$P$9,O10,P10),\"\")","v":""},null,null,{"$f":"IF(ISNUMBER(K10),IF(OR(K10<_xlfn.QUARTILE.INC($K$10:$K$29,1)-1.5*(_xlfn.QUARTILE.INC($K$10:K29,3)-_xlfn.QUARTILE.INC($K$10:$K$29,1)),K10>_xlfn.QUARTILE.INC($K$10:$K$29,3)+1.5*(_xlfn.QUARTILE.INC($K$10:$K$29,3)-_xlfn.QUARTILE.INC($K$10:$K$29,1))),\"Não\",\"Sim\"),\"\")","v":""}]
[{"$nulls":9},{"$f":"IF(ISBLANK(E11),\"\",IF(ISNUMBER(H11),(I11-H11)/H11,0))","v":""},{"$f":"IF(ISBLANK(E11),\"\",E11*(1+J11))","v":""},"",null,null,{"$f":"IF(ISNUMBER(K11),IF(OR(K11<_xlfn.QUARTILE.INC($K$10:$K$29,1)-1.5*(_xlfn.QUARTILE.INC($K$10:K29,3)-_xlfn.QUARTILE.INC($K$10:$K$29,1)),K11>_xlfn.QUARTILE.INC($K$10:$K$29,3)+1.5*(_xlfn.QUARTILE.INC($K$10:$K$29,3)-_xlfn.QUARTILE.INC($K$10:$K$29,1))),\"Não\",\"Sim\"),\"\")","v":""}]
[{"$nulls":9},"","","",null,null,{"$f":"IF(ISNUMBER(K12),IF(OR(K12<_xlfn.QUARTILE.INC($K$10:$K$29,1)-1.5*(_xlfn.QUARTILE.INC($K$10:K30,3)-_xlfn.QUARTILE.INC($K$10:$K$29,1)),K12>_xlfn.QUARTILE.INC($K$10:$K$29,3)+1.5*(_xlfn.QUARTILE.INC($K$10:$K$29,3)-_xlfn.QUARTILE.INC($K$10:$K$29,1))),\"Não\",\"Sim\"),\"\")","v":""}]
[{"$nulls":9},"","","",null,null,{"$f":"IF(ISNUMBER(K13),IF(OR(K13<_xlfn.QUARTILE.INC($K$10:$K$29,1)-1.5*(_xlfn.QUARTILE.INC($K$10:K31,3)-_xlfn.QUARTILE.INC($K$10:$K$29,1)),K13>_xlfn.QUARTILE.INC($K$10:$K$29,3)+1.5*(_xlfn.QUARTILE.INC($K$10:$K$29,3)-_xlfn.QUARTILE.INC($K$10:$K$29,1))),\"Não\",\"Sim\"),\"\")","v":""}]
[{"$nulls":9},"","","",null,null,{"$f":"IF(ISNUMBER(K14),IF(OR(K14<_xlfn.QUARTILE.INC($K$10:$K$29,1)-1.5*(_xlfn.QUARTILE.INC($K$10:K32,3)-_xlfn.QUARTILE.INC($K$10:$K$29,1)),K14>_xlfn.QUARTILE.INC($K$10:$K$29,3)+1.5*(_xlfn.QUARTILE.INC($K$10:$K$29,3)-_xlfn.QUARTILE.INC($K$10:$K$29,1))),\"Não\",\"Sim\"),\"\")","v":""}]
[{"$nulls":9},"","","",null,null,{"$f":"IF(ISNUMBER(K15),IF(OR(K15<_xlfn.QUARTILE.INC($K$10:$K$29,1)-1.5*(_xlfn.QUARTILE.INC($K$10:K35,3)-_xlfn.QUARTILE.INC($K$10:$K$29,1)),K15>_xlfn.QUARTILE.INC($K$10:$K$29,3)+1.5*(_xlfn.QUARTILE.INC($K$10:$K$29,3)-_xlfn.QUARTILE.INC($K$10:$K$29,1))),\"Não\",\"Sim\"),\"\")","v":""}]
[{"$nulls":9},"","","",null,null,{"$f":"IF(ISNUMBER(K16),IF(OR(K16<_xlfn.QUARTILE.INC($K$10:$K$29,1)-1.5*(_xlfn.QUARTILE.INC($I$10:I37,3)-_xlfn.QUARTILE.INC($K$10:$K$29,1)),K16>_xlfn.QUARTILE.INC($K$10:$K$29,3)+1.5*(_xlfn.QUARTILE.INC($K$10:$K$29,3)-_xlfn.QUARTILE.INC($K$10:$K$29,1))),\"Não\",\"Sim\"),\"\")","v":""}]
[null,"COTAÇÕES DE MERCADO",{"$nulls":12},"Cotações"]
[null,"Empresa",{"$nulls":7},"Data","Preço Unitário","Utilizar? (Sim/Não)",null,null,"Outliers","Por critério do(a) analista"]
[null,"BRASMAQUINAS COMERCIO DE MAQUINAS E IRRIGACAO LTDA (CNPJ : 00145531000334)   E-mail: MARCOS.GOMES@BRASMAQUINAS.COM.BR",{"$nulls":7},"2025-08-22",10,"Não",null,null,{"$f":"IF(ISNUMBER(K19),IF(OR(K19<_xlfn.QUARTILE.INC($K$10:$K$29,1)-1.5*(_xlfn.QUARTILE.INC($K$10:$K$29,3)-_xlfn.QUARTILE.INC($K$10:$K$29,1)),K19>_xlfn.QUARTILE.INC($K$10:$K$29,3)+1.5*(_xlfn.QUARTILE.INC($K$10:$K$29,3)-_xlfn.QUARTILE.INC($K$10:$K$29,1))),\"Não\",\"Sim\"),\"\")","v":"Sim"}]
[null,"IRRIGASOL Irrigação e energia Solar LTDA (CNPJ: 46.152.561/0001-07) E-mail:irrigasol.mgmontalvania@gmail.com",{"$nulls":7},"2025-09-11",20,{"$f":"IF(ISNUMBER(K20),IF($L$32=$O$18,O20,IF($L$32=$P$18,P20,\"\")),\"\")","v":"Sim"},null,null,"Sim"]
[null,"VCA IRRIGAÇÃO LTDA (CNPJ: 26.466.226/0001-76) financeiro@minasbombas.com.br",{"$nulls":7},"2025-08-27",25.8,"Não",null,null,"Sim"]
[null,"Mercado Livre - HICRAUCONEX HIDRAULICOS: https://www.mercadolivre.com.br/colar-tomada-abracadeira-com-travas-50mm-x-12-polegada/up/MLBU2666634158?pdp_filters=item_id:MLB3895335107&matt_tool=48995110&matt_internal_campaign_id=&matt_word=&matt_source=google&matt_campaign_id=22603531562&matt_ad_group_id=181244933895&matt_match_type=&matt_network=g&matt_device=c&matt_creative=758138322200&matt_keyword=&matt_ad_position=&matt_ad_type=pla&matt_merchant_id=135360746&matt_product_id=MLB3895335107&matt_product_partition_id=2424443211326&matt_target_id=pla-2424443211326&cq_src=google_ads&cq_cmp=22603531562&cq_net=g&cq_plt=gp&cq_med=pla&gad_source=4&gad_campaignid=22603531562&gbraid=0AAAAAD93qcBzv0KGLLmjnLl7ejg3whoyo&gclid=CjwKCAiAt8bIBhBpEiwAzH1w6Uka2vWpdk6s9HbZBLN-pKMeszTSq84I-NHD3JSrZVHnyNPHB7dv3xoCJ2wQAvD_BwE",{"$nulls":7},"2025-11-10",33.81,"Sim",null,null,"Sim"]
[null,"Plastolândia (Hidráulica e Plásticos Industriais) - https://www.plastolandia.com.br/colar-tomada-pvc-trava-50-mm-x-12-tigre",{"$nulls":7},"2025-11-10",{"$f":"13.05+(36.19/12)","v":16.07},"Sim",null,null,"Sim"]
[null,"Ferreira Gonçalves - https://www.cfg.com.br/colar-tomada-pvc-com-travas-50mm-x-1-2--tigre--23045125-1702/p?srsltid=AfmBOooSOzfgCu_FlpNgoMgFLNPjo3zdccFQyYddjB1_mbn_WULnqpOf",{"$nulls":7},"2025-11-10",{"$f":"6.38+(34.53/10)","v":9.83},"Sim",null,null,"Sim"]
[{"$nulls":11},"",null,null,""]
[{"$nulls":11},"",null,null,""]
[{"$nulls":11},"",null,null,""]
[{"$nulls":11},"",null,null,""]
[{"$nulls":11},"",null,null,""]
[null,"Observações:",{"$nulls":8},"Média:",{"$f":"IF($L$32=\"\",\"Selecione metodologia para exclusão de preços\",AVERAGE(IF($L$10:$L$29=\"Sim\",$K$10:$K$29)))","v":19.93},null,"Média (Cotações)",{"$f":"IF(COUNTIF(O19:O29,\"Sim\")<3,\"N/D (são necessários pelo menos 3 preços)\",AVERAGE(IF(O19:O29=\"Sim\",$K19:$K29)))","v":19.25},{"$f":"IF(COUNTIF(P19:P29,\"Sim\")<3,\"N/D (são necessários pelo menos 3 preços)\",AVERAGE(IF(P19:P29=\"Sim\",$K19:$K29)))","v":"N/D (são necessários pelo menos 3 preços)"}]
[{"$nulls":10},"Mediana:",{"$f":"IF($L$32=\"\",\"Selecione metodologia para exclusão de preços\",MEDIAN(IF($L$10:$L$29=\"Sim\",$K$10:$K$29)))","v":18.04},null,"Mediana (Cotações)",{"$f":"IF(COUNTIF(O19:O29,\"Sim\")<3,\"N/D (são necessários pelo menos 3 preços)\",MEDIAN(IF(O19:O29=\"Sim\",$K19:$K29)))","v":18.04},{"$f":"IF(COUNTIF(P19:P29,\"Sim\")<3,\"N/D (são necessários pelo menos 3 preços)\",MEDIAN(IF(P19:P29=\"Sim\",$K19:$K29)))","v":"N/D (são necessários pelo menos 3 preços)"}]
[null,"Metodologia de exclusão de preços adotada:",{"$nulls":9},{"$f":"IF(O35=\"\",INDEX(O18:P18,MATCH(MIN(#REF!),#REF!,0)),O35)","v":"Outliers"},null,"CV (Cotações)",{"$f":"IF(COUNTIF(O19:O29,\"Sim\")<3,\"N/D (são necessários pelo menos 3 preços)\",_xlfn.STDEV.S(IF(O19:O29=\"Sim\",$K19:$K29))/AVERAGE(IF(O19:O29=\"Sim\",$K19:$K29)))","v":0.48720000000000002},{"$f":"IF(COUNTIF(P19:P29,\"Sim\")<3,\"N/D (são necessários pelo menos 3 preços)\",_xlfn.STDEV.S(IF(P19:P29=\"Sim\",$K19:$K29))/AVERAGE(IF(P19:P29=\"Sim\",$K19:$K29)))","v":"N/D (são necessários pelo menos 3 preços)"}]
[{"$nulls":13},"Média",{"$f":"IF(SUM(COUNTIF($O$10:$O$16,\"Sim\")) + SUM(COUNTIF(O19:O29,\"Sim\")) < 3,\n   \"N/D (são necessários pelo menos 3 preços)\",\n   IFERROR(AVERAGE(_xlfn._xlws.FILTER($K$10:$K$16,$O$10:$O$16=\"Sim\"), _xlfn._xlws.FILTER($K$19:$K$29,O19:O29=\"Sim\")),O30))","v":19.25},{"$f":"IF(SUM(COUNTIF($P$10:$P$16,\"Sim\")) + SUM(COUNTIF(P19:P29,\"Sim\")) < 3,\n   \"N/D (são necessários pelo menos 3 preços)\",\n   IFERROR(AVERAGE(_xlfn._xlws.FILTER($K$10:$K$16,$P$10:$P$16=\"Sim\"), _xlfn._xlws.FILTER($K$19:$K$29,P19:P29=\"Sim\")),P30))","v":"N/D (são necessários pelo menos 3 preços)"}]
[{"$nulls":13},"Mediana",{"$f":"IF(SUM(COUNTIF($O$10:$O$16,\"Sim\")) + SUM(COUNTIF(O19:O29,\"Sim\")) < 3,\n   \"N/D (são necessários pelo menos 3 preços)\",\n   IFERROR(MEDIAN(_xlfn._xlws.FILTER($K$10:$K$16,$O$10:$O$16=\"Sim\"), _xlfn._xlws.FILTER($K$19:$K$29,O19:O29=\"Sim\")),O31))","v":18.04},{"$f":"IF(SUM(COUNTIF($P10:$P$16,\"Sim\")) + SUM(COUNTIF(P19:P29,\"Sim\")) < 3,\n   \"N/D (são necessários pelo menos 3 preços)\",\n   IFERROR(MEDIAN(_xlfn._xlws.FILTER($K$10:$K$16,$P$10:$P$16=\"Sim\"), _xlfn._xlws.FILTER($K$19:$K$29,P19:P29=\"Sim\")),P31))","v":"N/D (são necessários pelo menos 3 preços)"}]
[null,"COSOLIDAÇÃO DOS PREÇOS",{"$nulls":11},"Metodologia a adotar:",{"$f":"IF(INDEX(O18:P18,P35)=0,\"\",INDEX(O18:P18,P35))","v":"Outliers"},1]
[]
[null,"PREÇO UNITÁRIO ESTIMADO ADOTADO:",{"$nulls":9},{"$f":"IF($B$39=\"Mediana:\",L31,L30)","v":18.04}]
[]
[{"$f":"O18","v":"Outliers"},"Mediana:"]
[{"$f":"P18","v":"Por critério do(a) analista"}]

{"sheet":"COT06","index":14,"n_rows":40,"n_cols":16,"rows_kept":40,"cut":false,"hidden":true,"merged":[[16,1,16,11],[16,14,16,15],[0,0,0,6],[6,2,6,7],[6,14,6,15],[7,1,7,11],[7,14,7,15],[28,1,28,8],[17,1,17,8],[18,1,18,8],[19,1,19,8],[20,1,20,8],[21,1,21,8],[22,1,22,8],[23,1,23,8],[24,1,24,8],[25,1,25,8],[26,1,26,8],[27,1,27,8],[31,1,33,10],[31,11,33,11],[34,1,35,10],[34,11,35,11],[36,1,36,10]]}
[]
[null,"Processo","59500.003753/2025-45"]
[null,"Responsável","Kaio Gabriel, Alessandra Brant, Alberto Nascimento"]
[null,"Área de Origem","AI/GAP/UGI"]
[null,"Data da pesquisa"]
[]
[null,"ITEM:","MOTOBOMBA SUBMERSA 3HP 12m³/h + 43mca",{"$nulls":5},"UNIDADE DE MEDIDA:","Unidade","QUANTIDADE:",1,null,null,"Tabela auxiliar de metodologias para exclusão de preços"]
[null,"LICITAÇÕES ANTERIORES",{"$nulls":12},"Licitações Anteriores"]
[null,"Órgão","Edital/Ano - Nº do Lote / Item","Quantidade","Valor Unitário","Data","índice de atualização (nome)","I0","If","Variação acumulada do índice (%)","Preço unitário atualizado","Utilizar?  (Sim/Não)",null,null,"Outliers","Por critério do(a) analista"]
[null,"Prefeitura Municipal de Ibiassucê","ATA 030/2025 / Item 13",4,1390,"2025-10-02",null,null,null,{"$f":"IF(ISBLANK(E10),\"\",IF(ISNUMBER(H10),(I10-H10)/H10,0))","v":0},{"$f":"IF(ISBLANK(E10),\"\",E10*(1+J10))","v":1390},{"$f":"IF(ISNUMBER(K10),IF($L$32<>$P$9,O10,P10),\"\")","v":"Sim"},null,null,{"$f":"IF(ISNUMBER(K10),IF(OR(K10<_xlfn.QUARTILE.INC($K$10:$K$29,1)-1.5*(_xlfn.QUARTILE.INC($K$10:K29,3)-_xlfn.QUARTILE.INC($K$10:$K$29,1)),K10>_xlfn.QUARTILE.INC($K$10:$K$29,3)+1.5*(_xlfn.QUARTILE.INC($K$10:$K$29,3)-_xlfn.QUARTILE.INC($K$10:$K$29,1))),\"Não\",\"Sim\"),\"\")","v":"Sim"}]
[{"$nulls":9},{"$f":"IF(ISBLANK(E11),\"\",IF(ISNUMBER(H11),(I11-H11)/H11,0))","v":""},{"$f":"IF(ISBLANK(E11),\"\",E11*(1+J11))","v":""},"",null,null,{"$f":"IF(ISNUMBER(K11),IF(OR(K11<_xlfn.QUARTILE.INC($K$10:$K$29,1)-1.5*(_xlfn.QUARTILE.INC($K$10:K29,3)-_xlfn.QUARTILE.INC($K$10:$K$29,1)),K11>_xlfn.QUARTILE.INC($K$10:$K$29,3)+1.5*(_xlfn.QUARTILE.INC($K$10:$K$29,3)-_xlfn.QUARTILE.INC($K$10:$K$29,1))),\"Não\",\"Sim\"),\"\")","v":""}]
[{"$nulls":9},"","","",null,null,{"$f":"IF(ISNUMBER(K12),IF(OR(K12<_xlfn.QUARTILE.INC($K$10:$K$29,1)-1.5*(_xlfn.QUARTILE.INC($K$10:K30,3)-_xlfn.QUARTILE.INC($K$10:$K$29,1)),K12>_xlfn.QUARTILE.INC($K$10:$K$29,3)+1.5*(_xlfn.QUARTILE.INC($K$10:$K$29,3)-_xlfn.QUARTILE.INC($K$10:$K$29,1))),\"Não\",\"Sim\"),\"\")","v":""}]
[{"$nulls":9},"","","",null,null,{"$f":"IF(ISNUMBER(K13),IF(OR(K13<_xlfn.QUARTILE.INC($K$10:$K$29,1)-1.5*(_xlfn.QUARTILE.INC($K$10:K31,3)-_xlfn.QUARTILE.INC($K$10:$K$29,1)),K13>_xlfn.QUARTILE.INC($K$10:$K$29,3)+1.5*(_xlfn.QUARTILE.INC($K$10:$K$29,3)-_xlfn.QUARTILE.INC($K$10:$K$29,1))),\"Não\",\"Sim\"),\"\")","v":""}]
[{"$nulls":9},"","","",null,null,{"$f":"IF(ISNUMBER(K14),IF(OR(K14<_xlfn.QUARTILE.INC($K$10:$K$29,1)-1.5*(_xlfn.QUARTILE.INC($K$10:K32,3)-_xlfn.QUARTILE.INC($K$10:$K$29,1)),K14>_xlfn.QUARTILE.INC($K$10:$K$29,3)+1.5*(_xlfn.QUARTILE.INC($K$10:$K$29,3)-_xlfn.QUARTILE.INC($K$10:$K$29,1))),\"Não\",\"Sim\"),\"\")","v":""}]
[{"$nulls":9},"","","",null,null,{"$f":"IF(ISNUMBER(K15),IF(OR(K15<_xlfn.QUARTILE.INC($K$10:$K$29,1)-1.5*(_xlfn.QUARTILE.INC($K$10:K35,3)-_xlfn.QUARTILE.INC($K$10:$K$29,1)),K15>_xlfn.QUARTILE.INC($K$10:$K$29,3)+1.5*(_xlfn.QUARTILE.INC($K$10:$K$29,3)-_xlfn.QUARTILE.INC($K$10:$K$29,1))),\"Não\",\"Sim\"),\"\")","v":""}]
[{"$nulls":9},"","","",null,null,{"$f":"IF(ISNUMBER(K16),IF(OR(K16<_xlfn.QUARTILE.INC($K$10:$K$29,1)-1.5*(_xlfn.QUARTILE.INC($I$10:I37,3)-_xlfn.QUARTILE.INC($K$10:$K$29,1)),K16>_xlfn.QUARTILE.INC($K$10:$K$29,3)+1.5*(_xlfn.QUARTILE.INC($K$10:$K$29,3)-_xlfn.QUARTILE.INC($K$10:$K$29,1))),\"Não\",\"Sim\"),\"\")","v":""}]
[null,"COTAÇÕES DE MERCADO",{"$nulls":12},"Cotações"]
[null,"Empresa",{"$nulls":7},"Data","Preço Unitário","Utilizar? (Sim/Não)",null,null,"Outliers","Por critério do(a) analista"]
[null,"BRASMAQUINAS COMERCIO DE MAQUINAS E IRRIGACAO LTDA (CNPJ : 00145531000334)   E-mail: MARCOS.GOMES@BRASMAQUINAS.COM.BR",{"$nulls":7},"2025-08-22",2500,"Não",null,null,{"$f":"IF(ISNUMBER(K19),IF(OR(K19<_xlfn.QUARTILE.INC($K$10:$K$29,1)-1.5*(_xlfn.QUARTILE.INC($K$10:$K$29,3)-_xlfn.QUARTILE.INC($K$10:$K$29,1)),K19>_xlfn.QUARTILE.INC($K$10:$K$29,3)+1.5*(_xlfn.QUARTILE.INC($K$10:$K$29,3)-_xlfn.QUARTILE.INC($K$10:$K$29,1))),\"Não\",\"Sim\"),\"\")","v":"Sim"}]
[null,"IRRIGASOL Irrigação e energia Solar LTDA (CNPJ: 46.152.561/0001-07) E-mail:irrigasol.mgmontalvania@gmail.com",{"$nulls":7},"2025-09-11",1850,{"$f":"IF(ISNUMBER(K20),IF($L$32=$O$18,O20,IF($L$32=$P$18,P20,\"\")),\"\")","v":"Sim"},null,null,"Sim"]
[null,"Loja das Bombas - Porto Velho - Roraima - CNPJ: 06.196.608/0001-10. https://www.alojadasbombas.com.br/bombas-submersas/4-polegadas/bomba-submersa-3cv-4-polegada-monofasica-claw-w4sdim108",{"$nulls":7},"2025-11-10",{"$f":"1583.64+452.04","v":2035.68},"Sim",null,null,"Sim"]
[null,"Mérito Comercial - São José - São Paulo - CNPJ: 01.582.892/0001-49. https://www.meritocomercial.com.br/bomba-submersa-ebara-4bpl8-12-om4a-3cv-monofasica-220v-4001001009761-p1033379?srsltid=AfmBOornBh3ncqqJLTWGxYoV96XpyaLJ-rqwZRiUUMkdy70f8XA0oehE",{"$nulls":7},"2025-11-10",{"$f":"1710.94","v":1710.94},"Sim",null,null,"Sim"]
[{"$nulls":11},"",null,null,""]
[{"$nulls":11},"",null,null,""]
[{"$nulls":11},"",null,null,""]
[{"$nulls":11},"",null,null,""]
[{"$nulls":11},"",null,null,""]
[{"$nulls":11},"",null,null,""]
[{"$nulls":11},"",null,null,""]
[null,"Observações:",{"$nulls":8},"Média:",{"$f":"IF($L$32=\"\",\"Selecione metodologia para exclusão de preços\",AVERAGE(IF($L$10:$L$29=\"Sim\",$K$10:$K$29)))","v":1746.66},null,"Média (Cotações)",{"$f":"IF(COUNTIF(O19:O29,\"Sim\")<3,\"N/D (são necessários pelo menos 3 preços)\",AVERAGE(IF(O19:O29=\"Sim\",$K19:$K29)))","v":2024.16},{"$f":"IF(COUNTIF(P19:P29,\"Sim\")<3,\"N/D (são necessários pelo menos 3 preços)\",AVERAGE(IF(P19:P29=\"Sim\",$K19:$K29)))","v":"N/D (são necessários pelo menos 3 preços)"}]
[{"$nulls":10},"Mediana:",{"$f":"IF($L$32=\"\",\"Selecione metodologia para exclusão de preços\",MEDIAN(IF($L$10:$L$29=\"Sim\",$K$10:$K$29)))","v":1780.47},null,"Mediana (Cotações)",{"$f":"IF(COUNTIF(O19:O29,\"Sim\")<3,\"N/D (são necessários pelo menos 3 preços)\",MEDIAN(IF(O19:O29=\"Sim\",$K19:$K29)))","v":1942.84},{"$f":"IF(COUNTIF(P19:P29,\"Sim\")<3,\"N/D (são necessários pelo menos 3 preços)\",MEDIAN(IF(P19:P29=\"Sim\",$K19:$K29)))","v":"N/D (são necessários pelo menos 3 preços)"}]
[null,"Metodologia de exclusão de preços adotada:",{"$nulls":9},{"$f":"IF(O35=\"\",INDEX(O18:P18,MATCH(MIN(#REF!),#REF!,0)),O35)","v":"Outliers"},null,"CV (Cotações)",{"$f":"IF(COUNTIF(O19:O29,\"Sim\")<3,\"N/D (são necessários pelo menos 3 preços)\",_xlfn.STDEV.S(IF(O19:O29=\"Sim\",$K19:$K29))/AVERAGE(IF(O19:O29=\"Sim\",$K19:$K29)))","v":0.1699},{"$f":"IF(COUNTIF(P19:P29,\"Sim\")<3,\"N/D (são necessários pelo menos 3 preços)\",_xlfn.STDEV.S(IF(P19:P29=\"Sim\",$K19:$K29))/AVERAGE(IF(P19:P29=\"Sim\",$K19:$K29)))","v":"N/D (são necessários pelo menos 3 preços)"}]
[{"$nulls":13},"Média",{"$f":"IF(SUM(COUNTIF($O$10:$O$16,\"Sim\")) + SUM(COUNTIF(O19:O29,\"Sim\")) < 3,\n   \"N/D (são necessários pelo menos 3 preços)\",\n   IFERROR(AVERAGE(_xlfn._xlws.FILTER($K$10:$K$16,$O$10:$O$16=\"Sim\"), _xlfn._xlws.FILTER($K$19:$K$29,O19:O29=\"Sim\")),O30))","v":1897.32},{"$f":"IF(SUM(COUNTIF($P$10:$P$16,\"Sim\")) + SUM(COUNTIF(P19:P29,\"Sim\")) < 3,\n   \"N/D (são necessários pelo menos 3 preços)\",\n   IFERROR(AVERAGE(_xlfn._xlws.FILTER($K$10:$K$16,$P$10:$P$16=\"Sim\"), _xlfn._xlws.FILTER($K$19:$K$29,P19:P29=\"Sim\")),P30))","v":"N/D (são necessários pelo menos 3 preços)"}]
[{"$nulls":13},"Mediana",{"$f":"IF(SUM(COUNTIF($O$10:$O$16,\"Sim\")) + SUM(COUNTIF(O19:O29,\"Sim\")) < 3,\n   \"N/D (são necessários pelo menos 3 preços)\",\n   IFERROR(MEDIAN(_xlfn._xlws.FILTER($K$10:$K$16,$O$10:$O$16=\"Sim\"), _xlfn._xlws.FILTER($K$19:$K$29,O19:O29=\"Sim\")),O31))","v":1850},{"$f":"IF(SUM(COUNTIF($P10:$P$16,\"Sim\")) + SUM(COUNTIF(P19:P29,\"Sim\")) < 3,\n   \"N/D (são necessários pelo menos 3 preços)\",\n   IFERROR(MEDIAN(_xlfn._xlws.FILTER($K$10:$K$16,$P$10:$P$16=\"Sim\"), _xlfn._xlws.FILTER($K$19:$K$29,P19:P29=\"Sim\")),P31))","v":"N/D (são necessários pelo menos 3 preços)"}]
[null,"COSOLIDAÇÃO DOS PREÇOS",{"$nulls":11},"Metodologia a adotar:",{"$f":"IF(INDEX(O18:P18,P35)=0,\"\",INDEX(O18:P18,P35))","v":"Outliers"},1]
[]
[null,"PREÇO UNITÁRIO ESTIMADO ADOTADO:",{"$nulls":9},{"$f":"IF($B$39=\"Mediana:\",L31,L30)","v":1746.66}]
[]
[{"$f":"O18","v":"Outliers"},"Média:"]
[{"$f":"P18","v":"Por critério do(a) analista"}]

{"sheet":"COT07","index":15,"n_rows":40,"n_cols":16,"rows_kept":40,"cut":false,"hidden":true,"merged":[[26,1,26,8],[0,0,0,6],[6,2,6,7],[6,14,6,15],[7,1,7,11],[7,14,7,15],[16,1,16,11],[16,14,16,15],[17,1,17,8],[18,1,18,8],[19,1,19,8],[24,1,24,8],[25,1,25,8],[36,1,36,10],[27,1,27,8],[28,1,28,8],[31,1,33,10],[31,11,33,11],[34,1,35,10],[34,11,35,11]]}
[]
[null,"Processo","59500.003753/2025-45"]
[null,"Responsável","Kaio Gabriel, Alessandra Brant, Alberto Nascimento"]
[null,"Área de Origem","AI/GAP/UGI"]
[null,"Data da pesquisa","2025-10-22"]
[]
[null,"ITEM:","TUBO PEMD 2\" PN 60",{"$nulls":5},"UNIDADE DE MEDIDA:","m","QUANTIDADE:",45,null,null,"Tabela auxiliar de metodologias para exclusão de preços"]
[null,"LICITAÇÕES ANTERIORES",{"$nulls":12},"Licitações Anteriores"]
[null,"Órgão","Edital/Ano - Nº do Lote / Item","Quantidade","Valor Unitário","Data","índice de atualização (nome)","I0","If","Variação acumulada do índice (%)","Preço unitário atualizado","Utilizar?  (Sim/Não)",null,null,"Outliers","Por critério do(a) analista"]
[{"$nulls":9},{"$f":"IF(ISBLANK(E10),\"\",IF(ISNUMBER(H10),(I10-H10)/H10,0))","v":""},{"$f":"IF(ISBLANK(E10),\"\",E10*(1+J10))","v":""},{"$f":"IF(ISNUMBER(K10),IF($L$32<>$P$9,O10,P10),\"\")","v":""},null,null,{"$f":"IF(ISNUMBER(K10),IF(OR(K10<_xlfn.QUARTILE.INC($K$10:$K$29,1)-1.5*(_xlfn.QUARTILE.INC($K$10:K29,3)-_xlfn.QUARTILE.INC($K$10:$K$29,1)),K10>_xlfn.QUARTILE.INC($K$10:$K$29,3)+1.5*(_xlfn.QUARTILE.INC($K$10:$K$29,3)-_xlfn.QUARTILE.INC($K$10:$K$29,1))),\"Não\",\"Sim\"),\"\")","v":""}]
[{"$nulls":9},{"$f":"IF(ISBLANK(E11),\"\",IF(ISNUMBER(H11),(I11-H11)/H11,0))","v":""},{"$f":"IF(ISBLANK(E11),\"\",E11*(1+J11))","v":""},"",null,null,{"$f":"IF(ISNUMBER(K11),IF(OR(K11<_xlfn.QUARTILE.INC($K$10:$K$29,1)-1.5*(_xlfn.QUARTILE.INC($K$10:K29,3)-_xlfn.QUARTILE.INC($K$10:$K$29,1)),K11>_xlfn.QUARTILE.INC($K$10:$K$29,3)+1.5*(_xlfn.QUARTILE.INC($K$10:$K$29,3)-_xlfn.QUARTILE.INC($K$10:$K$29,1))),\"Não\",\"Sim\"),\"\")","v":""}]
[{"$nulls":9},"","","",null,null,{"$f":"IF(ISNUMBER(K12),IF(OR(K12<_xlfn.QUARTILE.INC($K$10:$K$29,1)-1.5*(_xlfn.QUARTILE.INC($K$10:K30,3)-_xlfn.QUARTILE.INC($K$10:$K$29,1)),K12>_xlfn.QUARTILE.INC($K$10:$K$29,3)+1.5*(_xlfn.QUARTILE.INC($K$10:$K$29,3)-_xlfn.QUARTILE.INC($K$10:$K$29,1))),\"Não\",\"Sim\"),\"\")","v":""}]
[{"$nulls":9},"","","",null,null,{"$f":"IF(ISNUMBER(K13),IF(OR(K13<_xlfn.QUARTILE.INC($K$10:$K$29,1)-1.5*(_xlfn.QUARTILE.INC($K$10:K31,3)-_xlfn.QUARTILE.INC($K$10:$K$29,1)),K13>_xlfn.QUARTILE.INC($K$10:$K$29,3)+1.5*(_xlfn.QUARTILE.INC($K$10:$K$29,3)-_xlfn.QUARTILE.INC($K$10:$K$29,1))),\"Não\",\"Sim\"),\"\")","v":""}]
[{"$nulls":9},"","","",null,null,{"$f":"IF(ISNUMBER(K14),IF(OR(K14<_xlfn.QUARTILE.INC($K$10:$K$29,1)-1.5*(_xlfn.QUARTILE.INC($K$10:K32,3)-_xlfn.QUARTILE.INC($K$10:$K$29,1)),K14>_xlfn.QUARTILE.INC($K$10:$K$29,3)+1.5*(_xlfn.QUARTILE.INC($K$10:$K$29,3)-_xlfn.QUARTILE.INC($K$10:$K$29,1))),\"Não\",\"Sim\"),\"\")","v":""}]
[{"$nulls":9},"","","",null,null,{"$f":"IF(ISNUMBER(K15),IF(OR(K15<_xlfn.QUARTILE.INC($K$10:$K$29,1)-1.5*(_xlfn.QUARTILE.INC($K$10:K35,3)-_xlfn.QUARTILE.INC($K$10:$K$29,1)),K15>_xlfn.QUARTILE.INC($K$10:$K$29,3)+1.5*(_xlfn.QUARTILE.INC($K$10:$K$29,3)-_xlfn.QUARTILE.INC($K$10:$K$29,1))),\"Não\",\"Sim\"),\"\")","v":""}]
[{"$nulls":9},"","","",null,null,{"$f":"IF(ISNUMBER(K16),IF(OR(K16<_xlfn.QUARTILE.INC($K$10:$K$29,1)-1.5*(_xlfn.QUARTILE.INC($I$10:I37,3)-_xlfn.QUARTILE.INC($K$10:$K$29,1)),K16>_xlfn.QUARTILE.INC($K$10:$K$29,3)+1.5*(_xlfn.QUARTILE.INC($K$10:$K$29,3)-_xlfn.QUARTILE.INC($K$10:$K$29,1))),\"Não\",\"Sim\"),\"\")","v":""}]
[null,"COTAÇÕES DE MERCADO",{"$nulls":12},"Cotações"]
[null,"Empresa",{"$nulls":7},"Data","Preço Unitário","Utilizar? (Sim/Não)",null,null,"Outliers","Por critério do(a) analista"]
[null,"BRASMAQUINAS COMERCIO DE MAQUINAS E IRRIGACAO LTDA (CNPJ : 00145531000334)   E-mail: MARCOS.GOMES@BRASMAQUINAS.COM.BR",{"$nulls":7},"2025-08-22",21.9,"Não",null,null,{"$f":"IF(ISNUMBER(K19),IF(OR(K19<_xlfn.QUARTILE.INC($K$10:$K$29,1)-1.5*(_xlfn.QUARTILE.INC($K$10:$K$29,3)-_xlfn.QUARTILE.INC($K$10:$K$29,1)),K19>_xlfn.QUARTILE.INC($K$10:$K$29,3)+1.5*(_xlfn.QUARTILE.INC($K$10:$K$29,3)-_xlfn.QUARTILE.INC($K$10:$K$29,1))),\"Não\",\"Sim\"),\"\")","v":"Sim"}]
[null,"VCA IRRIGAÇÃO LTDA (CNPJ: 26.466.226/0001-76) financeiro@minasbombas.com.br",{"$nulls":7},"2025-08-27",22.45,"Não",null,null,"Sim"]
[null,"https://www.ferpam.com.br/mangueira-irrig-pemd-50mm-pn60-50mt-naandanjain.html",{"$nulls":7},"2026-02-20",22.69,{"$f":"IF(ISNUMBER(K21),IF($L$32=$O$18,O21,IF($L$32=$P$18,P21,\"\")),\"\")","v":"Sim"},null,null,"Sim"]
[null,"SISTEMINAS LTDA (CNPJ: 23.481.297/0001-50 ) e-mail sisteminas@outlook.com",{"$nulls":7},"2026-02-24",15.9,"Sim",null,null,"Sim"]
[null,"FACILITA AGROINDÚSTRIA & SERVIÇOS LTDA",{"$nulls":7},"2026-02-25",13,"Sim",null,null,"Sim"]
[null,"NSA SOLUÇÕES LTDA (CNPJ: 19.987.085/0001-71)",{"$nulls":7},"2026-02-24",23.9,"Sim",null,null,"Sim"]
[{"$nulls":11},"",null,null,""]
[{"$nulls":11},"",null,null,""]
[{"$nulls":11},"",null,null,""]
[{"$nulls":11},"",null,null,""]
[{"$nulls":11},"",null,null,""]
[null,"Observações:",{"$nulls":8},"Média:",{"$f":"IF($L$32=\"\",\"Selecione metodologia para exclusão de preços\",AVERAGE(IF($L$10:$L$29=\"Sim\",$K$10:$K$29)))","v":18.87},null,"Média (Cotações)",{"$f":"IF(COUNTIF(O19:O29,\"Sim\")<3,\"N/D (são necessários pelo menos 3 preços)\",AVERAGE(IF(O19:O29=\"Sim\",$K19:$K29)))","v":19.97},{"$f":"IF(COUNTIF(P19:P29,\"Sim\")<3,\"N/D (são necessários pelo menos 3 preços)\",AVERAGE(IF(P19:P29=\"Sim\",$K19:$K29)))","v":"N/D (são necessários pelo menos 3 preços)"}]
[{"$nulls":10},"Mediana:",{"$f":"IF($L$32=\"\",\"Selecione metodologia para exclusão de preços\",MEDIAN(IF($L$10:$L$29=\"Sim\",$K$10:$K$29)))","v":19.3},null,"Mediana (Cotações)",{"$f":"IF(COUNTIF(O19:O29,\"Sim\")<3,\"N/D (são necessários pelo menos 3 preços)\",MEDIAN(IF(O19:O29=\"Sim\",$K19:$K29)))","v":22.18},{"$f":"IF(COUNTIF(P19:P29,\"Sim\")<3,\"N/D (são necessários pelo menos 3 preços)\",MEDIAN(IF(P19:P29=\"Sim\",$K19:$K29)))","v":"N/D (são necessários pelo menos 3 preços)"}]
[null,"Metodologia de exclusão de preços adotada:",{"$nulls":9},{"$f":"IF(O35=\"\",INDEX(O18:P18,MATCH(MIN(#REF!),#REF!,0)),O35)","v":"Outliers"},null,"CV (Cotações)",{"$f":"IF(COUNTIF(O19:O29,\"Sim\")<3,\"N/D (são necessários pelo menos 3 preços)\",_xlfn.STDEV.S(IF(O19:O29=\"Sim\",$K19:$K29))/AVERAGE(IF(O19:O29=\"Sim\",$K19:$K29)))","v":0.2215},{"$f":"IF(COUNTIF(P19:P29,\"Sim\")<3,\"N/D (são necessários pelo menos 3 preços)\",_xlfn.STDEV.S(IF(P19:P29=\"Sim\",$K19:$K29))/AVERAGE(IF(P19:P29=\"Sim\",$K19:$K29)))","v":"N/D (são necessários pelo menos 3 preços)"}]
[{"$nulls":13},"Média",{"$f":"IF(SUM(COUNTIF($O$10:$O$16,\"Sim\")) + SUM(COUNTIF(O19:O29,\"Sim\")) < 3,\n   \"N/D (são necessários pelo menos 3 preços)\",\n   IFERROR(AVERAGE(_xlfn._xlws.FILTER($K$10:$K$16,$O$10:$O$16=\"Sim\"), _xlfn._xlws.FILTER($K$19:$K$29,O19:O29=\"Sim\")),O30))","v":19.97},{"$f":"IF(SUM(COUNTIF($P$10:$P$16,\"Sim\")) + SUM(COUNTIF(P19:P29,\"Sim\")) < 3,\n   \"N/D (são necessários pelo menos 3 preços)\",\n   IFERROR(AVERAGE(_xlfn._xlws.FILTER($K$10:$K$16,$P$10:$P$16=\"Sim\"), _xlfn._xlws.FILTER($K$19:$K$29,P19:P29=\"Sim\")),P30))","v":"N/D (são necessários pelo menos 3 preços)"}]
[{"$nulls":13},"Mediana",{"$f":"IF(SUM(COUNTIF($O$10:$O$16,\"Sim\")) + SUM(COUNTIF(O19:O29,\"Sim\")) < 3,\n   \"N/D (são necessários pelo menos 3 preços)\",\n   IFERROR(MEDIAN(_xlfn._xlws.FILTER($K$10:$K$16,$O$10:$O$16=\"Sim\"), _xlfn._xlws.FILTER($K$19:$K$29,O19:O29=\"Sim\")),O31))","v":22.18},{"$f":"IF(SUM(COUNTIF($P10:$P$16,\"Sim\")) + SUM(COUNTIF(P19:P29,\"Sim\")) < 3,\n   \"N/D (são necessários pelo menos 3 preços)\",\n   IFERROR(MEDIAN(_xlfn._xlws.FILTER($K$10:$K$16,$P$10:$P$16=\"Sim\"), _xlfn._xlws.FILTER($K$19:$K$29,P19:P29=\"Sim\")),P31))","v":"N/D (são necessários pelo menos 3 preços)"}]
[null,"COSOLIDAÇÃO DOS PREÇOS",{"$nulls":11},"Metodologia a adotar:",{"$f":"IF(INDEX(O18:P18,P35)=0,\"\",INDEX(O18:P18,P35))","v":"Outliers"},1]
[]
[null,"PREÇO UNITÁRIO ESTIMADO ADOTADO:",{"$nulls":9},{"$f":"IF($B$39=\"Mediana:\",L31,L30)","v":18.87}]
[]
[{"$f":"O18","v":"Outliers"},"Média:"]
[{"$f":"P18","v":"Por critério do(a) analista"}]

{"sheet":"COT08","index":16,"n_rows":40,"n_cols":16,"rows_kept":40,"cut":false,"hidden":true,"merged":[[16,1,16,11],[16,14,16,15],[0,0,0,6],[6,2,6,7],[6,14,6,15],[7,1,7,11],[7,14,7,15],[28,1,28,8],[17,1,17,8],[18,1,18,8],[19,1,19,8],[20,1,20,8],[21,1,21,8],[22,1,22,8],[23,1,23,8],[24,1,24,8],[25,1,25,8],[26,1,26,8],[27,1,27,8],[31,1,33,10],[31,11,33,11],[34,1,35,10],[34,11,35,11],[36,1,36,10]]}
[]
[null,"Processo","59500.003753/2025-45"]
[null,"Responsável","Kaio Gabriel, Alessandra Brant, Alberto Nascimento"]
[null,"Área de Origem","AI/GAP/UGI"]
[null,"Data da pesquisa"]
[]
[null,"ITEM:","FILTRO DE DISCO 3\" - 25M³/H",{"$nulls":5},"UNIDADE DE MEDIDA:","unidade","QUANTIDADE:",3,null,null,"Tabela auxiliar de metodologias para exclusão de preços"]
[null,"LICITAÇÕES ANTERIORES",{"$nulls":12},"Licitações Anteriores"]
[null,"Órgão","Edital/Ano - Nº do Lote / Item","Quantidade","Valor Unitário","Data","índice de atualização (nome)","I0","If","Variação acumulada do índice (%)","Preço unitário atualizado","Utilizar?  (Sim/Não)",null,null,"Outliers","Por critério do(a) analista"]
[{"$nulls":9},{"$f":"IF(ISBLANK(E10),\"\",IF(ISNUMBER(H10),(I10-H10)/H10,0))","v":""},{"$f":"IF(ISBLANK(E10),\"\",E10*(1+J10))","v":""},{"$f":"IF(ISNUMBER(K10),IF($L$32<>$P$9,O10,P10),\"\")","v":""},null,null,{"$f":"IF(ISNUMBER(K10),IF(OR(K10<_xlfn.QUARTILE.INC($K$10:$K$29,1)-1.5*(_xlfn.QUARTILE.INC($K$10:K29,3)-_xlfn.QUARTILE.INC($K$10:$K$29,1)),K10>_xlfn.QUARTILE.INC($K$10:$K$29,3)+1.5*(_xlfn.QUARTILE.INC($K$10:$K$29,3)-_xlfn.QUARTILE.INC($K$10:$K$29,1))),\"Não\",\"Sim\"),\"\")","v":""}]
[{"$nulls":9},{"$f":"IF(ISBLANK(E11),\"\",IF(ISNUMBER(H11),(I11-H11)/H11,0))","v":""},{"$f":"IF(ISBLANK(E11),\"\",E11*(1+J11))","v":""},"",null,null,{"$f":"IF(ISNUMBER(K11),IF(OR(K11<_xlfn.QUARTILE.INC($K$10:$K$29,1)-1.5*(_xlfn.QUARTILE.INC($K$10:K29,3)-_xlfn.QUARTILE.INC($K$10:$K$29,1)),K11>_xlfn.QUARTILE.INC($K$10:$K$29,3)+1.5*(_xlfn.QUARTILE.INC($K$10:$K$29,3)-_xlfn.QUARTILE.INC($K$10:$K$29,1))),\"Não\",\"Sim\"),\"\")","v":""}]
[{"$nulls":9},"","","",null,null,{"$f":"IF(ISNUMBER(K12),IF(OR(K12<_xlfn.QUARTILE.INC($K$10:$K$29,1)-1.5*(_xlfn.QUARTILE.INC($K$10:K30,3)-_xlfn.QUARTILE.INC($K$10:$K$29,1)),K12>_xlfn.QUARTILE.INC($K$10:$K$29,3)+1.5*(_xlfn.QUARTILE.INC($K$10:$K$29,3)-_xlfn.QUARTILE.INC($K$10:$K$29,1))),\"Não\",\"Sim\"),\"\")","v":""}]
[{"$nulls":9},"","","",null,null,{"$f":"IF(ISNUMBER(K13),IF(OR(K13<_xlfn.QUARTILE.INC($K$10:$K$29,1)-1.5*(_xlfn.QUARTILE.INC($K$10:K31,3)-_xlfn.QUARTILE.INC($K$10:$K$29,1)),K13>_xlfn.QUARTILE.INC($K$10:$K$29,3)+1.5*(_xlfn.QUARTILE.INC($K$10:$K$29,3)-_xlfn.QUARTILE.INC($K$10:$K$29,1))),\"Não\",\"Sim\"),\"\")","v":""}]
[{"$nulls":9},"","","",null,null,{"$f":"IF(ISNUMBER(K14),IF(OR(K14<_xlfn.QUARTILE.INC($K$10:$K$29,1)-1.5*(_xlfn.QUARTILE.INC($K$10:K32,3)-_xlfn.QUARTILE.INC($K$10:$K$29,1)),K14>_xlfn.QUARTILE.INC($K$10:$K$29,3)+1.5*(_xlfn.QUARTILE.INC($K$10:$K$29,3)-_xlfn.QUARTILE.INC($K$10:$K$29,1))),\"Não\",\"Sim\"),\"\")","v":""}]
[{"$nulls":9},"","","",null,null,{"$f":"IF(ISNUMBER(K15),IF(OR(K15<_xlfn.QUARTILE.INC($K$10:$K$29,1)-1.5*(_xlfn.QUARTILE.INC($K$10:K35,3)-_xlfn.QUARTILE.INC($K$10:$K$29,1)),K15>_xlfn.QUARTILE.INC($K$10:$K$29,3)+1.5*(_xlfn.QUARTILE.INC($K$10:$K$29,3)-_xlfn.QUARTILE.INC($K$10:$K$29,1))),\"Não\",\"Sim\"),\"\")","v":""}]
[{"$nulls":9},"","","",null,null,{"$f":"IF(ISNUMBER(K16),IF(OR(K16<_xlfn.QUARTILE.INC($K$10:$K$29,1)-1.5*(_xlfn.QUARTILE.INC($I$10:I37,3)-_xlfn.QUARTILE.INC($K$10:$K$29,1)),K16>_xlfn.QUARTILE.INC($K$10:$K$29,3)+1.5*(_xlfn.QUARTILE.INC($K$10:$K$29,3)-_xlfn.QUARTILE.INC($K$10:$K$29,1))),\"Não\",\"Sim\"),\"\")","v":""}]
[null,"COTAÇÕES DE MERCADO",{"$nulls":12},"Cotações"]
[null,"Empresa",{"$nulls":7},"Data","Preço Unitário","Utilizar? (Sim/Não)",null,null,"Outliers","Por critério do(a) analista"]
[null,"BRASMAQUINAS COMERCIO DE MAQUINAS E IRRIGACAO LTDA (CNPJ : 00145531000334)   E-mail: MARCOS.GOMES@BRASMAQUINAS.COM.BR",{"$nulls":7},"2025-08-22",950.26,"Não",null,null,{"$f":"IF(ISNUMBER(K19),IF(OR(K19<_xlfn.QUARTILE.INC($K$10:$K$29,1)-1.5*(_xlfn.QUARTILE.INC($K$10:$K$29,3)-_xlfn.QUARTILE.INC($K$10:$K$29,1)),K19>_xlfn.QUARTILE.INC($K$10:$K$29,3)+1.5*(_xlfn.QUARTILE.INC($K$10:$K$29,3)-_xlfn.QUARTILE.INC($K$10:$K$29,1))),\"Não\",\"Sim\"),\"\")","v":"Sim"}]
[null,"IRRIGASOL Irrigação e energia Solar LTDA (CNPJ: 46.152.561/0001-07) E-mail:irrigasol.mgmontalvania@gmail.com",{"$nulls":7},"2025-09-11",890,{"$f":"IF(ISNUMBER(K20),IF($L$32=$O$18,O20,IF($L$32=$P$18,P20,\"\")),\"\")","v":"Sim"},null,null,"Sim"]
[null,"VCA IRRIGAÇÃO LTDA (CNPJ: 26.466.226/0001-76) financeiro@minasbombas.com.br",{"$nulls":7},"2025-08-27",1544,"Não",null,null,"Não"]
[null,"BioSementes - https://www.biosementes.com.br/loja/item/Filtro-disco-3-POL-120-mesh-vazao-de-50.000-L%7B47%7Dh.html?gad_source=1&gad_campaignid=19629565098&gbraid=0AAAAADwUPB4I3mQwVqVWndJKiptTFjzMj&gclid=CjwKCAiAt8bIBhBpEiwAzH1w6WFrWugpmmNdLw4ojJtMcROU34DOMPHXf7sKrUPd-1HGe_3vyAMPQBoC_PsQAvD_BwE",{"$nulls":7},"2025-11-10",{"$f":"852.49+22.37","v":874.86},"Sim",null,null,"Sim"]
[null,"Mercado Livre (IRRIGAÇÃO E CIA) - https://www.mercadolivre.com.br/filtro-de-disco-irrigacao-3-pol-rosca--gotejamento-40m3h/up/MLBU1745226948?pdp_filters=item_id:MLB5073246624&matt_tool=22815917&matt_internal_campaign_id=&matt_word=&matt_source=google&matt_campaign_id=22090354010&matt_ad_group_id=173090509596&matt_match_type=&matt_network=g&matt_device=c&matt_creative=727882725981&matt_keyword=&matt_ad_position=&matt_ad_type=pla&matt_merchant_id=129113724&matt_product_id=MLB5073246624&matt_product_partition_id=2388011230506&matt_target_id=pla-2388011230506&cq_src=google_ads&cq_cmp=22090354010&cq_net=g&cq_plt=gp&cq_med=pla&gad_source=1&gad_campaignid=22090354010&gbraid=0AAAAAD93qcAB449YOezVYzQJSsxn2Eyl4&gclid=CjwKCAiAt8bIBhBpEiwAzH1w6bDvw-ZbmjQWiuzBK61eyWJy-QGqElwGxnbhcZ491thI03lqz1SNhRoCwe8QAvD_BwE",{"$nulls":7},"2025-11-10",997,"Sim",null,null,"Sim"]
[{"$nulls":11},"",null,null,""]
[{"$nulls":11},"",null,null,""]
[{"$nulls":11},"",null,null,""]
[{"$nulls":11},"",null,null,""]
[{"$nulls":11},"",null,null,""]
[{"$nulls":11},"",null,null,""]
[null,"Observações:",{"$nulls":8},"Média:",{"$f":"IF($L$32=\"\",\"Selecione metodologia para exclusão de preços\",AVERAGE(IF($L$10:$L$29=\"Sim\",$K$10:$K$29)))","v":920.62},null,"Média (Cotações)",{"$f":"IF(COUNTIF(O19:O29,\"Sim\")<3,\"N/D (são necessários pelo menos 3 preços)\",AVERAGE(IF(O19:O29=\"Sim\",$K19:$K29)))","v":928.03},{"$f":"IF(COUNTIF(P19:P29,\"Sim\")<3,\"N/D (são necessários pelo menos 3 preços)\",AVERAGE(IF(P19:P29=\"Sim\",$K19:$K29)))","v":"N/D (são necessários pelo menos 3 preços)"}]
[{"$nulls":10},"Mediana:",{"$f":"IF($L$32=\"\",\"Selecione metodologia para exclusão de preços\",MEDIAN(IF($L$10:$L$29=\"Sim\",$K$10:$K$29)))","v":890},null,"Mediana (Cotações)",{"$f":"IF(COUNTIF(O19:O29,\"Sim\")<3,\"N/D (são necessários pelo menos 3 preços)\",MEDIAN(IF(O19:O29=\"Sim\",$K19:$K29)))","v":920.13},{"$f":"IF(COUNTIF(P19:P29,\"Sim\")<3,\"N/D (são necessários pelo menos 3 preços)\",MEDIAN(IF(P19:P29=\"Sim\",$K19:$K29)))","v":"N/D (são necessários pelo menos 3 preços)"}]
[null,"Metodologia de exclusão de preços adotada:",{"$nulls":9},{"$f":"IF(O35=\"\",INDEX(O18:P18,MATCH(MIN(#REF!),#REF!,0)),O35)","v":"Outliers"},null,"CV (Cotações)",{"$f":"IF(COUNTIF(O19:O29,\"Sim\")<3,\"N/D (são necessários pelo menos 3 preços)\",_xlfn.STDEV.S(IF(O19:O29=\"Sim\",$K19:$K29))/AVERAGE(IF(O19:O29=\"Sim\",$K19:$K29)))","v":6.0699999999999997E-2},{"$f":"IF(COUNTIF(P19:P29,\"Sim\")<3,\"N/D (são necessários pelo menos 3 preços)\",_xlfn.STDEV.S(IF(P19:P29=\"Sim\",$K19:$K29))/AVERAGE(IF(P19:P29=\"Sim\",$K19:$K29)))","v":"N/D (são necessários pelo menos 3 preços)"}]
[{"$nulls":13},"Média",{"$f":"IF(SUM(COUNTIF($O$10:$O$16,\"Sim\")) + SUM(COUNTIF(O19:O29,\"Sim\")) < 3,\n   \"N/D (são necessários pelo menos 3 preços)\",\n   IFERROR(AVERAGE(_xlfn._xlws.FILTER($K$10:$K$16,$O$10:$O$16=\"Sim\"), _xlfn._xlws.FILTER($K$19:$K$29,O19:O29=\"Sim\")),O30))","v":928.03},{"$f":"IF(SUM(COUNTIF($P$10:$P$16,\"Sim\")) + SUM(COUNTIF(P19:P29,\"Sim\")) < 3,\n   \"N/D (são necessários pelo menos 3 preços)\",\n   IFERROR(AVERAGE(_xlfn._xlws.FILTER($K$10:$K$16,$P$10:$P$16=\"Sim\"), _xlfn._xlws.FILTER($K$19:$K$29,P19:P29=\"Sim\")),P30))","v":"N/D (são necessários pelo menos 3 preços)"}]
[{"$nulls":13},"Mediana",{"$f":"IF(SUM(COUNTIF($O$10:$O$16,\"Sim\")) + SUM(COUNTIF(O19:O29,\"Sim\")) < 3,\n   \"N/D (são necessários pelo menos 3 preços)\",\n   IFERROR(MEDIAN(_xlfn._xlws.FILTER($K$10:$K$16,$O$10:$O$16=\"Sim\"), _xlfn._xlws.FILTER($K$19:$K$29,O19:O29=\"Sim\")),O31))","v":920.13},{"$f":"IF(SUM(COUNTIF($P10:$P$16,\"Sim\")) + SUM(COUNTIF(P19:P29,\"Sim\")) < 3,\n   \"N/D (são necessários pelo menos 3 preços)\",\n   IFERROR(MEDIAN(_xlfn._xlws.FILTER($K$10:$K$16,$P$10:$P$16=\"Sim\"), _xlfn._xlws.FILTER($K$19:$K$29,P19:P29=\"Sim\")),P31))","v":"N/D (são necessários pelo menos 3 preços)"}]
[null,"COSOLIDAÇÃO DOS PREÇOS",{"$nulls":11},"Metodologia a adotar:",{"$f":"IF(INDEX(O18:P18,P35)=0,\"\",INDEX(O18:P18,P35))","v":"Outliers"},1]
[]
[null,"PREÇO UNITÁRIO ESTIMADO ADOTADO:",{"$nulls":9},{"$f":"IF($B$39=\"Mediana:\",L31,L30)","v":890}]
[]
[{"$f":"O18","v":"Outliers"},"Mediana:"]
[{"$f":"P18","v":"Por critério do(a) analista"}]

{"sheet":"COT09","index":17,"n_rows":40,"n_cols":16,"rows_kept":40,"cut":false,"hidden":true,"merged":[[16,1,16,11],[16,14,16,15],[0,0,0,6],[6,2,6,7],[6,14,6,15],[7,1,7,11],[7,14,7,15],[28,1,28,8],[17,1,17,8],[18,1,18,8],[19,1,19,8],[20,1,20,8],[21,1,21,8],[22,1,22,8],[23,1,23,8],[24,1,24,8],[25,1,25,8],[26,1,26,8],[27,1,27,8],[31,1,33,10],[31,11,33,11],[34,1,35,10],[34,11,35,11],[36,1,36,10]]}
[]
[null,"Processo","59500.003753/2025-45"]
[null,"Responsável","Kaio Gabriel, Alessandra Brant, Alberto Nascimento"]
[null,"Área de Origem","AI/GAP/UGI"]
[null,"Data da pesquisa"]
[]
[null,"ITEM:","MICROASPERSOR 75 L/H",{"$nulls":5},"UNIDADE DE MEDIDA:","unidade","QUANTIDADE:",1400,null,null,"Tabela auxiliar de metodologias para exclusão de preços"]
[null,"LICITAÇÕES ANTERIORES",{"$nulls":12},"Licitações Anteriores"]
[null,"Órgão","Edital/Ano - Nº do Lote / Item","Quantidade","Valor Unitário","Data","índice de atualização (nome)","I0","If","Variação acumulada do índice (%)","Preço unitário atualizado","Utilizar?  (Sim/Não)",null,null,"Outliers","Por critério do(a) analista"]
[{"$nulls":9},{"$f":"IF(ISBLANK(E10),\"\",IF(ISNUMBER(H10),(I10-H10)/H10,0))","v":""},{"$f":"IF(ISBLANK(E10),\"\",E10*(1+J10))","v":""},{"$f":"IF(ISNUMBER(K10),IF($L$32<>$P$9,O10,P10),\"\")","v":""},null,null,{"$f":"IF(ISNUMBER(K10),IF(OR(K10<_xlfn.QUARTILE.INC($K$10:$K$29,1)-1.5*(_xlfn.QUARTILE.INC($K$10:K29,3)-_xlfn.QUARTILE.INC($K$10:$K$29,1)),K10>_xlfn.QUARTILE.INC($K$10:$K$29,3)+1.5*(_xlfn.QUARTILE.INC($K$10:$K$29,3)-_xlfn.QUARTILE.INC($K$10:$K$29,1))),\"Não\",\"Sim\"),\"\")","v":""}]
[{"$nulls":9},{"$f":"IF(ISBLANK(E11),\"\",IF(ISNUMBER(H11),(I11-H11)/H11,0))","v":""},{"$f":"IF(ISBLANK(E11),\"\",E11*(1+J11))","v":""},"",null,null,{"$f":"IF(ISNUMBER(K11),IF(OR(K11<_xlfn.QUARTILE.INC($K$10:$K$29,1)-1.5*(_xlfn.QUARTILE.INC($K$10:K29,3)-_xlfn.QUARTILE.INC($K$10:$K$29,1)),K11>_xlfn.QUARTILE.INC($K$10:$K$29,3)+1.5*(_xlfn.QUARTILE.INC($K$10:$K$29,3)-_xlfn.QUARTILE.INC($K$10:$K$29,1))),\"Não\",\"Sim\"),\"\")","v":""}]
[{"$nulls":9},"","","",null,null,{"$f":"IF(ISNUMBER(K12),IF(OR(K12<_xlfn.QUARTILE.INC($K$10:$K$29,1)-1.5*(_xlfn.QUARTILE.INC($K$10:K30,3)-_xlfn.QUARTILE.INC($K$10:$K$29,1)),K12>_xlfn.QUARTILE.INC($K$10:$K$29,3)+1.5*(_xlfn.QUARTILE.INC($K$10:$K$29,3)-_xlfn.QUARTILE.INC($K$10:$K$29,1))),\"Não\",\"Sim\"),\"\")","v":""}]
[{"$nulls":9},"","","",null,null,{"$f":"IF(ISNUMBER(K13),IF(OR(K13<_xlfn.QUARTILE.INC($K$10:$K$29,1)-1.5*(_xlfn.QUARTILE.INC($K$10:K31,3)-_xlfn.QUARTILE.INC($K$10:$K$29,1)),K13>_xlfn.QUARTILE.INC($K$10:$K$29,3)+1.5*(_xlfn.QUARTILE.INC($K$10:$K$29,3)-_xlfn.QUARTILE.INC($K$10:$K$29,1))),\"Não\",\"Sim\"),\"\")","v":""}]
[{"$nulls":9},"","","",null,null,{"$f":"IF(ISNUMBER(K14),IF(OR(K14<_xlfn.QUARTILE.INC($K$10:$K$29,1)-1.5*(_xlfn.QUARTILE.INC($K$10:K32,3)-_xlfn.QUARTILE.INC($K$10:$K$29,1)),K14>_xlfn.QUARTILE.INC($K$10:$K$29,3)+1.5*(_xlfn.QUARTILE.INC($K$10:$K$29,3)-_xlfn.QUARTILE.INC($K$10:$K$29,1))),\"Não\",\"Sim\"),\"\")","v":""}]
[{"$nulls":9},"","","",null,null,{"$f":"IF(ISNUMBER(K15),IF(OR(K15<_xlfn.QUARTILE.INC($K$10:$K$29,1)-1.5*(_xlfn.QUARTILE.INC($K$10:K35,3)-_xlfn.QUARTILE.INC($K$10:$K$29,1)),K15>_xlfn.QUARTILE.INC($K$10:$K$29,3)+1.5*(_xlfn.QUARTILE.INC($K$10:$K$29,3)-_xlfn.QUARTILE.INC($K$10:$K$29,1))),\"Não\",\"Sim\"),\"\")","v":""}]
[{"$nulls":9},"","","",null,null,{"$f":"IF(ISNUMBER(K16),IF(OR(K16<_xlfn.QUARTILE.INC($K$10:$K$29,1)-1.5*(_xlfn.QUARTILE.INC($I$10:I37,3)-_xlfn.QUARTILE.INC($K$10:$K$29,1)),K16>_xlfn.QUARTILE.INC($K$10:$K$29,3)+1.5*(_xlfn.QUARTILE.INC($K$10:$K$29,3)-_xlfn.QUARTILE.INC($K$10:$K$29,1))),\"Não\",\"Sim\"),\"\")","v":""}]
[null,"COTAÇÕES DE MERCADO",{"$nulls":12},"Cotações"]
[null,"Empresa",{"$nulls":7},"Data","Preço Unitário","Utilizar? (Sim/Não)",null,null,"Outliers","Por critério do(a) analista"]
[null,"BRASMAQUINAS COMERCIO DE MAQUINAS E IRRIGACAO LTDA (CNPJ : 00145531000334)   E-mail: MARCOS.GOMES@BRASMAQUINAS.COM.BR",{"$nulls":7},"2025-08-22",1.95,"Não",null,null,{"$f":"IF(ISNUMBER(K19),IF(OR(K19<_xlfn.QUARTILE.INC($K$10:$K$29,1)-1.5*(_xlfn.QUARTILE.INC($K$10:$K$29,3)-_xlfn.QUARTILE.INC($K$10:$K$29,1)),K19>_xlfn.QUARTILE.INC($K$10:$K$29,3)+1.5*(_xlfn.QUARTILE.INC($K$10:$K$29,3)-_xlfn.QUARTILE.INC($K$10:$K$29,1))),\"Não\",\"Sim\"),\"\")","v":"Sim"}]
[null,"IRRIGASOL Irrigação e energia Solar LTDA (CNPJ: 46.152.561/0001-07) E-mail:irrigasol.mgmontalvania@gmail.com",{"$nulls":7},"2025-09-11",3.5,{"$f":"IF(ISNUMBER(K20),IF($L$32=$O$18,O20,IF($L$32=$P$18,P20,\"\")),\"\")","v":"Sim"},null,null,"Sim"]
[null,"VCA IRRIGAÇÃO LTDA (CNPJ: 26.466.226/0001-76) financeiro@minasbombas.com.br",{"$nulls":7},"2025-08-27",2.27,"Não",null,null,"Sim"]
[null,"iNSTAaGRO - https://www.instaagro.com/microaspersor-hadar-bocal-lr-1-2-mm-75-l-h-med-alc-naandanjain?gad_source=4&gad_campaignid=22678466632&gbraid=0AAAAAC0h8RIvQhPzXdNKld4Pt7BPg80K-&gclid=CjwKCAiAt8bIBhBpEiwAzH1w6TZcPoUvjp6n9wVcVtIwVAQPITW2h1yNL199yZNn-BlctaJQ6eTG8xoCPJ0QAvD_BwE",{"$nulls":7},"2025-11-10",{"$f":"3.44+(17.2/1400)","v":3.45},"Sim",null,null,"Sim"]
[null,"Mercado Livre (BOLSAIRRIGA) - https://www.mercadolivre.com.br/kit-50-microaspersor-bailarina-75lh-irrigacao-horta-pomar/up/MLBU3406380532?pdp_filters=item_id:MLB5665975856&matt_tool=59586449&matt_internal_campaign_id=&matt_word=&matt_source=google&matt_campaign_id=22120855419&matt_ad_group_id=179138687731&matt_match_type=&matt_network=g&matt_device=c&matt_creative=729092955247&matt_keyword=&matt_ad_position=&matt_ad_type=pla&matt_merchant_id=5642161614&matt_product_id=MLB5665975856&matt_product_partition_id=2393015049578&matt_target_id=pla-2393015049578&cq_src=google_ads&cq_cmp=22120855419&cq_net=g&cq_plt=gp&cq_med=pla&gad_source=4&gad_campaignid=22120855419&gbraid=0AAAAAD93qcDTHjWGS30k3F900Qttb_ws2&gclid=CjwKCAiAt8bIBhBpEiwAzH1w6d4PtvGvTMMSe8UFkLX8H0ujyK7jWVHRkAQSFRxMm_Oo5nE5oKEb2RoCcM8QAvD_BwE",{"$nulls":7},"2025-11-10",{"$f":"145.47/50","v":2.91},"Sim",null,null,"Sim"]
[null,"FERPAM - https://www.ferpam.com.br/micro-aspersor-hadar-bocal-laranja-1-2mm-de-75-l-h-com-medio-alcance-naandanjain.html?srsltid=AfmBOoqHw0PMUBAtDn1UUf5s3GgnrZamVBVpOYMYnLnUdKXSdTVO34QHhyk",{"$nulls":7},"2025-11-10",{"$f":"6.64+(709.46/1400)","v":7.15},"Não",null,null,"Não"]
[{"$nulls":11},"",null,null,""]
[{"$nulls":11},"",null,null,""]
[{"$nulls":11},"",null,null,""]
[{"$nulls":11},"",null,null,""]
[{"$nulls":11},"",null,null,""]
[null,"Observações:",{"$nulls":8},"Média:",{"$f":"IF($L$32=\"\",\"Selecione metodologia para exclusão de preços\",AVERAGE(IF($L$10:$L$29=\"Sim\",$K$10:$K$29)))","v":3.29},null,"Média (Cotações)",{"$f":"IF(COUNTIF(O19:O29,\"Sim\")<3,\"N/D (são necessários pelo menos 3 preços)\",AVERAGE(IF(O19:O29=\"Sim\",$K19:$K29)))","v":2.82},{"$f":"IF(COUNTIF(P19:P29,\"Sim\")<3,\"N/D (são necessários pelo menos 3 preços)\",AVERAGE(IF(P19:P29=\"Sim\",$K19:$K29)))","v":"N/D (são necessários pelo menos 3 preços)"}]
[{"$nulls":10},"Mediana:",{"$f":"IF($L$32=\"\",\"Selecione metodologia para exclusão de preços\",MEDIAN(IF($L$10:$L$29=\"Sim\",$K$10:$K$29)))","v":3.45},null,"Mediana (Cotações)",{"$f":"IF(COUNTIF(O19:O29,\"Sim\")<3,\"N/D (são necessários pelo menos 3 preços)\",MEDIAN(IF(O19:O29=\"Sim\",$K19:$K29)))","v":2.91},{"$f":"IF(COUNTIF(P19:P29,\"Sim\")<3,\"N/D (são necessários pelo menos 3 preços)\",MEDIAN(IF(P19:P29=\"Sim\",$K19:$K29)))","v":"N/D (são necessários pelo menos 3 preços)"}]
[null,"Metodologia de exclusão de preços adotada:",{"$nulls":9},{"$f":"IF(O35=\"\",INDEX(O18:P18,MATCH(MIN(#REF!),#REF!,0)),O35)","v":"Outliers"},null,"CV (Cotações)",{"$f":"IF(COUNTIF(O19:O29,\"Sim\")<3,\"N/D (são necessários pelo menos 3 preços)\",_xlfn.STDEV.S(IF(O19:O29=\"Sim\",$K19:$K29))/AVERAGE(IF(O19:O29=\"Sim\",$K19:$K29)))","v":0.2465},{"$f":"IF(COUNTIF(P19:P29,\"Sim\")<3,\"N/D (são necessários pelo menos 3 preços)\",_xlfn.STDEV.S(IF(P19:P29=\"Sim\",$K19:$K29))/AVERAGE(IF(P19:P29=\"Sim\",$K19:$K29)))","v":"N/D (são necessários pelo menos 3 preços)"}]
[{"$nulls":13},"Média",{"$f":"IF(SUM(COUNTIF($O$10:$O$16,\"Sim\")) + SUM(COUNTIF(O19:O29,\"Sim\")) < 3,\n   \"N/D (são necessários pelo menos 3 preços)\",\n   IFERROR(AVERAGE(_xlfn._xlws.FILTER($K$10:$K$16,$O$10:$O$16=\"Sim\"), _xlfn._xlws.FILTER($K$19:$K$29,O19:O29=\"Sim\")),O30))","v":2.82},{"$f":"IF(SUM(COUNTIF($P$10:$P$16,\"Sim\")) + SUM(COUNTIF(P19:P29,\"Sim\")) < 3,\n   \"N/D (são necessários pelo menos 3 preços)\",\n   IFERROR(AVERAGE(_xlfn._xlws.FILTER($K$10:$K$16,$P$10:$P$16=\"Sim\"), _xlfn._xlws.FILTER($K$19:$K$29,P19:P29=\"Sim\")),P30))","v":"N/D (são necessários pelo menos 3 preços)"}]
[{"$nulls":13},"Mediana",{"$f":"IF(SUM(COUNTIF($O$10:$O$16,\"Sim\")) + SUM(COUNTIF(O19:O29,\"Sim\")) < 3,\n   \"N/D (são necessários pelo menos 3 preços)\",\n   IFERROR(MEDIAN(_xlfn._xlws.FILTER($K$10:$K$16,$O$10:$O$16=\"Sim\"), _xlfn._xlws.FILTER($K$19:$K$29,O19:O29=\"Sim\")),O31))","v":2.91},{"$f":"IF(SUM(COUNTIF($P10:$P$16,\"Sim\")) + SUM(COUNTIF(P19:P29,\"Sim\")) < 3,\n   \"N/D (são necessários pelo menos 3 preços)\",\n   IFERROR(MEDIAN(_xlfn._xlws.FILTER($K$10:$K$16,$P$10:$P$16=\"Sim\"), _xlfn._xlws.FILTER($K$19:$K$29,P19:P29=\"Sim\")),P31))","v":"N/D (são necessários pelo menos 3 preços)"}]
[null,"COSOLIDAÇÃO DOS PREÇOS",{"$nulls":11},"Metodologia a adotar:",{"$f":"IF(INDEX(O18:P18,P35)=0,\"\",INDEX(O18:P18,P35))","v":"Outliers"},1]
[]
[null,"PREÇO UNITÁRIO ESTIMADO ADOTADO:",{"$nulls":9},{"$f":"IF($B$39=\"Mediana:\",L31,L30)","v":3.29}]
[]
[{"$f":"O18","v":"Outliers"},"Média:"]
[{"$f":"P18","v":"Por critério do(a) analista"}]

{"sheet":"COT10","index":18,"n_rows":40,"n_cols":16,"rows_kept":40,"cut":false,"hidden":true,"merged":[[16,1,16,11],[16,14,16,15],[0,0,0,6],[6,2,6,7],[6,14,6,15],[7,1,7,11],[7,14,7,15],[28,1,28,8],[17,1,17,8],[18,1,18,8],[19,1,19,8],[20,1,20,8],[21,1,21,8],[22,1,22,8],[23,1,23,8],[24,1,24,8],[25,1,25,8],[26,1,26,8],[27,1,27,8],[31,1,33,10],[31,11,33,11],[34,1,35,10],[34,11,35,11],[36,1,36,10]]}
[]
[null,"Processo","59500.003753/2025-45"]
[null,"Responsável","Kaio Gabriel, Alessandra Brant, Alberto Nascimento"]
[null,"Área de Origem","AI/GAP/UGI"]
[null,"Data da pesquisa"]
[]
[null,"ITEM:","MICROTUBO C/ CONECTOR 4/6 x 80cm",{"$nulls":5},"UNIDADE DE MEDIDA:","unidade","QUANTIDADE:",1400,null,null,"Tabela auxiliar de metodologias para exclusão de preços"]
[null,"LICITAÇÕES ANTERIORES",{"$nulls":12},"Licitações Anteriores"]
[null,"Órgão","Edital/Ano - Nº do Lote / Item","Quantidade","Valor Unitário","Data","índice de atualização (nome)","I0","If","Variação acumulada do índice (%)","Preço unitário atualizado","Utilizar?  (Sim/Não)",null,null,"Outliers","Por critério do(a) analista"]
[{"$nulls":9},{"$f":"IF(ISBLANK(E10),\"\",IF(ISNUMBER(H10),(I10-H10)/H10,0))","v":""},{"$f":"IF(ISBLANK(E10),\"\",E10*(1+J10))","v":""},{"$f":"IF(ISNUMBER(K10),IF($L$32<>$P$9,O10,P10),\"\")","v":""},null,null,{"$f":"IF(ISNUMBER(K10),IF(OR(K10<_xlfn.QUARTILE.INC($K$10:$K$29,1)-1.5*(_xlfn.QUARTILE.INC($K$10:K29,3)-_xlfn.QUARTILE.INC($K$10:$K$29,1)),K10>_xlfn.QUARTILE.INC($K$10:$K$29,3)+1.5*(_xlfn.QUARTILE.INC($K$10:$K$29,3)-_xlfn.QUARTILE.INC($K$10:$K$29,1))),\"Não\",\"Sim\"),\"\")","v":""}]
[{"$nulls":9},{"$f":"IF(ISBLANK(E11),\"\",IF(ISNUMBER(H11),(I11-H11)/H11,0))","v":""},{"$f":"IF(ISBLANK(E11),\"\",E11*(1+J11))","v":""},"",null,null,{"$f":"IF(ISNUMBER(K11),IF(OR(K11<_xlfn.QUARTILE.INC($K$10:$K$29,1)-1.5*(_xlfn.QUARTILE.INC($K$10:K29,3)-_xlfn.QUARTILE.INC($K$10:$K$29,1)),K11>_xlfn.QUARTILE.INC($K$10:$K$29,3)+1.5*(_xlfn.QUARTILE.INC($K$10:$K$29,3)-_xlfn.QUARTILE.INC($K$10:$K$29,1))),\"Não\",\"Sim\"),\"\")","v":""}]
[{"$nulls":9},"","","",null,null,{"$f":"IF(ISNUMBER(K12),IF(OR(K12<_xlfn.QUARTILE.INC($K$10:$K$29,1)-1.5*(_xlfn.QUARTILE.INC($K$10:K30,3)-_xlfn.QUARTILE.INC($K$10:$K$29,1)),K12>_xlfn.QUARTILE.INC($K$10:$K$29,3)+1.5*(_xlfn.QUARTILE.INC($K$10:$K$29,3)-_xlfn.QUARTILE.INC($K$10:$K$29,1))),\"Não\",\"Sim\"),\"\")","v":""}]
[{"$nulls":9},"","","",null,null,{"$f":"IF(ISNUMBER(K13),IF(OR(K13<_xlfn.QUARTILE.INC($K$10:$K$29,1)-1.5*(_xlfn.QUARTILE.INC($K$10:K31,3)-_xlfn.QUARTILE.INC($K$10:$K$29,1)),K13>_xlfn.QUARTILE.INC($K$10:$K$29,3)+1.5*(_xlfn.QUARTILE.INC($K$10:$K$29,3)-_xlfn.QUARTILE.INC($K$10:$K$29,1))),\"Não\",\"Sim\"),\"\")","v":""}]
[{"$nulls":9},"","","",null,null,{"$f":"IF(ISNUMBER(K14),IF(OR(K14<_xlfn.QUARTILE.INC($K$10:$K$29,1)-1.5*(_xlfn.QUARTILE.INC($K$10:K32,3)-_xlfn.QUARTILE.INC($K$10:$K$29,1)),K14>_xlfn.QUARTILE.INC($K$10:$K$29,3)+1.5*(_xlfn.QUARTILE.INC($K$10:$K$29,3)-_xlfn.QUARTILE.INC($K$10:$K$29,1))),\"Não\",\"Sim\"),\"\")","v":""}]
[{"$nulls":9},"","","",null,null,{"$f":"IF(ISNUMBER(K15),IF(OR(K15<_xlfn.QUARTILE.INC($K$10:$K$29,1)-1.5*(_xlfn.QUARTILE.INC($K$10:K35,3)-_xlfn.QUARTILE.INC($K$10:$K$29,1)),K15>_xlfn.QUARTILE.INC($K$10:$K$29,3)+1.5*(_xlfn.QUARTILE.INC($K$10:$K$29,3)-_xlfn.QUARTILE.INC($K$10:$K$29,1))),\"Não\",\"Sim\"),\"\")","v":""}]
[{"$nulls":9},"","","",null,null,{"$f":"IF(ISNUMBER(K16),IF(OR(K16<_xlfn.QUARTILE.INC($K$10:$K$29,1)-1.5*(_xlfn.QUARTILE.INC($I$10:I37,3)-_xlfn.QUARTILE.INC($K$10:$K$29,1)),K16>_xlfn.QUARTILE.INC($K$10:$K$29,3)+1.5*(_xlfn.QUARTILE.INC($K$10:$K$29,3)-_xlfn.QUARTILE.INC($K$10:$K$29,1))),\"Não\",\"Sim\"),\"\")","v":""}]
[null,"COTAÇÕES DE MERCADO",{"$nulls":12},"Cotações"]
[null,"Empresa",{"$nulls":7},"Data","Preço Unitário","Utilizar? (Sim/Não)",null,null,"Outliers","Por critério do(a) analista"]
[null,"BRASMAQUINAS COMERCIO DE MAQUINAS E IRRIGACAO LTDA (CNPJ : 00145531000334)   E-mail: MARCOS.GOMES@BRASMAQUINAS.COM.BR",{"$nulls":7},"2025-08-22",1.2,"Não",null,null,{"$f":"IF(ISNUMBER(K19),IF(OR(K19<_xlfn.QUARTILE.INC($K$10:$K$29,1)-1.5*(_xlfn.QUARTILE.INC($K$10:$K$29,3)-_xlfn.QUARTILE.INC($K$10:$K$29,1)),K19>_xlfn.QUARTILE.INC($K$10:$K$29,3)+1.5*(_xlfn.QUARTILE.INC($K$10:$K$29,3)-_xlfn.QUARTILE.INC($K$10:$K$29,1))),\"Não\",\"Sim\"),\"\")","v":"Sim"}]
[null,"IRRIGASOL Irrigação e energia Solar LTDA (CNPJ: 46.152.561/0001-07) E-mail:irrigasol.mgmontalvania@gmail.com",{"$nulls":7},"2025-09-11",2.6,"Não",null,null,"Sim"]
[null,"VCA IRRIGAÇÃO LTDA (CNPJ: 26.466.226/0001-76) financeiro@minasbombas.com.br",{"$nulls":7},"2025-08-27",1.1499999999999999,"Não",null,null,"Sim"]
[null,"Irriassol - Itabuna - Bahia - 45.868.527/0001-70. https://www.irrigassol.com.br/tubo-pebdl-46mm-p-micro-x-80cm-c-conec-pirrig-implebras",{"$nulls":7},"2025-11-10",{"$f":"4631.27/1400","v":3.31},{"$f":"IF(ISNUMBER(K22),IF($L$32=$O$18,O22,IF($L$32=$P$18,P22,\"\")),\"\")","v":"Não"},null,null,"Não"]
[null,"Casa Irriga - https://casairriga.com.br/produto/microtubo-com-conector-4mm/",{"$nulls":7},"2026-02-25",1.25,"Sim",null,null,"Sim"]
[null,"AGROJÃO - https://www.agrojao.com.br/micro-tubo-para-aspersor-com-conector-80cm-45mm-rsb?",{"$nulls":7},"2026-02-25",1.37,"Sim",null,null,"Sim"]
[null,"DOUTORIRRIGAÇÃO - https://doutorirrigacao.com.br/tubos-e-conexoes-pvc/microtubo-pebdl-4-6-mm-x-60-cm-e-80-cm-com-conector-implebras-p?",{"$nulls":7},"2026-02-25",0.69,"Sim",null,null,"Sim"]
[{"$nulls":11},"",null,null,""]
[{"$nulls":11},"",null,null,""]
[{"$nulls":11},"",null,null,""]
[{"$nulls":11},"",null,null,""]
[null,"Observações:",{"$nulls":8},"Média:",{"$f":"IF($L$32=\"\",\"Selecione metodologia para exclusão de preços\",AVERAGE(IF($L$10:$L$29=\"Sim\",$K$10:$K$29)))","v":1.1000000000000001},null,"Média (Cotações)",{"$f":"IF(COUNTIF(O19:O29,\"Sim\")<3,\"N/D (são necessários pelo menos 3 preços)\",AVERAGE(IF(O19:O29=\"Sim\",$K19:$K29)))","v":1.38},{"$f":"IF(COUNTIF(P19:P29,\"Sim\")<3,\"N/D (são necessários pelo menos 3 preços)\",AVERAGE(IF(P19:P29=\"Sim\",$K19:$K29)))","v":"N/D (são necessários pelo menos 3 preços)"}]
[{"$nulls":10},"Mediana:",{"$f":"IF($L$32=\"\",\"Selecione metodologia para exclusão de preços\",MEDIAN(IF($L$10:$L$29=\"Sim\",$K$10:$K$29)))","v":1.25},null,"Mediana (Cotações)",{"$f":"IF(COUNTIF(O19:O29,\"Sim\")<3,\"N/D (são necessários pelo menos 3 preços)\",MEDIAN(IF(O19:O29=\"Sim\",$K19:$K29)))","v":1.23},{"$f":"IF(COUNTIF(P19:P29,\"Sim\")<3,\"N/D (são necessários pelo menos 3 preços)\",MEDIAN(IF(P19:P29=\"Sim\",$K19:$K29)))","v":"N/D (são necessários pelo menos 3 preços)"}]
[null,"Metodologia de exclusão de preços adotada:",{"$nulls":9},{"$f":"IF(O35=\"\",INDEX(O18:P18,MATCH(MIN(#REF!),#REF!,0)),O35)","v":"Outliers"},null,"CV (Cotações)",{"$f":"IF(COUNTIF(O19:O29,\"Sim\")<3,\"N/D (são necessários pelo menos 3 preços)\",_xlfn.STDEV.S(IF(O19:O29=\"Sim\",$K19:$K29))/AVERAGE(IF(O19:O29=\"Sim\",$K19:$K29)))","v":0.46700000000000003},{"$f":"IF(COUNTIF(P19:P29,\"Sim\")<3,\"N/D (são necessários pelo menos 3 preços)\",_xlfn.STDEV.S(IF(P19:P29=\"Sim\",$K19:$K29))/AVERAGE(IF(P19:P29=\"Sim\",$K19:$K29)))","v":"N/D (são necessários pelo menos 3 preços)"}]
[{"$nulls":13},"Média",{"$f":"IF(SUM(COUNTIF($O$10:$O$16,\"Sim\")) + SUM(COUNTIF(O19:O29,\"Sim\")) < 3,\n   \"N/D (são necessários pelo menos 3 preços)\",\n   IFERROR(AVERAGE(_xlfn._xlws.FILTER($K$10:$K$16,$O$10:$O$16=\"Sim\"), _xlfn._xlws.FILTER($K$19:$K$29,O19:O29=\"Sim\")),O30))","v":1.38},{"$f":"IF(SUM(COUNTIF($P$10:$P$16,\"Sim\")) + SUM(COUNTIF(P19:P29,\"Sim\")) < 3,\n   \"N/D (são necessários pelo menos 3 preços)\",\n   IFERROR(AVERAGE(_xlfn._xlws.FILTER($K$10:$K$16,$P$10:$P$16=\"Sim\"), _xlfn._xlws.FILTER($K$19:$K$29,P19:P29=\"Sim\")),P30))","v":"N/D (são necessários pelo menos 3 preços)"}]
[{"$nulls":13},"Mediana",{"$f":"IF(SUM(COUNTIF($O$10:$O$16,\"Sim\")) + SUM(COUNTIF(O19:O29,\"Sim\")) < 3,\n   \"N/D (são necessários pelo menos 3 preços)\",\n   IFERROR(MEDIAN(_xlfn._xlws.FILTER($K$10:$K$16,$O$10:$O$16=\"Sim\"), _xlfn._xlws.FILTER($K$19:$K$29,O19:O29=\"Sim\")),O31))","v":1.23},{"$f":"IF(SUM(COUNTIF($P10:$P$16,\"Sim\")) + SUM(COUNTIF(P19:P29,\"Sim\")) < 3,\n   \"N/D (são necessários pelo menos 3 preços)\",\n   IFERROR(MEDIAN(_xlfn._xlws.FILTER($K$10:$K$16,$P$10:$P$16=\"Sim\"), _xlfn._xlws.FILTER($K$19:$K$29,P19:P29=\"Sim\")),P31))","v":"N/D (são necessários pelo menos 3 preços)"}]
[null,"COSOLIDAÇÃO DOS PREÇOS",{"$nulls":11},"Metodologia a adotar:",{"$f":"IF(INDEX(O18:P18,P35)=0,\"\",INDEX(O18:P18,P35))","v":"Outliers"},1]
[]
[null,"PREÇO UNITÁRIO ESTIMADO ADOTADO:",{"$nulls":9},{"$f":"IF($B$39=\"Mediana:\",L31,L30)","v":1.1000000000000001}]
[]
[{"$f":"O18","v":"Outliers"},"Média:"]
[{"$f":"P18","v":"Por critério do(a) analista"}]

{"sheet":"COT11","index":19,"n_rows":40,"n_cols":16,"rows_kept":40,"cut":false,"hidden":true,"merged":[[16,1,16,11],[16,14,16,15],[0,0,0,6],[6,2,6,7],[6,14,6,15],[7,1,7,11],[7,14,7,15],[28,1,28,8],[17,1,17,8],[18,1,18,8],[19,1,19,8],[20,1,20,8],[21,1,21,8],[22,1,22,8],[23,1,23,8],[24,1,24,8],[25,1,25,8],[26,1,26,8],[27,1,27,8],[31,1,33,10],[31,11,33,11],[34,1,35,10],[34,11,35,11],[36,1,36,10]]}
[]
[null,"Processo","59500.003753/2025-45"]
[null,"Responsável","Kaio Gabriel, Alessandra Brant, Alberto Nascimento"]
[null,"Área de Origem","AI/GAP/UGI"]
[null,"Data da pesquisa"]
[]
[null,"ITEM:","HASTE PLÁSTICA PARA MICROASPERSOR - 60CM",{"$nulls":5},"UNIDADE DE MEDIDA:","unidade","QUANTIDADE:",1400,null,null,"Tabela auxiliar de metodologias para exclusão de preços"]
[null,"LICITAÇÕES ANTERIORES",{"$nulls":12},"Licitações Anteriores"]
[null,"Órgão","Edital/Ano - Nº do Lote / Item","Quantidade","Valor Unitário","Data","índice de atualização (nome)","I0","If","Variação acumulada do índice (%)","Preço unitário atualizado","Utilizar?  (Sim/Não)",null,null,"Outliers","Por critério do(a) analista"]
[{"$nulls":9},{"$f":"IF(ISBLANK(E10),\"\",IF(ISNUMBER(H10),(I10-H10)/H10,0))","v":""},{"$f":"IF(ISBLANK(E10),\"\",E10*(1+J10))","v":""},{"$f":"IF(ISNUMBER(K10),IF($L$32<>$P$9,O10,P10),\"\")","v":""},null,null,{"$f":"IF(ISNUMBER(K10),IF(OR(K10<_xlfn.QUARTILE.INC($K$10:$K$29,1)-1.5*(_xlfn.QUARTILE.INC($K$10:K29,3)-_xlfn.QUARTILE.INC($K$10:$K$29,1)),K10>_xlfn.QUARTILE.INC($K$10:$K$29,3)+1.5*(_xlfn.QUARTILE.INC($K$10:$K$29,3)-_xlfn.QUARTILE.INC($K$10:$K$29,1))),\"Não\",\"Sim\"),\"\")","v":""}]
[{"$nulls":9},{"$f":"IF(ISBLANK(E11),\"\",IF(ISNUMBER(H11),(I11-H11)/H11,0))","v":""},{"$f":"IF(ISBLANK(E11),\"\",E11*(1+J11))","v":""},"",null,null,{"$f":"IF(ISNUMBER(K11),IF(OR(K11<_xlfn.QUARTILE.INC($K$10:$K$29,1)-1.5*(_xlfn.QUARTILE.INC($K$10:K29,3)-_xlfn.QUARTILE.INC($K$10:$K$29,1)),K11>_xlfn.QUARTILE.INC($K$10:$K$29,3)+1.5*(_xlfn.QUARTILE.INC($K$10:$K$29,3)-_xlfn.QUARTILE.INC($K$10:$K$29,1))),\"Não\",\"Sim\"),\"\")","v":""}]
[{"$nulls":9},"","","",null,null,{"$f":"IF(ISNUMBER(K12),IF(OR(K12<_xlfn.QUARTILE.INC($K$10:$K$29,1)-1.5*(_xlfn.QUARTILE.INC($K$10:K30,3)-_xlfn.QUARTILE.INC($K$10:$K$29,1)),K12>_xlfn.QUARTILE.INC($K$10:$K$29,3)+1.5*(_xlfn.QUARTILE.INC($K$10:$K$29,3)-_xlfn.QUARTILE.INC($K$10:$K$29,1))),\"Não\",\"Sim\"),\"\")","v":""}]
[{"$nulls":9},"","","",null,null,{"$f":"IF(ISNUMBER(K13),IF(OR(K13<_xlfn.QUARTILE.INC($K$10:$K$29,1)-1.5*(_xlfn.QUARTILE.INC($K$10:K31,3)-_xlfn.QUARTILE.INC($K$10:$K$29,1)),K13>_xlfn.QUARTILE.INC($K$10:$K$29,3)+1.5*(_xlfn.QUARTILE.INC($K$10:$K$29,3)-_xlfn.QUARTILE.INC($K$10:$K$29,1))),\"Não\",\"Sim\"),\"\")","v":""}]
[{"$nulls":9},"","","",null,null,{"$f":"IF(ISNUMBER(K14),IF(OR(K14<_xlfn.QUARTILE.INC($K$10:$K$29,1)-1.5*(_xlfn.QUARTILE.INC($K$10:K32,3)-_xlfn.QUARTILE.INC($K$10:$K$29,1)),K14>_xlfn.QUARTILE.INC($K$10:$K$29,3)+1.5*(_xlfn.QUARTILE.INC($K$10:$K$29,3)-_xlfn.QUARTILE.INC($K$10:$K$29,1))),\"Não\",\"Sim\"),\"\")","v":""}]
[{"$nulls":9},"","","",null,null,{"$f":"IF(ISNUMBER(K15),IF(OR(K15<_xlfn.QUARTILE.INC($K$10:$K$29,1)-1.5*(_xlfn.QUARTILE.INC($K$10:K35,3)-_xlfn.QUARTILE.INC($K$10:$K$29,1)),K15>_xlfn.QUARTILE.INC($K$10:$K$29,3)+1.5*(_xlfn.QUARTILE.INC($K$10:$K$29,3)-_xlfn.QUARTILE.INC($K$10:$K$29,1))),\"Não\",\"Sim\"),\"\")","v":""}]
[{"$nulls":9},"","","",null,null,{"$f":"IF(ISNUMBER(K16),IF(OR(K16<_xlfn.QUARTILE.INC($K$10:$K$29,1)-1.5*(_xlfn.QUARTILE.INC($I$10:I37,3)-_xlfn.QUARTILE.INC($K$10:$K$29,1)),K16>_xlfn.QUARTILE.INC($K$10:$K$29,3)+1.5*(_xlfn.QUARTILE.INC($K$10:$K$29,3)-_xlfn.QUARTILE.INC($K$10:$K$29,1))),\"Não\",\"Sim\"),\"\")","v":""}]
[null,"COTAÇÕES DE MERCADO",{"$nulls":12},"Cotações"]
[null,"Empresa",{"$nulls":7},"Data","Preço Unitário","Utilizar? (Sim/Não)",null,null,"Outliers","Por critério do(a) analista"]
[null,"BRASMAQUINAS COMERCIO DE MAQUINAS E IRRIGACAO LTDA (CNPJ : 00145531000334)   E-mail: MARCOS.GOMES@BRASMAQUINAS.COM.BR",{"$nulls":7},"2025-08-22",1.3,"Não",null,null,{"$f":"IF(ISNUMBER(K19),IF(OR(K19<_xlfn.QUARTILE.INC($K$10:$K$29,1)-1.5*(_xlfn.QUARTILE.INC($K$10:$K$29,3)-_xlfn.QUARTILE.INC($K$10:$K$29,1)),K19>_xlfn.QUARTILE.INC($K$10:$K$29,3)+1.5*(_xlfn.QUARTILE.INC($K$10:$K$29,3)-_xlfn.QUARTILE.INC($K$10:$K$29,1))),\"Não\",\"Sim\"),\"\")","v":"Sim"}]
[null,"IRRIGASOL Irrigação e energia Solar LTDA (CNPJ: 46.152.561/0001-07) E-mail:irrigasol.mgmontalvania@gmail.com",{"$nulls":7},"2025-09-11",0.95,"Não",null,null,"Sim"]
[null,"VCA IRRIGAÇÃO LTDA (CNPJ: 26.466.226/0001-76) financeiro@minasbombas.com.br",{"$nulls":7},"2025-08-27",1.93,"Não",null,null,"Sim"]
[null,"Irriassol - Itabuna - Bahia - 45.868.527/0001-70. https://www.irrigassol.com.br/estaca-p-micro-universal-600mm-preta-pirrig-implebras",{"$nulls":7},"2025-11-10",{"$f":"3562.88/1400","v":2.54},"Sim",null,null,"Não"]
[null,"Biosementes - https://www.biosementes.com.br/loja/item/Haste-Estaca-60-cm-P%7B47%7D-MICRO-TUBO-(universal)-100-und.html?",{"$nulls":7},"2026-02-25",1.22,"Sim"]
[null,"AgroBombas - https://www.agrobombas.com.br/irrigacao/aspersor/acessorios-para-aspersor/haste-600-para-microtubo-60-centimetros-rsb?",{"$nulls":7},"2026-02-25",1.63,{"$f":"IF(ISNUMBER(K24),IF($L$32=$O$18,O24,IF($L$32=$P$18,P24,\"\")),\"\")","v":"Sim"},null,null,"Sim"]
[{"$nulls":11},"",null,null,""]
[{"$nulls":11},"",null,null,""]
[{"$nulls":11},"",null,null,""]
[{"$nulls":11},"",null,null,""]
[{"$nulls":11},"",null,null,""]
[null,"Observações:",{"$nulls":8},"Média:",{"$f":"IF($L$32=\"\",\"Selecione metodologia para exclusão de preços\",AVERAGE(IF($L$10:$L$29=\"Sim\",$K$10:$K$29)))","v":1.8},null,"Média (Cotações)",{"$f":"IF(COUNTIF(O19:O29,\"Sim\")<3,\"N/D (são necessários pelo menos 3 preços)\",AVERAGE(IF(O19:O29=\"Sim\",$K19:$K29)))","v":1.45},{"$f":"IF(COUNTIF(P19:P29,\"Sim\")<3,\"N/D (são necessários pelo menos 3 preços)\",AVERAGE(IF(P19:P29=\"Sim\",$K19:$K29)))","v":"N/D (são necessários pelo menos 3 preços)"}]
[{"$nulls":10},"Mediana:",{"$f":"IF($L$32=\"\",\"Selecione metodologia para exclusão de preços\",MEDIAN(IF($L$10:$L$29=\"Sim\",$K$10:$K$29)))","v":1.63},null,"Mediana (Cotações)",{"$f":"IF(COUNTIF(O19:O29,\"Sim\")<3,\"N/D (são necessários pelo menos 3 preços)\",MEDIAN(IF(O19:O29=\"Sim\",$K19:$K29)))","v":1.47},{"$f":"IF(COUNTIF(P19:P29,\"Sim\")<3,\"N/D (são necessários pelo menos 3 preços)\",MEDIAN(IF(P19:P29=\"Sim\",$K19:$K29)))","v":"N/D (são necessários pelo menos 3 preços)"}]
[null,"Metodologia de exclusão de preços adotada:",{"$nulls":9},{"$f":"IF(O35=\"\",INDEX(O18:P18,MATCH(MIN(#REF!),#REF!,0)),O35)","v":"Outliers"},null,"CV (Cotações)",{"$f":"IF(COUNTIF(O19:O29,\"Sim\")<3,\"N/D (são necessários pelo menos 3 preços)\",_xlfn.STDEV.S(IF(O19:O29=\"Sim\",$K19:$K29))/AVERAGE(IF(O19:O29=\"Sim\",$K19:$K29)))","v":0.2908},{"$f":"IF(COUNTIF(P19:P29,\"Sim\")<3,\"N/D (são necessários pelo menos 3 preços)\",_xlfn.STDEV.S(IF(P19:P29=\"Sim\",$K19:$K29))/AVERAGE(IF(P19:P29=\"Sim\",$K19:$K29)))","v":"N/D (são necessários pelo menos 3 preços)"}]
[{"$nulls":13},"Média",{"$f":"IF(SUM(COUNTIF($O$10:$O$16,\"Sim\")) + SUM(COUNTIF(O19:O29,\"Sim\")) < 3,\n   \"N/D (são necessários pelo menos 3 preços)\",\n   IFERROR(AVERAGE(_xlfn._xlws.FILTER($K$10:$K$16,$O$10:$O$16=\"Sim\"), _xlfn._xlws.FILTER($K$19:$K$29,O19:O29=\"Sim\")),O30))","v":1.45},{"$f":"IF(SUM(COUNTIF($P$10:$P$16,\"Sim\")) + SUM(COUNTIF(P19:P29,\"Sim\")) < 3,\n   \"N/D (são necessários pelo menos 3 preços)\",\n   IFERROR(AVERAGE(_xlfn._xlws.FILTER($K$10:$K$16,$P$10:$P$16=\"Sim\"), _xlfn._xlws.FILTER($K$19:$K$29,P19:P29=\"Sim\")),P30))","v":"N/D (são necessários pelo menos 3 preços)"}]
[{"$nulls":13},"Mediana",{"$f":"IF(SUM(COUNTIF($O$10:$O$16,\"Sim\")) + SUM(COUNTIF(O19:O29,\"Sim\")) < 3,\n   \"N/D (são necessários pelo menos 3 preços)\",\n   IFERROR(MEDIAN(_xlfn._xlws.FILTER($K$10:$K$16,$O$10:$O$16=\"Sim\"), _xlfn._xlws.FILTER($K$19:$K$29,O19:O29=\"Sim\")),O31))","v":1.47},{"$f":"IF(SUM(COUNTIF($P10:$P$16,\"Sim\")) + SUM(COUNTIF(P19:P29,\"Sim\")) < 3,\n   \"N/D (são necessários pelo menos 3 preços)\",\n   IFERROR(MEDIAN(_xlfn._xlws.FILTER($K$10:$K$16,$P$10:$P$16=\"Sim\"), _xlfn._xlws.FILTER($K$19:$K$29,P19:P29=\"Sim\")),P31))","v":"N/D (são necessários pelo menos 3 preços)"}]
[null,"COSOLIDAÇÃO DOS PREÇOS",{"$nulls":11},"Metodologia a adotar:",{"$f":"IF(INDEX(O18:P18,P35)=0,\"\",INDEX(O18:P18,P35))","v":"Outliers"},1]
[]
[null,"PREÇO UNITÁRIO ESTIMADO ADOTADO:",{"$nulls":9},{"$f":"IF($B$39=\"Mediana:\",L31,L30)","v":1.63}]
[]
[{"$f":"O18","v":"Outliers"},"Mediana:"]
[{"$f":"P18","v":"Por critério do(a) analista"}]

{"sheet":"COT12","index":20,"n_rows":40,"n_cols":16,"rows_kept":40,"cut":false,"hidden":true,"merged":[[16,1,16,11],[16,14,16,15],[0,0,0,6],[6,2,6,7],[6,14,6,15],[7,1,7,11],[7,14,7,15],[28,1,28,8],[17,1,17,8],[18,1,18,8],[19,1,19,8],[20,1,20,8],[21,1,21,8],[22,1,22,8],[23,1,23,8],[24,1,24,8],[25,1,25,8],[26,1,26,8],[27,1,27,8],[31,1,33,10],[31,11,33,11],[34,1,35,10],[34,11,35,11],[36,1,36,10]]}
[]
[null,"Processo","59500.003753/2025-45"]
[null,"Responsável","Kaio Gabriel, Alessandra Brant, Alberto Nascimento"]
[null,"Área de Origem","AI/GAP/UGI"]
[null,"Data da pesquisa"]
[]
[null,"ITEM:","VÁLVULA VENTOSA 2\"",{"$nulls":5},"UNIDADE DE MEDIDA:","unidade","QUANTIDADE:",1,null,null,"Tabela auxiliar de metodologias para exclusão de preços"]
[null,"LICITAÇÕES ANTERIORES",{"$nulls":12},"Licitações Anteriores"]
[null,"Órgão","Edital/Ano - Nº do Lote / Item","Quantidade","Valor Unitário","Data","índice de atualização (nome)","I0","If","Variação acumulada do índice (%)","Preço unitário atualizado","Utilizar?  (Sim/Não)",null,null,"Outliers","Por critério do(a) analista"]
[{"$nulls":9},{"$f":"IF(ISBLANK(E10),\"\",IF(ISNUMBER(H10),(I10-H10)/H10,0))","v":""},{"$f":"IF(ISBLANK(E10),\"\",E10*(1+J10))","v":""},{"$f":"IF(ISNUMBER(K10),IF($L$32<>$P$9,O10,P10),\"\")","v":""},null,null,{"$f":"IF(ISNUMBER(K10),IF(OR(K10<_xlfn.QUARTILE.INC($K$10:$K$29,1)-1.5*(_xlfn.QUARTILE.INC($K$10:K29,3)-_xlfn.QUARTILE.INC($K$10:$K$29,1)),K10>_xlfn.QUARTILE.INC($K$10:$K$29,3)+1.5*(_xlfn.QUARTILE.INC($K$10:$K$29,3)-_xlfn.QUARTILE.INC($K$10:$K$29,1))),\"Não\",\"Sim\"),\"\")","v":""}]
[{"$nulls":9},{"$f":"IF(ISBLANK(E11),\"\",IF(ISNUMBER(H11),(I11-H11)/H11,0))","v":""},{"$f":"IF(ISBLANK(E11),\"\",E11*(1+J11))","v":""},"",null,null,{"$f":"IF(ISNUMBER(K11),IF(OR(K11<_xlfn.QUARTILE.INC($K$10:$K$29,1)-1.5*(_xlfn.QUARTILE.INC($K$10:K29,3)-_xlfn.QUARTILE.INC($K$10:$K$29,1)),K11>_xlfn.QUARTILE.INC($K$10:$K$29,3)+1.5*(_xlfn.QUARTILE.INC($K$10:$K$29,3)-_xlfn.QUARTILE.INC($K$10:$K$29,1))),\"Não\",\"Sim\"),\"\")","v":""}]
[{"$nulls":9},"","","",null,null,{"$f":"IF(ISNUMBER(K12),IF(OR(K12<_xlfn.QUARTILE.INC($K$10:$K$29,1)-1.5*(_xlfn.QUARTILE.INC($K$10:K30,3)-_xlfn.QUARTILE.INC($K$10:$K$29,1)),K12>_xlfn.QUARTILE.INC($K$10:$K$29,3)+1.5*(_xlfn.QUARTILE.INC($K$10:$K$29,3)-_xlfn.QUARTILE.INC($K$10:$K$29,1))),\"Não\",\"Sim\"),\"\")","v":""}]
[{"$nulls":9},"","","",null,null,{"$f":"IF(ISNUMBER(K13),IF(OR(K13<_xlfn.QUARTILE.INC($K$10:$K$29,1)-1.5*(_xlfn.QUARTILE.INC($K$10:K31,3)-_xlfn.QUARTILE.INC($K$10:$K$29,1)),K13>_xlfn.QUARTILE.INC($K$10:$K$29,3)+1.5*(_xlfn.QUARTILE.INC($K$10:$K$29,3)-_xlfn.QUARTILE.INC($K$10:$K$29,1))),\"Não\",\"Sim\"),\"\")","v":""}]
[{"$nulls":9},"","","",null,null,{"$f":"IF(ISNUMBER(K14),IF(OR(K14<_xlfn.QUARTILE.INC($K$10:$K$29,1)-1.5*(_xlfn.QUARTILE.INC($K$10:K32,3)-_xlfn.QUARTILE.INC($K$10:$K$29,1)),K14>_xlfn.QUARTILE.INC($K$10:$K$29,3)+1.5*(_xlfn.QUARTILE.INC($K$10:$K$29,3)-_xlfn.QUARTILE.INC($K$10:$K$29,1))),\"Não\",\"Sim\"),\"\")","v":""}]
[{"$nulls":9},"","","",null,null,{"$f":"IF(ISNUMBER(K15),IF(OR(K15<_xlfn.QUARTILE.INC($K$10:$K$29,1)-1.5*(_xlfn.QUARTILE.INC($K$10:K35,3)-_xlfn.QUARTILE.INC($K$10:$K$29,1)),K15>_xlfn.QUARTILE.INC($K$10:$K$29,3)+1.5*(_xlfn.QUARTILE.INC($K$10:$K$29,3)-_xlfn.QUARTILE.INC($K$10:$K$29,1))),\"Não\",\"Sim\"),\"\")","v":""}]
[{"$nulls":9},"","","",null,null,{"$f":"IF(ISNUMBER(K16),IF(OR(K16<_xlfn.QUARTILE.INC($K$10:$K$29,1)-1.5*(_xlfn.QUARTILE.INC($I$10:I37,3)-_xlfn.QUARTILE.INC($K$10:$K$29,1)),K16>_xlfn.QUARTILE.INC($K$10:$K$29,3)+1.5*(_xlfn.QUARTILE.INC($K$10:$K$29,3)-_xlfn.QUARTILE.INC($K$10:$K$29,1))),\"Não\",\"Sim\"),\"\")","v":""}]
[null,"COTAÇÕES DE MERCADO",{"$nulls":12},"Cotações"]
[null,"Empresa",{"$nulls":7},"Data","Preço Unitário","Utilizar? (Sim/Não)",null,null,"Outliers","Por critério do(a) analista"]
[null,"BRASMAQUINAS COMERCIO DE MAQUINAS E IRRIGACAO LTDA (CNPJ : 00145531000334)   E-mail: MARCOS.GOMES@BRASMAQUINAS.COM.BR",{"$nulls":7},"2025-08-22",500,"Não",null,null,{"$f":"IF(ISNUMBER(K19),IF(OR(K19<_xlfn.QUARTILE.INC($K$10:$K$29,1)-1.5*(_xlfn.QUARTILE.INC($K$10:$K$29,3)-_xlfn.QUARTILE.INC($K$10:$K$29,1)),K19>_xlfn.QUARTILE.INC($K$10:$K$29,3)+1.5*(_xlfn.QUARTILE.INC($K$10:$K$29,3)-_xlfn.QUARTILE.INC($K$10:$K$29,1))),\"Não\",\"Sim\"),\"\")","v":"Sim"}]
[null,"VCA IRRIGAÇÃO LTDA (CNPJ: 26.466.226/0001-76) financeiro@minasbombas.com.br",{"$nulls":7},"2025-08-27",289.39999999999998,"Não",null,null,"Sim"]
[null,"Tradição Agrícola - Bebedouro - São Paulo - CNPJ: 37.453,431/0001-13. https://www.tradicaoagricola.com.br/ventosas-valvulas-de-ar/valvula-de-ar-bermad-combinada-pn16-c30-2-tripla-funo?parceiro=2545&srsltid=AfmBOoomGRCvx7lOzOZiePIzPM1TVu8Ju_mIqS2Lbl-DkghRzbB8JMQZ8Og",{"$nulls":7},"2025-11-10",{"$f":"709.9+33.99","v":743.89},{"$f":"IF(ISNUMBER(K21),IF($L$32=$O$18,O21,IF($L$32=$P$18,P21,\"\")),\"\")","v":"Não"},null,null,"Não"]
[null,"AGROJÃO - https://www.agrojao.com.br/valvula-ventosa-duplo-efeito-2p-azud?utm_source=Site&utm_medium=GoogleMerchant&utm_campaign=GoogleMerchant&gad_source=1&gad_campaignid=21508136584&gbraid=0AAAAAo3vkv6pmzrhnqzFeYNE5ZA0_X50o&gclid=CjwKCAiA2svIBhB-EiwARWDPjlmmqd8Dexz3e6jeF66-UZu5D8jdYhnRaZY10m2lJKaeQl2rV0BvwRoCzh4QAvD_BwE",{"$nulls":7},"2025-11-10",{"$f":"262.4+29.23","v":291.63},"Sim",null,null,"Sim"]
[null,"Crotalariabrasil - https://www.crotalariabrasil.com.br/valvula-ventosa-duplo-efeito-2p-azud?",{"$nulls":7},"2025-02-26",276.01,"Sim",null,null,"Sim"]
[null,"HidraAclon - https://www.acloncenter.com.br/valvulas-e-registros/valvulas/valvulas-ventosa/valvula-ventosa-cineticadupla-funcao-mod-k10-plastica-2-dn50?",{"$nulls":7},"2025-02-26",278.23,"Sim",null,null,"Sim"]
[{"$nulls":11},"",null,null,""]
[{"$nulls":11},"",null,null,""]
[{"$nulls":11},"",null,null,""]
[{"$nulls":11},"",null,null,""]
[{"$nulls":11},"",null,null,""]
[null,"Observações:",{"$nulls":8},"Média:",{"$f":"IF($L$32=\"\",\"Selecione metodologia para exclusão de preços\",AVERAGE(IF($L$10:$L$29=\"Sim\",$K$10:$K$29)))","v":281.95999999999998},null,"Média (Cotações)",{"$f":"IF(COUNTIF(O19:O29,\"Sim\")<3,\"N/D (são necessários pelo menos 3 preços)\",AVERAGE(IF(O19:O29=\"Sim\",$K19:$K29)))","v":327.05},{"$f":"IF(COUNTIF(P19:P29,\"Sim\")<3,\"N/D (são necessários pelo menos 3 preços)\",AVERAGE(IF(P19:P29=\"Sim\",$K19:$K29)))","v":"N/D (são necessários pelo menos 3 preços)"}]
[{"$nulls":10},"Mediana:",{"$f":"IF($L$32=\"\",\"Selecione metodologia para exclusão de preços\",MEDIAN(IF($L$10:$L$29=\"Sim\",$K$10:$K$29)))","v":278.23},null,"Mediana (Cotações)",{"$f":"IF(COUNTIF(O19:O29,\"Sim\")<3,\"N/D (são necessários pelo menos 3 preços)\",MEDIAN(IF(O19:O29=\"Sim\",$K19:$K29)))","v":289.39999999999998},{"$f":"IF(COUNTIF(P19:P29,\"Sim\")<3,\"N/D (são necessários pelo menos 3 preços)\",MEDIAN(IF(P19:P29=\"Sim\",$K19:$K29)))","v":"N/D (são necessários pelo menos 3 preços)"}]
[null,"Metodologia de exclusão de preços adotada:",{"$nulls":9},{"$f":"IF(O35=\"\",INDEX(O18:P18,MATCH(MIN(#REF!),#REF!,0)),O35)","v":"Outliers"},null,"CV (Cotações)",{"$f":"IF(COUNTIF(O19:O29,\"Sim\")<3,\"N/D (são necessários pelo menos 3 preços)\",_xlfn.STDEV.S(IF(O19:O29=\"Sim\",$K19:$K29))/AVERAGE(IF(O19:O29=\"Sim\",$K19:$K29)))","v":0.29630000000000001},{"$f":"IF(COUNTIF(P19:P29,\"Sim\")<3,\"N/D (são necessários pelo menos 3 preços)\",_xlfn.STDEV.S(IF(P19:P29=\"Sim\",$K19:$K29))/AVERAGE(IF(P19:P29=\"Sim\",$K19:$K29)))","v":"N/D (são necessários pelo menos 3 preços)"}]
[{"$nulls":13},"Média",{"$f":"IF(SUM(COUNTIF($O$10:$O$16,\"Sim\")) + SUM(COUNTIF(O19:O29,\"Sim\")) < 3,\n   \"N/D (são necessários pelo menos 3 preços)\",\n   IFERROR(AVERAGE(_xlfn._xlws.FILTER($K$10:$K$16,$O$10:$O$16=\"Sim\"), _xlfn._xlws.FILTER($K$19:$K$29,O19:O29=\"Sim\")),O30))","v":327.05},{"$f":"IF(SUM(COUNTIF($P$10:$P$16,\"Sim\")) + SUM(COUNTIF(P19:P29,\"Sim\")) < 3,\n   \"N/D (são necessários pelo menos 3 preços)\",\n   IFERROR(AVERAGE(_xlfn._xlws.FILTER($K$10:$K$16,$P$10:$P$16=\"Sim\"), _xlfn._xlws.FILTER($K$19:$K$29,P19:P29=\"Sim\")),P30))","v":"N/D (são necessários pelo menos 3 preços)"}]
[{"$nulls":13},"Mediana",{"$f":"IF(SUM(COUNTIF($O$10:$O$16,\"Sim\")) + SUM(COUNTIF(O19:O29,\"Sim\")) < 3,\n   \"N/D (são necessários pelo menos 3 preços)\",\n   IFERROR(MEDIAN(_xlfn._xlws.FILTER($K$10:$K$16,$O$10:$O$16=\"Sim\"), _xlfn._xlws.FILTER($K$19:$K$29,O19:O29=\"Sim\")),O31))","v":289.39999999999998},{"$f":"IF(SUM(COUNTIF($P10:$P$16,\"Sim\")) + SUM(COUNTIF(P19:P29,\"Sim\")) < 3,\n   \"N/D (são necessários pelo menos 3 preços)\",\n   IFERROR(MEDIAN(_xlfn._xlws.FILTER($K$10:$K$16,$P$10:$P$16=\"Sim\"), _xlfn._xlws.FILTER($K$19:$K$29,P19:P29=\"Sim\")),P31))","v":"N/D (são necessários pelo menos 3 preços)"}]
[null,"COSOLIDAÇÃO DOS PREÇOS",{"$nulls":11},"Metodologia a adotar:",{"$f":"IF(INDEX(O18:P18,P35)=0,\"\",INDEX(O18:P18,P35))","v":"Outliers"},1]
[]
[null,"PREÇO UNITÁRIO ESTIMADO ADOTADO:",{"$nulls":9},{"$f":"IF($B$39=\"Mediana:\",L31,L30)","v":278.23}]
[]
[{"$f":"O18","v":"Outliers"},"Mediana:"]
[{"$f":"P18","v":"Por critério do(a) analista"}]

{"sheet":"COT13","index":21,"n_rows":40,"n_cols":16,"rows_kept":40,"cut":false,"hidden":true,"merged":[[22,1,22,8],[0,0,0,6],[6,2,6,7],[6,14,6,15],[7,1,7,11],[7,14,7,15],[16,1,16,11],[16,14,16,15],[17,1,17,8],[18,1,18,8],[19,1,19,8],[20,1,20,8],[21,1,21,8],[23,1,23,8],[25,1,25,8],[26,1,26,8],[27,1,27,8],[28,1,28,8],[31,1,33,10],[31,11,33,11],[34,1,35,10],[34,11,35,11],[36,1,36,10]]}
[]
[null,"Processo","59500.003753/2025-45"]
[null,"Responsável","Kaio Gabriel, Alessandra Brant, Alberto Nascimento"]
[null,"Área de Origem","AI/GAP/UGI"]
[null,"Data da pesquisa"]
[]
[null,"ITEM:","Alça preformada para islador roldana, seção conforme condutores instalados",{"$nulls":5},"UNIDADE DE MEDIDA:","Unidade","QUANTIDADE:",5,null,null,"Tabela auxiliar de metodologias para exclusão de preços"]
[null,"LICITAÇÕES ANTERIORES",{"$nulls":12},"Licitações Anteriores"]
[null,"Órgão","Edital/Ano - Nº do Lote / Item","Quantidade","Valor Unitário","Data","índice de atualização (nome)","I0","If","Variação acumulada do índice (%)","Preço unitário atualizado","Utilizar?  (Sim/Não)",null,null,"Outliers","Por critério do(a) analista"]
[{"$nulls":9},{"$f":"IF(ISBLANK(E10),\"\",IF(ISNUMBER(H10),(I10-H10)/H10,0))","v":""},{"$f":"IF(ISBLANK(E10),\"\",E10*(1+J10))","v":""},{"$f":"IF(ISNUMBER(K10),IF($L$32<>$P$9,O10,P10),\"\")","v":""},null,null,{"$f":"IF(ISNUMBER(K10),IF(OR(K10<_xlfn.QUARTILE.INC($K$10:$K$29,1)-1.5*(_xlfn.QUARTILE.INC($K$10:K29,3)-_xlfn.QUARTILE.INC($K$10:$K$29,1)),K10>_xlfn.QUARTILE.INC($K$10:$K$29,3)+1.5*(_xlfn.QUARTILE.INC($K$10:$K$29,3)-_xlfn.QUARTILE.INC($K$10:$K$29,1))),\"Não\",\"Sim\"),\"\")","v":""}]
[{"$nulls":9},{"$f":"IF(ISBLANK(E11),\"\",IF(ISNUMBER(H11),(I11-H11)/H11,0))","v":""},{"$f":"IF(ISBLANK(E11),\"\",E11*(1+J11))","v":""},"",null,null,{"$f":"IF(ISNUMBER(K11),IF(OR(K11<_xlfn.QUARTILE.INC($K$10:$K$29,1)-1.5*(_xlfn.QUARTILE.INC($K$10:K29,3)-_xlfn.QUARTILE.INC($K$10:$K$29,1)),K11>_xlfn.QUARTILE.INC($K$10:$K$29,3)+1.5*(_xlfn.QUARTILE.INC($K$10:$K$29,3)-_xlfn.QUARTILE.INC($K$10:$K$29,1))),\"Não\",\"Sim\"),\"\")","v":""}]
[{"$nulls":9},"","","",null,null,{"$f":"IF(ISNUMBER(K12),IF(OR(K12<_xlfn.QUARTILE.INC($K$10:$K$29,1)-1.5*(_xlfn.QUARTILE.INC($K$10:K30,3)-_xlfn.QUARTILE.INC($K$10:$K$29,1)),K12>_xlfn.QUARTILE.INC($K$10:$K$29,3)+1.5*(_xlfn.QUARTILE.INC($K$10:$K$29,3)-_xlfn.QUARTILE.INC($K$10:$K$29,1))),\"Não\",\"Sim\"),\"\")","v":""}]
[{"$nulls":9},"","","",null,null,{"$f":"IF(ISNUMBER(K13),IF(OR(K13<_xlfn.QUARTILE.INC($K$10:$K$29,1)-1.5*(_xlfn.QUARTILE.INC($K$10:K31,3)-_xlfn.QUARTILE.INC($K$10:$K$29,1)),K13>_xlfn.QUARTILE.INC($K$10:$K$29,3)+1.5*(_xlfn.QUARTILE.INC($K$10:$K$29,3)-_xlfn.QUARTILE.INC($K$10:$K$29,1))),\"Não\",\"Sim\"),\"\")","v":""}]
[{"$nulls":9},"","","",null,null,{"$f":"IF(ISNUMBER(K14),IF(OR(K14<_xlfn.QUARTILE.INC($K$10:$K$29,1)-1.5*(_xlfn.QUARTILE.INC($K$10:K32,3)-_xlfn.QUARTILE.INC($K$10:$K$29,1)),K14>_xlfn.QUARTILE.INC($K$10:$K$29,3)+1.5*(_xlfn.QUARTILE.INC($K$10:$K$29,3)-_xlfn.QUARTILE.INC($K$10:$K$29,1))),\"Não\",\"Sim\"),\"\")","v":""}]
[{"$nulls":9},"","","",null,null,{"$f":"IF(ISNUMBER(K15),IF(OR(K15<_xlfn.QUARTILE.INC($K$10:$K$29,1)-1.5*(_xlfn.QUARTILE.INC($K$10:K35,3)-_xlfn.QUARTILE.INC($K$10:$K$29,1)),K15>_xlfn.QUARTILE.INC($K$10:$K$29,3)+1.5*(_xlfn.QUARTILE.INC($K$10:$K$29,3)-_xlfn.QUARTILE.INC($K$10:$K$29,1))),\"Não\",\"Sim\"),\"\")","v":""}]
[{"$nulls":9},"","","",null,null,{"$f":"IF(ISNUMBER(K16),IF(OR(K16<_xlfn.QUARTILE.INC($K$10:$K$29,1)-1.5*(_xlfn.QUARTILE.INC($I$10:I37,3)-_xlfn.QUARTILE.INC($K$10:$K$29,1)),K16>_xlfn.QUARTILE.INC($K$10:$K$29,3)+1.5*(_xlfn.QUARTILE.INC($K$10:$K$29,3)-_xlfn.QUARTILE.INC($K$10:$K$29,1))),\"Não\",\"Sim\"),\"\")","v":""}]
[null,"COTAÇÕES DE MERCADO",{"$nulls":12},"Cotações"]
[null,"Empresa",{"$nulls":7},"Data","Preço Unitário","Utilizar? (Sim/Não)",null,null,"Outliers","Por critério do(a) analista"]
[null,"Soluções Cabos - São Paulo (SP) - CNPJ: 00.559.915/0001-31. https://www.solucaocabos.com.br/alca-preformada-24fo-ate-72fo-amarracao-final-cabo-cce-930mm-a-1010mm/p",{"$nulls":7},"2025-11-10",{"$f":"(6.84+(34.39/5))","v":13.72},{"$f":"IF(ISNUMBER(K19),IF($L$32=$O$18,O19,IF($L$32=$P$18,P19,\"\")),\"\")","v":"Não"},null,null,{"$f":"IF(ISNUMBER(K19),IF(OR(K19<_xlfn.QUARTILE.INC($K$10:$K$29,1)-1.5*(_xlfn.QUARTILE.INC($K$10:$K$29,3)-_xlfn.QUARTILE.INC($K$10:$K$29,1)),K19>_xlfn.QUARTILE.INC($K$10:$K$29,3)+1.5*(_xlfn.QUARTILE.INC($K$10:$K$29,3)-_xlfn.QUARTILE.INC($K$10:$K$29,1))),\"Não\",\"Sim\"),\"\")","v":"Não"}]
[null,"Central Elétrica - Montes Claros (MG) - CNPJ: 22.334.296/0004-62. https://www.lojacentraleletrica.com.br/produto/alca-pre-formada-10mm-para-cabo-de-aluminio?srsltid=AfmBOooOyN2TPycfZXAOfckZ4IeDv73n-xpau0xEwXX7YeQsgpfRvVUFUaA",{"$nulls":7},"2025-11-10",{"$f":"5.36+(23.58/5)","v":10.08},"Sim",null,null,"Sim"]
[null,"Fritz Distribuidora - Indaial (SC) - CNPJ: 10.381.875/0001-34. https://loja.fritzdistribuidora.com.br/produto/alca-pre-formada-neutro-nu-10-16mm-apse-4250-2-helica/?srsltid=AfmBOorvtd-jjFtJ-6hRbM_o4rDAU9k5C70_qCbIC9L6fqwcL_ZcYL7p3LY",{"$nulls":7},"2025-11-10",{"$f":"(3.79+(32.56/5))","v":10.3},"Sim",null,null,"Sim"]
[null,"SV Comércio de Materiais Elétricos LTDA -  Fortaleza (CE) - CNPJ 35.088.657/0001-37. https://www.sveletrica.com/alca-preformada-aluminio-pre-reunido-ca-10-16mm-asi-1008-00a000151g/p?idsku=2158&srsltid=AfmBOoovcI334lwMCpULVFwvTMZIl8ENT9dKRY3765agc5C0Gu-8OmzISl8",{"$nulls":7},"2025-11-10",{"$f":"(3.95+(23.54/5))","v":8.66},"Sim",null,null,"Sim"]
[{"$nulls":11},"",null,null,""]
[{"$nulls":11},"",null,null,""]
[{"$nulls":11},"",null,null,""]
[{"$nulls":11},"",null,null,""]
[{"$nulls":11},"",null,null,""]
[{"$nulls":11},"",null,null,""]
[{"$nulls":11},"",null,null,""]
[null,"Observações:",{"$nulls":8},"Média:",{"$f":"IF($L$32=\"\",\"Selecione metodologia para exclusão de preços\",AVERAGE(IF($L$10:$L$29=\"Sim\",$K$10:$K$29)))","v":9.68},null,"Média (Cotações)",{"$f":"IF(COUNTIF(O19:O29,\"Sim\")<3,\"N/D (são necessários pelo menos 3 preços)\",AVERAGE(IF(O19:O29=\"Sim\",$K19:$K29)))","v":9.68},{"$f":"IF(COUNTIF(P19:P29,\"Sim\")<3,\"N/D (são necessários pelo menos 3 preços)\",AVERAGE(IF(P19:P29=\"Sim\",$K19:$K29)))","v":"N/D (são necessários pelo menos 3 preços)"}]
[{"$nulls":10},"Mediana:",{"$f":"IF($L$32=\"\",\"Selecione metodologia para exclusão de preços\",MEDIAN(IF($L$10:$L$29=\"Sim\",$K$10:$K$29)))","v":10.08},null,"Mediana (Cotações)",{"$f":"IF(COUNTIF(O19:O29,\"Sim\")<3,\"N/D (são necessários pelo menos 3 preços)\",MEDIAN(IF(O19:O29=\"Sim\",$K19:$K29)))","v":10.08},{"$f":"IF(COUNTIF(P19:P29,\"Sim\")<3,\"N/D (são necessários pelo menos 3 preços)\",MEDIAN(IF(P19:P29=\"Sim\",$K19:$K29)))","v":"N/D (são necessários pelo menos 3 preços)"}]
[null,"Metodologia de exclusão de preços adotada:",{"$nulls":9},{"$f":"IF(O35=\"\",INDEX(O18:P18,MATCH(MIN(#REF!),#REF!,0)),O35)","v":"Outliers"},null,"CV (Cotações)",{"$f":"IF(COUNTIF(O19:O29,\"Sim\")<3,\"N/D (são necessários pelo menos 3 preços)\",_xlfn.STDEV.S(IF(O19:O29=\"Sim\",$K19:$K29))/AVERAGE(IF(O19:O29=\"Sim\",$K19:$K29)))","v":9.1999999999999998E-2},{"$f":"IF(COUNTIF(P19:P29,\"Sim\")<3,\"N/D (são necessários pelo menos 3 preços)\",_xlfn.STDEV.S(IF(P19:P29=\"Sim\",$K19:$K29))/AVERAGE(IF(P19:P29=\"Sim\",$K19:$K29)))","v":"N/D (são necessários pelo menos 3 preços)"}]
[{"$nulls":13},"Média",{"$f":"IF(SUM(COUNTIF($O$10:$O$16,\"Sim\")) + SUM(COUNTIF(O19:O29,\"Sim\")) < 3,\n   \"N/D (são necessários pelo menos 3 preços)\",\n   IFERROR(AVERAGE(_xlfn._xlws.FILTER($K$10:$K$16,$O$10:$O$16=\"Sim\"), _xlfn._xlws.FILTER($K$19:$K$29,O19:O29=\"Sim\")),O30))","v":9.68},{"$f":"IF(SUM(COUNTIF($P$10:$P$16,\"Sim\")) + SUM(COUNTIF(P19:P29,\"Sim\")) < 3,\n   \"N/D (são necessários pelo menos 3 preços)\",\n   IFERROR(AVERAGE(_xlfn._xlws.FILTER($K$10:$K$16,$P$10:$P$16=\"Sim\"), _xlfn._xlws.FILTER($K$19:$K$29,P19:P29=\"Sim\")),P30))","v":"N/D (são necessários pelo menos 3 preços)"}]
[{"$nulls":13},"Mediana",{"$f":"IF(SUM(COUNTIF($O$10:$O$16,\"Sim\")) + SUM(COUNTIF(O19:O29,\"Sim\")) < 3,\n   \"N/D (são necessários pelo menos 3 preços)\",\n   IFERROR(MEDIAN(_xlfn._xlws.FILTER($K$10:$K$16,$O$10:$O$16=\"Sim\"), _xlfn._xlws.FILTER($K$19:$K$29,O19:O29=\"Sim\")),O31))","v":10.08},{"$f":"IF(SUM(COUNTIF($P10:$P$16,\"Sim\")) + SUM(COUNTIF(P19:P29,\"Sim\")) < 3,\n   \"N/D (são necessários pelo menos 3 preços)\",\n   IFERROR(MEDIAN(_xlfn._xlws.FILTER($K$10:$K$16,$P$10:$P$16=\"Sim\"), _xlfn._xlws.FILTER($K$19:$K$29,P19:P29=\"Sim\")),P31))","v":"N/D (são necessários pelo menos 3 preços)"}]
[null,"COSOLIDAÇÃO DOS PREÇOS",{"$nulls":11},"Metodologia a adotar:",{"$f":"IF(INDEX(O18:P18,P35)=0,\"\",INDEX(O18:P18,P35))","v":"Outliers"},1]
[]
[null,"PREÇO UNITÁRIO ESTIMADO ADOTADO:",{"$nulls":9},{"$f":"IF($B$39=\"Mediana:\",L31,L30)","v":9.68}]
[]
[{"$f":"O18","v":"Outliers"},"Média:"]
[{"$f":"P18","v":"Por critério do(a) analista"}]

{"sheet":"COT14","index":22,"n_rows":40,"n_cols":16,"rows_kept":40,"cut":false,"hidden":true,"merged":[[16,1,16,11],[16,14,16,15],[0,0,0,6],[6,2,6,7],[6,14,6,15],[7,1,7,11],[7,14,7,15],[28,1,28,8],[17,1,17,8],[18,1,18,8],[19,1,19,8],[20,1,20,8],[21,1,21,8],[22,1,22,8],[23,1,23,8],[24,1,24,8],[25,1,25,8],[26,1,26,8],[27,1,27,8],[31,1,33,10],[31,11,33,11],[34,1,35,10],[34,11,35,11],[36,1,36,10]]}
[]
[null,"Processo","59500.003753/2025-45"]
[null,"Responsável","Kaio Gabriel, Alessandra Brant, Alberto Nascimento"]
[null,"Área de Origem","AI/GAP/UGI"]
[null,"Data da pesquisa"]
[]
[null,"ITEM:","Cabo de cobre isolado HEPR (XLPE), 10mm², 1kv / 90º C (cor conforme a aplicação) apropriado para redes aéreas",{"$nulls":5},"UNIDADE DE MEDIDA:","metro","QUANTIDADE:",200,null,null,"Tabela auxiliar de metodologias para exclusão de preços"]
[null,"LICITAÇÕES ANTERIORES",{"$nulls":12},"Licitações Anteriores"]
[null,"Órgão","Edital/Ano - Nº do Lote / Item","Quantidade","Valor Unitário","Data","índice de atualização (nome)","I0","If","Variação acumulada do índice (%)","Preço unitário atualizado","Utilizar?  (Sim/Não)",null,null,"Outliers","Por critério do(a) analista"]
[{"$nulls":9},{"$f":"IF(ISBLANK(E10),\"\",IF(ISNUMBER(H10),(I10-H10)/H10,0))","v":""},{"$f":"IF(ISBLANK(E10),\"\",E10*(1+J10))","v":""},{"$f":"IF(ISNUMBER(K10),IF($L$32<>$P$9,O10,P10),\"\")","v":""},null,null,{"$f":"IF(ISNUMBER(K10),IF(OR(K10<_xlfn.QUARTILE.INC($K$10:$K$29,1)-1.5*(_xlfn.QUARTILE.INC($K$10:K29,3)-_xlfn.QUARTILE.INC($K$10:$K$29,1)),K10>_xlfn.QUARTILE.INC($K$10:$K$29,3)+1.5*(_xlfn.QUARTILE.INC($K$10:$K$29,3)-_xlfn.QUARTILE.INC($K$10:$K$29,1))),\"Não\",\"Sim\"),\"\")","v":""}]
[{"$nulls":9},{"$f":"IF(ISBLANK(E11),\"\",IF(ISNUMBER(H11),(I11-H11)/H11,0))","v":""},{"$f":"IF(ISBLANK(E11),\"\",E11*(1+J11))","v":""},"",null,null,{"$f":"IF(ISNUMBER(K11),IF(OR(K11<_xlfn.QUARTILE.INC($K$10:$K$29,1)-1.5*(_xlfn.QUARTILE.INC($K$10:K29,3)-_xlfn.QUARTILE.INC($K$10:$K$29,1)),K11>_xlfn.QUARTILE.INC($K$10:$K$29,3)+1.5*(_xlfn.QUARTILE.INC($K$10:$K$29,3)-_xlfn.QUARTILE.INC($K$10:$K$29,1))),\"Não\",\"Sim\"),\"\")","v":""}]
[{"$nulls":9},"","","",null,null,{"$f":"IF(ISNUMBER(K12),IF(OR(K12<_xlfn.QUARTILE.INC($K$10:$K$29,1)-1.5*(_xlfn.QUARTILE.INC($K$10:K30,3)-_xlfn.QUARTILE.INC($K$10:$K$29,1)),K12>_xlfn.QUARTILE.INC($K$10:$K$29,3)+1.5*(_xlfn.QUARTILE.INC($K$10:$K$29,3)-_xlfn.QUARTILE.INC($K$10:$K$29,1))),\"Não\",\"Sim\"),\"\")","v":""}]
[{"$nulls":9},"","","",null,null,{"$f":"IF(ISNUMBER(K13),IF(OR(K13<_xlfn.QUARTILE.INC($K$10:$K$29,1)-1.5*(_xlfn.QUARTILE.INC($K$10:K31,3)-_xlfn.QUARTILE.INC($K$10:$K$29,1)),K13>_xlfn.QUARTILE.INC($K$10:$K$29,3)+1.5*(_xlfn.QUARTILE.INC($K$10:$K$29,3)-_xlfn.QUARTILE.INC($K$10:$K$29,1))),\"Não\",\"Sim\"),\"\")","v":""}]
[{"$nulls":9},"","","",null,null,{"$f":"IF(ISNUMBER(K14),IF(OR(K14<_xlfn.QUARTILE.INC($K$10:$K$29,1)-1.5*(_xlfn.QUARTILE.INC($K$10:K32,3)-_xlfn.QUARTILE.INC($K$10:$K$29,1)),K14>_xlfn.QUARTILE.INC($K$10:$K$29,3)+1.5*(_xlfn.QUARTILE.INC($K$10:$K$29,3)-_xlfn.QUARTILE.INC($K$10:$K$29,1))),\"Não\",\"Sim\"),\"\")","v":""}]
[{"$nulls":9},"","","",null,null,{"$f":"IF(ISNUMBER(K15),IF(OR(K15<_xlfn.QUARTILE.INC($K$10:$K$29,1)-1.5*(_xlfn.QUARTILE.INC($K$10:K35,3)-_xlfn.QUARTILE.INC($K$10:$K$29,1)),K15>_xlfn.QUARTILE.INC($K$10:$K$29,3)+1.5*(_xlfn.QUARTILE.INC($K$10:$K$29,3)-_xlfn.QUARTILE.INC($K$10:$K$29,1))),\"Não\",\"Sim\"),\"\")","v":""}]
[{"$nulls":9},"","","",null,null,{"$f":"IF(ISNUMBER(K16),IF(OR(K16<_xlfn.QUARTILE.INC($K$10:$K$29,1)-1.5*(_xlfn.QUARTILE.INC($I$10:I37,3)-_xlfn.QUARTILE.INC($K$10:$K$29,1)),K16>_xlfn.QUARTILE.INC($K$10:$K$29,3)+1.5*(_xlfn.QUARTILE.INC($K$10:$K$29,3)-_xlfn.QUARTILE.INC($K$10:$K$29,1))),\"Não\",\"Sim\"),\"\")","v":""}]
[null,"COTAÇÕES DE MERCADO",{"$nulls":12},"Cotações"]
[null,"Empresa",{"$nulls":7},"Data","Preço Unitário","Utilizar? (Sim/Não)",null,null,"Outliers","Por critério do(a) analista"]
[null,"Dimensional Brasil Soluções Ltda - Garuva (SC) - CNPJ; 06.913.480/0026-16.  https://www.dimensional.com.br/cabo-flexivel-1kv-90g-hepr-10mm2-preto1361362/p?idsku=1361362&gad_source=1&gad_campaignid=22665017757&gbraid=0AAAAADgOTvsDszz-G73NuEHuuDuNBMc54&gclid=CjwKCAjwgeLHBhBuEiwAL5gNEZZ61-O_GGy2-Lw3TvtRLJpwlZwCUMoe-P6Lm5pnD8QJAvuZzvj3vhoCKH8QAvD_BwE",{"$nulls":7},"2025-11-10",{"$f":"(8.36+(60.02/200))","v":8.66},{"$f":"IF(ISNUMBER(K19),IF($L$32=$O$18,O19,IF($L$32=$P$18,P19,\"\")),\"\")","v":"Sim"},null,null,{"$f":"IF(ISNUMBER(K19),IF(OR(K19<_xlfn.QUARTILE.INC($K$10:$K$29,1)-1.5*(_xlfn.QUARTILE.INC($K$10:$K$29,3)-_xlfn.QUARTILE.INC($K$10:$K$29,1)),K19>_xlfn.QUARTILE.INC($K$10:$K$29,3)+1.5*(_xlfn.QUARTILE.INC($K$10:$K$29,3)-_xlfn.QUARTILE.INC($K$10:$K$29,1))),\"Não\",\"Sim\"),\"\")","v":"Sim"}]
[null,"EletroNunes - Planaltina (DF) - CNPJ: 07.334.648/0001-43. https://www.eletronuneshome.com.br/materiais-eletricos/cabos-eletricos/cabo-flexivel/cabo-flexivel-10mm-1kv-induscabos?variant_id=1844&gad_source=1&gad_campaignid=21883261195&gbraid=0AAAAADNmxfJ4ADVl6PbDdhLDQQse9hn8G&gclid=CjwKCAjwgeLHBhBuEiwAL5gNEQ24TTH1AipN0LmqZkFTtCRiL9Uui-2zL-Xd3JjWAofX06S8SaHWyRoCm4wQAvD_BwE",{"$nulls":7},"2025-11-10",{"$f":"10.67+(29.41/200)","v":10.82},"Sim",null,null,"Sim"]
[null,"Casa do Eletricista Comércio de Materiais Elétricos EIRELI - Criciúma (SC) - CNPJ:  15.354.701/0004-49. https://www.casadoeletricistasc.com.br/cabo-flexivel-1kv-10-0mm2-hepr-preto/p/3796?c=16&t=12&gad_source=4&gad_campaignid=17190943388&gbraid=0AAAAADt31YtJ7VGA9BtQHP-59r40nQqlF&gclid=CjwKCAjwgeLHBhBuEiwAL5gNEdhdI1Ks5jbY18GVv4qYU4OM7HkGSQvzYMG1CYcDc5GB2CmJgcPkGRoC1y0QAvD_BwE",{"$nulls":7},"2025-11-10",{"$f":"9.26+(157.4/200)","v":10.050000000000001},"Sim",null,null,"Sim"]
[{"$nulls":11},"",null,null,""]
[{"$nulls":11},"",null,null,""]
[{"$nulls":11},"",null,null,""]
[{"$nulls":11},"",null,null,""]
[{"$nulls":11},"",null,null,""]
[{"$nulls":11},"",null,null,""]
[{"$nulls":11},"",null,null,""]
[{"$nulls":11},"",null,null,""]
[null,"Observações:",{"$nulls":8},"Média:",{"$f":"IF($L$32=\"\",\"Selecione metodologia para exclusão de preços\",AVERAGE(IF($L$10:$L$29=\"Sim\",$K$10:$K$29)))","v":9.84},null,"Média (Cotações)",{"$f":"IF(COUNTIF(O19:O29,\"Sim\")<3,\"N/D (são necessários pelo menos 3 preços)\",AVERAGE(IF(O19:O29=\"Sim\",$K19:$K29)))","v":9.84},{"$f":"IF(COUNTIF(P19:P29,\"Sim\")<3,\"N/D (são necessários pelo menos 3 preços)\",AVERAGE(IF(P19:P29=\"Sim\",$K19:$K29)))","v":"N/D (são necessários pelo menos 3 preços)"}]
[{"$nulls":10},"Mediana:",{"$f":"IF($L$32=\"\",\"Selecione metodologia para exclusão de preços\",MEDIAN(IF($L$10:$L$29=\"Sim\",$K$10:$K$29)))","v":10.050000000000001},null,"Mediana (Cotações)",{"$f":"IF(COUNTIF(O19:O29,\"Sim\")<3,\"N/D (são necessários pelo menos 3 preços)\",MEDIAN(IF(O19:O29=\"Sim\",$K19:$K29)))","v":10.050000000000001},{"$f":"IF(COUNTIF(P19:P29,\"Sim\")<3,\"N/D (são necessários pelo menos 3 preços)\",MEDIAN(IF(P19:P29=\"Sim\",$K19:$K29)))","v":"N/D (são necessários pelo menos 3 preços)"}]
[null,"Metodologia de exclusão de preços adotada:",{"$nulls":9},{"$f":"IF(O35=\"\",INDEX(O18:P18,MATCH(MIN(#REF!),#REF!,0)),O35)","v":"Outliers"},null,"CV (Cotações)",{"$f":"IF(COUNTIF(O19:O29,\"Sim\")<3,\"N/D (são necessários pelo menos 3 preços)\",_xlfn.STDEV.S(IF(O19:O29=\"Sim\",$K19:$K29))/AVERAGE(IF(O19:O29=\"Sim\",$K19:$K29)))","v":0.11119999999999999},{"$f":"IF(COUNTIF(P19:P29,\"Sim\")<3,\"N/D (são necessários pelo menos 3 preços)\",_xlfn.STDEV.S(IF(P19:P29=\"Sim\",$K19:$K29))/AVERAGE(IF(P19:P29=\"Sim\",$K19:$K29)))","v":"N/D (são necessários pelo menos 3 preços)"}]
[{"$nulls":13},"Média",{"$f":"IF(SUM(COUNTIF($O$10:$O$16,\"Sim\")) + SUM(COUNTIF(O19:O29,\"Sim\")) < 3,\n   \"N/D (são necessários pelo menos 3 preços)\",\n   IFERROR(AVERAGE(_xlfn._xlws.FILTER($K$10:$K$16,$O$10:$O$16=\"Sim\"), _xlfn._xlws.FILTER($K$19:$K$29,O19:O29=\"Sim\")),O30))","v":9.84},{"$f":"IF(SUM(COUNTIF($P$10:$P$16,\"Sim\")) + SUM(COUNTIF(P19:P29,\"Sim\")) < 3,\n   \"N/D (são necessários pelo menos 3 preços)\",\n   IFERROR(AVERAGE(_xlfn._xlws.FILTER($K$10:$K$16,$P$10:$P$16=\"Sim\"), _xlfn._xlws.FILTER($K$19:$K$29,P19:P29=\"Sim\")),P30))","v":"N/D (são necessários pelo menos 3 preços)"}]
[{"$nulls":13},"Mediana",{"$f":"IF(SUM(COUNTIF($O$10:$O$16,\"Sim\")) + SUM(COUNTIF(O19:O29,\"Sim\")) < 3,\n   \"N/D (são necessários pelo menos 3 preços)\",\n   IFERROR(MEDIAN(_xlfn._xlws.FILTER($K$10:$K$16,$O$10:$O$16=\"Sim\"), _xlfn._xlws.FILTER($K$19:$K$29,O19:O29=\"Sim\")),O31))","v":10.050000000000001},{"$f":"IF(SUM(COUNTIF($P10:$P$16,\"Sim\")) + SUM(COUNTIF(P19:P29,\"Sim\")) < 3,\n   \"N/D (são necessários pelo menos 3 preços)\",\n   IFERROR(MEDIAN(_xlfn._xlws.FILTER($K$10:$K$16,$P$10:$P$16=\"Sim\"), _xlfn._xlws.FILTER($K$19:$K$29,P19:P29=\"Sim\")),P31))","v":"N/D (são necessários pelo menos 3 preços)"}]
[null,"COSOLIDAÇÃO DOS PREÇOS",{"$nulls":11},"Metodologia a adotar:",{"$f":"IF(INDEX(O18:P18,P35)=0,\"\",INDEX(O18:P18,P35))","v":"Outliers"},1]
[]
[null,"PREÇO UNITÁRIO ESTIMADO ADOTADO:",{"$nulls":9},{"$f":"IF($B$39=\"Mediana:\",L31,L30)","v":9.84}]
[]
[{"$f":"O18","v":"Outliers"},"Média:"]
[{"$f":"P18","v":"Por critério do(a) analista"}]

{"sheet":"COT15","index":23,"n_rows":40,"n_cols":16,"rows_kept":40,"cut":false,"hidden":true,"merged":[[16,1,16,11],[16,14,16,15],[0,0,0,6],[6,2,6,7],[6,14,6,15],[7,1,7,11],[7,14,7,15],[28,1,28,8],[17,1,17,8],[18,1,18,8],[19,1,19,8],[20,1,20,8],[21,1,21,8],[22,1,22,8],[23,1,23,8],[24,1,24,8],[25,1,25,8],[26,1,26,8],[27,1,27,8],[31,1,33,10],[31,11,33,11],[34,1,35,10],[34,11,35,11],[36,1,36,10]]}
[]
[null,"Processo","59500.003753/2025-45"]
[null,"Responsável","Kaio Gabriel, Alessandra Brant, Alberto Nascimento"]
[null,"Área de Origem","AI/GAP/UGI"]
[null,"Data da pesquisa"]
[]
[null,"ITEM:","Relé eletrônico/digital monitor de tensão monofásico, com funcionalidade de subtensão e sobretensão, ajustes através de trimpot no relé, LED indicativo de funcionamento, tensão conforme aplicação, 60 Hz, com 1 contato reversível",{"$nulls":5},"UNIDADE DE MEDIDA:","Unidade","QUANTIDADE:",1,null,null,"Tabela auxiliar de metodologias para exclusão de preços"]
[null,"LICITAÇÕES ANTERIORES",{"$nulls":12},"Licitações Anteriores"]
[null,"Órgão","Edital/Ano - Nº do Lote / Item","Quantidade","Valor Unitário","Data","índice de atualização (nome)","I0","If","Variação acumulada do índice (%)","Preço unitário atualizado","Utilizar?  (Sim/Não)",null,null,"Outliers","Por critério do(a) analista"]
[{"$nulls":9},{"$f":"IF(ISBLANK(E10),\"\",IF(ISNUMBER(H10),(I10-H10)/H10,0))","v":""},{"$f":"IF(ISBLANK(E10),\"\",E10*(1+J10))","v":""},{"$f":"IF(ISNUMBER(K10),IF($L$32<>$P$9,O10,P10),\"\")","v":""},null,null,{"$f":"IF(ISNUMBER(K10),IF(OR(K10<_xlfn.QUARTILE.INC($K$10:$K$29,1)-1.5*(_xlfn.QUARTILE.INC($K$10:K29,3)-_xlfn.QUARTILE.INC($K$10:$K$29,1)),K10>_xlfn.QUARTILE.INC($K$10:$K$29,3)+1.5*(_xlfn.QUARTILE.INC($K$10:$K$29,3)-_xlfn.QUARTILE.INC($K$10:$K$29,1))),\"Não\",\"Sim\"),\"\")","v":""}]
[{"$nulls":9},{"$f":"IF(ISBLANK(E11),\"\",IF(ISNUMBER(H11),(I11-H11)/H11,0))","v":""},{"$f":"IF(ISBLANK(E11),\"\",E11*(1+J11))","v":""},"",null,null,{"$f":"IF(ISNUMBER(K11),IF(OR(K11<_xlfn.QUARTILE.INC($K$10:$K$29,1)-1.5*(_xlfn.QUARTILE.INC($K$10:K29,3)-_xlfn.QUARTILE.INC($K$10:$K$29,1)),K11>_xlfn.QUARTILE.INC($K$10:$K$29,3)+1.5*(_xlfn.QUARTILE.INC($K$10:$K$29,3)-_xlfn.QUARTILE.INC($K$10:$K$29,1))),\"Não\",\"Sim\"),\"\")","v":""}]
[{"$nulls":9},"","","",null,null,{"$f":"IF(ISNUMBER(K12),IF(OR(K12<_xlfn.QUARTILE.INC($K$10:$K$29,1)-1.5*(_xlfn.QUARTILE.INC($K$10:K30,3)-_xlfn.QUARTILE.INC($K$10:$K$29,1)),K12>_xlfn.QUARTILE.INC($K$10:$K$29,3)+1.5*(_xlfn.QUARTILE.INC($K$10:$K$29,3)-_xlfn.QUARTILE.INC($K$10:$K$29,1))),\"Não\",\"Sim\"),\"\")","v":""}]
[{"$nulls":9},"","","",null,null,{"$f":"IF(ISNUMBER(K13),IF(OR(K13<_xlfn.QUARTILE.INC($K$10:$K$29,1)-1.5*(_xlfn.QUARTILE.INC($K$10:K31,3)-_xlfn.QUARTILE.INC($K$10:$K$29,1)),K13>_xlfn.QUARTILE.INC($K$10:$K$29,3)+1.5*(_xlfn.QUARTILE.INC($K$10:$K$29,3)-_xlfn.QUARTILE.INC($K$10:$K$29,1))),\"Não\",\"Sim\"),\"\")","v":""}]
[{"$nulls":9},"","","",null,null,{"$f":"IF(ISNUMBER(K14),IF(OR(K14<_xlfn.QUARTILE.INC($K$10:$K$29,1)-1.5*(_xlfn.QUARTILE.INC($K$10:K32,3)-_xlfn.QUARTILE.INC($K$10:$K$29,1)),K14>_xlfn.QUARTILE.INC($K$10:$K$29,3)+1.5*(_xlfn.QUARTILE.INC($K$10:$K$29,3)-_xlfn.QUARTILE.INC($K$10:$K$29,1))),\"Não\",\"Sim\"),\"\")","v":""}]
[{"$nulls":9},"","","",null,null,{"$f":"IF(ISNUMBER(K15),IF(OR(K15<_xlfn.QUARTILE.INC($K$10:$K$29,1)-1.5*(_xlfn.QUARTILE.INC($K$10:K35,3)-_xlfn.QUARTILE.INC($K$10:$K$29,1)),K15>_xlfn.QUARTILE.INC($K$10:$K$29,3)+1.5*(_xlfn.QUARTILE.INC($K$10:$K$29,3)-_xlfn.QUARTILE.INC($K$10:$K$29,1))),\"Não\",\"Sim\"),\"\")","v":""}]
[{"$nulls":9},"","","",null,null,{"$f":"IF(ISNUMBER(K16),IF(OR(K16<_xlfn.QUARTILE.INC($K$10:$K$29,1)-1.5*(_xlfn.QUARTILE.INC($I$10:I37,3)-_xlfn.QUARTILE.INC($K$10:$K$29,1)),K16>_xlfn.QUARTILE.INC($K$10:$K$29,3)+1.5*(_xlfn.QUARTILE.INC($K$10:$K$29,3)-_xlfn.QUARTILE.INC($K$10:$K$29,1))),\"Não\",\"Sim\"),\"\")","v":""}]
[null,"COTAÇÕES DE MERCADO",{"$nulls":12},"Cotações"]
[null,"Empresa",{"$nulls":7},"Data","Preço Unitário","Utilizar? (Sim/Não)",null,null,"Outliers","Por critério do(a) analista"]
[null,"47Elétrica - Rio do Sul (SC) - CNPJ; 46.519.785/0001-04. https://www.47eletrica.com.br/rele-monitor-de-tensao-80-400vca-e-corrente-63a-programavel-vanp-2p?utm_source=google&utm_medium=Shopping&utm_campaign=rele-monitor-de-tensao-80-400vca-e-corrente-63a-programavel-vanp-2p&inStock&gad_source=4&gad_campaignid=20274381808&gbraid=0AAAAAo_olJObDKmZLNYyA2yO7dzHs8-q4&gclid=CjwKCAjwgeLHBhBuEiwAL5gNEYkRzHhGtKf1HgYHbmRGEWNoQCZtnDsLgZwJ7YEWDaxB8FGGNFsHfxoCnYkQAvD_BwE#derivacao=8",{"$nulls":7},"2025-11-10",{"$f":"(142.53+20.96)","v":163.49},{"$f":"IF(ISNUMBER(K19),IF($L$32=$O$18,O19,IF($L$32=$P$18,P19,\"\")),\"\")","v":"Sim"},null,null,{"$f":"IF(ISNUMBER(K19),IF(OR(K19<_xlfn.QUARTILE.INC($K$10:$K$29,1)-1.5*(_xlfn.QUARTILE.INC($K$10:$K$29,3)-_xlfn.QUARTILE.INC($K$10:$K$29,1)),K19>_xlfn.QUARTILE.INC($K$10:$K$29,3)+1.5*(_xlfn.QUARTILE.INC($K$10:$K$29,3)-_xlfn.QUARTILE.INC($K$10:$K$29,1))),\"Não\",\"Sim\"),\"\")","v":"Sim"}]
[null,"Leroy Merlin - ia. Brasileira de Bricolagem - CNPJ nº 01.438.784/0001-05. https://www.leroymerlin.com.br/rele-monitor-de-tensao-e-corrente-programavel-vanp-2p-%7C-80-400vca-63a_1571628941?gad_campaignid=23037770349&gbraid=0AAAAADkzLZ6hNEZsWOrzcuagKNS-EXd6a#caracteristicas-tecnicas",{"$nulls":7},"2025-11-10",197.05,"Sim",null,null,"Sim"]
[null,"Mundo Elétrico - São Paulo (SP) - CNPJ: 01.457.015/0001-46. https://www.mundoeletrico.com.br/produto/656f65624e13097e999fac0d/supervisor-de-tensao-monofasico-dpsm-1-digimec?gad_source=1&gad_campaignid=22437994444&gbraid=0AAAAADxZLrNrPLNuyJG5XFKJ9BMN6xINi&gclid=CjwKCAjwgeLHBhBuEiwAL5gNEW1TvElLusP8NDdRRAYHG9P_MYIXlAbm69cyIRPjgg8bOKyAr8byBRoCD4wQAvD_BwE&primeira_variacao=380VCA&imagem=0",{"$nulls":7},"2025-11-10",220,"Sim",null,null,"Sim"]
[{"$nulls":11},"",null,null,""]
[{"$nulls":11},"",null,null,""]
[{"$nulls":11},"",null,null,""]
[{"$nulls":11},"",null,null,""]
[{"$nulls":11},"",null,null,""]
[{"$nulls":11},"",null,null,""]
[{"$nulls":11},"",null,null,""]
[{"$nulls":11},"",null,null,""]
[null,"Observações:",{"$nulls":8},"Média:",{"$f":"IF($L$32=\"\",\"Selecione metodologia para exclusão de preços\",AVERAGE(IF($L$10:$L$29=\"Sim\",$K$10:$K$29)))","v":193.51},null,"Média (Cotações)",{"$f":"IF(COUNTIF(O19:O29,\"Sim\")<3,\"N/D (são necessários pelo menos 3 preços)\",AVERAGE(IF(O19:O29=\"Sim\",$K19:$K29)))","v":193.51},{"$f":"IF(COUNTIF(P19:P29,\"Sim\")<3,\"N/D (são necessários pelo menos 3 preços)\",AVERAGE(IF(P19:P29=\"Sim\",$K19:$K29)))","v":"N/D (são necessários pelo menos 3 preços)"}]
[{"$nulls":10},"Mediana:",{"$f":"IF($L$32=\"\",\"Selecione metodologia para exclusão de preços\",MEDIAN(IF($L$10:$L$29=\"Sim\",$K$10:$K$29)))","v":197.05},null,"Mediana (Cotações)",{"$f":"IF(COUNTIF(O19:O29,\"Sim\")<3,\"N/D (são necessários pelo menos 3 preços)\",MEDIAN(IF(O19:O29=\"Sim\",$K19:$K29)))","v":197.05},{"$f":"IF(COUNTIF(P19:P29,\"Sim\")<3,\"N/D (são necessários pelo menos 3 preços)\",MEDIAN(IF(P19:P29=\"Sim\",$K19:$K29)))","v":"N/D (são necessários pelo menos 3 preços)"}]
[null,"Metodologia de exclusão de preços adotada:",{"$nulls":9},{"$f":"IF(O35=\"\",INDEX(O18:P18,MATCH(MIN(#REF!),#REF!,0)),O35)","v":"Outliers"},null,"CV (Cotações)",{"$f":"IF(COUNTIF(O19:O29,\"Sim\")<3,\"N/D (são necessários pelo menos 3 preços)\",_xlfn.STDEV.S(IF(O19:O29=\"Sim\",$K19:$K29))/AVERAGE(IF(O19:O29=\"Sim\",$K19:$K29)))","v":0.1469},{"$f":"IF(COUNTIF(P19:P29,\"Sim\")<3,\"N/D (são necessários pelo menos 3 preços)\",_xlfn.STDEV.S(IF(P19:P29=\"Sim\",$K19:$K29))/AVERAGE(IF(P19:P29=\"Sim\",$K19:$K29)))","v":"N/D (são necessários pelo menos 3 preços)"}]
[{"$nulls":13},"Média",{"$f":"IF(SUM(COUNTIF($O$10:$O$16,\"Sim\")) + SUM(COUNTIF(O19:O29,\"Sim\")) < 3,\n   \"N/D (são necessários pelo menos 3 preços)\",\n   IFERROR(AVERAGE(_xlfn._xlws.FILTER($K$10:$K$16,$O$10:$O$16=\"Sim\"), _xlfn._xlws.FILTER($K$19:$K$29,O19:O29=\"Sim\")),O30))","v":193.51},{"$f":"IF(SUM(COUNTIF($P$10:$P$16,\"Sim\")) + SUM(COUNTIF(P19:P29,\"Sim\")) < 3,\n   \"N/D (são necessários pelo menos 3 preços)\",\n   IFERROR(AVERAGE(_xlfn._xlws.FILTER($K$10:$K$16,$P$10:$P$16=\"Sim\"), _xlfn._xlws.FILTER($K$19:$K$29,P19:P29=\"Sim\")),P30))","v":"N/D (são necessários pelo menos 3 preços)"}]
[{"$nulls":13},"Mediana",{"$f":"IF(SUM(COUNTIF($O$10:$O$16,\"Sim\")) + SUM(COUNTIF(O19:O29,\"Sim\")) < 3,\n   \"N/D (são necessários pelo menos 3 preços)\",\n   IFERROR(MEDIAN(_xlfn._xlws.FILTER($K$10:$K$16,$O$10:$O$16=\"Sim\"), _xlfn._xlws.FILTER($K$19:$K$29,O19:O29=\"Sim\")),O31))","v":197.05},{"$f":"IF(SUM(COUNTIF($P10:$P$16,\"Sim\")) + SUM(COUNTIF(P19:P29,\"Sim\")) < 3,\n   \"N/D (são necessários pelo menos 3 preços)\",\n   IFERROR(MEDIAN(_xlfn._xlws.FILTER($K$10:$K$16,$P$10:$P$16=\"Sim\"), _xlfn._xlws.FILTER($K$19:$K$29,P19:P29=\"Sim\")),P31))","v":"N/D (são necessários pelo menos 3 preços)"}]
[null,"COSOLIDAÇÃO DOS PREÇOS",{"$nulls":11},"Metodologia a adotar:",{"$f":"IF(INDEX(O18:P18,P35)=0,\"\",INDEX(O18:P18,P35))","v":"Outliers"},1]
[]
[null,"PREÇO UNITÁRIO ESTIMADO ADOTADO:",{"$nulls":9},{"$f":"IF($B$39=\"Mediana:\",L31,L30)","v":193.51}]
[]
[{"$f":"O18","v":"Outliers"},"Média:",{"$nulls":9},"AI/GAP/UGI"]
[{"$f":"P18","v":"Por critério do(a) analista"}]

{"sheet":"COT16","index":24,"n_rows":40,"n_cols":16,"rows_kept":40,"cut":false,"hidden":true,"merged":[[16,1,16,11],[16,14,16,15],[0,0,0,6],[6,2,6,7],[6,14,6,15],[7,1,7,11],[7,14,7,15],[28,1,28,8],[17,1,17,8],[18,1,18,8],[19,1,19,8],[20,1,20,8],[21,1,21,8],[22,1,22,8],[23,1,23,8],[24,1,24,8],[25,1,25,8],[26,1,26,8],[27,1,27,8],[31,1,33,10],[31,11,33,11],[34,1,35,10],[34,11,35,11],[36,1,36,10]]}
[]
[null,"Processo","59500.003753/2025-45"]
[null,"Responsável","Kaio Gabriel, Alessandra Brant, Alberto Nascimento"]
[null,"Área de Origem","AI/GAP/UGI"]
[null,"Data da pesquisa"]
[]
[null,"ITEM:","Placa de identificação (plaqueta de identificação) fabricada em ABS ou acrílico para painéis elétricos  (30 X 15 mm), fixação por adesivo, resistente ao tempo (Escrita Personalizada)",{"$nulls":5},"UNIDADE DE MEDIDA:","Unidade","QUANTIDADE:",10,null,null,"Tabela auxiliar de metodologias para exclusão de preços"]
[null,"LICITAÇÕES ANTERIORES",{"$nulls":12},"Licitações Anteriores"]
[null,"Órgão","Edital/Ano - Nº do Lote / Item","Quantidade","Valor Unitário","Data","índice de atualização (nome)","I0","If","Variação acumulada do índice (%)","Preço unitário atualizado","Utilizar?  (Sim/Não)",null,null,"Outliers","Por critério do(a) analista"]
[{"$nulls":9},{"$f":"IF(ISBLANK(E10),\"\",IF(ISNUMBER(H10),(I10-H10)/H10,0))","v":""},{"$f":"IF(ISBLANK(E10),\"\",E10*(1+J10))","v":""},{"$f":"IF(ISNUMBER(K10),IF($L$32<>$P$9,O10,P10),\"\")","v":""},null,null,{"$f":"IF(ISNUMBER(K10),IF(OR(K10<_xlfn.QUARTILE.INC($K$10:$K$29,1)-1.5*(_xlfn.QUARTILE.INC($K$10:K29,3)-_xlfn.QUARTILE.INC($K$10:$K$29,1)),K10>_xlfn.QUARTILE.INC($K$10:$K$29,3)+1.5*(_xlfn.QUARTILE.INC($K$10:$K$29,3)-_xlfn.QUARTILE.INC($K$10:$K$29,1))),\"Não\",\"Sim\"),\"\")","v":""}]
[{"$nulls":9},{"$f":"IF(ISBLANK(E11),\"\",IF(ISNUMBER(H11),(I11-H11)/H11,0))","v":""},{"$f":"IF(ISBLANK(E11),\"\",E11*(1+J11))","v":""},"",null,null,{"$f":"IF(ISNUMBER(K11),IF(OR(K11<_xlfn.QUARTILE.INC($K$10:$K$29,1)-1.5*(_xlfn.QUARTILE.INC($K$10:K29,3)-_xlfn.QUARTILE.INC($K$10:$K$29,1)),K11>_xlfn.QUARTILE.INC($K$10:$K$29,3)+1.5*(_xlfn.QUARTILE.INC($K$10:$K$29,3)-_xlfn.QUARTILE.INC($K$10:$K$29,1))),\"Não\",\"Sim\"),\"\")","v":""}]
[{"$nulls":9},"","","",null,null,{"$f":"IF(ISNUMBER(K12),IF(OR(K12<_xlfn.QUARTILE.INC($K$10:$K$29,1)-1.5*(_xlfn.QUARTILE.INC($K$10:K30,3)-_xlfn.QUARTILE.INC($K$10:$K$29,1)),K12>_xlfn.QUARTILE.INC($K$10:$K$29,3)+1.5*(_xlfn.QUARTILE.INC($K$10:$K$29,3)-_xlfn.QUARTILE.INC($K$10:$K$29,1))),\"Não\",\"Sim\"),\"\")","v":""}]
[{"$nulls":9},"","","",null,null,{"$f":"IF(ISNUMBER(K13),IF(OR(K13<_xlfn.QUARTILE.INC($K$10:$K$29,1)-1.5*(_xlfn.QUARTILE.INC($K$10:K31,3)-_xlfn.QUARTILE.INC($K$10:$K$29,1)),K13>_xlfn.QUARTILE.INC($K$10:$K$29,3)+1.5*(_xlfn.QUARTILE.INC($K$10:$K$29,3)-_xlfn.QUARTILE.INC($K$10:$K$29,1))),\"Não\",\"Sim\"),\"\")","v":""}]
[{"$nulls":9},"","","",null,null,{"$f":"IF(ISNUMBER(K14),IF(OR(K14<_xlfn.QUARTILE.INC($K$10:$K$29,1)-1.5*(_xlfn.QUARTILE.INC($K$10:K32,3)-_xlfn.QUARTILE.INC($K$10:$K$29,1)),K14>_xlfn.QUARTILE.INC($K$10:$K$29,3)+1.5*(_xlfn.QUARTILE.INC($K$10:$K$29,3)-_xlfn.QUARTILE.INC($K$10:$K$29,1))),\"Não\",\"Sim\"),\"\")","v":""}]
[{"$nulls":9},"","","",null,null,{"$f":"IF(ISNUMBER(K15),IF(OR(K15<_xlfn.QUARTILE.INC($K$10:$K$29,1)-1.5*(_xlfn.QUARTILE.INC($K$10:K35,3)-_xlfn.QUARTILE.INC($K$10:$K$29,1)),K15>_xlfn.QUARTILE.INC($K$10:$K$29,3)+1.5*(_xlfn.QUARTILE.INC($K$10:$K$29,3)-_xlfn.QUARTILE.INC($K$10:$K$29,1))),\"Não\",\"Sim\"),\"\")","v":""}]
[{"$nulls":9},"","","",null,null,{"$f":"IF(ISNUMBER(K16),IF(OR(K16<_xlfn.QUARTILE.INC($K$10:$K$29,1)-1.5*(_xlfn.QUARTILE.INC($I$10:I37,3)-_xlfn.QUARTILE.INC($K$10:$K$29,1)),K16>_xlfn.QUARTILE.INC($K$10:$K$29,3)+1.5*(_xlfn.QUARTILE.INC($K$10:$K$29,3)-_xlfn.QUARTILE.INC($K$10:$K$29,1))),\"Não\",\"Sim\"),\"\")","v":""}]
[null,"COTAÇÕES DE MERCADO",{"$nulls":12},"Cotações"]
[null,"Empresa",{"$nulls":7},"Data","Preço Unitário","Utilizar? (Sim/Não)",null,null,"Outliers","Por critério do(a) analista"]
[null,"Números de Casas - Mogi Guaçu (SP). https://www.numerosdecasas.com.br/kit-10-placas-de-acrilico-para-painel-eletrico-30x15mm-escrita-personalizada?utm_source=Site&utm_medium=GoogleMerchant&utm_campaign=GoogleMerchant&srsltid=AfmBOorVVxbyNvVijOJmUO-YuJDzv1Bj3v-TMmzWH1EQiiERT_EAX7-UWDE",{"$nulls":7},"2025-11-10",{"$f":"((49.9+32.41)/10)","v":8.23},{"$f":"IF(ISNUMBER(K19),IF($L$32=$O$18,O19,IF($L$32=$P$18,P19,\"\")),\"\")","v":"Sim"},null,null,{"$f":"IF(ISNUMBER(K19),IF(OR(K19<_xlfn.QUARTILE.INC($K$10:$K$29,1)-1.5*(_xlfn.QUARTILE.INC($K$10:$K$29,3)-_xlfn.QUARTILE.INC($K$10:$K$29,1)),K19>_xlfn.QUARTILE.INC($K$10:$K$29,3)+1.5*(_xlfn.QUARTILE.INC($K$10:$K$29,3)-_xlfn.QUARTILE.INC($K$10:$K$29,1))),\"Não\",\"Sim\"),\"\")","v":"Sim"}]
[null,"BR Eletrônica e Impressão 3D - CNPJ: 24.263.994/0001-05. https://www.breletronica.com.br/kit-com-10-placas-acrilico-painel-eletrico-30x15mm-personalizada?utm_source=Site&utm_medium=GoogleShopping&utm_campaign=IntegracaoGoogle&srsltid=AfmBOopj9q2A3qC8vS0e7tXcxhiSx9-GWXSeS1e2L-OC6VwJGLgT28Uufzs",{"$nulls":7},"2025-11-10",{"$f":"((64.99+32.35)/10)","v":9.73},"Sim",null,null,"Sim"]
[null,"Mercado Livre - INSTPLAQ. https://produto.mercadolivre.com.br/MLB-1865368256-30-plaquetas-acrilico-p-paineis-e-quadros-eletricos-15x30mm-_JM?matt_tool=44747869&matt_internal_campaign_id=&matt_word=&matt_source=google&matt_campaign_id=22603531439&matt_ad_group_id=183641039649&matt_match_type=&matt_network=g&matt_device=c&matt_creative=758138322197&matt_keyword=&matt_ad_position=&matt_ad_type=pla&matt_merchant_id=5450712540&matt_product_id=MLB1865368256&matt_product_partition_id=2424646252682&matt_target_id=pla-2424646252682&cq_src=google_ads&cq_cmp=22603531439&cq_net=g&cq_plt=gp&cq_med=pla&gad_source=1&gad_campaignid=22603531439&gbraid=0AAAAAD93qcDXH3XDH3okbvfiF1MC6uiTb&gclid=CjwKCAjwx-zHBhBhEiwA7Kjq65vExz02LHHh4ewU1mE3KNxjeXd9XJ6UfwoknOqhhrcFYPJc3Ysq4BoC1vQQAvD_BwE",{"$nulls":7},"2025-11-10",{"$f":"78/30","v":2.6},"Não",null,null,"Não"]
[null,"mercadolivre.com.br/10x-plaqueta-acrilico-painel-eletrico-30x15mm-personalizada/up/MLBU1419083107?pdp_filters=item_id:MLB1919120901&matt_tool=48995110&matt_internal_campaign_id=&matt_word=&matt_source=google&matt_campaign_id=22603531562&matt_ad_group_id=181244933895&matt_match_type=&matt_network=g&matt_device=c&matt_creative=758138322200&matt_keyword=&matt_ad_position=&matt_ad_type=pla&matt_merchant_id=307831411&matt_product_id=MLB1919120901&matt_product_partition_id=2424443221566&matt_target_id=aud-1966917494853:pla-2424443221566&cq_src=google_ads&cq_cmp=22603531562&cq_net=g&cq_plt=gp&cq_med=pla&gad_source=4&gad_campaignid=22603531562&gbraid=0AAAAAD93qcA7OXwPt1KVQcch-Tmd1s08C&gclid=CjwKCAiAz_DIBhBJEiwAVH2XwGo_wiaMLLfDi53KbS4za39xB38DhhatsX31AFLUDekwQR_n1zFiZRoCV1kQAvD_BwE",{"$nulls":7},"2025-11-18",{"$f":"63.99/10","v":6.4},"Sim",null,null,"Sim"]
[{"$nulls":11},"",null,null,""]
[{"$nulls":11},"",null,null,""]
[{"$nulls":11},"",null,null,""]
[{"$nulls":11},"",null,null,""]
[{"$nulls":11},"",null,null,""]
[{"$nulls":11},"",null,null,""]
[{"$nulls":11},"",null,null,""]
[null,"Observações:",{"$nulls":8},"Média:",{"$f":"IF($L$32=\"\",\"Selecione metodologia para exclusão de preços\",AVERAGE(IF($L$10:$L$29=\"Sim\",$K$10:$K$29)))","v":8.1199999999999992},null,"Média (Cotações)",{"$f":"IF(COUNTIF(O19:O29,\"Sim\")<3,\"N/D (são necessários pelo menos 3 preços)\",AVERAGE(IF(O19:O29=\"Sim\",$K19:$K29)))","v":8.1199999999999992},{"$f":"IF(COUNTIF(P19:P29,\"Sim\")<3,\"N/D (são necessários pelo menos 3 preços)\",AVERAGE(IF(P19:P29=\"Sim\",$K19:$K29)))","v":"N/D (são necessários pelo menos 3 preços)"}]
[{"$nulls":10},"Mediana:",{"$f":"IF($L$32=\"\",\"Selecione metodologia para exclusão de preços\",MEDIAN(IF($L$10:$L$29=\"Sim\",$K$10:$K$29)))","v":8.23},null,"Mediana (Cotações)",{"$f":"IF(COUNTIF(O19:O29,\"Sim\")<3,\"N/D (são necessários pelo menos 3 preços)\",MEDIAN(IF(O19:O29=\"Sim\",$K19:$K29)))","v":8.23},{"$f":"IF(COUNTIF(P19:P29,\"Sim\")<3,\"N/D (são necessários pelo menos 3 preços)\",MEDIAN(IF(P19:P29=\"Sim\",$K19:$K29)))","v":"N/D (são necessários pelo menos 3 preços)"}]
[null,"Metodologia de exclusão de preços adotada:",{"$nulls":9},{"$f":"IF(O35=\"\",INDEX(O18:P18,MATCH(MIN(#REF!),#REF!,0)),O35)","v":"Outliers"},null,"CV (Cotações)",{"$f":"IF(COUNTIF(O19:O29,\"Sim\")<3,\"N/D (são necessários pelo menos 3 preços)\",_xlfn.STDEV.S(IF(O19:O29=\"Sim\",$K19:$K29))/AVERAGE(IF(O19:O29=\"Sim\",$K19:$K29)))","v":0.2054},{"$f":"IF(COUNTIF(P19:P29,\"Sim\")<3,\"N/D (são necessários pelo menos 3 preços)\",_xlfn.STDEV.S(IF(P19:P29=\"Sim\",$K19:$K29))/AVERAGE(IF(P19:P29=\"Sim\",$K19:$K29)))","v":"N/D (são necessários pelo menos 3 preços)"}]
[{"$nulls":13},"Média",{"$f":"IF(SUM(COUNTIF($O$10:$O$16,\"Sim\")) + SUM(COUNTIF(O19:O29,\"Sim\")) < 3,\n   \"N/D (são necessários pelo menos 3 preços)\",\n   IFERROR(AVERAGE(_xlfn._xlws.FILTER($K$10:$K$16,$O$10:$O$16=\"Sim\"), _xlfn._xlws.FILTER($K$19:$K$29,O19:O29=\"Sim\")),O30))","v":8.1199999999999992},{"$f":"IF(SUM(COUNTIF($P$10:$P$16,\"Sim\")) + SUM(COUNTIF(P19:P29,\"Sim\")) < 3,\n   \"N/D (são necessários pelo menos 3 preços)\",\n   IFERROR(AVERAGE(_xlfn._xlws.FILTER($K$10:$K$16,$P$10:$P$16=\"Sim\"), _xlfn._xlws.FILTER($K$19:$K$29,P19:P29=\"Sim\")),P30))","v":"N/D (são necessários pelo menos 3 preços)"}]
[{"$nulls":13},"Mediana",{"$f":"IF(SUM(COUNTIF($O$10:$O$16,\"Sim\")) + SUM(COUNTIF(O19:O29,\"Sim\")) < 3,\n   \"N/D (são necessários pelo menos 3 preços)\",\n   IFERROR(MEDIAN(_xlfn._xlws.FILTER($K$10:$K$16,$O$10:$O$16=\"Sim\"), _xlfn._xlws.FILTER($K$19:$K$29,O19:O29=\"Sim\")),O31))","v":8.23},{"$f":"IF(SUM(COUNTIF($P10:$P$16,\"Sim\")) + SUM(COUNTIF(P19:P29,\"Sim\")) < 3,\n   \"N/D (são necessários pelo menos 3 preços)\",\n   IFERROR(MEDIAN(_xlfn._xlws.FILTER($K$10:$K$16,$P$10:$P$16=\"Sim\"), _xlfn._xlws.FILTER($K$19:$K$29,P19:P29=\"Sim\")),P31))","v":"N/D (são necessários pelo menos 3 preços)"}]
[null,"COSOLIDAÇÃO DOS PREÇOS",{"$nulls":11},"Metodologia a adotar:",{"$f":"IF(INDEX(O18:P18,P35)=0,\"\",INDEX(O18:P18,P35))","v":"Outliers"},1]
[]
[null,"PREÇO UNITÁRIO ESTIMADO ADOTADO:",{"$nulls":9},{"$f":"IF($B$39=\"Mediana:\",L31,L30)","v":8.1199999999999992}]
[]
[{"$f":"O18","v":"Outliers"},"Média:"]
[{"$f":"P18","v":"Por critério do(a) analista"}]

{"sheet":"COT17","index":25,"n_rows":40,"n_cols":16,"rows_kept":40,"cut":false,"hidden":true,"merged":[[16,1,16,11],[16,14,16,15],[0,0,0,6],[6,2,6,7],[6,14,6,15],[7,1,7,11],[7,14,7,15],[28,1,28,8],[17,1,17,8],[18,1,18,8],[19,1,19,8],[20,1,20,8],[21,1,21,8],[22,1,22,8],[23,1,23,8],[24,1,24,8],[25,1,25,8],[26,1,26,8],[27,1,27,8],[31,1,33,10],[31,11,33,11],[34,1,35,10],[34,11,35,11],[36,1,36,10]]}
[]
[null,"Processo","59500.003753/2025-45"]
[null,"Responsável","Kaio Gabriel, Alessandra Brant, Alberto Nascimento"]
[null,"Área de Origem","AI/GAP/UGI"]
[null,"Data da pesquisa"]
[]
[null,"ITEM:","TUBO IRRIG. PB DN75 PN40",{"$nulls":5},"UNIDADE DE MEDIDA:","Unidade","QUANTIDADE:",24,null,null,"Tabela auxiliar de metodologias para exclusão de preços"]
[null,"LICITAÇÕES ANTERIORES",{"$nulls":12},"Licitações Anteriores"]
[null,"Órgão","Edital/Ano - Nº do Lote / Item","Quantidade","Valor Unitário","Data","índice de atualização (nome)","I0","If","Variação acumulada do índice (%)","Preço unitário atualizado","Utilizar?  (Sim/Não)",null,null,"Outliers","Por critério do(a) analista"]
[{"$nulls":9},{"$f":"IF(ISBLANK(E10),\"\",IF(ISNUMBER(H10),(I10-H10)/H10,0))","v":""},{"$f":"IF(ISBLANK(E10),\"\",E10*(1+J10))","v":""},{"$f":"IF(ISNUMBER(K10),IF($L$32<>$P$9,O10,P10),\"\")","v":""},null,null,{"$f":"IF(ISNUMBER(K10),IF(OR(K10<_xlfn.QUARTILE.INC($K$10:$K$29,1)-1.5*(_xlfn.QUARTILE.INC($K$10:K29,3)-_xlfn.QUARTILE.INC($K$10:$K$29,1)),K10>_xlfn.QUARTILE.INC($K$10:$K$29,3)+1.5*(_xlfn.QUARTILE.INC($K$10:$K$29,3)-_xlfn.QUARTILE.INC($K$10:$K$29,1))),\"Não\",\"Sim\"),\"\")","v":""}]
[{"$nulls":9},{"$f":"IF(ISBLANK(E11),\"\",IF(ISNUMBER(H11),(I11-H11)/H11,0))","v":""},{"$f":"IF(ISBLANK(E11),\"\",E11*(1+J11))","v":""},"",null,null,{"$f":"IF(ISNUMBER(K11),IF(OR(K11<_xlfn.QUARTILE.INC($K$10:$K$29,1)-1.5*(_xlfn.QUARTILE.INC($K$10:K29,3)-_xlfn.QUARTILE.INC($K$10:$K$29,1)),K11>_xlfn.QUARTILE.INC($K$10:$K$29,3)+1.5*(_xlfn.QUARTILE.INC($K$10:$K$29,3)-_xlfn.QUARTILE.INC($K$10:$K$29,1))),\"Não\",\"Sim\"),\"\")","v":""}]
[{"$nulls":9},"","","",null,null,{"$f":"IF(ISNUMBER(K12),IF(OR(K12<_xlfn.QUARTILE.INC($K$10:$K$29,1)-1.5*(_xlfn.QUARTILE.INC($K$10:K30,3)-_xlfn.QUARTILE.INC($K$10:$K$29,1)),K12>_xlfn.QUARTILE.INC($K$10:$K$29,3)+1.5*(_xlfn.QUARTILE.INC($K$10:$K$29,3)-_xlfn.QUARTILE.INC($K$10:$K$29,1))),\"Não\",\"Sim\"),\"\")","v":""}]
[{"$nulls":9},"","","",null,null,{"$f":"IF(ISNUMBER(K13),IF(OR(K13<_xlfn.QUARTILE.INC($K$10:$K$29,1)-1.5*(_xlfn.QUARTILE.INC($K$10:K31,3)-_xlfn.QUARTILE.INC($K$10:$K$29,1)),K13>_xlfn.QUARTILE.INC($K$10:$K$29,3)+1.5*(_xlfn.QUARTILE.INC($K$10:$K$29,3)-_xlfn.QUARTILE.INC($K$10:$K$29,1))),\"Não\",\"Sim\"),\"\")","v":""}]
[{"$nulls":9},"","","",null,null,{"$f":"IF(ISNUMBER(K14),IF(OR(K14<_xlfn.QUARTILE.INC($K$10:$K$29,1)-1.5*(_xlfn.QUARTILE.INC($K$10:K32,3)-_xlfn.QUARTILE.INC($K$10:$K$29,1)),K14>_xlfn.QUARTILE.INC($K$10:$K$29,3)+1.5*(_xlfn.QUARTILE.INC($K$10:$K$29,3)-_xlfn.QUARTILE.INC($K$10:$K$29,1))),\"Não\",\"Sim\"),\"\")","v":""}]
[{"$nulls":9},"","","",null,null,{"$f":"IF(ISNUMBER(K15),IF(OR(K15<_xlfn.QUARTILE.INC($K$10:$K$29,1)-1.5*(_xlfn.QUARTILE.INC($K$10:K35,3)-_xlfn.QUARTILE.INC($K$10:$K$29,1)),K15>_xlfn.QUARTILE.INC($K$10:$K$29,3)+1.5*(_xlfn.QUARTILE.INC($K$10:$K$29,3)-_xlfn.QUARTILE.INC($K$10:$K$29,1))),\"Não\",\"Sim\"),\"\")","v":""}]
[{"$nulls":9},"","","",null,null,{"$f":"IF(ISNUMBER(K16),IF(OR(K16<_xlfn.QUARTILE.INC($K$10:$K$29,1)-1.5*(_xlfn.QUARTILE.INC($I$10:I37,3)-_xlfn.QUARTILE.INC($K$10:$K$29,1)),K16>_xlfn.QUARTILE.INC($K$10:$K$29,3)+1.5*(_xlfn.QUARTILE.INC($K$10:$K$29,3)-_xlfn.QUARTILE.INC($K$10:$K$29,1))),\"Não\",\"Sim\"),\"\")","v":""}]
[null,"COTAÇÕES DE MERCADO",{"$nulls":12},"Cotações"]
[null,"Empresa",{"$nulls":7},"Data","Preço Unitário","Utilizar? (Sim/Não)",null,null,"Outliers","Por critério do(a) analista"]
[null,"BRASMAQUINAS COMERCIO DE MAQUINAS E IRRIGACAO LTDA (CNPJ : 00145531000334)   E-mail: MARCOS.GOMES@BRASMAQUINAS.COM.BR",{"$nulls":7},"2025-08-22",62.15,{"$f":"IF(ISNUMBER(K19),IF($L$32=$O$18,O19,IF($L$32=$P$18,P19,\"\")),\"\")","v":"Não"},null,null,{"$f":"IF(ISNUMBER(K19),IF(OR(K19<_xlfn.QUARTILE.INC($K$10:$K$29,1)-1.5*(_xlfn.QUARTILE.INC($K$10:$K$29,3)-_xlfn.QUARTILE.INC($K$10:$K$29,1)),K19>_xlfn.QUARTILE.INC($K$10:$K$29,3)+1.5*(_xlfn.QUARTILE.INC($K$10:$K$29,3)-_xlfn.QUARTILE.INC($K$10:$K$29,1))),\"Não\",\"Sim\"),\"\")","v":"Não"}]
[null,"IRRIGASOL Irrigação e energia Solar LTDA (CNPJ: 46.152.561/0001-07) E-mail:irrigasol.mgmontalvania@gmail.com",{"$nulls":7},"2025-09-11",85,"Não",null,null,"Sim"]
[null,"VCA IRRIGAÇÃO LTDA (CNPJ: 26.466.226/0001-76) financeiro@minasbombas.com.br",{"$nulls":7},"2025-08-27",89.4,"Não",null,null,"Sim"]
[null,"Casa da Irrigação - https://www.casadairrigacao.com.br/tubo-irriga-pn-40-dn-75mm-tigre?srsltid=AfmBOopxHyK46S7mRCO4MbGWOQCWCtDKt5ebcG_UW_JKFVA6f1ZUQKBe",{"$nulls":7},"2025-11-10",{"$f":"(1720.32+2183.57)/24","v":162.66},"Não",null,null,"Não"]
[null,"ASPERBRAS - https://www.asperbrastuboseconexoes.com.br/produto/tubo-pvc-irrigacao-soldavel-dn75-de75-5-pn40-57?srsltid=AfmBOoqnO3VFCfmbdceF1zPDGo1U-Ertf8EA6I017WJFL_7K6Lwuutr4",{"$nulls":7},"2025-11-10",{"$f":"1907.45/24","v":79.48},"Sim",null,null,"Sim"]
[null,"FERPAM - https://www.ferpam.com.br/tubo-agro-pn40-irrigac-o-dn75-amanco.html?srsltid=AfmBOoogyH55e-sx4FfErJOvK_aUhbm-zIX-GDabkoY4SP7Tr_BrOe-x",{"$nulls":7},"2025-11-10",{"$f":"71.82+(462.47/24)","v":91.09},"Sim",null,null,"Sim"]
[null,"Mercado Livre - https://www.mercadolivre.com.br/tubo-irrigaco-azul-75mm-pn-40-nbr-14312-5-pecas/p/MLB2043078102#polycard_client=search-nordic&search_layout=stack&position=1&type=product&tracking_id=83045a1a-60aa-43dc-ae36-2236e2a01b5d&wid=MLB3551588609&sid=search",{"$nulls":7},"2025-11-10",{"$f":"457.62/5","v":91.52},"Sim",null,null,"Sim"]
[{"$nulls":11},"",null,null,""]
[{"$nulls":11},"",null,null,""]
[{"$nulls":11},"",null,null,""]
[{"$nulls":11},"",null,null,""]
[null,"Observações:",{"$nulls":8},"Média:",{"$f":"IF($L$32=\"\",\"Selecione metodologia para exclusão de preços\",AVERAGE(IF($L$10:$L$29=\"Sim\",$K$10:$K$29)))","v":87.36},null,"Média (Cotações)",{"$f":"IF(COUNTIF(O19:O29,\"Sim\")<3,\"N/D (são necessários pelo menos 3 preços)\",AVERAGE(IF(O19:O29=\"Sim\",$K19:$K29)))","v":87.3},{"$f":"IF(COUNTIF(P19:P29,\"Sim\")<3,\"N/D (são necessários pelo menos 3 preços)\",AVERAGE(IF(P19:P29=\"Sim\",$K19:$K29)))","v":"N/D (são necessários pelo menos 3 preços)"}]
[{"$nulls":10},"Mediana:",{"$f":"IF($L$32=\"\",\"Selecione metodologia para exclusão de preços\",MEDIAN(IF($L$10:$L$29=\"Sim\",$K$10:$K$29)))","v":91.09},null,"Mediana (Cotações)",{"$f":"IF(COUNTIF(O19:O29,\"Sim\")<3,\"N/D (são necessários pelo menos 3 preços)\",MEDIAN(IF(O19:O29=\"Sim\",$K19:$K29)))","v":89.4},{"$f":"IF(COUNTIF(P19:P29,\"Sim\")<3,\"N/D (são necessários pelo menos 3 preços)\",MEDIAN(IF(P19:P29=\"Sim\",$K19:$K29)))","v":"N/D (são necessários pelo menos 3 preços)"}]
[null,"Metodologia de exclusão de preços adotada:",{"$nulls":9},{"$f":"IF(O35=\"\",INDEX(O18:P18,MATCH(MIN(#REF!),#REF!,0)),O35)","v":"Outliers"},null,"CV (Cotações)",{"$f":"IF(COUNTIF(O19:O29,\"Sim\")<3,\"N/D (são necessários pelo menos 3 preços)\",_xlfn.STDEV.S(IF(O19:O29=\"Sim\",$K19:$K29))/AVERAGE(IF(O19:O29=\"Sim\",$K19:$K29)))","v":5.8099999999999999E-2},{"$f":"IF(COUNTIF(P19:P29,\"Sim\")<3,\"N/D (são necessários pelo menos 3 preços)\",_xlfn.STDEV.S(IF(P19:P29=\"Sim\",$K19:$K29))/AVERAGE(IF(P19:P29=\"Sim\",$K19:$K29)))","v":"N/D (são necessários pelo menos 3 preços)"}]
[{"$nulls":13},"Média",{"$f":"IF(SUM(COUNTIF($O$10:$O$16,\"Sim\")) + SUM(COUNTIF(O19:O29,\"Sim\")) < 3,\n   \"N/D (são necessários pelo menos 3 preços)\",\n   IFERROR(AVERAGE(_xlfn._xlws.FILTER($K$10:$K$16,$O$10:$O$16=\"Sim\"), _xlfn._xlws.FILTER($K$19:$K$29,O19:O29=\"Sim\")),O30))","v":87.3},{"$f":"IF(SUM(COUNTIF($P$10:$P$16,\"Sim\")) + SUM(COUNTIF(P19:P29,\"Sim\")) < 3,\n   \"N/D (são necessários pelo menos 3 preços)\",\n   IFERROR(AVERAGE(_xlfn._xlws.FILTER($K$10:$K$16,$P$10:$P$16=\"Sim\"), _xlfn._xlws.FILTER($K$19:$K$29,P19:P29=\"Sim\")),P30))","v":"N/D (são necessários pelo menos 3 preços)"}]
[{"$nulls":13},"Mediana",{"$f":"IF(SUM(COUNTIF($O$10:$O$16,\"Sim\")) + SUM(COUNTIF(O19:O29,\"Sim\")) < 3,\n   \"N/D (são necessários pelo menos 3 preços)\",\n   IFERROR(MEDIAN(_xlfn._xlws.FILTER($K$10:$K$16,$O$10:$O$16=\"Sim\"), _xlfn._xlws.FILTER($K$19:$K$29,O19:O29=\"Sim\")),O31))","v":89.4},{"$f":"IF(SUM(COUNTIF($P10:$P$16,\"Sim\")) + SUM(COUNTIF(P19:P29,\"Sim\")) < 3,\n   \"N/D (são necessários pelo menos 3 preços)\",\n   IFERROR(MEDIAN(_xlfn._xlws.FILTER($K$10:$K$16,$P$10:$P$16=\"Sim\"), _xlfn._xlws.FILTER($K$19:$K$29,P19:P29=\"Sim\")),P31))","v":"N/D (são necessários pelo menos 3 preços)"}]
[null,"COSOLIDAÇÃO DOS PREÇOS",{"$nulls":11},"Metodologia a adotar:",{"$f":"IF(INDEX(O18:P18,P35)=0,\"\",INDEX(O18:P18,P35))","v":"Outliers"},1]
[]
[null,"PREÇO UNITÁRIO ESTIMADO ADOTADO:",{"$nulls":9},{"$f":"IF($B$39=\"Mediana:\",L31,L30)","v":87.36}]
[]
[{"$f":"O18","v":"Outliers"},"Média:"]
[{"$f":"P18","v":"Por critério do(a) analista"}]

{"sheet":"COT18","index":26,"n_rows":40,"n_cols":16,"rows_kept":40,"cut":false,"hidden":true,"merged":[[31,1,33,10],[31,11,33,11],[34,1,35,10],[34,11,35,11],[36,1,36,10],[28,1,28,8],[17,1,17,8],[18,1,18,8],[19,1,19,8],[20,1,20,8],[21,1,21,8],[22,1,22,8],[23,1,23,8],[24,1,24,8],[25,1,25,8],[26,1,26,8],[27,1,27,8],[16,1,16,11],[16,14,16,15],[0,0,0,6],[6,2,6,7],[6,14,6,15],[7,1,7,11],[7,14,7,15]]}
[]
[null,"Processo","59500.003753/2025-45"]
[null,"Responsável","Kaio Gabriel, Alessandra Brant, Alberto Nascimento"]
[null,"Área de Origem","AI/GAP/UGI"]
[null,"Data da pesquisa"]
[]
[null,"ITEM:","VÁLVULA DE RETENÇÃO 3\"",{"$nulls":5},"UNIDADE DE MEDIDA:","Unidade","QUANTIDADE:",1,null,null,"Tabela auxiliar de metodologias para exclusão de preços"]
[null,"LICITAÇÕES ANTERIORES",{"$nulls":12},"Licitações Anteriores"]
[null,"Órgão","Edital/Ano - Nº do Lote / Item","Quantidade","Valor Unitário","Data","índice de atualização (nome)","I0","If","Variação acumulada do índice (%)","Preço unitário atualizado","Utilizar?  (Sim/Não)",null,null,"Outliers","Por critério do(a) analista"]
[{"$nulls":9},{"$f":"IF(ISBLANK(E10),\"\",IF(ISNUMBER(H10),(I10-H10)/H10,0))","v":""},{"$f":"IF(ISBLANK(E10),\"\",E10*(1+J10))","v":""},{"$f":"IF(ISNUMBER(K10),IF($L$32<>$P$9,O10,P10),\"\")","v":""},null,null,{"$f":"IF(ISNUMBER(K10),IF(OR(K10<_xlfn.QUARTILE.INC($K$10:$K$29,1)-1.5*(_xlfn.QUARTILE.INC($K$10:K29,3)-_xlfn.QUARTILE.INC($K$10:$K$29,1)),K10>_xlfn.QUARTILE.INC($K$10:$K$29,3)+1.5*(_xlfn.QUARTILE.INC($K$10:$K$29,3)-_xlfn.QUARTILE.INC($K$10:$K$29,1))),\"Não\",\"Sim\"),\"\")","v":""}]
[{"$nulls":9},{"$f":"IF(ISBLANK(E11),\"\",IF(ISNUMBER(H11),(I11-H11)/H11,0))","v":""},{"$f":"IF(ISBLANK(E11),\"\",E11*(1+J11))","v":""},"",null,null,{"$f":"IF(ISNUMBER(K11),IF(OR(K11<_xlfn.QUARTILE.INC($K$10:$K$29,1)-1.5*(_xlfn.QUARTILE.INC($K$10:K29,3)-_xlfn.QUARTILE.INC($K$10:$K$29,1)),K11>_xlfn.QUARTILE.INC($K$10:$K$29,3)+1.5*(_xlfn.QUARTILE.INC($K$10:$K$29,3)-_xlfn.QUARTILE.INC($K$10:$K$29,1))),\"Não\",\"Sim\"),\"\")","v":""}]
[{"$nulls":9},"","","",null,null,{"$f":"IF(ISNUMBER(K12),IF(OR(K12<_xlfn.QUARTILE.INC($K$10:$K$29,1)-1.5*(_xlfn.QUARTILE.INC($K$10:K30,3)-_xlfn.QUARTILE.INC($K$10:$K$29,1)),K12>_xlfn.QUARTILE.INC($K$10:$K$29,3)+1.5*(_xlfn.QUARTILE.INC($K$10:$K$29,3)-_xlfn.QUARTILE.INC($K$10:$K$29,1))),\"Não\",\"Sim\"),\"\")","v":""}]
[{"$nulls":9},"","","",null,null,{"$f":"IF(ISNUMBER(K13),IF(OR(K13<_xlfn.QUARTILE.INC($K$10:$K$29,1)-1.5*(_xlfn.QUARTILE.INC($K$10:K31,3)-_xlfn.QUARTILE.INC($K$10:$K$29,1)),K13>_xlfn.QUARTILE.INC($K$10:$K$29,3)+1.5*(_xlfn.QUARTILE.INC($K$10:$K$29,3)-_xlfn.QUARTILE.INC($K$10:$K$29,1))),\"Não\",\"Sim\"),\"\")","v":""}]
[{"$nulls":9},"","","",null,null,{"$f":"IF(ISNUMBER(K14),IF(OR(K14<_xlfn.QUARTILE.INC($K$10:$K$29,1)-1.5*(_xlfn.QUARTILE.INC($K$10:K32,3)-_xlfn.QUARTILE.INC($K$10:$K$29,1)),K14>_xlfn.QUARTILE.INC($K$10:$K$29,3)+1.5*(_xlfn.QUARTILE.INC($K$10:$K$29,3)-_xlfn.QUARTILE.INC($K$10:$K$29,1))),\"Não\",\"Sim\"),\"\")","v":""}]
[{"$nulls":9},"","","",null,null,{"$f":"IF(ISNUMBER(K15),IF(OR(K15<_xlfn.QUARTILE.INC($K$10:$K$29,1)-1.5*(_xlfn.QUARTILE.INC($K$10:K35,3)-_xlfn.QUARTILE.INC($K$10:$K$29,1)),K15>_xlfn.QUARTILE.INC($K$10:$K$29,3)+1.5*(_xlfn.QUARTILE.INC($K$10:$K$29,3)-_xlfn.QUARTILE.INC($K$10:$K$29,1))),\"Não\",\"Sim\"),\"\")","v":""}]
[{"$nulls":9},"","","",null,null,{"$f":"IF(ISNUMBER(K16),IF(OR(K16<_xlfn.QUARTILE.INC($K$10:$K$29,1)-1.5*(_xlfn.QUARTILE.INC($I$10:I37,3)-_xlfn.QUARTILE.INC($K$10:$K$29,1)),K16>_xlfn.QUARTILE.INC($K$10:$K$29,3)+1.5*(_xlfn.QUARTILE.INC($K$10:$K$29,3)-_xlfn.QUARTILE.INC($K$10:$K$29,1))),\"Não\",\"Sim\"),\"\")","v":""}]
[null,"COTAÇÕES DE MERCADO",{"$nulls":12},"Cotações"]
[null,"Empresa",{"$nulls":7},"Data","Preço Unitário","Utilizar? (Sim/Não)",null,null,"Outliers","Por critério do(a) analista"]
[null,"Quality Tubos - https://www.lojaqualitytubos.com.br/valvula-de-retencao-horizontal-em-latao-de-3-p999797?gad_source=1&gad_campaignid=19861480558&gbraid=0AAAAACfUbmowoIFVLxJ96-tP_JS6_2AYT&gclid=CjwKCAiA2svIBhB-EiwARWDPjlK2P6ctTNSlq7WgQ5A9uSFk_t3c8N6-liuzwjupCFi6g16CAk38pRoCIrMQAvD_BwE",{"$nulls":7},"2025-11-10",{"$f":"475.11+69.9","v":545.01},{"$f":"IF(ISNUMBER(K19),IF($L$32=$O$18,O19,IF($L$32=$P$18,P19,\"\")),\"\")","v":"Sim"},null,null,{"$f":"IF(ISNUMBER(K19),IF(OR(K19<_xlfn.QUARTILE.INC($K$10:$K$29,1)-1.5*(_xlfn.QUARTILE.INC($K$10:$K$29,3)-_xlfn.QUARTILE.INC($K$10:$K$29,1)),K19>_xlfn.QUARTILE.INC($K$10:$K$29,3)+1.5*(_xlfn.QUARTILE.INC($K$10:$K$29,3)-_xlfn.QUARTILE.INC($K$10:$K$29,1))),\"Não\",\"Sim\"),\"\")","v":"Sim"}]
[null,"MultiSeg - https://www.multiseg.com.br/3196/vlvula-de-reteno-horizontal-em-lato-3-portinhola?gad_source=1&gad_campaignid=22150876241&gbraid=0AAAAAqTArcjDuLh0GQrsOC41PPjSNVdC0&gclid=CjwKCAiA2svIBhB-EiwARWDPjqpYiNLtPHS6mBxBitNihaKYNzNqgTbFdlbWPd_LLE51z7d2qGFcTxoCPjUQAvD_BwE",{"$nulls":7},"2025-11-10",{"$f":"478.05+42.95","v":521},"Sim",null,null,"Sim"]
[null,"Esquadrão Classe A - https://loja.esquadraoclassealtda.com/produtos/valvula-retencao-horizontal-3/?variant=1299567073&pf=mc&srsltid=AfmBOopDFIfutnvPjfD9REZd_zCwGjqmgJVjUt78pnYYVwr_EsG9mBRZSb4",{"$nulls":7},"2025-11-10",{"$f":"490.59+13.05","v":503.64},"Sim",null,null,"Sim"]
[null,"LeroyMerlin - https://www.leroymerlin.com.br/valvula-de-retencao-horizontal-3-pol-com-portinhola-de-latao-forjado-ivm-italy_1572438958",{"$nulls":7},"2025-11-10",{"$f":"789.9+49.02","v":838.92},"Não",null,null,"Não"]
[null,"FADEF - https://distribuidorafadef.com.br/produtos/valvula-retencao-horizontal-portinhola-3-pn16-segurimax?gad_source=4&gad_campaignid=22937919736&gbraid=0AAAAA-4yH-5IIG4QJ6v0hm0h8WK2qoI_o&gclid=CjwKCAiA2svIBhB-EiwARWDPjmP93nW-cBPD8XYOlZa4QeWprVwrXC4nYjEtMSwnmQ7BWhomwoSyMhoCtwAQAvD_BwE",{"$nulls":7},"2025-11-10",{"$f":"498+40.35","v":538.35},"Sim",null,null,"Sim"]
[{"$nulls":11},"",null,null,""]
[{"$nulls":11},"",null,null,""]
[{"$nulls":11},"",null,null,""]
[{"$nulls":11},"",null,null,""]
[{"$nulls":11},"",null,null,""]
[{"$nulls":11},"",null,null,""]
[null,"Observações:",{"$nulls":8},"Média:",{"$f":"IF($L$32=\"\",\"Selecione metodologia para exclusão de preços\",AVERAGE(IF($L$10:$L$29=\"Sim\",$K$10:$K$29)))","v":527},null,"Média (Cotações)",{"$f":"IF(COUNTIF(O19:O29,\"Sim\")<3,\"N/D (são necessários pelo menos 3 preços)\",AVERAGE(IF(O19:O29=\"Sim\",$K19:$K29)))","v":527},{"$f":"IF(COUNTIF(P19:P29,\"Sim\")<3,\"N/D (são necessários pelo menos 3 preços)\",AVERAGE(IF(P19:P29=\"Sim\",$K19:$K29)))","v":"N/D (são necessários pelo menos 3 preços)"}]
[{"$nulls":10},"Mediana:",{"$f":"IF($L$32=\"\",\"Selecione metodologia para exclusão de preços\",MEDIAN(IF($L$10:$L$29=\"Sim\",$K$10:$K$29)))","v":529.67999999999995},null,"Mediana (Cotações)",{"$f":"IF(COUNTIF(O19:O29,\"Sim\")<3,\"N/D (são necessários pelo menos 3 preços)\",MEDIAN(IF(O19:O29=\"Sim\",$K19:$K29)))","v":529.67999999999995},{"$f":"IF(COUNTIF(P19:P29,\"Sim\")<3,\"N/D (são necessários pelo menos 3 preços)\",MEDIAN(IF(P19:P29=\"Sim\",$K19:$K29)))","v":"N/D (são necessários pelo menos 3 preços)"}]
[null,"Metodologia de exclusão de preços adotada:",{"$nulls":9},{"$f":"IF(O35=\"\",INDEX(O18:P18,MATCH(MIN(#REF!),#REF!,0)),O35)","v":"Outliers"},null,"CV (Cotações)",{"$f":"IF(COUNTIF(O19:O29,\"Sim\")<3,\"N/D (são necessários pelo menos 3 preços)\",_xlfn.STDEV.S(IF(O19:O29=\"Sim\",$K19:$K29))/AVERAGE(IF(O19:O29=\"Sim\",$K19:$K29)))","v":3.5200000000000002E-2},{"$f":"IF(COUNTIF(P19:P29,\"Sim\")<3,\"N/D (são necessários pelo menos 3 preços)\",_xlfn.STDEV.S(IF(P19:P29=\"Sim\",$K19:$K29))/AVERAGE(IF(P19:P29=\"Sim\",$K19:$K29)))","v":"N/D (são necessários pelo menos 3 preços)"}]
[{"$nulls":13},"Média",{"$f":"IF(SUM(COUNTIF($O$10:$O$16,\"Sim\")) + SUM(COUNTIF(O19:O29,\"Sim\")) < 3,\n   \"N/D (são necessários pelo menos 3 preços)\",\n   IFERROR(AVERAGE(_xlfn._xlws.FILTER($K$10:$K$16,$O$10:$O$16=\"Sim\"), _xlfn._xlws.FILTER($K$19:$K$29,O19:O29=\"Sim\")),O30))","v":527},{"$f":"IF(SUM(COUNTIF($P$10:$P$16,\"Sim\")) + SUM(COUNTIF(P19:P29,\"Sim\")) < 3,\n   \"N/D (são necessários pelo menos 3 preços)\",\n   IFERROR(AVERAGE(_xlfn._xlws.FILTER($K$10:$K$16,$P$10:$P$16=\"Sim\"), _xlfn._xlws.FILTER($K$19:$K$29,P19:P29=\"Sim\")),P30))","v":"N/D (são necessários pelo menos 3 preços)"}]
[{"$nulls":13},"Mediana",{"$f":"IF(SUM(COUNTIF($O$10:$O$16,\"Sim\")) + SUM(COUNTIF(O19:O29,\"Sim\")) < 3,\n   \"N/D (são necessários pelo menos 3 preços)\",\n   IFERROR(MEDIAN(_xlfn._xlws.FILTER($K$10:$K$16,$O$10:$O$16=\"Sim\"), _xlfn._xlws.FILTER($K$19:$K$29,O19:O29=\"Sim\")),O31))","v":529.67999999999995},{"$f":"IF(SUM(COUNTIF($P10:$P$16,\"Sim\")) + SUM(COUNTIF(P19:P29,\"Sim\")) < 3,\n   \"N/D (são necessários pelo menos 3 preços)\",\n   IFERROR(MEDIAN(_xlfn._xlws.FILTER($K$10:$K$16,$P$10:$P$16=\"Sim\"), _xlfn._xlws.FILTER($K$19:$K$29,P19:P29=\"Sim\")),P31))","v":"N/D (são necessários pelo menos 3 preços)"}]
[null,"COSOLIDAÇÃO DOS PREÇOS",{"$nulls":11},"Metodologia a adotar:",{"$f":"IF(INDEX(O18:P18,P35)=0,\"\",INDEX(O18:P18,P35))","v":"Outliers"},1]
[]
[null,"PREÇO UNITÁRIO ESTIMADO ADOTADO:",{"$nulls":9},{"$f":"IF($B$39=\"Mediana:\",L31,L30)","v":527}]
[]
[{"$f":"O18","v":"Outliers"},"Média:"]
[{"$f":"P18","v":"Por critério do(a) analista"}]

{"sheet":"COT19","index":27,"n_rows":40,"n_cols":16,"rows_kept":40,"cut":false,"hidden":true,"merged":[[31,1,33,10],[31,11,33,11],[34,1,35,10],[34,11,35,11],[36,1,36,10],[28,1,28,8],[17,1,17,8],[18,1,18,8],[19,1,19,8],[20,1,20,8],[21,1,21,8],[22,1,22,8],[23,1,23,8],[24,1,24,8],[25,1,25,8],[26,1,26,8],[27,1,27,8],[16,1,16,11],[16,14,16,15],[0,0,0,6],[6,2,6,7],[6,14,6,15],[7,1,7,11],[7,14,7,15]]}
[]
[null,"Processo","59500.003753/2025-45"]
[null,"Responsável","Kaio Gabriel, Alessandra Brant, Alberto Nascimento"]
[null,"Área de Origem","AI/GAP/UGI"]
[null,"Data da pesquisa"]
[]
[null,"ITEM:","Conector (terminal isolado) para barramento isolado, conexão reta ou lateral, até 25 mm²",{"$nulls":5},"UNIDADE DE MEDIDA:","Unidade","QUANTIDADE:",2,null,null,"Tabela auxiliar de metodologias para exclusão de preços"]
[null,"LICITAÇÕES ANTERIORES",{"$nulls":12},"Licitações Anteriores"]
[null,"Órgão","Edital/Ano - Nº do Lote / Item","Quantidade","Valor Unitário","Data","índice de atualização (nome)","I0","If","Variação acumulada do índice (%)","Preço unitário atualizado","Utilizar?  (Sim/Não)",null,null,"Outliers","Por critério do(a) analista"]
[{"$nulls":9},{"$f":"IF(ISBLANK(E10),\"\",IF(ISNUMBER(H10),(I10-H10)/H10,0))","v":""},{"$f":"IF(ISBLANK(E10),\"\",E10*(1+J10))","v":""},{"$f":"IF(ISNUMBER(K10),IF($L$32<>$P$9,O10,P10),\"\")","v":""},null,null,{"$f":"IF(ISNUMBER(K10),IF(OR(K10<_xlfn.QUARTILE.INC($K$10:$K$29,1)-1.5*(_xlfn.QUARTILE.INC($K$10:K29,3)-_xlfn.QUARTILE.INC($K$10:$K$29,1)),K10>_xlfn.QUARTILE.INC($K$10:$K$29,3)+1.5*(_xlfn.QUARTILE.INC($K$10:$K$29,3)-_xlfn.QUARTILE.INC($K$10:$K$29,1))),\"Não\",\"Sim\"),\"\")","v":""}]
[{"$nulls":9},{"$f":"IF(ISBLANK(E11),\"\",IF(ISNUMBER(H11),(I11-H11)/H11,0))","v":""},{"$f":"IF(ISBLANK(E11),\"\",E11*(1+J11))","v":""},"",null,null,{"$f":"IF(ISNUMBER(K11),IF(OR(K11<_xlfn.QUARTILE.INC($K$10:$K$29,1)-1.5*(_xlfn.QUARTILE.INC($K$10:K29,3)-_xlfn.QUARTILE.INC($K$10:$K$29,1)),K11>_xlfn.QUARTILE.INC($K$10:$K$29,3)+1.5*(_xlfn.QUARTILE.INC($K$10:$K$29,3)-_xlfn.QUARTILE.INC($K$10:$K$29,1))),\"Não\",\"Sim\"),\"\")","v":""}]
[{"$nulls":9},"","","",null,null,{"$f":"IF(ISNUMBER(K12),IF(OR(K12<_xlfn.QUARTILE.INC($K$10:$K$29,1)-1.5*(_xlfn.QUARTILE.INC($K$10:K30,3)-_xlfn.QUARTILE.INC($K$10:$K$29,1)),K12>_xlfn.QUARTILE.INC($K$10:$K$29,3)+1.5*(_xlfn.QUARTILE.INC($K$10:$K$29,3)-_xlfn.QUARTILE.INC($K$10:$K$29,1))),\"Não\",\"Sim\"),\"\")","v":""}]
[{"$nulls":9},"","","",null,null,{"$f":"IF(ISNUMBER(K13),IF(OR(K13<_xlfn.QUARTILE.INC($K$10:$K$29,1)-1.5*(_xlfn.QUARTILE.INC($K$10:K31,3)-_xlfn.QUARTILE.INC($K$10:$K$29,1)),K13>_xlfn.QUARTILE.INC($K$10:$K$29,3)+1.5*(_xlfn.QUARTILE.INC($K$10:$K$29,3)-_xlfn.QUARTILE.INC($K$10:$K$29,1))),\"Não\",\"Sim\"),\"\")","v":""}]
[{"$nulls":9},"","","",null,null,{"$f":"IF(ISNUMBER(K14),IF(OR(K14<_xlfn.QUARTILE.INC($K$10:$K$29,1)-1.5*(_xlfn.QUARTILE.INC($K$10:K32,3)-_xlfn.QUARTILE.INC($K$10:$K$29,1)),K14>_xlfn.QUARTILE.INC($K$10:$K$29,3)+1.5*(_xlfn.QUARTILE.INC($K$10:$K$29,3)-_xlfn.QUARTILE.INC($K$10:$K$29,1))),\"Não\",\"Sim\"),\"\")","v":""}]
[{"$nulls":9},"","","",null,null,{"$f":"IF(ISNUMBER(K15),IF(OR(K15<_xlfn.QUARTILE.INC($K$10:$K$29,1)-1.5*(_xlfn.QUARTILE.INC($K$10:K35,3)-_xlfn.QUARTILE.INC($K$10:$K$29,1)),K15>_xlfn.QUARTILE.INC($K$10:$K$29,3)+1.5*(_xlfn.QUARTILE.INC($K$10:$K$29,3)-_xlfn.QUARTILE.INC($K$10:$K$29,1))),\"Não\",\"Sim\"),\"\")","v":""}]
[{"$nulls":9},"","","",null,null,{"$f":"IF(ISNUMBER(K16),IF(OR(K16<_xlfn.QUARTILE.INC($K$10:$K$29,1)-1.5*(_xlfn.QUARTILE.INC($I$10:I37,3)-_xlfn.QUARTILE.INC($K$10:$K$29,1)),K16>_xlfn.QUARTILE.INC($K$10:$K$29,3)+1.5*(_xlfn.QUARTILE.INC($K$10:$K$29,3)-_xlfn.QUARTILE.INC($K$10:$K$29,1))),\"Não\",\"Sim\"),\"\")","v":""}]
[null,"COTAÇÕES DE MERCADO",{"$nulls":12},"Cotações"]
[null,"Empresa",{"$nulls":7},"Data","Preço Unitário","Utilizar? (Sim/Não)",null,null,"Outliers","Por critério do(a) analista"]
[null,"Ras Materiais Elétricos | CNPJ: 11.853.083/0001-88. Rua Emilio Allet, 245, Bairro Veneza - Xanxerê/SC - CEP 89820-000. https://www.rasmateriais.com.br/conector-generico-frontal-6mm-a-25mm?utm_source=google&utm_medium=Shopping&utm_campaign=conector-generico-frontal-6mm-a-25mm&inStock=&srsltid=AfmBOoqsBkuAuwMcy35uWl15sofa4223-GU1r4j8e1RrfZdVhRrINl-uABU\n",{"$nulls":7},"2025-11-10",{"$f":"(52.72+28.44)/10","v":8.1199999999999992},{"$f":"IF(ISNUMBER(K19),IF($L$32=$O$18,O19,IF($L$32=$P$18,P19,\"\")),\"\")","v":"Sim"},null,null,{"$f":"IF(ISNUMBER(K19),IF(OR(K19<_xlfn.QUARTILE.INC($K$10:$K$29,1)-1.5*(_xlfn.QUARTILE.INC($K$10:$K$29,3)-_xlfn.QUARTILE.INC($K$10:$K$29,1)),K19>_xlfn.QUARTILE.INC($K$10:$K$29,3)+1.5*(_xlfn.QUARTILE.INC($K$10:$K$29,3)-_xlfn.QUARTILE.INC($K$10:$K$29,1))),\"Não\",\"Sim\"),\"\")","v":"Sim"}]
[null,"Amazon - Fiocamp. : https://www.amazon.com.br/Conector-El%C3%A9trico-Terminal-Gen%C3%A9rico-Barramento/dp/B0FH7DXM5W/ref=sr_1_7?dib=eyJ2IjoiMSJ9.uy69U4A4zQTxaDSEeFWi1_aISCLIA3mdVfICTNzhrpuFIIH0vNdxUJL-2TMjvDvRMbb5gYCmeq7uUmS0LJhBOnWhvz1bwFEOXGE3THxQsm0eL-1DpXdO_6WJ8-8K4ZCvsZfvAXAfofnCra5DaNkzd3GgONb3TunE6PZmYIZdP5hNArFS4WDQMXmldiGe0CgR795Ve6dHljtw8a5tgYFrgUIKpMrjYBsToSrFsuHAneuNsb9iPcc0M7s4_Q1S4mA-WAUBZDahwiIALHRsUucIc38VqQADrUVCUFc8gOPZjhk.r2MzuUq4fO4Vy6PtICYMiC_9Cy-uVZJa4GJEmPe9WtA&dib_tag=se&keywords=terminais+e+conectores+el%C3%A9tricos&qid=1762864450&sr=8-7&ufe=app_do%3Aamzn1.fos.6d798eae-cadf-45de-946a-f477d47705b9",{"$nulls":7},"2025-11-10",{"$f":"63.99/10","v":6.4},"Sim",null,null,"Sim"]
[null,"Autack Componentes elétricos  - https://autack.com.br/produtos/conector-generico-saida-frontal-6-a-25mm/?variant=1152753015&pf=mc&srsltid=AfmBOoq7e1dec8M9HDUArSpSocW0gpbu6PMmErv09uvJIfeKIpkj5Ctj2oM",{"$nulls":7},"2025-11-10",{"$f":"(6.28+(17.27/2))","v":14.92},"Sim",null,null,"Sim"]
[null,"Mercado Livre - https://www.mercadolivre.com.br/kit-10-conector-terminal-generico-frontal-para--ate-50mm2/up/MLBU1744371889?matt_tool=18956390&utm_source=google_shopping&utm_medium=organic&pdp_filters=item_id:MLB4291617654",{"$nulls":7},"2025-11-10",{"$f":"125.31/10","v":12.53},"Sim",null,null,"Sim"]
[null,"ELÉTRICA BAHIANA COM IMP MAT ELET LTDA | CNPJ: 00.570.553/0001-80. Matriz: Rua Barão de Cotegipe, 269 A - Calçada - Salvador/BA - CEP: 40411-002. https://www.eletricabahiana.com.br/conector-generico-al-br-ligacao-em-disjuntor-63a---11156853-82196/p",{"$nulls":7},"2025-11-10",8.23,"Sim",null,null,"Sim"]
[{"$nulls":11},"",null,null,""]
[{"$nulls":11},"",null,null,""]
[{"$nulls":11},"",null,null,""]
[{"$nulls":11},"",null,null,""]
[{"$nulls":11},"",null,null,""]
[{"$nulls":11},"",null,null,""]
[null,"Observações:",{"$nulls":8},"Média:",{"$f":"IF($L$32=\"\",\"Selecione metodologia para exclusão de preços\",AVERAGE(IF($L$10:$L$29=\"Sim\",$K$10:$K$29)))","v":10.039999999999999},null,"Média (Cotações)",{"$f":"IF(COUNTIF(O19:O29,\"Sim\")<3,\"N/D (são necessários pelo menos 3 preços)\",AVERAGE(IF(O19:O29=\"Sim\",$K19:$K29)))","v":10.039999999999999},{"$f":"IF(COUNTIF(P19:P29,\"Sim\")<3,\"N/D (são necessários pelo menos 3 preços)\",AVERAGE(IF(P19:P29=\"Sim\",$K19:$K29)))","v":"N/D (são necessários pelo menos 3 preços)"}]
[{"$nulls":10},"Mediana:",{"$f":"IF($L$32=\"\",\"Selecione metodologia para exclusão de preços\",MEDIAN(IF($L$10:$L$29=\"Sim\",$K$10:$K$29)))","v":8.23},null,"Mediana (Cotações)",{"$f":"IF(COUNTIF(O19:O29,\"Sim\")<3,\"N/D (são necessários pelo menos 3 preços)\",MEDIAN(IF(O19:O29=\"Sim\",$K19:$K29)))","v":8.23},{"$f":"IF(COUNTIF(P19:P29,\"Sim\")<3,\"N/D (são necessários pelo menos 3 preços)\",MEDIAN(IF(P19:P29=\"Sim\",$K19:$K29)))","v":"N/D (são necessários pelo menos 3 preços)"}]
[null,"Metodologia de exclusão de preços adotada:",{"$nulls":9},{"$f":"IF(O35=\"\",INDEX(O18:P18,MATCH(MIN(#REF!),#REF!,0)),O35)","v":"Outliers"},null,"CV (Cotações)",{"$f":"IF(COUNTIF(O19:O29,\"Sim\")<3,\"N/D (são necessários pelo menos 3 preços)\",_xlfn.STDEV.S(IF(O19:O29=\"Sim\",$K19:$K29))/AVERAGE(IF(O19:O29=\"Sim\",$K19:$K29)))","v":0.35289999999999999},{"$f":"IF(COUNTIF(P19:P29,\"Sim\")<3,\"N/D (são necessários pelo menos 3 preços)\",_xlfn.STDEV.S(IF(P19:P29=\"Sim\",$K19:$K29))/AVERAGE(IF(P19:P29=\"Sim\",$K19:$K29)))","v":"N/D (são necessários pelo menos 3 preços)"}]
[{"$nulls":13},"Média",{"$f":"IF(SUM(COUNTIF($O$10:$O$16,\"Sim\")) + SUM(COUNTIF(O19:O29,\"Sim\")) < 3,\n   \"N/D (são necessários pelo menos 3 preços)\",\n   IFERROR(AVERAGE(_xlfn._xlws.FILTER($K$10:$K$16,$O$10:$O$16=\"Sim\"), _xlfn._xlws.FILTER($K$19:$K$29,O19:O29=\"Sim\")),O30))","v":10.039999999999999},{"$f":"IF(SUM(COUNTIF($P$10:$P$16,\"Sim\")) + SUM(COUNTIF(P19:P29,\"Sim\")) < 3,\n   \"N/D (são necessários pelo menos 3 preços)\",\n   IFERROR(AVERAGE(_xlfn._xlws.FILTER($K$10:$K$16,$P$10:$P$16=\"Sim\"), _xlfn._xlws.FILTER($K$19:$K$29,P19:P29=\"Sim\")),P30))","v":"N/D (são necessários pelo menos 3 preços)"}]
[{"$nulls":13},"Mediana",{"$f":"IF(SUM(COUNTIF($O$10:$O$16,\"Sim\")) + SUM(COUNTIF(O19:O29,\"Sim\")) < 3,\n   \"N/D (são necessários pelo menos 3 preços)\",\n   IFERROR(MEDIAN(_xlfn._xlws.FILTER($K$10:$K$16,$O$10:$O$16=\"Sim\"), _xlfn._xlws.FILTER($K$19:$K$29,O19:O29=\"Sim\")),O31))","v":8.23},{"$f":"IF(SUM(COUNTIF($P10:$P$16,\"Sim\")) + SUM(COUNTIF(P19:P29,\"Sim\")) < 3,\n   \"N/D (são necessários pelo menos 3 preços)\",\n   IFERROR(MEDIAN(_xlfn._xlws.FILTER($K$10:$K$16,$P$10:$P$16=\"Sim\"), _xlfn._xlws.FILTER($K$19:$K$29,P19:P29=\"Sim\")),P31))","v":"N/D (são necessários pelo menos 3 preços)"}]
[null,"COSOLIDAÇÃO DOS PREÇOS",{"$nulls":11},"Metodologia a adotar:",{"$f":"IF(INDEX(O18:P18,P35)=0,\"\",INDEX(O18:P18,P35))","v":"Outliers"},1]
[]
[null,"PREÇO UNITÁRIO ESTIMADO ADOTADO:",{"$nulls":9},{"$f":"IF($B$39=\"Mediana:\",L31,L30)","v":8.23}]
[]
[{"$f":"O18","v":"Outliers"},"Mediana:"]
[{"$f":"P18","v":"Por critério do(a) analista"}]

{"sheet":"COT20","index":28,"n_rows":40,"n_cols":16,"rows_kept":40,"cut":false,"hidden":true,"merged":[[31,1,33,10],[31,11,33,11],[34,1,35,10],[34,11,35,11],[36,1,36,10],[28,1,28,8],[17,1,17,8],[18,1,18,8],[19,1,19,8],[20,1,20,8],[21,1,21,8],[22,1,22,8],[23,1,23,8],[24,1,24,8],[25,1,25,8],[26,1,26,8],[27,1,27,8],[16,1,16,11],[16,14,16,15],[0,0,0,6],[6,2,6,7],[6,14,6,15],[7,1,7,11],[7,14,7,15]]}
[]
[null,"Processo","59500.003753/2025-45"]
[null,"Responsável","Kaio Gabriel, Alessandra Brant, Alberto Nascimento"]
[null,"Área de Origem","AI/GAP/UGI"]
[null,"Data da pesquisa"]
[]
[null,"ITEM:","Relé temporizador, alimentação 220V, 1 saída a relé, com função de pulso na energização, ajustável de 1 segundo a 100 horas, ajuste por trimpots no relé",{"$nulls":5},"UNIDADE DE MEDIDA:","Unidade","QUANTIDADE:",1,null,null,"Tabela auxiliar de metodologias para exclusão de preços"]
[null,"LICITAÇÕES ANTERIORES",{"$nulls":12},"Licitações Anteriores"]
[null,"Órgão","Edital/Ano - Nº do Lote / Item","Quantidade","Valor Unitário","Data","índice de atualização (nome)","I0","If","Variação acumulada do índice (%)","Preço unitário atualizado","Utilizar?  (Sim/Não)",null,null,"Outliers","Por critério do(a) analista"]
[{"$nulls":9},{"$f":"IF(ISBLANK(E10),\"\",IF(ISNUMBER(H10),(I10-H10)/H10,0))","v":""},{"$f":"IF(ISBLANK(E10),\"\",E10*(1+J10))","v":""},{"$f":"IF(ISNUMBER(K10),IF($L$32<>$P$9,O10,P10),\"\")","v":""},null,null,{"$f":"IF(ISNUMBER(K10),IF(OR(K10<_xlfn.QUARTILE.INC($K$10:$K$29,1)-1.5*(_xlfn.QUARTILE.INC($K$10:K29,3)-_xlfn.QUARTILE.INC($K$10:$K$29,1)),K10>_xlfn.QUARTILE.INC($K$10:$K$29,3)+1.5*(_xlfn.QUARTILE.INC($K$10:$K$29,3)-_xlfn.QUARTILE.INC($K$10:$K$29,1))),\"Não\",\"Sim\"),\"\")","v":""}]
[{"$nulls":9},{"$f":"IF(ISBLANK(E11),\"\",IF(ISNUMBER(H11),(I11-H11)/H11,0))","v":""},{"$f":"IF(ISBLANK(E11),\"\",E11*(1+J11))","v":""},"",null,null,{"$f":"IF(ISNUMBER(K11),IF(OR(K11<_xlfn.QUARTILE.INC($K$10:$K$29,1)-1.5*(_xlfn.QUARTILE.INC($K$10:K29,3)-_xlfn.QUARTILE.INC($K$10:$K$29,1)),K11>_xlfn.QUARTILE.INC($K$10:$K$29,3)+1.5*(_xlfn.QUARTILE.INC($K$10:$K$29,3)-_xlfn.QUARTILE.INC($K$10:$K$29,1))),\"Não\",\"Sim\"),\"\")","v":""}]
[{"$nulls":9},"","","",null,null,{"$f":"IF(ISNUMBER(K12),IF(OR(K12<_xlfn.QUARTILE.INC($K$10:$K$29,1)-1.5*(_xlfn.QUARTILE.INC($K$10:K30,3)-_xlfn.QUARTILE.INC($K$10:$K$29,1)),K12>_xlfn.QUARTILE.INC($K$10:$K$29,3)+1.5*(_xlfn.QUARTILE.INC($K$10:$K$29,3)-_xlfn.QUARTILE.INC($K$10:$K$29,1))),\"Não\",\"Sim\"),\"\")","v":""}]
[{"$nulls":9},"","","",null,null,{"$f":"IF(ISNUMBER(K13),IF(OR(K13<_xlfn.QUARTILE.INC($K$10:$K$29,1)-1.5*(_xlfn.QUARTILE.INC($K$10:K31,3)-_xlfn.QUARTILE.INC($K$10:$K$29,1)),K13>_xlfn.QUARTILE.INC($K$10:$K$29,3)+1.5*(_xlfn.QUARTILE.INC($K$10:$K$29,3)-_xlfn.QUARTILE.INC($K$10:$K$29,1))),\"Não\",\"Sim\"),\"\")","v":""}]
[{"$nulls":9},"","","",null,null,{"$f":"IF(ISNUMBER(K14),IF(OR(K14<_xlfn.QUARTILE.INC($K$10:$K$29,1)-1.5*(_xlfn.QUARTILE.INC($K$10:K32,3)-_xlfn.QUARTILE.INC($K$10:$K$29,1)),K14>_xlfn.QUARTILE.INC($K$10:$K$29,3)+1.5*(_xlfn.QUARTILE.INC($K$10:$K$29,3)-_xlfn.QUARTILE.INC($K$10:$K$29,1))),\"Não\",\"Sim\"),\"\")","v":""}]
[{"$nulls":9},"","","",null,null,{"$f":"IF(ISNUMBER(K15),IF(OR(K15<_xlfn.QUARTILE.INC($K$10:$K$29,1)-1.5*(_xlfn.QUARTILE.INC($K$10:K35,3)-_xlfn.QUARTILE.INC($K$10:$K$29,1)),K15>_xlfn.QUARTILE.INC($K$10:$K$29,3)+1.5*(_xlfn.QUARTILE.INC($K$10:$K$29,3)-_xlfn.QUARTILE.INC($K$10:$K$29,1))),\"Não\",\"Sim\"),\"\")","v":""}]
[{"$nulls":9},"","","",null,null,{"$f":"IF(ISNUMBER(K16),IF(OR(K16<_xlfn.QUARTILE.INC($K$10:$K$29,1)-1.5*(_xlfn.QUARTILE.INC($I$10:I37,3)-_xlfn.QUARTILE.INC($K$10:$K$29,1)),K16>_xlfn.QUARTILE.INC($K$10:$K$29,3)+1.5*(_xlfn.QUARTILE.INC($K$10:$K$29,3)-_xlfn.QUARTILE.INC($K$10:$K$29,1))),\"Não\",\"Sim\"),\"\")","v":""}]
[null,"COTAÇÕES DE MERCADO",{"$nulls":12},"Cotações"]
[null,"Empresa",{"$nulls":7},"Data","Preço Unitário","Utilizar? (Sim/Não)",null,null,"Outliers","Por critério do(a) analista"]
[null,"Coopera Soluções Elétricas - Av. 25 de Julho, 2736, Centro - Forquilhinha/SC - CEP: 88850-000 CNPJ: 27.191.748/0001-75. https://www.cooperasolucoes.com.br/partida-de-motores/reles/rele-tempo-multifuncao-2-reversivel-24vcc-110220vca-dtm-digimec?parceiro=1&srsltid=AfmBOood2P0kuth9fJRYxSb1vStUlj4qRDiZBzlGnhqH-7iSf1YQZl7Gat0",{"$nulls":7},"2025-11-10",{"$f":"226.21+76.22","v":302.43},{"$f":"IF(ISNUMBER(K19),IF($L$32=$O$18,O19,IF($L$32=$P$18,P19,\"\")),\"\")","v":"Não"},null,null,{"$f":"IF(ISNUMBER(K19),IF(OR(K19<_xlfn.QUARTILE.INC($K$10:$K$29,1)-1.5*(_xlfn.QUARTILE.INC($K$10:$K$29,3)-_xlfn.QUARTILE.INC($K$10:$K$29,1)),K19>_xlfn.QUARTILE.INC($K$10:$K$29,3)+1.5*(_xlfn.QUARTILE.INC($K$10:$K$29,3)-_xlfn.QUARTILE.INC($K$10:$K$29,1))),\"Não\",\"Sim\"),\"\")","v":"Não"}]
[null,"Dimensional Brasil Soluções Ltda. - CNPJ: 06.913.480/0026-16 - Estrada Municipal Vereador Klaus Lennertz, 3300 - Módulo 6 a 8 - Bairro Palmital, CEP: 89.248-000, Garuva/SC. https://www.dimensional.com.br/rele-tempo-retardado-energia-0-1s-100h-2rev-7pu07113bw00-siemens/p?idsku=511950&srsltid=AfmBOoqZeKaa4bbHi3U1tLKP-2ZloUJtAgCzKJdGhy7e1Ng74bD1_yv5sK8",{"$nulls":7},"2025-11-10",{"$f":"140.39+53.04","v":193.43},"Sim",null,null,"Sim"]
[null,"Mercado Livre - PJNEBLINA https://www.mercadolivre.com.br/rele-temporizador-eletronico-01s100h-7pu07113aw00-siemens/up/MLBU2840291191",{"$nulls":7},"2025-11-10",203.91,"Sim",null,null,"Sim"]
[null,"Antonio L Ferreira S/A Comercial e Importadora Todos os direitos reservados. CNPJ: 60.452.034/0001-49. https://www.casaferreira.com.br/temporizador-clip-cle-2r-retardopulso-0-1s-a-100h-24-242vcavcc?parceiro=3325&gad_source=1&gad_campaignid=23077661735&gbraid=0AAAAADoZl_V-9cCNsvQblco6xAVZBk6FW&gclid=CjwKCAjwx-zHBhBhEiwA7Kjq62xGu5JgjPuqEnZosAVtXvasUn4xvgc1MWq5sd7BXLdodsIadGJeShoC8boQAvD_BwE",{"$nulls":7},"2025-11-10",{"$f":"173.34+19.25","v":192.59},"Sim",null,null,"Sim"]
[null,"letriza Materiais Elétricos - Razão social: Eletriza Materiais Elétricos. CNPJ: 02.607.022/0001-40. Endereço: R. Atílio Pioto, 150 - Uberaba, Curitiba - PR, 81590-060, Brasil. https://eletriza.com.br/produtos/temporizador-eletronico-01seg-a-100h-90-242vca-cle-econ/?variant=1231916597&pf=mc&srsltid=AfmBOorZPs9QqI-JMcdrimDj4DDTkeCsROrW1HdqEnfPl6t8fiNUR1a1n04",{"$nulls":7},"2025-11-10",{"$f":"135.79+42.81","v":178.6},"Sim",null,null,"Sim"]
[{"$nulls":11},"",null,null,""]
[{"$nulls":11},"",null,null,""]
[{"$nulls":11},"",null,null,""]
[{"$nulls":11},"",null,null,""]
[{"$nulls":11},"",null,null,""]
[{"$nulls":11},"",null,null,""]
[null,"Observações:",{"$nulls":8},"Média:",{"$f":"IF($L$32=\"\",\"Selecione metodologia para exclusão de preços\",AVERAGE(IF($L$10:$L$29=\"Sim\",$K$10:$K$29)))","v":192.13},null,"Média (Cotações)",{"$f":"IF(COUNTIF(O19:O29,\"Sim\")<3,\"N/D (são necessários pelo menos 3 preços)\",AVERAGE(IF(O19:O29=\"Sim\",$K19:$K29)))","v":192.13},{"$f":"IF(COUNTIF(P19:P29,\"Sim\")<3,\"N/D (são necessários pelo menos 3 preços)\",AVERAGE(IF(P19:P29=\"Sim\",$K19:$K29)))","v":"N/D (são necessários pelo menos 3 preços)"}]
[{"$nulls":10},"Mediana:",{"$f":"IF($L$32=\"\",\"Selecione metodologia para exclusão de preços\",MEDIAN(IF($L$10:$L$29=\"Sim\",$K$10:$K$29)))","v":193.01},null,"Mediana (Cotações)",{"$f":"IF(COUNTIF(O19:O29,\"Sim\")<3,\"N/D (são necessários pelo menos 3 preços)\",MEDIAN(IF(O19:O29=\"Sim\",$K19:$K29)))","v":193.01},{"$f":"IF(COUNTIF(P19:P29,\"Sim\")<3,\"N/D (são necessários pelo menos 3 preços)\",MEDIAN(IF(P19:P29=\"Sim\",$K19:$K29)))","v":"N/D (são necessários pelo menos 3 preços)"}]
[null,"Metodologia de exclusão de preços adotada:",{"$nulls":9},{"$f":"IF(O35=\"\",INDEX(O18:P18,MATCH(MIN(#REF!),#REF!,0)),O35)","v":"Outliers"},null,"CV (Cotações)",{"$f":"IF(COUNTIF(O19:O29,\"Sim\")<3,\"N/D (são necessários pelo menos 3 preços)\",_xlfn.STDEV.S(IF(O19:O29=\"Sim\",$K19:$K29))/AVERAGE(IF(O19:O29=\"Sim\",$K19:$K29)))","v":5.4100000000000002E-2},{"$f":"IF(COUNTIF(P19:P29,\"Sim\")<3,\"N/D (são necessários pelo menos 3 preços)\",_xlfn.STDEV.S(IF(P19:P29=\"Sim\",$K19:$K29))/AVERAGE(IF(P19:P29=\"Sim\",$K19:$K29)))","v":"N/D (são necessários pelo menos 3 preços)"}]
[{"$nulls":13},"Média",{"$f":"IF(SUM(COUNTIF($O$10:$O$16,\"Sim\")) + SUM(COUNTIF(O19:O29,\"Sim\")) < 3,\n   \"N/D (são necessários pelo menos 3 preços)\",\n   IFERROR(AVERAGE(_xlfn._xlws.FILTER($K$10:$K$16,$O$10:$O$16=\"Sim\"), _xlfn._xlws.FILTER($K$19:$K$29,O19:O29=\"Sim\")),O30))","v":192.13},{"$f":"IF(SUM(COUNTIF($P$10:$P$16,\"Sim\")) + SUM(COUNTIF(P19:P29,\"Sim\")) < 3,\n   \"N/D (são necessários pelo menos 3 preços)\",\n   IFERROR(AVERAGE(_xlfn._xlws.FILTER($K$10:$K$16,$P$10:$P$16=\"Sim\"), _xlfn._xlws.FILTER($K$19:$K$29,P19:P29=\"Sim\")),P30))","v":"N/D (são necessários pelo menos 3 preços)"}]
[{"$nulls":13},"Mediana",{"$f":"IF(SUM(COUNTIF($O$10:$O$16,\"Sim\")) + SUM(COUNTIF(O19:O29,\"Sim\")) < 3,\n   \"N/D (são necessários pelo menos 3 preços)\",\n   IFERROR(MEDIAN(_xlfn._xlws.FILTER($K$10:$K$16,$O$10:$O$16=\"Sim\"), _xlfn._xlws.FILTER($K$19:$K$29,O19:O29=\"Sim\")),O31))","v":193.01},{"$f":"IF(SUM(COUNTIF($P10:$P$16,\"Sim\")) + SUM(COUNTIF(P19:P29,\"Sim\")) < 3,\n   \"N/D (são necessários pelo menos 3 preços)\",\n   IFERROR(MEDIAN(_xlfn._xlws.FILTER($K$10:$K$16,$P$10:$P$16=\"Sim\"), _xlfn._xlws.FILTER($K$19:$K$29,P19:P29=\"Sim\")),P31))","v":"N/D (são necessários pelo menos 3 preços)"}]
[null,"COSOLIDAÇÃO DOS PREÇOS",{"$nulls":11},"Metodologia a adotar:",{"$f":"IF(INDEX(O18:P18,P35)=0,\"\",INDEX(O18:P18,P35))","v":"Outliers"},1]
[]
[null,"PREÇO UNITÁRIO ESTIMADO ADOTADO:",{"$nulls":9},{"$f":"IF($B$39=\"Mediana:\",L31,L30)","v":192.13}]
[]
[{"$f":"O18","v":"Outliers"},"Média:"]
[{"$f":"P18","v":"Por critério do(a) analista"}]

{"sheet":"COT21","index":29,"n_rows":40,"n_cols":16,"rows_kept":40,"cut":false,"hidden":true,"merged":[[31,1,33,10],[31,11,33,11],[34,1,35,10],[34,11,35,11],[36,1,36,10],[28,1,28,8],[17,1,17,8],[18,1,18,8],[19,1,19,8],[20,1,20,8],[21,1,21,8],[22,1,22,8],[23,1,23,8],[24,1,24,8],[25,1,25,8],[26,1,26,8],[27,1,27,8],[16,1,16,11],[16,14,16,15],[0,0,0,6],[6,2,6,7],[6,14,6,15],[7,1,7,11],[7,14,7,15]]}
[]
[null,"Processo","59500.003753/2025-45"]
[null,"Responsável","Kaio Gabriel, Alessandra Brant, Alberto Nascimento"]
[null,"Área de Origem","AI/GAP/UGI"]
[null,"Data da pesquisa"]
[]
[null,"ITEM:","Barramento de neutro, na cor azul, para fixação em trilho DIN, fabricado em cobre, com furos e parafusos para fixação, ao menos um furo para o alimentador (até 25 mm²), pré isolado, 10 furos.",{"$nulls":5},"UNIDADE DE MEDIDA:","Unidade","QUANTIDADE:",1,null,null,"Tabela auxiliar de metodologias para exclusão de preços"]
[null,"LICITAÇÕES ANTERIORES",{"$nulls":12},"Licitações Anteriores"]
[null,"Órgão","Edital/Ano - Nº do Lote / Item","Quantidade","Valor Unitário","Data","índice de atualização (nome)","I0","If","Variação acumulada do índice (%)","Preço unitário atualizado","Utilizar?  (Sim/Não)",null,null,"Outliers","Por critério do(a) analista"]
[{"$nulls":9},{"$f":"IF(ISBLANK(E10),\"\",IF(ISNUMBER(H10),(I10-H10)/H10,0))","v":""},{"$f":"IF(ISBLANK(E10),\"\",E10*(1+J10))","v":""},{"$f":"IF(ISNUMBER(K10),IF($L$32<>$P$9,O10,P10),\"\")","v":""},null,null,{"$f":"IF(ISNUMBER(K10),IF(OR(K10<_xlfn.QUARTILE.INC($K$10:$K$29,1)-1.5*(_xlfn.QUARTILE.INC($K$10:K29,3)-_xlfn.QUARTILE.INC($K$10:$K$29,1)),K10>_xlfn.QUARTILE.INC($K$10:$K$29,3)+1.5*(_xlfn.QUARTILE.INC($K$10:$K$29,3)-_xlfn.QUARTILE.INC($K$10:$K$29,1))),\"Não\",\"Sim\"),\"\")","v":""}]
[{"$nulls":9},{"$f":"IF(ISBLANK(E11),\"\",IF(ISNUMBER(H11),(I11-H11)/H11,0))","v":""},{"$f":"IF(ISBLANK(E11),\"\",E11*(1+J11))","v":""},"",null,null,{"$f":"IF(ISNUMBER(K11),IF(OR(K11<_xlfn.QUARTILE.INC($K$10:$K$29,1)-1.5*(_xlfn.QUARTILE.INC($K$10:K29,3)-_xlfn.QUARTILE.INC($K$10:$K$29,1)),K11>_xlfn.QUARTILE.INC($K$10:$K$29,3)+1.5*(_xlfn.QUARTILE.INC($K$10:$K$29,3)-_xlfn.QUARTILE.INC($K$10:$K$29,1))),\"Não\",\"Sim\"),\"\")","v":""}]
[{"$nulls":9},"","","",null,null,{"$f":"IF(ISNUMBER(K12),IF(OR(K12<_xlfn.QUARTILE.INC($K$10:$K$29,1)-1.5*(_xlfn.QUARTILE.INC($K$10:K30,3)-_xlfn.QUARTILE.INC($K$10:$K$29,1)),K12>_xlfn.QUARTILE.INC($K$10:$K$29,3)+1.5*(_xlfn.QUARTILE.INC($K$10:$K$29,3)-_xlfn.QUARTILE.INC($K$10:$K$29,1))),\"Não\",\"Sim\"),\"\")","v":""}]
[{"$nulls":9},"","","",null,null,{"$f":"IF(ISNUMBER(K13),IF(OR(K13<_xlfn.QUARTILE.INC($K$10:$K$29,1)-1.5*(_xlfn.QUARTILE.INC($K$10:K31,3)-_xlfn.QUARTILE.INC($K$10:$K$29,1)),K13>_xlfn.QUARTILE.INC($K$10:$K$29,3)+1.5*(_xlfn.QUARTILE.INC($K$10:$K$29,3)-_xlfn.QUARTILE.INC($K$10:$K$29,1))),\"Não\",\"Sim\"),\"\")","v":""}]
[{"$nulls":9},"","","",null,null,{"$f":"IF(ISNUMBER(K14),IF(OR(K14<_xlfn.QUARTILE.INC($K$10:$K$29,1)-1.5*(_xlfn.QUARTILE.INC($K$10:K32,3)-_xlfn.QUARTILE.INC($K$10:$K$29,1)),K14>_xlfn.QUARTILE.INC($K$10:$K$29,3)+1.5*(_xlfn.QUARTILE.INC($K$10:$K$29,3)-_xlfn.QUARTILE.INC($K$10:$K$29,1))),\"Não\",\"Sim\"),\"\")","v":""}]
[{"$nulls":9},"","","",null,null,{"$f":"IF(ISNUMBER(K15),IF(OR(K15<_xlfn.QUARTILE.INC($K$10:$K$29,1)-1.5*(_xlfn.QUARTILE.INC($K$10:K35,3)-_xlfn.QUARTILE.INC($K$10:$K$29,1)),K15>_xlfn.QUARTILE.INC($K$10:$K$29,3)+1.5*(_xlfn.QUARTILE.INC($K$10:$K$29,3)-_xlfn.QUARTILE.INC($K$10:$K$29,1))),\"Não\",\"Sim\"),\"\")","v":""}]
[{"$nulls":9},"","","",null,null,{"$f":"IF(ISNUMBER(K16),IF(OR(K16<_xlfn.QUARTILE.INC($K$10:$K$29,1)-1.5*(_xlfn.QUARTILE.INC($I$10:I37,3)-_xlfn.QUARTILE.INC($K$10:$K$29,1)),K16>_xlfn.QUARTILE.INC($K$10:$K$29,3)+1.5*(_xlfn.QUARTILE.INC($K$10:$K$29,3)-_xlfn.QUARTILE.INC($K$10:$K$29,1))),\"Não\",\"Sim\"),\"\")","v":""}]
[null,"COTAÇÕES DE MERCADO",{"$nulls":12},"Cotações"]
[null,"Empresa",{"$nulls":7},"Data","Preço Unitário","Utilizar? (Sim/Não)",null,null,"Outliers","Por critério do(a) analista"]
[null,"TRAMONTINA STORE COMERCIO VAREJISTA LTDA. Avenida Mariland, 777 - 12º andar, São João, Porto Alegre/RS, CEP 90440-191. CNPJ: 07.635.498/0008-84. https://www.tramontina.com.br/barramento-neutro-din-10-ligacoes-tramontina-com-suporte-azul/56300121.html",{"$nulls":7},"2025-10-24",{"$f":"29.69+17.58","v":47.27},{"$f":"IF(ISNUMBER(K19),IF($L$32=$O$18,O19,IF($L$32=$P$18,P19,\"\")),\"\")","v":"Sim"},null,null,{"$f":"IF(ISNUMBER(K19),IF(OR(K19<_xlfn.QUARTILE.INC($K$10:$K$29,1)-1.5*(_xlfn.QUARTILE.INC($K$10:$K$29,3)-_xlfn.QUARTILE.INC($K$10:$K$29,1)),K19>_xlfn.QUARTILE.INC($K$10:$K$29,3)+1.5*(_xlfn.QUARTILE.INC($K$10:$K$29,3)-_xlfn.QUARTILE.INC($K$10:$K$29,1))),\"Não\",\"Sim\"),\"\")","v":"Sim"}]
[null,"BahiaTech Materiais Elétricos, CNPJ: 12.341.222/0001-57.  Lauro de Freitas (BA).",{"$nulls":7},"2025-10-24",{"$f":"24.75+14.32","v":39.07},"Sim",null,null,"Sim"]
[null,"AC Coelho Ltda - CNPJ nº 99.999/0001-33 - SIA Trecho 3 Lote, Brasília - DF, CEP: 70.760-516. https://www.accoelho.com.br/barramento-neutro-din-10-ligacoes-tramontina-com-suporte-azul/p",{"$nulls":7},"2025-10-24",{"$f":"21.9+26.17","v":48.07},"Sim",null,null,"Sim"]
[{"$nulls":11},"",null,null,""]
[{"$nulls":11},"",null,null,""]
[{"$nulls":11},"",null,null,""]
[{"$nulls":11},"",null,null,""]
[{"$nulls":11},"",null,null,""]
[{"$nulls":11},"",null,null,""]
[{"$nulls":11},"",null,null,""]
[{"$nulls":11},"",null,null,""]
[null,"Observações:",{"$nulls":8},"Média:",{"$f":"IF($L$32=\"\",\"Selecione metodologia para exclusão de preços\",AVERAGE(IF($L$10:$L$29=\"Sim\",$K$10:$K$29)))","v":44.8},null,"Média (Cotações)",{"$f":"IF(COUNTIF(O19:O29,\"Sim\")<3,\"N/D (são necessários pelo menos 3 preços)\",AVERAGE(IF(O19:O29=\"Sim\",$K19:$K29)))","v":44.8},{"$f":"IF(COUNTIF(P19:P29,\"Sim\")<3,\"N/D (são necessários pelo menos 3 preços)\",AVERAGE(IF(P19:P29=\"Sim\",$K19:$K29)))","v":"N/D (são necessários pelo menos 3 preços)"}]
[{"$nulls":10},"Mediana:",{"$f":"IF($L$32=\"\",\"Selecione metodologia para exclusão de preços\",MEDIAN(IF($L$10:$L$29=\"Sim\",$K$10:$K$29)))","v":47.27},null,"Mediana (Cotações)",{"$f":"IF(COUNTIF(O19:O29,\"Sim\")<3,\"N/D (são necessários pelo menos 3 preços)\",MEDIAN(IF(O19:O29=\"Sim\",$K19:$K29)))","v":47.27},{"$f":"IF(COUNTIF(P19:P29,\"Sim\")<3,\"N/D (são necessários pelo menos 3 preços)\",MEDIAN(IF(P19:P29=\"Sim\",$K19:$K29)))","v":"N/D (são necessários pelo menos 3 preços)"}]
[null,"Metodologia de exclusão de preços adotada:",{"$nulls":9},{"$f":"IF(O35=\"\",INDEX(O18:P18,MATCH(MIN(#REF!),#REF!,0)),O35)","v":"Outliers"},null,"CV (Cotações)",{"$f":"IF(COUNTIF(O19:O29,\"Sim\")<3,\"N/D (são necessários pelo menos 3 preços)\",_xlfn.STDEV.S(IF(O19:O29=\"Sim\",$K19:$K29))/AVERAGE(IF(O19:O29=\"Sim\",$K19:$K29)))","v":0.11119999999999999},{"$f":"IF(COUNTIF(P19:P29,\"Sim\")<3,\"N/D (são necessários pelo menos 3 preços)\",_xlfn.STDEV.S(IF(P19:P29=\"Sim\",$K19:$K29))/AVERAGE(IF(P19:P29=\"Sim\",$K19:$K29)))","v":"N/D (são necessários pelo menos 3 preços)"}]
[{"$nulls":13},"Média",{"$f":"IF(SUM(COUNTIF($O$10:$O$16,\"Sim\")) + SUM(COUNTIF(O19:O29,\"Sim\")) < 3,\n   \"N/D (são necessários pelo menos 3 preços)\",\n   IFERROR(AVERAGE(_xlfn._xlws.FILTER($K$10:$K$16,$O$10:$O$16=\"Sim\"), _xlfn._xlws.FILTER($K$19:$K$29,O19:O29=\"Sim\")),O30))","v":44.8},{"$f":"IF(SUM(COUNTIF($P$10:$P$16,\"Sim\")) + SUM(COUNTIF(P19:P29,\"Sim\")) < 3,\n   \"N/D (são necessários pelo menos 3 preços)\",\n   IFERROR(AVERAGE(_xlfn._xlws.FILTER($K$10:$K$16,$P$10:$P$16=\"Sim\"), _xlfn._xlws.FILTER($K$19:$K$29,P19:P29=\"Sim\")),P30))","v":"N/D (são necessários pelo menos 3 preços)"}]
[{"$nulls":13},"Mediana",{"$f":"IF(SUM(COUNTIF($O$10:$O$16,\"Sim\")) + SUM(COUNTIF(O19:O29,\"Sim\")) < 3,\n   \"N/D (são necessários pelo menos 3 preços)\",\n   IFERROR(MEDIAN(_xlfn._xlws.FILTER($K$10:$K$16,$O$10:$O$16=\"Sim\"), _xlfn._xlws.FILTER($K$19:$K$29,O19:O29=\"Sim\")),O31))","v":47.27},{"$f":"IF(SUM(COUNTIF($P10:$P$16,\"Sim\")) + SUM(COUNTIF(P19:P29,\"Sim\")) < 3,\n   \"N/D (são necessários pelo menos 3 preços)\",\n   IFERROR(MEDIAN(_xlfn._xlws.FILTER($K$10:$K$16,$P$10:$P$16=\"Sim\"), _xlfn._xlws.FILTER($K$19:$K$29,P19:P29=\"Sim\")),P31))","v":"N/D (são necessários pelo menos 3 preços)"}]
[null,"COSOLIDAÇÃO DOS PREÇOS",{"$nulls":11},"Metodologia a adotar:",{"$f":"IF(INDEX(O18:P18,P35)=0,\"\",INDEX(O18:P18,P35))","v":"Outliers"},1]
[]
[null,"PREÇO UNITÁRIO ESTIMADO ADOTADO:",{"$nulls":9},{"$f":"IF($B$39=\"Mediana:\",L31,L30)","v":44.8}]
[]
[{"$f":"O18","v":"Outliers"},"Média:"]
[{"$f":"P18","v":"Por critério do(a) analista"}]

{"sheet":"COT22","index":30,"n_rows":40,"n_cols":16,"rows_kept":40,"cut":false,"hidden":true,"merged":[[31,1,33,10],[31,11,33,11],[34,1,35,10],[34,11,35,11],[36,1,36,10],[28,1,28,8],[17,1,17,8],[18,1,18,8],[19,1,19,8],[20,1,20,8],[21,1,21,8],[22,1,22,8],[23,1,23,8],[24,1,24,8],[25,1,25,8],[26,1,26,8],[27,1,27,8],[16,1,16,11],[16,14,16,15],[0,0,0,6],[6,2,6,7],[6,14,6,15],[7,1,7,11],[7,14,7,15]]}
[]
[null,"Processo","59500.003753/2025-45"]
[null,"Responsável","Kaio Gabriel, Alessandra Brant, Alberto Nascimento"]
[null,"Área de Origem","AI/GAP/UGI"]
[null,"Data da pesquisa"]
[]
[null,"ITEM:","Barramento de terra, na cor verde, para fixação em trilho DIN, fabricado em cobre, com furos e parafusos para fixação, ao menos um furo para o alimentador (até 25 mm²), pré isolado, 10 furos.",{"$nulls":5},"UNIDADE DE MEDIDA:","Unidade","QUANTIDADE:",1,null,null,"Tabela auxiliar de metodologias para exclusão de preços"]
[null,"LICITAÇÕES ANTERIORES",{"$nulls":12},"Licitações Anteriores"]
[null,"Órgão","Edital/Ano - Nº do Lote / Item","Quantidade","Valor Unitário","Data","índice de atualização (nome)","I0","If","Variação acumulada do índice (%)","Preço unitário atualizado","Utilizar?  (Sim/Não)",null,null,"Outliers","Por critério do(a) analista"]
[{"$nulls":9},{"$f":"IF(ISBLANK(E10),\"\",IF(ISNUMBER(H10),(I10-H10)/H10,0))","v":""},{"$f":"IF(ISBLANK(E10),\"\",E10*(1+J10))","v":""},{"$f":"IF(ISNUMBER(K10),IF($L$32<>$P$9,O10,P10),\"\")","v":""},null,null,{"$f":"IF(ISNUMBER(K10),IF(OR(K10<_xlfn.QUARTILE.INC($K$10:$K$29,1)-1.5*(_xlfn.QUARTILE.INC($K$10:K29,3)-_xlfn.QUARTILE.INC($K$10:$K$29,1)),K10>_xlfn.QUARTILE.INC($K$10:$K$29,3)+1.5*(_xlfn.QUARTILE.INC($K$10:$K$29,3)-_xlfn.QUARTILE.INC($K$10:$K$29,1))),\"Não\",\"Sim\"),\"\")","v":""}]
[{"$nulls":9},{"$f":"IF(ISBLANK(E11),\"\",IF(ISNUMBER(H11),(I11-H11)/H11,0))","v":""},{"$f":"IF(ISBLANK(E11),\"\",E11*(1+J11))","v":""},"",null,null,{"$f":"IF(ISNUMBER(K11),IF(OR(K11<_xlfn.QUARTILE.INC($K$10:$K$29,1)-1.5*(_xlfn.QUARTILE.INC($K$10:K29,3)-_xlfn.QUARTILE.INC($K$10:$K$29,1)),K11>_xlfn.QUARTILE.INC($K$10:$K$29,3)+1.5*(_xlfn.QUARTILE.INC($K$10:$K$29,3)-_xlfn.QUARTILE.INC($K$10:$K$29,1))),\"Não\",\"Sim\"),\"\")","v":""}]
[{"$nulls":9},"","","",null,null,{"$f":"IF(ISNUMBER(K12),IF(OR(K12<_xlfn.QUARTILE.INC($K$10:$K$29,1)-1.5*(_xlfn.QUARTILE.INC($K$10:K30,3)-_xlfn.QUARTILE.INC($K$10:$K$29,1)),K12>_xlfn.QUARTILE.INC($K$10:$K$29,3)+1.5*(_xlfn.QUARTILE.INC($K$10:$K$29,3)-_xlfn.QUARTILE.INC($K$10:$K$29,1))),\"Não\",\"Sim\"),\"\")","v":""}]
[{"$nulls":9},"","","",null,null,{"$f":"IF(ISNUMBER(K13),IF(OR(K13<_xlfn.QUARTILE.INC($K$10:$K$29,1)-1.5*(_xlfn.QUARTILE.INC($K$10:K31,3)-_xlfn.QUARTILE.INC($K$10:$K$29,1)),K13>_xlfn.QUARTILE.INC($K$10:$K$29,3)+1.5*(_xlfn.QUARTILE.INC($K$10:$K$29,3)-_xlfn.QUARTILE.INC($K$10:$K$29,1))),\"Não\",\"Sim\"),\"\")","v":""}]
[{"$nulls":9},"","","",null,null,{"$f":"IF(ISNUMBER(K14),IF(OR(K14<_xlfn.QUARTILE.INC($K$10:$K$29,1)-1.5*(_xlfn.QUARTILE.INC($K$10:K32,3)-_xlfn.QUARTILE.INC($K$10:$K$29,1)),K14>_xlfn.QUARTILE.INC($K$10:$K$29,3)+1.5*(_xlfn.QUARTILE.INC($K$10:$K$29,3)-_xlfn.QUARTILE.INC($K$10:$K$29,1))),\"Não\",\"Sim\"),\"\")","v":""}]
[{"$nulls":9},"","","",null,null,{"$f":"IF(ISNUMBER(K15),IF(OR(K15<_xlfn.QUARTILE.INC($K$10:$K$29,1)-1.5*(_xlfn.QUARTILE.INC($K$10:K35,3)-_xlfn.QUARTILE.INC($K$10:$K$29,1)),K15>_xlfn.QUARTILE.INC($K$10:$K$29,3)+1.5*(_xlfn.QUARTILE.INC($K$10:$K$29,3)-_xlfn.QUARTILE.INC($K$10:$K$29,1))),\"Não\",\"Sim\"),\"\")","v":""}]
[{"$nulls":9},"","","",null,null,{"$f":"IF(ISNUMBER(K16),IF(OR(K16<_xlfn.QUARTILE.INC($K$10:$K$29,1)-1.5*(_xlfn.QUARTILE.INC($I$10:I37,3)-_xlfn.QUARTILE.INC($K$10:$K$29,1)),K16>_xlfn.QUARTILE.INC($K$10:$K$29,3)+1.5*(_xlfn.QUARTILE.INC($K$10:$K$29,3)-_xlfn.QUARTILE.INC($K$10:$K$29,1))),\"Não\",\"Sim\"),\"\")","v":""}]
[null,"COTAÇÕES DE MERCADO",{"$nulls":12},"Cotações"]
[null,"Empresa",{"$nulls":7},"Data","Preço Unitário","Utilizar? (Sim/Não)",null,null,"Outliers","Por critério do(a) analista"]
[null,"TRAMONTINA STORE COMERCIO VAREJISTA LTDA. Avenida Mariland, 777 - 12º andar, São João, Porto Alegre/RS, CEP 90440-191. CNPJ: 07.635.498/0008-84. https://www.tramontina.com.br/barramento-terra-din-10-ligacoes-tramontina-com-suporte-verde/56300120.html?srsltid=AfmBOopgmUpbTQBoyHx1d7haYigS5U0GskWFGp9oG72aBFyGo-wau1MY",{"$nulls":7},"2025-10-24",{"$f":"29.69+17.58","v":47.27},{"$f":"IF(ISNUMBER(K19),IF($L$32=$O$18,O19,IF($L$32=$P$18,P19,\"\")),\"\")","v":"Sim"},null,null,{"$f":"IF(ISNUMBER(K19),IF(OR(K19<_xlfn.QUARTILE.INC($K$10:$K$29,1)-1.5*(_xlfn.QUARTILE.INC($K$10:$K$29,3)-_xlfn.QUARTILE.INC($K$10:$K$29,1)),K19>_xlfn.QUARTILE.INC($K$10:$K$29,3)+1.5*(_xlfn.QUARTILE.INC($K$10:$K$29,3)-_xlfn.QUARTILE.INC($K$10:$K$29,1))),\"Não\",\"Sim\"),\"\")","v":"Sim"}]
[null,"BahiaTech Materiais Elétricos, CNPJ: 12.341.222/0001-57.  Lauro de Freitas (BA). https://www.bahiatechbrasil.com.br/barramento-terra-11-terminais-verde-steck-14623.",{"$nulls":7},"2025-10-24",{"$f":"24.75+14.32","v":39.07},"Sim",null,null,"Sim"]
[null,"AC Coelho Ltda - CNPJ nº 99.999/0001-33 - SIA Trecho 3 Lote, Brasília - DF, CEP: 70.760-516. https://www.accoelho.com.br/barramento-terra-din-10-ligacoes-tramontina-com-suporte-verde/p?idsku=2115&gad_source=1&gad_campaignid=23140544044&gbraid=0AAAAABbHGdoWIvAkFaaz01POVKqJSDKTw&gclid=CjwKCAjwx-zHBhBhEiwA7Kjq64IK8tbqPKDdj6UPpCMbz7-zD8RsSbq9aS-SMc-t6pxvfTNoWHiMURoCU0sQAvD_BwE#description",{"$nulls":7},"2025-10-24",{"$f":"21.9+22","v":43.9},"Sim",null,null,"Sim"]
[{"$nulls":11},"",null,null,""]
[{"$nulls":11},"",null,null,""]
[{"$nulls":11},"",null,null,""]
[{"$nulls":11},"",null,null,""]
[{"$nulls":11},"",null,null,""]
[{"$nulls":11},"",null,null,""]
[{"$nulls":11},"",null,null,""]
[{"$nulls":11},"",null,null,""]
[null,"Observações:",{"$nulls":8},"Média:",{"$f":"IF($L$32=\"\",\"Selecione metodologia para exclusão de preços\",AVERAGE(IF($L$10:$L$29=\"Sim\",$K$10:$K$29)))","v":43.41},null,"Média (Cotações)",{"$f":"IF(COUNTIF(O19:O29,\"Sim\")<3,\"N/D (são necessários pelo menos 3 preços)\",AVERAGE(IF(O19:O29=\"Sim\",$K19:$K29)))","v":43.41},{"$f":"IF(COUNTIF(P19:P29,\"Sim\")<3,\"N/D (são necessários pelo menos 3 preços)\",AVERAGE(IF(P19:P29=\"Sim\",$K19:$K29)))","v":"N/D (são necessários pelo menos 3 preços)"}]
[{"$nulls":10},"Mediana:",{"$f":"IF($L$32=\"\",\"Selecione metodologia para exclusão de preços\",MEDIAN(IF($L$10:$L$29=\"Sim\",$K$10:$K$29)))","v":43.9},null,"Mediana (Cotações)",{"$f":"IF(COUNTIF(O19:O29,\"Sim\")<3,\"N/D (são necessários pelo menos 3 preços)\",MEDIAN(IF(O19:O29=\"Sim\",$K19:$K29)))","v":43.9},{"$f":"IF(COUNTIF(P19:P29,\"Sim\")<3,\"N/D (são necessários pelo menos 3 preços)\",MEDIAN(IF(P19:P29=\"Sim\",$K19:$K29)))","v":"N/D (são necessários pelo menos 3 preços)"}]
[null,"Metodologia de exclusão de preços adotada:",{"$nulls":9},{"$f":"IF(O35=\"\",INDEX(O18:P18,MATCH(MIN(#REF!),#REF!,0)),O35)","v":"Outliers"},null,"CV (Cotações)",{"$f":"IF(COUNTIF(O19:O29,\"Sim\")<3,\"N/D (são necessários pelo menos 3 preços)\",_xlfn.STDEV.S(IF(O19:O29=\"Sim\",$K19:$K29))/AVERAGE(IF(O19:O29=\"Sim\",$K19:$K29)))","v":9.4899999999999998E-2},{"$f":"IF(COUNTIF(P19:P29,\"Sim\")<3,\"N/D (são necessários pelo menos 3 preços)\",_xlfn.STDEV.S(IF(P19:P29=\"Sim\",$K19:$K29))/AVERAGE(IF(P19:P29=\"Sim\",$K19:$K29)))","v":"N/D (são necessários pelo menos 3 preços)"}]
[{"$nulls":13},"Média",{"$f":"IF(SUM(COUNTIF($O$10:$O$16,\"Sim\")) + SUM(COUNTIF(O19:O29,\"Sim\")) < 3,\n   \"N/D (são necessários pelo menos 3 preços)\",\n   IFERROR(AVERAGE(_xlfn._xlws.FILTER($K$10:$K$16,$O$10:$O$16=\"Sim\"), _xlfn._xlws.FILTER($K$19:$K$29,O19:O29=\"Sim\")),O30))","v":43.41},{"$f":"IF(SUM(COUNTIF($P$10:$P$16,\"Sim\")) + SUM(COUNTIF(P19:P29,\"Sim\")) < 3,\n   \"N/D (são necessários pelo menos 3 preços)\",\n   IFERROR(AVERAGE(_xlfn._xlws.FILTER($K$10:$K$16,$P$10:$P$16=\"Sim\"), _xlfn._xlws.FILTER($K$19:$K$29,P19:P29=\"Sim\")),P30))","v":"N/D (são necessários pelo menos 3 preços)"}]
[{"$nulls":13},"Mediana",{"$f":"IF(SUM(COUNTIF($O$10:$O$16,\"Sim\")) + SUM(COUNTIF(O19:O29,\"Sim\")) < 3,\n   \"N/D (são necessários pelo menos 3 preços)\",\n   IFERROR(MEDIAN(_xlfn._xlws.FILTER($K$10:$K$16,$O$10:$O$16=\"Sim\"), _xlfn._xlws.FILTER($K$19:$K$29,O19:O29=\"Sim\")),O31))","v":43.9},{"$f":"IF(SUM(COUNTIF($P10:$P$16,\"Sim\")) + SUM(COUNTIF(P19:P29,\"Sim\")) < 3,\n   \"N/D (são necessários pelo menos 3 preços)\",\n   IFERROR(MEDIAN(_xlfn._xlws.FILTER($K$10:$K$16,$P$10:$P$16=\"Sim\"), _xlfn._xlws.FILTER($K$19:$K$29,P19:P29=\"Sim\")),P31))","v":"N/D (são necessários pelo menos 3 preços)"}]
[null,"COSOLIDAÇÃO DOS PREÇOS",{"$nulls":11},"Metodologia a adotar:",{"$f":"IF(INDEX(O18:P18,P35)=0,\"\",INDEX(O18:P18,P35))","v":"Outliers"},1]
[]
[null,"PREÇO UNITÁRIO ESTIMADO ADOTADO:",{"$nulls":9},{"$f":"IF($B$39=\"Mediana:\",L31,L30)","v":43.41}]
[]
[{"$f":"O18","v":"Outliers"},"Média:"]
[{"$f":"P18","v":"Por critério do(a) analista"}]

{"sheet":"COT23","index":31,"n_rows":40,"n_cols":16,"rows_kept":40,"cut":false,"hidden":true,"merged":[[31,1,33,10],[31,11,33,11],[34,1,35,10],[34,11,35,11],[36,1,36,10],[28,1,28,8],[17,1,17,8],[18,1,18,8],[19,1,19,8],[20,1,20,8],[21,1,21,8],[22,1,22,8],[23,1,23,8],[24,1,24,8],[25,1,25,8],[26,1,26,8],[27,1,27,8],[16,1,16,11],[16,14,16,15],[0,0,0,6],[6,2,6,7],[6,14,6,15],[7,1,7,11],[7,14,7,15]]}
[]
[null,"Processo","59500.003753/2025-45"]
[null,"Responsável","Kaio Gabriel, Alessandra Brant, Alberto Nascimento"]
[null,"Área de Origem","AI/GAP/UGI"]
[null,"Data da pesquisa"]
[]
[null,"ITEM:","REGISTRO DE GAVETA 1 1/2\"\"",{"$nulls":5},"UNIDADE DE MEDIDA:","Unidade","QUANTIDADE:",1,null,null,"Tabela auxiliar de metodologias para exclusão de preços"]
[null,"LICITAÇÕES ANTERIORES",{"$nulls":12},"Licitações Anteriores"]
[null,"Órgão","Edital/Ano - Nº do Lote / Item","Quantidade","Valor Unitário","Data","índice de atualização (nome)","I0","If","Variação acumulada do índice (%)","Preço unitário atualizado","Utilizar?  (Sim/Não)",null,null,"Outliers","Por critério do(a) analista"]
[{"$nulls":9},{"$f":"IF(ISBLANK(E10),\"\",IF(ISNUMBER(H10),(I10-H10)/H10,0))","v":""},{"$f":"IF(ISBLANK(E10),\"\",E10*(1+J10))","v":""},{"$f":"IF(ISNUMBER(K10),IF($L$32<>$P$9,O10,P10),\"\")","v":""},null,null,{"$f":"IF(ISNUMBER(K10),IF(OR(K10<_xlfn.QUARTILE.INC($K$10:$K$29,1)-1.5*(_xlfn.QUARTILE.INC($K$10:K29,3)-_xlfn.QUARTILE.INC($K$10:$K$29,1)),K10>_xlfn.QUARTILE.INC($K$10:$K$29,3)+1.5*(_xlfn.QUARTILE.INC($K$10:$K$29,3)-_xlfn.QUARTILE.INC($K$10:$K$29,1))),\"Não\",\"Sim\"),\"\")","v":""}]
[{"$nulls":9},{"$f":"IF(ISBLANK(E11),\"\",IF(ISNUMBER(H11),(I11-H11)/H11,0))","v":""},{"$f":"IF(ISBLANK(E11),\"\",E11*(1+J11))","v":""},"",null,null,{"$f":"IF(ISNUMBER(K11),IF(OR(K11<_xlfn.QUARTILE.INC($K$10:$K$29,1)-1.5*(_xlfn.QUARTILE.INC($K$10:K29,3)-_xlfn.QUARTILE.INC($K$10:$K$29,1)),K11>_xlfn.QUARTILE.INC($K$10:$K$29,3)+1.5*(_xlfn.QUARTILE.INC($K$10:$K$29,3)-_xlfn.QUARTILE.INC($K$10:$K$29,1))),\"Não\",\"Sim\"),\"\")","v":""}]
[{"$nulls":9},"","","",null,null,{"$f":"IF(ISNUMBER(K12),IF(OR(K12<_xlfn.QUARTILE.INC($K$10:$K$29,1)-1.5*(_xlfn.QUARTILE.INC($K$10:K30,3)-_xlfn.QUARTILE.INC($K$10:$K$29,1)),K12>_xlfn.QUARTILE.INC($K$10:$K$29,3)+1.5*(_xlfn.QUARTILE.INC($K$10:$K$29,3)-_xlfn.QUARTILE.INC($K$10:$K$29,1))),\"Não\",\"Sim\"),\"\")","v":""}]
[{"$nulls":9},"","","",null,null,{"$f":"IF(ISNUMBER(K13),IF(OR(K13<_xlfn.QUARTILE.INC($K$10:$K$29,1)-1.5*(_xlfn.QUARTILE.INC($K$10:K31,3)-_xlfn.QUARTILE.INC($K$10:$K$29,1)),K13>_xlfn.QUARTILE.INC($K$10:$K$29,3)+1.5*(_xlfn.QUARTILE.INC($K$10:$K$29,3)-_xlfn.QUARTILE.INC($K$10:$K$29,1))),\"Não\",\"Sim\"),\"\")","v":""}]
[{"$nulls":9},"","","",null,null,{"$f":"IF(ISNUMBER(K14),IF(OR(K14<_xlfn.QUARTILE.INC($K$10:$K$29,1)-1.5*(_xlfn.QUARTILE.INC($K$10:K32,3)-_xlfn.QUARTILE.INC($K$10:$K$29,1)),K14>_xlfn.QUARTILE.INC($K$10:$K$29,3)+1.5*(_xlfn.QUARTILE.INC($K$10:$K$29,3)-_xlfn.QUARTILE.INC($K$10:$K$29,1))),\"Não\",\"Sim\"),\"\")","v":""}]
[{"$nulls":9},"","","",null,null,{"$f":"IF(ISNUMBER(K15),IF(OR(K15<_xlfn.QUARTILE.INC($K$10:$K$29,1)-1.5*(_xlfn.QUARTILE.INC($K$10:K35,3)-_xlfn.QUARTILE.INC($K$10:$K$29,1)),K15>_xlfn.QUARTILE.INC($K$10:$K$29,3)+1.5*(_xlfn.QUARTILE.INC($K$10:$K$29,3)-_xlfn.QUARTILE.INC($K$10:$K$29,1))),\"Não\",\"Sim\"),\"\")","v":""}]
[{"$nulls":9},"","","",null,null,{"$f":"IF(ISNUMBER(K16),IF(OR(K16<_xlfn.QUARTILE.INC($K$10:$K$29,1)-1.5*(_xlfn.QUARTILE.INC($I$10:I37,3)-_xlfn.QUARTILE.INC($K$10:$K$29,1)),K16>_xlfn.QUARTILE.INC($K$10:$K$29,3)+1.5*(_xlfn.QUARTILE.INC($K$10:$K$29,3)-_xlfn.QUARTILE.INC($K$10:$K$29,1))),\"Não\",\"Sim\"),\"\")","v":""}]
[null,"COTAÇÕES DE MERCADO",{"$nulls":12},"Cotações"]
[null,"Empresa",{"$nulls":7},"Data","Preço Unitário","Utilizar? (Sim/Não)",null,null,"Outliers","Por critério do(a) analista"]
[null,"Quality Tubos - https://www.lojaqualitytubos.com.br/registro-de-gaveta-bruto-em-latao-de-1-1-2-p999215?utm_source=google&utm_medium=upc&utm_campaign=qualitytubos&gad_source=4&gad_campaignid=17347981097&gbraid=0AAAAACfUbmqN_-p8iBF7EcXGltC9mvC78&gclid=CjwKCAiAt8bIBhBpEiwAzH1w6V9kCTBD3ncyTqBNemT4bviNEjUccSPtju5oR90hgP0ZdWzvAfCB7RoCPiEQAvD_BwE",{"$nulls":7},"2025-11-10",164.79,{"$f":"IF(ISNUMBER(K19),IF($L$32=$O$18,O19,IF($L$32=$P$18,P19,\"\")),\"\")","v":"Sim"},null,null,{"$f":"IF(ISNUMBER(K19),IF(OR(K19<_xlfn.QUARTILE.INC($K$10:$K$29,1)-1.5*(_xlfn.QUARTILE.INC($K$10:$K$29,3)-_xlfn.QUARTILE.INC($K$10:$K$29,1)),K19>_xlfn.QUARTILE.INC($K$10:$K$29,3)+1.5*(_xlfn.QUARTILE.INC($K$10:$K$29,3)-_xlfn.QUARTILE.INC($K$10:$K$29,1))),\"Não\",\"Sim\"),\"\")","v":"Sim"}]
[null,"Leroy Merlin - https://www.leroymerlin.com.br/registro-de-gaveta-volante-50mm-ou-1-1-2-deca_85394974?store_code=28&gad_source=4&gad_campaignid=18330975033&gbraid=0AAAAADkzLZ4QltXVSEJLo7Gyt_t___Mh8&gclid=CjwKCAiAt8bIBhBpEiwAzH1w6ZDmRjF2nvac2AprLRj3JfvHs2UkGewIGFfjljH04SL0SuLTlJeRoRoCVkkQAvD_BwE",{"$nulls":7},"2025-11-10",{"$f":"89.9+12.9","v":102.8},{"$f":"IF(ISNUMBER(K20),IF($L$32=$O$18,O20,IF($L$32=$P$18,P20,\"\")),\"\")","v":"Sim"},null,null,"Sim"]
[null,"SuperPro Atacado - https://www.superproatacado.com.br/registro-gaveta-1-1-2-docol-989738/p?idsku=18769&utm_source=google&utm_medium=cpc&utm_campaign=23002644941&kwd=&matchtype=&adset_id=193341511824&device=c&gad_source=4&gad_campaignid=23002644941&gbraid=0AAAAACi7cJqfJvmvI_7RsmcmwXwpUd1Rt&gclid=CjwKCAiAt8bIBhBpEiwAzH1w6X-E432LsO9lVgEIzL2hiaIUZPa6i19JKOq3i3ahh_zwU1b7oyw5JhoCq5sQAvD_BwE",{"$nulls":7},"2025-11-10",{"$f":"91.99+13.77","v":105.76},"Sim",null,null,"Sim"]
[null,"Mercado Livre (Vendedor FELIPPE.P) - https://www.mercadolivre.com.br/base-registro-de-gaveta-1-12-bruto-deca-4509502/p/MLB26161238#polycard_client=search-nordic&search_layout=grid&position=25&type=product&tracking_id=331b4a9a-754e-4068-909a-f107497e0fab&wid=MLB5686470064&sid=search",{"$nulls":7},"2025-11-10",134.9,"Sim",null,null,"Sim"]
[null,"Mercado Livre (Vendedor CASA E OFICINA) - https://www.mercadolivre.com.br/registro-de-gaveta-europa-bruto-112-docol/p/MLB2048913710#polycard_client=search-nordic&search_layout=grid&position=27&type=product&tracking_id=ccc70e41-ed2b-4b2f-b2fa-a19fd301690a&wid=MLB4294912334&sid=search",{"$nulls":7},"2025-11-10",129.9,"Sim",null,null,"Sim"]
[null,"Mercado Livre (Vendedor LAR E CONSTRUÇÃO) https://www.mercadolivre.com.br/registro-de-gaveta-abnt-saneamento-112-docol-wt/p/MLB52134029#polycard_client=search-nordic&search_layout=grid&position=31&type=product&tracking_id=235d8dcb-69be-4195-9657-aeb34a10dcfc&wid=MLB5484379556&sid=search",{"$nulls":7},"2025-11-10",176.74,"Sim",null,null,"Sim"]
[{"$nulls":11},"",null,null,""]
[{"$nulls":11},"",null,null,""]
[{"$nulls":11},"",null,null,""]
[{"$nulls":11},"",null,null,""]
[{"$nulls":11},"",null,null,""]
[null,"Observações:",{"$nulls":8},"Média:",{"$f":"IF($L$32=\"\",\"Selecione metodologia para exclusão de preços\",AVERAGE(IF($L$10:$L$29=\"Sim\",$K$10:$K$29)))","v":135.82},null,"Média (Cotações)",{"$f":"IF(COUNTIF(O19:O29,\"Sim\")<3,\"N/D (são necessários pelo menos 3 preços)\",AVERAGE(IF(O19:O29=\"Sim\",$K19:$K29)))","v":135.82},{"$f":"IF(COUNTIF(P19:P29,\"Sim\")<3,\"N/D (são necessários pelo menos 3 preços)\",AVERAGE(IF(P19:P29=\"Sim\",$K19:$K29)))","v":"N/D (são necessários pelo menos 3 preços)"}]
[{"$nulls":10},"Mediana:",{"$f":"IF($L$32=\"\",\"Selecione metodologia para exclusão de preços\",MEDIAN(IF($L$10:$L$29=\"Sim\",$K$10:$K$29)))","v":132.4},null,"Mediana (Cotações)",{"$f":"IF(COUNTIF(O19:O29,\"Sim\")<3,\"N/D (são necessários pelo menos 3 preços)\",MEDIAN(IF(O19:O29=\"Sim\",$K19:$K29)))","v":132.4},{"$f":"IF(COUNTIF(P19:P29,\"Sim\")<3,\"N/D (são necessários pelo menos 3 preços)\",MEDIAN(IF(P19:P29=\"Sim\",$K19:$K29)))","v":"N/D (são necessários pelo menos 3 preços)"}]
[null,"Metodologia de exclusão de preços adotada:",{"$nulls":9},{"$f":"IF(O35=\"\",INDEX(O18:P18,MATCH(MIN(#REF!),#REF!,0)),O35)","v":"Outliers"},null,"CV (Cotações)",{"$f":"IF(COUNTIF(O19:O29,\"Sim\")<3,\"N/D (são necessários pelo menos 3 preços)\",_xlfn.STDEV.S(IF(O19:O29=\"Sim\",$K19:$K29))/AVERAGE(IF(O19:O29=\"Sim\",$K19:$K29)))","v":0.222},{"$f":"IF(COUNTIF(P19:P29,\"Sim\")<3,\"N/D (são necessários pelo menos 3 preços)\",_xlfn.STDEV.S(IF(P19:P29=\"Sim\",$K19:$K29))/AVERAGE(IF(P19:P29=\"Sim\",$K19:$K29)))","v":"N/D (são necessários pelo menos 3 preços)"}]
[{"$nulls":13},"Média",{"$f":"IF(SUM(COUNTIF($O$10:$O$16,\"Sim\")) + SUM(COUNTIF(O19:O29,\"Sim\")) < 3,\n   \"N/D (são necessários pelo menos 3 preços)\",\n   IFERROR(AVERAGE(_xlfn._xlws.FILTER($K$10:$K$16,$O$10:$O$16=\"Sim\"), _xlfn._xlws.FILTER($K$19:$K$29,O19:O29=\"Sim\")),O30))","v":135.82},{"$f":"IF(SUM(COUNTIF($P$10:$P$16,\"Sim\")) + SUM(COUNTIF(P19:P29,\"Sim\")) < 3,\n   \"N/D (são necessários pelo menos 3 preços)\",\n   IFERROR(AVERAGE(_xlfn._xlws.FILTER($K$10:$K$16,$P$10:$P$16=\"Sim\"), _xlfn._xlws.FILTER($K$19:$K$29,P19:P29=\"Sim\")),P30))","v":"N/D (são necessários pelo menos 3 preços)"}]
[{"$nulls":13},"Mediana",{"$f":"IF(SUM(COUNTIF($O$10:$O$16,\"Sim\")) + SUM(COUNTIF(O19:O29,\"Sim\")) < 3,\n   \"N/D (são necessários pelo menos 3 preços)\",\n   IFERROR(MEDIAN(_xlfn._xlws.FILTER($K$10:$K$16,$O$10:$O$16=\"Sim\"), _xlfn._xlws.FILTER($K$19:$K$29,O19:O29=\"Sim\")),O31))","v":132.4},{"$f":"IF(SUM(COUNTIF($P10:$P$16,\"Sim\")) + SUM(COUNTIF(P19:P29,\"Sim\")) < 3,\n   \"N/D (são necessários pelo menos 3 preços)\",\n   IFERROR(MEDIAN(_xlfn._xlws.FILTER($K$10:$K$16,$P$10:$P$16=\"Sim\"), _xlfn._xlws.FILTER($K$19:$K$29,P19:P29=\"Sim\")),P31))","v":"N/D (são necessários pelo menos 3 preços)"}]
[null,"COSOLIDAÇÃO DOS PREÇOS",{"$nulls":11},"Metodologia a adotar:",{"$f":"IF(INDEX(O18:P18,P35)=0,\"\",INDEX(O18:P18,P35))","v":"Outliers"},1]
[]
[null,"PREÇO UNITÁRIO ESTIMADO ADOTADO:",{"$nulls":9},{"$f":"IF($B$39=\"Mediana:\",L31,L30)","v":135.82}]
[]
[{"$f":"O18","v":"Outliers"},"Média:"]
[{"$f":"P18","v":"Por critério do(a) analista"}]

{"sheet":"COT24","index":32,"n_rows":40,"n_cols":16,"rows_kept":40,"cut":false,"hidden":true,"merged":[[31,1,33,10],[31,11,33,11],[34,1,35,10],[34,11,35,11],[36,1,36,10],[28,1,28,8],[17,1,17,8],[18,1,18,8],[19,1,19,8],[20,1,20,8],[21,1,21,8],[22,1,22,8],[23,1,23,8],[24,1,24,8],[25,1,25,8],[26,1,26,8],[27,1,27,8],[16,1,16,11],[16,14,16,15],[0,0,0,6],[6,2,6,7],[6,14,6,15],[7,1,7,11],[7,14,7,15]]}
[]
[null,"Processo","59500.003753/2025-45"]
[null,"Responsável","Kaio Gabriel, Alessandra Brant, Alberto Nascimento"]
[null,"Área de Origem","AI/GAP/UGI"]
[null,"Data da pesquisa"]
[]
[null,"ITEM:","MANÔMETRO DE GLICERINA DE ATÉ 6kgf/cm² ROSCA DE 1/4 \"",{"$nulls":5},"UNIDADE DE MEDIDA:","Unidade","QUANTIDADE:",2,null,null,"Tabela auxiliar de metodologias para exclusão de preços"]
[null,"LICITAÇÕES ANTERIORES",{"$nulls":12},"Licitações Anteriores"]
[null,"Órgão","Edital/Ano - Nº do Lote / Item","Quantidade","Valor Unitário","Data","índice de atualização (nome)","I0","If","Variação acumulada do índice (%)","Preço unitário atualizado","Utilizar?  (Sim/Não)",null,null,"Outliers","Por critério do(a) analista"]
[{"$nulls":9},{"$f":"IF(ISBLANK(E10),\"\",IF(ISNUMBER(H10),(I10-H10)/H10,0))","v":""},{"$f":"IF(ISBLANK(E10),\"\",E10*(1+J10))","v":""},{"$f":"IF(ISNUMBER(K10),IF($L$32<>$P$9,O10,P10),\"\")","v":""},null,null,{"$f":"IF(ISNUMBER(K10),IF(OR(K10<_xlfn.QUARTILE.INC($K$10:$K$29,1)-1.5*(_xlfn.QUARTILE.INC($K$10:K29,3)-_xlfn.QUARTILE.INC($K$10:$K$29,1)),K10>_xlfn.QUARTILE.INC($K$10:$K$29,3)+1.5*(_xlfn.QUARTILE.INC($K$10:$K$29,3)-_xlfn.QUARTILE.INC($K$10:$K$29,1))),\"Não\",\"Sim\"),\"\")","v":""}]
[{"$nulls":9},{"$f":"IF(ISBLANK(E11),\"\",IF(ISNUMBER(H11),(I11-H11)/H11,0))","v":""},{"$f":"IF(ISBLANK(E11),\"\",E11*(1+J11))","v":""},"",null,null,{"$f":"IF(ISNUMBER(K11),IF(OR(K11<_xlfn.QUARTILE.INC($K$10:$K$29,1)-1.5*(_xlfn.QUARTILE.INC($K$10:K29,3)-_xlfn.QUARTILE.INC($K$10:$K$29,1)),K11>_xlfn.QUARTILE.INC($K$10:$K$29,3)+1.5*(_xlfn.QUARTILE.INC($K$10:$K$29,3)-_xlfn.QUARTILE.INC($K$10:$K$29,1))),\"Não\",\"Sim\"),\"\")","v":""}]
[{"$nulls":9},"","","",null,null,{"$f":"IF(ISNUMBER(K12),IF(OR(K12<_xlfn.QUARTILE.INC($K$10:$K$29,1)-1.5*(_xlfn.QUARTILE.INC($K$10:K30,3)-_xlfn.QUARTILE.INC($K$10:$K$29,1)),K12>_xlfn.QUARTILE.INC($K$10:$K$29,3)+1.5*(_xlfn.QUARTILE.INC($K$10:$K$29,3)-_xlfn.QUARTILE.INC($K$10:$K$29,1))),\"Não\",\"Sim\"),\"\")","v":""}]
[{"$nulls":9},"","","",null,null,{"$f":"IF(ISNUMBER(K13),IF(OR(K13<_xlfn.QUARTILE.INC($K$10:$K$29,1)-1.5*(_xlfn.QUARTILE.INC($K$10:K31,3)-_xlfn.QUARTILE.INC($K$10:$K$29,1)),K13>_xlfn.QUARTILE.INC($K$10:$K$29,3)+1.5*(_xlfn.QUARTILE.INC($K$10:$K$29,3)-_xlfn.QUARTILE.INC($K$10:$K$29,1))),\"Não\",\"Sim\"),\"\")","v":""}]
[{"$nulls":9},"","","",null,null,{"$f":"IF(ISNUMBER(K14),IF(OR(K14<_xlfn.QUARTILE.INC($K$10:$K$29,1)-1.5*(_xlfn.QUARTILE.INC($K$10:K32,3)-_xlfn.QUARTILE.INC($K$10:$K$29,1)),K14>_xlfn.QUARTILE.INC($K$10:$K$29,3)+1.5*(_xlfn.QUARTILE.INC($K$10:$K$29,3)-_xlfn.QUARTILE.INC($K$10:$K$29,1))),\"Não\",\"Sim\"),\"\")","v":""}]
[{"$nulls":9},"","","",null,null,{"$f":"IF(ISNUMBER(K15),IF(OR(K15<_xlfn.QUARTILE.INC($K$10:$K$29,1)-1.5*(_xlfn.QUARTILE.INC($K$10:K35,3)-_xlfn.QUARTILE.INC($K$10:$K$29,1)),K15>_xlfn.QUARTILE.INC($K$10:$K$29,3)+1.5*(_xlfn.QUARTILE.INC($K$10:$K$29,3)-_xlfn.QUARTILE.INC($K$10:$K$29,1))),\"Não\",\"Sim\"),\"\")","v":""}]
[{"$nulls":9},"","","",null,null,{"$f":"IF(ISNUMBER(K16),IF(OR(K16<_xlfn.QUARTILE.INC($K$10:$K$29,1)-1.5*(_xlfn.QUARTILE.INC($I$10:I37,3)-_xlfn.QUARTILE.INC($K$10:$K$29,1)),K16>_xlfn.QUARTILE.INC($K$10:$K$29,3)+1.5*(_xlfn.QUARTILE.INC($K$10:$K$29,3)-_xlfn.QUARTILE.INC($K$10:$K$29,1))),\"Não\",\"Sim\"),\"\")","v":""}]
[null,"COTAÇÕES DE MERCADO",{"$nulls":12},"Cotações"]
[null,"Empresa",{"$nulls":7},"Data","Preço Unitário","Utilizar? (Sim/Não)",null,null,"Outliers","Por critério do(a) analista"]
[null,"Mercado Livre (Vendedor POSITANO VÁLVULAS) - https://www.mercadolivre.com.br/manometro-vertical-rosca-14-0-a-6-bar-glicerina-inox-63mm/up/MLBU753675834?pdp_filters=item_id:MLB2715240561&matt_tool=29851250&matt_internal_campaign_id=&matt_word=&matt_source=google&matt_campaign_id=22090354004&matt_ad_group_id=173090515876&matt_match_type=&matt_network=g&matt_device=c&matt_creative=727882725720&matt_keyword=&matt_ad_position=&matt_ad_type=pla&matt_merchant_id=560060007&matt_product_id=MLB2715240561&matt_product_partition_id=2393412001572&matt_target_id=pla-2393412001572&cq_src=google_ads&cq_cmp=22090354004&cq_net=g&cq_plt=gp&cq_med=pla&gad_source=4&gad_campaignid=22090354004&gbraid=0AAAAAD93qcBZRHvk5ZABmSTHXceY18O6C&gclid=CjwKCAiAt8bIBhBpEiwAzH1w6WdcgOXx0sG4pLEJjbl-eCtwokwHa-m7nAAN0v0ghXXjjd6Y6i34fhoCs4sQAvD_BwE",{"$nulls":7},"2025-11-10",104.51,{"$f":"IF(ISNUMBER(K19),IF($L$32=$O$18,O19,IF($L$32=$P$18,P19,\"\")),\"\")","v":"Sim"},null,null,{"$f":"IF(ISNUMBER(K19),IF(OR(K19<_xlfn.QUARTILE.INC($K$10:$K$29,1)-1.5*(_xlfn.QUARTILE.INC($K$10:$K$29,3)-_xlfn.QUARTILE.INC($K$10:$K$29,1)),K19>_xlfn.QUARTILE.INC($K$10:$K$29,3)+1.5*(_xlfn.QUARTILE.INC($K$10:$K$29,3)-_xlfn.QUARTILE.INC($K$10:$K$29,1))),\"Não\",\"Sim\"),\"\")","v":"Sim"}]
[null,"Comercial Lanel - https://www.comerciallanel.com.br/genebre-manometro-dn-63-s-vertcx-inox-cglicbsp-14quotquot-0-a-6-bar-0000000065002-p2620?utm_source=google&utm_medium=cpc&utm_campaign=lojavirtual&gad_source=4&gad_campaignid=22249760049&gbraid=0AAAAAD2kZwtVPpGe3I4qB91UbGVL8j5JM&gclid=CjwKCAiAt8bIBhBpEiwAzH1w6R7biuz3mPPgbSTZDKtr82Le57lo5gIuiLO7eFRNkeNZDzP3ZCsAnRoCJf4QAvD_BwE",{"$nulls":7},"2025-11-10",{"$f":"81+42.7","v":123.7},"Sim",null,null,"Sim"]
[null,"Shopping da Segurança - https://shoppingdaseguranca.com.br/manometro-glicerina-diam-63mm-bsp-0-a-10-bar-vertical?utm_term=&utm_campaign=&utm_source=adwords&utm_medium=ppc&hsa_acc=3321969403&hsa_cam=23232992393&hsa_grp=185184921581&hsa_ad=782813197646&hsa_src=g&hsa_tgt=pla-297717158836&hsa_kw=&hsa_mt=&hsa_net=adwords&hsa_ver=3&gad_source=4&gad_campaignid=23232992393&gbraid=0AAAABA_DvaUX2iz_3PuIPyBsSLvHRJLOo&gclid=CjwKCAiAt8bIBhBpEiwAzH1w6Yqsc9HoZNy9yjxx98mepKlgwZC-9sYHVpM7eNEWCqx6COsIwmXR_hoC_JIQAvD_BwE",{"$nulls":7},"2025-11-10",140.22999999999999,"Sim",null,null,"Sim"]
[{"$nulls":11},"",null,null,""]
[{"$nulls":11},"",null,null,""]
[{"$nulls":11},"",null,null,""]
[{"$nulls":11},"",null,null,""]
[{"$nulls":11},"",null,null,""]
[{"$nulls":11},"",null,null,""]
[{"$nulls":11},"",null,null,""]
[{"$nulls":11},"",null,null,""]
[null,"Observações:",{"$nulls":8},"Média:",{"$f":"IF($L$32=\"\",\"Selecione metodologia para exclusão de preços\",AVERAGE(IF($L$10:$L$29=\"Sim\",$K$10:$K$29)))","v":122.81},null,"Média (Cotações)",{"$f":"IF(COUNTIF(O19:O29,\"Sim\")<3,\"N/D (são necessários pelo menos 3 preços)\",AVERAGE(IF(O19:O29=\"Sim\",$K19:$K29)))","v":122.81},{"$f":"IF(COUNTIF(P19:P29,\"Sim\")<3,\"N/D (são necessários pelo menos 3 preços)\",AVERAGE(IF(P19:P29=\"Sim\",$K19:$K29)))","v":"N/D (são necessários pelo menos 3 preços)"}]
[{"$nulls":10},"Mediana:",{"$f":"IF($L$32=\"\",\"Selecione metodologia para exclusão de preços\",MEDIAN(IF($L$10:$L$29=\"Sim\",$K$10:$K$29)))","v":123.7},null,"Mediana (Cotações)",{"$f":"IF(COUNTIF(O19:O29,\"Sim\")<3,\"N/D (são necessários pelo menos 3 preços)\",MEDIAN(IF(O19:O29=\"Sim\",$K19:$K29)))","v":123.7},{"$f":"IF(COUNTIF(P19:P29,\"Sim\")<3,\"N/D (são necessários pelo menos 3 preços)\",MEDIAN(IF(P19:P29=\"Sim\",$K19:$K29)))","v":"N/D (são necessários pelo menos 3 preços)"}]
[null,"Metodologia de exclusão de preços adotada:",{"$nulls":9},{"$f":"IF(O35=\"\",INDEX(O18:P18,MATCH(MIN(#REF!),#REF!,0)),O35)","v":"Outliers"},null,"CV (Cotações)",{"$f":"IF(COUNTIF(O19:O29,\"Sim\")<3,\"N/D (são necessários pelo menos 3 preços)\",_xlfn.STDEV.S(IF(O19:O29=\"Sim\",$K19:$K29))/AVERAGE(IF(O19:O29=\"Sim\",$K19:$K29)))","v":0.14560000000000001},{"$f":"IF(COUNTIF(P19:P29,\"Sim\")<3,\"N/D (são necessários pelo menos 3 preços)\",_xlfn.STDEV.S(IF(P19:P29=\"Sim\",$K19:$K29))/AVERAGE(IF(P19:P29=\"Sim\",$K19:$K29)))","v":"N/D (são necessários pelo menos 3 preços)"}]
[{"$nulls":13},"Média",{"$f":"IF(SUM(COUNTIF($O$10:$O$16,\"Sim\")) + SUM(COUNTIF(O19:O29,\"Sim\")) < 3,\n   \"N/D (são necessários pelo menos 3 preços)\",\n   IFERROR(AVERAGE(_xlfn._xlws.FILTER($K$10:$K$16,$O$10:$O$16=\"Sim\"), _xlfn._xlws.FILTER($K$19:$K$29,O19:O29=\"Sim\")),O30))","v":122.81},{"$f":"IF(SUM(COUNTIF($P$10:$P$16,\"Sim\")) + SUM(COUNTIF(P19:P29,\"Sim\")) < 3,\n   \"N/D (são necessários pelo menos 3 preços)\",\n   IFERROR(AVERAGE(_xlfn._xlws.FILTER($K$10:$K$16,$P$10:$P$16=\"Sim\"), _xlfn._xlws.FILTER($K$19:$K$29,P19:P29=\"Sim\")),P30))","v":"N/D (são necessários pelo menos 3 preços)"}]
[{"$nulls":13},"Mediana",{"$f":"IF(SUM(COUNTIF($O$10:$O$16,\"Sim\")) + SUM(COUNTIF(O19:O29,\"Sim\")) < 3,\n   \"N/D (são necessários pelo menos 3 preços)\",\n   IFERROR(MEDIAN(_xlfn._xlws.FILTER($K$10:$K$16,$O$10:$O$16=\"Sim\"), _xlfn._xlws.FILTER($K$19:$K$29,O19:O29=\"Sim\")),O31))","v":123.7},{"$f":"IF(SUM(COUNTIF($P10:$P$16,\"Sim\")) + SUM(COUNTIF(P19:P29,\"Sim\")) < 3,\n   \"N/D (são necessários pelo menos 3 preços)\",\n   IFERROR(MEDIAN(_xlfn._xlws.FILTER($K$10:$K$16,$P$10:$P$16=\"Sim\"), _xlfn._xlws.FILTER($K$19:$K$29,P19:P29=\"Sim\")),P31))","v":"N/D (são necessários pelo menos 3 preços)"}]
[null,"COSOLIDAÇÃO DOS PREÇOS",{"$nulls":11},"Metodologia a adotar:",{"$f":"IF(INDEX(O18:P18,P35)=0,\"\",INDEX(O18:P18,P35))","v":"Outliers"},1]
[]
[null,"PREÇO UNITÁRIO ESTIMADO ADOTADO:",{"$nulls":9},{"$f":"IF($B$39=\"Mediana:\",L31,L30)","v":122.81}]
[]
[{"$f":"O18","v":"Outliers"},"Média:"]
[{"$f":"P18","v":"Por critério do(a) analista"}]

{"sheet":"COT25","index":33,"n_rows":40,"n_cols":16,"rows_kept":40,"cut":false,"hidden":true,"merged":[[16,1,16,11],[16,14,16,15],[0,0,0,6],[6,2,6,7],[6,14,6,15],[7,1,7,11],[7,14,7,15],[28,1,28,8],[17,1,17,8],[18,1,18,8],[19,1,19,8],[20,1,20,8],[21,1,21,8],[22,1,22,8],[23,1,23,8],[24,1,24,8],[25,1,25,8],[26,1,26,8],[27,1,27,8],[31,1,33,10],[31,11,33,11],[34,1,35,10],[34,11,35,11],[36,1,36,10]]}
[]
[null,"Processo","59500.003753/2025-45"]
[null,"Responsável","Kaio Gabriel, Alessandra Brant, Alberto Nascimento"]
[null,"Área de Origem","AI/GAP/UGI"]
[null,"Data da pesquisa"]
[]
[null,"ITEM:","BUCHA DE REDUÇÃO DE 3/4\" PARA 1/4\"",{"$nulls":5},"UNIDADE DE MEDIDA:","Unidade","QUANTIDADE:",2,null,null,"Tabela auxiliar de metodologias para exclusão de preços"]
[null,"LICITAÇÕES ANTERIORES",{"$nulls":12},"Licitações Anteriores"]
[null,"Órgão","Edital/Ano - Nº do Lote / Item","Quantidade","Valor Unitário","Data","índice de atualização (nome)","I0","If","Variação acumulada do índice (%)","Preço unitário atualizado","Utilizar?  (Sim/Não)",null,null,"Outliers","Por critério do(a) analista"]
[{"$nulls":9},{"$f":"IF(ISBLANK(E10),\"\",IF(ISNUMBER(H10),(I10-H10)/H10,0))","v":""},{"$f":"IF(ISBLANK(E10),\"\",E10*(1+J10))","v":""},{"$f":"IF(ISNUMBER(K10),IF($L$32<>$P$9,O10,P10),\"\")","v":""},null,null,{"$f":"IF(ISNUMBER(K10),IF(OR(K10<_xlfn.QUARTILE.INC($K$10:$K$29,1)-1.5*(_xlfn.QUARTILE.INC($K$10:K29,3)-_xlfn.QUARTILE.INC($K$10:$K$29,1)),K10>_xlfn.QUARTILE.INC($K$10:$K$29,3)+1.5*(_xlfn.QUARTILE.INC($K$10:$K$29,3)-_xlfn.QUARTILE.INC($K$10:$K$29,1))),\"Não\",\"Sim\"),\"\")","v":""}]
[{"$nulls":9},{"$f":"IF(ISBLANK(E11),\"\",IF(ISNUMBER(H11),(I11-H11)/H11,0))","v":""},{"$f":"IF(ISBLANK(E11),\"\",E11*(1+J11))","v":""},"",null,null,{"$f":"IF(ISNUMBER(K11),IF(OR(K11<_xlfn.QUARTILE.INC($K$10:$K$29,1)-1.5*(_xlfn.QUARTILE.INC($K$10:K29,3)-_xlfn.QUARTILE.INC($K$10:$K$29,1)),K11>_xlfn.QUARTILE.INC($K$10:$K$29,3)+1.5*(_xlfn.QUARTILE.INC($K$10:$K$29,3)-_xlfn.QUARTILE.INC($K$10:$K$29,1))),\"Não\",\"Sim\"),\"\")","v":""}]
[{"$nulls":9},"","","",null,null,{"$f":"IF(ISNUMBER(K12),IF(OR(K12<_xlfn.QUARTILE.INC($K$10:$K$29,1)-1.5*(_xlfn.QUARTILE.INC($K$10:K30,3)-_xlfn.QUARTILE.INC($K$10:$K$29,1)),K12>_xlfn.QUARTILE.INC($K$10:$K$29,3)+1.5*(_xlfn.QUARTILE.INC($K$10:$K$29,3)-_xlfn.QUARTILE.INC($K$10:$K$29,1))),\"Não\",\"Sim\"),\"\")","v":""}]
[{"$nulls":9},"","","",null,null,{"$f":"IF(ISNUMBER(K13),IF(OR(K13<_xlfn.QUARTILE.INC($K$10:$K$29,1)-1.5*(_xlfn.QUARTILE.INC($K$10:K31,3)-_xlfn.QUARTILE.INC($K$10:$K$29,1)),K13>_xlfn.QUARTILE.INC($K$10:$K$29,3)+1.5*(_xlfn.QUARTILE.INC($K$10:$K$29,3)-_xlfn.QUARTILE.INC($K$10:$K$29,1))),\"Não\",\"Sim\"),\"\")","v":""}]
[{"$nulls":9},"","","",null,null,{"$f":"IF(ISNUMBER(K14),IF(OR(K14<_xlfn.QUARTILE.INC($K$10:$K$29,1)-1.5*(_xlfn.QUARTILE.INC($K$10:K32,3)-_xlfn.QUARTILE.INC($K$10:$K$29,1)),K14>_xlfn.QUARTILE.INC($K$10:$K$29,3)+1.5*(_xlfn.QUARTILE.INC($K$10:$K$29,3)-_xlfn.QUARTILE.INC($K$10:$K$29,1))),\"Não\",\"Sim\"),\"\")","v":""}]
[{"$nulls":9},"","","",null,null,{"$f":"IF(ISNUMBER(K15),IF(OR(K15<_xlfn.QUARTILE.INC($K$10:$K$29,1)-1.5*(_xlfn.QUARTILE.INC($K$10:K35,3)-_xlfn.QUARTILE.INC($K$10:$K$29,1)),K15>_xlfn.QUARTILE.INC($K$10:$K$29,3)+1.5*(_xlfn.QUARTILE.INC($K$10:$K$29,3)-_xlfn.QUARTILE.INC($K$10:$K$29,1))),\"Não\",\"Sim\"),\"\")","v":""}]
[{"$nulls":9},"","","",null,null,{"$f":"IF(ISNUMBER(K16),IF(OR(K16<_xlfn.QUARTILE.INC($K$10:$K$29,1)-1.5*(_xlfn.QUARTILE.INC($I$10:I37,3)-_xlfn.QUARTILE.INC($K$10:$K$29,1)),K16>_xlfn.QUARTILE.INC($K$10:$K$29,3)+1.5*(_xlfn.QUARTILE.INC($K$10:$K$29,3)-_xlfn.QUARTILE.INC($K$10:$K$29,1))),\"Não\",\"Sim\"),\"\")","v":""}]
[null,"COTAÇÕES DE MERCADO",{"$nulls":12},"Cotações"]
[null,"Empresa",{"$nulls":7},"Data","Preço Unitário","Utilizar? (Sim/Não)",null,null,"Outliers","Por critério do(a) analista"]
[null,"Conexo Peças - https://www.conexopecas.com.br/produtos/ver/1494/bucha-de-reducao-3-4-bspt-x-1-4-bsp-aco-inox-304-tracking-google-shopping?srsltid=AfmBOool2eQvnLbnyTWTB652zw_LBoQ3RJSFfJ5A9eXE3vs3IyAxTxbdj2A",{"$nulls":7},"2025-11-10",{"$f":"19.09+(28.58/2)","v":33.380000000000003},{"$f":"IF(ISNUMBER(K19),IF($L$32=$O$18,O19,IF($L$32=$P$18,P19,\"\")),\"\")","v":"Sim"},null,null,{"$f":"IF(ISNUMBER(K19),IF(OR(K19<_xlfn.QUARTILE.INC($K$10:$K$29,1)-1.5*(_xlfn.QUARTILE.INC($K$10:$K$29,3)-_xlfn.QUARTILE.INC($K$10:$K$29,1)),K19>_xlfn.QUARTILE.INC($K$10:$K$29,3)+1.5*(_xlfn.QUARTILE.INC($K$10:$K$29,3)-_xlfn.QUARTILE.INC($K$10:$K$29,1))),\"Não\",\"Sim\"),\"\")","v":"Sim"}]
[null,"RIBERFLUID ACESSÓRIOS INDUSTRIAIS - https://www.riberfluid.com.br/conexoes/bucha-de-reducao-34-x-14?srsltid=AfmBOoqzo0XkEab2ILtBBJEYAq2Xk34tc349n2Kv1iq1uhW-YQOdNGjC",{"$nulls":7},"2025-11-10",{"$f":"(19.21/2)+4.49","v":14.1},"Não",null,null,"Não"]
[null,"BORRACHAS MOEMA - https://www.borrachasmoema.com.br/bucha-de-reducao-latao-34-x-14-roscavel-conexao-metal?srsltid=AfmBOopABLCmBDdCw3sNVfgsOrDDASGRBcAK_KrV2jqdgFuyP58tUUPQ",{"$nulls":7},"2025-11-10",{"$f":"(56+20.54)/2","v":38.270000000000003},"Sim",null,null,"Sim"]
[null,"https://www.comerciallanel.com.br/bucha-de-reducao-tupy-com-rosca-bsp-34x14-0000000090013-p7825?utm_source=google&utm_medium=cpc&utm_campaign=lojavirtual&gad_source=4&gad_campaignid=22249760049&gbraid=0AAAAAD2kZws_Riyk1_vxZ86GL-MTLqcoz&gclid=CjwKCAiAz_DIBhBJEiwAVH2XwPetCLfne5eCaEp9OJ6_WgQdXataJIMUgv2Jo4ok9kbqH45eS6GdmBoC8kwQAvD_BwE",{"$nulls":7},"2025-11-19",{"$f":"(42.7/2)+8.1","v":29.45},"Sim",null,null,"Sim"]
[{"$nulls":11},"",null,null,""]
[{"$nulls":11},"",null,null,""]
[{"$nulls":11},"",null,null,""]
[{"$nulls":11},"",null,null,""]
[{"$nulls":11},"",null,null,""]
[{"$nulls":11},"",null,null,""]
[{"$nulls":11},"",null,null,""]
[null,"Observações:",{"$nulls":8},"Média:",{"$f":"IF($L$32=\"\",\"Selecione metodologia para exclusão de preços\",AVERAGE(IF($L$10:$L$29=\"Sim\",$K$10:$K$29)))","v":33.700000000000003},null,"Média (Cotações)",{"$f":"IF(COUNTIF(O19:O29,\"Sim\")<3,\"N/D (são necessários pelo menos 3 preços)\",AVERAGE(IF(O19:O29=\"Sim\",$K19:$K29)))","v":33.700000000000003},{"$f":"IF(COUNTIF(P19:P29,\"Sim\")<3,\"N/D (são necessários pelo menos 3 preços)\",AVERAGE(IF(P19:P29=\"Sim\",$K19:$K29)))","v":"N/D (são necessários pelo menos 3 preços)"}]
[{"$nulls":10},"Mediana:",{"$f":"IF($L$32=\"\",\"Selecione metodologia para exclusão de preços\",MEDIAN(IF($L$10:$L$29=\"Sim\",$K$10:$K$29)))","v":33.380000000000003},null,"Mediana (Cotações)",{"$f":"IF(COUNTIF(O19:O29,\"Sim\")<3,\"N/D (são necessários pelo menos 3 preços)\",MEDIAN(IF(O19:O29=\"Sim\",$K19:$K29)))","v":33.380000000000003},{"$f":"IF(COUNTIF(P19:P29,\"Sim\")<3,\"N/D (são necessários pelo menos 3 preços)\",MEDIAN(IF(P19:P29=\"Sim\",$K19:$K29)))","v":"N/D (são necessários pelo menos 3 preços)"}]
[null,"Metodologia de exclusão de preços adotada:",{"$nulls":9},{"$f":"IF(O35=\"\",INDEX(O18:P18,MATCH(MIN(#REF!),#REF!,0)),O35)","v":"Outliers"},null,"CV (Cotações)",{"$f":"IF(COUNTIF(O19:O29,\"Sim\")<3,\"N/D (são necessários pelo menos 3 preços)\",_xlfn.STDEV.S(IF(O19:O29=\"Sim\",$K19:$K29))/AVERAGE(IF(O19:O29=\"Sim\",$K19:$K29)))","v":0.13109999999999999},{"$f":"IF(COUNTIF(P19:P29,\"Sim\")<3,\"N/D (são necessários pelo menos 3 preços)\",_xlfn.STDEV.S(IF(P19:P29=\"Sim\",$K19:$K29))/AVERAGE(IF(P19:P29=\"Sim\",$K19:$K29)))","v":"N/D (são necessários pelo menos 3 preços)"}]
[{"$nulls":13},"Média",{"$f":"IF(SUM(COUNTIF($O$10:$O$16,\"Sim\")) + SUM(COUNTIF(O19:O29,\"Sim\")) < 3,\n   \"N/D (são necessários pelo menos 3 preços)\",\n   IFERROR(AVERAGE(_xlfn._xlws.FILTER($K$10:$K$16,$O$10:$O$16=\"Sim\"), _xlfn._xlws.FILTER($K$19:$K$29,O19:O29=\"Sim\")),O30))","v":33.700000000000003},{"$f":"IF(SUM(COUNTIF($P$10:$P$16,\"Sim\")) + SUM(COUNTIF(P19:P29,\"Sim\")) < 3,\n   \"N/D (são necessários pelo menos 3 preços)\",\n   IFERROR(AVERAGE(_xlfn._xlws.FILTER($K$10:$K$16,$P$10:$P$16=\"Sim\"), _xlfn._xlws.FILTER($K$19:$K$29,P19:P29=\"Sim\")),P30))","v":"N/D (são necessários pelo menos 3 preços)"}]
[{"$nulls":13},"Mediana",{"$f":"IF(SUM(COUNTIF($O$10:$O$16,\"Sim\")) + SUM(COUNTIF(O19:O29,\"Sim\")) < 3,\n   \"N/D (são necessários pelo menos 3 preços)\",\n   IFERROR(MEDIAN(_xlfn._xlws.FILTER($K$10:$K$16,$O$10:$O$16=\"Sim\"), _xlfn._xlws.FILTER($K$19:$K$29,O19:O29=\"Sim\")),O31))","v":33.380000000000003},{"$f":"IF(SUM(COUNTIF($P10:$P$16,\"Sim\")) + SUM(COUNTIF(P19:P29,\"Sim\")) < 3,\n   \"N/D (são necessários pelo menos 3 preços)\",\n   IFERROR(MEDIAN(_xlfn._xlws.FILTER($K$10:$K$16,$P$10:$P$16=\"Sim\"), _xlfn._xlws.FILTER($K$19:$K$29,P19:P29=\"Sim\")),P31))","v":"N/D (são necessários pelo menos 3 preços)"}]
[null,"COSOLIDAÇÃO DOS PREÇOS",{"$nulls":11},"Metodologia a adotar:",{"$f":"IF(INDEX(O18:P18,P35)=0,\"\",INDEX(O18:P18,P35))","v":"Outliers"},1]
[]
[null,"PREÇO UNITÁRIO ESTIMADO ADOTADO:",{"$nulls":9},{"$f":"IF($B$39=\"Mediana:\",L31,L30)","v":33.380000000000003}]
[]
[{"$f":"O18","v":"Outliers"},"Mediana:"]
[{"$f":"P18","v":"Por critério do(a) analista"}]

{"sheet":"COT26","index":34,"n_rows":40,"n_cols":16,"rows_kept":40,"cut":false,"hidden":true,"merged":[[16,1,16,11],[16,14,16,15],[0,0,0,6],[6,2,6,7],[6,14,6,15],[7,1,7,11],[7,14,7,15],[28,1,28,8],[17,1,17,8],[18,1,18,8],[19,1,19,8],[20,1,20,8],[21,1,21,8],[22,1,22,8],[23,1,23,8],[24,1,24,8],[25,1,25,8],[26,1,26,8],[27,1,27,8],[31,1,33,10],[31,11,33,11],[34,1,35,10],[34,11,35,11],[36,1,36,10]]}
[]
[null,"Processo","59500.003753/2025-45"]
[null,"Responsável","Kaio Gabriel, Alessandra Brant, Alberto Nascimento"]
[null,"Área de Origem","AI/GAP/UGI"]
[null,"Data da pesquisa"]
[]
[null,"ITEM:","ADAPTADOR DE REDUÇÃO Bsa SOLD. 50 mm X 1 1/2\"\"",{"$nulls":5},"UNIDADE DE MEDIDA:","Unidade","QUANTIDADE:",2,null,null,"Tabela auxiliar de metodologias para exclusão de preços"]
[null,"LICITAÇÕES ANTERIORES",{"$nulls":12},"Licitações Anteriores"]
[null,"Órgão","Edital/Ano - Nº do Lote / Item","Quantidade","Valor Unitário","Data","índice de atualização (nome)","I0","If","Variação acumulada do índice (%)","Preço unitário atualizado","Utilizar?  (Sim/Não)",null,null,"Outliers","Por critério do(a) analista"]
[{"$nulls":9},{"$f":"IF(ISBLANK(E10),\"\",IF(ISNUMBER(H10),(I10-H10)/H10,0))","v":""},{"$f":"IF(ISBLANK(E10),\"\",E10*(1+J10))","v":""},{"$f":"IF(ISNUMBER(K10),IF($L$32<>$P$9,O10,P10),\"\")","v":""},null,null,{"$f":"IF(ISNUMBER(K10),IF(OR(K10<_xlfn.QUARTILE.INC($K$10:$K$29,1)-1.5*(_xlfn.QUARTILE.INC($K$10:K29,3)-_xlfn.QUARTILE.INC($K$10:$K$29,1)),K10>_xlfn.QUARTILE.INC($K$10:$K$29,3)+1.5*(_xlfn.QUARTILE.INC($K$10:$K$29,3)-_xlfn.QUARTILE.INC($K$10:$K$29,1))),\"Não\",\"Sim\"),\"\")","v":""}]
[{"$nulls":9},{"$f":"IF(ISBLANK(E11),\"\",IF(ISNUMBER(H11),(I11-H11)/H11,0))","v":""},{"$f":"IF(ISBLANK(E11),\"\",E11*(1+J11))","v":""},"",null,null,{"$f":"IF(ISNUMBER(K11),IF(OR(K11<_xlfn.QUARTILE.INC($K$10:$K$29,1)-1.5*(_xlfn.QUARTILE.INC($K$10:K29,3)-_xlfn.QUARTILE.INC($K$10:$K$29,1)),K11>_xlfn.QUARTILE.INC($K$10:$K$29,3)+1.5*(_xlfn.QUARTILE.INC($K$10:$K$29,3)-_xlfn.QUARTILE.INC($K$10:$K$29,1))),\"Não\",\"Sim\"),\"\")","v":""}]
[{"$nulls":9},"","","",null,null,{"$f":"IF(ISNUMBER(K12),IF(OR(K12<_xlfn.QUARTILE.INC($K$10:$K$29,1)-1.5*(_xlfn.QUARTILE.INC($K$10:K30,3)-_xlfn.QUARTILE.INC($K$10:$K$29,1)),K12>_xlfn.QUARTILE.INC($K$10:$K$29,3)+1.5*(_xlfn.QUARTILE.INC($K$10:$K$29,3)-_xlfn.QUARTILE.INC($K$10:$K$29,1))),\"Não\",\"Sim\"),\"\")","v":""}]
[{"$nulls":9},"","","",null,null,{"$f":"IF(ISNUMBER(K13),IF(OR(K13<_xlfn.QUARTILE.INC($K$10:$K$29,1)-1.5*(_xlfn.QUARTILE.INC($K$10:K31,3)-_xlfn.QUARTILE.INC($K$10:$K$29,1)),K13>_xlfn.QUARTILE.INC($K$10:$K$29,3)+1.5*(_xlfn.QUARTILE.INC($K$10:$K$29,3)-_xlfn.QUARTILE.INC($K$10:$K$29,1))),\"Não\",\"Sim\"),\"\")","v":""}]
[{"$nulls":9},"","","",null,null,{"$f":"IF(ISNUMBER(K14),IF(OR(K14<_xlfn.QUARTILE.INC($K$10:$K$29,1)-1.5*(_xlfn.QUARTILE.INC($K$10:K32,3)-_xlfn.QUARTILE.INC($K$10:$K$29,1)),K14>_xlfn.QUARTILE.INC($K$10:$K$29,3)+1.5*(_xlfn.QUARTILE.INC($K$10:$K$29,3)-_xlfn.QUARTILE.INC($K$10:$K$29,1))),\"Não\",\"Sim\"),\"\")","v":""}]
[{"$nulls":9},"","","",null,null,{"$f":"IF(ISNUMBER(K15),IF(OR(K15<_xlfn.QUARTILE.INC($K$10:$K$29,1)-1.5*(_xlfn.QUARTILE.INC($K$10:K35,3)-_xlfn.QUARTILE.INC($K$10:$K$29,1)),K15>_xlfn.QUARTILE.INC($K$10:$K$29,3)+1.5*(_xlfn.QUARTILE.INC($K$10:$K$29,3)-_xlfn.QUARTILE.INC($K$10:$K$29,1))),\"Não\",\"Sim\"),\"\")","v":""}]
[{"$nulls":9},"","","",null,null,{"$f":"IF(ISNUMBER(K16),IF(OR(K16<_xlfn.QUARTILE.INC($K$10:$K$29,1)-1.5*(_xlfn.QUARTILE.INC($I$10:I37,3)-_xlfn.QUARTILE.INC($K$10:$K$29,1)),K16>_xlfn.QUARTILE.INC($K$10:$K$29,3)+1.5*(_xlfn.QUARTILE.INC($K$10:$K$29,3)-_xlfn.QUARTILE.INC($K$10:$K$29,1))),\"Não\",\"Sim\"),\"\")","v":""}]
[null,"COTAÇÕES DE MERCADO",{"$nulls":12},"Cotações"]
[null,"Empresa",{"$nulls":7},"Data","Preço Unitário","Utilizar? (Sim/Não)",null,null,"Outliers","Por critério do(a) analista"]
[null,"LAURO WEBER AGRÍCOLA - https://www.lauroweber.com.br/adaptador-50-mm-x-112-amanco?variation=13924437&srsltid=AfmBOopipX7kAkbhS3dZNmNOot96AcU97xUI7bQuj_as3Q3KN5bblB0z6ok",{"$nulls":7},"2025-11-10",5.85,"Não",null,null,"Não"]
[null,"LOJAS JUSTI - https://www.lojasjusti.com.br/irrigacao/acessorios-pvc/adaptador/adaptador-bs-x-pr-irriga-lf-50-x-1-12?parceiro=9077",{"$nulls":7},"2025-11-10",{"$f":"3.14+(29.04/2)","v":17.66},{"$f":"IF(ISNUMBER(K20),IF($L$32=$O$18,O20,IF($L$32=$P$18,P20,\"\")),\"\")","v":"Sim"},null,null,{"$f":"IF(ISNUMBER(K20),IF(OR(K20<_xlfn.QUARTILE.INC($K$10:$K$29,1)-1.5*(_xlfn.QUARTILE.INC($K$10:$K$29,3)-_xlfn.QUARTILE.INC($K$10:$K$29,1)),K20>_xlfn.QUARTILE.INC($K$10:$K$29,3)+1.5*(_xlfn.QUARTILE.INC($K$10:$K$29,3)-_xlfn.QUARTILE.INC($K$10:$K$29,1))),\"Não\",\"Sim\"),\"\")","v":"Sim"}]
[null,"Mercado Livre (Vendedor SEOAGRO) - https://www.mercadolivre.com.br/adaptador-soldavel-ct-bolrosca-50mm-x-114--cb-tigre/up/MLBU745106011?matt_tool=18956390&utm_source=google_shopping&utm_medium=organic&pdp_filters=item_id:MLB2061159456",{"$nulls":7},"2025-11-10",16.100000000000001,"Sim",null,null,"Sim"]
[null,"https://www.leroymerlin.com.br/adaptador-pvc-marrom-roscavel-e-soldavel-1-1-2-50mm-tigre_85315405?gad_campaignid=18330975033&gbraid=0AAAAADkzLZ6sehzxzkmAoj0UwC-kH1kX8",{"$nulls":7},"2025-11-19",{"$f":"(12.9/2)+5.99","v":12.44},"Sim",null,null,"Sim"]
[{"$nulls":11},"",null,null,""]
[{"$nulls":11},"",null,null,""]
[{"$nulls":11},"",null,null,""]
[{"$nulls":11},"",null,null,""]
[{"$nulls":11},"",null,null,""]
[{"$nulls":11},"",null,null,""]
[{"$nulls":11},"",null,null,""]
[null,"Observações:",{"$nulls":8},"Média:",{"$f":"IF($L$32=\"\",\"Selecione metodologia para exclusão de preços\",AVERAGE(IF($L$10:$L$29=\"Sim\",$K$10:$K$29)))","v":15.4},null,"Média (Cotações)",{"$f":"IF(COUNTIF(O19:O29,\"Sim\")<3,\"N/D (são necessários pelo menos 3 preços)\",AVERAGE(IF(O19:O29=\"Sim\",$K19:$K29)))","v":15.4},{"$f":"IF(COUNTIF(P19:P29,\"Sim\")<3,\"N/D (são necessários pelo menos 3 preços)\",AVERAGE(IF(P19:P29=\"Sim\",$K19:$K29)))","v":"N/D (são necessários pelo menos 3 preços)"}]
[{"$nulls":10},"Mediana:",{"$f":"IF($L$32=\"\",\"Selecione metodologia para exclusão de preços\",MEDIAN(IF($L$10:$L$29=\"Sim\",$K$10:$K$29)))","v":16.100000000000001},null,"Mediana (Cotações)",{"$f":"IF(COUNTIF(O19:O29,\"Sim\")<3,\"N/D (são necessários pelo menos 3 preços)\",MEDIAN(IF(O19:O29=\"Sim\",$K19:$K29)))","v":16.100000000000001},{"$f":"IF(COUNTIF(P19:P29,\"Sim\")<3,\"N/D (são necessários pelo menos 3 preços)\",MEDIAN(IF(P19:P29=\"Sim\",$K19:$K29)))","v":"N/D (são necessários pelo menos 3 preços)"}]
[null,"Metodologia de exclusão de preços adotada:",{"$nulls":9},{"$f":"IF(O35=\"\",INDEX(O18:P18,MATCH(MIN(#REF!),#REF!,0)),O35)","v":"Outliers"},null,"CV (Cotações)",{"$f":"IF(COUNTIF(O19:O29,\"Sim\")<3,\"N/D (são necessários pelo menos 3 preços)\",_xlfn.STDEV.S(IF(O19:O29=\"Sim\",$K19:$K29))/AVERAGE(IF(O19:O29=\"Sim\",$K19:$K29)))","v":0.17399999999999999},{"$f":"IF(COUNTIF(P19:P29,\"Sim\")<3,\"N/D (são necessários pelo menos 3 preços)\",_xlfn.STDEV.S(IF(P19:P29=\"Sim\",$K19:$K29))/AVERAGE(IF(P19:P29=\"Sim\",$K19:$K29)))","v":"N/D (são necessários pelo menos 3 preços)"}]
[{"$nulls":13},"Média",{"$f":"IF(SUM(COUNTIF($O$10:$O$16,\"Sim\")) + SUM(COUNTIF(O19:O29,\"Sim\")) < 3,\n   \"N/D (são necessários pelo menos 3 preços)\",\n   IFERROR(AVERAGE(_xlfn._xlws.FILTER($K$10:$K$16,$O$10:$O$16=\"Sim\"), _xlfn._xlws.FILTER($K$19:$K$29,O19:O29=\"Sim\")),O30))","v":15.4},{"$f":"IF(SUM(COUNTIF($P$10:$P$16,\"Sim\")) + SUM(COUNTIF(P19:P29,\"Sim\")) < 3,\n   \"N/D (são necessários pelo menos 3 preços)\",\n   IFERROR(AVERAGE(_xlfn._xlws.FILTER($K$10:$K$16,$P$10:$P$16=\"Sim\"), _xlfn._xlws.FILTER($K$19:$K$29,P19:P29=\"Sim\")),P30))","v":"N/D (são necessários pelo menos 3 preços)"}]
[{"$nulls":13},"Mediana",{"$f":"IF(SUM(COUNTIF($O$10:$O$16,\"Sim\")) + SUM(COUNTIF(O19:O29,\"Sim\")) < 3,\n   \"N/D (são necessários pelo menos 3 preços)\",\n   IFERROR(MEDIAN(_xlfn._xlws.FILTER($K$10:$K$16,$O$10:$O$16=\"Sim\"), _xlfn._xlws.FILTER($K$19:$K$29,O19:O29=\"Sim\")),O31))","v":16.100000000000001},{"$f":"IF(SUM(COUNTIF($P10:$P$16,\"Sim\")) + SUM(COUNTIF(P19:P29,\"Sim\")) < 3,\n   \"N/D (são necessários pelo menos 3 preços)\",\n   IFERROR(MEDIAN(_xlfn._xlws.FILTER($K$10:$K$16,$P$10:$P$16=\"Sim\"), _xlfn._xlws.FILTER($K$19:$K$29,P19:P29=\"Sim\")),P31))","v":"N/D (são necessários pelo menos 3 preços)"}]
[null,"COSOLIDAÇÃO DOS PREÇOS",{"$nulls":11},"Metodologia a adotar:",{"$f":"IF(INDEX(O18:P18,P35)=0,\"\",INDEX(O18:P18,P35))","v":"Outliers"},1]
[]
[null,"PREÇO UNITÁRIO ESTIMADO ADOTADO:",{"$nulls":9},{"$f":"IF($B$39=\"Mediana:\",L31,L30)","v":15.4}]
[]
[{"$f":"O18","v":"Outliers"},"Média:"]
[{"$f":"P18","v":"Por critério do(a) analista"}]

{"sheet":"COT27","index":35,"n_rows":40,"n_cols":16,"rows_kept":40,"cut":false,"hidden":true,"merged":[[16,1,16,11],[16,14,16,15],[0,0,0,6],[6,2,6,7],[6,14,6,15],[7,1,7,11],[7,14,7,15],[28,1,28,8],[17,1,17,8],[18,1,18,8],[19,1,19,8],[20,1,20,8],[21,1,21,8],[22,1,22,8],[23,1,23,8],[24,1,24,8],[25,1,25,8],[26,1,26,8],[27,1,27,8],[31,1,33,10],[31,11,33,11],[34,1,35,10],[34,11,35,11],[36,1,36,10]]}
[]
[null,"Processo","59500.003753/2025-45"]
[null,"Responsável","Kaio Gabriel, Alessandra Brant, Alberto Nascimento"]
[null,"Área de Origem","AI/GAP/UGI"]
[null,"Data da pesquisa"]
[]
[null,"ITEM:","TE DE REDUÇÃO ROSCA 50 mm X 3/4\"",{"$nulls":5},"UNIDADE DE MEDIDA:","Unidade","QUANTIDADE:",2,null,null,"Tabela auxiliar de metodologias para exclusão de preços"]
[null,"LICITAÇÕES ANTERIORES",{"$nulls":12},"Licitações Anteriores"]
[null,"Órgão","Edital/Ano - Nº do Lote / Item","Quantidade","Valor Unitário","Data","índice de atualização (nome)","I0","If","Variação acumulada do índice (%)","Preço unitário atualizado","Utilizar?  (Sim/Não)",null,null,"Outliers","Por critério do(a) analista"]
[{"$nulls":9},{"$f":"IF(ISBLANK(E10),\"\",IF(ISNUMBER(H10),(I10-H10)/H10,0))","v":""},{"$f":"IF(ISBLANK(E10),\"\",E10*(1+J10))","v":""},{"$f":"IF(ISNUMBER(K10),IF($L$32<>$P$9,O10,P10),\"\")","v":""},null,null,{"$f":"IF(ISNUMBER(K10),IF(OR(K10<_xlfn.QUARTILE.INC($K$10:$K$29,1)-1.5*(_xlfn.QUARTILE.INC($K$10:K29,3)-_xlfn.QUARTILE.INC($K$10:$K$29,1)),K10>_xlfn.QUARTILE.INC($K$10:$K$29,3)+1.5*(_xlfn.QUARTILE.INC($K$10:$K$29,3)-_xlfn.QUARTILE.INC($K$10:$K$29,1))),\"Não\",\"Sim\"),\"\")","v":""}]
[{"$nulls":9},{"$f":"IF(ISBLANK(E11),\"\",IF(ISNUMBER(H11),(I11-H11)/H11,0))","v":""},{"$f":"IF(ISBLANK(E11),\"\",E11*(1+J11))","v":""},"",null,null,{"$f":"IF(ISNUMBER(K11),IF(OR(K11<_xlfn.QUARTILE.INC($K$10:$K$29,1)-1.5*(_xlfn.QUARTILE.INC($K$10:K29,3)-_xlfn.QUARTILE.INC($K$10:$K$29,1)),K11>_xlfn.QUARTILE.INC($K$10:$K$29,3)+1.5*(_xlfn.QUARTILE.INC($K$10:$K$29,3)-_xlfn.QUARTILE.INC($K$10:$K$29,1))),\"Não\",\"Sim\"),\"\")","v":""}]
[{"$nulls":9},"","","",null,null,{"$f":"IF(ISNUMBER(K12),IF(OR(K12<_xlfn.QUARTILE.INC($K$10:$K$29,1)-1.5*(_xlfn.QUARTILE.INC($K$10:K30,3)-_xlfn.QUARTILE.INC($K$10:$K$29,1)),K12>_xlfn.QUARTILE.INC($K$10:$K$29,3)+1.5*(_xlfn.QUARTILE.INC($K$10:$K$29,3)-_xlfn.QUARTILE.INC($K$10:$K$29,1))),\"Não\",\"Sim\"),\"\")","v":""}]
[{"$nulls":9},"","","",null,null,{"$f":"IF(ISNUMBER(K13),IF(OR(K13<_xlfn.QUARTILE.INC($K$10:$K$29,1)-1.5*(_xlfn.QUARTILE.INC($K$10:K31,3)-_xlfn.QUARTILE.INC($K$10:$K$29,1)),K13>_xlfn.QUARTILE.INC($K$10:$K$29,3)+1.5*(_xlfn.QUARTILE.INC($K$10:$K$29,3)-_xlfn.QUARTILE.INC($K$10:$K$29,1))),\"Não\",\"Sim\"),\"\")","v":""}]
[{"$nulls":9},"","","",null,null,{"$f":"IF(ISNUMBER(K14),IF(OR(K14<_xlfn.QUARTILE.INC($K$10:$K$29,1)-1.5*(_xlfn.QUARTILE.INC($K$10:K32,3)-_xlfn.QUARTILE.INC($K$10:$K$29,1)),K14>_xlfn.QUARTILE.INC($K$10:$K$29,3)+1.5*(_xlfn.QUARTILE.INC($K$10:$K$29,3)-_xlfn.QUARTILE.INC($K$10:$K$29,1))),\"Não\",\"Sim\"),\"\")","v":""}]
[{"$nulls":9},"","","",null,null,{"$f":"IF(ISNUMBER(K15),IF(OR(K15<_xlfn.QUARTILE.INC($K$10:$K$29,1)-1.5*(_xlfn.QUARTILE.INC($K$10:K35,3)-_xlfn.QUARTILE.INC($K$10:$K$29,1)),K15>_xlfn.QUARTILE.INC($K$10:$K$29,3)+1.5*(_xlfn.QUARTILE.INC($K$10:$K$29,3)-_xlfn.QUARTILE.INC($K$10:$K$29,1))),\"Não\",\"Sim\"),\"\")","v":""}]
[{"$nulls":9},"","","",null,null,{"$f":"IF(ISNUMBER(K16),IF(OR(K16<_xlfn.QUARTILE.INC($K$10:$K$29,1)-1.5*(_xlfn.QUARTILE.INC($I$10:I37,3)-_xlfn.QUARTILE.INC($K$10:$K$29,1)),K16>_xlfn.QUARTILE.INC($K$10:$K$29,3)+1.5*(_xlfn.QUARTILE.INC($K$10:$K$29,3)-_xlfn.QUARTILE.INC($K$10:$K$29,1))),\"Não\",\"Sim\"),\"\")","v":""}]
[null,"COTAÇÕES DE MERCADO",{"$nulls":12},"Cotações"]
[null,"Empresa",{"$nulls":7},"Data","Preço Unitário","Utilizar? (Sim/Não)",null,null,"Outliers","Por critério do(a) analista"]
[null,"Mercado Livre (VENDEDOR CARMONA MULTIMARCAS) - https://produto.mercadolivre.com.br/MLB-2995085932-2-te-50mm-soldavel-x-34-derivaco-roscavel-irrigaco-amanco-_JM#polycard_client=recommendations_vpp-v2p-pom&reco_backend=ranker_retrieval_system_vpp_v2p&reco_model=ranker_entity_v2_retrieval_system_vpp_v2p&reco_client=vpp-v2p-pom&reco_item_pos=2&reco_backend_type=low_level&reco_id=67c7c9b7-4b63-401e-96a1-477a18cfea02&wid=MLB2995085932&sid=recos",{"$nulls":7},"2025-11-10",{"$f":"28.74/2","v":14.37},{"$f":"IF(ISNUMBER(K19),IF($L$32=$O$18,O19,IF($L$32=$P$18,P19,\"\")),\"\")","v":"Sim"},null,null,{"$f":"IF(ISNUMBER(K19),IF(OR(K19<_xlfn.QUARTILE.INC($K$10:$K$29,1)-1.5*(_xlfn.QUARTILE.INC($K$10:$K$29,3)-_xlfn.QUARTILE.INC($K$10:$K$29,1)),K19>_xlfn.QUARTILE.INC($K$10:$K$29,3)+1.5*(_xlfn.QUARTILE.INC($K$10:$K$29,3)-_xlfn.QUARTILE.INC($K$10:$K$29,1))),\"Não\",\"Sim\"),\"\")","v":"Sim"}]
[null,"Shopee - https://shopee.com.br/product/442684339/13033650946?gads_t_sig=VTJGc2RHVmtYMTlxTFVSVVRrdENkVHQ3ZkZSUTMrR3pBWmZZNzdrcnRBMitncHFOc2V1ekQvaDVrNHB6WXgvT2c2a3ZneWpxdGIvRWxidVd3ZDNJUDBlMkNkSW1XRUZ1Qjl4dTVIYnAwWHdNbWZ6N2QzdnNZSll3VGowTXAxYnNNbmJhNE56enllMlVMNUtPTXhTeDN3PT0",{"$nulls":7},"2025-11-10",14.5,"Sim",null,null,"Sim"]
[null,"Safra Irrigação - https://www.safrairrigacao.com.br/te-soldavelroscavel-dn50x34-irriga--tigre--9217-1?region_id=000001&gad_source=1&gad_campaignid=21101421014&gbraid=0AAAAAoS-BymucNmwzY8nJ8QYPcWjsmGQf&gclid=CjwKCAiAt8bIBhBpEiwAzH1w6XxnDeOk29bwsPIEU4v-KOW4CWCucl3m6WFjGvvagNKMxliLt8_OlRoCb4QQAvD_BwE",{"$nulls":7},"2025-11-10",{"$f":"6.9+(15.73/2)","v":14.77},"Sim",null,null,"Sim"]
[null,"HR AGRO E GRAMADO - https://www.hragroegramado.com.br/irrigacao/tee-derivacao-50x34-viqua?parceiro=1&gad_source=1&gad_campaignid=23010331862&gbraid=0AAAAA_ZerioHq-IWSpdQ8F0AaOVAMv6FW&gclid=CjwKCAiAt8bIBhBpEiwAzH1w6ZjNB5eTwX0V_fa8Wpla2jZ8HOEdiZkETSeNy9hYT7Jbms4zx2AHphoCkoAQAvD_BwE",{"$nulls":7},"2025-11-10",{"$f":"39.58/2","v":19.79},"Não",null,null,"Não"]
[null,"GUILORE tubos e conexões - https://www.guilore.com.br/irrigacao/te-reducao-rosca-femea-dn-50-x-dn-50-x-34-fc-7773-asp?srsltid=AfmBOorFKzFwUNePg0El9I2yLZXYprElbvy2FmMgstYeNzjw35rKoiQM",{"$nulls":7},"2025-11-10",10.92,"Não",null,null,"Não"]
[{"$nulls":11},"",null,null,""]
[{"$nulls":11},"",null,null,""]
[{"$nulls":11},"",null,null,""]
[{"$nulls":11},"",null,null,""]
[{"$nulls":11},"",null,null,""]
[{"$nulls":11},"",null,null,""]
[null,"Observações:",{"$nulls":8},"Média:",{"$f":"IF($L$32=\"\",\"Selecione metodologia para exclusão de preços\",AVERAGE(IF($L$10:$L$29=\"Sim\",$K$10:$K$29)))","v":14.55},null,"Média (Cotações)",{"$f":"IF(COUNTIF(O19:O29,\"Sim\")<3,\"N/D (são necessários pelo menos 3 preços)\",AVERAGE(IF(O19:O29=\"Sim\",$K19:$K29)))","v":14.55},{"$f":"IF(COUNTIF(P19:P29,\"Sim\")<3,\"N/D (são necessários pelo menos 3 preços)\",AVERAGE(IF(P19:P29=\"Sim\",$K19:$K29)))","v":"N/D (são necessários pelo menos 3 preços)"}]
[{"$nulls":10},"Mediana:",{"$f":"IF($L$32=\"\",\"Selecione metodologia para exclusão de preços\",MEDIAN(IF($L$10:$L$29=\"Sim\",$K$10:$K$29)))","v":14.5},null,"Mediana (Cotações)",{"$f":"IF(COUNTIF(O19:O29,\"Sim\")<3,\"N/D (são necessários pelo menos 3 preços)\",MEDIAN(IF(O19:O29=\"Sim\",$K19:$K29)))","v":14.5},{"$f":"IF(COUNTIF(P19:P29,\"Sim\")<3,\"N/D (são necessários pelo menos 3 preços)\",MEDIAN(IF(P19:P29=\"Sim\",$K19:$K29)))","v":"N/D (são necessários pelo menos 3 preços)"}]
[null,"Metodologia de exclusão de preços adotada:",{"$nulls":9},{"$f":"IF(O35=\"\",INDEX(O18:P18,MATCH(MIN(#REF!),#REF!,0)),O35)","v":"Outliers"},null,"CV (Cotações)",{"$f":"IF(COUNTIF(O19:O29,\"Sim\")<3,\"N/D (são necessários pelo menos 3 preços)\",_xlfn.STDEV.S(IF(O19:O29=\"Sim\",$K19:$K29))/AVERAGE(IF(O19:O29=\"Sim\",$K19:$K29)))","v":1.4E-2},{"$f":"IF(COUNTIF(P19:P29,\"Sim\")<3,\"N/D (são necessários pelo menos 3 preços)\",_xlfn.STDEV.S(IF(P19:P29=\"Sim\",$K19:$K29))/AVERAGE(IF(P19:P29=\"Sim\",$K19:$K29)))","v":"N/D (são necessários pelo menos 3 preços)"}]
[{"$nulls":13},"Média",{"$f":"IF(SUM(COUNTIF($O$10:$O$16,\"Sim\")) + SUM(COUNTIF(O19:O29,\"Sim\")) < 3,\n   \"N/D (são necessários pelo menos 3 preços)\",\n   IFERROR(AVERAGE(_xlfn._xlws.FILTER($K$10:$K$16,$O$10:$O$16=\"Sim\"), _xlfn._xlws.FILTER($K$19:$K$29,O19:O29=\"Sim\")),O30))","v":14.55},{"$f":"IF(SUM(COUNTIF($P$10:$P$16,\"Sim\")) + SUM(COUNTIF(P19:P29,\"Sim\")) < 3,\n   \"N/D (são necessários pelo menos 3 preços)\",\n   IFERROR(AVERAGE(_xlfn._xlws.FILTER($K$10:$K$16,$P$10:$P$16=\"Sim\"), _xlfn._xlws.FILTER($K$19:$K$29,P19:P29=\"Sim\")),P30))","v":"N/D (são necessários pelo menos 3 preços)"}]
[{"$nulls":13},"Mediana",{"$f":"IF(SUM(COUNTIF($O$10:$O$16,\"Sim\")) + SUM(COUNTIF(O19:O29,\"Sim\")) < 3,\n   \"N/D (são necessários pelo menos 3 preços)\",\n   IFERROR(MEDIAN(_xlfn._xlws.FILTER($K$10:$K$16,$O$10:$O$16=\"Sim\"), _xlfn._xlws.FILTER($K$19:$K$29,O19:O29=\"Sim\")),O31))","v":14.5},{"$f":"IF(SUM(COUNTIF($P10:$P$16,\"Sim\")) + SUM(COUNTIF(P19:P29,\"Sim\")) < 3,\n   \"N/D (são necessários pelo menos 3 preços)\",\n   IFERROR(MEDIAN(_xlfn._xlws.FILTER($K$10:$K$16,$P$10:$P$16=\"Sim\"), _xlfn._xlws.FILTER($K$19:$K$29,P19:P29=\"Sim\")),P31))","v":"N/D (são necessários pelo menos 3 preços)"}]
[null,"COSOLIDAÇÃO DOS PREÇOS",{"$nulls":11},"Metodologia a adotar:",{"$f":"IF(INDEX(O18:P18,P35)=0,\"\",INDEX(O18:P18,P35))","v":"Outliers"},1]
[]
[null,"PREÇO UNITÁRIO ESTIMADO ADOTADO:",{"$nulls":9},{"$f":"IF($B$39=\"Mediana:\",L31,L30)","v":14.5}]
[]
[{"$f":"O18","v":"Outliers"},"Mediana:"]
[{"$f":"P18","v":"Por critério do(a) analista"}]